{"text_format":"3","workbook":"xlsx","n_sheets":1,"sheets":["Master Table-All sites"],"not_rendered":{"defined_names":20,"comments":1},"read":"whole","date_system":"1900"}

{"sheet":"Master Table-All sites","index":0,"n_rows":1021,"n_cols":115,"rows_kept":1021}
["Monitor complete","Forecasts complete","BC/BLPU recs","Site reference","Ward","Parish","Local Plan Area","LSC","ADDRESS","Proposal","House Builder / Developer","Registered Provider","Applicant","Agent","DM case officer","PDL / Greenfield","Development Type","Use Class","Garden land","Self / custom build","CIL liable","Agricultural buildings","Office COU","Source","Site Area (Ha)","Gross density","APPLICATION HISTORY (incl. expiry date)","Current Permisson","App. status 01/04/19","Appeal ref","Appeal status","Date received","Decision Date","Expiry Date","GROSS DWELLINGS","LOSS / DEMOLITION","NET DWELLINGS","Bedspaces (not sc)","Affordable Dwellings","Completions 2010 - 2011","Completions 2011 - 2012","Completions 2012 - 2013","Completions 2013 - 2014","Completions 2014 - 2015","Completions 2015-2016","Completions 2016 - 2017","Completions 2017-2018","Cumulative completions 2010-2019","Gross completions 2018-2019","Under construction 2018-2019","Not started\n2018-2019","Demo/losses \n2018-2019","Net completions 2018-2019","Net outstanding (with pp) April 2019","Net without permission April 2019","Potential supply April 2019","Notes - officer use only","Discharge of conditions","Removal of AH condition","Annual site visit status","Current development status (1 April 2019)","Site visit / monitor information (Officer use only)","Deliverability","NPPF 2018 assessment review","Forecast review","Rate >OR<\nTimescale >OR<","Supply \n2019-2024","2018-2019","Year One 2019-2020","Year Two 2020-2021","Year Three 2021-2022","Year Four 2022-2023","Year Five 2023-2024","2024/2025","2025/2026","2026/2027","2027/2028","2028/2029","2029/2030","2030+","SUPPLY TO 2030","SUPPLY TOTAL","1 BED HOUSE(M)","2 BED HOUSE(M)","3 BED HOUSE(M)","4 BED HOUSE(M)","5 BED HOUSE (M)","1 BED BUNGALOW (M)","2 BED BUNGALOW (M)","3 BED BUNGALOW (M)","4 BED BUNGALOW (M)","1 BED FLAT(M)","2 BED FLAT(M)","3 BED FLAT(M)","4 BED FLAT(M)","1 BED HOUSE(A)","2 BED HOUSE(A)","3 BED HOUSE(A)","4 BED HOUSE(A)","1 BED BUNGALOW (A)","2 BED BUNGALOW (A)","3 BED BUNGALOW (A)","1 BED FLAT(A)","2 BED FLAT(A)","3 BED FLAT(A)","4 BED FLAT(A)","Student Accomodation: SC","G&T pitches","G&T pitches (temporary)","Annex","C4 (HMO)","C2 UNITS / BEDSPACES","Student Accommodation: C BEDSPACES","CHECK"]
["n/a","n/a",null,"BLA/0004","Blacon",null,"Chester",null,"Land off Meyrell Place / Downe Place, Blacon",{"$nulls":6},"GF",{"$nulls":7},"HELAA",0.289,{"$nulls":11},{"$f":"AI2-AJ2","v":0},{"$nulls":10},{"$f":"SUM(AN2:AU2)+BA2","v":0},{"$nulls":4},{"$f":"SUM(AW2-AZ2)","v":0},{"$f":"SUM(AX2+AY2)","v":0},null,{"$f":"SUM(BC2+BB2)","v":0},{"$nulls":10},{"$f":"SUM(BQ2:BU2)","v":0},{"$nulls":13},{"$f":"SUM(BQ2:CA2)","v":0},{"$f":"SUM(BQ2:CB2)","v":0},{"$nulls":31},{"$f":"SUM(CE2:DD2)","v":0}]
["n/a","n/a",null,"BLA/0006","Blacon",null,"Chester",null,"Land off Shelley Road / Milton Road, Blacon",{"$nulls":6},"GF",{"$nulls":7},"HELAA",1.885,{"$nulls":11},0,{"$nulls":10},0,{"$nulls":4},0,0,null,0,{"$nulls":10},0,{"$nulls":13},0,0,{"$nulls":31},0]
["n/a","n/a",null,"BLA/0010","Blacon",null,"Chester",null,"Land off Shelley Road, adjacent to Florence Grogan House, Blacon",{"$nulls":6},"GF",{"$nulls":7},"HELAA",0.672,{"$nulls":11},0,{"$nulls":10},0,{"$nulls":4},0,0,null,0,{"$nulls":10},0,{"$nulls":13},0,0,{"$nulls":31},0]
["n/a","n/a",null,"BLA/0012","Blacon",null,"Chester",null,"Land off Burns Way / Boleyn Close (play area), Blacon",{"$nulls":6},"GF",{"$nulls":7},"HELAA",1.002,{"$nulls":11},0,{"$nulls":10},0,{"$nulls":4},0,0,null,0,{"$nulls":10},0,{"$nulls":13},0,0,{"$nulls":31},0]
["n/a","n/a",null,"BLA/0026","Blacon",null,"Chester",null,"Land between Wemyss Road and Willan Road, Blacon",{"$nulls":6},"GF",{"$nulls":7},"HELAA",0.564,{"$nulls":11},0,{"$nulls":10},0,{"$nulls":4},0,0,null,0,{"$nulls":10},0,{"$nulls":13},0,0,{"$nulls":31},0]
["n/a","n/a",null,"BLA/0027","Blacon",null,"Chester",null,"Land between Wemyss Road and Willan Road, Blacon",{"$nulls":6},"GF",{"$nulls":7},"HELAA",0.303,{"$nulls":11},0,{"$nulls":10},0,{"$nulls":4},0,0,null,0,{"$nulls":10},0,{"$nulls":13},0,0,{"$nulls":31},0]
["n/a","n/a",null,"BLA/0037","Blacon",null,"Chester",null,"Land to south west of Blacon Point Road / Dalton Close, Blacon",{"$nulls":6},"GF",{"$nulls":7},"HELAA",0.404,{"$nulls":11},0,{"$nulls":10},0,{"$nulls":4},0,0,null,0,{"$nulls":10},0,{"$nulls":13},0,0,{"$nulls":31},0]
["n/a","n/a",null,"BLA/0039(a)","Blacon",null,"Chester",null,"Rear of 21-33 Western Avenu, Blacon","BLR site",{"$nulls":5},"PDL",null,"C3","NO",null,null,"NO","No","BLR",0.29,{"$nulls":11},0,{"$nulls":10},0,{"$nulls":4},0,0,16,16,{"$nulls":6},"Included on Brownfield Land Register.\nNot included in deliverable supply.",null,"=",null,0,{"$nulls":9},6,5,5,null,16,16,{"$nulls":31},0]
["Y","Y",null,"BLA/0041","Blacon",null,"Chester",null,"Former Highfield Hotel, 99 Saughall Road, Blacon, Chester, CH1 5ET","Outline: Demolition of the existing building and construction of up to 21no residential dwellings, Reserved matters: Construction of 19 residential dwellings with associated amenity, landscaping and parking","Sanctuary",null,"Sanctuary Group: Danielle Wrigley","PRP Architects: Mr Alistair Williams",null,"Mix","New build","C3","NO",null,null,"NO","No","HELAA",0.4,{"$f":"SUM(AI10/Y10)","v":47.5},"16/01384/OUT","17/00253/REM","Full",null,null,"2017-01-19","2017-05-08","2020-05-08",19,0,19,null,19,{"$nulls":8},0,null,19,null,null,0,19,null,19,"Pre application 14/03624/PREAPP August 2014. Application withdrawn. Revised application pending decision\n2018:Site will complete in advance of 2016/2017 forecasts\nBLPU - No. 5 is complete and in use  - site visit needed","8.10.11.14.15 November 2017 17/03981/DIS\n16 December 2017 17/05055/DIS\n3.7.18.12(part) October 2017 17/02797/DIS",null,"2017: Outline permission. No site visit\n2018: Under construction\n2019: Under construction","Under construction","2018:Whole site under construction.Foundations complete for plots 11-14 and 17-19","Site under construction. Forecasts reviewed and updated based on planning status and development progress.",null,"-","Delivery timescale >",19,null,19,{"$nulls":11},19,19,{"$nulls":31},0]
["n/a","n/a",null,"BLA/0052","Blacon",null,"Chester",null,"Caledonian Garage and adjacent land, Parkgate Road, Chester",{"$nulls":6},"GBPDL",{"$nulls":7},"HELAA",1.48,{"$f":"SUM(AI11/Y11)","v":0},{"$nulls":10},0,{"$nulls":10},0,{"$nulls":4},0,0,null,0,{"$nulls":10},0,{"$nulls":13},0,0,{"$nulls":31},0]
["Y","Y",null,"BLA/0061","Blacon",null,"Chester",null,"Land at 39 Oakfield Road, Blacon, Chester","Erection of one (1) dormer bungalow - demolition of double garage ",{"$nulls":3},"Steve Mann",null,"PDL","New build","C3","NO",null,null,"NO","No","Windfall",0.02,{"$f":"SUM(AI12/Y12)","v":50},null,"13/05319/FUL","Full",null,null,"2013-12-09","2014-03-26","2017-03-26",1,0,1,{"$nulls":10},0,null,1,null,null,0,1,null,1,"Expired permission 09/10887/FUL",null,null,"2016: Not started\n2017-2018: Under construction\n2019: Under construction. No further progress","Under construction",null,"Site under construction. Forecasts reviewed and updated based on planning status and development progress.",null,"-","Delivery timescale >",1,null,null,1,{"$nulls":10},1,1,{"$nulls":31},0]
["n/a","n/a",null,"BLA/0063","Blacon",null,"Chester",null,"Land off Blacon Avenue, adjacent to Police Headquarters, Blacon",{"$nulls":6},"GF",{"$nulls":7},"HELAA",3.465,{"$nulls":11},0,{"$nulls":10},0,{"$nulls":4},0,0,null,0,{"$nulls":10},0,{"$nulls":13},0,0,{"$nulls":31},0]
["n/a","n/a",null,"BLA/0067","Blacon",null,"Chester",null,"Land to rear of 60-74 Durham Road, Blacon",{"$nulls":6},"GF",{"$nulls":7},"HELAA",0.311,{"$nulls":11},0,{"$nulls":10},0,{"$nulls":4},0,0,null,0,{"$nulls":10},0,{"$nulls":13},0,0,{"$nulls":31},0]
["Y",null,null,"BLA/0070","Blacon",null,"Chester",null,"27 Blacon Point Road, Blacon, Chester, CH1 5LD","Two storey side extension to provide four (4) new flats. Addition of two (2) more flats - total of six (6)",{"$nulls":3},"Anthony Forrester Design Ltd: AFDESIGNLTD@GMAIL.COM",null,"PDL","Conversion","C3","NO",null,null,"NO","No","Windfall",0.17,{"$f":"SUM(AI15/Y15)","v":35.29411764705882},"11/01876/FUL","12/02648/FUL","Full",null,null,"2012-06-15","2012-09-11","2015-09-11",6,1,5,{"$nulls":10},0,null,null,5,null,0,5,null,5,"No progress to date. Email sent April 2015",null,null,"2015: Development started\n2016-2018: Stalled\n2019: Stalled","Stalled",null,"Site stalled. Not included in deliverable supply.",null,"=","Not included in 2018 supply ",0,{"$nulls":6},5,{"$nulls":6},5,5,{"$nulls":31},0]
["Y",null,null,"BLA/0076","Blacon",null,"Chester",null,"Land at 7 Highfield Road, Blacon, Chester","One (1) detached bungalow with alteration to access",null,null,"Mrs Carol Smith","David John Design: Mr David Fishwick","Jennie Poynton","GF","New build","C3","YES",null,null,"NO","No","Garden land",0.05,{"$f":"SUM(AI16/Y16)","v":20},"13/01529/OUT\n15/02841/FUL (18/08/2018)","18/01318/FUL","Full",null,null,"2018-04-06","2018-07-04","2021-07-04",1,0,1,{"$nulls":10},0,null,null,1,null,0,1,null,1,{"$nulls":3},"2017: Not started\n2018: Not started. Resubmission awaiting decision\n2019: Not started","Not started","2018:resubmission application awaiting decision","Forecasts reviewed and updated based on planning status and development progress.",null,"-","Delivery timescale >",1,null,null,1,{"$nulls":10},1,1,{"$nulls":31},0]
["n/a","n/a",null,"BLA/0077","Blacon",null,"Chester",null,"2 Woodside Road, Blacon, Chester","Construction of two semi-detached dormer style properties (demolition of existing bungalow). ",{"$nulls":3},"New Era Services / NJG Architectural Design (Nicola Gibson)",null,"PDL","New build","C3","NO",null,null,"NO","No","Windfall",0.04,{"$f":"SUM(AI17/Y17)","v":0},"13/04200/FUL expired",{"$nulls":9},0,{"$nulls":10},0,{"$nulls":4},0,0,null,0,{"$nulls":10},0,{"$nulls":13},0,0,{"$nulls":31},0]
["Y",null,null,"BLA/0080","Blacon",null,"Chester",null,"Rear of 35 St Chads Road, Blacon, Chester","Erection of one (1) dwelling.",{"$nulls":3},"Mr and Mrs Forshaw / Mr T Bridle",null,"GF","New build","C3","YES",null,null,"NO","No","Garden Land",0.08,{"$f":"SUM(AI18/Y18)","v":12.5},"13/05211/FUL\n16/03839/FUL\n18/02266/NMA","17/03351/FUL","Full",null,null,"2017-08-02","2017-10-13","2020-10-13",1,0,1,{"$nulls":10},0,null,null,1,null,0,1,null,1,"13/03391/FUL - Withdrawn\n18/02266/NMA - reposition of house",null,null,"2016-2017: Not started. New application approved\n2018: Not started\n2019: Development started","Development commenced","2017:new application approved","Forecasts reviewed and unchanged based on development progress.",null,"=",null,1,null,1,{"$nulls":11},1,1,{"$nulls":31},0]
["n/a","n/a",null,"BLA/0089","Blacon",null,"Chester",null,"Land at Blacon Hall Road/Blacon Avenue, Blacon",{"$nulls":6},"GF",{"$nulls":7},"HELAA",1.508,{"$nulls":11},0,{"$nulls":10},0,{"$nulls":4},0,0,null,0,{"$nulls":10},0,{"$nulls":13},0,0,{"$nulls":31},0]
["Y","Y",null,"BLA/0092","Blacon",null,"Chester",null,"Land at Clifton Drive, Sealand Road, Chester","Proposed residential development (up to 142 homes) with access to be determined at the outline application stage ","Barratt Homes",null,"BDW Trading Ltd (operating as Barratt Homes) & Satnam Planning Services - Nicole Clarke\nBark Street Investments Limited","Satnam Planning Services-Mr Colin Griffiths colin@satnam.co.uk","Paul Friston","GF","New build","C3","NO",null,null,"NO","No","HELAA",5.4,{"$f":"SUM(AI20/Y20)","v":26.296296296296294},null,"13/03615/OUT","Outline",null,"Allowed","2013-08-19","2018-02-27","2021-02-27",142,0,142,{"$nulls":10},0,null,null,142,null,0,142,null,142,"Appeal ref 3013622.Decision issued 27 February 2018\n18/03953/PREAPP Barrat Homes (142 dwellings - joint REM by Satnam and Barratt expected by end 2018)","10 (archaeological invest). 18/04401/DIS Feb 2019.",null,"2018: Outline permission.No site visit \n2019: Outline permission.No site visit","Not started. \nOutline permission","2018:No site visit\nAppeal statement states site will deliver units within 5 years","New permission. Forecasts based on planning status and forecasting information. Not included in deliverable supply. ","Outline planning permission (called in) granted 27 Feb 2018.\nPlaying fields available for temporary community use prior to redevelopment up to submission of reserved matters.\nFORECAST REVISED – units removed from five year supply\nCurrent position:\nInformal pre-app discussions with Development\nManagement for residential scheme (REM) in line with\napproved outline\nApplication received to discharge condition 10 (archaeology:\nwritten scheme of investigation)\nBDW Trading LTD (operating as Barratt Homes)","New",null,0,{"$nulls":6},24,24,36,36,22,null,null,142,142,{"$nulls":31},0]
["Y","n/a",null,"BLA/0109","Blacon",null,"Chester",null,"70-72 Hatton Road, Blacon, Chester, CH1 5EE","Conversion of number 70 Hatton Road to 2 self contained apartments for short term accomodation and associated change of use of number 72 Hatton Road to training facility and therapy room.  ",null,null,"Mr Keiron O'Mahoney","Lovelock Mitchell Architects - Mr Lovelock Mitchell (01244 404321)    ",null,"PDL","Change of use","C3","NO",null,null,"NO","No","Windfall",0.04,{"$f":"SUM(AI21/Y21)","v":50},"16/02759/FUL","16/02759/FUL","Full",null,null,"2016-06-29","2016-08-31","2019-08-31",2,0,2,{"$nulls":10},2,2,{"$nulls":3},2,0,null,0,{"$nulls":3},"2017: Not started\n2018: Under construction\n2019: Complete","Complete","2018:BC records-building work started","Site complete. Forecasts achieved.",null,"=",null,0,{"$nulls":13},0,0,{"$nulls":10},2,{"$nulls":20},2]
["n/a","n/a",null,"BOU/0010","Boughton",null,"Chester",null,"King Edward Buildings/ Bensons site and surrounding land, Christleton","BLR site",{"$nulls":5},"PDL","New build","C3","NO",null,null,"NO","No","BLR",0.34,{"$nulls":9},11,null,11,{"$nulls":10},0,{"$nulls":4},0,0,11,11,{"$nulls":6},"Included on Brownfield Land Register.\nNot included in deliverable supply. No change to forecasts required.",null,"=",null,0,{"$nulls":10},5,6,null,11,11,{"$nulls":31},0]
["Y","Y",null,"BOU/0011","Boughton",null,"Chester",null,"Former Deva Service Station, Whitchurch Road, Boughton, Chester","Residential development - redevelopment of site for 12 dwellings (C3)",null,null,"Heathcotes LLP / Hake Estates and Paul Butler Associates ",null,null,"PDL","New build","C3","NO",null,null,"NO","No","HELAA",0.36,{"$f":"SUM(AI23/Y23)","v":33.333333333333336},"13/00343/FUL \n16/01706/S73\n17/04069/NMA","14/02356/FUL","Full",null,null,"2014-06-02","2015-11-04","2018-11-04",12,0,12,null,2,{"$nulls":8},0,null,12,null,null,0,12,null,12,"Vacant / cleared site. Email 02.04.2015 Andrew Valentine\n17/04069/NMA - amendments to cladding ","2 (variation). February 2018. 17/05390/DIS \n3-5.8.11.12. September 2017 17/02750/DIS",null,"2016: Site cleared\n2017: Not started\n2018: Under construction\n2019: Under construction","Under construction",null,"Site under construction. Forecasts reviewed and remain unchanged based on planning status and development progress.",null,"=",null,12,null,12,{"$nulls":11},12,12,{"$nulls":31},0]
["Y",null,null,"BOU/0014","Boughton",null,"Chester",null,"57 Christleton Road, Boughton, Chester, CH3 5UF","Change of use from A3 restaurant to three (3) self contained flats",null,null,"J R Properties",null,null,"PDL","Change of use","C3","NO",null,null,"NO","No","Windfall",{"$nulls":3},"17/04018/FUL","Full",null,null,"2017-08-15","2017-12-01","2020-12-01",3,0,3,{"$nulls":10},0,null,null,3,null,0,3,null,3,{"$nulls":3},"2018: Not started\n2019: Not started","Not started",null,"Forecasts reviewed and unchanged based on planning status.",null,"=",null,3,null,null,3,{"$nulls":10},3,3,{"$nulls":31},0]
["Y",null,null,"BOU/0019","Boughton",null,"Chester",null,"97A Christleton Road, Chester, CH3 5UQ","Change of use of ground floor to 3 self contained flats",null,null,"Mr T James",null,null,"PDL","Change of use","C3","NO",null,null,"NO","No","HELAA",null,null,"16/00149/FUL","17/02093/FUL","Full",null,null,"2017-05-08","2017-07-05","2020-07-05",3,0,3,{"$nulls":10},0,null,null,3,null,0,3,null,3,{"$nulls":3},"2018: Not started\n2019: Not started","Not started",null,"Forecasts reviewed and updated based on planning status and development progress.",null,"-","Delivery timescale >",3,null,null,3,{"$nulls":10},3,3,{"$nulls":31},0]
["Y","Y",null,"BOU/0020A","Boughton",null,"Chester",null,"BELONG-City House, 36 City Road, Chester","Demolition of all buildings and structures and erection of a 72 no. bed care home with 3 no. guest rooms and 23 no. close care apartments (16 no. 1 bed and 7 no. 2 bed) for the over 55s, with integral ancillary communal facilities and with other facilities for resident and public use; and with associated lower ground parking for 35 no. vehicles, cycle stands, service vehicle loading bay, bin storage, plant/electricity sub-station and associated hard and soft landscaping provision including alterations to the canal wall.","Pochin\nCLS Care Services Ltd",null,"CLS Care Services - Mr Nigel Franklin","J10 Planning (Justin Paul)",null,"PDL","New build","Elderly persons:C","NO",null,null,"NO","No","HELAA",0.32,{"$f":"SUM(AI26/Y26)","v":225},null,"14/03412/FUL","Full",null,null,"2014-08-07","2017-05-10","2020-05-10",72,0,72,72,{"$nulls":9},0,null,72,null,null,0,72,null,72,"Residential scheme application pending decision. Housing provider identified.\nPotential design concerns to be addressed. Principle supported.","8.10.11.13.22.23. 17/04459/DIS May 2018\n4.5.22.27-29. 18/04823/DIS ",null,"2018: Development commenced\n2019: Under construction","Under construction","2018:Groundworks and site clearance started","Site under construction. Forecasts exceeded - reviewed and updated based on planning status and development progress.",null,"+","Delivery timescale <",72,null,72,{"$nulls":11},72,72,{"$nulls":31},0]
["Y","Y",null,"BOU/0020B","Boughton",null,"Chester",null,"City House, 36 City Road, Chester","Demolition of all buildings and structures and erection of a 72 no. bed care home with 3 no. guest rooms and 23 no. close care apartments (16 no. 1 bed and 7 no. 2 bed) for the over 55s, with integral ancillary communal facilities and with other facilities for resident and public use; and with associated lower ground parking for 35 no. vehicles, cycle stands, service vehicle loading bay, bin storage, plant/electricity sub-station and associated hard and soft landscaping provision including alterations to the canal wall.","Pochin\nCLS Care Services Ltd",null,"CLS Care Services - Mr Nigel Franklin","J10 Planning (Justin Paul)",null,"PDL","New build","Elderly persons:SC","NO",null,null,"NO","No","HELAA",0.32,{"$f":"SUM(AI27/Y27)","v":71.875},"18/04505/NMA (18/2/2019)","14/03412/FUL","Full",null,null,"2014-08-07","2017-05-10","2020-05-10",23,0,23,null,8,{"$nulls":8},0,null,23,null,null,0,23,null,23,"Residential scheme application pending decision. Housing provider identified.\nPotential design concerns to be addressed. Principle supported.\n18/04505/NMA - drainage condition 30/31","8.10.11.13.22.23. pending. 17/04459/DIS\n14 Oct 18 18/03137/DIS",null,"2018: Development commenced\n2019: Under construction","Under construction","2018:Groundworks and site clearance started","Site under construction. Forecasts exceeded - reviewed and updated based on planning status and development progress.",null,"+","Delivery timescale <",23,null,23,{"$nulls":11},23,23,{"$nulls":31},0]
["Y","Y",null,"BOU/0021","Boughton",null,"Chester",null,"Lead Shot Tower, former Calder Indutsrial Estates, Leadworks Lane, Chester","Alterations to buildings and construction of new residential blocks to provide 72 Class C3 residential apartments and town houses and heritage interpretation centre within the Shot Tower and associated car parking, public art and substation.","Whitecroft Group",null,"Whitecroft Group-Simon Broster","HOW Planning LLP-Emma Jones","Steve Lewis","PDL","Change of use / New build","C3","NO",null,null,"NO","No","HELAA",0.39,{"$f":"SUM(AI28/Y28)","v":184.6153846153846},"04/01548/FUL \n07/01274/FUL  \n12/01543/ful\n16/00880/FUL (01/07/2019)","17/04361/FUL","Full",null,null,"2017-10-09","2018-04-19","2021-04-19",72,0,72,{"$nulls":10},0,null,null,72,null,0,72,null,72,null,"3-5.8-13.17(phasing).25. 18/01615/DIS July2018\n24. 18/04611/DIS pending",null,"2018: Development commenced\n2019: Groundworks and demolition","Development commenced","2018:Construction start anticiapted summer 2018.Site completion anticiapted by autumn 2019","Development commenced. Forecasts reviewed and updated based on planning status and development progress.","Revised scheme (17/04361/FUL) approved 19/04/2018","=",null,72,null,null,72,{"$nulls":10},72,72,{"$nulls":31},0]
["Y","Y",null,"BOU/0040","Boughton",null,"Chester",null,"Land rear of 9A and 9B Filkins Lane, Chester, CH3 5EJ","One (1) detached dwelling and associated access",{"$nulls":5},"GF","New build","C3","NO",null,null,"NO","No","Garden land",0.09,{"$f":"SUM(AI29/Y29)","v":11.11111111111111},"13/05403/FUL","17/00525/FUL","Full",null,null,"2017-02-09","2017-04-11","2020-04-11",1,0,1,{"$nulls":10},0,null,null,1,null,0,1,null,1,{"$nulls":3},"2016-2017: Not started\n2018: Not started. New permission\n2019: Not started","Not started",null,"Forecasts reviewed and updated based on planning status and development progress.",null,"-","Delivery timescale >",1,null,null,1,{"$nulls":10},1,1,{"$nulls":31},0]
["Y","Y",null,"BOU/0045","Boughton",null,"Chester",null,"ONE CITY PLACE - Land at Premier House, Chaterhall Drive, Chester","Full permission for first office building and outline permission for mixed use development comprising office buildings, dwellings, shops, financial and professional services, restaurants and cafes, drinking establishments, hot food takeaways, non residential institutions, assembly and leisure, access, car parking, servicing and landscaping","Muse Developments Ltd - Phil Mayall",{"$nulls":4},"PDL","New build","C3","NO",null,null,"NO","No","HELAA",2.25,{"$f":"SUM(AI30/Y30)","v":88.88888888888889},"12/04895/FUL\n14/01799/NMA"," 14/03317/REM","Full",null,null,"2014-08-01","2014-09-10","2017-09-10",200,0,200,{"$nulls":10},0,null,null,200,null,0,200,null,200,"Strategic Planning Committee 21/03/2013. Muse Developments state that phasing to be altered and resi to be brought forward sooner. 100 units to commence in next 24 months (as at April 2015)\nSome conditions discharged\nChester Development Update, Phil Mayall, Muse Developments, published June 2014. Telephone conversation - 100 units to commence within next 24 months\n","7.13.18.34.35. Sept 2016. 16/03384/DIS",null,"2017: Not started\n2018: Demolition commenced\n2019: Not started","Not started","2018:Demolition commenced (Phase Two)","Not started. Forecasts reviewed. Not included in deliverable supply. No change to forecasts required.",null,"=",null,0,{"$nulls":8},100,null,null,100,null,200,200,{"$nulls":31},0]
["Y","n/a",null,"BOU/0053","Boughton",null,"Chester",null,"Adjacent 9 Belgrave Street, Chester","One 3-bed detached house",{"$nulls":5},"PDL","New build","C3","NO",null,null,"NO","No","Windfall",{"$nulls":3},"14/03848/FUL","Full",{"$nulls":3},"2014-11-05","2017-11-05",1,0,1,{"$nulls":10},1,1,{"$nulls":3},1,0,null,0,{"$nulls":3},"2016-2018: Not started\n2019: Complete","Complete",null,"Site complete. Forecasts exceeded.",null,"+","Delivery timescale <",0,{"$nulls":13},0,0,null,null,1,{"$nulls":28},1]
["Y","n/a","BLPU - IU","BOU/0058","Boughton",null,"Chester",null,"Old Government House, Dee Hills Park, Chester, CH3 5AR","Part conversion of existing office buildings, demolition of extension and development of new build apartments to create 9 residential units with associated landscaping, parking and boathouse ","Lister Carter Homes",null,"Lister Carter","Matthews & Goodman (Mr James Litherland) (jlitherland@matthews-goodman.co.uk)\nRADM Architects (DIS) (enquiries@radm.co.uk)",null,"PDL","Change of use / New build","C3","NO",null,null,"NO","No","Windfall",0.42,{"$f":"SUM(AI32/Y32)","v":21.42857142857143},null,"14/05216/FUL","Full",null,null,"2014-12-12","2015-10-05","2018-10-05",9,0,9,{"$nulls":10},9,9,{"$nulls":3},9,0,null,0,"1-3 Chepstow House / 1-5 Chatham House ","3-6.13.16. November 2017. 16/00848/DIS",null,"2016: Not started\n2017-2018: Under construction\n2019: Complete","Complete",null,"Site complete. Forecasts achieved.",null,"=",null,0,{"$nulls":13},0,0,{"$nulls":11},9,{"$nulls":19},9]
["Y","n/a","BLPU - IU","BOU/0058a","Boughton",null,"Chester",null,"Mere House, Dee Hills Park, Chester, CH3 5AR ","Change of use from offices (Use B1) to two 2-bed apartments (Use Class C3) ","Lister Carter Homes",{"$nulls":4},"PDL","Change of use","C3","NO",null,null,"NO","Yes","Windfall",{"$nulls":3},"17/00082/FUL","Full",null,null,"2017-01-11","2017-03-08","2020-03-08",2,0,2,{"$nulls":10},2,2,{"$nulls":3},2,0,null,0,{"$nulls":3},"2017: Not started\n2018: Under construction\n2019: Complete","Complete",null,"Site complete. Forecasts exceeded.",null,"+","Delivery timescale <",0,{"$nulls":13},0,0,{"$nulls":10},2,{"$nulls":20},2]
["Y","n/a","BLPU - IU","BOU/0060","Boughton",null,"Chester",null,"99 Brook Street, Chester, CH1 3DX","Conversion of first floor into two (2) flats and associated works",{"$nulls":3},"AGD Architecture: Mr Andrew Gamble",null,"PDL","Change of use","C3","NO",null,null,"NO","No","Windfall",0.01,{"$f":"SUM(AI34/Y34)","v":200},null,"15/03605/FUL","Full",null,null,"2015-09-01","2015-10-30","2018-10-30",2,0,2,{"$nulls":10},{"$f":"SUM(AN34:AU34)+BA34","v":2},2,{"$nulls":3},{"$f":"SUM(AW34-AZ34)","v":2},0,null,0,{"$nulls":3},"2016: Not started\n2017-2018: Under construction\n2019: Complete","Complete","2018:Completion within next few months","Site complete. Forecasts achieved.",null,"=",null,0,{"$nulls":13},0,0,{"$nulls":10},2,{"$nulls":20},2]
["Y",null,null,"BOU/0064","Boughton",null,"Chester",null,"Rear Of BSP House, Station Road, Chester","Construction of 2 storey building with offices to ground floor and self contained residential unit to first floor with associated parking and external works.\n2018:Refurbishment and extension of existing building to provide 4 no. self contained flats with parking and associated external works ",{"$nulls":5},"PDL","Change of use","C3","NO",null,null,"NO","Yes","Windfall",0.02,{"$f":"SUM(AI35/Y35)","v":200},"15/03860/FUL (04/07/2019)","17/04701/FUL","Full",null,null,"2017-11-01","2018-07-12","2021-07-12",4,0,4,{"$nulls":10},0,null,null,4,null,0,4,null,4,{"$nulls":3},"2019: Not started","Not started","2019: New scheme approved","New permission. Forecasting assumptions applied.",null,"New",null,4,{"$nulls":3},4,{"$nulls":9},4,4,{"$nulls":31},0]
["Y","n/a",null,"BOU/0065","Boughton",null,"Chester",null,"43 Sandy Lane, Chester, CH3 5UL","Subdivision of existing dwellinghouse into two dwellings and single storey side extension",{"$nulls":3},"Project Architecture",null,"PDL","Conversion","C3","NO",null,null,"NO","No","Windfall",0.03,{"$f":"SUM(AI36/Y36)","v":66.66666666666667},null,"15/05126/FUL","Full",null,null,"2015-12-21","2016-06-27","2019-06-27",2,1,1,{"$nulls":10},1,2,null,null,1,1,0,null,0,{"$nulls":3},"2017-2018: Not started\n2019: Complete","Complete",null,"Site complete. Forecasts exceeded.",null,"+","Delivery timescale <",0,{"$nulls":13},0,0,null,null,2,{"$nulls":28},2]
["Y","Y",null,"BOU/0074","Boughton",null,"Chester",null,"125-127 Boughton, Chester, CH3 5BH ","Change of use of a listed building to residential (8 apartments), demolition of out-building and erection of 2 storey building for 6 apartments ","Lingar Homes",null,null,"Fisher Greman-Mark Herbert mark.herbert@fishergerman.co.uk",null,"PDL","Change of use","C3","NO",null,null,"NO","Yes","Windfall",null,{"$f":"SUM(AI37/Y37)","v":{"$error":"#DIV/0!"}},null,"16/01011/FUL","Full",null,null,"2016-03-08","2017-01-30","2020-01-30",14,0,14,{"$nulls":10},0,null,8,6,null,0,14,null,14,null,"12. 19/00147/DIS March 2019\n3.4.7.8.16. 19/00349/DIS\n17. 19/00534/DIS March 2019",null,"2017-2018: Not started\n2019: Under construction","Under construction","2018:Site marketed with planning permission","Site under construction. Forecasts exceeded - reviewed and updated based on planning status and development progress.",null,"+","Delivery timescale <",14,null,8,6,{"$nulls":10},14,14,{"$nulls":31},0]
["Y","n/a",null,"BOU/0082","Boughton",null,"Chester",null,"Land at Beaconsfield Street, Chester, CH3 5AY","Erection of 1 two-storey dwelling",{"$nulls":3},"Mr J Parry",null,"PDL","New build","C3","NO",null,null,"NO","No","Windfall",null,{"$f":"SUM(AI38/Y38)","v":{"$error":"#DIV/0!"}},null,"17/02260/FUL","Full",null,null,"2017-05-19","2017-08-03","2020-08-03",1,0,1,{"$nulls":10},1,1,{"$nulls":3},1,0,null,0,null,"3-5.8.10.12-14. January 2018. 17/04189/DIS",null,"2018: Not started\n2019: Complete","Complete",null,"Site complete. Forecasts achieved.",null,"+","Delivery timescale >",0,{"$nulls":13},0,0,null,null,1,{"$nulls":28},1]
["Y","n/a",null,"BOU/0083","Boughton",null,"Chester",null,"Cheshire Development Education Centre, 3 The Mount, Chester, CH3 5UD","Change of use from office to C4 HMO residential",{"$nulls":3},"Mr Tony Barton",null,"PDL","Change of use","HMO","NO",null,null,"NO","Yes","Windfall",{"$nulls":3},"17/02732/FUL","Full",null,null,"2017-06-22","2017-08-21","2020-08-21",null,0,0,{"$nulls":10},0,{"$nulls":4},0,0,null,0,{"$nulls":3},"2018: Not started\n2019: Complete","Complete",null,"Site complete. Forecasts exceeded.",null,"=",null,0,{"$nulls":13},0,0,{"$nulls":28},1,null,null,0]
["Y",null,null,"BOU/0084","Boughton",null,"Chester",null,"The Cloud, 10 Boughton, Chester, CH3 5AG","Change of use of building from B1 to 8 apartments\nAlterations and extensions to existing building and change of use from offices to eight apartments with parking",null,null,"Vivio Developments Ltd","Steve Goodwin","Karl Spilsbury","PDL","Change of use","C3","NO",null,null,"NO","Yes","Windfall",null,null,"17/04633/PDO","18/01720/FUL","Full",null,null,"2018-05-04","2018-11-08","2021-11-08",8,0,8,{"$nulls":10},0,null,null,8,null,0,8,null,8,{"$nulls":3},"2018: Not started\n2019: Not started","Not started",null,"Forecasts reviewed and unchanged based on planning status and development progress.",null,"=",null,8,null,null,8,{"$nulls":10},8,8,{"$nulls":31},0]
["Y","Y",null,"BOU/0087","Boughton",null,"Chester",null,"38-40 City Road, Chester, CH1 3AE","Conversion of existing vacant commercial property into 21no self contained apartments. Car parking will be increased from 14no existing spaces to 16no proposed spaces. Bicycle parking will be increased from circa 2no existing spaces to 20no proposed spaces ","Ladson Group",null,"Ladson Group - My Guy Ladson","Day Architectural Ltd - Mr Ryan Lawlor ryanl@day-architectural.com","Nial Casseldon","PDL","Change of use","C3","NO",null,null,"NO","Yes","Windfall",{"$nulls":3},"18/00265/PDO","PDO",null,null,"2018-01-19","2018-02-16","2021-02-16",21,0,21,{"$nulls":10},0,null,21,null,null,0,21,null,21,{"$nulls":3},"2018: Not started\n2019: Under construction","Under construction",null,"Site under construction. Forecasts reviewed and updated based on planning status and development progress.",null,"+","Delivery timescale <",21,null,21,{"$nulls":11},21,21]
["Y",null,null,"BOU/0093","Boughton",null,"Chester",null,"2 Sandown Terrace, Boughton, Chester, CH3 5BN "," Conversion of existing dwelling into 2 no. apartments","Country Homes (Cheshire) Ltd",null,"Country Homes (Cheshire) Ltd","Major Design Partnership major.design@live.co.uk ","Jennie Poynton","PDL","Conversion","C3","NO",null,null,"NO","No","Windfall",{"$nulls":3},"18/02687/FUL","Full",null,null,"2018-07-10","2019-02-18","2022-02-18",2,1,1,{"$nulls":10},0,null,null,1,null,0,1,null,1,{"$nulls":3},"2019: Not started","Not started",null,"New permission. Forecasting assumptions applied.",null,"New",null,1,null,null,-1,2,{"$nulls":9},1,1]
["Y",null,null,"BOU/0095","Boughton",null,"Chester",null,"GC and P Wright, Charles Street, Chester, CH1 3EL","Demolition of building and erection of 9 dwellings with associated parking and access",{"$nulls":5},"PDL","New build","C3","NO",null,null,"NO","No","BLR",{"$nulls":3},"18/02223/FUL","Full",null,null,"2018-06-07",null,null,9,0,9,{"$nulls":10},0,null,null,9,null,0,9,null,9,{"$nulls":3},"2019: Not started","Not started",null,"Included on Brownfield Land Register.\nNew permission. Forecasting assumptions applied.",null,"New",null,9,{"$nulls":3},9,{"$nulls":9},9,9]
["Y",null,null,"CHC/","Chester City",null,"Chester",null,"Lumisi, 43 White Friars, Chester, CH1 1NZ","Conversion of office building into 3 apartments",{"$nulls":5},"PDL","Change of use","C3","NO",null,null,"NO","Yes","Windfall",{"$nulls":3},"19/00204/FUL","Full",null,null,"2019-01-18",null,null,3,0,3,{"$nulls":10},0,null,null,3,null,0,3,null,3,{"$nulls":3},"2019: Not started","Not started",null,"New permission. Forecasting assumptions applied.",null,"New",null,3,{"$nulls":3},3,{"$nulls":9},3,3]
["Y","Y",null,"CHC/0003","Chester City",null,"Chester",null,"Linenhall car park, Stanley Street, Chester, CH1 2LR","Six-storey student accommodation comprising 59 cluster flats and 143 studios, together with ancilliary and communal facilities, landscaping and car parking.\nNMA elevations and internal space replanning - bedrooms reduced from 549 to 544\nTemp car park - use extended to 31 Dec 2023",{"$nulls":3},"Young and Gaullt: Gillian Shields (g.shields@youngandgault.co.uk)\nStephenson Group: Brendan O'Keeffe brendan@stephenson-ssc.co.uk",null,"PDL","New build","SA (sc)","NO",null,null,"NO","No","HELAA",0.74,{"$f":"SUM(AI45/Y45)","v":272.97297297297297},"17/00530/NMA","13/03210/FUL","Full",null,null,"2013-07-31","2013-12-23","2016-12-23",202,0,202,{"$nulls":10},0,null,null,202,null,0,202,null,202,"Extant permission for C3 residential development. Contact - Chris Clayton / Judith Gordon. Email received from Gillian Shields (Young and Gault)\nEmail 28.04.2015 Gillian Shields (Young and Gault)\n15/04268/DIS - ground works, archaelogy, drainage and noise\n17/02029/COU - use as car park\n18/03962/FUL - car park 2023","6.15-17.19. pending. 15/04268/DIS\n20.21. pending. 15/05079/DIS",null,"2016-2018: Not started\n2019: Stalled","Stalled","2018/2019:Site in use as public car park","Not started. Forecasts reviewed. Not included in deliverable supply. No change to forecasts required.",null,"=","Stalled",0,{"$nulls":9},100,null,102,null,202,202,{"$nulls":31},{"$f":"SUM(CE45:DD45)","v":0}]
["Y",null,null,"CHC/0004","Chester City",null,"Chester",null,"Land at St Anne Street / Black Diamond Street, Hoole Way, Chester","Student accommodation development for 376 students with associated landscaping.56 studio flats and 58 cluster flats (4 to 6 bedrooms)=114 units OR 376 bedspaces","PJ Properties (Chester) Ltd",null,"PJ Properties (Chester) Ltd and Morbaine Limited-Mr Ben Roberts","Knigh Frank LLP-David Staniland david.staniland@knightfrank.com\nMorbaine Limited - Mr Keith Nutter keithnutter@morbain.co.uk","Cheryl Parker","PDL","New build","SA (sc)","NO",null,null,"NO","No","BLR",0.29,null,"19/00184/FUL","16/05458/FUL","Full","APP/A0665/W/17/3178946","Allowed","2016-12-08","2017-12-27","2020-12-27",114,null,114,{"$nulls":10},0,null,null,114,null,0,114,null,114,null,"8. 18/02676/DIS Oct 2018\n3.6.12. 18/03512/DIS pending\n7.9. 18/03665/DIS pending",null,"2018: Not started\n2019: Not started","Not started","2018/2019:Site in use as public car park","Included on Brownfield Land Register.\nNot started. Forecasts reviewed. Permission granted for temp two year CP. Not included in deliverable supply. No change to forecasts required.",null,"=",null,0,{"$nulls":7},114,{"$nulls":5},114,114,{"$nulls":31},0]
["Y","n/a","BLPU - IU","CHC/0005A","Chester City",null,"Chester",null,"Oakbase House, Trafford Street, Chester","Demolition of existing building and erection of a 150 bedroom student accommodation development with communal and ancillary facilities, landscaping, access and other associated works",null,null,"Primus Alliance Chester 2 Ltd-Mr Duncan Melville","Tim Groom Architects-Mr Azhar Kapadi azhar@timgroomarchitects.com",null,"PDL","New build","SA (sc)","NO",null,null,"NO","No","HELAA",0.16,null,"APP/A0665/W/16/3166180","16/03363/FUL","Full","APP/A0665/W/16/3166180","Allowed","2016-08-03","2017-04-25","2020-04-25",150,null,150,{"$nulls":10},150,150,{"$nulls":3},150,0,null,0,null,"3.4.6.8.9.11. pending 17/03196/DIS\n11.14-16. pending 18/00450/DIS\n5-17-19.22. pending 18/020920/DIS\n18/02489/DIS 20.21.23 18/02489/DIS",null,"2018: Under construction\n2019: Complete","Complete",null,"Site complete. Forecasts achieved.",null,"=",null,0,{"$nulls":13},0,0,{"$nulls":24},150,{"$nulls":6},150]
["Y","Y",null,"CHC/0005B","Chester City",null,"Chester",null,"Partco Autoparts Limited, Trafford Street, Chester, CH1 3HP","Re-development of the site to provide 35 residential apartments (Class C3) along with associated landscaping, car parking and other associated works","Watkin Jones",null,"Trafford Streer Chester Limited","Watkin Jones Group - Miss Terri-Anne Cross terri-anne.cross@watkinjones.com","Steve Holmes","PDL","New build","C3","NO",null,null,"No","No","BLR",null,null,"18/04054/NMA","18/00486/FUL","Full",null,null,"2018-02-07","2018-08-17","2021-08-17",35,0,35,{"$nulls":10},0,null,35,null,null,0,35,null,35,null,"3.4.8.13.16. 18/03835/DIS pending",null,"2018: Demolition works\n2019: Under construction","Under construction","2018:Building demolished","Included on Brownfield Land Register.\nSite under construction. Forecasts reviewed and unchanged based on planning status and development progress.","Full planning application received 8 Feb 2018 pending\ndecision.\nDeveloper/house builder: Watkin Jones\nBuildings demolished and site being cleared Feb 2018.\n(Image C attached)\nRegeneration area identified in development brief.\nNO CHANGE TO FORECAST-units are deliverable within\nyears 1 to 5\nCurrent position:\nFull permission granted 17 Aug 2018\n18/03835/DIS pending (received 2 Oct 208)18/03835/DIS\npending (received 2 Oct 2018)\n18/04054/NMA pending (received 16 Oct 2018)","=",null,35,null,35,{"$nulls":11},35,35,{"$nulls":31},0]
["n/a","n/a",null,"CHC/0006","Chester City",null,"Chester",null,"St Anne Street car park, Black Diamond Street, Chester","BLR site",{"$nulls":5},"PDL","New build","C3","NO",null,null,"NO","No","BLR",0.34,{"$nulls":9},11,null,11,{"$nulls":10},0,{"$nulls":4},0,0,11,11,{"$nulls":6},"Included on Brownfield Land Register.\nForecasts reviewed. Not included in deliverable supply. No change to forecasts required.",null,"=",null,0,{"$nulls":10},5,6,null,11,11,{"$nulls":31},0]
["n/a","n/a",null,"CHC/0008","Chester City",null,"Chester",null,"Browns Yard car park, Chester","BLR site",{"$nulls":5},"PDL","New build","C3","NO",null,null,"NO","No","BLR",0.28,{"$nulls":9},13,null,13,{"$nulls":10},0,{"$nulls":4},0,0,13,13,{"$nulls":6},"Included on Brownfield Land Register.\nForecasts reviewed. Not included in deliverable supply. No change to forecasts required.",{"$nulls":3},0,{"$nulls":9},1,6,6,null,13,13,{"$nulls":31},0]
["Y","Y",null,"CHC/0018c","Chester City",null,"Chester",null,"Northgate Redevelopment, Northgate Street, Chester","Hybrid application for part-demolition and part-retention of existing buildings and the construction of comprehensive mixed-use development comprising; retail stores, restaurants, cafes, drinking establishments (Use Classes A1, A2, A3 and A4), offices (Use Class B1), cinema and leisure uses (Use Class D2), 70-120 residential units (Use Class C3), public toilets, shopmobility, a relocated hotel and indoor market with associated new public squares, car and cycle parking, provision for buses and associated highway works and infrastructure, landscaping and public realm works.",null,null,"Cheshire West and Chester","GL Hearn - James Cogan james.cogan@glhearn.com\nAvison Young - Mr James Berggren james.berggren@avisonyoung.com","Cathy Reay","PDL","New build","C3","NO",null,null,"NO","No","LP regen site",4.68,{"$f":"SUM(AI51/Y51)","v":14.957264957264957},"02/00838/FUL   07/00061/S73 10/11534/EXT","16/02282/OUT","Outline",null,null,"2016-06-01","2016-09-21","2019-09-21",70,0,70,{"$nulls":10},0,null,null,70,null,0,70,null,70,null," ",null,"2017-2018: Outline permission. No site visit. CPO inquiry completed January 2018\n2019: Outline permission. No site visit","Not started","2018:No site visit.CPO inquiry completed January 2018.","Local Plan strategic regeneration site.\nNot started. Forecasts reviewed. Not included in deliverable supply. No change to forecasts required.","Outline planning permission granted 21 Sept 2016\nCouncil scheme led by Chester Growth Partnership.\nCPO inquiry completed January 2018\nRevisions to scheme being considered – exact capacity and\ndelivery timescale for residential elements of scheme\nunknown.\nPlace North West (6 Oct 2017) Number of residential units in\nscheme proposed increase from 70 to 120\nNO CHANGE TO FORECAST – no units forecast in years 1 to 5","=",null,0,{"$nulls":9},35,null,35,null,70,70,{"$nulls":31},0]
["n/a","n/a",null,"CHC/0027","Chester City",null,"Chester",null,"New Crane Street car park, Chester","BLR site",{"$nulls":5},"PDL","New build","C3","NO",null,null,"NO","No","BLR",0.33,{"$nulls":9},15,null,15,{"$nulls":10},0,{"$nulls":4},0,0,15,15,{"$nulls":6},"Included on Brownfield Land Register.\nNot included in deliverable supply. No change to forecasts required.",{"$nulls":3},0,{"$nulls":9},3,6,6,null,15,15,{"$nulls":31},0]
["n/a","n/a",null,"CHC/0029","Chester City",null,"Chester",null,"Former car garage(Quicks), Lower Bridge Street, Chester","Demolition of existing buildings and redevelopment of the site to provide two ground floor commercial units for A1, A2 or A3 uses, togetehr with 43 apartments and 5no townhouses",{"$nulls":5},"PDL","Change of use","C3","NO",null,null,"NO","No","BLR",0.22,{"$f":"SUM(AI53/Y53)","v":218.1818181818182},null,"18/04896/FUL","Full pending",null,null,"2018-12-21",null,null,48,null,48,{"$nulls":10},0,{"$nulls":4},0,0,48,48,"Pre-application discussions with developer for residential scheme",{"$nulls":5},"Included on Brownfield Land Register.\nNot included in deliverable supply. No change to forecasts required.",{"$nulls":3},0,{"$nulls":6},5,null,43,{"$nulls":4},48,48,{"$nulls":31},0]
["n/a","n/a",null,"CHC/0030","Chester City",null,"Chester",null,"Garden Lane car park, Chester","BLR site",{"$nulls":5},"PDL","New build","C3","NO",null,null,"NO","No","BLR",0.33,{"$nulls":9},6,null,6,{"$nulls":10},0,{"$nulls":4},0,0,6,6,{"$nulls":6},"Included on Brownfield Land Register.\nNot included in deliverable supply. No change to forecasts required.",{"$nulls":3},0,{"$nulls":10},3,3,null,6,6,{"$nulls":31},0]
["n/a","n/a",null,"CHC/0032","Chester City",null,"Chester",null,"BT Building & Newgate House, St John's Street, Chester","BLR site",{"$nulls":5},"PDL","New build","C3","NO",null,null,"NO","No","BLR",0.32,{"$nulls":9},29,null,29,{"$nulls":10},0,{"$nulls":4},0,0,29,29,{"$nulls":6},"Included on Brownfield Land Register.\nNot included in deliverable supply. No change to forecasts required.",{"$nulls":3},0,{"$nulls":10},29,null,null,29,29,{"$nulls":31},0]
["n/a","n/a",null,"CHC/0033","Chester City",null,"Chester",null,"Post Office sorting office, Hoole Way, Chester",{"$nulls":6},"PDL",{"$nulls":7},"HELAA",1.46,{"$f":"SUM(AI56/Y56)","v":0},{"$nulls":10},0,{"$nulls":10},0,{"$nulls":4},0,0,null,0,{"$nulls":10},0,{"$nulls":13},0,0,{"$nulls":31},0]
["n/a","n/a",null,"CHC/0034","Chester City",null,"Chester",null,"Loves Garage, Garden Lane, Chester","BLR site",{"$nulls":5},"PDL","New build","C3","NO",null,null,"NO","No","BLR",0.14,{"$nulls":9},6,null,6,{"$nulls":10},0,{"$nulls":4},0,0,6,6,{"$nulls":6},"Included on Brownfield Land Register.\nNot included in deliverable supply. No change to forecasts required.",{"$nulls":3},0,{"$nulls":11},6,null,6,6,{"$nulls":31},0]
["Y","Y",null,"CHC/0058","Chester City",null,"Chester",null,"Land at Bollands Court / Commonhall Street, Chester","24 town houses and apartments and ground floor shop on corner plot. Nine (9) apartments and associated car parking - See CHC0007A/H for Westby Homes dev of 9 apartments","Fox Homes Lancashire",{"$nulls":4},"PDL","New build","C3","NO",null,null,"NO","No","HELAA",0.3,{"$f":"SUM(AI58/Y58)","v":50},"01/01507/FUL  ","14/03728/FUL","Full",null,null,"2014-09-04","2014-10-10","2017-10-10",15,0,15,{"$nulls":10},0,null,4,null,null,0,4,null,4,"08/00739/LDC permitted. 13/03260/106 modification to make scheme viable signed 8th April 2014. Westby Homes email: Phase 2 to be programmed after completion of current block. 15/03964/106 - pending",null,null,"2015: Under construction\n2016-2017: Stalled\n2018: Site acquired by new developer\n2019: Under construction","Under construction","2018:New house builder\n2019:Fox Homes Lancashire","Site under construction. Forecasts exceeded - reviewed and updated based on planning status and development progress.",null,"+","Delivery timescale <",4,null,null,4,{"$nulls":10},4,4,{"$nulls":31},0]
["Y",null,null,"CHC/0059","Chester City",null,"Chester",null,"3 Nicholas Street Mews, Chester, CH1 2NS","Change of use from office to residential",{"$nulls":5},"PDL","Change of use","C3","NO",null,null,"NO","Yes","Windfall",0.01,{"$f":"SUM(AI59/Y59)","v":100},"12/04188/COU\n16/02286/FFUL (pending)","15/02711/FUL","Full",null,null,"2015-06-30","2015-08-25","2018-08-25",1,0,1,{"$nulls":10},0,null,null,1,null,0,1,null,1,null,"4. 16/01886/DIS pending",null,"2016-2018: Not started\n2019: Not started. Amendment awaiting decision","Not started","2018:Permission expires 2018","Amendment awaiting decision. DIS awaiting decision. Not included in deliverable supply.",null,"+","Not included in 2018 supply ",1,null,null,1,{"$nulls":10},1,1,{"$nulls":31},0]
["Y","n/a",null,"CHC/0066A","Chester City",null,"Chester",null,"10-16 Brookdale Place, Chester, CH1 3DY","Change of use of first floor restaurant to residential and Change of use of second floor staff accommodation to five bedroomed flat for student accommodation.\n2016 permission - 1st floor = 3 one-bed flats, 1 x 5 bed student flat",{"$nulls":5},"PDL","Change of use","C3","NO",null,null,"NO","No","HELAA",0.02,{"$f":"SUM(AI60/Y60)","v":150},"13/02656/FUL\n14/02437/FUL","15/02152/COU","Full",null,null,"2015-05-21","2016-01-20","2019-01-20",3,0,3,{"$nulls":10},3,3,{"$nulls":3},3,0,null,0,"First Floor - COU from restaurant to 3 flats \nSecond Floor - COU of staff accomodation to 5 bed flat for student accomodation",null,null,"2016: Development commenced\n2017-2018: Stalled\n2019: Complete","Complete","2018:Additional applications approved for building","Site stalled. Not included in deliverable supply. ",null,"+","Not included in 2018 supply ",0,{"$nulls":13},0,0,{"$nulls":10},3,{"$nulls":20},3]
["Y","n/a",null,"CHC/0066B","Chester City",null,"Chester",null,"10-16 Brookdale Place, Chester, CH1 3DY","Change of use of first floor restaurant to residential and Change of use of second floor staff accommodation to five bedroomed flat for student accommodation.\n2016 permission - 1st floor = 3 one-bed flats,  Second floor = 1 x 5 bed student flat",{"$nulls":5},"PDL","Change of use","SA (sc)","NO",null,null,"NO","No","HELAA",null,null,"13/02656/FUL\n14/02437/FUL","15/02152/COU","Full",null,null,"2015-05-21","2016-01-20","2019-01-20",1,0,1,{"$nulls":10},1,1,{"$nulls":3},1,0,null,0,{"$nulls":3},"2019: Complete","Complete",null,"Site complete. Forecasts exceeded.",null,"+","Not included in 2018 supply ",0,{"$nulls":13},0,0,{"$nulls":24},1,{"$nulls":6},1]
["Y",null,null,"CHC/0100","Chester City",null,"Chester",null,"35 Eastgate Street, Chester, CH1 1LG","Change of use from offices to five residential apartments over 3 storeys (1st to 3rd floor)",{"$nulls":5},"PDL","Change of use","C3","NO",null,null,"NO","Yes","Windfall",{"$nulls":3},"17/01670/FUL","Full",null,null,"2017-04-07","2017-06-16","2020-06-16",5,0,5,{"$nulls":10},0,null,null,5,null,0,5,null,5,{"$nulls":3},"2018: Not started\n2019: Not started","Not started",null,"Forecasts reviewed and unchanged based on planning status and development progress",null,"=",null,5,null,null,5,{"$nulls":10},5,5,{"$nulls":31},0]
["Y","Y","BLPU - IU","CHC/0112A","Chester City",null,"Chester",null,"14-20 Frodsham Street, Chester ","Change of use of first and second floors from retail to student accommodation  ",{"$nulls":3},"David Crowder Architecture - Mr David Crowder davidcrowderarchitecture@gmail.com","Cathy Reay","PDL","Change of use","SA communal","No",null,null,"NO","No","Windfall",null,{"$f":"SUM(AI63/Y63)","v":{"$error":"#DIV/0!"}},"18/02099/FUL","16/04807/FUL","Full",null,null,"2016-10-26","2016-12-09","2019-12-09",12,0,12,12,{"$nulls":9},0,null,null,12,null,0,12,null,12,{"$nulls":3},"2017-2018: Not started\n2019: Development commenced","Development commenced","2019: Ground floor COU under construction. Entrance to first floor under construction","Development commenced. Forecasts reviewed and unchanged based on planning status and development progress.",null,"=",null,12,null,12,{"$nulls":11},12,12,{"$nulls":31},0]
["Y","Y","BLPU - IU","CHC/0112B","Chester City",null,"Chester",null,"14 Frodsham Street, Chester, CH1 3JL","Change of use to ground floor restaurant (Use Class A3) and residential use (Use Class C3) for student accomodation above with alterations to existing frontage to create ground floor access lobby.",{"$nulls":3},"David Crowder Architecture - Mr David Crowder davidcrowderarchitecture@gmail.com","Cathy Reay","PDL","Change of use","SA communal","No",null,null,"NO","No","Windfall",null,{"$f":"SUM(AI64/Y64)","v":{"$error":"#DIV/0!"}},null,"18/02099/FUL","Full",null,null,"2018-05-31","2018-08-07","2021-08-07",null,0,0,{"$nulls":10},0,{"$nulls":4},0,0,null,0,{"$nulls":3},"2019: Development commenced","Development commenced",{"$nulls":3},"=","New permission",0,{"$nulls":13},0,0,{"$nulls":31},0]
["Y","Y",null,"CHC/0117","Chester City",null,"Chester",null,"34 Cuppin Street, Chester, CH1 2BN","Change of use from offices to 13 dwellings\nErection of roof level apartment\n= 14 units in total","Overlea Hilbre Estates Ltd",null,"Mr Steve Roberts","Willacy Horsewood Partnership - Mr Mark Willacy\nmark@willacyhorsewood.co.uk","Steve Holmes","PDL","Change of use","C3","NO",null,null,"NO","No","Windfall",null,{"$f":"SUM(AI65/Y65)","v":{"$error":"#DIV/0!"}},"16/03684/PDO","17/04836/FUL","PDO",null,null,"2017-11-13","2018-05-14","2021-05-14",14,0,14,{"$nulls":10},13,13,1,null,null,13,1,null,1,"2018:Site delivering ahead of 2016/2017 forecasts","3.4. May 2018. 18/02604/DIS (17/04836/FUL)",null,"2017: Not started\n2018: Under construction\n2019: Under construction","Under construction",null,"Site under construction. Forecasts reviewed and unchanged based on planning status and development progress.",null,"=",null,1,null,1,{"$nulls":11},1,1,{"$nulls":9},6,7,{"$nulls":20},13]
["Y","Y",null,"CHC/0120","Chester City",null,"Chester",null,"14 - 20 Watergate Street, Chester, CH1 2LA (within boundary of CHC/0008/H)","Change of use / conversion / extension to / part-demolition of for mixed-use development incorporating retail (Use Class A1) / residential (26 apartments) (Use Class C3) / food and beverage (Use Class A3) ","Britten Properties",null,"Britten Properties","Cassidy + Ashton-Guy Evans guyevans@cassidyashton-chester.co.uk","Judith Gordon","PDL","New build","C3","NO",null,null,"NO","No","HELAA",0.1,null,null,"16/00580/FUL","Full",null,null,"2016-02-10","2017-04-19","2020-04-19",26,0,{"$f":"AI66-AJ66","v":26},{"$nulls":10},{"$f":"SUM(AN66:AU66)+BA66","v":0},null,null,26,null,{"$f":"SUM(AW66-AZ66)","v":0},{"$f":"SUM(AX66+AY66)","v":26},null,{"$f":"SUM(BC66+BB66)","v":26},{"$nulls":3},"2018: Not started\n2019: Not started","Not started",null,"Forecasts reviewed and updated based on planning status and development progress. Removed from deliverable supply",null,"-",null,{"$f":"SUM(BQ66:BU66)","v":0},{"$nulls":13},{"$f":"SUM(BQ66:CA66)","v":0},{"$f":"SUM(BQ66:CB66)","v":0},{"$nulls":31},0]
["Y","n/a",null,"CHC/0133","Chester City",null,"Chester",null,"CHRONICLE MEWS, Land at Commonhall Street, Chester ","Erection of four (4) three-storey town houses ","Elite",null,null,"DMS Architecture - Michael Sutherland",null,"PDL","New build","C3","NO",null,null,"NO","No","Windfall",null,{"$f":"SUM(AI67/Y67)","v":{"$error":"#DIV/0!"}},null,"15/00220/FUL","Full",null,null,"2015-01-21","2015-11-05","2018-11-05",4,0,4,{"$nulls":10},4,4,{"$nulls":3},4,0,null,0,"16/00426/DIS - construction traffic and Archaeological work","16/00426/DIS\n2 (variation) May 2017 17/00691/S73",null,"2016: Developmentstarted-access / groundworks\n2017-2018: Under construction\n2019: Complete","Complete","2018:Nearing completion","Site complete. Forecasts achieved.",null,"=",null,0,{"$nulls":13},0,0,null,null,4,{"$nulls":28},4]
["Y","n/a",null,"CHC/0143","Chester City",null,"Chester",null,"27A Bridge Street Row East, Bridge Street, Chester, CH1 1NW ","Residential conversion of 1st and 2nd floors (above row level) into two apartments, including the installation of new windows",{"$nulls":3},"Craig Foster Architects",null,"PDL","Change of use","C3","NO",null,null,"NO",null,"Windfall",0.007,428.57142857142856,"15/02657/FUL","16/02822/FUL","Full",null,null,"2016-07-04","2017-01-24","2020-01-24",3,0,3,{"$nulls":10},3,3,{"$nulls":3},3,0,null,0,"16/02822/FUL - COU to 3 dwellings\n2018:site delivery ahead of 2016/2017 forecast",null,null,"2016-2017: Not started\n2018: Under construction\n2019: Complete","Complete",null,"Site complete. Forecasts achieved.",null,"=",null,0,{"$nulls":13},0,0,{"$nulls":10},3,{"$nulls":20},3]
["Y","Y",null,"CHC/0157","Chester City",null,"Chester",null,"Adjacent Unionist Building & 6 Black Friars, Chester  ","Removal of perimeter brick walls and erection of a single residential dwelling with off-street parking ",{"$nulls":3},"J10 Planning",null,"PDL","New build","C3","NO",null,null,"NO","No","Windfall",0.01,100,null,"15/03977/FUL","Full",null,null,"2015-09-28","2016-03-01","2019-03-01",1,0,1,{"$nulls":10},0,null,1,null,null,0,1,null,1,null,"3-5. 19/00703/DIS Feb 2019",null,"2017-2018: Not started\n2019: Development commenced","Development commenced","2018:Site marketed with planning permission","Site under construction. Forecasts exceeded - reviewed and updated based on development progress.",null,"+","Delivery timescale <",1,null,1,{"$nulls":11},1,1,{"$nulls":31},0]
["Y","n/a","BLPU - IU","CHC/0159","Chester City",null,"Chester",null,"Recorder House, 19 City Walls, Chester, CH1 1SB","Conversion of existing hotel and dwelling into two (2) dwellings, including partial removal of rear fire escape and insertion of rooflights.",null,null,"Mr Adrian Rushforth","Donald Insall Associates Ltd - Mr Donald Insall",null,"PDL","Change of use / conversion","C3","NO",null,null,"NO",null,"Windfall",0.02,100,null,"16/00079/FUL","Full",null,null,"2016-01-11","2016-04-22","2019-04-22",2,0,2,{"$nulls":10},2,2,{"$nulls":3},2,0,null,0,{"$nulls":3},"2017: Not started\n2018: Under construction\n2019: Complete","Complete",null,"Site complete. Forecasts achieved.",null,"=",null,0,{"$nulls":13},0,0,null,null,1,1,{"$nulls":27},2]
["Y","Y",null,"CHC/0163","Chester City",null,"Chester",null,"Clemence House, St Werburgh Street, Chester, CH1 2DY ","Conversion of 2nd and 3rd floors into 8 apartments ",null,null,"Ladham Properties Ltd","Willacy Horsewood Architects",null,"PDL","Change of use","C3","NO",null,null,"NO","No","Windfall",0.03,266.6666666666667,"2018:Vacant offices","16/00844/FUL","Full",null,null,"2016-02-26","2016-06-28","2019-06-28",8,0,8,{"$nulls":10},0,null,null,8,null,0,8,null,8,null,"5.6. 19/01065/DIS pending",null,"2017-2018: Not started\n2019: Not started","Not started","Not started","Permission expires in next monitoring period. DIS awaiting decision. Forecasts reviewed and unchanged based on planning status.",null,"=",null,8,null,null,8,{"$nulls":10},8,8,{"$nulls":31},0]
["Y","Y",null,"CHC/0167","Chester City",null,"Chester",null,"Former Dominos Pizza, Black Diamond Street, Chester, CH1 3EX","Change of use from A3/A5 use to residential  (one 3 bed ground floor flat)",null,null,"Mr T James","Mr Richard Vickers",null,"PDL","Change of use","C3","NO",null,null,"NO","No","Windfall",0.006,166.66666666666666,null,"16/02215/FUL","Full",null,null,"2016-05-25","2016-08-15","2019-08-15",1,0,1,{"$nulls":10},0,null,null,1,null,0,1,null,1,{"$nulls":3},"2017-2018: Not started\n2019: Not started","Not started",null,"Permission expires in next monitoring period. Forecasts reviewed and removed from deliverable supply.",null,"-","Permission expires 2019",0,{"$nulls":13},0,0,{"$nulls":31},0]
["Y","n/a",null,"CHC/0171","Chester City",null,"Chester",null,"16 Canal Street, Chester, CH1 4EJ","Conversion of existing offices to form one dwelling  ",null,null,"Mr Tony Devenport","Mr David Fishwick",null,"PDL","Change of use","C3","NO",null,null,"NO","Yes","Windfall",0.02,50,null,"16/01572/FUL","Full",null,null,"2016-04-13","2016-09-15","2019-09-15",1,0,1,{"$nulls":10},1,1,{"$nulls":3},1,0,null,0,{"$nulls":3},"2017: Not started\n2018: Under construction\n2019: Complete","Complete",null,"Site complete. Forecasts achieved.",null,"=",null,0,{"$nulls":13},0,0,null,1,{"$nulls":29},1]
["Y","Y",null,"CHC/0174","Chester City",null,"Chester",null,"Abbey Gateway, Abbey Gate, Chester ","Conversion of the Abbey Gateway into two bedroom accommodation.",null,null,"Chester Cathedral","Donald Insall Associates Ltd - Mrs Tatiana Baron",null,"PDL","Change of use","C3","NO",null,null,"NO","Yes","Windfall",0.01,100,null,"16/02888/FUL","Full",null,null,"2016-07-07","2016-08-28","2019-08-28",1,0,1,{"$nulls":10},0,null,null,1,null,0,1,null,1,{"$nulls":3},"2017-2018: Not started\n2019: Not started","Not started",null,"Permission expires in next monitoring period. Forecasts reviewed and removed from deliverable supply.",null,"-","Permission expires 2019",0,{"$nulls":13},0,0,{"$nulls":31},0]
["Y","Y",null,"CHC/0176","Chester City",null,"Chester",null,"Hunter Street car park, Chester","Ca 77 studio apartments for students","Watkin Jones",null,"Hunter Street Chester Limited","Watkin Jones Group - Miss Terri-Anne Cross",null,"PDL","New build","SA (sc)","NO",null,null,"NO","No","HELAA",0.08,962.5,null,"15/04014/FUL","Full","APP/A0665/W/16/3152140","Allowed","2015-10-28","2016-09-20","2019-09-20",77,0,77,{"$nulls":10},0,null,77,null,null,0,77,null,77,"Pre-application 15/01041/PREAPP March 2015. Discussions with house builder, reduction in capacity to 65. Delivery September 2017\nAPP/A0664/W/16/3152140","13.22. August 2017. 17/01261/DIS\n3.4.17.23. September 2017. 17/02387/DIS\n8.12.16.18.21. February 2018. 17/00665/DIS",null,"2017: Not started\n2018: Development commenced\n2019: Under construction","Under construction","2018:Groundworks started","Site under construction. Forecasts reviewed and unchanged based on planning status and development progress.",null,"=",null,77,null,77,{"$nulls":11},77,77,{"$nulls":31},0]
["Y",null,null,"CHC/0178","Chester City",null,"Chester",null,"4 Stanley Place, Chester, CH1 2LU ","Change of use from offices to dwelling  ",{"$nulls":5},"PDL","Change of use","C3","NO",null,null,"NO","Yes","Windfall",null,{"$error":"#DIV/0!"},null,"16/05354/FUL","Full",null,null,"2016-12-01","2017-01-26","2020-01-26",1,0,1,{"$nulls":10},0,null,null,1,null,0,1,null,1,{"$nulls":3},"2017-2018: Not started\n2019: Not started","Not started","2018:Office use","Site not started. Forecasts reviewed and updated based on planning status and development progress.",null,"-","Delivery timescale >",1,null,null,1,{"$nulls":10},1,1,{"$nulls":31},0]
["Y",null,null,"CHC/0179","Chester City",null,"Chester",null,"19 Grosvenor Street, Chester, CH1 2DD","Change of use and conversion of first and second floors from B1 office use to a 6 bed HMO (C4 use class)",{"$nulls":5},"PDL","Change of use","HMO","NO",null,null,"NO","Yes","Windfall",null,{"$error":"#DIV/0!"},null,"16/05482/FUL","Full",null,null,"2016-12-12","2017-02-03","2020-02-03",null,0,0,{"$nulls":10},0,{"$nulls":4},0,0,null,0,{"$nulls":3},"2018: Not started","Not started",{"$nulls":5},0,{"$nulls":13},0,0,{"$nulls":31},0]
["Y",null,null,"CHC/0180","Chester City",null,"Chester",null,"Lantern House, 39 Duke Street, Chester, CH1 1RP","Change of use from office to residential ",null,null,"Mr D Stoppard","Peter Miller mtpuk1@yahoo.com","Ed Shepherd","PDL","Change of use","C3","NO",null,null,"NO","Yes","Windfall",null,{"$error":"#DIV/0!"},null,"18/04643/FUL","Full",null,null,"2018-11-22","2019-02-11","2021-02-11",1,0,1,{"$nulls":10},0,null,null,1,null,0,1,null,1,{"$nulls":3},"2019: Not started","Not started",null,"New permission. Forecasting assumptions applied.",null,"New",null,1,null,null,1,{"$nulls":10},1,1]
["Y",null,null,"CHC/0182","Chester City",null,"Chester",null,"12 Abbey Square, Chester, CH1 2HU","Change of use from offices into residential accommodation and external modifications (4-beds)",{"$nulls":5},"PDL","Change of use","C3","NO",null,null,"NO","Yes","Windfall",{"$nulls":3},"17/02962/FUL","Full",null,null,"2017-07-07","2017-09-06","2020-09-06",1,0,1,{"$nulls":10},0,null,null,1,null,0,1,null,1,{"$nulls":3},"2018: Not started\n2019: Not started","Not started",null,"Building in alternative use. Forecasts reviewed and removed from deliverable supply.",null,"-","Alternative use",0,{"$nulls":13},0,0,{"$nulls":31},{"$f":"SUM(CE79:DD79)","v":0}]
["Y","Y",null,"CHC/0183","Chester City",null,"Chester",null,"Land at Volunteer Street (Grid Ref 340672 366057), Chester","Demolition of warehouse and erection of four storey building for 8 apartments with car parking, bin store, associated ground and landscape works",{"$nulls":5},"PDL","New build","C3","NO",null,null,"NO","No","Windfall",null,{"$f":"SUM(AI80/Y80)","v":{"$error":"#DIV/0!"}},null,"17/02631/FUL","Full",null,null,"2017-06-15","2017-08-10","2020-08-10",8,0,8,{"$nulls":10},0,null,8,null,null,0,8,null,8,"BLPU says 1 unit is complete and in use - site visit required. ","2(variation). November 2017. 17/04329/S73\n3.4.8.12.13.14.15. pending 18/00803/DIS",null,"2018: Not started\n2019: Under construction","Under construction","2019:First floor steel work complete","Site under construction. Forecasts exceeded - reviewed and updated based on planning status and development progress.",null,"+","Delivery timescale <",8,null,8,{"$nulls":11},8,8,{"$nulls":31},0]
["Y",null,null,"CHC/0184","Chester City",null,"Chester",null,"27 White Friars, Chester, CH1 1NZ","Conversion from office to a single private dwelling",{"$nulls":5},"PDL","Change of use","C3","NO",null,null,"NO","Yes","Windfall",{"$nulls":3},"17/04868/PDO","PDO",null,null,"2017-11-13","2017-12-07","2020-12-07",1,0,1,{"$nulls":10},0,null,null,1,null,0,1,null,1,{"$nulls":3},"2018: Not started\n2019: Not started","Not started",null,"Site not started. Forecasts reviewed and updated based on planning status and development progress.",null,"-","Delivery timescale >",1,null,null,1,{"$nulls":10},1,1,{"$nulls":31},0]
["Y",null,null,"CHC/0185","Chester City",null,"Chester",null,"1 Kings Buildings, King Street, Chester, CH1 2AJ","Change of use of upper floors to two apartments and associated works.",{"$nulls":5},"PDL","Change of use","C3","NO",null,null,"NO","Yes","Windfall",{"$nulls":3},"17/01103/FUL","Full",null,null,"2017-03-13","2017-05-03","2020-05-03",2,0,2,{"$nulls":10},0,null,null,2,null,0,2,null,2,{"$nulls":3},"2018: Not started\n2019: Not started","Not started",null,"Site not started. Forecasts reviewed and updated based on planning status and development progress.",null,"-","Delivery timescale >",2,null,null,2,{"$nulls":10},2,2,{"$nulls":31},0]
["Y","Y",null,"CHC/0197","Chester City",null,"Chester",null,"3 Hunters Walk (AMG Nursing & Care Services), Canal Street, Chester, CH1 4EB","Conversion of office building to three residential flats",{"$nulls":5},"PDL","Change of use","C3","NO",null,null,"NO","Yes","Windfall",{"$nulls":3},"17/03407/PDO","PDO",null,null,"2017-08-07","2017-09-01","2020-09-01",3,0,3,{"$nulls":10},0,null,3,null,null,0,3,null,3,{"$nulls":3},"2018: Not started\n2019: Under construction","Under construction","2018:Premises marketed","Site under construction. Forecasts exceeded - reviewed and updated based on development status.",null,"+","Delivery timescale <",3,null,3,{"$nulls":11},3,3,{"$nulls":31},0]
["Y",null,null,"CHC/0200","Chester City",null,"Chester",null,"68 Watergate Street, Chester, CH1 2LA","Office conversion to provide 1 bedroom apartment",{"$nulls":5},"PDL","Change of use","C3","NO",null,null,"NO","Yes","Windfall",{"$nulls":3},"17/05307/FUL","Full",null,null,"2017-12-14","2018-03-29","2021-03-29",1,0,1,{"$nulls":10},0,null,null,1,null,0,1,null,1,{"$nulls":3},"2019: Not started","Not started",null,"New permission. Forecasting assumptions applied.",null,"New",null,1,null,null,1,{"$nulls":10},1,1,{"$nulls":31},0]
["Y",null,null,"CHC/0213","Chester City",null,"Chester",null,"29 White Friars, Chester, CH 1 1NZ","Change of use from store rooms to one residential unit and shop",{"$nulls":5},"PDL","Change of use","C3","NO",null,null,"NO","No","Windfall",{"$nulls":3},"18/01933/PDO","PDO",null,null,"2018-05-17","2018-07-21","2021-07-21",1,0,1,{"$nulls":10},0,null,null,1,null,0,1,null,1,{"$nulls":3},"2019: Not started","Not started",null,"New permission. Forecasting assumptions applied.",null,"New",null,1,null,null,1,{"$nulls":10},1,1]
["Y","Y",null,"CHC/0219","Chester City",null,"Chester",null,"Concorde House, 6 Canal Street, Chester, CH1 4EJ ","Change of use from Class B1(a) office use to Class C3 dwellinghouses to form 32no apartments","Blueoak Estates (Deva) Ltd",null,"Blueoak Estates (Deva) Ltd - Mr Iain Maclean / Gareth Pritchard",null,"Ben Greenwood","PDL","Change of use","C3","NO",null,null,"No","YES","Windfall",{"$nulls":3},"18/03988/PDO","PDO",null,null,"2018-10-10","2019-02-22","2022-02-22",32,0,32,{"$nulls":10},0,null,null,32,null,0,32,null,32,{"$nulls":3},"2019: Not started","Not started",null,"New permission. Relocation of existing offices confirmed. Forecasting assumptions applied.",null,"New",null,32,{"$nulls":3},32,{"$nulls":9},32,32]
["n/a","n/a",null,"CHV/0","Chester Villages","Christleton","Rural","Christleton","Christleton Hall, Pepper Street, Christleton, CH3 7AB",{"$nulls":3},"The University of Law","Lichfields-Oonagh Cranley oonagh.cranley@lichfields.co.uk",null,"GBPDL","New build","C3","NO",null,null,"NO","No","Windfall",5.14,{"$f":"SUM(AI87/Y87)","v":0},"17/04127/FUL (refused)\n18/03803/FUL (refused)",{"$nulls":9},0,{"$nulls":10},0,{"$nulls":4},0,0,null,0,{"$nulls":7},"Full planning application received 25 Sep 2017 pending decision\nGreen Belt location - redevelopment of brownfield site\nNO CHANGE TO FORECAST- No units forecast in years 1 to 5\nCurrent position:\nApplication refused 16 April 2018\nRe-submission of application 17/04127/FUL received 1 Oct 2018",null,null,0,{"$nulls":13},0,0,{"$nulls":31},{"$f":"SUM(CE87:DD87)","v":0}]
["Y","Y",null,"CHV/0003","Chester Villages","Mickle Trafford","Rural","Mickle Trafford","Land at The Orchard, Warrington Road, Mickle Trafford, Chester","One (1) new dwelling",{"$nulls":3},"Mr John Jackson",null,"GBPDL","New build","C3","YES",null,null,"NO","No","Garden land",0.05,{"$f":"SUM(AI88/Y88)","v":20},null,"11/00621/FUL","Full",{"$nulls":3},"2011-06-06","2014-06-06",1,0,1,{"$nulls":10},0,null,1,null,null,0,1,null,1,{"$nulls":3},"2016-2018: Stalled\n2019: Stalled","Stalled","2019:no planning status and development progress","Site stalled. Not included in deliverable supply.",null,"=",null,0,{"$nulls":6},1,{"$nulls":6},1,1,{"$nulls":31},0]
["Y","Y",null,"CHV/0006A","Chester Villages","Christleton","Rural",null,"Adjacent The Cheshire Cat (#2), Whitchurch Road, Christleton","Erection of 10 affordable dwellings, associated car parking, landscaping and supporting infrastructure ","Blueoak Estates",null,"Blueoak Estates (Christleton) Ltd","HOW Planning-Rachel Jones rachel.jones@howplanning.com",null,"GBGF","New build","C3","NO",null,null,"NO","No","Rural exception",{"$nulls":3},"17/00201/FUL","Full",null,null,"2017-01-17","2017-04-06","2020-04-06",10,0,10,null,10,{"$nulls":9},0,6,4,0,{"$f":"AW89-AZ89","v":0},10,null,10,null,"5. 18/01032/DIS\n3.4. 18/01128/DIS May 2018",null,"2018: Not started\n2019: Under Construction","Under construction",null,"Site under construction. Forecasts reviewed and updated based on planning status, development progress, and forecasting information.",null,"+","Delivery rate >\nDelivery timescale <",10,null,10,{"$nulls":11},10,10,{"$nulls":31},0]
["n/a","n/a",null,"CHV/0013","Chester Villages","Christleton","Rural",null,"White Lane Depot, White Lane, Christleton","BLR site",{"$nulls":5},"GBPDL","New build","C3","NO",null,null,"NO","No","BLR",0.26,{"$nulls":9},5,null,5,{"$nulls":10},{"$f":"SUM(AN90:AU90)+BA90","v":0},{"$nulls":4},{"$f":"SUM(AW90-AZ90)","v":0},0,5,5,{"$nulls":6},"Included on Brownfield Land Register.\nNot included in deliverable supply. No change to forecasts required.",{"$nulls":3},0,{"$nulls":6},2,3,{"$nulls":5},5,5,{"$nulls":31},0]
["n/a","n/a",null,"CHV/0052","Chester Villages","Mickle Trafford","Rural",null,"Fildes Builders Merchants, Warrington Road, Mickle Trafford","Business in active use - new application for mezzainine extension to increase floorspace of sales building",{"$nulls":5},"GBPDL","New build","C3","NO",null,null,"NO",null,"HELAA",1.11,{"$f":"SUM(AI91/Y91)","v":0},{"$nulls":10},0,{"$nulls":10},0,{"$nulls":4},0,0,null,0,{"$nulls":10},0,{"$nulls":13},0,0,{"$nulls":31},0]
["Y","Y",null,"CHV/0064","Chester Villages","Rowton","Rural",null,"Promised Land Farm, Promised Land Lane, Rowton, Chester","Conversion of farm buildings to one (1) dwelling. Extension of time to implement permission",{"$nulls":3},"Sandra Murray & Associates: Sandra Lea-Murray",null,"GF","Change of use","C3","NO",null,null,"YES","No","Windfall",0.41,2.4390243902439024,"09/11958/FUL  12/04484/EXT\n15/04010/FUL (02/11/2018)",null,"Expired",{"$nulls":5},1,0,1,{"$nulls":10},0,{"$nulls":4},0,0,null,0,{"$nulls":3},"2017-2018: Not started\n2019: Not started","Not started","2018:Permission expires 2018","Permission expired. Not included in deliverable supply - no change to forecasts required.",null,"=","Permission expired",0,{"$nulls":13},0,0,{"$nulls":31},0]
["Y",null,null,"CHV/0071","Chester Villages","Waverton","Rural",null,"Hidden Meadow, Brown Heath Road, Waverton, CH3 7PN","Two (2) detached dwellings with garages and associated works",{"$nulls":3},"McCormick Architecture (Philip McCormick)",null,"PDL","New build","C3","NO",null,null,"NO","No","Windfall",0.48,4.166666666666667,"13/01144/FUL (06/05/2016)","15/01452/S73","Full",{"$nulls":3},"2015-06-08","2018-06-08",2,0,2,{"$nulls":10},0,null,null,2,null,0,2,null,2,null,"6.7.9. 18/00881/DIS Pending",null,"2016-2018: Not started\n2019: Not started","Not started","2019:Not started","Site not started. DIS awaiting decision. Forecasts reviewed and updated based on planning status.",null,"+","Delivery timescale >",2,null,null,1,1,{"$nulls":9},2,2,{"$nulls":31},0]
["Y","n/a",null,"CHV/0078","Chester Villages","Christleton","Rural","Christleton","Land south of College House, Pepper Street, Christleton","Construction of one (1) one-bed detached dwelling",{"$nulls":3},"Tioman Developments Ltd / KDP Architects (Graham Powell)",null,"GBGF","New build","C3","NO",null,null,"NO","No","Windfall",0.01,100,"13/01907/FUL (08/05/2017)","17/02128/S73","Full",null,null,"2017-05-10","2017-07-27","2020-07-27",1,0,1,{"$nulls":10},1,1,{"$nulls":3},1,0,null,0,{"$nulls":3},"2016-2017: Not started\n2018: Under construction\n2019: Complete","Complete",null,"Site complete. Forecasts achieved.",null,"=",null,0,{"$nulls":13},0,0,1,{"$nulls":30},1]
["Y","Y",null,"CHV/0092","Chester Villages","Christleton","Rural","Christleton","The Moorings, Rowton Bridge Road, Christleton, CH3 7AE","Demolition of existing office buildings and erection of five (5) dwellings with associated parking and drive improvements (one single storey bungalow and 4 two storey houses)",{"$nulls":3},"Dean Bros (Chester) Ltd / McCormick Architecture: Mr P McCormick",null,"PDL","New build","C3","NO",null,null,"NO","No","HELAA",0.23,21.73913043478261,null,"13/00999/FUL","Full",null,null,"2013-03-06","2013-08-02","2016-08-02",5,0,5,{"$nulls":10},0,null,null,5,null,0,5,null,5,"S106 signed. Email correspondence from Philip McCormick - development to commence 2015/2016. Discharge of conditions 4,5,6,9,10,11 and 13 approved November 2015.","4-6.9-11.13. 15/03671/DIS Nov 2015\n16/01433/PAP. Building work started. 21 June 2016",null,"2015-2016: Not started\n2017: Development commenced\n2018: Stalled\n2019: Stalled","Stalled",null,"Site stalled. Not included in deliverable supply.",null,"=",null,0,{"$nulls":6},2,3,{"$nulls":5},5,5,{"$nulls":31},0]
["Y","Y",null,"CHV/0099","Chester Villages","Rowton","Rural","Rowton","Land at Moor Lane, Rowton, Chester, CH3 7QW","To sever part of curtilage and erect one detached dwelling",null,null,"Mr and Mrs David Mackenzie",null,null,"GBPDL","New build","C3","YES",null,null,"NO","No","Garden land",0.09,11.11111111111111,"09/11416/OUT  12/04136/OUT 15/03283/OUT","17/02977/REM","Full",null,null,"2017-07-10","2017-09-21","2019-09-21",1,0,1,{"$nulls":10},0,null,null,1,null,0,1,null,1,"13/03154/FUL for 5 dwellings (net gain of 4) refused 31/10/2013 - appeal in progress",null,null,"2017: Outline permission. No site visit\n2018: Not started\n2019: Not started","Not started",null,"Permission expires in next monitoring period. Forecasts reviewed and removed from deliverable supply.",null,"-","Permission expires 2019",0,{"$nulls":13},0,0,{"$nulls":31},0]
["Y",null,null,"CHV/0107","Chester Villages","Christleton","Rural","Christleton","Adjacent to 21 Hawthorn Road, Christleton, Chester","Demolition of existing garages and erection of one dwelling ",{"$nulls":5},"PDL","New build","C3","No",null,null,"NO","No","HELAA",{"$nulls":3},"18/04035/FUL","Full",null,null,"2018-10-16","2019-02-22","2022-02-20",1,0,1,{"$nulls":10},0,null,null,1,null,0,1,null,1,{"$nulls":3},"2019:Not started","Not started",null,"New permission. Forecasting assumptions applied.",null,"New",null,1,{"$nulls":3},1,{"$nulls":9},1,1]
["n/a","n/a",null,"CHV/0108","Chester Villages","Christleton","Rural","Christleton","Rear of Smiths Honda, White Lane, off Whitchurch Road, Christleton, CH3 6AE","Erection of four (4) affordable dwellings with associated gardens and parking",{"$nulls":3},"Smiths Honda: Miss Karen Smith / Michael Cunningham Architects: Miss Amber Johnson amber@mca.uk.com",null,"GBPDL","New build","C3","NO",null,null,"NO","No",null,0.36,{"$f":"SUM(AI98/Y98)","v":0},"14/01072/FUL (30/06/2017) Expired",{"$nulls":8},0,0,{"$nulls":10},0,{"$nulls":4},0,0,null,0,"AH Programme April 2015. Future supply",null,null,"2016-2018: Not started\n2019: Not started",{"$nulls":6},0,{"$nulls":13},0,0,{"$nulls":31},{"$f":"SUM(CE98:DD98)","v":0}]
["Y",null,null,"CHV/0112","Chester Villages","Waverton","Rural","Waverton","Adjacent Snugborough, Whitchurch Road, Waverton","Erection of one (1) detached dwelling with garage and vehicular drive alterations",null,null,"Mr P Salt","Planscape - Lester Roberts lester@planscape.org.uk","Clare Appleyard","PDL","New build","C3","YES",null,null,"NO","No","Garden land",0.1,{"$f":"SUM(AI99/Y99)","v":10},"15/03572/OUT (17/12/2018)","18/02622/FUL","Full",null,null,"2018-07-06","2018-10-16","2021-10-16",1,0,1,{"$nulls":10},0,null,null,1,null,0,1,null,1,{"$nulls":3},"2019: Not started","Not started","2019: site has been fenced off","New revised permission. Forecasts reviewed based on planning status.",null,"New",null,1,null,null,1,{"$nulls":10},1,1,{"$nulls":31},0]
["Y","n/a","BLPU - IU","CHV/0113","Chester Villages","Waverton","Rural","Waverton","Land at 11 Fox Lane, Waverton, Chester","Erection of two semi detached dwellings. ",{"$nulls":3},"Willacy Horsewood Partnership - Kevin Horsewood\nkevin@willacyhorsewood.co.uk","Dave Cowell","PDL","New build","C3","YES",null,null,"NO","No","Garden land",0.04,{"$f":"SUM(AI100/Y100)","v":50},"18/02233/S73","15/04436/FUL","Full",null,null,"2015-10-28","2016-01-11","2019-01-11",2,0,2,{"$nulls":10},2,2,{"$nulls":3},2,0,null,0,null,"3.7.9-11. August 2016. 16/02800/DIS",null,"2016: Site cleared\n2017: Not started\n2018: Under construction\n2019: Complete","Complete",null,"Site complete. Forecasts achieved.",null,"=",null,0,{"$nulls":13},0,0,null,null,2,{"$nulls":28},2]
["Y","Y",null,"CHV/0116","Chester Villages","Mickle Trafford","Rural",null,"Roselea, Station Lane, Mickle Trafford, CH2 4EH","Conversion and alteration of existing garage to dwelling and construction of new vehicular access for Roselea",{"$nulls":5},"PDL","Change of use","C3","NO",null,null,"NO","No","Windfall",0.07,{"$f":"SUM(AI101/Y101)","v":14.285714285714285},null,"16/02232/FUL","Full",null,null,"2016-05-27","2016-08-05","2019-08-05",1,0,1,{"$nulls":10},0,null,null,1,null,0,1,null,1,{"$nulls":3},"2017-2018: Not started\n2019: Not started","Not started",null,"Permission expires in next monitoring period. Forecasts reviewed and removed from deliverable supply.",null,"-","Permission expires 2019",0,{"$nulls":13},0,0,{"$nulls":31},0]
["Y","Y",null,"CHV/0118","Chester Villages","Picton","Rural",null,"Lower Hall Farm (barns), Picton Lane, Chester, CH2 4HE","Conversion of traditional agricultural brick barn to 2 residential dwellings with associated gardesn, parking and landscaping",{"$nulls":5},"GF","Change of use","C3","NO",null,null,"YES","No","Windfall",null,{"$f":"SUM(AI102/Y102)","v":{"$error":"#DIV/0!"}},null,"16/04421/FUL","Full",null,null,"2016-09-29","2016-11-14","2019-11-14",2,0,2,{"$nulls":10},0,null,2,null,null,0,2,null,2,{"$nulls":3},"2017:Not started\n2018:Under construction\n2019: Under construction","Under construction",null,"Site under construction. Forecasts reviewed and unchanged based on development progress.",null,"=",null,2,null,2,{"$nulls":11},2,2,{"$nulls":31},0]
["Y",null,null,"CHV/0119","Chester Villages","Mickle Trafford","Rural","Mickle Trafford","Picton Hall Farm (outbuilding), Picton Lane, Picton, CH2 4HE ","2017:Change of use of ancillary out buildings into 2no. residential units, including mini below ground sewage treatment plant \n2019:Conversion of existing farm buildings to form 4 residential units",{"$nulls":5},"GF","Change of use","C3","NO",null,null,"YES","No","Windfall",null,null,"16/05186/FUL (30/02/2020)","18/01539/FUL","Full",null,null,"2018-04-20","2018-12-10","2021-12-10",4,0,4,{"$nulls":10},0,null,null,4,null,0,4,null,4,{"$nulls":3},"2019: Not started","Not started",null,"New revised permission. Forecasts reviewed and updated based on planning status.",null,"+","New permission",4,null,null,2,2,{"$nulls":9},4,4,{"$nulls":31},0]
["Y",null,null,"CHV/0120","Chester Villages","Christleton","Rural","Christleton","High Walls Cottage, Birch Heath Lane, Christleton, CH3 7AP","Conversion of former carriage building to single dwelling",{"$nulls":5},"PDL","Change of use","C3","NO",null,null,"NO","No","Windfall",{"$nulls":3},"17/00813/FUL","Full",null,null,"2017-02-27","2017-07-25","2020-07-25",1,0,1,{"$nulls":10},0,null,null,1,null,0,1,null,1,{"$nulls":3},"2018: Not started\n2019: Not started","Not started",null,"Not started. Forecasts reviewed and updated based on planning status and development progress.",null,"-","Delivery timescale >",1,null,null,1,{"$nulls":10},1,1,{"$nulls":31},0]
["Y",null,null,"CHV/0121","Chester Villages","Waverton","Rural",null,"Land at 41-43 Eggbridge Lane, Waverton, Chester","Erection on 1 two-storey detched dwelling  and detched garage",{"$nulls":5},"GF","New build","C3","NO",null,null,"NO","No","Windfall",{"$nulls":3},"17/02362/FUL","Full",null,null,"2017-06-20","2017-08-15","2020-08-15",1,0,1,{"$nulls":10},0,null,null,1,null,0,1,null,1,{"$nulls":3},"2018: Not started\n2019: Not started","Not started",null,"Forecasts reviewed and updated based on planning status and development progress.",null,"-","Delivery timescale >",1,null,null,1,{"$nulls":10},1,1,{"$nulls":31},0]
["Y","n/a",null,"CHV/0122","Chester Villages","Mickle Trafford","Rural",null,"Spring Farm (outbuildings), Hallsgreen Lane, Wimbolds Trafford","Change of use of annex to create separate dwelling and single storey extension to the front",{"$nulls":5},"PDL","Change of use","C3","NO",null,null,"NO","No","Windfall",{"$nulls":3},"17/02015/FUL","Full",null,null,"2017-05-03","2017-08-29","2020-08-29",1,0,1,{"$nulls":10},1,1,{"$nulls":3},1,0,null,0,{"$nulls":3},"2018: Not started\n2019: Complete","Complete",null,"Site complete. Forecasts exceeded.",null,"+","Delivery timescale <",0,{"$nulls":13},0,0,{"$nulls":3},1,{"$nulls":27},1]
["Y",null,null,"CHV/0123","Chester Villages","Mickle Trafford","Rural",null,"Mill Brook Farm, Ince Lane, Wimbolds Trafford ","Conversion of farm building to create one (1) dwellings",{"$nulls":5},"GF","Change of use","C3","NO",null,null,"YES","No","Windfall",{"$nulls":3},"17/04583/FUL","Full",null,null,"2017-10-24","2017-12-14","2020-12-14",1,0,1,{"$nulls":10},0,null,null,1,null,0,1,null,1,{"$nulls":3},"2018: Not started\n2019: Not started","Not started",null,"Forecasts reviewed and updated based on planning status and development progress.",null,"-","Delivery timescale >",1,null,null,1,{"$nulls":10},1,1,{"$nulls":31},0]
["Y","Y",null,"CHV/0124","Chester Villages","Picton","Rural",null,"Picton Gorse Farm (barns), Ash Hay Lane, Picton, CH2 4JU","Convert two traditional brick barns into 7 residential dwellings (Phase 1 - units 1 to 5, and Phase 2 - units 6 and 7) and convert the more modern agricultural building in phase 3 (units 8 to 12), extension to wall with associated landscaping and parking. ","Bespoke Group",null,"Mrs D McConnell","Mrs Jo Redmond",null,"GF","Change of use","C3","NO",null,null,"YES","No","Windfall",null,null,"17/01992/NMA\n18/01625/S73\n18/01982/S73","17/00384/FUL","Full",null,null,"08/020/2017","2017-04-05","2020-04-05",11,0,11,{"$nulls":10},7,7,null,4,null,7,4,null,4,"18/01625/S73 - plans, access, landscape",null,null,"2018:Under construction\n2019:Under construction","Under construction",null,"Site under construction. Forecasts exceeded - reviewed and updated based on planning status and development progress.",null,"+","Delivery timescale <",4,null,null,4,{"$nulls":10},4,4,null,null,7,{"$nulls":28},7]
["Y",null,null,"CHV/0126","Chester Villages","Mickle Trafford","Rural","Mickle Trafford","Hill View Farm, Warrington Road, Mickle Trafford, CH2 4EA","Erection of one residential dwelling and replacement garage",{"$nulls":5},"GBGF","New build","C3","Yes",null,null,"NO","No","Windfall",null,null,"17/00140/OUT (18/04/2017)","17/04908/REM","Full",null,null,"2017-11-15","2018-01-26","2020-01-26",1,0,1,{"$nulls":10},0,null,null,1,null,0,1,null,1,{"$nulls":3},"2018:Development started\n2019:Site cleared","Development commenced",null,"Forecasts reviewed and unchanged based on development progress.",null,"=",null,1,null,1,{"$nulls":11},1,1,{"$nulls":31},0]
["Y",null,"BLPU - IU","CHV/0128","Chester Villages","Wimbolds Trafford","Rural",null,"Hall Farm (barns), Ince Lane, Wimbolds Trafford, Chester, CH2 4JP  ","Barn conversion into four dwellings. New access from road to maintain access to land also owned by applicants.",{"$nulls":5},"GF","Change of use","C3","NO",null,null,"YES","No","Windfall",{"$nulls":3},"17/03467/FUL","Full",null,null,"2017-08-11","2018-01-09","2021-01-09",4,0,4,{"$nulls":10},0,null,null,4,null,0,4,null,4,{"$nulls":3},"2018: Not started\n2019: Not started","Not started",null,"Forecasts reviewed and unchanged based on planning status.",null,"=",null,4,null,null,2,2,{"$nulls":9},4,4,{"$nulls":31},0]
["Y","n/a",null,"CHV/0129","Chester Villages","Waverton","Rural",null,"29 Brown Heath Road, Chester, CH3 7PP ","Demolish existing house and erect two pairs of semi-detached houses (four dwellings) ",{"$nulls":5},"PDL","New build","C3","YES",null,null,"NO","No","Garden land",{"$nulls":3},"15/03670/FUL","Full",null,"Allowed","2015-09-07","2017-01-18","2020-01-18",4,1,3,{"$nulls":9},-1,3,4,{"$nulls":3},4,0,null,0,null,"4.7.9-12.15. January 2018. 17/04163/DIS\n15 Jan 2018 18/03367/DIS",null,"2018: Under construction\n2019: Complete","Complete",null,"Site complete. Forecasts exceeded.",null,"+","Delivery timescale <",0,{"$nulls":13},0,0,{"$nulls":3},4,{"$nulls":27},4]
["Y","Y",null,"CHV/0132","Chester Villages","Rowton","Rural",null,"Land at Moor Cottage, Moor Lane, Rowton, Chester","Erection of one dwelling",null,null,"Mr J Hunt",null,"Bethan Armstrong","PDL","New build","C3","YES",null,null,"NO","No","Garden land",{"$nulls":3},"18/03467/FUL ","Full",null,null,"2018-09-04","2018-12-06","2021-12-06",1,0,1,{"$nulls":10},0,null,1,null,null,0,1,null,1,{"$nulls":3},"2019: Under construction","Under construction",null,"New site under construction. Forecasts based on planning status and development progress.",null,"New",null,1,null,1,{"$nulls":11},1,1]
["n/a","n/a",null,"DAM/0002","Davenham and Moulton","Davenham","Northwich",null,"Land to rear of 42 to 44 Firthfields Close, Davenham",{"$nulls":6},"GF",{"$nulls":7},"HELAA",0.14,{"$f":"SUM(AI113/Y113)","v":0},{"$nulls":10},0,{"$nulls":10},0,{"$nulls":4},0,0,null,0,{"$nulls":10},0,{"$nulls":13},0,0,{"$nulls":31},{"$f":"SUM(CE113:DD113)","v":0}]
["Y",null,null,"DAM/0004","Davenham and Moulton","Davenham","Rural",null,"Rear of 10 Fairholme Road (Rayleigh Avenue), Davenham, Northwich","One (1) new dwelling (Rayleigh Avenue)",{"$nulls":3},"Initiatives Architects Ltd (Russell Afzal)",null,"PDL","New build","C3","YES",null,null,"NO","No","Garden land",0.02,{"$f":"SUM(AI114/Y114)","v":50},"08-0378-FUL 11/02090/EXT  14/02462/OUT","17/01937/REM","Full",null,null,"2017-04-27","2017-07-26","2019-07-26",1,0,1,{"$nulls":10},0,null,null,1,null,0,1,null,1,{"$nulls":3},"2017: Outline permission.No site visit\n2018: Not started\n2019: Not started","Not started",null,"Forecasts reviewed and updated based on development status.",null,"-","Delivery timescale >",1,null,null,1,{"$nulls":10},1,1,{"$nulls":31},0]
["Y","n/a",null,"DAM/0012","Davenham and Moulton","Kingsmead","Northwich",null,"HILL TOP GRANGE, Land at Hill Top Farm, Chester Road / ByPass Road, Davenham, Northwich, CW9 8JU","Residential development of 113 dwellings with associated public open space, landscaping, highways and parking.","Stewart Milne","Torus Housing Group","Russel Homes Limited, Mr Robert Matthews, Mr And Mrs Igoe","Emery Planning Partnership Ltd - Alison Freeman",null,"GF","New build","C3","NO",null,null,"NO","No","Windfall",3.85,{"$f":"SUM(AI115/Y115)","v":30.129870129870127},"13/05006/FUL\n16/03335/S73\n16/05410/S73","15/01688/FUL","Full",null,"Allowed","2013-11-18","2015-09-03","2018-09-03",116,null,116,null,34,{"$nulls":6},38,63,116,15,{"$nulls":3},15,0,null,0,"Allowed on appeal - 30000528\n2016 permission: 16x3bed and 63x4+ bed market houses / 2x2 bed (houses) and 15x1bed flat - social rented / 5x2bed and 12x3 bed intermediate houses\nDischarge of conditions 11,21 and 22 approved 16/03350/DIS\n16/05410/S73 - change to house type 37-51 and 68-7","3-5.7.9.10.13.16-19.23-27. June 2016. 15/04127/DIS\n12. June 2016. 15/04030/DIS\n11.21.22. Nov 2016. 16/03350/DIS\n27. Feb 2017. 16/04278/DIS",null,"2016: Development started\n2017: Under construction\n2018:Under construction\n2019: Complete","Complete","2018:delivery greater than 2016/2017 forecast","Site complete. Forecasts achieved.",null,"=",null,0,{"$nulls":13},0,0,{"$nulls":20},6,6,3,{"$nulls":8},15]
["Y",null,null,"DAM/0014","Davenham and Moulton","Kingsmead","Northwich",null,"Land at 2 Leftwich Farm, Dobells Road, Northwich","Erection of four (4) four-bed detached dwellings",{"$nulls":3},"Richard Vickers",null,"GF","New build","C3","NO",null,null,"YES","No","HELAA",0.24,{"$f":"SUM(AI116/Y116)","v":16.666666666666668},"11/03216/FUL\n18/03960/NMA (23/10/21)","15/04472/FUL","Full",null,null,"2015-10-29","2015-12-17","2018-12-17",4,0,4,{"$nulls":10},0,null,null,4,null,0,4,null,4,"S106 signed\nDemolition works complete. Phasing condition discharged. ","5.8 (phasing). 18/04141/DIS 21.11.2018",null,"2017-2018: Not started\n2019: Development commenced","Development commenced","2018:Permission expires 2018","Forecasts reviewed and updated based on planning status and development progress. Not included in deliverable supply.",null,"+","Delivery timescale <",4,null,null,2,2,{"$nulls":9},4,4,{"$nulls":31},0]
["Y",null,null,"DAM/0018","Davenham and Moulton","Northwich","Northwich",null,"Cherry Cottage, 25 Dobells Road, Northwich, CW9 8DT","Conversion, alterations & extensions to existing detached outbuilding to form a dwelling & erection of garage",{"$nulls":3},"T8 Design Ltd (Mr S Curwell)",null,"PDL","Change of use","C3","NO",null,null,"NO","No","Windfall",0.08,{"$f":"SUM(AI117/Y117)","v":12.5},"10/00466/FUL, 13/02548/EXT","16/04634/FUL","Full",null,null,"2016-10-13","2017-11-07","2020-11-07",1,0,1,{"$nulls":10},0,null,null,1,null,0,1,null,1,{"$nulls":3},"2016: Not started\n2017: Not started\n2018: Not started\n2019: Not started","Not started","2018:Resubmitted application approved","Forecasts reviewed and updated based on development status.",null,"-","Delivery timescale >",1,null,null,1,{"$nulls":10},1,1,{"$nulls":31},0]
["n/a","n/a",null,"DAM/0020","Davenham and Moulton","Davenham","Northwich",null,"Rear of 31-51 Church Street, Davenham, Northwich",{"$nulls":6},"GF",{"$nulls":7},"HELAA",1.207,{"$nulls":11},0,{"$nulls":10},0,{"$nulls":4},0,0,null,0,{"$nulls":10},0,{"$nulls":13},0,0,{"$nulls":31},0]
["Y","Y",null,"DAM/0023","Davenham and Moulton","Moulton","Rural","Moulton","HONEYVALE GARDENS-Land at Beehive Lane /Barnside Way, Moulton, Northwich","148 residential dwellings, open space and access of Barnside Way (off Summerfield Drive)\n16 dwellings replanned/replaced with 24 dwellings (site total = 156)","Bovis",null,null,"Richborough Estates / Harris Lamb:Mark Alcock mark.alcock@harrislamb.com. Bovis: Mrs Sam Jeavons (sam.jeavons@bovishomes.co.uk) / Matt Lacey (matthew.lacey@bovishomes.co.uk)",null,"GF","New build","C3","NO",null,null,"NO","No","HELAA",8.71,{"$f":"SUM(AI119/Y119)","v":17.91044776119403},"12/05668/OUT \n14/01727/S73 \n14/05255/DIS\n14/04800/REM","18/03044/FUL","Full",null,"Allowed","2018-08-06","2015-04-28","2017-04-28",156,0,156,null,44,{"$nulls":5},2,45,49,106,10,16,34,null,10,50,null,50,"Application refused 14/05/2013 and decision appealed by developer. Appeal allowed 30th Dec 2013. Reserved matters for 148 dwellings pending as at 1 April 2015 (Decision issued 28 April 2015). Bovis email: antici[ate start on site August 2015 in accordance with phasing plan MOUL-02-020. Email from Bovis - agree that 36 per year completions starting 2106/2017 reasonable 2015 NMA - Moving show home, no additional houses. \n17/02388/NMA - substitution of house types on plots 118 and 121","23 - 15/03292/NMA",null,"2015: Not started\n2016-2018: Under construction\n2019: Under construction (Phase 2)","Under construction","2018:Phase One complete. Phase Two under construction.\nSite delivery ahead of 2016/2017 forecast","Site under construction. Forecasts reviewed and updated based on planning status, development progress, and past delivery rates.",null,"=",null,50,null,24,26,{"$nulls":10},50,50,null,null,2,3,1,{"$nulls":9},2,2,{"$nulls":15},10]
["n/a","n/a",null,"DAM/0024","Davenham and Moulton","Davenham","Northwich",null,"Land at Mere Heath, Jack Lane, Davenham",{"$nulls":6},"GF",{"$nulls":7},"HELAA",2.61,{"$nulls":11},0,{"$nulls":10},0,{"$nulls":4},0,0,null,0,{"$nulls":10},0,{"$nulls":13},0,0,{"$nulls":31},0]
["n/a","n/a",null,"DAM/0026","Davenham and Moulton","Davenham","Northwich",null,"Land at Peckmill Farm, London Road, Davenham, Northwich",{"$nulls":6},"GF",{"$nulls":7},"HELAA",7.134,{"$nulls":11},0,{"$nulls":10},0,{"$nulls":4},0,0,null,0,{"$nulls":10},0,{"$nulls":13},0,0,{"$nulls":31},0]
["n/a","n/a",null,"DAM/0033","Davenham and Moulton","Davenham","Northwich",null,"Land at Green Lane Farm, Green Lane, Davenham",{"$nulls":6},"GF",{"$nulls":7},"HELAA",3.57,{"$nulls":11},0,{"$nulls":10},0,{"$nulls":4},0,0,null,0,{"$nulls":10},0,{"$nulls":13},0,0,{"$nulls":31},0]
["Y","Y",null,"DAM/0035","Davenham and Moulton","Northwich","Northwich",null,"Land at Dane Valley, Langley Road, Northwich","Residential development with associated public urban meadow and ancilliary development. Market: 169 dweliings; Social rented:36 dwellings; Intermediate: 37 dwellings (total of 242)","Bellway Homes Ltd (North West)",null,"Bellway Homes - Jane Aspinall","Ainscough Strategic Land / HOW Planning - Matthew Robinson (matthew.robinson@howplanning.com) - Outline only\nLichfields - Matt Grant matt.grant@lichfields.co.uk","Steven Holmes","GF","New build","C3","NO",null,null,"NO","No","HELAA",14.52,{"$f":"SUM(AI123/Y123)","v":15.633608815426998},"13/03676/OUT \n15/04302/S73\n15/02374/REM (21/7/2016)\nRewording 4.10.11.24.34. 18/04540/NMA Dec 2018\n15/02379/FUL new access road","17/02704/REM ","Full","APP/A0665/W/18/3213183","Allowed","2015-06-05","2019-03-21","2021-03-21",227,0,227,null,68,{"$nulls":8},0,null,null,227,null,0,227,null,227,"Strategic Planning Committee 21/11/2013. S106 signed July 2014. Taylor Wimpey to submit REM May / June 2015 (may be reduced number of dwellings) Steven Holmes (DM Case Officer). HOW Planning delivery forecast information: Start on site early 2016. 40/50 units per annum\nREM allowed on appeal March 2019. ","6.11.13.14.18.19.26.28.29.32-36. (15/04302/S73) 18/00433/DIS June 2018\n34. 18/04541/DIS Feb 2019\n6.7.11.12. 19/00797/DIS pending",null,"2017: Not started\n2018: Not started. Expires 2018. New app awaiting decision\n2019: Not started","Not started","2019: Conditions discharged. Forecatas received from Planning Manager - exceed Council's forecasts that used general assumptions. Winsford Bellway site has delivered similar completions.\nPlace North West 01 July 2019","Forecasts reviewed and updated based on planning status, development progress, and forecasting information.",null,"+","Delivery rate >\nDelivery timescale <",208,null,null,37,57,55,59,19,{"$nulls":6},227,227,{"$nulls":31},0]
["Y","n/a","Y - BLPU-IU","DAM/0036","Davenham and Moulton","Davenham","Northwich",null,"Land at 28 Church Street, Davenham, Northwich","Erection of 16 dwellings including 4 apartments and alteration of existing landscaping works and creation of informal space",null,null,"Tesni Properties Ltd - John Beardsell\nXPG1 Ltd","Roman Summer Associates Ltd - Richard Gee\nGoodwin Planning Services Ltd - Steve Goodwin",null,"GF","New build","C3","NO",null,null,"No","No","HELAA",0.57,{"$f":"SUM(AI124/Y124)","v":28.070175438596493},"14/02349/FUL\n18/01247/NMA","17/00545/FUL","Full",null,"Allowed","2017-02-13","2017-07-26","2020-07-26",16,0,16,null,4,{"$nulls":8},16,16,{"$nulls":3},16,0,null,0,"Allowed on appeal - 3005148\n18/01247/NMA - surface material","5.7.8.12.14.15. December 2017. 17/04182/DIS",null,"2016: Not started\n2017: Not started\n2018: Under construction\n2019: Complete\n2019: Plots 6, 13 and 14 complete - BLPU","Complete","2018:Site delivering ahead of 2016/2017 forecasts","Site complete. Forecasts achieved.",null,"=",null,0,{"$nulls":13},0,0,null,null,2,6,4,{"$nulls":16},4,{"$nulls":9},16]
["n/a","n/a",null,"DAM/0037","Davenham and Moulton","Davenham","Northwich",null,"Land to rear of 485 - 501 London Road, Davenham",{"$nulls":6},"GF",{"$nulls":7},"HELAA",2.942,{"$nulls":11},0,{"$nulls":10},0,{"$nulls":4},0,0,null,0,{"$nulls":10},0,{"$nulls":13},0,0,{"$nulls":31},0]
["n/a","n/a",null,"DAM/0038(a)","Davenham and Moulton","Davenham","Northwich",null,"Land at 44 Church Street, Shipbrook Road, Davenham","BLR site",{"$nulls":5},"PDL","New build","C3","NO",null,null,"NO","No","BLR",0.27,{"$nulls":9},17,null,17,{"$nulls":10},0,{"$nulls":4},0,0,17,17,{"$nulls":6},"Included on Brownfield Land Register.\nNot included in deliverable supply. No change to forecasts required.",null,"=",null,0,{"$nulls":9},5,6,6,null,17,17,{"$nulls":31},0]
["n/a","n/a",null,"DAM/0039","Davenham and Moulton","Davenham","Northwich",null,"Land at Davenham By Pass, Church Street / Shipbrook Road, Davenham",{"$nulls":6},"GF",{"$nulls":7},"HELAA",1.787,{"$nulls":11},0,{"$nulls":10},0,{"$nulls":4},0,0,null,0,{"$nulls":10},0,{"$nulls":13},0,0,{"$nulls":31},0]
["n/a","n/a",null,"DAM/0040","Davenham and Moulton","Davenham","Northwich",null,"Land to rear of 14 - 30 Church Street, Davenham",{"$nulls":6},"GF",{"$nulls":7},"HELAA",0.49,{"$nulls":11},0,{"$nulls":10},0,{"$nulls":4},0,0,null,0,{"$nulls":10},0,{"$nulls":13},0,0,{"$nulls":31},0]
["n/a","n/a",null,"DAM/0043","Davenham and Moulton","Moulton","Northwich",null,"Land to south east of Jack Lane, Moulton",{"$nulls":6},"GF",{"$nulls":7},"HELAA",3.171,{"$nulls":11},0,{"$nulls":10},0,{"$nulls":4},0,0,null,0,{"$nulls":10},0,{"$nulls":13},0,0,{"$nulls":31},0]
["n/a","n/a",null,"DAM/0044","Davenham and Moulton","Davenham","Northwich",null,"Land to south of Rayleigh Avenue, Davenham",{"$nulls":6},"GF",{"$nulls":7},"HELAA",5.811,{"$nulls":11},{"$f":"AI130-AJ130","v":0},{"$nulls":10},0,{"$nulls":4},0,{"$f":"SUM(AX130+AY130)","v":0},null,{"$f":"SUM(BC130+BB130)","v":0},{"$nulls":10},{"$f":"SUM(BQ130:BU130)","v":0},{"$nulls":13},{"$f":"SUM(BQ130:CA130)","v":0},{"$f":"SUM(BQ130:CB130)","v":0},{"$nulls":31},0]
["n/a","n/a",null,"DAM/0054(a)","Davenham and Moulton","Northwich","Northwich",null,"Rear of The Salt Museum, London Road, Northwich","BLR site",{"$nulls":5},"PDL","New build","C3","NO",null,null,"NO","No","BLR",0.26,{"$f":"SUM(AI131/Y131)","v":69.23076923076923},{"$nulls":8},18,0,18,{"$nulls":10},0,{"$nulls":4},0,0,18,18,{"$nulls":6},"Included on Brownfield Land Register.\nNot included in deliverable supply. No change to forecasts required.",null,"=",null,0,{"$nulls":9},6,6,6,null,18,18,{"$nulls":31},0]
["n/a","n/a",null,"DAM/0055","Davenham and Moulton","Davenham","Northwich",null,"Land at London Road, Davenham, CW9 8HN",{"$nulls":6},"GF",{"$nulls":7},"HELAA",2.238,{"$nulls":11},0,{"$nulls":10},0,{"$nulls":4},0,0,null,0,{"$nulls":10},0,{"$nulls":13},0,0,{"$nulls":31},0]
["Y","n/a","BLPU - IU","DAM/0060","Davenham and Moulton","Davenham","Rural",null,"Whatcroft Hall (barn) - The Secret Garden, Whatcroft Hall Lane, Davenham, Northwich","Change of use of an existing barn building to residential unit to include small extension and associated detached garage",{"$nulls":3},"Cheshire Planning Solutions",null,"GF","Change of use","C3","NO",null,null,"YES",null,"Windfall",0.52,{"$f":"SUM(AI133/Y133)","v":1.923076923076923},"17/00434/S73","14/02759/FUL","Full",null,null,"2014-06-30","2014-10-24","2017-10-24",1,0,1,{"$nulls":10},1,1,{"$nulls":3},1,0,null,0,"17/00074/FP - Feb 17 conditionally approved - no completion cert\n17/00434/S73 - pending vary condition 2 (plans)",null,null,"2016-2017:Not started\n2018:Under construction\n2019: Complete","Complete",null,"Site complete. Forecasts achieved.",null,"=",null,0,{"$nulls":13},0,0,null,1,{"$nulls":29},1]
["n/a","n/a",null,"DAM/0062","Davenham and Moulton","Davenham","Northwich",null,"Land to rear of 62 - 80 Green Avenue, Davenham",{"$nulls":6},"GF",{"$nulls":7},"HELAA",2.044,{"$nulls":11},0,{"$nulls":10},0,{"$nulls":4},0,0,null,0,{"$nulls":10},0,{"$nulls":13},0,0,{"$nulls":31},0]
["Y","Y",null,"DAM/0066","Davenham and Moulton","Davenham","Northwich",null,"WILDINGS CROFT - Land at Fountain Lane Farm, Fountain Lane, Davenham, Northwich","Residential development of up to 70 dwellings with associated access.\nReserved matters (appearance, layout, landscape and scale) approved for 70 dwellings","Bellway Homes Ltd (North West)",null,"Outline - Richborough Estates Ltd\nREM - Bellway Homes Ltd","Turley - Mrs Karin Hartley (karin.hartley@turley.co.uk) / (angela.reeve@turley.co.uk)\nREM application - Nathaniel Lichfield & Partners (Kristie Hopcroft)",null,"GF","New build","C3","NO",null,null,"NO","No","Windfall",5.36,{"$f":"SUM(AI135/Y135)","v":13.059701492537313},"14/02130/OUT 17/05366/NMA 17/05367/NMA\n18/03549/NMA","16/05554/REM","Full",null,"Allowed","2016-12-15","2017-03-08","2020-03-08",70,0,70,null,21,{"$nulls":8},29,29,20,21,null,29,41,null,41,"Allowed on appeal - 2226994\n17/05366/NMA - Relocation of substation\n17/05367/NMA - relocation of pump station\n2019: BLPU 11 units complete - Site visit needed\n18/03549/NMA - Bricks","8-10. January 2018. 17/01340/DIS\n5.7.11. pending. 17/01899/DIS\n6. March 2018. 18/00809/DIS",null,"2016: Outline permission.No site visit\n2017: Not started\n2018: Development commenced\n2019: Under construction","Under construction","Site sold by Richborough Estates to Bellway Homes. Place North West 31 May 2017\nSite under construction (March 2018)\n2018:Site delivering ahead of 2016/2017 forecasts","Site under construction. Forecasts exceeded - reviewed and updated based on planning status, development progress, and forecasting information.",null,"+","Delivery rate >\nDelivery timescale <",41,null,26,15,{"$nulls":10},41,41,null,null,3,15,1,{"$nulls":9},4,2,{"$nulls":4},4,{"$nulls":10},29]
["Y","n/a",null,"DAM/0069","Davenham and Moulton","Davenham","Rural",null,"Shipbrook Road Farm, Shipbrook Road, Davenham, Northwich, CW9 7SA","Conversion of existing barn to 2No. dwellings with 1 No. new associated detached oak framed garage.  ",null,null,"Mr Michael Creed","Mr Peter Davis",null,"GF","Change of use","C3","NO",null,null,"YES","No","Windfall",0.45,{"$f":"SUM(AI136/Y136)","v":4.444444444444445},"15/04558/FUL","17/01143/FUL","Full",null,null,"2017-03-15","2017-05-05","2020-05-05",2,0,2,{"$nulls":10},2,2,{"$nulls":3},2,0,null,0,{"$nulls":3},"2017: Not started\n2018: Not started\n2019: Complete","Complete",null,"Site complete. Forecasts exceeded.",null,"+","Delivery rate >\nDelivery timescale <",0,{"$nulls":13},0,0,null,null,2,{"$nulls":28},2]
["n/a","n/a",null,"DAM/0070","Davenham and Moulton","Moulton","Northwich",null,"Land off Niddries Lane, Moulton",{"$nulls":6},"GF",{"$nulls":7},"HELAA",5.385,{"$nulls":11},0,{"$nulls":10},0,{"$nulls":4},0,0,null,0,{"$nulls":10},0,{"$nulls":13},0,0,{"$nulls":31},0]
["n/a","n/a",null,"DAM/0072(a)","Davenham and Moulton","Davenham","Northwich",null,"Land at 618 London Road, Davenham","BLR site",{"$nulls":5},"PDL","New build","C3","NO",null,null,"NO","No","BLR",0.73,{"$nulls":9},53,null,53,{"$nulls":10},0,{"$nulls":4},0,0,53,53,{"$nulls":6},"Included on Brownfield Land Register.\nNot included in deliverable supply. No change to forecasts required.",null,"=",null,0,{"$nulls":12},53,0,53,{"$nulls":31},0]
["Y","n/a","BLPU - IU","DAM/0074","Davenham and Moulton","Northwich","Northwich",null,"31 Old Hall Road, Northwich, CW9 8BS","Demolition of existing garage and outbuildings and the erection of 2 dwellings including the refurbishment of the existing dwelling and off-street parking.  ",null,null,"Mrs S Westby","Ms Sarah Bolsover",null,"PDL","New build","C3","NO",null,null,"NO","No","Windfall",null,{"$f":"SUM(AI139/Y139)","v":{"$error":"#DIV/0!"}},null,"16/03138/FUL","Full",null,null,"2016-07-21","2016-11-03","2019-01-03",2,0,2,{"$nulls":10},2,2,{"$nulls":3},2,0,null,0,"BLPU - Plot 1 complete","5-8. August 2017. 17/02728/DIS",null,"2017: Not started\n2018: Not started\n2019: Complete","Complete",null,"Site complete. Forecasts exceeded.",null,"+","Delivery rate >\nDelivery timescale <",0,{"$nulls":13},0,0,null,null,2,{"$nulls":28},2]
["Y","n/a",null,"DAM/0077","Davenham and Moulton","Moulton","Rural","Moulton","Land at 12 Whitlow Lane, Moulton, Winsford","Erection of one dweling",{"$nulls":5},"PDL","New build","C3","YES",null,null,"NO","No","Garden land",null,{"$f":"SUM(AI140/Y140)","v":{"$error":"#DIV/0!"}},null,"17/02987/FUL","Full",null,null,"2017-07-06","2017-08-10","2020-08-10",1,0,1,{"$nulls":10},1,1,{"$nulls":3},1,0,null,0,{"$nulls":3},"2018: Not started\n2019: Complete","Complete",null,"Site complete. Forecasts exceeded.",null,"+","Delivery timescale < ",0,{"$nulls":13},0,0,{"$nulls":6},1,{"$nulls":24},1]
["Y",null,null,"DAM/0081","Davenham and Moulton","Moulton","Rural",null,"2 Regent Street, Moulton, Winsford, CW9 8NY","Conversion of the one dwelling and retail unit to 2 bed dwelling with rear extension and 1 bed flat above retained retail unit",{"$nulls":3},"Kel Palmer kelpalmer@msn.com","Angela Wrigley","PDL","Change of use","C3","NO",null,null,"NO","No","Windfall",{"$nulls":3},"18/00877/FUL","Full",null,null,"2018-03-06","2018-04-27","2021-04-27",2,1,1,{"$nulls":10},0,null,null,1,null,0,1,null,1,{"$nulls":3},"2019: Not started","Not started",null,"New permission. Forecasting assumptions applied.",null,"New",null,1,null,null,1,{"$nulls":10},1,1]
["Y",null,null,"DAM/0082","Davenham and Moulton","Davenham","Northwich",null,"Land at 51A Church Street, Davenham, Northwich","Conversion of outbuilding in to one dwelling",{"$nulls":3},"Portman Surveyors - Rob Lee rob.lee@portmansurveyors.com","Cheryl Parker","PDL","Change of use","C3","NO",null,null,"NO","No","Windfall",{"$nulls":3},"18/01657/FUL","Full",null,null,"2018-05-01","2018-09-26","2021-09-26",1,0,1,{"$nulls":10},0,null,null,1,null,0,1,null,1,{"$nulls":3},"2019: Not started","Not started",null,"New permission. Forecasting assumptions applied.",null,"New",null,1,null,null,1,{"$nulls":10},1,1]
["Y",null,null,"DAM/0083","Davenham and Moulton","Bostock","Rural",null,"Old Hall Farm, Bostock Road, Bostock, CW10 9JF","Conversion of an agricultural building into seven residential dwellings and associated works",{"$nulls":3},"Fisher German - Alex Broad alex.broad@fishergerman.co.uk","Katie Richardson","GF","Change of use","C3","NO",null,null,"YES","No","Windfall",{"$nulls":3},"17/04252/FUL","Full",null,null,"2017-10-03","2018-09-27","2021-09-27",7,0,7,{"$nulls":10},0,null,null,7,null,0,7,null,7,{"$nulls":3},"2019: Not started","Not started",null,"New permission. Forecasting assumptions applied.",null,"New",null,7,{"$nulls":3},3,4,{"$nulls":8},7,7]
["n/a","n/a",null,"DOH/0005","Dodleston and Huntington",null,"Chester",null,"Land at Gorse Way / Speedwell Close, Chester",{"$nulls":6},"GF",{"$nulls":7},"HELAA",0.505,{"$nulls":11},0,{"$nulls":10},0,{"$nulls":4},0,0,null,0,{"$nulls":10},0,{"$nulls":13},0,0,{"$nulls":31},{"$f":"SUM(CE144:DD144)","v":0}]
["n/a","n/a",null,"DOH/0007","Dodleston and Huntington",null,"Chester",null,"Land at Orchid Road, Chester",{"$nulls":6},"GF",{"$nulls":7},"HELAA",0.253,{"$nulls":11},0,{"$nulls":10},0,{"$nulls":4},0,0,null,0,{"$nulls":10},0,{"$nulls":13},0,0,{"$nulls":31},0]
["Y",null,null,"DOH/0015a","Dodleston and Huntington","Huntington","Chester",null,"Land at Chester Lane/Cheshire Way, Huntington, Chester","Construction of two storey mixed use development comprising ground floor retail unit (use class A1) with three apartments (use class C3) at first floor along with associated access, car parking, and landscaping works.",{"$nulls":5},"PDL","New build","C3","NO",null,null,"NO","No","HELAA",{"$nulls":3},"16/05446/FUL","Full",null,null,"2016-12-08","2017-02-28","2020-02-28",3,0,3,{"$nulls":10},0,null,null,3,null,0,3,null,3,"Retail on ground floor and residential above\nOfficer knowledge - Co-Op (ground floor shop) due to open Autumn 2019. No activity on site March 2019. ","16/05220/DIS 9 June 2017 - 37",null,"2017: Not started\n2018: Not started\n2019: Not started","Not started",null,"Forecasts reviewed and unchanged based on planning status and development progress.",null,"=",null,3,null,null,3,{"$nulls":10},3,3,{"$nulls":31},0]
["Y","Y",null,"DOH/0016","Dodleston and Huntington","Marlston Cum Lache","Chester",null,"Land At Decoy Farm, Lache Lane, Marlston Cum Lache, Chester ","Mixed use development comprising up to 24 dwellings and 24 commercial units with associated access. \nREM: 20 dwellings and 20 units","Country Barns & Homes Ltd",null,"Pure Residential and Commercial Ltd and Country Barns & Homes Ltd","Outline: Matthews & Goodman LLP - nculkin@matthews-goodman.co.uk\nREM: Pegasus Group Amy Rainsford amy.rainsford@pegasusgroup.co.uk","Steven Holmes","GBPDL","New build","C3","NO",null,null,"NO","No","HELAA",1.13,{"$f":"SUM(AI147/Y147)","v":17.69911504424779},"15/01429/OUT (01/04/2019)","19/00818/REM","Outline. REM pending",null,"Allowed","2019-02-28",null,null,20,0,20,{"$nulls":10},0,null,null,20,null,0,20,null,20,"Allowed on appeal - APP/A0665/W/15/3140690\n24 Live work units\nAffordable dwellings will be confirmed in REM / legal agreement.",null,null,"2017: Outline permission.No site visit\n2018 :Outline permission.No site visit\n2019: Outline permission. No site visit","Not started.\nOutline permission. REM awaiting decision",null,"REM awaiting decision. Forecasts reviewed and updated based on planning status, site progress and forecasting information.","Outline planning permission granted 1 April 2016.\nDeveloper/house builder: Country Barns & Homes Ltd\nInformal pre-application discussions in 2017\nFORECAST REVISED– units removed from five year supply","+","Delivery timescale <",20,{"$nulls":3},10,10,{"$nulls":8},20,20,{"$nulls":31},0]
["Y","Y",null,"DOH/0017","Dodleston and Huntington",null,"Chester",null,"Land at Wrexham Road, Chester","Part A - (full permission) for 509 dwellings and associated infrastructure (including playing fields / open space); Part B - (outline permission - all matters reserved apart from access) for a local centre (comprising supermarket (Use Class A1); other shops (Use Class A1); cafe/restaurant (Use Class A3); public house (Use Class A4); health centre (Use Class D1); and nursery/creche (Use Class D1) plus an outdoor play area) and an element of a primary school with associated playing fields (Hybrid application)\nA hybrid planning application for full planning permission for the demolition of the existing buildings and the phased development of 816 dwellings and the provision of associated infrastructure (including, roads, foothpaths,cycleways, landscaping, playing fields, childrens play areas and other spaces). Outline permission for the erection of Primary school with associated playing fields.\nOutline application for the erection of up to 1,400 dwellings; a local centre (comprising supermarket (500sqm net), group of shops (total 500sqm net), cafe/restaurant (200sqm net) and public house (650sqm net); a primary school; a health centre (600sqm net/footprint 400sqm); a nursery/creche (600sqm); and associated infrastructure (including roads, footpaths, cycleways, landscaping, playing fields, children's play areas and other open spaces).","Taylor Wimpey",null,"Taylor Wimpey North West Ltd and Redrow Homes North West","Lichfields - Brian O'Connor brian.oconnor@lichfields.uk","Paul Friston","GF","New build","C3","NO",null,null,"NO","No","Strategic site",63.06,7.944814462416746,null,"17/02453/OUT\n17/05200/OUT\n17/05201/OUT","Outline pending",null,null,"01/06/2017\n06/12/2017","2019-04-04","2021-04-04",501,0,501,{"$nulls":10},0,{"$nulls":4},0,0,501,501,"LP strategic site - Comprehensive framework for site being prepared by Paycause. Forecasts remain as set in Matter 8. Update on prpogress: application anticipated August 2015, decision December 2015, start on site 13 months after permission granted",null,null,"2016: Comprehensive framework and development brief for site being prepared by Paycause.\n2017: Appeal pending on small site within strategic site\n2018: Application awaiting decision\n2019: Application awaiting decision","Works commenced (hedgerow removal)","Appeal pending on small site within Strategic Site.\nLocal Authority continue to progress developmnet proposals with Paycause.\n2016:Comprehensive framework amd development brief for site being prepared by Paycause.\n2017:Application anticipated mid 2017.\n2019: Site works commenced (hedgerow removal)","Local Plan strategic site.\nForecasts reviewed and updated based on planning status, development progress, and forecasting intelligence.","Local Plan (Part One) strategic site allocation.\nDevelopment brief prepared for comprehensive development of whole site.\nFull and outline planning applications pending decision.\nDeveloper/house builder(s): Redrow Homes & Taylor Wimpey.\nDelivery phasing and forecasting received from the consortium through liaison during monitoring process based on August 2018 committee target date:\n“It is anticipated that c.100 units a year could be delivered, 50 from TW & 50 from RR, and using this anticipated completion rate, the site could be built out by 2032.”\nFull application pending decision 17/02444/FUL received 1 June 2017 - construction of ecological mitigation area for translocation of Great Crested Newts.\nProposed forecasts cautiously applied and allow for longer lead-in / site preparation. Units start delivering from year 4.\nNO CHANGE TO FORECAST-units are deliverable within years 1 to 5\nCurrent position:\nCommittee target date for full application – 8 Jan 2019 and outline application – Feb 2019.\nCautious forecast in HLM 2018 allows for longer lead-in time than therefore no amendment required","=",null,250,null,null,20,60,70,100,115,136,{"$nulls":5},501,501,{"$nulls":31},0]
["Y","Y",null,"DOH/0017","Dodleston and Huntington",null,"Chester",null,"Land at Wrexham Road, Chester","Part A - (full permission) for 509 dwellings and associated infrastructure (including playing fields / open space); Part B - (outline permission - all matters reserved apart from access) for a local centre (comprising supermarket (Use Class A1); other shops (Use Class A1); cafe/restaurant (Use Class A3); public house (Use Class A4); health centre (Use Class D1); and nursery/creche (Use Class D1) plus an outdoor play area) and an element of a primary school with associated playing fields (Hybrid application)\nA hybrid planning application for full planning permission for the demolition of the existing buildings and the phased development of 816 dwellings and the provision of associated infrastructure (including, roads, foothpaths,cycleways, landscaping, playing fields, childrens play areas and other spaces). Outline permission for the erection of Primary school with associated playing fields.\nOutline application for the erection of up to 1,400 dwellings; a local centre (comprising supermarket (500sqm net), group of shops (total 500sqm net), cafe/restaurant (200sqm net) and public house (650sqm net); a primary school; a health centre (600sqm net/footprint 400sqm); a nursery/creche (600sqm); and associated infrastructure (including roads, footpaths, cycleways, landscaping, playing fields, children's play areas and other open spaces).","Redrow Homes",null,"Taylor Wimpey North West Ltd and Redrow Homes North West","Lichfields - Brian O'Connor brian.oconnor@lichfields.uk","Paul Friston","GF","New build","C3","NO",null,null,"NO","No","Strategic site",63.06,14.25626387567396,null,"17/02453/OUT\n17/05200/OUT\n17/05201/OUT","Outline pending",null,null,"01/06/2017\n06/12/2017","2019-04-04","2021-04-04",899,0,899,{"$nulls":10},0,{"$nulls":4},0,0,899,899,"LP strategic site - Comprehensive framework for site being prepared by Paycause. Forecasts remain as set in Matter 8. Update on prpogress: application anticipated August 2015, decision December 2015, start on site 13 months after permission granted",null,null,"2016: Comprehensive framework and development brief for site being prepared by Paycause.\n2017: Appeal pending on small site within strategic site\n2018: Application awaiting decision\n2019: Application awaiting decision","Works commenced (hedgerow removal)","Appeal pending on small site within Strategic Site.\nLocal Authority continue to progress developmnet proposals with Paycause.\n2016:Comprehensive framework amd development brief for site being prepared by Paycause.\n2017:Application anticipated mid 2017.\n2019: Site works commenced (hedgerow removal)","ocal Plan strategic site.\nForecasts reviewed and updated based on planning status, development progress, and forecasting intelligence.","Local Plan (Part One) strategic site allocation.\nDevelopment brief prepared for comprehensive development of whole site.\nFull and outline planning applications pending decision.\nDeveloper/house builder(s): Redrow Homes & Taylor Wimpey.\nDelivery phasing and forecasting received from the consortium through liaison during monitoring process based on August 2018 committee target date:\n“It is anticipated that c.100 units a year could be delivered, 50 from TW & 50 from RR, and using this anticipated completion rate, the site could be built out by 2032.”\nFull application pending decision 17/02444/FUL received 1 June 2017 - construction of ecological mitigation area for translocation of Great Crested Newts.\nProposed forecasts cautiously applied and allow for longer lead-in / site preparation. Units start delivering from year 4.\nNO CHANGE TO FORECAST-units are deliverable within years 1 to 5\nCurrent position:\nCommittee target date for full application – 8 Jan 2019 and outline application – Feb 2019.\nCautious forecast in HLM 2018 allows for longer lead-in time than therefore no amendment required","=",null,273,null,null,49,59,89,76,36,76,76,76,76,76,210,689,899,{"$nulls":31},0]
["Y","n/a",null,"DOH/0033","Dodleston and Huntington","Huntington","Chester",null,"WESTMINSTER PLACE (ROWLAND HOMES) Saighton Camp, Sandy Lane, Huntington, Chester (Area C)","Demolition of existing buildings and development of up to 120 dwellings (C3) in total including access, associated open space and ancillary landscaping and car parking (re-submission of 14/01219/OUT). 65 dwellings","Rowland Homes",null,"GMV Eight Ltd (outline) / Rowland Homes and Elan Homes (REM)","Indigo Planning Ltd: Mrs Sarah Wozencroft (outline) / Hourigan Connolly - Marc Hourigan (REM)",null,"PDL","New build","C3","NO",null,null,"NO","No","HELAA",null,{"$error":"#DIV/0!"},"14/02991/OUT\n16/05598/S73","15/04326/REM","Full",{"$nulls":3},"2016-04-06","2019-04-06",65,0,65,null,16,{"$nulls":6},10,46,65,9,{"$nulls":3},9,0,null,0,"Application 14/01219/OUT refused. April 2015 - site advertised for sale (development opportunity)\n2018:Site delivering ahead of 2016/2017 forecasts","2.4-8.11.12.14.15.17-24 pending 15/04357/DIS\n16/02921/S73 - changes to foul and surface water",null,"2016: Outline permission.No site visit\n2017: Under construction\n2018: Under construction\n2019: Complete","Complete",null,"Site complete. Forecasts achieved.",null,"=",null,0,{"$nulls":13},0,0,{"$nulls":3},2,{"$nulls":10},3,4,{"$nulls":15},9]
["Y","n/a",null,"DOH/0033","Dodleston and Huntington","Huntington","Chester",null,"WESTMINSTER PLACE (ELAN HOMES)(Area C), Saighton Camp, Sandy Lane, Huntington, Chester","Demolition of existing buildings and development of up to 120 dwellings (C3) in total including access, associated open space and ancillary landscaping and car parking (re-submission of 14/01219/OUT). 40 dwellings","Elan Homes",null,"GMV Eight Ltd (outline) / Rowland Homes and Elan Homes (REM)","Indigo Planning Ltd: Mrs Sarah Wozencroft (outline) / Hourigan Connolly - Marc Hourigan (REM)",null,"PDL","New build","C3","NO",null,null,"NO","No","HELAA",null,{"$error":"#DIV/0!"},"14/02991/OUT\n16/02831/NMA\n16/02921/S73\n16/02831/NMA","15/04326/REM","Full",{"$nulls":3},"2016-04-06","2019-04-06",40,0,40,null,10,{"$nulls":6},1,33,40,6,{"$nulls":3},6,0,null,0,"16/02831/NMA - changes to Chesham House Type and paths to plots 76 and 84.\n16/02921/S73 - condition 15 foul water and surface water\nApplication 14/01219/OUT refused. April 2015 - site advertised for sale (development opportunity)\nCommittee date 13/1/2015","37. June 2017. 16/05220/DIS\n2.4.5.6.7 (part).8.11.12.14.15.17.18.19.20.21.22.23.24. pending. 15/04357/DIS",null,"2016: Outline permission.No site visit\n2017: Under construction\n2018: Under construction\n2019: Complete","Complete",null,"Site complete. Forecasts achieved.",null,"=",null,0,{"$nulls":13},0,0,null,null,2,1,1,{"$nulls":10},2,{"$nulls":15},6]
["Y","Y",null,"DOH/0035","Dodleston and Huntington","Huntington","Chester",null,"REGENTS GRANGE - (Area B) Phase 3, Saighton Camp, Chester Road, Huntington, Chester","Demolition of buildings and residential development, associated formal and informal open space / sports provision / ancillary landscaping / car parking and off-site highway works (Refused 21/09/2012) Pending app = Demolition of existing buildings to allow to residential development (C3), associated formal and informal open space and sports provision, ancillary landscaping and car parking and off site highway works. 12/01754/OUT (Refused).\nPart one - 77 plots (incl 17 affordable)","Redrow Homes NW","Plus Dane",null,"Applicant: GMV Eight Lts c/o Commercial Estate Group.  Agent: Indigo Planning Ltd (Mrs Sarah Wozencroft).  Developers: Bovis Homes / Redrow",null,"PDL","New build","C3","NO",null,null,"NO","No","HELAA",17.99,21.289605336297946,"13/02247/OUT  13/04630/REM  16/03328/NMA 17/04352/NMA ","15/05210/FUL ","Full",{"$nulls":3},"2016-06-10","2019-06-10",383,0,383,null,59,{"$nulls":5},29,96,98,306,83,43,31,null,83,74,null,74,"GMV Eight c/o Commercial Estates Group - Indigo Planning (Sarah Wozencroft). S106 signed.Email from Redrwo (Chris Dobson) 3 per month (current sales rate) Delivery estimated at 4 units per month\n16/03330/S73 variation of condition 2 awaiting decision. 16/03328/NMA - variation of condition 2 - amending house type. \n17/04352/NMA - Minor reduction in density (removal of 15 units in total)\n17/03544/S73 - Withdrawn (replan of site layout)","4.7-11.13.14.16.20-23.25-30.32-39.41-44. August 2016. 14/01612/DIS\n1-3. July 2017. 15/02150/DIS\n26 PENDING 17/04424/DIS",null,"2016-2018: Under construction\n2019: Under construction","Under construction","2019: Redrow forecasting table completed","Site under construction. Forecasts exceeded - reviewed and updated based on planning status, development progress, past delivery rates and forecasting information.",null,"+","Delivery rate >",74,null,45,29,{"$nulls":10},74,74,null,null,42,41,{"$nulls":27},83]
["Y","Y",null,"DOH/0037","Dodleston and Huntington","Huntington","Chester",null,"Hartwell Garage, 93-99 Chester Road, Huntington, Chester, CH3 6BS","Demolition of the existing buildings and redevelopment of the site to provide a care home (Use Class C2) together with associated car parking, landscaping and amenity space. (58 bedspaces)",null,null,"Care UK Community Partnerships - Mr R Smith","Strutt & Parker - Adrian Kearley adrian.kearley@struttandparker.com",null,"PDL","New build","Elderly persons:C","NO",null,null,"NO","No","HELAA",0.44,131.8181818181818,null,"17/00662/FUL","Full",null,null,"2017-02-15","2017-05-11","2020-05-11",58,0,58,58,{"$nulls":9},0,null,58,null,null,0,58,null,58,"11/03614/OUT expired 02/11/2015\n2018: Officer knowledge regarding site construction\n2019: Officer knowledge - Shell of building up and windows going in (March 2019). ","15, 22 October 2017 17/04068/DIS\n3,4,21, 24 November 2017 17/04360/DIS\n7,22 December 2017 17/04554/DIS\n14.25 (May 2018) 17/04683/DIS",null,"2018: Under construction \n2019: Under construction","Under construction",null,"Site under construction. Forecasts reviewed and updated based on planning status and development progress.",null,"-","Delivery timescale >",58,null,58,{"$nulls":11},58,58,{"$nulls":31},0]
["Y","n/a",null,"DOH/0038","Dodleston and Huntington","Poulton","Rural",null,"Chapel House Farm, The Green, Poulton, Chester","Conversion of redundant agricultural buildings to provide 8 no. dwellings and garaging ","Delamere Homes Pulford Ltd",null,null,"Fallows Gowen Partnership Ltd architects@fgpltd.co.uk",null,"GF","Change of use","C3","NO",null,null,"YES","No","Windfall",0.71,11.267605633802818,"04/00026/FUL \n17/02057/NMA\n17/03632/FUL","06/01500/FUL","Full",{"$nulls":3},"2006-10-16","2011-10-16",8,0,8,{"$nulls":10},{"$f":"SUM(AN154:AU154)+BA154","v":8},8,{"$nulls":3},{"$f":"SUM(AW154-AZ154)","v":8},0,null,0,"17/00951/AI - Initial notice accepted\n17/03632/FUL - extension to plot 6 (stand alone permission)\n15/00458/PREAPP - farm house, key workers dwelling, 5 dwellings and two affordable homes - no mention of planning permission outstanding? \nDischarge of conditions 09/10986/DIS approved",null,null,"2016: Stalled\n2017: Stalled\n2018: Under construction\n2019: Complete","Complete",null,"Site complete. Forecasts exceeded.",null,"+","Delivery timescale <",0,{"$nulls":13},0,0,null,null,3,2,3,{"$nulls":26},8]
["Y","Y",null,"DOH/0041","Dodleston and Huntington","Marlston Cum Lache","Chester",null,"Green Lane Farm, Green Lane, Marlston Cum Lache, Chester, CH4 8LS","Conversion of barn to dwelling",{"$nulls":3},"Fitzsimon P And D Ltd",null,"GF","Change of use","C3","NO",null,null,"YES","No","Windfall",0.04,25,"15/00033/FUL (07/05/2018)",null,"Expired",{"$nulls":5},1,0,1,{"$nulls":10},0,{"$nulls":4},0,0,null,0,{"$nulls":3},"2016-2018: Not started\n2019: Not started","Not started","2018:Permission expires 2018.","Permission expired. Not included in deliverable supply - no change to forecasts required.",null,"=","Permission expired",0,{"$nulls":13},0,0,{"$nulls":31},0]
["Y","Y",null,"DOH/0042","Dodleston and Huntington","Pulford","Rural",null,"Lime Cottage, land at 2 Manor Cottages, Wrexham Road, Pulford","Change of use of existing garage into a dwelling including porch and parking area",{"$nulls":5},"PDL","Change of use","C3","NO",null,null,"NO","No","Windfall",0.06,16.666666666666668,"16/01893/S73 (26/05/2018)\n15/01248/FUL (26/05/2018)",null,"Expired",{"$nulls":5},1,0,1,{"$nulls":10},0,{"$nulls":4},0,0,null,0,"16/01893/S73 - roof, windows and porch (June 2016)",null,null,"2016-2018: Not started\n2019: Not started","Not started",null,"Permission expired. Forecasts reviewed and removed from deliverable supply.",null,"-","Permission expired",0,{"$nulls":13},0,0,{"$nulls":31},0]
["Y",null,null,"DOH/0046","Dodleston and Huntington","Poulton and Pulford","Rural",null,"Firswood Farm, Wrexham Road, Pulford, CH4 9DG ","Conversion of three former agricultural buildings (pigsty's) to 3 dwellinghouses (Barns 5, 7 and 9)",{"$nulls":3},"Planning and Law Ltd",null,"GF","Change of use","C3","NO",null,null,"YES","No","Windfall",0.37,8.108108108108109,null,"16/00007/PDQ","PDQ",null,null,"2015-12-23","2016-03-01","2021-03-01",3,0,3,{"$nulls":10},0,null,null,3,null,0,3,null,3,"Barn 5: 17/05247/PDQ refused (Feb 18) and pending appeal\nBarn 7: 17/05248/PDQ refused (Feb 18)\nBarn 9: 17/05250/PDQ refused (Feb 18) ",null,null,"2017: Not started\n2018: Not started\n2019: Not started","Not started",null,"Forecasts reviewed and updated based on planning status and development progress.",null,"=",null,3,null,1,2,{"$nulls":10},3,3,{"$nulls":31},0]
["Y",null,null,"DOH/0050","Dodleston and Huntington","Pulford","Rural",null,"Oldfields Farm, Cuckoos Nest, Wrexham Road, Pulford, CH4 9EJ","Erection of an agricultural workers dwelling  ",{"$nulls":5},"GF","New build","C3 workers","NO",null,null,"NO","No","Windfall",{"$nulls":3},"16/00260/FUL","Full",null,null,"2016-01-22","2017-02-07","2020-02-07",1,0,1,{"$nulls":10},0,null,null,1,null,0,1,null,1,{"$nulls":3},"2017: Not started\n2018: Not started\n2019: Not started","Not started","Not started","Forecasts reviewed and updated based on planning status and development progress.",null,"-","Delivery timescale >",1,null,null,1,{"$nulls":10},1,1,{"$nulls":31},0]
["Y","Y",null,"DOH/0052","Dodleston and Huntington","Poulton and Pulford","Rural",null,"Lyndale Farm, Wrexham Road, Pulford, CH4 9DG","Erection of mixed use development comprising of 23 dwellings and 23 commercial units (B1) following demolition of the existing buildings on the site","Pulford Developments",null,"Pulford Developments Limited","radm - Ellie Park ellie@radm.co.uk","Steven Holmes","GBPDL","New build","C3","NO",null,null,"NO","No","Windfall",1.19,{"$f":"SUM(AI159/Y159)","v":19.327731092436977},"17/00049/OUT (24/11/2020)","18/03263/FUL","Full",null,null,"2018-08-17","2019-02-22","2021-02-22",23,0,23,{"$nulls":10},0,null,null,23,null,0,23,null,23,"Financial contribution for off-site provision in lieu of affordable housing \n2019: revised scheme has reduced dwellings to 23.","8. January 2018. 17/05230/DIS",null,"2018: Outline permission.No site visit\n2019: Development commenced","Development commenced",null,"Development commenced. Forecasts reviewed and unchanged based on planning status and development progress.","Outline planning application received 9 Jan 2017 and approved 24 Nov 2017.\nDischarge application (condition 8-construction management plan) received 8 Dec 2017 and approved Jan 2018\nDeveloper/house builder: Pulford Developments Limited.\nNO CHANGE TO FORECAST- units are deliverable within years 1 to 5","=",null,23,null,null,6,6,11,{"$nulls":8},23,23,{"$nulls":31},0]
["Y","n/a",null,"DOH/0053","Dodleston and Huntington","Poulton and Pulford","Rural",null,"Land at Brookside Farm, The Green, Poulton, Chester","Erection of agricultural worker's dwelling",{"$nulls":5},"GF","New build","C3 workers","NO",null,null,"NO","No","Windfall",null,null,"17/05451/NMA ","16/03837/FUL","Full",null,null,"2016-08-25","2017-08-04","2020-08-04",1,0,1,{"$nulls":10},1,1,{"$nulls":3},1,0,null,0,"17/05451/NMA - change of plans - look of dwelling","October 2017 17/04586/DIS",null,"2018: Under construction\n2019: Complete","Complete",null,"Site complete. Forecasts achieved.",null,"=",null,0,{"$nulls":13},0,0,null,null,1,{"$nulls":28},1]
["Y",null,null,"DOH/0056","Dodleston and Huntington","Eaton and Eccleston","Rural",null,"Old Post Office, Church Road, Eccleston, Chester, CH4 9HT","Change of use of shop to residential and external alterations",{"$nulls":3},"Donald Insall Associates - Lauren Alexandra Ward lauren-alexandra.ward@insall-architects.co.uk","Mel Louw","PDL","Change of use","C3","NO",null,null,"NO","No","Windfall",{"$nulls":3},"18/03490/FUL","Full",null,null,"2018-09-04","2018-10-22","2021-10-22",1,0,1,{"$nulls":10},0,null,null,1,null,0,1,null,1,{"$nulls":3},"2019: Not started","Not started",null,"New permission. Forecasting assumptions applied.",null,"New",null,1,null,null,1,{"$nulls":10},1,1]
["Y","Y",null,"ELT/0014","Elton","Elton","Rural","Elton","Adjacent 24 Whitefields, Elton","Four one bed apartments within a two storey building (affordable housing)  ",{"$nulls":5},"PDL","New build","C3","NO",null,null,"NO","No","HELAA",0.08,{"$f":"SUM(AI162/Y162)","v":50},null,"16/03295/FUL","Full",null,null,"2016-08-01","2017-02-27","2020-02-27",4,0,4,null,4,{"$nulls":8},0,null,4,null,null,0,4,null,4,null,"3.4.6-8.11.18. April 2017 17/00917/DIS",null,"2017: Not started\n2018: Not started\n2019: Under construction","Under construction",null,"Site under construction. Forecasts exceeded - reviewed and updated based on development progress.",null,"+","Delivery timescale <",4,null,4,{"$nulls":11},4,4,{"$nulls":31},{"$f":"SUM(CE162:DD162)","v":0}]
["Y","n/a",null,"ELT/0025","Elton","Stoak","Rural",null,"Adjacent Church Farm, Church Lane, Stoak, CH2 4HP","Change of use of agricultural buildings to three (3) residential units with car port\nAI notice - conversion of 3 barns in to 4 dwellings",{"$nulls":3},"Smiths Gore (Jennifer Hadland)",null,"GF","Change of use","C3","NO",null,null,"YES","No","Windfall",0.49,{"$f":"SUM(AI163/Y163)","v":8.16326530612245},"13/04923/FUL\n15/03290/S73","16/05191/FUL","Full",{"$nulls":3},"2016-01-27","2019-01-27",4,0,4,{"$nulls":9},3,4,1,{"$nulls":3},1,0,null,0,"16/05191/FUL - split barn A into two dwellings","3,4,8,9,11,12 and 14 discharged (April 2016) 16/00916/DIS\n2 and 14 discharged (July 2016) 16/02050/DIS",null,"2016: Under construction\n2017: Under construction\n2018: Under construction\n2019: Complete","Complete","2018:Barn A, Barn D complete (3 dwellings)","Site complete. Forecasts achieved.",null,"=",null,0,{"$nulls":13},0,0,{"$nulls":3},1,{"$nulls":27},1]
["Y","Y",null,"ELT/0044","Elton","Elton","Rural",null,"Adjacent Meadow Bank, Ince Lane, Elton","Erection of a dormer bungalow",{"$nulls":3},"Scott Architecture Limited",null,"GF","New build","C3","NO",null,null,"NO","No","Windfall",0.09,{"$f":"SUM(AI164/Y164)","v":11.11111111111111},"15/04422/FUL (11/01/2019)",null,"Expired",{"$nulls":5},1,0,1,{"$nulls":10},0,{"$nulls":4},0,0,null,0,{"$nulls":3},"2016-2018: Not started\n2019. Not started","Not started","Not started","Permission expired. Forecasts reviewed and removed from deliverable supply.",null,"-","Permission expired",0,{"$nulls":13},0,0,{"$nulls":31},0]
["Y","Y",null,"ELT/0047","Elton","Elton","Rural","Elton","Land at The Willows, Ince Lane, Elton, CH2 4QB","Outline:Erection of 2 dwellings\nFull:erection of one detached bungalow",null,null,"Mr Jeffrey Hussin","Daccus ACM: Mr Mark Hitchmough markh@daccus.co.uk","Brian Leonard","PDL","New build","C3","YES",null,null,"NO","No","Garden land",0.19,{"$f":"SUM(AI165/Y165)","v":5.2631578947368425},"16/00626/OUT","18/00174/FUL","Full",null,null,"2018-01-16","2018-02-20","2021-02-20",1,0,1,{"$nulls":10},0,null,1,null,null,0,1,null,1,null,"3-6. 18/02359/DIS Oct 2018",null,"2017: Outline permission.No site visit\n2018: Not started\n2019: Under construction","Under construction",null,"Site under construction. Forecasts reviewed and unchanged based on development status.",null,"=",null,1,null,1,{"$nulls":11},1,1,{"$nulls":31},0]
["Y",null,"Y","ELT/0061","Elton","Thornton Le Moors","Rural",null,"Long Barn, Thornton Green Farm, Thornton Green Lane, Thornton Le Moors, CH2 4JQ","Conversion of agricultural building to 3 dwellinghouses",null,null,"Mr C Jensen","Mr N Daccus",null,"GF","Change of use","C3","NO",null,null,"YES","No","Windfall",null,null,"18/02867/FUL (pending)","16/00579/PDQ","PDQ",null,null,"2016-04-04","2017-06-09","2022-06-09",3,0,3,{"$nulls":10},0,null,null,3,null,0,3,null,3,"17/04428/PDQ - withdrawn (Nov 2017)",null,null,"2018: Not started\n2019: Not started. New app awaiting decision","Not started.\nNew application awaiting decision","2018:Building equipment on site","Forecasts reviewed and unchanged based on planning status and development progress.",null,"=",null,3,null,null,3,{"$nulls":10},3,3,{"$nulls":31},0]
["Y","n/a",null,"ELT/0064A","Elton","Elton","Rural",null,"Little Meadow, Shotwick-Frodsham Road, Thornton-le-Moors, Elton, CH2 4LD ","Proposed use of the land for the stationing of caravans for residential purposes for 2 no. permanent gypsy pitches and 6 no. transit pitches with dayrooms and hardstanding ancillary to that use.",{"$nulls":4},"Gail Nickson","GBGF","New build","G&T","NO",null,null,"NO","No","Windfall",{"$nulls":3},"14/04412/FUL","Full","APP/AO665/W/15/3129221","Allowed","2014-10-13","2019-01-30","2021-01-30",2,0,2,{"$nulls":10},2,2,{"$nulls":3},2,0,null,0,{"$nulls":3},"2019: Complete","Complete",null,"New permission",null,"New",null,0,{"$nulls":13},0,0,{"$nulls":25},2,{"$nulls":5},2]
["Y","n/a",null,"ELT/0064B","Elton","Elton","Rural",null,"Little Meadow, Shotwick-Frodsham Road, Thornton-le-Moors, Elton, CH2 4LD ","Proposed use of the land for the stationing of caravans for residential purposes for 2 no. permanent gypsy pitches and 6 no. temporary transit pitches with dayrooms and hardstanding ancillary to that use.",{"$nulls":4},"Gail Nickson","GBGF","New build","G&T transit","NO",null,null,"NO","No","Windfall",{"$nulls":3},"14/04412/FUL","Full","APP/AO665/W/15/3129221","Allowed","2014-10-13","2019-01-30","2021-01-30",6,0,6,{"$nulls":10},0,null,null,6,null,0,6,null,6,{"$nulls":3},"2019: Not started","Not started",null,"New permission. Forecasting assumptions applied.",null,"New",null,6,{"$nulls":3},6,{"$nulls":9},6,6]
["Y","Y",null,"EPT/0003","Ellesmere Port Town",null,"Ellesmere Port",null,"OAKLEY PARK - Rear of 113-207 Cambridge Road, Ellesmere Port","Outline permission for residential development (427 dwellings) Great Hall Park - Units remaining = 225. Extension of time granted 14th Feb 2012: Condition 1 - REM for Phases 2 and 3 not later than six years\n17/02284/REM approved for 184 dwellings","Macbryde Homes Ltd",null,"Macbryde Homes Ltd","Hourigan Connolly - Jenny Fryer (0161 3003476) info@houriganconnolly.com",null,"PDL","New build","C3","NO",null,null,"NO","No","HELAA",4.4,{"$f":"SUM(AI169/Y169)","v":41.81818181818181},"P/06/407 P/06/408  11/05548/EXT  \n14/00591/S73\n16/02424/REM","17/02284/REM","Full",null,null,"2017-05-19","2017-06-23","2020-06-23",184,0,184,{"$nulls":9},50,172,122,12,null,null,122,12,null,12,"S73 approved June 2015 for removal of condition 14 (affordable housing provision).\nPre application discussions with volume house builder (Macbryde Homes)\nGross site ares = 5ha (POS = 0.45ha)\n2016 correspondence - Reserved matters application being prepared (submission Summer 2016). Phase 2 commence Summer 2017 / Phase 3 commence Summer 2018. Delivery rates of 30-35 dpa.\n2017: 20 units anticiapted to be sold to RP. Whole site completion within 2.5 - 3 years. Press release April 2017 - 4 year site completion. Reserved matters pending for 184 dwellings across whole site.","1-18.20. Oct 2016. 16/02274/DIS\n1-20. July 2017. 17/02286/DIS\n9.11.14 Aug 2017. 17/02860/DIS and 17/02861/DIS","Y","2016: Outline permission.No site visit\n2017-2018: Under construction\n2019: Under construction","Under construction",null,"Site under construction. Forecasts exceeded - reviewed and updated based on planning status and development progress.",null,"+","Delivery rate >\nDelivery timescale <",12,null,12,{"$nulls":11},12,12,null,2,37,16,{"$nulls":10},43,24,{"$nulls":15},{"$f":"SUM(CE169:DD169)","v":122}]
["n/a","n/a",null,"EPT/0005","Ellesmere Port Town",null,"Ellesmere Port",null,"Land to rear of 91-127 Wolverham Road, Ellesmere Port",{"$nulls":6},"GF",{"$nulls":7},"HELAA",1.067,{"$nulls":11},0,{"$nulls":10},0,{"$nulls":4},0,0,null,0,{"$nulls":10},0,{"$nulls":13},0,0,{"$nulls":31},0]
["n/a","n/a",null,"EPT/0006","Ellesmere Port Town",null,"Ellesmere Port",null,"Land to rear of 59-97 Park Road, Ellesmere Port",{"$nulls":6},"GF",{"$nulls":7},"HELAA",0.0768,{"$nulls":11},0,{"$nulls":10},0,{"$nulls":4},0,0,null,0,{"$nulls":10},0,{"$nulls":13},0,0,{"$nulls":31},0]
["n/a","n/a",null,"EPT/0011","Ellesmere Port Town",null,"Ellesmere Port",null,"Adjacent The Gunners PH, Thornton Road, Ellesmere Port",{"$nulls":6},"GF",{"$nulls":7},"HELAA",0.35,{"$f":"SUM(AI172/Y172)","v":0},{"$nulls":10},0,{"$nulls":10},0,{"$nulls":4},0,0,null,0,{"$nulls":10},0,{"$nulls":13},0,0,{"$nulls":31},0]
["n/a","n/a",null,"EPT/0014","Ellesmere Port Town",null,"Ellesmere Port",null,"Land off Colwyn Close, Ellesmere Port",{"$nulls":6},"GF",{"$nulls":7},"HELAA",0.634,{"$nulls":11},0,{"$nulls":10},0,{"$nulls":4},0,0,null,0,{"$nulls":10},0,{"$nulls":13},0,0,{"$nulls":31},0]
["n/a","n/a",null,"EPT/0015","Ellesmere Port Town",null,"Ellesmere Port",null,"Land at Somerville Crescent / Harrow Road, Ellesmere Port",{"$nulls":6},"GF",{"$nulls":7},"HELAA",0.741,{"$nulls":11},0,{"$nulls":10},0,{"$nulls":4},0,0,null,0,{"$nulls":10},0,{"$nulls":13},0,0,{"$nulls":31},0]
["n/a","n/a",null,"EPT/0017","Ellesmere Port Town",null,"Ellesmere Port",null,"Land at Marina Drive, Ellesmere Port","BLR site",{"$nulls":5},"PDL","Change of use","C3","NO",null,null,"NO","No","BLR",1.17,{"$f":"SUM(AI175/Y175)","v":28.205128205128208},{"$nulls":8},33,null,33,{"$nulls":10},0,{"$nulls":4},0,0,33,33,{"$nulls":6},"Included on Brownfield Land Register.\nNot included in deliverable supply. No change to forecasts required.",{"$nulls":3},0,{"$nulls":11},33,null,33,33,{"$nulls":31},0]
["Y","n/a",null,"EPT/0038B","Ellesmere Port Town",null,"Ellesmere Port",null,"CROMWELL ROAD (Phase 1b and 2) - Land north of Cromwell Road, Ellesmere Port (former HH Robertsons / DSM Resins)","Details of reserved matters pursuant to outline planning permission 14/00041/OUT for 149 dwellings and associated infrastructure (10x2bed, 101x3bed, 18x4bed).\nApproval of reserved matters (access, appearance, landscaping, layout and scale) for the erection of 150 dwellings and associated infrastructure pursuant to planning permission 14/00041/OUT ","Countryside Properties (UK) Ltd",null,"Countryside Properties ","Nexus Planning - Helen Hartley h.hartley@nexusplanning.co.uk",null,"PDL","New build","C3","NO",null,null,"NO","No","HELAA",null,null,"14/00041/OUT\n18/01467/NMA","16/05392/REM","Full",null,null,"2016-12-05","2017-04-19","2020-04-19",150,0,150,{"$nulls":9},68,150,82,{"$nulls":3},82,0,null,0,"Loss of employment land. Masterplan for 341 dwellings.  Decision notice - Condition 2: REM made before expiration of five years. See email received from Matt Gilbert, The Planning Consultancy. First completions anticipated mid 2017\n252 remaining in outline (98 REM by Countryside Properties)\nRegeneration area for Council and E.P Development Board\n18/01467/NMA - grass verges","6-12.14-18.20-24 June 2017 16/05539/DIS",null,"2017: Outline permission. No site visit\n2018: Under construction\n2019: Complete","Complete","August 2016 - sale of 5.76 acres to Sigma Capital - 98 homes designed fro PRS sector.\n10.5 acres sold to Countryside - June 2017 (Place North West  26 June 2017)\nPhase under construction","Site complete. Forecasts exceeded.",null,"+","Delivery rate >\nDelivery timescale <",0,{"$nulls":13},0,0,null,7,64,11,{"$nulls":27},82]
["Y","Y",null,"EPT/0038C","Ellesmere Port Town",null,"Ellesmere Port",null,"CROMWELL ROAD (Phase 3) - North of Cromwell Road, Ellesmere Port (former HH Robertsons / DSM Resins)","Residential development comprising up to 350 dwellings together with associated road infrastructure and open space (outline)\nPhase 1a - 98 dwellings\nPhase 1b & 2 - 150 dwellings\nPhase 3 - 102 remaining in outline permission 14/00041/OUT","St Modwen Developments",null,"St Modwen Developments Ltd","The Planning Consultancy: Mr Matthew Gilbert (matt@mattplan.com)",null,"PDL","New build","C3","NO",null,null,"NO","No","HELAA",9.35,{"$f":"SUM(AI177/Y177)","v":10.90909090909091},null,"14/00041/OUT\n","Outline",null,null,"2014-01-07","2015-03-20","2018-03-20",102,0,102,{"$nulls":10},0,null,null,102,null,0,102,null,102,"Loss of employment land. Masterplan for 341 dwellings.  Decision notice - Condition 2: REM made before expiration of five years. See email received from Matt Gilbert, The Planning Consultancy. First completions anticipated mid 2017\n252 remaining in outline (98 REM by Countryside Properties)\nRegeneration area for Council and E.P Development Board","15. July 2016. 15/03138/DIS\n5. 16/01292/DIS\n12.13.16 July 2016. 16/01568/DIS\n7-11.14.17.18,20-24 Sept 2016. 16/02802/DIS\n6-12.14-18.20-24 June 2017. 16/05539/DIS",null,"2017: Outline permission.No site visit\n2018: Outline permission.No site visit\n2019: Outline permission.No site visit.\n","Not started. \nOutline permission",null,"Not included in deliverable supply. No change to forecasts required.","Outline planning permission for a 3 phase development.\nReserved matters approved for phases 1, 2 and 3.\nPhase 1 of development is complete and phase 2 is under construction by Countryside Properties.\nDeveloper/house builder: St Modwen Developments\nNo additional information for phase 3.\nFORECAST REVISED– units removed from five year supply","=",null,0,{"$nulls":7},6,24,24,24,24,null,102,102,{"$nulls":31},0]
["n/a","n/a",null,"EPT/0041","Ellesmere Port Town",null,"Ellesmere Port",null,"Wellington Road car park, rear of 89 - 109 Cambridge Road, Ellesmere Port","BLR site",{"$nulls":5},"PDL","New build","C3","NO",null,null,"NO","No","BLR",0.82,{"$f":"SUM(AI178/Y178)","v":31.707317073170735},{"$nulls":8},26,null,26,{"$nulls":10},0,{"$nulls":4},0,0,26,26,{"$nulls":6},"Included on Brownfield Land Register.\nNot included in deliverable supply. No change to forecasts required.",{"$nulls":3},0,{"$nulls":6},6,10,10,{"$nulls":4},26,26,{"$nulls":31},0]
["Y","n/a",null,"EPT/0042","Ellesmere Port Town",null,"Ellesmere Port",null,"CHASE PARK - Ellesmere Port Greyhound Stadium, Thornton Road, Ellesmere Port, CH65 5DE","Demolition of all existing buildings on site and erection of 141 residential units along with car parking, vehicular access, hard and soft landscaping and other associated works\n96 market (27x2B, 49x3B,23x4B) 45 affordable (14x1BF, 19x2BH,12x3BH)","Linden Homes NW\nGalliford Try","Sanctuary Housing Association","Linden Homes NW/Galliford Try","Euan Kellie Property Solutions - Mr Euan Kellie euan@euankellie.co.uk",null,"PDL","New build","C3","NO",null,null,"NO","No","HELAA",4.43,{"$f":"SUM(AI179/Y179)","v":31.828442437923254},null,"16/00179/FUL","Full",null,null,"2016-01-18","2016-09-12","2019-09-12",141,0,141,null,56,{"$nulls":7},63,141,78,{"$nulls":3},78,0,null,0,"HRA LA New Build programme: 45 AHUs to be delivered no later than March 2018 (circa 100 market units also on site). Stage 1 procurement complete (just), shortlisted 2 bidders for stage 2 negotiations","12. October 2016. 16/04399/DIS\n3-8.11.14. pending. 16/05079/DIS\n9.13-15.17-19.10.21. October 2017. 17/02246/DIS\n10 21 September 2017 17/03451/DIS",null,"2017: Development commenced. Demolition complete\n2018: Under construction\n2019: Complete","Complete","2018:Site delivery ahead of 2016/2017 forecast\nPlace North West (20 Oct 2017) 3 homes completed by Galliford Try (first of 45 council homes)\nPlace North West (3 May 2018) Galliford Try sell final 40 homes at Chase Park. Remaining 56 homes will be delivered by Sanctuary Homes","Site complete. Forecasts exceeded.",null,"+","Delivery rate >\nDelivery timescale <",0,{"$nulls":13},0,0,null,15,47,8,{"$nulls":10},4,1,{"$nulls":4},3,{"$nulls":10},78]
["Y","n/a","BLPU - IU","EPT/0058","Ellesmere Port Town",null,"Ellesmere Port",null,"KINGS VIEW - Land at Sherbourne Road / Lancaster Gardens, Ellesmere Port","Provision of 16 dwellings; a mix of 10no. family houses and 6no. apartments, new road, car parking and access off Lancaster Gardens","Stewart Milne","Sanctuary Housing Association","Sanctuary Housing Association - Mr Mark Birkin","Brock Carmeichal Architects LLP (Stephen Ford) / CDHT (ford.s@brockcarmichael.co.uk)",null,"GF","New build","C3","NO",null,null,"NO","No","HELAA",0.39,{"$f":"SUM(AI180/Y180)","v":41.02564102564102},null,"16/00283/FUL","Full",null,null,"2016-01-25","2016-08-31","2019-08-31",16,0,16,null,16,{"$nulls":7},10,16,6,{"$nulls":3},6,0,null,0,"SHF garage sites. HRA LA new build programme: to be delivered no later than March 2020\n2019: BLPU - Plots 9-14 Complete","3.4.6.7.10.12.13.15-18.20 March 2017 16/04227/DIS",null,"2017: Not started\n2018: Under construction\n2019: Complete","Complete",null,"Site complete. Forecasts achieved.",null,"=",null,0,{"$nulls":13},0,0,{"$nulls":20},6,{"$nulls":10},6]
["n/a","n/a",null,"EPT/0059","Ellesmere Port Town",null,"Ellesmere Port",null,"The Knot PH, Whitby Road, Ellesmere Port","BLR site",{"$nulls":5},"PDL","New build","C3","NO",null,null,"NO","No","BLR",0.24,{"$nulls":9},9,null,9,{"$nulls":10},0,{"$nulls":4},0,0,9,9,{"$nulls":6},"Included on Brownfield Land Register.\nNot included in deliverable supply. No change to forecasts required.",{"$nulls":3},0,{"$nulls":6},3,3,3,{"$nulls":4},9,9,{"$nulls":31},0]
["n/a","n/a",null,"EPT/0063B","Ellesmere Port Town",null,"Ellesmere Port",null,"Land at Coronation Road, site of former leisure centre, Stanney Lane, Ellesmere Port","BLR site\nDemolition of Former Leisure Centre Building - permission granted \nLocal Authority surplus land / site",{"$nulls":5},"PDL","New build","C3","NO",null,null,"NO","No","BLR",2.02,{"$f":"SUM(AI182/Y182)","v":14.851485148514852},{"$nulls":8},30,null,30,{"$nulls":10},0,{"$nulls":4},0,0,30,30,{"$nulls":3},"2017:former leisure centre building demolished",null,"Council owned vacant site. Former leisure centre building demolished (March 2016).","Included on Brownfield Land Register.\nNot included in deliverable supply. No change to forecasts required.",{"$nulls":3},0,{"$nulls":6},10,10,10,{"$nulls":4},30,30,{"$nulls":31},0]
["n/a","n/a",null,"EPT/0067","Ellesmere Port Town",null,"Ellesmere Port",null,"Land south of Cromwell  Road, former PZ Cussons, Ellesmere Port","BLR site\nErection of 71 Dwellings (Outline) (Demolition Of Existing Buildings)",{"$nulls":5},"PDL","New build","C3","NO",null,null,"NO","No","BLR",1.54,{"$f":"SUM(AI183/Y183)","v":46.103896103896105},"P/08/745\nP/2008/102/ST/745",{"$nulls":7},71,null,71,{"$nulls":10},0,{"$nulls":4},0,0,71,71,{"$nulls":6},"Included on Brownfield Land Register.\nNot included in deliverable supply. No change to forecasts required.",{"$nulls":3},0,{"$nulls":7},23,24,24,{"$nulls":3},71,71,{"$nulls":31},0]
["Y","Y",null,"EPT/0081","Ellesmere Port Town",null,"Ellesmere Port",null,"67-69 Whitby Road, Ellesmere Port, CH65 8AB","Change of use of first floor to three (3) apartments",{"$nulls":3},"Mr Charles Manfield",null,"PDL","Change of use","C3","NO",null,null,"NO","Yes","Windfall",0.04,{"$f":"SUM(AI184/Y184)","v":75},"15/02369/FUL (16/09/2018)",null,"Expired",{"$nulls":5},3,0,3,{"$nulls":10},0,{"$nulls":4},0,0,null,0,{"$nulls":3},"2016-2018: Not started\n2019: Not started. Expired\n2019: Not started","Not started","2018:Permission expires in 2018","Permission expired. Not included in deliverable supply - no change to forecasts required.",null,"=","Permission expired",0,{"$nulls":13},0,0,{"$nulls":31},0]
["Y","n/a","BLPU - IU","EPT/0096","Ellesmere Port Town",null,"Ellesmere Port",null,"53 Whitby Road, Ellesmere Port, CH65 8AB","Conversion of first floor to mixed use drinking establishment (Use Class A4)/snooker hall (Use Class D2) (relocation from first floor) and one flat and conversion of first floor to form 9 flats (total 10 flats)",null,null,"Mrs A Horgan","NWD Architects Ltd - Graham Lewis",null,"PDL","Change of use","C3","NO",null,null,"NO","No","Windfall",0.05,{"$f":"SUM(AI185/Y185)","v":200},null,"16/02077/FUL","Full",null,null,"2016-05-16","2016-07-26","2019-07-26",10,0,10,{"$nulls":10},10,10,{"$nulls":3},10,0,null,0,{"$nulls":3},"2017: Not started\n2018: Not started\n2019: Complete","Complete","2019: BLPU 10 units complete and in use. ","Site complete. Forecasts exceeded.",null,"+",null,0,{"$nulls":13},0,0,{"$nulls":20},10,{"$nulls":10},10]
["Y",null,"BLPU - IU","EPT/0112","Ellesmere Port Town",null,"Ellesmere Port",null,"36 - 38 Cambridge Road, Ellesmere Port, CH65 4AG ","Change of use from an office class B1(a) to No. 2 dwellinghouses (C3) ",{"$nulls":5},"PDL","Change of use","C3","NO",null,null,"NO","Yes","Windfall",{"$nulls":3},"16/05506/FUL","Full",null,null,"2016-12-12","2017-01-30","2020-01-31",2,0,2,{"$nulls":10},1,1,null,1,null,1,1,null,1,"2019: BLPU 1 unit complete and in use. ",null,null,"2017: Not started\n2018: Not started\n2019: Under construction","Under construction","2017: B1 office use has relocated to Whitby Road","Site under construction. Forecasts exceeded - reviewed and updated based on planning status and development progress.",null,"+","Delivery rate >",1,null,1,{"$nulls":11},1,1,null,null,1,{"$nulls":28},1]
["Y",null,null,"EPT/0117","Ellesmere Port Town",null,"Ellesmere Port",null,"Agra Fort, 3-7 Cambridge Road, Ellesmere Port, CH65 4AE","Conversion and remodelling of building to provide residential accommodation (eight x 1bed flats)",null,null,"Mrs Hazera Jilani","FSP Northern Architects ltd-Stephen Quicke mail@fspnorthern.co.uk",null,"PDL","Change of use","C3","NO",null,null,"NO","Yes","Windfall",{"$nulls":3},"17/02172/FUL","Full",null,null,"2017-05-12","2017-09-14","2020-09-14",8,0,8,{"$nulls":10},0,null,null,8,null,0,8,null,8,{"$nulls":3},"2018: Not started\n2019: Not started ","Not started",null,"Forecasts reviewed and updated based on planning status and development progress.",null,"-","Delivery timescale >",8,null,null,8,{"$nulls":10},8,8,{"$nulls":31},0]
["Y","n/a",null,"EPT/0118","Ellesmere Port Town",null,"Ellesmere Port",null,"Phoenix Social Club, Cromwell Road, Ellesmere Port, CH65 4AA","Conversion of first floor to dwelling use and second floor extension to create 20 bedsits/flats - amended to 13 units",null,null,"Messrs Hallam and Stewart","Mr Rob Schumacher robschumacherarchitect@gmail.com",null,"PDL","Change of use","C3","NO",null,null,"No","No","Windfall",null,null,"2.3. 18/01153/S73 July 2018","17/02173/FUL","Full",null,null,"2017-05-12","2017-12-08","2020-12-08",20,0,20,{"$nulls":10},13,13,{"$nulls":3},13,0,null,0,{"$nulls":3},"2018: Not started\n2019: Complete","Complete",null,"Site complete. Forecasts exceeded.",null,"+","Delivery timescale <",0,{"$nulls":13},0,0,{"$nulls":9},13,{"$nulls":21},13]
["Y","Y",null,"EPT/0119","Ellesmere Port Town",null,"Ellesmere Port",null,"1C Whitby Road, Ellesmere Port, CH65 4AR","Demolition of existing commercial/retail units and replacement with 17no. Dwellings, mix of Apartments and Family Houses with associated Parking, Landscape and Communal Facilities. ","Sanctuary","Sanctuary Housing Association",{"$nulls":3},"PDL","New build","C3","NO",null,null,"NO","No","Windfall",null,{"$f":"SUM(AI189/Y189)","v":{"$error":"#DIV/0!"}},null,"16/03724/FUL","Full",null,null,"2016-08-19","2017-04-28","2020-04-28",17,0,17,null,17,{"$nulls":8},3,3,14,null,null,3,14,null,14,null,"3-8.11-14.16-18.21-24. January 2018. 17/03870/DIS",null,"2018: Under construction\n2019: Under construction","Under construction",null,"Site under construction. Forecasts reviewed and updated based on planning status and development progress.",null,"-","Delivery rate >",14,null,14,{"$nulls":11},14,14,{"$nulls":15},3,{"$nulls":15},3]
["Y","Y",null,"EPT/0120","Ellesmere Port Town",null,"Ellesmere Port",null,"24 Cambridge Road, Ellesmere Port, CH65 4AG","Convert ground floor shop and living accommodation above to two self contained flats and rear single storey extension",{"$nulls":5},"PDL","Change of use","C3","NO",null,null,"NO","No","Windfall",{"$nulls":3},"17/04640/FUL","Full",null,null,"2017-10-26","2018-01-29","2021-01-29",2,1,1,{"$nulls":10},-1,null,2,null,1,-1,2,null,2,{"$nulls":3},"2018: Not started\n2019: Under construction","Under construction",null,"Site under construction. Forecasts reviewed and unchanged based on development progress.",null,"=",null,2,null,2,{"$nulls":11},2,2,{"$nulls":31},0]
["Y",null,null,"EPT/0122","Ellesmere Port Town",null,"Ellesmere Port",null,"26 Thornton Road, Ellesmere Port, CH65 5DF","One 2-bed dwelling",{"$nulls":3},"Daccus ACM: Mr Mark Hitchmough markh@daccus.co.uk",null,"GF","New build","C3","YES",null,null,"No","No","Garden land",0.03,null,null,"17/04882/OUT","Outline",null,null,"2017-11-15","2018-01-08","2021-01-08",1,0,1,{"$nulls":10},0,null,null,1,null,0,1,null,1,{"$nulls":3},"2018:Outline permission.No site visit\n2019: Outline permission. No site visit","Not started. \nOutline permission",null,"Forecasts reviewed and unchanged based on planning status.",null,"=",null,1,null,null,1,{"$nulls":10},1,1,{"$nulls":31},0]
["Y",null,null,"EPT/0125","Ellesmere Port Town",null,"Ellesmere Port",null,"Land at 73 Malvern Avenue, Ellesmere Port","Up to two (2) dwellings",{"$nulls":5},"GF","New build","C3","YES",null,null,"NO","No","Garden land",0.02,{"$f":"SUM(AI192/Y192)","v":100},null,"17/03127/OUT","Outline",null,null,"2017-07-17","2018-03-14","2021-03-14",2,0,2,{"$nulls":10},0,null,null,2,null,0,2,null,2,{"$nulls":3},"2018:Outline permission.No site visit\n2019: Outline permission. No site visit","Not started. \nOutline permission",null,"Forecasts reviewed and unchanged based on planning status.",null,"=",null,2,null,null,2,{"$nulls":10},2,2,{"$nulls":31},0]
["n/a","n/a",null,"EPT/0126","Ellesmere Port Town",null,"Ellesmere Port",null,"Grace Arms, Stanney Lane, Ellesmere Port, CH65 9AH","Erection of two, three-storey apartment blocks comprising of 42 socail rented units (Class C3) together with access road, car and bicycle parking, landscaping and boundary treatment. 18x1-bed and 24x2-bed flats","Lane End Developments",null,"Lane End Developments Construction Ltd","PRP Architects-Mr Vincenzo Puca v.puca@prp-co.uk","Clare Appleyard","PDL","New build","C3","NO",null,null,"NO","No","BLR",0.4,{"$f":"SUM(AI193/Y193)","v":100},"17/04425/FUL (withdrawn)",{"$nulls":7},40,null,40,{"$nulls":10},0,{"$nulls":4},0,0,40,40,{"$nulls":6},"Included on Brownfield Land Register.\nNot included in deliverable supply. No change to forecasts required.","Full planning application received 21 Oct 2017 pending decision\nDeveloper/house builder: Lane End Developments\nPublic house in use.\nNO CHANGE TO FORECAST- No units forecast in years 1 to 5",null,null,0,{"$nulls":10},20,20,null,40,40,{"$nulls":31},0]
["Y",null,null,"EPT/0129","Ellesmere Port Town",null,"Ellesmere Port",null,"2D Whitby Road, Ellesmere Port, CH65 8AD","Change of use from store rooms to one residential unit and shop",{"$nulls":5},"PDL","Change of use","C3","NO",null,null,"NO","No","Windfall",{"$nulls":3},"18/02052/FUL","Full",null,null,"2018-05-29","2018-07-19","2021-07-19",1,0,{"$f":"AI194-AJ194","v":1},{"$nulls":10},0,null,null,1,null,0,{"$f":"SUM(AX194+AY194)","v":1},null,{"$f":"SUM(BC194+BB194)","v":1},{"$nulls":3},"2019: Not started","Not started",null,"New permission. Forecasting assumptions applied.",null,"New",null,{"$f":"SUM(BQ194:BU194)","v":1},null,null,1,{"$nulls":10},{"$f":"SUM(BQ194:CA194)","v":1},{"$f":"SUM(BQ194:CB194)","v":1}]
["n/a","n/a",null,"FAR/0014","Farndon","Tilston","Rural",null,"Land to rear of 41-67 Wynter Lane, Tilston",{"$nulls":6},"GF",{"$nulls":7},"HELAA",1.818,{"$nulls":11},0,{"$nulls":10},0,{"$nulls":4},0,0,null,0,{"$nulls":10},0,{"$nulls":13},0,0,{"$nulls":31},{"$f":"SUM(CE195:DD195)","v":0}]
["Y","Y",null,"FAR/0016","Farndon","Farndon","Farndon",null,"WELLINGTON GREEN - Land opposite Brewery House, Churton Road, Farndon","Up to 105 residential units with associated  infrastructure including access, public open space and associated works.\n14x3bed, 59x4bed (market); 14x2bed, 17x3bed (affordable) (104 in total)","Taylor Wimpey","Torus Housing Group",null,"Gladman Developments: Paul Roberts p.roberts@gladman.co.uk (outline)\nNexus Planning h.hartley@nexusplanning.co.uk",null,"GF","New build","C3","NO",null,null,"NO","No","HELAA",5.04,{"$f":"SUM(AI196/Y196)","v":20.634920634920636},"13/00283/OUT \n14/04302/S73","16/00087/REM","Full",null,"Allowed","2016-01-12","2016-02-22","2019-02-22",104,0,104,null,31,{"$nulls":6},5,53,87,29,13,4,null,29,17,null,17,"13/00283/OUT allowed on appeal. Sale of land anticipated by September 2015\n16/00087/REM - for 104 dwelling and 30% affordable (31 dwellings)","6.8.10.12-20. September 2016. 16/00088/DIS",null,"2016:Outline permission.No site visit\n2017: Under construction\n2018: Under construction\n2019: Under construction","Under construction","2018:Site delivering ahead of 2016/2017 forecasts","Site under construction. Forecasts exceeded - reviewed and updated based on planning status, development progress, past delivery, and forecasting information.",null,"+","Delivery rate >",17,null,17,{"$nulls":11},17,17,null,null,3,18,{"$nulls":10},4,4,{"$nulls":15},29]
["Y","Y",null,"FAR/0017","Farndon","Stretton","Rural",null,"The Wetreins, Wetreins Lane, Stretton, CH3 6NY","Conversion of outbuilding to form single dwelling ",{"$nulls":5},"PDL","Change of use","C3","NO",null,null,"NO","No","Windfall",0.41,{"$f":"SUM(AI197/Y197)","v":2.4390243902439024},"13/03090/FUL","16/04226/S73","Full",null,null,"2013-07-30","2013-09-20","2016-09-20",1,0,1,{"$nulls":10},0,null,1,null,null,0,1,null,1,{"$nulls":3},"2016-2017: Not started\n2018: Under construction\n2019: Under construction","Under construction",null,"Site under construction. Forecasts reviewed and updated based on development progress.",null,"-","Delivery timescale >",1,null,1,{"$nulls":11},1,1,{"$nulls":31},0]
["Y","Y",null,"FAR/0018","Farndon","Churton by Farndon","Rural",null,"Land at March Cottage, Stannage Lane, Churton By Farndon","One (1) detached dwelling with associated garage and new vehicular access",{"$nulls":5},"GF","New build","C3","NO",null,null,"NO","No","Windfall",0.13,{"$f":"SUM(AI198/Y198)","v":7.692307692307692},"13/03654/FUL","16/03300/FUL","Full",null,null,"2016-08-01","2016-10-04","2019-10-04",1,0,1,{"$nulls":10},0,null,null,1,null,0,1,null,1,"13/01522/FUL Withdrawn",null,null,"2016-2018: Not started\n2019: Not started","Not started",null,"Permission expires in next monitoring period. Forecasts reviewed and removed from deliverable supply.",null,"-","Permission expires 2019",0,{"$nulls":13},0,0,{"$nulls":31},0]
["Y","n/a",null,"FAR/0022","Farndon","Farndon","Farndon",null,"Rear of 1-27 Parker Drive, Farndon","Erection of  a single storey detached dwelling, retention of part of site as paddock",{"$nulls":5},"GF","New build","C3","NO",null,null,"NO","No","Windfall",0.38,{"$f":"SUM(AI199/Y199)","v":2.6315789473684212},"13/04126/FUL\n15/03026/FUL","16/00824/FUL","Full",{"$nulls":3},"2017-07-28","2020-07-28",1,0,1,{"$nulls":10},1,1,{"$nulls":3},1,0,null,0,"New application approved for relocation of dwelling. ",null,null,"2016: Not started\n2017: Under construction\n2018: Under construction\n2019: Complete","Complete",null,"Site complete. Forecasts achieved.",null,"=",null,0,{"$nulls":13},0,0,{"$nulls":7},1,{"$nulls":23},1]
["n/a","n/a",null,"FAR/0028","Farndon","Tilston","Rural","Tilston","21 Church Road, Tilston","Conversion of redundant outbuilding to dwelling with associated parking",{"$nulls":5},"PDL","Change of use","C3","NO",null,null,"NO","No","Windfall",0.06,{"$f":"SUM(AI200/Y200)","v":16.666666666666668},"14/01112/FUL Expired (08/05/2017)","18/03097/FUL","Full pending",{"$nulls":5},1,0,1,{"$nulls":10},0,{"$nulls":4},0,0,null,0,{"$nulls":10},0,{"$nulls":13},0,0,{"$nulls":31},0]
["n/a","n/a",null,"FAR/0035","Farndon","Aldford","Rural",null,"Land at School Lane (walled garden), Aldford ",{"$nulls":6},"GF",{"$nulls":7},"HELAA",0.916,{"$nulls":11},0,{"$nulls":10},0,{"$nulls":4},0,0,null,0,{"$nulls":10},0,{"$nulls":13},0,0,{"$nulls":31},0]
["n/a","n/a",null,"FAR/0036","Farndon","Aldford","Rural",null,"Old Ley Fields, Green Lake Lane, Rushmere Lane, Aldford",{"$nulls":6},"GF",{"$nulls":7},"HELAA",0.709,{"$nulls":11},0,{"$nulls":10},0,{"$nulls":4},0,0,null,0,{"$nulls":10},0,{"$nulls":13},0,0,{"$nulls":31},0]
["n/a","n/a",null,"FAR/0038","Farndon","Aldford","Rural",null,"Orchard and paddock adj. Stone Cottage, School Lane, Aldford",{"$nulls":6},"GF",{"$nulls":7},"HELAA",0.353,{"$nulls":11},0,{"$nulls":10},0,{"$nulls":4},0,0,null,0,{"$nulls":10},0,{"$nulls":13},0,0,{"$nulls":31},0]
["n/a","n/a",null,"FAR/0040","Farndon","Aldford","Rural",null,"Woodhouse Farm (land and buildings to south), Church Lane, Aldford",{"$nulls":6},"GF",{"$nulls":7},"HELAA",0.586,{"$nulls":11},0,{"$nulls":10},0,{"$nulls":4},0,0,null,0,{"$nulls":10},0,{"$nulls":13},0,0,{"$nulls":31},0]
["Y","n/a","BLPU - IU","FAR/0049","Farndon","Saighton","Rural","Saighton","Dairy Farm, Saighton Lane, Saighton, CH3 6EG","Conversion of office storage buildings into four residential units, the erection of one new dwelling; including demolition of existing office annexe and existing agricultural shed and together with the creation of new site access",null,null,"The Eaton Estate","Cadnant Planning-Rhys Davies info@cadnantplanning.co.uk",null,"PDL","Change of use","C3","NO",null,null,"NO","No","Windfall",0.3,{"$f":"SUM(AI205/Y205)","v":16.666666666666668},"18/00722/S73","16/01056/FUL","Full",null,null,"2016-03-11","2016-11-14","2019-11-14",5,0,5,{"$nulls":10},5,5,{"$nulls":3},5,0,null,0,"18/00722/S73 - plans",null,null,"2017: Under construction\n2018: Under construction\n2019: Complete","Complete",null,"Site complete. Forecasts exceeded.",null,"+","Delivery rate >\nDelivery timescale <",0,{"$nulls":13},0,0,1,1,null,3,{"$nulls":27},5]
["n/a","n/a",null,"FAR/0053","Farndon","Farndon","Farndon",null,"Land off Crewe Lane, Farndon",{"$nulls":6},"GF",{"$nulls":7},"HELAA",1.382,{"$nulls":11},0,{"$nulls":10},0,{"$nulls":4},0,0,null,0,{"$nulls":10},0,{"$nulls":13},0,0,{"$nulls":31},0]
["n/a","n/a",null,"FAR/0054","Farndon","Aldford","Rural","Aldford","Grosvenor Estate Yard, Middle Lane, Aldford, Chester","BLR site",{"$nulls":5},"PDL","Change of use","C3","NO",null,null,"NO","No","BLR",0.66,{"$nulls":9},8,null,8,{"$nulls":10},0,{"$nulls":4},0,0,8,8,{"$nulls":6},"Included on Brownfield Land Register.\nNot included in deliverable supply. No change to forecasts required.",{"$nulls":3},0,{"$nulls":6},2,3,3,{"$nulls":4},8,8,{"$nulls":31},0]
["Y","Y",null,"FAR/0060","Farndon","Tilston","Rural","Tilston","Former builders yard, rear of Holly Terrace, Duckington Lane, Tilston","Demolition of buildings and construction of one (1) dwelling",{"$nulls":5},"PDL","New build","C3","NO",null,null,"NO","No","Windfall",0.2,{"$f":"SUM(AI208/Y208)","v":5},null,"13/00721/FUL","Full",null,null,"2013-02-08","2013-04-15","2016-04-15",1,0,1,{"$nulls":10},0,null,null,1,null,0,1,null,1,null,"3.7-9.11.13. April 2016. 16/00736/DIS",null,"2016: Not started\n2017: Development commenced. Buildings demolished\n2018: No progress\n2019: No progress. Stalled","Stalled","2017:buildings demolished","Site stalled. Forecasts reviewed and updated. Removed from deliverable supply.",null,"-","Stalled",0,{"$nulls":6},1,{"$nulls":6},1,1,{"$nulls":31},0]
["n/a","n/a",null,"FAR/0061","Farndon","Tilston","Rural",null,"Land at Church Road, Tilston",{"$nulls":6},"GF",{"$nulls":7},"HELAA",1.031,{"$nulls":11},0,{"$nulls":10},0,{"$nulls":4},0,0,null,0,{"$nulls":10},0,{"$nulls":13},0,0,{"$nulls":31},0]
["n/a","n/a",null,"FAR/0066","Farndon","Farndon","Farndon",null,"Land at The Hollows, Townfield Lane, Farndon",{"$nulls":6},"GF",{"$nulls":7},"HELAA",0.709,{"$nulls":11},0,{"$nulls":10},0,{"$nulls":4},0,0,null,0,{"$nulls":10},0,{"$nulls":13},0,0,{"$nulls":31},0]
["n/a","n/a",null,"FAR/0068","Farndon","Farndon","Farndon",null,"The Toll Bar, Barton Road, Farndon",{"$nulls":6},"PDL",{"$nulls":7},"HELAA",0.71,{"$f":"SUM(AI211/Y211)","v":0},{"$nulls":10},0,{"$nulls":10},0,{"$nulls":4},0,0,null,0,{"$nulls":10},0,{"$nulls":13},0,0,{"$nulls":31},0]
["Y","Y",null,"FAR/0070","Farndon","Farndon","Farndon",null,"Former gas storage site, OS Field 0048, Sibbersfield Lane, Farndon","Erection of 6 dwellings, associated access and provision of a footpath (affordable housing removed S73)",null,null,"Trustees of Miss J Barnston","Fisher German- Mr Mark Herbert mark.herbert@fishergerman.co.uk","Bethan Armstrong","GF","New build","C3","NO",null,null,"NO","No","HELAA",0.33,{"$f":"SUM(AI212/Y212)","v":18.18181818181818},"17/01363/S73 (removal of affordable housing condition)","15/03199/OUT","Outline",null,null,"2015-07-30","2016-07-11","2019-07-11",6,0,6,{"$nulls":10},0,null,null,6,null,0,6,null,6,null,"5 (removal of AH). 17/01363/S73  July 2017","Y","2017:Outline permission.No site visit\n2018:Outline permission.No site visit.Trees removed\n2019: Outline permission. No site visit","Not started. \nOutline permission","2018:Trees felled","Forecasts reviewed and unchanged based on planning status and development progress.",null,"=",null,6,null,null,2,2,2,{"$nulls":8},6,6,{"$nulls":31},0]
["n/a","n/a",null,"FAR/0073","Farndon","Tilston","Rural",null,"Land at Hobb Hill, Tilston",{"$nulls":6},"GF",{"$nulls":7},"HELAA",0.556,{"$nulls":11},0,{"$nulls":10},0,{"$nulls":4},0,0,null,0,{"$nulls":10},0,{"$nulls":13},0,0,{"$nulls":31},0]
["Y",null,null,"FAR/0078","Farndon","Stretton","Rural",null,"Grafton New Covert, Blakefield Meadow, Grafton Hall, Tilston Road, Stretton","One (1) new dwelling",{"$nulls":5},"GF","New build","C3","NO",null,null,"NO","No","Windfall",8.86,{"$f":"SUM(AI214/Y214)","v":0.11286681715575622},"08/00921/FUL 10/13247/EXT ","14/02448/LDC","Full",{"$nulls":3},"2014-07-11","2017-07-11",1,0,1,{"$nulls":10},0,{"$nulls":4},0,0,null,0,"14/02448/LDC   14/01898/DIS",null,null,"2016: Not started\n2017: Development commenced\n2018: Stalled\n2019: Stalled","Stalled",null,"Site stalled. Forecasts reviewed and supply adjusted.",null,"-","Stalled",0,{"$nulls":13},0,0,{"$nulls":31},0]
["Y","Y",null,"FAR/0082","Farndon","King's Marsh","Rural",null,"Kingslee, Worthenbury Road, Crewe By Farndon, CH3 6PA ","Convert barn A to 2 no. residential units ","Wren Construction",null,null,"Wren Construction",null,"GF","Change of use","C3","NO",null,null,"YES","No","Windfall",0.08,{"$f":"SUM(AI215/Y215)","v":25},null,"15/01660/PMB","PMB",null,null,"2015-04-21","2015-06-12","2018-06-12",2,0,2,{"$nulls":10},0,null,2,null,null,0,2,null,2,{"$nulls":3},"2016-2017: Not started\n2018: Under construction\n2019: Under construction","Under construction",null,"Site under construction. Forecasts reviewed and unchanged based on development progress.",null,"=",null,2,null,2,{"$nulls":11},2,2,{"$nulls":31},0]
["n/a","n/a",null,"FAR/0083","Farndon","Tilston","Rural",null,"Land off Church Road, Tilston",{"$nulls":6},"GF",{"$nulls":7},"HELAA",2.366,{"$nulls":11},0,{"$nulls":10},0,{"$nulls":4},0,0,null,0,{"$nulls":10},0,{"$nulls":13},0,0,{"$nulls":31},0]
["Y","n/a","BLPU - IU","FAR/0088","Farndon","Aldford","Rural","Aldford","Green Lake Barns, Green Lake Lane, Aldford, CH3 6HW","Conversion of two barns into a village shop, retail/cafe space and 4 apartments (2 to be affordable). Demolition of the forestry shed and the previous extension (barn two), the erection of bin store, creation of car parking areas and associated hard / soft landscaping.",null,null,"The Eaton Estate","Cadnant Planning-Rhys Davies info@cadnantplanning.co.uk",null,"GF","Change of use","C3","NO",null,null,"YES","No","HELAA",null,{"$f":"SUM(AI217/Y217)","v":{"$error":"#DIV/0!"}},null,"16/03842/FUL","Full",null,null,"2016-08-25","2016-11-03","2019-11-03",4,0,4,null,2,{"$nulls":8},4,4,{"$nulls":3},4,0,null,0,"2019: Officer Knowledge site is complete (EJ). ","4. May 2017. 17/01429/DIS",null,"2017: Not started\n2018: Under construction\n2019: Complete","Complete","2018:Site delivering ahead of 2016/2017 forecasts","Site complete. Forecasts achieved.",null,"=",null,0,{"$nulls":13},0,0,{"$nulls":10},2,{"$nulls":10},2,{"$nulls":9},4]
["Y","Y",null,"FAR/0089","Farndon","Farndon","Farndon",null,"Land at Mason Close, rear of Lilac Cottage, Farndon ","Dormer bungalow and garage",null,null,"The Trustees","Mr Colin Bowen","Bethan Armstrong","GF","New build","C3","Yes",null,null,"NO","No","Garden land",null,{"$f":"SUM(AI218/Y218)","v":{"$error":"#DIV/0!"}},"16/05551/FUL (13/04/2020)","18/00700/FUL","Full",null,null,"2018-02-21","2018-06-05","2021-06-05",1,0,1,{"$nulls":10},{"$f":"SUM(AN218:AU218)+BA218","v":0},null,1,null,null,{"$f":"SUM(AW218-AZ218)","v":0},1,null,1,null,"3.8.9. 18/03772/DIS Nove 2018",null,"2018: Not started\n2019: Under construction","Under construction","2018:Revised application awaiting decision","Site under construction. Forecasts exceeded - reviewed and updated based on development progress.",null,"+","Delivery timescale <",1,null,1,{"$nulls":11},1,1,{"$nulls":31},0]
["Y","n/a",null,"FAR/0092","Farndon","Golbourne David","Rural",null,"Newbold House, Platts Lane, Golbourne David, CH3 6EY","Conversion of outbuilding to a new dwelling",{"$nulls":5},"PDL","New build","C3","NO",null,null,"NO","No","Windfall",null,null,"17/05414/FUL","18/01775/FUL","Full",null,null,"2017-12-22","2018-07-11","2021-07-11",1,0,1,{"$nulls":10},1,1,{"$nulls":3},1,0,null,0,{"$nulls":3},"2018: Not started\n2019: Complete","Complete",null,"Site complete. Forecasts exceeded.",null,"+","Delivery timescale < ",0,{"$nulls":13},0,0,1,{"$nulls":30},1]
["Y",null,null,"FAR/0095","Farndon","Clutton","Rural",null,"Clutton Grange, Holywell Lane, Clutton, CH3 9ET ","Conversion of agricultural building into one dwelling and erection of two detached garages",{"$nulls":3},"David Owen info@shenton-owen.co.uk","Ed Shepherd","GF","Change of use","C3","NO",null,null,"YES","No","Windfall",{"$nulls":3},"18/03626/FUL","Full",null,null,"2018-09-17","2019-01-28","2022-01-28",1,0,1,{"$nulls":10},0,null,null,1,null,0,1,null,1,{"$nulls":3},"2019: Not started","Not started",null,"New permission. Forecasting assumptions applied.",null,"New",null,1,null,null,1,{"$nulls":10},1,1]
["Y","Y",null,"FRO/0002","Frodsham","Frodsham","Frodsham",null,"Land at Chapelfields, Main Street, Frodsham","Erection of sixty (60) dwelling units (2 to 4 storeys), car parking, open space and associated facilities. ",{"$nulls":3},"Morbaine Limited",null,"GF","New build","C3","NO",null,null,"NO",null,"HELAA",1.26,{"$f":"SUM(AI221/Y221)","v":47.61904761904762},null,"APP/2003/1848","Full",null,null,"2003-11-20","2012-07-18","2015-07-18",60,0,60,{"$nulls":10},0,null,null,60,null,0,60,null,60,"Expiring July 2015",null,null,"2016-2018: Stalled\n2019: Stalled","Stalled",null,"Site stalled. Not included in deliverable supply.",null,"=",null,0,{"$nulls":9},12,24,24,null,60,60,{"$nulls":31},{"$f":"SUM(CE221:DD221)","v":0}]
["Y","n/a","BLPU - IU","FRO/0008","Frodsham","Frodsham","Frodsham",null,"The Forge, Ship Street, Frodsham, WA6 7NZ ","Ten (10) new apartment dwellings with associated parking","Nobles Construction Ltd",null,"Mr P Scarisbrick","Halsall Lloyd Partnership - Mr Bob York",null,"PDL","New build","C3","NO",null,null,"NO","No","HELAA",0.07,{"v":142.85714285714283,"d":"14286%"},"11/01221/OUT  14/02461/OUT\n16/01411/FUL","16/01411/FUL","Full",null,null,"2016-04-05","2016-09-08","2019-09-08",10,0,10,{"$nulls":10},10,10,{"$nulls":3},10,0,null,0,"2018:Site delivering ahead of 2016/2017 forecasts\n2019: BLPU 1 unit complete and in use","3.6-11.13. November 2017. 17/01032/DIS",null,"2016: Outline permission.No site visit\n2017: Not started\n2018: Under construction\n2019: Complete","Complete",null,"Site complete. Forecasts achieved.",null,"=",null,0,{"$nulls":13},0,0,{"$nulls":9},10,{"$nulls":21},10]
["Y","n/a",null,"FRO/0011","Frodsham","Frodsham","Frodsham",null,"64 Howey Lane, Frodsham, WA6 6DL","Single storey side extension to existing dwelling and erection of two (2) new dwellings\nRelocation of dwelling 2 approved under 16/01964/NMA",null,null,"Mr S O.Connor",null,null,"PDL","New build","C3","NO",null,null,"NO","No","Windfall",0.58,3.4482758620689657,"13/01647/FUL   16/01964/NMA","14/03404/FUL","Full",null,null,"2014-09-07","2014-11-26","2017-11-26",2,0,2,{"$nulls":9},1,2,1,{"$nulls":3},1,0,null,0,null,"4-6.14-16.20.22.23. July 2016. 16/00658/DIS\n",null,"2016: Development started\n2017-2018: Under construction\n2019: Complete","Complete","2018:BC completion certs (plot1)","Site complete. Forecasts achieved.",null,"=",null,0,{"$nulls":13},0,0,{"$nulls":3},1,{"$nulls":27},1]
["n/a","n/a",null,"FRO/0012","Frodsham","Frodsham","Frodsham",null,"Land at 57 Church Street, Frodsham",{"$nulls":6},"PDL",{"$nulls":7},"BLR",0.07,0,"12/02447/FUL expired",{"$nulls":9},0,{"$nulls":10},0,{"$nulls":4},0,0,null,0,{"$nulls":10},0,{"$nulls":13},0,0,{"$nulls":31},0]
["Y","Y",null,"FRO/0022","Frodsham","Frodsham","Frodsham",null,"Adjacent 51 Howey Lane, Frodsham","One (1) new dwelling",{"$nulls":3},"McDyre & Co. Ltd",null,"GF","New build","C3","YES",null,null,"NO","No","Garden Land",0.09,11.11111111111111,"12/04175/OUT","15/01587/REM","Full",null,null,"2015-04-16","2015-07-30","2018-07-30",1,0,1,{"$nulls":10},0,null,1,null,null,0,1,null,1,null,"1-17. August 2015. 15/01570/DIS",null,"2016: Site cleared\n2017: Under construction\n2018: Under construction\n2019: Under construction","Under construction",null,"Site under construction. Forecasts reviewed and updated based on planning status and development progress.",null,"-","Delivery timescale >",1,null,1,{"$nulls":11},1,1,{"$nulls":31},0]
["Y","n/a",null,"FRO/0023","Frodsham","Frodsham","Frodsham",null,"Charter House, 63 Main Street, Frodsham, WA6 7DF","Change of use from offices to two (2) residential units",{"$nulls":5},"PDL","Change of use","C3","NO",null,null,"NO",null,"Windfall",0.02,100,"13/02788/FUL (16/08/2013)","16/02071/FUL","Full",null,null,"2016-05-17","2016-07-18","2019-07-18",2,0,2,{"$nulls":10},2,2,{"$nulls":3},2,0,null,0,{"$nulls":3},"2017: Not started\n2018: Not started\n2019: Complete","Complete",null,"Site complete. Forecasts exceeded.",null,"+","Delivery timescale <",0,{"$nulls":13},0,0,{"$nulls":10},2,{"$nulls":20},2]
["Y","Y",null,"FRO/0024","Frodsham","Frodsham","Frodsham",null,"Land at Saint Hildas Drive Post Office, St Hildas Drive, Frodsham, WA6 7PH","One (1) detached two-storey dwelling",{"$nulls":5},"PDL","New build","C3","NO",null,null,"NO","No","Windfall",0.05,20,"13/02644/FUL","16/02290/FUL","Full",null,null,"2016-06-02","2016-07-15","2019-07-15",1,0,1,{"$nulls":10},0,null,null,1,null,0,1,null,1,"14/03960/FUL - 2 storey extension to create new shop and 3 flats - refused and dismissed on appeal. ",null,null,"2016: Not started\n2017: Not started.New application approved\n2018: Not started\n2019: Not started","Not started","2017:New application approved\n2019: PP expires 07/2019","Permission expires in next monitoring period. Forecasts reviewed and removed from deliverable supply.",null,"-","Permission expires 2019",0,{"$nulls":13},0,0,{"$nulls":31},0]
["n/a","n/a",null,"FRO/0037a","Frodsham","Frodsham","Frodsham",null,"3-15 Bridge Lane, Frodsham","BLR site",{"$nulls":5},"PDL","New build","C3","NO",null,null,"NO","No","BLR",0.16,{"$nulls":9},6,null,6,{"$nulls":10},0,{"$nulls":4},0,0,6,6,{"$nulls":6},"Included on Brownfield Land Register.\nNot included in deliverable supply. No change to forecasts required.",{"$nulls":3},0,{"$nulls":10},3,3,null,6,6,{"$nulls":31},0]
["n/a","n/a",null,"FRO/0038","Frodsham","Frodsham","Frodsham",null,"Land off Greenfield Lane, Frodsham","BLR site",{"$nulls":5},"PDL","New build","C3","NO",null,null,"NO","No","BLR",0.37,{"$f":"SUM(AI229/Y229)","v":29.72972972972973},{"$nulls":8},11,null,11,{"$nulls":10},0,{"$nulls":4},0,0,11,11,{"$nulls":6},"Included on Brownfield Land Register.\nNot included in deliverable supply. No change to forecasts required.",{"$nulls":3},0,{"$nulls":9},3,4,4,null,11,11,{"$nulls":31},0]
["n/a","n/a",null,"FRO/0039","Frodsham","Frodsham","Frodsham",null,"Land to rear of 15 - 23  St Hilda's Drive, Frodsham",{"$nulls":6},"GF",{"$nulls":7},"HELAA",0.11,{"$f":"SUM(AI230/Y230)","v":0},"08-0126-FUL expired",{"$nulls":9},0,{"$nulls":10},0,{"$nulls":4},0,0,null,0,{"$nulls":10},0,{"$nulls":13},0,0,{"$nulls":31},0]
["Y",null,null,"FRO/0040","Frodsham","Frodsham","Frodsham",null,"Cheshire Cheese, 29 Main Street, Frodsham, WA6 7AZ ","Residential redevelopment to create six new build dwellings (C3 use) and the conversion and refurbishment of the Public House (A4 use) to create two dwellings (C3 use) with associated access, parking and amenity space",null,null,"Hammond Estates LLP","Paul Butler Associates - Tom Flannigan tom@paulbutlerassociates.co.uk","Cathy Reay","PDL","New build","C3","NO",null,null,"NO","No","Windfall",{"$nulls":3},"18/01239/OUT","Outline",null,null,"2018-04-03","2018-11-20","2021-11-20",8,0,8,{"$nulls":10},0,null,null,8,null,0,8,null,8,{"$nulls":3},"2019: Outline permission. No site visit","Not started. \nOutline permission",null,"New permission. Forecasting assumptions applied.",null,"New",null,8,{"$nulls":3},2,3,3,{"$nulls":7},8,8]
["n/a","n/a",null,"FRO/0041","Frodsham","Frodsham","Frodsham",null,"Land at Frodsham High School, Princeway, Frodsham",{"$nulls":6},"PDL",{"$nulls":7},"HELAA",0.93,{"$f":"SUM(AI232/Y232)","v":0},{"$nulls":10},0,{"$nulls":10},0,{"$nulls":4},0,0,null,0,{"$nulls":10},0,{"$nulls":13},0,0,{"$nulls":31},{"$f":"SUM(CE232:DD232)","v":0}]
["Y","Y",null,"FRO/0054","Frodsham","Frodsham","Frodsham",null,"Mersey View Club, Overton Hill, Bellemonte Road, Frodsham, WA6 6HH ","12 Dwellings (4 affordable), Provision of Revised Car Parking Layout to existing Hotel, Revised Access, Provision of New Access and Open Space (demolition of existing buildings) ",null,null,"Mersey View Pleasure Grounds Ltd","Edwards Architects - John Edwards john.edwards@edwardsarchitects.co.uk","Cathy Reay","PDL","New build","C3","NO",null,null,"NO","No","HELAA",1.39,{"$f":"SUM(AI233/Y233)","v":8.633093525179858},"14/03835/OUT (19/11/2018)","18/03822/REM","Outline. REM pending",null,"Allowed","2018-10-02",null,null,12,0,12,null,4,{"$nulls":8},0,null,null,12,null,0,12,null,12,"Allowed on appeal - 3032663\n2018:Outline permission expires 2018","5.13.14. 18/03822/REM pending",null,"2017:Outline permission.No site visit\n2018:Outline permission.No site visit.Permission expires 2018\n2019: Outline permission. No site visit. REM awaiting decision","Not started. \nOutline permission. REM awaiting decision","2018:No site visit.Permission expires 2018. ","REM submitted and awaiting decision. Forecasts reveiwed and updated based on plannining status.","Outline planning permission granted on appeal 19 Nov 2015.\nSubmission of reserved matters required by 19 Nov 2018.\nFORECAST REVISED– units removed from five year supply\nCurrent position:\nReserved matters application and discharge of conditions 13 and 14 received 2 Oct 2018","+","Delivery timescale <",12,{"$nulls":3},2,5,5,{"$nulls":7},12,12,{"$nulls":31},0]
["Y","n/a","BLPU - IU","FRO/0056","Frodsham","Frodsham","Frodsham",null,"Amen Corner, 5 Howey Lane / 5 Pinmill Close, Frodsham, WA6 6AB ","One dwelling with detached garage , associated parking, access, landscaping and materials",null,null,"Mr Steven Rowling","NJG Architectural Design: Mrs Nicola Gibson (01606 301171)",null,"GF","New build","C3","Yes",null,null,"NO","No","Garden land",0.15,{"$f":"SUM(AI234/Y234)","v":6.666666666666667},"15/02945/OUT","16/01902/FUL","Full",null,null,"2016-05-06","2016-07-08","2019-07-08",1,0,1,{"$nulls":10},1,1,{"$nulls":3},1,0,null,0,null,"All September 2017 17/03086/DIS",null,"2017: Under construction\n2018: Under construction\n2019: Complete","Complete",null,"Site complete. Forecasts achieved.",null,"=",null,0,{"$nulls":13},0,0,{"$nulls":3},1,{"$nulls":27},1]
["Y","Y",null,"FRO/0057","Frodsham","Frodsham","Frodsham",null,"Former Frodsham Library, High Street, Frodsham, WA6 7AN","Conversion and extension of former library to create 14 dwellings with associated car parking and amenity space","The House Crowd",null,"Library House Limited","Mr Tom Flanagan","Liza Woodray","PDL","Change of use","C3","NO",null,null,"NO","No","HELAA",0.08,{"$f":"SUM(AI235/Y235)","v":175},null,"17/00268/FUL","Full",null,null,"2017-01-20","2017-05-12","2020-05-12",14,0,14,{"$nulls":10},0,null,14,null,null,0,14,null,14,"2018:Site delivering ahead of 2016/2017 forecasts","3-5.13.14.19. 17/05463/DIS Nov 2018\n",null,"2018: Under construction\n2019: Under construction","Under construction","Place North west (24 Oct 2017) - building sold. Project work due to commence November 2017. Development planned to complete October 2018.","Site under construction. Forecasts reviewed and forecasts updated based on planning status and development progress.",null,"-","Delivery timescale >",14,null,14,{"$nulls":11},14,14,{"$nulls":31},0]
["Y","Y",null,"FRO/0058","Frodsham","Frodsham","Frodsham",null,"Adjacent Church House Farm, Fieldway, Church Road, Frodsham, WA6 6AE","Erection of new detached dwelling",null,null,"Mr G Latham","Mr K Woodward  ","Katie Richardson","PDL","New build","C3","NO",null,null,"NO","No","Windfall",0.04,{"$f":"SUM(AI236/Y236)","v":25},"16/01202/FUL (23/05/2019)\n18/00090/FUL (withdrawn)","18/02625/FUL","Full",null,null,"2018-07-09","2018-09-24","2021-09-24",1,0,1,{"$nulls":10},0,null,1,null,null,0,1,null,1,null,"3. 18/04832/DIS pending",null,"2017: Not started\n2018: Not started.Revised app awaiting decision\n2019: Under construction","Under construction","2018:Revised application pending","Site under construction. Forecasts reviewed and unchanged based on development progress.",null,"=",null,1,null,1,{"$nulls":11},1,1,{"$nulls":31},0]
["n/a","n/a",null,"FRO/0060","Frodsham","Frodsham","Frodsham",null,"Land off Ship Street, Frodsham",{"$nulls":6},"GF",{"$nulls":7},"HELAA",0.428,{"$nulls":11},0,{"$nulls":10},0,{"$nulls":4},0,0,null,0,{"$nulls":10},0,{"$nulls":13},0,0,{"$nulls":31},0]
["Y","n/a",null,"FRO/0061","Frodsham","Frodsham","Frodsham",null,"R Gleave And Sons Limited, Church Street, Frodsham, WA6 6PW ","Erection of an office block and new dwelling with detached garage, complete with associated parking, landscape and access",{"$nulls":5},"PDL","New build","C3","NO",null,null,"NO","No","Windfall",{"$nulls":3},"16/02600/FUL","Full",null,null,"2016-06-20","2017-01-12","2020-01-12",1,0,1,{"$nulls":10},1,1,{"$nulls":3},1,0,null,0,"2018:Site delivering ahead of 2016/2017 forecasts",null,null,"2017: Not started\n2018: Under construction\n2019: Complete","Complete","2018:Office and dwelling development under construction","Site complete. Forecasts achieved.",null,"=",null,0,{"$nulls":13},0,0,null,null,1,{"$nulls":28},1]
["Y","Y",null,"FRO/0065","Frodsham","Frodsham","Frodsham",null,"55 Ship Street, Frodsham, WA6 7NZ","One dwelling (forming new end of terrace)",{"$nulls":5},"GF","New build","C3","YES",null,null,"NO","No","Garden land",null,{"$f":"SUM(AI239/Y239)","v":{"$error":"#DIV/0!"}},null,"16/05282/FUL","Full",null,null,"2016-11-28","2017-02-27","2020-02-27",1,0,1,{"$nulls":10},0,null,1,null,null,0,1,null,1,{"$nulls":3},"2017: Not started\n2018: Development started\n2019: Under construction","Under construction","2018:extension to No.55 under construction","Site under construction. Forecasts reviewed and unchanged based on development progress.",null,"=",null,1,null,1,{"$nulls":11},1,1,{"$nulls":31},0]
["Y",null,null,"FRO/0069","Frodsham","Frodsham","Rural",null,"Woodhouses Farm, Tarvin Road, Frodsham, WA6 6UX","Conversion of farm building 1, 2 and 4 to create 3 dwellings, creation of first floor on building 1 and 2, demolition of farm building 3 and erection of one new dwelling in its place and new pitched roof on existing vehicle shed to be used as a car port",{"$nulls":3},"K Woodward jon.woodward@live.co.uk",null,"GF","Change of use","C3","NO",null,null,"YES","No","Windfall",{"$nulls":3},"18/00559/FUL","Full",null,null,"2018-02-13","2018-04-11","2021-04-11",4,0,4,{"$nulls":10},0,null,null,4,null,0,4,null,4,{"$nulls":3},"2019: Not started","Not started","2019: Owner indication that only 2 dwellings likely to be built","New permission. Forecasting assumptions applied.",null,"New",null,4,null,null,1,3,{"$nulls":9},4,4]
["Y",null,null,"FRO/0070","Frodsham","Frodsham","Frodsham",null,"123B Main Street, Frodsham, WA6 7AF","Extension to existing property and conversion to form three apartments",{"$nulls":5},"PDL","Change of use","C3","NO",null,null,"NO","No","Windfall",{"$nulls":3},"18/01731/FUL","Full",null,null,"2018-05-04","2018-08-17","2021-08-17",3,1,2,{"$nulls":10},0,null,null,2,null,0,2,null,2,{"$nulls":3},"2019: Not started","Not started",null,"New permission. Forecasting assumptions applied.",null,"New",null,2,null,-1,null,3,{"$nulls":9},2,2]
["Y","Y",null,"FRO/0071","Frodsham","Frodsham","Rural",null,"Sandstone Cottage, Hawthorne Farm, Tarvin Road, Frodsham, WA6 6UZ","Conversion of part of outbuilding to one dwelling",{"$nulls":3},"Andrew Williams andrew@andrewwilliams.co.uk","Ed Shepherd","GF","Change of use","C3","NO",null,null,"YES","No","Windfall",null,{"$f":"SUM(AI242/Y242)","v":{"$error":"#DIV/0!"}},null,"18/02253/FUL","Full",null,null,"2018-06-08","2018-08-06","2021-08-06",1,0,1,{"$nulls":10},0,null,1,null,null,0,1,null,1,{"$nulls":3},"2019: Under construction","Under construction",null,"New site under construction. Forecasts based on planning status and development progress.",null,"New",null,1,null,1,{"$nulls":11},1,1]
["n/a","n/a",null,"GAQ/0005","Garden Quarter",null,"Chester",null,"Rear of Crane Bank Garage, Crane Bank, Chester","BLR site",{"$nulls":5},"PDL","New build","C3","NO",null,null,"NO","No","BLR",0.18,{"$nulls":9},12,null,12,{"$nulls":10},0,{"$nulls":4},0,0,12,12,{"$nulls":6},"Included on Brownfield Land Register.\nNot included in deliverable supply. No change to forecasts required.",{"$nulls":3},0,{"$nulls":10},6,6,null,12,12,{"$nulls":31},{"$f":"SUM(CE243:DD243)","v":0}]
["n/a","n/a",null,"GAQ/0006","Garden Quarter",null,"Chester",null,"Southern Tail development, New Crane Street, Chester","BLR site",{"$nulls":5},"PDL","New build","C3","NO",null,null,"NO","No","BLR",0.66,{"$f":"SUM(AI244/Y244)","v":46.96969696969697},{"$nulls":8},31,null,31,{"$nulls":10},0,{"$nulls":4},0,0,31,31,{"$nulls":6},"Included on Brownfield Land Register.\nNot included in deliverable supply. No change to forecasts required.",{"$nulls":3},0,{"$nulls":9},31,{"$nulls":3},31,31,{"$nulls":31},0]
["Y","n/a","BLPU - IU","GAQ/0008","Garden Quarter",null,"Chester",null,"CESTRIA II - Former Tilston's Yard, Crane Wharf, Sealand Road, Chester","24 apartments\n16/01135/NMA approved for minor amendments and confirmation of finishing materials","Watkin Jones",null,"Watkin Jones Limited","MCK Associates Limited (m.richardson@mckassociates.co.uk)",null,"PDL","New build","C3","NO",null,null,"NO","No","HELAA",0.12,{"$f":"SUM(AI245/Y245)","v":200},"03/00562/FUL\n17/00713/NMA","15/03961/LDC","Full",{"$nulls":3},"2004-01-21","2009-01-21",24,0,24,{"$nulls":10},24,24,{"$nulls":3},24,0,null,0,"Site cleared and foundations completed. No progress made for a number of years. NMA submitted by Watkin Jones ","2,4,6,7,8,11 and 12 discharged (July 2016) 16/01448/DIS",null,"2009: Development commenced\n2010: Under construction\n2011-2016: Stalled\n2017-2018: Under construction\n2019: Complete\n2019: Complete","Complete","Site stalled.\nNMA for minor modifications and finishing materials approved (April 2016) 16/01135/NMA","Site complete. Forecasts achieved.",null,"=",null,0,{"$nulls":13},0,0,{"$nulls":9},6,18,{"$nulls":20},24]
["n/a","n/a",null,"GAQ/0010","Garden Quarter",null,"Chester",null,"Land at Arthur Street, Chester","BLR site",{"$nulls":5},"PDL","New build","C3","NO",null,null,"NO","No","BLR",0.56,{"$f":"SUM(AI246/Y246)","v":32.14285714285714},{"$nulls":8},18,null,18,{"$nulls":10},0,{"$nulls":4},0,0,18,18,{"$nulls":6},"Included on Brownfield Land Register.\nNot included in deliverable supply. No change to forecasts required.",{"$nulls":3},0,{"$nulls":7},6,6,6,{"$nulls":3},18,18,{"$nulls":31},0]
["n/a","n/a",null,"GAQ/0012","Garden Quarter",null,"Chester",null,"Land off New Crane Street / Kitchen Street, Chester","BLR site",{"$nulls":5},"PDL","New build","C3","NO",null,null,"NO","No","BLR",0.35,{"$f":"SUM(AI247/Y247)","v":51.42857142857143},{"$nulls":8},18,null,18,{"$nulls":10},0,{"$nulls":4},0,0,18,18,{"$nulls":6},"Included on Brownfield Land Register.\nNot included in deliverable supply. No change to forecasts required.",{"$nulls":3},0,{"$nulls":7},6,6,6,{"$nulls":3},18,18,{"$nulls":31},0]
["Y","Y",null,"GAQ/0024","Garden Quarter",null,"Chester",null,"Raymond House and Diocesan House, Raymond Street, Chester","Change of use of existing buildings to form 18 bedroom student accommodation with ancillary rooms",{"$nulls":3},"S Yates Design and Services - Stephanie Yates (stephanie1yates@hotmail.com)",null,"PDL","Change of use","SA communal","NO",null,null,"NO","Yes","HELAA",0.05,{"$f":"SUM(AI248/Y248)","v":300},"15/02650/FUL (14/10/2018)",null,"Expired",{"$nulls":5},15,null,15,18,{"$nulls":9},0,{"$nulls":4},0,0,15,15,{"$nulls":3},"2016-2018: Not started\n2019: Not started","Not started","2018:Permission expires 2018","Permission expired. Not included in deliverable supply - no change to forecasts required.",null,"=","Permission expired",0,{"$nulls":10},15,null,null,15,15,{"$nulls":31},0]
["Y",null,null,"GAQ/0027","Garden Quarter",null,"Chester",null,"34 Garden Lane, Chester, CH1 4EN","Construction of a two storey four-bedroom HMO and associated parking",null,null,"Chester Student Lets","SBS Design Ltd - Mr Chris Palin",null,"PDL","New build","HMO","NO",null,null,"NO","No","Windfall",0.05,null,null,"15/05139/FUL","Full",null,null,"2016-03-17","2016-06-09","2019-06-09",null,0,0,null,0,{"$nulls":8},0,{"$nulls":4},0,0,null,0,{"$nulls":3},"2017-2018: Not started\n2019: Not started","Not started","Not started","Permission expires in next monitoring period. Not included in deliverable supply.",null,"=","Not included in 2018 supply ",0,{"$nulls":13},0,0,{"$nulls":31},0]
[{"$nulls":3},"GAQ/0036","Garden Quarter",null,"Chester",null,"Commercial unit, Saddlery Way, Chester, CH1 4LZ","Change of use form vacant restaurant space (A3) to two apartments","Elan Homes",null,"Elan Homes  ",null,null,"PDL","Change of use","C3","NO",null,null,"NO","No","Windfall",{"$nulls":3},"17/03603/FUL","Full",null,null,"2017-08-18","2017-10-11","2020-10-11",2,0,2,{"$nulls":10},0,null,null,2,null,0,2,null,2,{"$nulls":3},"2018:Not started\n2019: Not started","Not started",null,"Forecasts reviewed and unchanged based on planing status and development progress.",{"$nulls":3},2,null,null,2,{"$nulls":10},2,2,{"$nulls":31},0]
["Y","Y",null,"GAQ/0037","Garden Quarter",null,"Chester",null,"Greenwich House, 5 Sealand Road, Chester, CH1 4LD","Change of use from B1 offices to provide 5 no. self contained flats with associated parking, external alterations and new external staircase",{"$nulls":3},"Toby Southgate toby@architecture.works","Dave Cowell","PDL","Change of use","C3","NO",null,null,"NO","Yes","Windfall",null,null,"17/02719/FUL","18/04460/FUL","Full",null,null,"2018-11-16","2019-01-15","2021-01-15",5,0,5,{"$nulls":10},0,null,5,null,null,0,5,null,5,null,"3-5.7-11. 18/02906/S73",null,"2019: Under construction","Under construction",null,"New site under construction. Forecasts based on planning status and development progress.",null,"New",null,5,null,5,{"$nulls":11},5,5]
["Y",null,null,"GAQ/0038","Garden Quarter",null,"Chester",null,"49 Garden Lane, Chester, CH1 4EN","Change of use form storage building to one dwelling",{"$nulls":5},"PDL","Change of use","C3","NO",null,null,"NO","No","Windfall",{"$nulls":3},"18/03056/FUL","Full",null,null,"2018-08-03","2019-03-14","2022-03-14",1,0,1,{"$nulls":10},0,null,null,1,null,0,1,null,1,{"$nulls":3},"2019: Not started","Not started",null,"New permission. Forecasting assumptions applied.",null,"New",null,1,null,null,1,{"$nulls":10},1,1]
["Y",null,null,"GOW/0037","Gowy","Dunham on the Hill","Rural",null,"Adjacent Dunham Hill Village Hall, Village Road, Dunham On The Hill, WA6 0NN","One (1) three-bed detached storey house OR single storey bungalow",{"$nulls":5},"GF","New build","C3","NO",null,null,"NO","No","Windfall",0.05,{"$f":"SUM(AI253/Y253)","v":20},"12/02511/FUL\n16/02093/FUL","16/04086/FUL","Full",{"$nulls":3},"2016-11-15","2019-11-15",1,0,1,{"$nulls":10},0,null,null,1,null,0,1,null,1,{"$nulls":3},"2017: Not started\n2018: Not started\n2019: Not started","Not started",null,"Forecasts reviewed and updated based on planning status and development progress.",null,"-",null,1,null,null,1,{"$nulls":10},1,1,{"$nulls":31},{"$f":"SUM(CE253:DD253)","v":0}]
["Y","Y",null,"GOW/0041","Gowy","Barrow","Rural",null,"Greysfield, Ferma Lane, Barrow, Chester, CH3 7HT","Change of use from C2 to eight (8) residential dwellings - extensions and alterations to increase number of apartments from 8 units to 10 units","Elegant Homes NW Ltd",null,"Elegant Homes NW Ltd","MDA Architectural Services - Mr Mark Arrowsmith",null,"PDL","Change of use","C3","NO",null,null,"NO","No","Windfall",0.77,12.987012987012987,"12/02532/COU\n15/02523/FUL","17/02498/FUL","Full",null,null,"2017-06-06","2017-11-27","2020-11-27",10,0,10,{"$nulls":10},0,null,10,null,null,0,10,null,10,"15/02523/FUL\n3 mews houses befind site for sale on rightmove (March 2019)","1-5.7-13.15.16. pending 16/03311/DIS",null,"2016: Development started\n2017: Under construction\n2018: Under construction\n2019: Under construction","Under construction","2018:12 month completion date anticipated","Site under construction. Forecasts reviewed and updated based on planning status and development progress.",null,"-","Delivery timescale >",10,null,10,{"$nulls":11},10,10,{"$nulls":31},0]
["Y",null,null,"GOW/0046","Gowy","Manley","Rural","Manley","Land opposite Moss Farm, Moss Lane, Manley, Frodsham","Demolition of existing buildings and erection of two (2) dwellings and detached garage",{"$nulls":3},"Goodwin Planning Services Ltd (Steve Goodwin)",null,"GBPDL","New build","C3","NO",null,null,"NO","No","HELAA",0.46,4.3478260869565215,"15/02205/S73","14/00722/FUL","Full",null,null,"2014-02-21","2014-04-11","2017-04-11",2,0,2,{"$nulls":10},0,null,null,2,null,0,2,null,2,"S73 - variation on condition 2 - plans - windows\nNMA for Plot 1 17/02933/NMA July 2017","3-6..9.10.12.13.15. April 2016 15/05093/DIS",null,"2016: Not started\n2017: Demolition\n2018: Not started.Site marketed\n2019: Development started","Development commenced","2018:Site marketed for sale (Wright Marshall)","Forecasts reviewed and updated based on planning status and development progress.",null,"-",null,2,null,null,1,1,{"$nulls":9},2,2,{"$nulls":31},0]
["Y",null,null,"GOW/0054","Gowy","Manley","Rural",null,"New House Farm, Manley Lane, Manley, Frodsham, WA6 0PG","Conversion of traditional agricultural building to form one (1) dwelling",{"$nulls":5},"GF","Change of use","C3","NO",null,null,"YES","No","Windfall",0.26,3.846153846153846,"14/03712/FUL","17/04546/FUL","Full",{"$nulls":3},"2017-12-22","2020-12-22",1,0,1,{"$nulls":10},0,null,null,1,null,0,1,null,1,{"$nulls":3},"2016: Not started\n2017: Not started\n2018: Not started.Revised scheme approved\n2019: Not started","Not started","2018:Revised scheme approved","Forecasts reviewed and updated based on planning status and development progress.",null,"-",null,1,null,null,1,{"$nulls":10},1,1,{"$nulls":31},0]
["Y","n/a","BLPU - IU","GOW/0055","Gowy","Dunham on the Hill","Rural",null,"Barrow Lane Farm, Barrow Lane, Dunham On The Hill, WA6 0NR","Proposed change of use of existing barn to single residential dwelling and new farm access.",{"$nulls":3},"Mr K Woodward (Architect)\nForest Gate, Tarvin Road, Frodsham, WA6 6UU",null,"GF","Change of use","C3","No",null,null,"Yes","No","Windfall",0.05,20,null,"14/00538/FUL","Full",null,null,"2014-02-11","2014-12-02","2017-12-02",1,0,1,{"$nulls":10},1,1,{"$nulls":3},1,0,null,0,{"$nulls":3},"2016: Not started\n2017: Not started\n2018: Under construction\n2019: Complete","Complete",null,"Site complete. Forecasts achieved.",null,"=",null,0,{"$nulls":13},0,0,null,null,1,{"$nulls":28},1]
["Y","Y",null,"GOW/0062","Gowy","Hapsford","Rural",null,"OS Field numbers 3751 and 3249, west of Holly Mount Cottage, Moor Lane, Hapsford","Erection of one (1) dwelling",null,null,"Mr and Mrs Hanson","Goodwin Planning Services Ltd - Steve Goodwin",null,"GF","New build","C3","NO",null,null,"NO","No","Windfall",0.15,6.666666666666667,"16/04789/S73","16/00447/FUL","Full",null,null,"2016-02-02","2016-06-08","2019-06-08",1,0,{"$f":"AI258-AJ258","v":1},{"$nulls":10},0,null,1,null,null,0,{"$f":"SUM(AX258+AY258)","v":1},null,{"$f":"SUM(BC258+BB258)","v":1},null,"3.6. discharged 16/04790/DIS",null,"2017: Development started\n2018: Under construction\n2019: Under construction","Under construction",null,"Site under construction. Forecasts reviewed and updated based on planning status and development progress.",null,"-","Delivery timescale >",{"$f":"SUM(BQ258:BU258)","v":1},null,1,{"$nulls":11},{"$f":"SUM(BQ258:CA258)","v":1},{"$f":"SUM(BQ258:CB258)","v":1},{"$nulls":31},0]
["Y",null,null,"GOW/0063","Gowy","Hapsford","Rural",null,"Land opposite Jessamine Farm, Moor Lane, Hapsford","New dwelling",null,null,"Mr Luke Guest","Goodwin Planning Services Ltd (Steve Goodwin)",null,"GF","New build","C3","NO",null,null,"NO","No","Windfall",0.11,9.090909090909092,null,"14/05329/FUL","Full",null,"Allowed","2014-12-22","2015-08-17","2018-08-17",1,0,1,{"$nulls":10},0,null,null,1,null,0,1,null,1,"Allowed on appeal - 3016547",null,null,"2016: Not started\n2017: Development started\n2018: No planning status and development progress\n2019: No planning status and development progress","Stalled",null,"Site stalled. Not included in deliverable supply.",null,"=",null,0,{"$nulls":13},0,0,{"$nulls":31},0]
["Y","Y",null,"GOW/0067","Gowy","Dunham on the Hill","Rural",null,"Adjacent Bankfield, Village Road, Dunham On The Hill, WA6 0NN","Dormer Bungalow",{"$nulls":3},"Mr Andrew Meakin",null,"PDL","New build","C3","YES",null,null,"No","No","Garden land",0.11,9.090909090909092,"14/04598/FUL\n18/01159/S73","15/01223/FUL","Full",null,null,"2015-03-23","2015-10-14","2018-10-14",1,0,1,{"$nulls":10},0,null,1,null,null,0,1,null,1,{"$nulls":3},"2016: Not started\n2017: Not started.Revised scheme\n2018: Not started\n2019: Under construction","Under construction","2018:Revised scheme pending","Site under construction. Forecasts reviewed and unchanged based on planning status and development progress.",null,"=",null,1,null,1,{"$nulls":11},1,1,{"$nulls":31},0]
["Y",null,null,"GOW/0068","Gowy","Dunham On The Hill","Rural",null,"Adjacent Gable Cottage, Low Hill, Dunham On The Hill, Chester","Two storey detached dwelling",{"$nulls":3},"Mr Kevin Holmes",null,"PDL","New build","C3","YES",null,null,"NO","No","Garden Land",0.12,8.333333333333334,"13/04722/FUL (29/01/2018)\n15/02177/NMA","\n13/04722/FUL  ","Full",null,null,"2013-10-28","2015-01-29","2018-01-29",1,0,1,{"$nulls":10},0,null,1,null,null,0,1,null,1,"March 2019 - permission implemented, for sale on Rightmove with foundations dug. ","3-5 May 2016. 16/01321/DIS",null,"2015:Not started\n2016:Not started\n2017: PP implemented\n2018: Stalled","Stalled","2018:Implemented\n2019: Stalled","Site stalled. Forecasts reviewed and remain unchanged. Not included in deliverable supply.",null,"=",null,0,{"$nulls":13},0,0]
["Y",null,null,"GOW/0088","Gowy","Mouldsworth","Rural",null,"Swinford Stables, Nortons Lane, Mouldsworth, CH3 7JZ","New dwelling (for rural worker associated with Polo business) (resubmission of 14/05268/FUL) ",{"$nulls":3},"Emery Planning Partnership Ltd",null,"GBGF","New build","C3 workers","NO",null,null,"YES","No","Windfall",0.26,3.846153846153846,null,"15/03936/FUL","Full",null,null,"2015-09-24","2015-11-26","2018-11-26",1,0,1,{"$nulls":10},0,null,null,1,null,0,1,null,1,"14/058268/FUL - refused","5.7 (Pending) 18/02813/DIS",null,"2016: Not started\n2017: Not started\n2018: Not started.Permission expires 2018\n2019: Development started","Development commenced","2018:Permission expires 2018","Forecasts reviewed and updated based on development progress. Not included in deliverable supply.",null,"+",null,1,null,null,1,{"$nulls":10},1,1,{"$nulls":31},{"$f":"SUM(CE262:DD262)","v":0}]
["Y","n/a",null,"GOW/0094","Gowy","Frodsham","Frodsham",null,"Stable block, Ashton Road/Delamere Lane, Manley Common, Frodsham","Conversion  of stable block to single dwelling (1)",{"$nulls":5},"GF","Change of use","C3","NO",null,null,"YES","No","Windfall",0.82,1.2195121951219512,"16/02279/FUL","16/04599/FUL","Full",null,null,"2016-10-12","2016-12-14","2019-12-14",1,0,1,{"$nulls":10},1,1,{"$nulls":3},1,0,null,0,"Officer knowledge - site complete",null,null,"2017: Not started\n2018: Not started\n2019: Complete","Complete",null,"Site complete. Forecasts exceeded.",null,"+","Delivery timescale <",0,{"$nulls":13},0,0,{"$nulls":5},1,{"$nulls":25},1]
["Y",null,null,"GOW/0097","Gowy","Ashton Hayes","Rural",null,"Village Farm, Church Road, Ashton Hayes, CH3 8AB","Conversion of existing traditional farm buildings to form five residential units with new access, associated parking and turning areas and landscaping  (4725 sqm)",null,null,"Mrs Dobson","Wright Marshall - Olivia Starkey",null,"GF","Change of use","C3","NO",null,null,"YES","No","Windfall",0.48,10.416666666666668,"16/05203/S73","16/02070/FUL","Full",null,null,"2016-05-17","2016-09-08","2019-09-08",5,0,5,{"$nulls":10},0,null,5,null,null,0,5,null,5,"S73 - removal of affordable housing\nMarch 2018 - Officer visit site marketed for sale by Wright Marshall ",null,"Y","2017: Not started\n2018: Not started.Site being marketed\n2019: Under construction","Under construction","2018:Site marketed for sale (Wright Marshall)","Site under construction. Forecasts exceeded - reviewed and updated based on development progress.",null,"+","Delivery timescale <",5,null,null,5,{"$nulls":10},5,5,{"$nulls":31},0]
["Y",null,null,"GOW/0099","Gowy","Mouldsworth","Rural",null,"Land at Woodfield, Station Road, Mouldsworth, CH3 8AJ","Erection of one detached house and double garage",null,null,"Mr & Mrs Williams","Mr Marc Serrano marc@smyo.co.uk","Karl Spilsbury","GF","New build","C3","NO",null,null,"NO",null,"Windfall",null,{"$error":"#DIV/0!"},"16/00496/OUT (19/10/2019)","18/02824/REM","Full",null,"Allowed","2018-07-20","2019-01-18","2021-01-18",1,0,1,{"$nulls":10},0,null,null,1,null,0,1,null,1,null,"6.7. 19/00660/DIS Pending",null,"2017: Outline permission.No site visit\n2018: Outline permission.No site visit\n2019: Not started","Not started",null,"Forecasts reviewed and unchanged based on planning status and development progress.",null,"=",null,1,null,null,1,{"$nulls":10},1,1,{"$nulls":31},0]
["Y","Y",null,"GOW/0100","Gowy","Manley","Rural",null,"Birchdale Farm, Waterloo Lane, Kingsley, Frodsham, WA6 6JH","Change of use from commercial and agricultural use class to form 14 No dwellings. Application includes for partial demolition of existing structures and minor adaptions to remaining structures.",{"$nulls":3},"Daccu sACM Ltd-Nick Daccus nick@daccus.co.uk",null,"GBGF","Change of use","C3","NO",null,null,"YES","No","Windfall",null,{"$error":"#DIV/0!"},"15/01440/FUL","18/04246/FUL","Full",null,null,"2018-10-31",null,null,3,0,3,{"$nulls":10},0,null,null,3,null,0,3,null,3,{"$nulls":3},"2017: Not started\n2018: Not started\n2019: Not started","Not started","2018:Site marketed for sale (Jackson Property)","Revised application recommended for approval. Forecasts reviewed and updated based on planning status.",null,"-","Delivery timescale >",3,{"$nulls":3},3,{"$nulls":9},3,3,{"$nulls":31},0]
["Y",null,null,"GOW/0101","Gowy","Barrow","Rural",null,"Outbuildings adjacent 1 Little Barrow Hall Mews, Station Lane, Barrow","Conversion of outbuilding to one dwelling",{"$nulls":5},"PDL","Change of use","C3","NO",null,null,"NO","No","Windfall",{"$nulls":3},"17/00348/FUL","Full",null,null,"2017-02-01","2017-08-15","2020-08-15",1,0,1,{"$nulls":10},0,null,1,null,null,0,1,null,1,{"$nulls":3},"2018: Not started\n2019: Under construction","Under construction",null,"Site under construction. Forecasts reviewed and unchanged based on development progress.",null,"=",null,1,null,1,{"$nulls":11},1,1,{"$nulls":31},0]
["Y",null,null,"GOW/0102","Gowy","Ashton Hayes","Rural","Ashton Hayes","Methodist Church, Ashton Lane, Ashton Hayes, CH3 8AA","Change of use to a dwelling house from a place of worship",null,null,"Dunham Hill Trust-Neil Simpson","A D Partnership-Arthur Davey arthur.davey@talktalk.net",null,"GBPDL","Change of use","C3","NO",null,null,"NO","No","Windfall",{"$nulls":3},"17/02411/FUL","Full",null,null,"2017-06-07","2017-09-08","2020-09-08",1,0,1,{"$nulls":10},0,null,null,1,null,0,1,null,1,"15/2/2019 - sold on Rightmove with 'Your Move' - offers in by 14/9/18. ",null,null,"2018: Not started\n2019: Not started.Site sold","Not started",null,"Forecasts reviewed and updatd based on planning status and development progress.",null,"-",null,1,null,null,1,{"$nulls":10},1,1,{"$nulls":31},0]
["Y",null,null,"GOW/0104","Gowy","Ashton Hayes and Horton-cum-Peel","Rural",null,"Dunham Barn, (formerly Warwick Barn), Longley Lane, Kelsall, CW6 0TG","Conversion of barn to one dwelling",{"$nulls":3},"Hayes And Partners","Ben Greenwood","GF","Change of use","C3","NO",null,null,"YES","No","Windfall",null,null,"17/00899/PDQ\n18/03548/FUL (pending)","18/04389/PDQ","PDQ",null,null,"2018-11-12","2019-01-29","2021-01-29",1,0,1,{"$nulls":10},0,null,null,1,null,0,1,null,1,{"$nulls":3},"2018: Not started\n2019: Not started. New app pending","Not started",null,"Forecasts reviewed and updated based on planning status and development progress.",null,"-",null,1,null,null,1,{"$nulls":10},1,1]
["Y","n/a",null,"GOW/0105","Gowy","Ashton Hayes and Horton-cum-Peel","Rural","Ashton Hayes","Hidden Cottage, Church Road, Ashton Hayes, CH3 8AB","Removal of condition 7 (and related S.106 Agreement) of planning permission 94/01218/COU for use as a separate residential unit ",null,null,"Mr and Mrs F Tant","Mr Matthew Gilbert",null,"PDL","Change of use","C3","NO",null,null,"NO","No","Windfall",null,null,"94/01218/COU","17/04543/S73","Full",null,null,"2017-10-23","2018-02-07","2021-02-07",1,0,1,{"$nulls":10},1,1,{"$nulls":3},1,0,null,0,{"$nulls":3},"2018: Under construction\n2019: Complete","Complete",null,"Site complete. Forecasts achieved.",null,"=",null,0,{"$nulls":13},0,0,null,1,{"$nulls":29},{"$f":"SUM(CE270:DD270)","v":1}]
["Y",null,null,"GOW/0108","Gowy","Dunham on the Hill and Hapsford","Rural",null,"Land at Moor Lane, Hapsford, Chester","Conversion of two storey barn to residential use with single storey rear extension",{"$nulls":3},"CPA-Chris Pickup chris@cp-architecture.com",null,"GF","Change of use","C3","NO",null,null,"YES","No","Windfall",0.038,null,"18/03075/NMA (28.8.2018)\n18/04731/NMA  (19/2/2019)","17/04510/FUL","Full",null,null,"2017-11-06","2017-12-22","2020-12-22",1,0,1,{"$nulls":10},0,null,null,1,null,0,1,null,1,"18/03075/NMA - roof and staircase",null,null,"2018: Not started\n2019: Not started","Not started",null,"Forecasts reviewed and updated based on planning status. Removed from deliverable supply.",null,"-",null,0,{"$nulls":13},0,0,{"$nulls":31},{"$f":"SUM(CE271:DD271)","v":0}]
["Y",null,null,"GOW/0110","Gowy","Barrow","Rural",null,"Dairy Cottage and Stable Cottage, Milton Brook, Barrow Lane, Barrow","Change of use from holiday lets to 2 residential units with associated parking and amenity space",null,null,"Mr M Chesworth","matt:d2architects.co.uk",null,"PDL","Change of use","C3","NO",null,null,"NO","No","Windfall",{"$nulls":3},"18/00916/FUL","Full",null,null,"2018-03-08","2018-05-18","2021-05-18",2,0,2,{"$nulls":10},0,null,null,2,null,0,2,null,2,{"$nulls":3},"2019: Not started","Not started",null,"New permission. Forecasting assumptions applied.",null,"New",null,2,{"$nulls":3},2,{"$nulls":9},2,2]
["Y",null,null,"GOW/0111","Gowy","Dunham on the Hill and Hapsford","Rural",null,"Morley Bridge House, Chester Road, Dunham On The Hill, Chester, CH2 4JT ","Conversion of an existing business unit into 6 residential units",{"$nulls":3},"Fair Home Group - Liam Briggs liam.briggs@fairhomegroup.co.uk","Ben Greenwood","PDL","Change of use","C3","NO",null,null,"NO","No","Windfall",null,{"$f":"SUM(AI273/Y273)","v":{"$error":"#DIV/0!"}},null,"18/01557/FUL","Full",null,null,"2018-04-23","2018-10-03","2021-10-03",6,0,6,{"$nulls":10},0,null,null,6,null,0,6,null,6,{"$nulls":3},"2019: Not started","Not started",null,"New permission. Forecasting assumptions applied.",null,"New",null,6,{"$nulls":3},6,{"$nulls":9},6,6]
["Y","Y",null,"GOW/0112","Gowy","Ashton Hayes and Horton-cum-Peel","Rural",null,"Adjacent Kelvin View, Ashton Lane, Ashton Hayes ","Conversion of existing traditional buildings to form one dwelling with new access, associated parking, turning and landscaping",null,null,"NMr Newsome","Wright Marshall - Olivia Starkey oliviastarkey@wrightmarshall.co.uk","Brian Leonard","GF","Change of use","C3","NO",null,null,"YES","No","Windfall",{"$nulls":3},"18/02866/FUL","Full",null,null,"2018-07-24","2018-12-13","2021-12-13",1,0,1,{"$nulls":10},0,null,1,null,null,0,1,null,1,{"$nulls":3},"2019: Under construction","Under construction",null,"New site under construction. Forecasts based on planning status and development progress.",null,"New",null,1,null,1,{"$nulls":11},1,1]
["Y","n/a",null,"GOW/0114","Gowy","Dunham-on-the-Hill and Hapsford","Rural",null,"Gethsemane Caravan Park, Chester Road, Dunhan on the Hill, WA6 0JQ","Change of use of land to a traveller's site to accommodate 3 pitches, erection of utility block/dayroom and grassed amenity room",{"$nulls":5},"GBGF","New build","G&T","NO",null,null,"NO","No","Windfall",{"$nulls":3},"16/02334/FUL","Full","APP/A0665/W/16/3161027","Allowed","2018-05-23","2018-05-24","2021-05-24",3,0,3,{"$nulls":10},3,3,{"$nulls":3},3,0,null,0,{"$nulls":3},"2019: Complete","Complete",null,"Site complete. New 2018/2019 permission.",null,"New",null,0,{"$nulls":13},0,0,{"$nulls":25},3,{"$nulls":5},{"$f":"SUM(CE275:DD275)","v":3}]
["Y",null,null,"GOW/0115","Gowy","Mouldsworth","Rural",null,"Poplar Grove Farm, Smithy Lane, Mouldsworth, CH3 8AR ","Conversion of existing barns into six dwellings, demolition of existing modern structures and erection of detached carport",{"$nulls":3},"Fisher German - Nial Casselden nial.casselden@fishererman.co.uk","Cathy Reay","GF","Change of use","C3","NO",null,null,"YES","No","Windfall",{"$nulls":3},"18/03506/FUL","Full",null,null,"2018-09-05","2018-12-20","2021-12-20",6,0,6,{"$nulls":10},0,null,6,null,null,0,6,null,6,{"$nulls":3},"2019: Not started","Not started",null,"New permission. Forecasting assumptions applied.",null,"New",null,6,{"$nulls":3},3,3,{"$nulls":8},6,6]
["n/a","n/a",null,"GRA/0002","Grange",null,"Ellesmere Port",null,"Land at 42-60 Luton Road, Ellesmere port",{"$nulls":6},"GF",{"$nulls":7},"HELAA",null,0.262,{"$nulls":10},0,{"$nulls":10},0,{"$nulls":4},0,0,null,0,{"$nulls":10},0,{"$nulls":13},0,0,{"$nulls":31},{"$f":"SUM(CE277:DD277)","v":0}]
["n/a","n/a",null,"GRA/0010","Grange",null,"Ellesmere Port",null,"Council depot and garage court, Sutton Way, Ellesmere Port","BLR site",{"$nulls":5},"PDL","New build","C3","NO",null,null,"NO","No","BLR",0.38,0.379,{"$nulls":8},12,null,12,{"$nulls":10},0,{"$nulls":4},0,0,12,12,{"$nulls":6},"Included on Brownfield Land Register.\nNot included in deliverable supply. No change to forecasts required.",{"$nulls":3},0,{"$nulls":9},6,6,null,null,12,12,{"$nulls":31},0]
["n/a","n/a",null,"GRA/0012(a)","Grange",null,"Ellesmere Port",null,"The Acorns (former school site), Pooltown Road, Ellesmere Port","Homes England ACGF site (capacity: 54)\nBLR site","Galliford Try",{"$nulls":4},"PDL","New build","C3","NO",null,null,"NO","No","BLR",0.46,{"$f":"SUM(AI279/Y279)","v":76.08695652173913},{"$nulls":8},35,null,35,{"$nulls":10},0,{"$nulls":4},0,0,35,35,"Local Authority owned surplus land / buildings - Potential for site deliver affordable / Starter homes\nLocal Authority owned vacant brownfield site.\n2015:Identified in Strategic Housing Framework.\n2017: Site proposals being prepared for ca 59 units",{"$nulls":5},"Included on Brownfield Land Register.\nForecasts reviewed and updated based on planning status (informal pre-app, formal application being prepared), funding secured through Homes England ACGF, and developer identified.",null,"+","Delivery timescale <",35,{"$nulls":3},11,12,12,{"$nulls":7},35,35,{"$nulls":31},0]
["Y","Y",null,"GRA/0017","Grange",null,"Ellesmere Port",null,"Sutton Way, land adjacent to West Cheshire College, Regent Street, Ellesmere Port","Residential development of 140 dwellings with associated works","Barratt Homes",null,"BDW Trading Ltd, trading as Barratt Homes and Barkin Developments Ltd (Jon Partington)","BDP: Mr Andrew Taege (0161 8282251) andrew.teage@bdp.com",null,"PDL","New build","C3","NO",null,null,"NO","No","Windfall",3.59,{"$f":"SUM(AI280/Y280)","v":38.99721448467967},"12/00424/OUT  \n13/03858/S73","16/02739/FUL","Full",null,null,"2016-06-28","2016-11-16","2019-11-16",140,0,140,{"$nulls":9},28,82,54,14,44,null,54,58,null,58,"BDP acting on behalf of Barkin Developments. S73 approved to remove condition 31 (affordable housing req). Email: actively trying to sell site to major house builder ","3.7.9.10.12.13.15.17.21.23-26 January 2018 17/00021/DIS",null,"2015-2016: Outline permission.No site visit\n2017: Development commenced\n2018: Under construction\n2019: Under construction","Under construction","Correspondence - advanced negotiations with house builder. Start date likely 4th quarter of 2016. Possible 2 to 3 year build programme.\nFull pp (6x2bed, 132x3bed and 2x4+ bed) - 2017:Groundworks started\n2019: Barratt forecasts received","Site under construction. Forecasts exceeded - reviewed and updated based on planning status, development progress and forecasting information.",null,"+","Delivery rate >\nDelivery timescale <",58,null,49,9,{"$nulls":10},58,58,null,2,52,{"$nulls":28},54]
["Y",null,"Y","GRA/0020","Grange",null,"Ellesmere Port",null,"Rear of 3 Suffolk Avenue, Ellesmere Port, CH65 7DR","Erection of single storey dwelling (2bed bungalow)",{"$nulls":3},"Henson Architectural Design-Mrs Jackie Henson info@hensonarchitecturaldesign.com",null,"GF","New build","C3","YES",null,null,"NO","No","Garden land",0.0691,{"$f":"SUM(AI281/Y281)","v":14.471780028943561},null,"17/04733/OUT","Outline",null,null,"2017-11-02","2018-01-31","2021-01-31",1,0,1,{"$nulls":10},0,null,null,1,null,0,1,null,1,{"$nulls":3},"2018:Outline permission.No site visit\n2019: Outline permission. No site visit","Not started. \nOutline permission",null,"Forecasts reviewed and unchanged based on planning status.",null,"=",null,1,null,null,1,{"$nulls":10},1,1,{"$nulls":31},0]
["n/a","n/a",null,"GRB/0002","Great Boughton",null,"Chester",null,"Land off Coopers Croft, Whires Meadow, Boughton Heath, Chester",{"$nulls":6},"GF",{"$nulls":7},"HELAA",0.669,{"$nulls":11},0,{"$nulls":10},{"$f":"SUM(AN282:AU282)+BA282","v":0},{"$nulls":4},{"$f":"SUM(AW282-AZ282)","v":0},0,null,0,{"$nulls":10},0,{"$nulls":13},0,0,{"$nulls":31},0]
["n/a","n/a",null,"GRB/0003","Great Boughton",null,"Chester",null,"Land off Robinsons Croft, Boughton Heath, Chester",{"$nulls":6},"GF",{"$nulls":7},"HELAA",0.352,{"$nulls":11},0,{"$nulls":10},0,{"$nulls":4},0,0,null,0,{"$nulls":10},0,{"$nulls":13},0,0,{"$nulls":31},0]
["n/a","n/a",null,"GRB/0004","Great Boughton",null,"Chester",null,"Land to rear of 51 - 81 Queens Road, off Sutherland Way, Chester",{"$nulls":6},"GF",{"$nulls":7},"HELAA",2.48,{"$nulls":11},0,{"$nulls":10},0,{"$nulls":4},0,0,null,0,{"$nulls":10},0,{"$nulls":13},0,0,{"$nulls":31},0]
["n/a","n/a",null,"GRB/0034(a)","Great Boughton",null,"Chester",null,"Beechmoore Garden Centre / Shed sales, Whitchurch Road, Chester, CH3 5QD","BLR site",{"$nulls":5},"PDL","New build","C3","NO",null,null,"NO","No","BLR",0.93,null,"17/03661/FUL refused",{"$nulls":7},22,null,22,{"$nulls":10},0,{"$nulls":4},0,0,22,22,"17/03661/FUL REFUSED: Demolition of the existing garden centre buildings and redevelopment of the site to provide a total of 111 care apartments and bungalows with associated car parking, landscaping and amenity space",{"$nulls":5},"Included on Brownfield Land Register.\nNot included in deliverable supply. No change to forecasts.",{"$nulls":3},0,{"$nulls":10},10,12,null,22,22,{"$nulls":31},0]
["Y","n/a",null,"GRB/0035","Great Boughton","Great Boughton","Chester",null,"Land At 68 Becketts Lane, Great Boughton, Chester, CH3 5RW","Erection of one detached dwelling with double garage  ",null,null,"Vivio Developments","RADM Architects",null,"GF","New build","C3","YES",null,null,"NO","No","Garden Land",0.15,{"$f":"SUM(AI286/Y286)","v":6.666666666666667},"18/02285/S73","16/01679/FUL","Full",null,null,"2016-05-21","2016-07-29","2019-07-29",1,0,1,{"$nulls":10},1,1,{"$nulls":3},1,0,null,0,"18/02285/S73 - drainage","1-11. June 2017. 17/00143/DIS",null,"2017: Not started\n2018: Under construction\n2019: Complete","Complete",null,"Site complete. Forecasts achieved.",null,"=",null,0,{"$nulls":13},0,0,null,null,1,{"$nulls":28},1]
["n/a","n/a",null,"GRB/0037","Great Boughton","Great Boughton","Chester",null,"Land off Dulverton Avenue / Oldfield Drive, Vicars Cross, Chester",{"$nulls":6},"GF",{"$nulls":7},"HELAA",0.574,{"$nulls":11},0,{"$nulls":10},0,{"$nulls":4},0,0,null,0,{"$nulls":10},0,{"$nulls":13},0,0,{"$nulls":31},0]
["Y",null,null,"GRB/0039","Great Boughton","Great Boughton","Chester",null,"Land at 28 Private Walk, Great Boughton, Chester","One (1) two bedroom detached house",{"$nulls":5},"GF","New build","C3","YES",null,null,"NO",null,"Garden land",0.05,{"$f":"SUM(AI288/Y288)","v":20},"08/01987/FUL\n11/05715/EXT\n15/00256/FUL (02/04/2015)","18/00293/FUL","Full",null,null,"2018-01-24","2018-03-16","2021-03-16",1,0,1,{"$nulls":10},0,null,null,1,null,0,1,null,1,"Historic permissions not implemented",null,null,"2018: Not started\n2019: Not started","Not started","2018:Revised application approved","Forecasts reviewed and updated based on planning status and development progress.",null,"-","Delivery timescale >",1,null,null,1,{"$nulls":10},1,1,{"$nulls":31},0]
["Y","Y",null,"GRB/0042","Great Boughton","Great Boughton","Chester",null,"Foxwood, Caldy Valley Road, Great Boughton, Chester, CH3 5PR","Demolition of existing bungalow and construction of 7no new two storey houses and associated garages and external works",{"$nulls":3},"T8 Design Ltd",null,"Mix","New build","C3","NO",null,null,"NO","No","Windfall",0.2,{"$f":"SUM(AI289/Y289)","v":35},null,"15/01278/FUL","Full",null,null,"2015-03-27","2016-02-10","2019-02-10",7,1,6,{"$nulls":10},0,null,null,6,null,0,6,null,6,"2019: Officer knowledge - site not started and no sign of construction / demolition (March 2019). ",null,null,"2017:Not started\n2018:Not started\n2019: Not started","Not started",null,"Discharge of conditions received Dec 2018 awaiting decision. Forecasts reviewed and updated based on planning status and development progress. Removed from deliverable supply.",null,"-","Permission expired",0,{"$nulls":6},-1,1,2,2,2,null,null,6,6,{"$nulls":31},0]
["Y",null,null,"GRB/0043","Great Boughton","Great Boughton","Chester",null,"Rear of 58 Whitchurch Road, Great Boughton, Chester, CH3 5QB","New dwelling and garage",null,null,"Mr B Henderson","Willacy Horsewood Architects",null,"GF","New build","C3","YES",null,null,"NO","No","Garden land",0.19,{"$f":"SUM(AI290/Y290)","v":5.2631578947368425},null,"16/00388/FUL","Full",null,null,"2016-01-29","2016-04-08","2019-04-08",1,0,1,{"$nulls":10},0,null,null,1,null,0,1,null,1,null,"3.6.7. 19/00193/DIS March 2019",null,"2016-2018: Not started\n2019: Not started. Expires 2019","Not started",null,"Forecasts reviewed and updated based on planning status and development progress.",null,"-","Delivery timescale >",1,null,null,1,{"$nulls":10},1,1,{"$nulls":31},0]
["Y","Y",null,"GRB/0045","Great Boughton","Great Boughton","Chester",null,"42 Vicars Cross Road, Great Boughton, Chester, CH3 5NL","Subdivision of existing dwelling to provide 2no residential properties",{"$nulls":5},"PDL","Conversion","C3","NO",null,null,"NO","No","Windfall",null,{"$f":"SUM(AI291/Y291)","v":{"$error":"#DIV/0!"}},null,"16/03009/FUL","Full",null,null,"2016-07-13","2016-10-12","2019-10-12",2,1,1,{"$nulls":10},0,null,null,1,null,0,1,null,1,{"$nulls":3},"2017-2018: Not started\n2019: Not started","Not started",null,"Permission expires in next monitoring period. Forecasts reviewed and removed from deliverable supply.",null,"-","Permission expires 2019",0,{"$nulls":13},0,0,{"$nulls":31},0]
["Y",null,null,"GRB/0046","Great Boughton","Christleton","Rural",null,"Land at 97 Whitchurch Road, Christleton, Chester","Erection of detached single storey dwelling and new access",null,null,"Mr W Cross","Mr Richard Vickers",null,"GF","New build","C3","NO",null,null,"NO","No","HELAA",{"$nulls":3},"17/00838/FUL","Full",null,null,"2017-02-28","2017-06-07","2020-06-07",1,0,1,{"$nulls":10},0,null,null,1,null,0,1,null,1,{"$nulls":3},"2018: Not started.Plot for sale\n2019: Not started","Not started","2018:Plot marketed for sale","Forecasts reviewed and updated based on planning status and development progress.",null,"-","Delivery timescale >",1,null,null,1,{"$nulls":10},1,1,{"$nulls":31},0]
["Y","n/a","BLPU - IU","GRB/0047","Great Boughton","Great Boughton","Chester",null,"Land at Rosedene, Private Walk, Great Boughton, Chester","Erection of one dwelling",{"$nulls":5},"GF","New build","C3","YES",null,null,"NO","No","Garden land",0.095,null,null,"18/00023/FUL","Full",null,null,"2018-01-04","2018-02-12","2021-02-12",1,0,1,{"$nulls":10},1,1,{"$nulls":3},1,0,null,0,null,"10.12. (Oct 2018) 18/03369/DIS",null,"2018:Not started\n2019: Complete","Complete",null,"Site complete. Forecasts exceeded.",null,"+","Delivery timescale <",0,{"$nulls":13},0,0,{"$nulls":31},0]
["Y",null,null,"HAG/0001","Hartford and Greenbank","Hartford","Northwich",null,"Rear of Rookery Cottages, Chester Road, Hartford, CW8 1LL","Erection of one dwelling with all matters reserved",{"$nulls":5},"GF","New build","C3",{"$nulls":3},"NO",null,"Windfall",{"$nulls":3},"17/03227/OUT","Outline",null,null,"2017-07-24","2018-03-26","2021-03-26",1,0,1,{"$nulls":10},0,null,null,1,null,0,1,null,1,{"$nulls":3},"2018:Outline permission.No site visit","Not started. \nOutline permission",null,"Forecasts reviewed and unchanged based on planning status.",null,"=",null,1,null,null,1,{"$nulls":10},1,1,{"$nulls":31},0]
["Y",null,null,"HAG/0004","Hartford and Greenbank","Hartford","Northwich",null,"Sandiway House, Sandiway Park, Littledales Lane, Hartford, Northwich, CW8 2YA ","Conversion of Sandiway House from B1 offices to a C3 residential dwelling with associated external remodelling and extensions and landscaping/means of access, involving the demolition of the former B1 office buildings. Five (5) new build dwellings fronting Littledales Lane.",{"$nulls":5},"PDL","Change of use","C3","NO",null,null,"NO","No","Windfall",1.71,{"$f":"SUM(AI295/Y295)","v":3.5087719298245617},"10/01386/FUL  10/01387/FUL 13/03618/NMA","11/03477/FUL ","Full",null,null,"2011-07-21","2012-01-27","2015-01-27",6,0,6,{"$nulls":6},5,{"$nulls":3},5,null,1,null,null,0,1,null,1,{"$nulls":3},"2015-2018: Under construction\n2019: Under construction","Under construction","2018:Conversion under construction","Site under construction. Forecasts reviewed and unchanged based on development progress.",null,"=",null,1,null,1,{"$nulls":11},1,1,{"$nulls":31},0]
["Y","Y",null,"HAG/0009A","Hartford and Greenbank","Hartford","Northwich",null,"HUNTER'S CHASE - Weaver Park (Phase 1) - Land south of Greenbank Wood, School Lane, Hartford, Northwich, CW8 1PW","Residential development comprising 50 dwellings and associated amenity areas (Phase 1) Outline planning permission 11/05805/OUT (HAG/0006/H)","Redrow Homes NW",null,"Redrow (Neil Arkwright)","Harrow Estates PLC and Bridgemere J V Ltd c/o Harrow Estates Plc: Mr Tim Noden. Reserved matters: Redrow Homes NW: Mr Neil Arkwright",null,"GF","New build","C3","NO",null,null,"NO",null,"HELAA",1.96,{"$f":"SUM(AI296/Y296)","v":25.510204081632654},"11/05805/OUT  16/00807/S73 - pending","14/01897/REM","Full",null,"Allowed"," 06/05/2014","2014-10-03","2017-10-03",50,0,50,{"$nulls":7},13,33,1,47,null,null,3,null,0,3,null,3,"Phase 1 of larger residential development (HAG/0006/H for 350 dwellings). Outline allowed on appeal.  Redrow forecasts as per Emery appeal evidence. Email 21.05.2015 Redrow\nS73 - Change to ploy layout - 24,27,28 & 29\n16/05011/REM - replan for 5 units\nNMA - plot 32 and 33 roof type ",null,null,"2016-2018: Under construction\n2019: Under construction","Under construction","2018:Three plots undeveloped-area in uses as car park\n2019: Redorw forecasting completed - show houses to complete","Site under construction. Forecasts reviewed and updated based on site status, development progress and forecasting information.",null,"=",null,3,{"$nulls":3},3,{"$nulls":9},3,3,{"$nulls":31},0]
["Y",null,null,"HAG/0009B","Hartford and Greenbank","Hartford","Northwich",null,"WEAVER PARK- Land south of Greenbank Wood, School Lane, Hartford, Northwich, CW8 1PW","Residential development comprising 350 dwellings and associated amenity areas together with new access on to School Lane. \nRemainder of site with outline and no REM / Full permission.\n(2017 application submitted for 276 dwellings and associated infrastaructure / open space)\nPhase 2: 134 dwellings (14/03111/REM) - now 104 as 30 units within Phase 4 boundary\nPhase 3: 80 dwellings (16/02634/REM)\nPhase 4: 44 dwellings (16/03678/REM)","Redrow Homes NW",null,"Bridgemere Land Plc and Redrow Homes Ltd","Harrow Estates PLC and Bridgemere J V Ltd c/o Harrow Estates Plc: Mr Tim Noden",null,"GF","New build","C3","NO",null,null,"NO","No","HELAA",null,{"$f":"SUM(AI297/Y297)","v":{"$error":"#DIV/0!"}},"11/05805/OUT  14/03111/REM\n15/02774/S73\n16/02634/REM\n15/00942/S73\n17/03037/NMA\n17/01954/FUL pending","16/03678/REM","Full",null,"Allowed",null,"2016-10-06","2019-10-06",300,0,300,null,55,{"$nulls":5},14,73,57,221,77,0,79,null,77,79,null,79,"Allowed on appeal. Redrow forecasts as per Emery appeal evidence\n15/04482/REM approved for 81 dwellings","7,9,10,12,13,17-20,26,30,31,38,39 and 42 pending discharge for phases 3 and 4 (March 2017) 17/01423/DIS",null,"2017-2018: Under construction\n2019: Under construction. Appeal in progress","Under construction","2018:Site delivering ahead of 2016/2017 forecasts\n2019: Appeal in progress for revised phase. Redrow forecasting - showhosuies only to complete","Site under construction. Forecasts exceeded - reviewed and updated based on planning status, development progress, and forecasting information.",null,"-","Delivery timescale >",10,null,null,4,6,null,null,21,24,24,{"$nulls":4},79,79,null,null,40,23,{"$nulls":10},6,8,{"$nulls":15},77]
["Y",null,null,"HAG/0023","Hartford and Greenbank","Hartford","Northwich",null,"Land to rear of 437 Chester Road, Hartford, Northwich","One (1) new dwelling with new access",null,null,"New Care Project LLP","Street Design - Anna Cossu annacossu@street-design.net","Angela Wrigley","GF","New build","C3","YES",null,null,"NO","No","Garden land",0.22,{"$f":"SUM(AI298/Y298)","v":4.545454545454546},"12/01653/OUT \n14/03893/OUT\n17/01972/OUT (27/06/2019)","18/04465/REM","Full",null,null,"2018-11-16","2019-01-24","2022-01-24",1,0,1,{"$nulls":10},0,null,null,1,null,0,1,null,1,{"$nulls":3},"2017-2018: Outline permission.No site visit\n2019: Not started","Not started",null,"Forecasts reviewed and unchanged based on planning status.",null,"=",null,1,null,null,1,{"$nulls":10},1,1,{"$nulls":31},0]
["n/a","n/a",null,"HAG/0024","Hartford and Greenbank","Hartford","Northwich",null,"Land at Model Farm, Hartford Bridge, Hartford, Northwich",{"$nulls":6},"GF",{"$nulls":7},"HELAA",24.341,{"$nulls":11},0,{"$nulls":10},0,{"$nulls":4},0,0,null,0,{"$nulls":10},0,{"$nulls":13},0,0,{"$nulls":31},0]
["n/a","n/a",null,"HAG/0026","Hartford and Greenbank","Hartford","Northwich",null,"Land at Hartford High School, off Carriage Drive, Hartford, Northwich",{"$nulls":6},"PDL",{"$nulls":7},"HELAA",0.76,{"$f":"SUM(AI300/Y300)","v":0},{"$nulls":10},0,{"$nulls":10},0,{"$nulls":4},0,0,null,0,{"$nulls":10},0,{"$nulls":13},0,0,{"$nulls":31},0]
["n/a","n/a",null,"HAG/0028","Hartford and Greenbank","Northwich","Northwich",null,"176 & 178 Chester Road, Northwich, CW8 4AL","Demolition of existing retail units and temporary buildings and re development of the site with residential accommodation, up to 10 units",{"$nulls":3},"Abbots Park Developments: Briony  Moir (briony.j.moir@btinternet.com)",null,"PDL","New build","C3","NO",null,null,"NO","No","BLR",0.1,{"$f":"SUM(AI301/Y301)","v":100},"13/02368/OUT (22/08/2016)",{"$nulls":7},10,null,10,{"$nulls":10},0,{"$nulls":4},0,0,10,10,{"$nulls":6},"Included on Brownfield Land Register.\nNot included in deliverable supply. No change to forecasts.",{"$nulls":3},0,{"$nulls":9},5,5,null,null,10,10,{"$nulls":31},0]
["Y","n/a",null,"HAG/0031","Hartford and Greenbank","Northwich","Northwich",null,"Rear of Colsted, Heysoms Avenue, Northwich","Construction of one (1) two-storey dwelling",null,"South Cheshire Housing Society",null,"Russell Baker Architect: Mr Russell Baker",null,"GF","New build","C3","NO",null,null,"NO","No","Windfall",0.14,{"$f":"SUM(AI302/Y302)","v":57.14285714285714},null,"17/03364/FUL","Full",null,null,"2017-08-04","2017-11-10","2020-11-10",8,0,8,{"$nulls":10},8,8,{"$nulls":3},8,0,null,0,null,"3.5.9.13.17. 18/01063/DIS Jan 2019\n6(AH). 19/00051/DIS Feb 2019",null,"2018: Not started\n2019: Complete","Complete",null,"Site complete. Forecasts exceeded.",null,"+","Delivery timescale <",0,{"$nulls":13},0,0,{"$nulls":20},8,{"$nulls":10},8]
["Y","n/a",null,"HAG/0034","Hartford and Greenbank","Hartford","Northwich",null,"Whitehall Business and Conference Centre, 75 School Lane, Hartford, CW8 1PF","Change of use to dwelling and office accommodation and associated works",{"$nulls":5},"PDL","Change of use","C3","NO",null,null,"NO","No","Windfall",0.47,{"$f":"SUM(AI303/Y303)","v":2.127659574468085},null,"15/04555/FUL","Full",null,null,"2015-11-09","2016-01-21","2019-01-21",1,0,1,{"$nulls":10},1,1,{"$nulls":3},1,0,null,0,"Permission for 5 residential properties or buddhist residential college or 15/04555/FUL - conversion to 1 dwelling and retain some employment.  Email sent 15.05.2015",null,null,"2016-2018: Not started\n2019: Complete","Complete","2019: Rear building converted into residential use and clinic","Site complete. Forecasts exceeded.",null,"+","Delivery timescale <",0,{"$nulls":13},0,0,null,null,1,{"$nulls":28},1]
["n/a","n/a",null,"HAG/0041","Hartford and Greenbank","Hartford","Northwich",null,"Land between High Acre and Quaintways, School Lane, Hartford",{"$nulls":6},"GF",{"$nulls":7},"HELAA",1.214,{"$nulls":11},0,{"$nulls":10},0,{"$nulls":4},0,0,null,0,{"$nulls":10},0,{"$nulls":13},0,0,{"$nulls":31},0]
["Y",null,null,"HAG/0043","Hartford and Greenbank","Hartford","Northwich",null,"Heyeswood Reservoir, Chester Road, Hartford, CW8 2AG","Erection of 3 dwellings and demolition of existing service reservoir structure and hardstanding, walls and embankment",null,null,"United Utilities Property Services","apexad - Martin Holland martin@apexad.co.uk","Liza Woodray","PDL","New build","C3","NO",null,null,"NO","No","HELAA",0.5,{"$f":"SUM(AI305/Y305)","v":6},"15/03009/OUT (19/08/2019)","18/01117/REM","Full",null,"Allowed","2016-07-17","2016-08-19","2019-08-19",3,0,3,{"$nulls":10},0,null,3,null,null,0,3,null,3,null,"6.8.9.13. 18/03252/DIS Oct 2018\n5.10.11.12.15.16. 18/04108/DIS pending",null,"2017-2018: Outline permission.No site visit\n2019: Under construction","Under construction",null,"Site under construction. Forecasts exceeded - reviewed and updated based on development progress.",null,"+","Delivery timescale <",3,null,3,{"$nulls":11},3,3,{"$nulls":31},0]
["n/a","n/a",null,"HAG/0044","Hartford and Greenbank","Hartford","Northwich",null,"Land north-west of Fullerton Road, Hartford, Northwich",{"$nulls":6},"GF",{"$nulls":7},"HELAA",1.31,0,{"$nulls":10},0,{"$nulls":10},0,{"$nulls":4},0,0,null,0,{"$nulls":10},0,{"$nulls":13},0,0,{"$nulls":31},0]
["Y",null,null,"HAG/0047","Hartford and Greenbank","Hartford","Northwich",null,"HARTFORD GRANGE - Land at Grange Farm, 260 Chester Road, Hartford, Northwich, CW8 1QP","Development of up to 300 dwellings, associated car parking, details of vehicular access, layout, scale and appearance to be approved, Re-use of the Grange Farmhouse for either residential or non-residential institutional use (Use Class D1), Public car park, Associated Community Green and Linear Park. Reserved matters permission granted for 295 units\nPhase 3 - reduction in units from 42 to 31 (-9 units)","Redrow Homes NW",null,"Redrow (Chris Dobson)","Harrow Estates Plc: Mr Lewis Evans","Lyndsay Shinner","GF","New build","C3","NO",null,null,"YES","No","HELAA",17.19,17.16114019778941,"11/05765/OUT \n14/01896/REM\n15/03215/S73\n16/00648/S73\n18/00565/FUL","18/00565/FUL","Full",null,"Allowed","2018-02-13","2018-06-06","2021-06-06",295,0,295,null,89,{"$nulls":4},3,22,27,34,117,31,64,85,null,31,149,null,149,"Allowed on appeal.Redrow forecasts as per Emery appeal evidence: 3 per month. Email from Redrow: Phase one (46 large properties) 2 per month, Phase two (smaller properties) in 18 months, 3 per month. Email 21.05.2015 Redrow\n15/03215/S73 - change of 2 house types (incl 1 bungalow). \n16/00648/S73 - condition 2 change roof design\n18/00565/FUL pending Feb 2018 for Phase 3: 31 dwellings\n18/04608/NMA - change of house type - 55.220.221","1.4-7.9-23.25.28-32.35.37-40.44. June 2017. 16/02088/DIS",null,"2015-2018: Under construction\n2019: Under construction","Under construction","2018:Ground works started for next phase.Forecasting provided\n","Site under construction. Forecasts reviewed and unchanged based on planning status, development progress and past delivery rates.",null,"=",null,149,null,64,36,36,13,{"$nulls":8},149,149,null,null,7,15,7,null,2,{"$nulls":24},31]
["Y","Y",null,"HAG/0048","Hartford and Greenbank","Hartford","Northwich",null,"Land at 1 Riddings Lane, Park Lane, Hartford, Northwich","Proposed dwelling - Amendment to application 14/02202/FUL",{"$nulls":3},"Johnstone Godfrey And Associates ",null,"GF","New build","C3","YES",null,null,"NO","No","Garden land",0.03,33.333333333333336,null,"15/00063/FUL","Full",null,"Allowed",null,"2016-02-02","2019-02-02",1,0,1,{"$nulls":10},0,null,null,1,null,0,1,null,1,"Allowed on appeal - 3132867",null,null,"2016-2018: Not started\n2019: Development commenced","Development commenced",null,"Development commenced. Forecasts reviewed and unchanged based on development progress.",null,"=",null,1,null,1,{"$nulls":11},1,1,{"$nulls":31},0]
["Y","Y",null,"HAG/0050","Hartford and Greenbank","Hartford","Northwich",null,"Rear of 135 Chester Road, Northwich","Conversion of coach house to (1) self-contained dwelling and the erection of a detached garage for 135 Chester Road",{"$nulls":5},"PDL","Change of use","C3","NO",null,null,"NO","No","Windfall",0.03,33.333333333333336,"15/02610/FUL (29/10/2018)",null,"Expired",{"$nulls":5},1,0,1,{"$nulls":10},0,{"$nulls":4},0,0,null,0,{"$nulls":3},"2016-2018: Not started\n2019: Not started","Not started","2018:Permission expires 2018","Permission expired. Not included in deliverable supply - no change to forecasts required.",null,"=","Permission expired",0,{"$nulls":13},0,0,{"$nulls":31},{"$f":"SUM(CE309:DD309)","v":0}]
["Y","n/a",null,"HAG/0051","Hartford and Greenbank","Northwich","Northwich",null,"Land at 6 The Crescent, Hartford, Northwich ","Erection of two-storey detached dwelling including detached garage, associated access and tree works",{"$nulls":5},"GF","New build","C3","YES",null,null,"NO","No","Garden land",0.15,6.666666666666667,"15/04745/FUL (01/02/2019)\n17/00097/NMA","17/04975/FUL","Full",null,null,"2017-11-21","2018-02-08","2021-02-08",1,0,1,{"$nulls":10},1,1,{"$nulls":3},1,0,null,0,"17/00097/NMA - changes to front windows and doors","3.7. February 2018. 18/00474/DIS",null,"2016-2017: Not started\n2018: Under construction\n2019: Complete","Complete",null,"Site complete. Forecasts achieved.",null,"=",null,0,{"$nulls":13},0,0,null,null,1,{"$nulls":28},1]
["Y","Y",null,"HAG/0055","Hartford and Greenbank","Hartford","Northwich",null,"Rear of 79A-79B School Lane, Hartford","Part demolition of existing outbuilding and construction of a new (four bed) dwelling in the grounds with new access",null,null,"Mr J Godfrey","Lex Northwest (Mrs Donna Barber) db@lexnorthwest.co.uk",null,"PDL","New build","C3","NO",null,null,"NO","No","Windfall",0.27,3.7037037037037033,"16/00386/FUL","17/01407/S73","Full",null,null,"2016-01-29","2016-06-03","2019-06-03",1,0,1,{"$nulls":10},0,null,null,1,null,0,1,null,1,{"$nulls":3},"2017-2018: Not started\n2019: Not started","Not started",null,"Permission expires in next monitoring period. Forecasts reviewed and removed from deliverable supply.",null,"-","Permission expires 2019",0,{"$nulls":13},0,0,{"$nulls":31},0]
["Y",null,null,"HAG/0056a","Hartford and Greenbank","Hartford","Northwich",null,"Land at Sandiway House, Sandiway Park, Hartford, Northwich, CW8 2AS","2 new dwellings",null,null,"Mr Alan Gannon","Mr Simon Marsh",null,"GF","New build","C3","NO",null,null,"NO","No","Windfall",0.16,12.5,"15/04258/FUL","16/05542/FUL","Full",null,null,"2015-10-16","2016-04-28","2019-04-28",2,0,2,{"$nulls":10},0,null,2,null,null,0,2,null,2,"16/05542/FUL - redesign of one dwelling\n4.5.7 (15/04258/FUL) (August 2018) 18/02124/DIS","1-6 (July 2018) 18/01910/DIS",null,"2017-2018: Not started\n2019: Under construction","Under construction",null,"Site under construction. Forecasts reviewed and unchanged based on development progress.",null,"=",null,2,null,null,2,{"$nulls":10},2,2,{"$nulls":31},0]
["Y",null,null,"HAG/0056b","Hartford and Greenbank","Hartford","Northwich",null,"Land at Sandiway House, Sandiway Park, Hartford, Northwich, CW8 2AS","Erection of 2 new dwellings with associated access road",{"$nulls":5},"PDL","New build","C3","NO",null,null,"NO","No","Windfall",null,null,"18/02812/S73 (Jan 19)","17/03278/FUL","Full",null,null,"2017-07-28","2017-11-10","2020-11-10",2,0,2,{"$nulls":10},0,null,2,null,null,0,2,null,2,"18/02812/S73 - plans",null,null,"2018: Not started\n2019: Under construction","Under construction",null,"Site under construction. Forecasts reviewed and unchanged based on development progress.",null,"=",null,2,null,null,2,{"$nulls":10},2,2,{"$nulls":31},0]
["Y","n/a",null,"HAG/0057","Hartford and Greenbank","Hartford","Rural",null,"Rear of Whitehall, 75 School Lane, Hartford, Northwich, CW8 1PF","Conversion, partial demolition and change of use of existing barn to a dwelling with two storey extension. Erection of 1 new two-storey dwelling. Demolition of outbuilding and garages and replacement dwelling",null,null,"Mr Chris Gleave","Mason Gilliband Architects - Miss Lucy Gleave lucy@masongillibrand.co.uk",null,"PDL","Change of use / New build","C3","NO",null,null,"NO","No","Windfall",0.15,{"$f":"SUM(AI314/Y314)","v":13.333333333333334},null,"15/04856/FUL","Full",null,null,"2015-11-30","2016-05-03","2019-05-03",2,0,2,{"$nulls":9},1,2,1,{"$nulls":3},1,0,null,0,null,"6 (variation) 16/03826/S73\n8 July 2017 17/02865/DIS",null,"2017-2018: Under construction\n2019: Complete","Complete",null,"Site complete. Forecasts exceeded.",null,"+","Delivery timescale <",0,{"$nulls":13},0,0,{"$nulls":4},1,{"$nulls":26},1]
["Y","n/a",null,"HAG/0059","Hartford and Greenbank","Hartford","Northwich",null,"64-66 Beach Road, Hartford, Northwich, CW8 3AD","Erection of one new dwelling together with external works to extend existing private drive, form turning and parking area and provide concrete sectional garage",{"$nulls":5},"GF","New build","C3","YES",null,null,"NO","No","Garden Land",{"$nulls":3},"17/02789/FUL","Full",null,null,"2017-06-28","2017-08-08","2020-08-08",1,0,1,{"$nulls":10},1,1,{"$nulls":3},1,0,null,0,null,"3.5. September 2017. 17/03882/DIS",null,"2018: Under construction\n2019: Complete","Complete",null,"Site complete. Forecasts achieved.",null,"=",null,0,{"$nulls":13},0,0,null,null,1,{"$nulls":28},1]
["Y",null,null,"HAG/0062","Hartford and Greenbank","Hartford","Northwich",null,"Walnut Lodge, 1 Walnut Lane, Hartford, Northwich, CW8 1QN","Erection of 1No. new dwelling with associated detached car port and new vehicular access and demolition of existing detached garage (1x4bed)",{"$nulls":3},"Russell Baker russ@russbaker.co.uk",null,"GF","New build","C3","YES",null,null,"NO","No","Garden land",0.113,null,null,"17/04938/FUL","Full",null,null,"2017-11-17","2018-03-12","2021-03-12",1,0,1,{"$nulls":10},0,null,1,null,null,0,1,null,1,{"$nulls":3},"2018: Not started\n2019: Under construction","Under construction",null,"Site under construction. Forecasts reviewed and unchanged based on development progress.",null,"=",null,1,null,1,{"$nulls":11},1,1,{"$nulls":31},0]
["Y","Y",null,"HAG/0064","Hartford and Greenbank","Northwich","Northwich",null,"Hartford Manor, Greenbank Lane, Northwich, CW8 1HW","Demolition of outbuildings and single storey office extension to the Grade II listed manor house, the redevelopment of the site for 43 dwellings, and the conversion of the Grade II listed manor house into 15 apartments, together with new open space and landscaping\nAlternative scheme: convesrion to education and employment uses",null,null,"Hartford Investments Ltd","Peter Brett Associates-Michael Gilbert mgilbert@peterbrett.com","Cathy Reay","Mix","Change of use/new build","C3","NO",null,null,"NO","Yes","Windfall",1.9,null,"17/05276/FUL","17/04930/FUL","Full",null,null,"2017-11-17","2018-08-20","2021-08-20",58,0,58,null,5,{"$nulls":8},0,null,null,58,null,0,58,null,58,{"$nulls":3},"2018: Application awaiting decision\n2019: Not started","Not started","2018:Application recommended for approval.Planning committee May 2018\nPlace North West (1 May 2018) proposals recommended for approval \n2019: two potential redevelopment options","Alternative permission being persued. Removed from deliverable supply.","Full planning application received 17 November pending decision.\nOfficer recommendation for approval – to be presented to Planning committee on 8 May 2018\nForecast delivery of units from year 4\nNO CHANGE TO FORECAST-units are deliverable within years 1 to 5\nCurrent position:\nApplication approved at planning committee subject to legal agreement.\nDecision issued 20 Aug 2018","New",null,0,{"$nulls":13},0,0,{"$nulls":31},0]
["Y","Y",null,"HAG/0065","Hartford and Greenbank","Hartford","Northwich",null,"Abbey Lodge, Abbey Lane, Hartford, Northwich, CW8 1LX","Demolition of one existing dwelling and construction of 6 detached dwellings and a semi-detached pair with associated ancillary works ",null,null,"Renew Land Developments Ltd","Civitas Planning Limites-Rachel Thornley rachel.thornley@civitasplanning.com",null,"PDL","New build","C3","NO",null,null,"NO","No","Windfall",0.46,null,"APP/A0665/W/16/3162042","16/03165/FUL","Full",null,"Allowed","2016-07-22","2017-04-05","2020-04-05",8,1,7,null,2,{"$nulls":8},-1,null,null,8,1,-1,8,null,8,"6x4bed market houses and 2x3bed social rented semi-detached houses",null,null,"2018: Not started\n2019: Development commenced. Demolition complete","Development commenced",null,"Development commenced. Demolition complete. Forecasts reviewed and unchanged based on planning status and development progress.",null,"=",null,8,null,2,3,3,{"$nulls":9},8,8,{"$nulls":31},0]
["Y","n/a","BLPU - IU","HAP/0002","Handbridge Park",null,"Chester",null,"Land at 83 Earlsway, Chester","One (1) new dwelling",{"$nulls":5},"GF","New build","C3","YES",null,null,"NO","No","Garden land",0.07,{"$f":"SUM(AI319/Y319)","v":14.285714285714285},"11/01283/NMA","10/12969/FUL","Full",{"$nulls":3},"2011-01-06","2014-01-06",1,0,1,{"$nulls":10},1,1,{"$nulls":3},1,0,null,0,{"$nulls":3},"2016: Under construction\n2017: Stalled\n2018: Stalled\n2019: Complete","Complete",null,"Site complete. Forecasts exceeded.",null,"+","Delivery timescale <",0,{"$nulls":13},0,0,{"$nulls":3},1,{"$nulls":27},1]
["Y",null,null,"HAP/0018","Handbridge Park",null,"Chester",null,"Latymer, 82 Hough Green, Chester, CH4 8JW","Demolition of existing hotel and construction of two three-storey detached buildings to provide 12 flats.\n2017 application: Construct 4 detached four-bed dwellings with associated parking and garage",null,null,"Mr P Arthur","Finelines: Mr Robert Doughty (bob.doughty@btconnect.com)\nBlueprint - Mr Dafydd Edwards (dafydd@blueprintarchitectural.com)",null,"PDL","New build","C3","NO",null,null,"NO","No","Windfall",0.16,{"$f":"SUM(AI320/Y320)","v":25},"14/01456/OUT\n16/00768/FUL","17/01861/FUL","Full",null,null,"2017-05-21","2017-07-12","2020-07-12",4,0,4,{"$nulls":10},0,null,null,4,null,0,4,null,4,"Committee 14/08/2014, S106 signed 21 Jan 2015. Latymer House (Hough Green)\nSite for sale - advertising with planning permission",null,null,"2016: Outline permission.No site visit\n2017: Not started\n2018: Not started. New permission approved\n2019: Not started","Not started",null,"Forecasts reviewed and updated based on planning status and development progress.",null,"-","Delivery timescale >",4,{"$nulls":3},2,2,{"$nulls":8},4,4,{"$nulls":31},0]
["n/a","n/a",null,"HAP/0019","Handbridge Park",null,"Chester",null,"Land off Lache Lane / Winkwell Drive, Westminster Park, Chester",{"$nulls":6},"GF",{"$nulls":7},"HELAA",1.177,{"$f":"SUM(AI321/Y321)","v":0},{"$nulls":10},0,{"$nulls":10},0,{"$nulls":4},0,0,null,0,"Outline application for residential development refused 2001",{"$nulls":9},0,{"$nulls":13},0,0,{"$nulls":31},0]
["n/a","n/a",null,"HAP/0028","Handbridge Park",null,"Chester",null,"Land off Styelane Croft, Handbridge, Chester",{"$nulls":6},"GF",{"$nulls":7},"HELAA",0.965,{"$f":"SUM(AI322/Y322)","v":0},{"$nulls":10},{"$f":"AI322-AJ322","v":0},{"$nulls":10},0,{"$nulls":4},0,{"$f":"SUM(AX322+AY322)","v":0},null,{"$f":"SUM(BC322+BB322)","v":0},{"$nulls":10},{"$f":"SUM(BQ322:BU322)","v":0},{"$nulls":13},{"$f":"SUM(BQ322:CA322)","v":0},{"$f":"SUM(BQ322:CB322)","v":0},{"$nulls":31},0]
["n/a","n/a",null,"HAP/0030","Handbridge Park",null,"Chester",null,"Rear of 45-51 Percy Road / 15-17 Eaton Road, Handbridge, Chester","BLR site",{"$nulls":5},"PDL","New build","C3",{"$nulls":3},"NO","No","BLR",0.29,{"$nulls":9},8,null,8,{"$nulls":10},0,{"$nulls":4},0,0,8,8,{"$nulls":6},"Included on Brownfield Land Register.\nNot included in deliverable supply. No change to forecasts.",{"$nulls":3},0,{"$nulls":7},2,3,3,{"$nulls":3},8,8,{"$nulls":31},0]
["n/a","n/a",null,"HAP/0031","Handbridge Park",null,"Chester",null,"Watling Crescent / Greenwood Avenue, Handbridge",{"$nulls":6},"PDL",{"$nulls":7},"HELAA",0.304,{"$nulls":11},0,{"$nulls":10},0,{"$nulls":4},0,0,null,0,{"$nulls":10},0,{"$nulls":13},0,0,{"$nulls":31},0]
["Y",null,null,"HAP/0032","Handbridge Park",null,"Chester",null,"Rear of 2 -14 Bradford Street, Handbridge, Chester","Demolition of existing depot shed, erection of five three bedroom terrace houses with parking and refuse collection point\n2018 permission: Erection of 5 dwellings",{"$nulls":5},"PDL","New build","C3","NO",null,null,"NO","No","HELAA",0.139,{"$f":"SUM(AI325/Y325)","v":35.97122302158273},"08/02031/FUL \n13/02232/ext","17/05020/ful\n18/04937/FUL (pending)","Full",null,null,"2017-11-23","2018-03-15","2021-03-15",5,0,5,{"$nulls":10},0,null,null,5,null,0,5,null,5,"Enforcement Dec 2016 - n/s not discharged conditions ",null,null,"2016-2017 :Not started\n2018: Not started.New application approved\n2019: Not started","Not started","2018:Revised application approved March 2018","Forecasts reviewed and unchanged based on planning status and development progress.",null,"=",null,5,null,null,1,2,2,{"$nulls":8},5,5,{"$nulls":31},0]
["n/a","n/a",null,"HAP/0033","Handbridge Park",null,"Chester",null,"Watertower, Eaton Mews, Handbridge","BLR site",{"$nulls":5},"PDL","Change of use/new build","C3","NO",null,null,"NO","No","BLR",0.33,{"$nulls":9},7,null,7,{"$nulls":10},0,{"$nulls":4},0,0,7,7,{"$nulls":6},"Included on Brownfield Land Register.\nNot included in deliverable supply. No change to forecasts.",{"$nulls":3},0,{"$nulls":7},2,2,3,{"$nulls":3},7,7,{"$nulls":31},0]
["n/a","n/a",null,"HAP/0034","Handbridge Park",null,"Chester",null,"Land at Claypit Lane / Castlecroft Road, Chester",{"$nulls":6},"GF",{"$nulls":7},"HELAA",0.306,{"$nulls":11},0,{"$nulls":10},0,{"$nulls":4},0,0,null,0,{"$nulls":10},0,{"$nulls":13},0,0,{"$nulls":31},0]
["n/a","n/a",null,"HAP/0039","Handbridge Park",null,"Chester",null,"Land off Greensway / Northway, Handbridge",{"$nulls":6},"GF",{"$nulls":7},"HELAA",0.538,{"$nulls":11},0,{"$nulls":10},0,{"$nulls":4},0,0,null,0,{"$nulls":10},0,{"$nulls":13},0,0,{"$nulls":31},0]
["n/a","n/a",null,"HAP/0040","Handbridge Park",null,"Chester",null,"Land off Mount Pleasant, Curzon Park, Chester",{"$nulls":6},"GF",{"$nulls":7},"HELAA",null,{"$f":"SUM(AI329/Y329)","v":{"$error":"#DIV/0!"}},{"$nulls":10},0,{"$nulls":10},0,{"$nulls":4},0,0,null,0,{"$nulls":10},0,{"$nulls":13},0,0,{"$nulls":31},0]
["Y",null,null,"HAP/0043","Handbridge Park",null,"Chester",null,"El Avila, 42 Curzon Park North, land adjacent 40 Curzon Park North, Curzon Park, Chester, CH4 8AR","One (1) new dwelling  (four bed house)\nNMA approved 16/01730/NMA",null,null,"Mr P Daniels","Cassidy & Ashton (Mr Robert Griffin)\nNicholas Tye Architects - Mr Bob Moxon",null,"GF","New build","C3","YES",null,null,"NO","No","Garden land",0.26,{"$f":"SUM(AI330/Y330)","v":3.846153846153846},"08/01673/FUL   \n11/04958/EXT (09/02/2015)\n15/01641/S73","13/04412/FUL","Full",null,null,"2013-10-09","2014-06-10","2017-06-10",1,0,1,{"$nulls":10},0,null,1,null,null,0,1,null,1,"3.4.6.8.9.12. pending. 15/02424/DIS\nNMA approved April 2016 15/01641/S73",null,null,"2016: Development started\n2017: Under construction\n2018: Under construction\n2019: Under construction","Under construction","\nNMA approved April 2016 16/01730/NMA","Site under construction. Forecasts reviewed and updated based on planning status and development progress.",null,"-","Delivery timescale >",1,null,1,{"$nulls":11},1,1,{"$nulls":31},0]
["Y","Y",null,"HAP/0045","Handbridge Park",null,"Chester",null,"The Ship Inn, 18 Handbridge, Chester, CH4 7JE ","Internal adaptation for creation of manager's flat and accommodation on second floor",{"$nulls":3},"Fish Associates Ltd (Mr Steven Fish)",null,"PDL","Change of use","C3","NO",null,null,"NO","No","Windfall",null,{"$f":"SUM(AI331/Y331)","v":{"$error":"#DIV/0!"}},"15/01797/FUL (17/06/2018)",null,"Expired",{"$nulls":5},1,0,1,{"$nulls":10},0,{"$nulls":4},0,0,null,0,{"$nulls":3},"2016-2018: Not started\n2019: Not started","Not started","2018:Permission not being implemented\n2019: Not started. Expired 06/2018","Permission expired. Not included in deliverable supply - no change to forecasts required.",null,"=","Permission expired",0,{"$nulls":13},0,0,{"$nulls":31},0]
["Y","n/a","Y BLPU - IU","HAP/0049","Handbridge Park",null,"Chester",null,"Land at Sherbourne Avenue, Chester","Erection of 31no new dwellings","Stewart Milne",null,"Mr D Major","Gladman - Mr M Alcock",null,"GF","New build","C3","NO",null,null,"NO","No","Strategic Site",1.55,{"$f":"SUM(AI332/Y332)","v":20},"15/03642/FUL\n17/03155/NMA","15/00346/FUL","Full",null,"Allowed","2015-09-03","2016-09-27","2019-09-27",31,0,31,null,9,{"$nulls":7},10,31,21,{"$nulls":3},21,0,null,0,"Part of larger Wrexham Road strategic site identified in STRAT 3 of LP Part One\nAppeal ref APP/A0665/W/15/3138032","12. March 2017. 17/00107/DIS\n13. January 2018. 17/04160/DIS\n3-11.14-17.20-22.24. January 2018. 17/01955/DIS",null,"2017: Not started\n2018: Under construction\n2019: Complete","Complete","2018:12-14 weeks to complete a unit. Site expected to complete Summer 2018\nSite delivery ahead of 2016/2017 forecast","Site complete. Forecasts achieved.",null,"=",null,0,{"$nulls":13},0,0,{"$nulls":3},12,3,{"$nulls":16},6,{"$nulls":9},21]
["Y",null,null,"HAP/0053","Handbridge Park",null,"Chester",null,"Adjacent Meadow House, Wrexham Road, Chester","Erection of three detached dwellings with associated access, parking and landscaping",null,null,"Elmridge Developments Ltd","Peter Brett Associates-Michael Gilbert mgilbert@peterbrett.com","Paul Friston","GF","New build","C3","YES",null,null,"NO","No","Garden Land",null,null,"16/03967/OUT (16/06/2020)","18/00932/FUL","Full",null,null,"2018-03-08","2018-06-13","2021-06-13",3,0,3,{"$nulls":10},0,null,null,3,null,0,3,null,3,null,"3-5.9.14-18. 18/03112/DIS Nov 2018",null,"2018: Outline permission. No site visit\n2019: Not started","Not started",null,"Forecasts reviewed and unchanged based on planning status.",null,"=",null,3,null,null,1,2,{"$nulls":9},3,3,{"$nulls":31},0]
["Y",null,null,"HAP/0057","Handbridge Park",null,"Chester",null,"40 Curzon Park North, Chester, CH4 8AR","Demolition of existing dwelling and erection of two dwellings",{"$nulls":3},"Base Architecture - Abigail Owen abigail.owen@basearchitecture.co.uk","Ed Shepherd","PDL","New build","C3","NO",null,null,"NO","No","Windfall",{"$nulls":3},"18/01605/FUL","Full",null,null,"2018-04-26","2018-06-28","2021-06-28",2,1,1,{"$nulls":10},0,null,null,1,null,0,1,null,1,{"$nulls":3},"2019: Not started","Not started",null,"New permission. Forecasting assumptions applied.",null,"New",null,1,null,-1,null,2,{"$nulls":9},1,1]
["Y",null,null,"HAP/0058","Handbridge Park",null,"Chester",null,"Rear of 37 Lache Lane, Chester","Erection of a 5-bed detached house and single attached garage",{"$nulls":3},"Carl Hughes carl@hdsarchitectural.co.uk","Ed Shepherd","GF","New build","C3","YES",null,null,"NO","No","Garden land",{"$nulls":3},"18/01714/FUL","Full",null,null,"2018-05-03","2018-08-21","2021-08-21",1,0,1,{"$nulls":10},0,null,null,1,null,0,1,null,1,{"$nulls":3},"2019: Not started","Not started",null,"New permission. Forecasting assumptions applied.",null,"New",null,1,null,null,1,{"$nulls":10},1,1]
["Y","Y",null,"HAP/0059","Handbridge Park",null,"Chester",null,"River Ridge, 1 Lower Park Road, Chester, CH4 7BB","Demolition of house and garage and construction of 2 new dwellings and associated landscaping",{"$nulls":4},"Jennie Poynton","PDL","New build","C3","NO",null,null,"NO","No","Windfall",{"$nulls":3},"18/03627/FUL","Full",null,null,"2018-09-17","2019-03-11","2022-03-11",2,1,1,{"$nulls":10},-1,null,2,null,1,-1,2,null,2,{"$nulls":3},"2019: Under construction","Under construction",null,"New site under construction. Forecasts based on planning status and development progress.",null,"New",null,2,null,1,1,{"$nulls":10},2,2]
["Y","Y",null,"HEL/0003","Helsby","Helsby","Helsby",null,"Former Horse And Jockey PH, Chester Road, Helsby ","Demolition of former public house and construction of 15 new dwellings","Plum Life / Great Places Housing Group",null,"Great Places Housing Group","Eden Building Design - Mr Adam Scott","Liza Woodray","PDL","New build","C3","NO",null,null,"NO","No","HELAA",null,{"$f":"SUM(AI337/Y337)","v":{"$error":"#DIV/0!"}},null,"16/03313/FUL","Full",null,null,"2016-08-12","2017-08-03","2020-08-03",15,0,15,{"$nulls":10},0,null,15,null,null,0,15,null,15,null,"11.12.16.17. 18/04304/DIS Dec 2018\n3.4.6.9.10.15.18.19.21-23. 18/02830/DIS Oct 2018",null,"2016: Not started\n2017:Not started.Revised app awaiting decision\n2018: Not started.New application approved\n2019: Under construction","Under construction","2018:Developer anticipates summer 2018 start on site","Site under construction. Forecasts exceeded - reviewed and updated based on planning status and development progress.",null,"+","Delivery rate >\nDelivery timescale <",15,null,15,{"$nulls":11},15,15,{"$nulls":31},{"$f":"SUM(CE337:DD337)","v":0}]
["Y","Y",null,"HEL/0005","Helsby","Helsby","Helsby",null,"INEOS Compounds UK Limited, Chester Road, Helsby","Demolition of existing buildings and structures and erection of up to 69 residential dwellings (use class C3) and associated access",null,null,"Brookhouse [Helsby] Ltd-Tom Whitehead tom.whitehead@brookhousegroup.co.uk","Ineos Compounds Ltd",null,"PDL","New build","C3","NO",null,null,"NO","No","HELAA",null,{"$f":"SUM(AI338/Y338)","v":{"$error":"#DIV/0!"}},"13/02503/OUT\n17/01502/NMA\n17/0480/S73\n17/04918/NMA\n18/04159/NMA","16/05566/REM","Full",null,null,"2014-07-16","2017-03-16","2019-03-16",69,0,69,{"$nulls":10},0,null,30,39,null,0,69,null,69,"17/01502/NMA - insuffient fee\n16/04320/DEM - app returned \n16/00117/DEMOL - demolition of dangerous building - disused warehouse\n13/00003/OUT withdrawn. Discharge of Condition 13 approved 14/03087/DIS\n17/04809/S73 - Removal of condition 22 \n17/04918/NMA - changes to mix of accomodation and site plan (plots 10 - 17)\n18/04159/NMA - amendment to mix of accomodation and site plan (plots 37-39)","13. 14/03087/DIS\n6. 17/04518/DIS Feb 18\n7.11.14.23. 17/04810/DIS Feb 2018\n15-17 17/05296/DIS April 2018",null,"2017:Not started\n2018: Demolition complete\n2019: Under construction","Under construction",null,"Site under construction. Forecasts reviewed and unchanged based on planning status and development progress.",null,"=","Delivery rate >\nDelivery timescale <",69,null,30,30,9,{"$nulls":9},69,69,{"$nulls":31},0]
["Y",null,null,"HEL/0011","Helsby","Helsby","Helsby",null,"138 Chester Road, Helsby, Frodsham, WA6 0AT","One (1) new dwelling and garage to side garden and erection of replacement garage at rear",{"$nulls":5},"PDL","New build","C3","NO",null,null,"NO","No","Windfall",null,{"$f":"SUM(AI339/Y339)","v":{"$error":"#DIV/0!"}},null,"12/03344/FUL","Full",null,null,"2012-07-19","2012-09-10","2015-09-10",1,0,1,{"$nulls":10},0,null,null,1,null,0,1,null,1,"Garage constructed on northern part of site",null,null,"2016: Development started.Replacement garage complete.\n2017: Not started\n2018: Not started\n2019: Stalled","Stalled","2018:Garage complete.Dwelling not started","Site stalled. Forecasts reviewed and updated. Removed from deliverable supply.",null,"-","Delivery timescale > ",0,{"$nulls":13},0,0,{"$nulls":31},0]
["Y","Y",null,"HEL/0013","Helsby","Helsby","Helsby",null,"Land at 8 Old Chester Road, Helsby, Frodsham","One (1) three bed detached dwelling",{"$nulls":3},"NJG Architectural Design: Mrs Nicola Gibson (01606 301171)",null,"GF","New build","C3","YES",null,null,"NO","No","Garden Land",null,{"$f":"SUM(AI340/Y340)","v":{"$error":"#DIV/0!"}},"12/03879/FUL\n16/00523/FUL (24/03/2018)",null,"Expired",{"$nulls":5},1,0,1,{"$nulls":10},0,{"$nulls":4},0,0,null,0,{"$nulls":3},"2017-2018: Not started\n2019: Not started","Not started",null,"Permission expired. Forecasts reviewed and removed from deliverable supply.",null,"-","Permission expired",0,{"$nulls":13},0,0,{"$nulls":31},0]
["Y","n/a","BLPU - IU","HEL/0014","Helsby","Helsby","Helsby",null,"Land opposite Youds Croft, Proffits Lane, Helsby","Erection of 23 affordable dwellings","MCI Developments",{"$nulls":4},"GBGF","New build","C3","NO",null,null,"NO","No","Rural exception",{"$nulls":3},"17/02372/FUL","Full",null,null,"2017-05-26","2017-11-22","2020-11-22",23,0,23,null,23,{"$nulls":8},23,23,{"$nulls":3},23,0,null,0,null,"6(d). 19/00073/DIS pending",null,"2018: Under construction\n2019: Complete","Complete",null,"Site complete. Forecasts exceeded.",null,"+","Delivery rate >\nDelivery timescale <",0,{"$nulls":13},0,0,{"$nulls":14},9,8,null,4,2,{"$nulls":12},23]
["Y","Y",null,"HEL/0029","Helsby","Helsby","Helsby",null,"MERE'S EDGE (Phase 4), Land at Helsby Sports and Social Club, Chester Road, Helsby","Outline application for the construction of 96 dwellings, with associated highway improvements and landscaping. 2014 application permitted December 2015 for 120 dwellings with open space, access and associated infrastructure (incl demolition of existing buildings). 30 additional units also remaining in permission 08/02901/OUM\n2018 REM: Erection of 119 dwellings","THT and L & Q Developments LLP / Brookhouse Helsby Limited",null,"THT and L & Q Developments LLP / Brookhouse Helsby Limited - Mr Paul Westhead","PRP Manchester - j.kelly@prp-co.uk","Bethan Armstrong","PDL","New build","C3","NO",null,null,"NO","No","HELAA",3.93,{"$f":"SUM(AI342/Y342)","v":30.279898218829516},"08/02901/OUM\n17/04915/106 (07/02/2021)\n14/04044/OUT (03/12/2018)","18/04391/REM","Outline. REM pending",null,null,"2018-11-13","2018-02-07","2021-02-07",119,0,119,{"$nulls":10},0,null,null,118,null,0,118,null,118,"14/04044/OUT - Residential development for 120 dwellings with open space, access and associated infrastructure.  Separate permission granted for reloaction of sports centre 14/04052/FUL Funding gap identified\n17/04915/106 - variation of legal agreement to amend the requirements relating to delivery/phasing of sports centre",null,null,"2017-2018: Outline permission.No site visit\n2019: Outline permission. No site visit. REM pending","Not started.\nOutline permission. REM awaiting decision","Variation of legal agreement associated with 14/04044/OUT approved to amend requirements relating to delivery/phasing of Sports centre (17/04915/106)","Forecasts reveiwed and updated based on progress of planning application, phasing information, and forecasting information.","Outline planning permission granted 3 Dec 2015.\nVariation of legal agreement to amend phasing condition approved 7 Feb 2018.\nCIL/S106 Officer comments:\n“The planning officer recommended that the legal agreement be varied to ensure the site was more financially viable for a potential house-builder. The varied agreement ensured that the sports facilities required were still provided in line with the original agreement; however, the Sports Hall will potentially be delivered in a later phase of the development. It is considered that this variation will encourage developers to come forward for the site in a more timely manner.”\nFORECAST REVISED– units removed from five year supply","+","Delivery timescale <",118,{"$nulls":3},38,40,40,{"$nulls":7},118,118,{"$nulls":31},0]
["Y","n/a",null,"HEL/0033","Helsby","Helsby","Helsby",null,"MERE'S EDGE - Phase Two, north of Cable Drive, Helsby (Delamere House, Callender Way / Chester Road)","Demolition of office building and erection of specialist care facility comprising 77 (c3) apartments and ancilliary facilities on land to north-west of Cable Drive. Outline application for up to 70 dwellings on land to south of Cable Drive (Oakmere House) - reserved matters for 50 dwellings","Lancet Homes",null,"Brookhouse [Helsby] Ltd: Tom Whitehead",null,null,"PDL","New build","C3","NO",null,null,"NO","No","HELAA",null,{"$error":"#DIV/0!"},"12/05370/FUL ","15/02548/REM","Full",null,null,"2015-06-17","2015-12-10","2018-12-10",50,0,50,{"$nulls":8},3,35,50,12,{"$nulls":3},12,0,null,0,"See HEL/0007C/H for 13/05005/FUL - 20 dwellings. Discharge of conditions 6 (planting) and 3 (construction traffic) pending January 2016","3.6. January 2016 \n11. June 2017 17/01847/DIS",null,"2016: Development started\n2017: Under contruction\n2018: Under construction\n2019: Complete","Complete","2017:Two year build programme","Site complete. Forecasts achieved.",null,"=",null,0,{"$nulls":13},0,0,{"$nulls":10},12,{"$nulls":20},12]
["Y","Y",null,"HEL/0037","Helsby","Helsby","Helsby",null,"Land off Longster Close, Helsby, Frodsham ","Erection of a dwelling ",{"$nulls":3},"Cheshire Planning Solutions Ltd (Jo Ellis-Jones) ",null,"GF","New build","C3","YES",null,null,"NO","No","Garden Land",null,{"$error":"#DIV/0!"},"15/01072/FUL (26/06/2018)",null,"Expired",{"$nulls":5},1,0,1,{"$nulls":10},0,{"$nulls":4},0,0,null,0,{"$nulls":3},"2016-2018: Not started\n2019: Not started","Not started","2018:Permission expires 2018","Permission expired. Not included in deliverable supply - no change to forecasts required.",null,"=","Permission expired",0,{"$nulls":13},0,0,{"$nulls":31},0]
["Y","Y",null,"HEL/0038","Helsby","Helsby","Helsby",null,"Land At School Farm House, 301 Chester Road, Helsby, Frodsham, WA6 0PY","Outline approval for the erection of one dwelling. ",{"$nulls":3},"Cheshire Planning Solutions Ltd - Jo Ellis-Jones",null,"GF","New build","C3","YES",null,null,"NO","No","Garden land",null,{"$error":"#DIV/0!"},"15/03018/OUT (22/12/2018)",null,"Expired",{"$nulls":5},1,0,1,{"$nulls":10},0,{"$nulls":4},0,0,null,0,{"$nulls":3},"2017-2018: Outline permission. No site visit\n2019: Outline permission. No site visit","Not started","2018:No site visit","Permission expired. Forecasts reviewed and removed from deliverable supply.",null,"-","Permission expired",0,{"$nulls":13},0,0,{"$nulls":31},0]
["Y","Y",null,"HEL/0039","Helsby","Helsby","Helsby",null,"Crown Buildings, Latham Avenue, Helsby, WA6 0DX  ","Side and rear extensions and provision of retail/office unit and 2 additional flats.  ",{"$nulls":5},"PDL","New build","C3","NO",null,null,"NO","No","Windfall",null,{"$error":"#DIV/0!"},null,"15/04990/FUL","Full",null,null,"2015-12-10","2016-03-30","2019-03-30",2,0,2,{"$nulls":10},{"$f":"SUM(AN346:AU346)+BA346","v":0},null,null,2,null,{"$f":"SUM(AW346-AZ346)","v":0},2,null,2,{"$nulls":3},"2016-2018: Not started\n2019: Not started","Not started.\nPermission expires 2019",null,"Permission expires in next monitoring period. Forecasts reviewed and updated. Removed from deliverable supply.",null,"-","Permission expires 2019",0,{"$nulls":13},0,0,{"$nulls":31},0]
["Y","Y",null,"HEL/0041","Helsby","Helsby","Helsby",null,"3A The Rock, Alvanley, Frodsham, WA6 9BQ","Outline planning application to erect three detached dwellings  (2436 sqm)",null,null,"Mrs Hilary Smith","PAB Architects Ltd - Mr Paul Baines",null,"GF","New build","C3","YES",null,null,"NO",null,"Garden land",0.24,12.5,null,"16/00929/OUT","Outline",null,null,"2016-03-04","2016-08-10","2019-08-10",3,0,3,{"$nulls":10},0,null,null,3,null,0,3,null,3,{"$nulls":3},"2017:Outline permission.No site visit\n2018:Outline permission.No site visit\n2019: Outline permission. No site visit. REM pending","Not started. \nOutline permission","2018:No site visit","Forecasts reviewed and unchanged based on planning status.",null,"=",null,3,null,null,1,1,1,{"$nulls":8},3,3,{"$nulls":31},0]
["Y",null,null,"HEL/0042","Helsby","Helsby","Helsby",null,"Plots 1 and 2, 136B Chester Road, Helsby, Frodsham, WA6 0AT","2 new detached dwellings and detached garages. Plot 1: 5 bed detached dwelling",{"$nulls":3},"NJG Design - Nicola Gibson nicola@njgdesign.co.uk","Simon Greenland","GF","New build","C3","YES",null,null,"NO","No","Garden land",null,null,"17/01693/OUT (14/07/2020)","17/02135/FUL","Full",null,null,"2017-05-11","2017-08-23","2020-08-23",2,0,2,{"$nulls":10},0,null,null,2,null,0,2,null,2,{"$nulls":3},"2018: Development commenced\n2019: Not started","Not started",null,"Forecasts reviewed and updated based on planning status and development progress.",null,"-","Delivery timescale >",2,null,null,1,null,1,{"$nulls":8},2,2,{"$nulls":31},0]
["Y",null,null,"HEL/0043","Helsby","Helsby","Helsby",null,"Land between 78 and 80 Bates Lane, Helsby, WA6 9LJ","Erection of new dwelling with garage",{"$nulls":5},"GF","New build","C3","YES",null,null,"NO","No","Garden land",null,{"$f":"SUM(AI349/Y349)","v":{"$error":"#DIV/0!"}},null,"16/02916/FUL","Full",null,null,"2016-07-08","2017-08-31","2020-08-31",1,0,1,{"$nulls":10},0,null,1,null,null,0,1,null,1,null,"11. February 2018 18/00448/DIS",null,"2018: Not started\n2019: Under construction","Under construction",null,"Site under construction. Forecasts reviewed and unchanged based on development progress.",null,"=",null,1,null,1,{"$nulls":11},1,1,{"$nulls":31},0]
["Y","Y",null,"HEL/0045","Helsby","Helsby","Helsby",null,"Land at Clifton, Vicarage Lane, Helsby, Frodsham","Erection of one new dwelling with garage and widening of existing access",{"$nulls":3},"Russell Baker russ@russbaker.co.uk",null,"GF","New build","C3","NO",null,null,"NO","No","Windfall",null,null,"18/01260/OUT (02/08/2021)","18/04463/REM","Outline. REM pending",null,null,"2018-11-16","2018-08-02","2021-08-02",1,0,1,{"$nulls":10},0,null,null,1,null,0,1,null,1,{"$nulls":3},"2019: Outline permission. No site visit. REM pending decision","Not started.\nOutline permission. REM awaiting decision",null,"New permission. Forecasting assumptions applied.",null,"New",null,1,null,null,1,{"$nulls":10},1,1]
["Y",null,null,"HEL/0046","Helsby","Helsby","Helsby",null,"Adjacent The Spinney, Alvanley Road, Helsby","Conversion of existing reservoir into new residential dwelling with single storey extension",{"$nulls":3},"Scott Desert scott_desert@yahoo.com","Brian Leonard","PDL","Change of use","C3","NO",null,null,"NO","No","Windfall",null,{"$f":"SUM(AI351/Y351)","v":{"$error":"#DIV/0!"}},null,"18/01005/FUL","Full",null,null,"2018-03-14","2018-08-22","2021-08-22",1,0,1,{"$nulls":10},0,null,null,1,null,0,1,null,1,{"$nulls":3},"2019: Not started","Not started",null,"New permission. Forecasting assumptions applied.",null,"New",null,1,{"$nulls":3},1,{"$nulls":9},1,1]
["n/a","n/a",null,"HOO/0006","Hoole",null,"Chester",null,"Adjacent 60 Maple Grove, Hoole, Chester",{"$nulls":6},"GF",{"$nulls":7},"HELAA",0.304,{"$nulls":11},0,{"$nulls":10},0,{"$nulls":4},0,0,null,0,{"$nulls":10},0,{"$nulls":13},0,0,{"$nulls":31},{"$f":"SUM(CE352:DD352)","v":0}]
["Y","n/a","BLPU - IU","HOO/0013","Hoole",null,"Chester",null,"Hoole Lawn Tennis Club, Fairfield Road, Chester, CH2 3RN","Residential development for 8 houses ","Marcol Homes",null,"Mr Anthony Wilding","Reynard Associates - Howard Sherwood",null,"PDL","New build","C3","NO",null,null,"NO","No","HELAA",null,{"$f":"SUM(AI353/Y353)","v":{"$error":"#DIV/0!"}},"15/00269/OUT","17/02790/REM","Full",null,null,"2017-06-27","2017-10-23","2019-10-23",8,0,8,{"$nulls":10},8,8,{"$nulls":3},8,0,null,0,"Officer also visited site - site complete. ","5.6.8-10. pending. 18/00512/DIS",null,"2017: Outline permission.No site visit\n2018: Under construction.\n2019: Complete","Complete","2018:Site delivering ahead of 2016/2017 forecasts","Site complete. Forecasts exceeded.",null,"+","Delivery rate >\nDelivery timescale <",0,{"$nulls":13},0,0,{"$nulls":4},8,{"$nulls":26},8]
["n/a","n/a",null,"HOO/0015","Hoole",null,"Chester",null,"Adj railway line, West Street, Hoole, Chester",{"$nulls":6},"PDL",null,"C3",{"$nulls":5},"BLR",null,{"$f":"SUM(AI354/Y354)","v":{"$error":"#DIV/0!"}},{"$nulls":8},59,null,59,{"$nulls":10},0,{"$nulls":4},0,0,59,59,{"$nulls":6},"Included on Brownfield Land Register.\nNot included in deliverable supply. No change to forecasts.",{"$nulls":3},0,{"$nulls":7},11,24,24,{"$nulls":3},59,59,{"$nulls":31},0]
["n/a","n/a",null,"HOO/0015","Hoole",null,"Chester",null,"Land off Brookside Terrace, Hoole, Chester",{"$nulls":6},"PDL",null,"C3",{"$nulls":5},"BLR",null,{"$f":"SUM(AI355/Y355)","v":{"$error":"#DIV/0!"}},{"$nulls":8},21,null,21,{"$nulls":10},0,{"$nulls":4},0,0,21,21,"Former retained CDLP allocation",{"$nulls":5},"Included on Brownfield Land Register.\nNot included in deliverable supply. No change to forecasts.",{"$nulls":3},0,{"$nulls":7},6,12,3,{"$nulls":3},21,21,{"$nulls":31},0]
["n/a","n/a",null,"HOO/0017","Hoole",null,"Chester",null,"Hoole Road Enterprise Centre, Hoole Bridge, Chester","BLR site",{"$nulls":5},"PDL","New build","C3","NO",null,null,"No","No","BLR",0.71,{"$nulls":9},32,null,32,{"$nulls":10},0,{"$nulls":4},0,0,32,32,{"$nulls":6},"Included on Brownfield Land Register.\nNot included in deliverable supply. No change to forecasts.",{"$nulls":3},0,{"$nulls":7},8,12,12,{"$nulls":3},32,32,{"$nulls":31},0]
["n/a","n/a",null,"HOO/0018","Hoole",null,"Chester",null,"Land off Lightfoot Street, adj. Thomas Brassey Court, Hoole, Chester","BLR site",{"$nulls":5},"PDL","New build","C3","NO",null,null,"NO","No","BLR",0.4,{"$nulls":9},18,null,18,{"$nulls":10},0,{"$nulls":4},0,0,18,18,{"$nulls":6},"Included on Brownfield Land Register.\nNot included in deliverable supply. No change to forecasts.",{"$nulls":3},0,{"$nulls":9},6,6,6,null,18,18,{"$nulls":31},0]
["n/a","n/a",null,"HOO/0028","Hoole",null,"Chester",null,"Former car sales garage, land at Hoole Bridge, Hoole Road, Hoole, Chester","BLR site",{"$nulls":5},"PDL","New build","C3","NO",null,null,"NO","No","BLR",0.46,{"$f":"SUM(AI358/Y358)","v":15.217391304347826},{"$nulls":8},7,0,7,{"$nulls":10},0,{"$nulls":4},0,0,7,7,{"$nulls":6},"Included on Brownfield Land Register.\nNot included in deliverable supply. No change to forecasts.",{"$nulls":3},0,{"$nulls":8},1,3,3,null,null,7,7,{"$nulls":31},0]
["Y","Y",null,"HOO/0040","Hoole",null,"Chester",null,"Land at 108 Hoole Road, Hoole,, Chester","Single (1) dwelling",{"$nulls":3},"TR Design Services",null,"GF","New build","C3","YES",null,null,"NO","No","Garden land",0.069,14.492753623188404,"15/00129/OUT (09/04/2018)",null,"Expired",{"$nulls":5},1,0,1,{"$nulls":10},0,{"$nulls":4},0,0,null,0,{"$nulls":3},"2017-2018: Outline permission. No site visit\n2019: Outline permission. No site visit","Not started","2018:No site visit","Permission expired. Forecasts reviewed and removed from deliverable supply.",null,"-","Permission expired",0,{"$nulls":13},0,0,{"$nulls":31},0]
["Y","n/a",null,"HOO/0042","Hoole",null,"Chester",null,"Land at 11 Hoole Gardens, Hoole, Chester, CH2 3EN","Erection of one detached dwelling (appearance, landscaping and scale reserved)",{"$nulls":5},"GF","New build","C3","YES",null,null,"NO","No","Garden Land",null,{"$error":"#DIV/0!"},"15/01548/OUT","17/03534/REM","Full",null,null,"2017-08-15","2015-07-01","2018-07-01",1,0,1,{"$nulls":10},1,1,{"$nulls":3},1,0,null,0,"15/00103/OUT - refused\n14/02983/OUT - refused",null,null,"2017: Outline permission.No site visit\n2018: Under construction\n2019: Complete","Complete",null,"Site complete. Forecasts achieved.",null,"=",null,0,{"$nulls":13},0,0,{"$nulls":3},1,{"$nulls":27},1]
["Y",null,"BLPU - IU","HOO/0049","Hoole",null,"Chester",null,"Land at 102A Hoole Road,Hoole, Chester","Conversion and extensions to existing outbuilding into new dwelling ",null,null,"Mr R Smith","Russell Baker russ@russbaker.co.uk","Steve ","PDL","Change of use","C3","NO",null,null,"NO","No","Windfall",null,{"$error":"#DIV/0!"},"16/02963/FUL\n17/04886/FUL (09/01/2021)","18/01923/FUL","Full",null,null,"2018-05-18","2018-08-08","2021-08-08",1,0,1,{"$nulls":10},0,null,1,null,null,0,1,null,1,{"$nulls":3},"2017: Not started\n2018: Not started\n2019: Under construction","Under construction",null,"Site under construction. Forecasts reviewed and unchanged based on development progress.",null,"=",null,1,null,1,{"$nulls":11},1,1,{"$nulls":31},0]
["Y",null,null,"HOO/0051","Hoole",null,"Chester",null,"The Grange, 1 Hoole Road, Chester, CH2 3NQ","2016 application:Conversion of office space into 6no residential apartments, consisting of 2x2bed apartments and 4x1bed apartments, and conversion of Coach House into residential storage space.\n2017 application: Change of use to plastic surgery practice and 5 apartments with work consisting of the demolition of part of rear building, erection of two storey rear extension, basement extension and attic extension. Conversion of barn to form office, staff room and stores for plastic surgery practice",{"$nulls":5},"PDL","Change of use","C3","NO",null,null,"NO","Yes","Windfall",null,{"$error":"#DIV/0!"},"16/03189/FUL (21/10/2016)\n17/01588/FUL (27/07/2020)","18/00784/FUL","Full",null,null,"2018-02-28","2018-04-26","2021-04-26",5,0,5,{"$nulls":10},0,null,5,null,null,0,5,null,5,"16/04583/FUL - COU to backpackers hostel",null,null,"2017: Not started\n2018: Not started\n2019: Under construction","Under construction",null,"Site under construction. Forecasts exceeded - reviewed and updated based on development progress.",null,"+","Delivery timescale <",5,null,5,{"$nulls":11},5,5,{"$nulls":31},0]
["Y",null,null,"HOO/0054","Hoole",null,"Chester",null,"Land at 113 Hoole Road, Chester, CH2 3NW ","1 detached dwelling (existing garage to be demolished).",{"$nulls":5},"PDL","New build","C3","NO",null,null,"NO","No","Windfall",null,{"$error":"#DIV/0!"},null,"16/05639/FUL","Full",null,null,"2016-12-20","2017-03-10","2020-03-10",1,0,1,{"$nulls":10},0,null,null,1,null,0,1,null,1,{"$nulls":3},"2017: Not started\n2018: Not started\n2019: Not started","Not started","2018:Garage not demolished","Forecasts reviewed and updated based on planning status and development progress.",null,"-","Delivery timescale >",1,null,null,1,{"$nulls":10},1,1,{"$nulls":31},0]
["Y",null,null,"HOO/0058","Hoole",null,"Chester",null,"376 Hoole Lane, Chester, CH2 3ES","2 two-storey detached dwellings accessed off Juniper Court",null,null,"Bashford Developments Limitied","Susatin Architecture - Matthew Roberts matthew.roberts@sustain-architecture.com","Steve Holmes","GF","New build","C3","YES",null,null,"NO","No","Garden land",0.051,null,"18/00934/REM (refused)","17/02709/OUT","Outline",null,"Appeal in progress","2017-06-21","2017-08-21","2020-08-21",2,0,2,{"$nulls":10},0,null,null,2,null,0,2,null,2,{"$nulls":3},"2018:Outline permission.No site visit","Not started.\nOutline permission. REM subject to appeal","2018:No site visit.Reserved matters application awaiting decision","Forecasts reviewed and updated based on planning status and development progress.",null,"-",null,2,null,null,1,1,{"$nulls":9},2,2,{"$nulls":31},0]
["Y",null,null,"HOO/0060","Hoole",null,"Chester",null,"Land at 36 Shavington Avenue, Hoole, Chester, CH2 3RD","Erection of one detached dwelling",null,null,"Mr & Mrs Meadows","FSP Northern - Stephen Quicke mail@fspnorthern.co.uk","Cathy Reay","GF","New build","C3","YES",null,null,"NO","No","Garden land",0.05,null,"17/03596/OUT (18/10/2020)","18/02198/FUL","Full",null,null,"2018-06-06","2018-07-27","2021-07-27",1,0,1,{"$nulls":10},0,null,1,null,null,0,1,null,1,{"$nulls":3},"2018: Outline permission. No site visit\n2019: Under construction","Under construction",null,"Site under construction. Forecasts exceeded - reviewed and updated based on development progress.",null,"+","Delivery timescale <",1,null,1,{"$nulls":11},1,1,{"$nulls":31},0]
["Y","n/a",null,"HOO/0061","Hoole",null,"Chester",null,"5 Derby Place (1st floor), Chester, CH2 3NP  ","Change of use of 1st floor from domestic to business use as part of the acupuncture clinic (loss of resi)",null,null,"Mr G Tam","Mr Jonathan Edsall",null,"PDL","Change of use","C3 loss","NO",null,null,"NO","No","Windfall",{"$nulls":3},"17/04399/FUL","Full",null,null,"2017-10-11","2017-12-18","2020-12-18",0,1,-1,{"$nulls":10},-1,{"$nulls":3},1,-1,0,null,0,"Expansion of ground floor clinic",null,null,"2018: Not started\n2019: Complete","Complete",null,"Site complete. Forecasts achieved.",null,"=",null,0,{"$nulls":13},0,0,{"$nulls":31},0]
["Y",null,null,"HOO/0063","Hoole",null,"Chester",null,"Hamilton Court Hotel, 5-7 Hamilton Street, Chester, CH2 3JG"," Change of Use from C1 (Guest House) to C3 (Dwellinghouse) including internal alterations to convert the property back into two separate dwelling houses",{"$nulls":4},"Angela Wrigley","PDL","Change of use","C3","NO",null,null,"NO","No","Windfall",{"$nulls":3},"18/01147/FUL","Full",null,null,"2018-03-23","2018-05-21","2021-05-21",2,0,2,{"$nulls":10},0,null,null,2,null,0,2,null,2,{"$nulls":3},"2019: Not started","Not started",null,"New permission. Forecasting assumptions applied.",null,"New",null,2,{"$nulls":3},2,{"$nulls":9},2,2]
["Y","n/a",null,"HOO/0065","Hoole",null,"Chester",null,"12 Philip Street, Hoole, Chester CH2 3BY","Separation of one dwelling into 2 self contained dwellings (Retrospective)",null,null,"Mr Gary Kirby",null,"Ed Shepherd","PDL","Conversion","C3","NO",null,null,"NO","No","Windfall",{"$nulls":3},"18/03463/FUL","Full",null,null,"2018-09-04","2018-11-02","2021-11-02",2,1,1,{"$nulls":10},1,2,null,null,1,1,0,null,0,{"$nulls":3},"2019: Complete (retrospective)","Complete (retrospective)",null,"Site complete. New 2018/2019 permission.",null,"New",null,0,{"$nulls":13},0,0,{"$nulls":10},2,{"$nulls":20},{"$f":"SUM(CE368:DD368)","v":2}]
["Y",null,null,"HOO/0066","Hoole",null,"Chester",null,"Pipers Private Day Nursery, Alder Grove, Chester, CH2 3ET ","Demolition of existing day nursery and erection of 7 dwellings ",{"$nulls":3},"Peter Miller mtpuk1@yahoo.com","Ben Greenwood","PDL","New build","C3","NO",null,null,"NO","No","Windfall",{"$nulls":3},"18/02589/OUT","Outline",null,null,"2018-07-05","2019-02-11","2022-02-11",7,0,7,{"$nulls":10},0,null,null,7,null,0,7,null,7,{"$nulls":3},"2019: Outline permission. No site visit","Not started. \nOutline permission",null,"New permission. Forecasting assumptions applied.",null,"New",null,7,{"$nulls":3},3,4,{"$nulls":8},7,7]
["Y",null,null,"HOO/0068","Hoole",null,"Chester",null,"8 Gresford Avenue, Chester, CH2 3QA","Conversion of existing terrace house in to 2 flats",{"$nulls":4},"Ed Shepherd","PDL","Conversion","C3","NO",null,null,"NO","No","Windfall",{"$nulls":3},"18/04657/FUL","Full",null,null,"2018-12-04","2019-03-20","2022-03-20",2,1,1,{"$nulls":10},0,null,null,1,null,0,1,null,1,{"$nulls":3},"2019: Not started","Not started",null,"New permission. Forecasting assumptions applied.",null,"New",null,1,null,null,-1,2,{"$nulls":9},1,1]
["Y","Y",null,"KIN/0007","Kingsley","Kingsley","Rural",null,"Adjacent Blakelees Cottage, Hollow Lane, Kingsley, Frodsham, WA6 6TX","\nErection of one dwelling  ",{"$nulls":5},"PDL","New build","C3","YES",null,null,"NO","Yes","Garden land",null,null,"18/03149/S73","17/04120/FUL","Full",null,null,"2017-09-25","2017-11-17","2020-11-17",1,0,1,{"$nulls":10},0,null,1,null,null,0,1,null,1,"18/03149/S73 - plans","3.4.5.8.10 [Nov 18] 18/03520/DIS",null,"2019: Under construction","Under construction",null,"New site under construction. Forecasts based on planning status and development progress.",null,"New",null,1,null,1,{"$nulls":11},1,1]
["Y",null,null,"KIN/0011","Kingsley","Norley","Rural",null,"Former Delamere Forest School, Blakemere Lane, Norley, WA6 6NP","12 market dwellings and 4 affordable dwellings and associated works","Crabtree Homes Ltd",null,"Crabtree Homes Ltd - Mr Jonathan Storey","BA Architects - Sarah Aspinall sarah@ba-architects.co.uk","Jill Stephens","GBPDL","New build","C3","NO",null,null,"NO","No","HELAA",1.04,{"$f":"SUM(AI372/Y372)","v":15.384615384615383},"16/01605/OUT (09/08/2020)","18/01862/REM","Full",null,null,"2018-05-15","2018-12-18","2021-12-18",16,0,16,null,4,{"$nulls":8},0,null,null,16,null,0,16,null,16,null,"5. 17/04164/DIS Sep 2018\n22-24 17/04837/DIS pending\n6(phasing).7-17(AH).19.20.25.26. 18/04512/DIS pending",null,"2018: Outline permission. No site visit\n2019: Development commenced. Demolition complete","Development commenced","2018:No site visit","Forecasts reviewed and unchanged based on planning status.","Outline planning application received 15 April 2016 and approved 9 Aug 2017\nDischarge application (condition 5) received 22 Sep 2017\nDischarge application (condition 22 to 24) received 13 Nov 2017\nDemolition application 17/03150/DEM received 18 July 2017. Decision issued 9 Aug 2017 (prior approval not required)\nDemolition February 2018 (Northwich Guardian 17 Feb 2018)\nDeveloper/house builder: Crabtree Homes\nNO CHANGE TO FORECAST- units are deliverable within years 1 to 5\nCurrent position:\nCondition 5 discharge approved 11 Sep 2018\nReserved matters (on condition 3) application received 15 May 2018","=",null,16,null,null,4,6,6,{"$nulls":8},16,16,{"$nulls":31},{"$f":"SUM(CE372:DD372)","v":0}]
["Y","Y",null,"KIN/0018","Kingsley","Norley","Rural","Norley","Haulage Yard, High Street, Norley, Frodsham","Residential development comprising six (6) market houses and six (6) affordable homes, together with access improvements and new footway across High Street frontage",{"$nulls":3},"McDryre & Co - Glyn Bridge (01928 735908) glynbridge66@hotmail.co.uk",null,"PDL","New build","C3","NO",null,null,"NO","No","HELAA",0.65,18.46153846153846,null,"15/01749/OUT","Outline",null,null,"2015-04-29","2017-08-31","2020-08-31",12,0,12,null,6,{"$nulls":8},0,null,null,12,null,0,12,null,12,"AH Programme April 2015. Delivery yr 3 onwards\n2016: 11/03715/OUT  expired. Revised outline application pending decision - approval subject to legal agreement.\nCorrespondence - S106 planning obligation has been drafted and awaiting Local Authority response. Land owner seeking buyer for site.",null,null,"2018:Outline permission.No site visit\n2019: Outline permission. No site visit","Not started. \nOutline permission","2018:No site visit","Forecasts reviewed and unchanged based on planning status and development progress.","Outline planning application received 29 April 2015 and approved 31 Aug 2017.\nLand owner seeking to sell site to developer.\nDelivery of units forecast from year 3.\nFORECAST REVISED - units removed from five year supply","=",null,0,{"$nulls":6},6,6,{"$nulls":5},12,12,{"$nulls":31},0]
["n/a","n/a",null,"KIN/0028","Kingsley","Norley","Rural",null,"Home Farm, Norley Lane, Norley, Northwich","Conversion of disused barns and outbuildings into seven (7) residential units. 5x3 bed and 2x4 bed",{"$nulls":3},"MR C.B. Lowe",null,"GF","Change of use","C3","NO",null,null,"YES","No","Windfall",0.25,0,"11/02455/FUL (05/03/2016)",{"$nulls":9},0,{"$nulls":10},0,{"$nulls":4},0,0,null,0,{"$nulls":10},0,{"$nulls":13},0,0,{"$nulls":31},0]
["Y",null,null,"KIN/0036","Kingsley","Crowton","Rural",null,"Llewellis Farm (adjacent building), Mill Lane, Kingsley, Frodsham","Conversion of garage / stable onto one (1)  residential dwelling",{"$nulls":5},"PDL","Change of use","C3","NO",null,null,"NO","No","Windfall",null,{"$error":"#DIV/0!"},"13/04364/FUL\n16/05317/FUL","18/02802/FUL","Full",null,null,"2018-07-19","2018-10-23","2021-10-23",1,0,1,{"$nulls":10},0,null,1,null,null,0,1,null,1,"14/01720/FUL - refused",null,null,"2015: Not started\n2016: Not started. New application approved\n2017: Not started\n2018: Not started\n2019: Under construction","Under construction","2016:New application approved\nNot started","Site under construction. Forecasts reviewed and unchanged based on development progress.",null,"=",null,1,null,1,{"$nulls":11},1,1,{"$nulls":31},0]
["Y","Y",null,"KIN/0038","Kingsley","Crowton","Rural",null,"Rockinghorse Farm, Ainsworth Lane, Crowton, Northwich","Conversion of existing barn into two (2) self contained residential units, construction of 3 car ports, external works and construction / relocation of 3 stables and hay store",{"$nulls":3},"Mr David Watkin",null,"GF","New build","C3","NO",null,null,"YES","No","Windfall",null,{"$error":"#DIV/0!"},"13/03647/FUL\n15/00023/FUL (23/04/2018)",null,"Expired",{"$nulls":5},2,0,2,{"$nulls":10},0,{"$nulls":4},0,0,null,0,{"$nulls":3},"2016-2018: Not started\n2019: Not started","Not started","2018:Permission expires 2018","Permission expired. Not included in deliverable supply - no change to forecasts required.",null,"=","Permission expired",0,{"$nulls":13},0,0,{"$nulls":31},0]
["Y",null,null,"KIN/0042","Kingsley","Kingsley","Rural",null,"Adjacent Westbrook Cottages, Westbrook Road, Kingsley","One (1) detached dwelling (outline)\n2 detached dwellings (full)",{"$nulls":3},"Mr Richard Vickers",null,"GF","New build","C3","NO",null,null,"NO","No","Windfall",null,{"$error":"#DIV/0!"},"14/01129/OUT\n16/03396/REM","16/00411/FUL","Full",null,null,"2016-09-05","2017-03-01","2020-03-01",2,0,2,{"$nulls":10},0,null,2,null,null,0,2,null,2,"13/04215/OUT - refused\n16/00411/FUL - for 2 dwellings","3.4.6 pending February 2018 18/00528/DIS",null,"2016: Outline permission.No site visit\n2017: Not started. Alternative residential scheme approved\n2018: Development commenced\n2019: Under construction","Under construction","2017:Alternative residential scheme (full) for two dwellings approved\n2018:Site cleared","Site under construction. Forecasts reviewed and unchanged based on development progress.",null,"=",null,2,null,2,{"$nulls":11},2,2,{"$nulls":31},0]
["Y","n/a",null,"KIN/0043","Kingsley","Norley","Rural",null,"Land at 4 Gorse Close, Norley, Northwich","One (1) dwelling (partially submerged)",{"$nulls":5},"PDL","New build","C3","YES",null,null,"NO","No","Garden land",null,{"$error":"#DIV/0!"},"14/01200/FUL \n15/04061/S73\n15/02560/S73","14/04293/FUL","Full",null,null,"2014-03-24","2014-05-16","2017-05-16",1,0,1,{"$nulls":10},1,1,{"$nulls":3},1,0,null,0,"15/04061/S73 - set back property on site\n15/02560/S73 - enlarge basement and change design",null,null,"2016: Not started.Design amendments approved\n2017: Not started\n2018: Under construction\n2019: Complete","Complete","2016:Design changes approved\n2017:Permission expires 17/18 monitoring period\n2018:Under construction","Site complete. Forecasts achieved.",null,"=",null,0,{"$nulls":13},0,0,{"$nulls":3},1,{"$nulls":27},1]
["Y","Y",null,"KIN/0044","Kingsley","Kingsley","Rural",null,"Fir Tree House, Norley Road, Kingsley, WA6 6LT","Conversion and alteration of existing outbuildings into residential accommodation and extension to Fir Tree House for new garage",{"$nulls":5},"PDL","Change of use","C3","NO",null,null,"NO","No","Windfall",null,{"$error":"#DIV/0!"},"14/03209/FUL\n15/00242/FUL (03/12/2018)",null,"Expired",{"$nulls":5},1,0,1,{"$nulls":10},0,{"$nulls":4},0,0,null,0,{"$nulls":3},"2016-2018: Not started\n2019: Not started","Not started","Not started. Expires in next monitoring period","Permission expired. Forecasts reviewed and removed from deliverable supply.",null,"-","Permission expired",0,{"$nulls":13},0,0,{"$nulls":31},0]
["Y",null,null,"KIN/0054","Kingsley","Kingsley","Rural",null,"Adjacent Brow Dene, Town Well, Kingsley, Frodsham","One (1) detached dwelling",{"$nulls":3},"Mr David Watkin davidwatkin47@gmail.com","Liza Woodray","PDL","New build","C3","YES",null,null,"NO","No","Garden land",null,{"$error":"#DIV/0!"},"14/03646/OUT (19/12/2017)","17/05267/REM","Full",null,null,"2017-12-11","2018-04-23","2021-04-23",1,0,1,{"$nulls":10},0,null,null,1,null,0,1,null,1,{"$nulls":3},"2017: Outline permission. No site visit\n2018: Outline permission. No site visit.REM awaiting decision\n2019: Not started","Not started","2018:No site visit.Reserved matters application awaiting decision","Forecasts reviewed and updated based on planning status.",null,"-","Delivery timescale >",1,null,null,1,{"$nulls":10},1,1,{"$nulls":31},0]
["Y","n/a",null,"KIN/0055","Kingsley","Crowton","Rural",null,"Crowton Mill, Ainsworth Lane, Crowton, CW8 2RS","Residential development of up to 15 units and associated works following demolition of existing buildings","Sherwood Homes",null,"Sherwood Homed Ltd-Mr S Kiely","Classic Architectire Limited-Mr Melvyn Aston design@classic-architecture.co.uk",null,"PDL","New build","C3","NO",null,null,"NO","No","Windfall",null,{"$error":"#DIV/0!"},"14/02553/OUT","16/01033/REM","Full",null,null,"2016-03-09","2016-12-22","2019-12-22",15,0,15,null,4,{"$nulls":8},15,15,{"$nulls":3},15,0,null,0,"Blocks A to E forecast to deliver annually","10 (partial).15-17.23.24.26. March 2017 17/00134/DIS\n7.10.13.27. December 2017 17/00544/DIS",null,"2017: Development started. Demolition complete\n2018: Under construction\n2019: Complete","Complete","2017:Buildings demolished and site cleared\n2018:Units under construction-anticipated completion May 2018","Site complete. Forecasts achieved.",null,"=",null,0,{"$nulls":13},0,0,null,2,4,5,{"$nulls":16},2,null,2,{"$nulls":8},15]
["Y",null,"BLPU - IU","KIN/0064","Kingsley","Crowton","Rural",null,"Yew Tree Farm, Ainsworth Lane, Crowton, CW8 2RS","Single storey extensions to side and rear of ancillary buildings and change of use to 2 no. dwellings with 2 no. garage buildings ",null,null,"Mr Stephen Rumbelow","Simon Mason Designs Ltd",null,"GF","Change of use","C3","NO",null,null,"YES","No","Windfall",null,{"$error":"#DIV/0!"},null,"15/01007/FUL","Full",null,null,"2015-03-11","2015-09-18","2018-09-18",2,0,2,{"$nulls":10},1,1,1,null,null,1,1,null,1,{"$nulls":3},"2016: Not started\n2017: Not started\n2018: Under construction\n2019: Under construction","Under construction","2018: Under construction.Site being cleared","Site under construction. Forecasts reviewed and unchanged based on development progress.",null,"=",null,1,null,1,{"$nulls":11},1,1,null,null,1,{"$nulls":28},1]
["Y","Y","BLPU - IU","KIN/0066A","Kingsley","Norley","Rural",null,"Town Farm, Town Farm Lane, Norley, WA6 8NH","Conversion of agricultural building to one dwelling",{"$nulls":3},"Wright Marshall - Olivia Starkey",null,"GF","Change of use","C3","NO",null,null,"YES","No","Windfall",null,{"$error":"#DIV/0!"},"15/03015/PDQ (14/08/2018)",null,"Expired",{"$nulls":5},1,0,1,{"$nulls":10},0,{"$nulls":4},0,0,null,0,"Prior approval not required\n15/01118/PMB - refused",null,null,"2016-2018: Not started\n2019: Not started","Not started","Not started","Permission expired. Forecasts reviewed and removed from deliverable supply.",null,"-","Permission expired",0,{"$nulls":13},0,0,{"$nulls":31},0]
["Y",null,"BLPU - IU","KIN/0066B","Kingsley","Norley","Rural",null,"Town Farm, Town Farm Lane, Norley, WA6 8NH","Conversion of agricultural barns to 3no dwellings",{"$nulls":3},"Civitas Planning - Rachel Thornley rachel.thornley@civitasplanning.com","Bethan Armstrong","GF","Change of use","C3","NO",null,null,"YES","No","Windfall",null,{"$error":"#DIV/0!"},null,"18/00677/FUL","Full",null,null,"2018-02-20","2018-09-06","2021-09-06",3,0,3,{"$nulls":10},0,null,null,3,null,0,3,null,3,{"$nulls":3},"2019: Not started","Not started",null,"New permission. Forecasting assumptions applied.",null,"New",null,3,{"$nulls":3},3,{"$nulls":9},3,3,{"$nulls":31},0]
["Y","Y","BLPU - IU","KIN/0069","Kingsley","Crowton","Rural",null,"Land at Holly Cottage, Bag Lane, Crowton, CW8 2TW","Conversion of building to form one dwelling",null,null,"Delamere Estate ","Strutt and Parker - Mrs Jo Redmond",null,"GF","Change of use","C3","NO",null,null,"YES","No","Windfall",null,null,"16/02870/S73","16/00282/FUL","Full",null,null,"2016-01-25","2016-04-08","2019-04-08",1,0,1,{"$nulls":10},0,null,null,1,null,0,1,null,1,"S73 - boundary with neighbour - change of plans",null,null,"2017-2018: Not started\n2019: Not started","Not started","Not started","Permission expires in next monitoring period. Forecasts reviewed and updated. Removed from deliverable supply.",null,"-","Permission expires 2019",0,{"$nulls":13},0,0,{"$nulls":31},0]
["Y",null,null,"KIN/0071","Kingsley","Crowton","Rural",null,"Hidden Farm, Sandhole Lane, Crowton, Northwich","Change of use of existing barn to form one (1) residential unit (amendment to approved PDQ)",null,null,"Mr Fraser Higson","View Associates - Mr Ian Jones",null,"GF","Change of use","C3","NO",null,null,"YES","No","Windfall",null,null,"16/00699/PDQ","17/03214/FUL","Full",null,null,"2017-07-26","2017-09-13","2020-09-13",1,0,{"$f":"AI386-AJ386","v":1},{"$nulls":10},0,null,null,1,null,0,{"$f":"SUM(AX386+AY386)","v":1},null,{"$f":"SUM(BC386+BB386)","v":1},"No access by car to site\nAgent confirms that work has started and contruction work is on hold during the bad weather. It is expected to complete within 12 months. ",null,null,"2017: Not started\n2018: Development commenced\n2019: No further development. Plot soldUnder construction.Confimration of development status and completion date received","Development commenced","2019: Serviced plot sold","Forecasts reviewed and updated based on planning status and development progress.",null,"-","Delivery timescale >",{"$f":"SUM(BQ386:BU386)","v":1},null,null,1,{"$nulls":10},{"$f":"SUM(BQ386:CA386)","v":1},{"$f":"SUM(BQ386:CB386)","v":1},{"$nulls":31},0]
["Y","Y",null,"KIN/0073","Kingsley","Sutton Weaver","Rural",null,"Sutton Hall, Aston Lane, Sutton, Northwich, WA7 3ED","Change of use of redundant barn to create one residential unit. Demolition of steel framed sheds. ",null,null,"Mr & Mrs Faulkner","Cheshire Planning Solutions Ltd - Jo Ellis-Jones",null,"GF","Change of use","C3","NO",null,null,"YES","No","Windfall",{"$nulls":3},"16/01167/FUL","Full",null,null,"2016-03-18","2016-07-28","2019-07-28",1,0,1,{"$nulls":10},0,null,null,1,null,0,1,null,1,{"$nulls":3},"2017-2018: Not started\n2019: Not started","Not started","Not started","Permission expires in next monitoring period. Forecasts reviewed and updated. Removed from deliverable supply.",null,"-","Permission expires 2019",0,{"$nulls":13},0,0,{"$nulls":31},0]
["Y","n/a",null,"KIN/0074","Kingsley","Kingsley","Rural",null,"Beech Farm, Beech Lane, Norley, WA6 6LR","Conversion of out building to dwelling.",null,null,"Mr Les Manning","Beeston Aspinall Architects (Sarah Aspinall)",null,"GF","Change of use","C3","NO",null,null,"YES","No","Windfall",null,{"$f":"SUM(AI388/Y388)","v":{"$error":"#DIV/0!"}},null,"16/02345/FUL","Full",null,null,"2016-06-03","2016-08-22","2019-08-22",1,0,1,{"$nulls":10},1,1,{"$nulls":3},1,0,null,0,{"$nulls":3},"2017: Under construction\n2018: Under construction\n2019: Complete","Complete",null,"Site complete. Forecasts achieved.",null,"=",null,0,{"$nulls":13},0,0,{"$nulls":3},1,{"$nulls":27},1]
["Y","Y",null,"KIN/0078","Kingsley","Frodsham","Rural",null,"The Cedars, 59 Chester Road, Sutton, Frodsham, WA7 3EA","Conversion of outbuilding to form single dwelling",{"$nulls":5},"PDL","Change of use","C3","NO",null,null,"NO","No","Windfall",null,{"$f":"SUM(AI389/Y389)","v":{"$error":"#DIV/0!"}},null,"15/04703/FUL","Full",null,null,"2015-11-19","2016-11-11","2019-11-11",1,0,1,{"$nulls":10},0,null,null,1,null,0,1,null,1,{"$nulls":3},"2017-2018: Not started\n2019: Not started","Not started","Not started","Permission expires in next monitoring period. Forecasts reviewed and updated. Removed from deliverable supply.",null,"-","Permission expires 2019",0,{"$nulls":13},0,0,{"$nulls":31},0]
["Y","n/a",null,"KIN/0079","Kingsley","Norley","Rural",null,"Cheshire Farmhouse, Ainsworth Lane, Crowton, CW8 2RS","Extension of existing detached garage and conversion to dwellling",{"$nulls":5},"PDL","Change of use","C3","NO",null,null,"NO","No","Windfall",null,{"$f":"SUM(AI390/Y390)","v":{"$error":"#DIV/0!"}},null,"16/05009/FUL","Full",null,null,"2016-11-09","2016-12-15","2019-12-15",1,0,1,{"$nulls":10},1,1,{"$nulls":3},1,0,null,0,{"$nulls":3},"2017: Not started\n2018: Not started\n2019: Complete","Complete",null,"Site complete. Forecasts exceeded.",null,"+","Delivery timescale <",0,{"$nulls":13},0,0,null,1,{"$nulls":29},1]
["Y","n/a","BLPU - IU","KIN/0081","Kingsley","Kingsley","Rural",null,"Hollygate Barn, Norley Road, Kingsley, Frodsham, WA6 6LS ","Conversion of existing outbuilding to dwelling  ",{"$nulls":5},"GF","Change of use","C3","NO",null,null,"YES","No","Windfall",{"$nulls":3},"16/04302/FUL","Full",null,null,"2016-09-21","2016-12-20","2019-12-20",1,0,1,null,0,{"$nulls":8},1,1,{"$nulls":3},1,0,null,0,"17/00413/BN - building work started (Feb 2017)",null,null,"2017: Under construction\n2018: Under construction\n2019: Complete","Complete","Under construction-completion in 8 to10 weeks","Site complete. Forecasts achieved.",null,"=",null,0,{"$nulls":13},0,0,{"$nulls":3},1,{"$nulls":27},1]
["Y",null,null,"KIN/0082","Kingsley","Norley","Rural",null,"Greenslade Farm, Norley Road, Norley, Northwich, WA6 6LH ","Conversion and extension of existing barn to form 5 dwellings and creation of new access track ",{"$nulls":5},"GF","Change of use","C3","NO",null,null,"YES","No","Windfall",null,{"$f":"SUM(AI392/Y392)","v":{"$error":"#DIV/0!"}},null,"16/03416/FUL","Full",null,null,"2016-08-08","2017-03-03","2020-03-03",5,0,5,{"$nulls":10},0,null,null,5,null,0,5,null,5,{"$nulls":3},"2017: Not started\n2018: Not started\n2019: Not started ","Not started","Not started","Forecasts reviewed and updated based on development progress.",null,"-","Delivery timescale >",5,null,null,1,2,2,{"$nulls":8},5,5,{"$nulls":31},0]
["Y",null,null,"KIN/0083","Kingsley","Kingsley","Rural","Kingsley","Church Cottage, Pike Lane, Kingsley, Frodsham, WA6 8EH","1 new two-storey dwelling",{"$nulls":5},"GBPDL","New build","C3","YES",null,null,"NO","No","Garden land",null,{"$error":"#DIV/0!"},null,"17/02336/FUL","Full",null,null,"2017-06-01","2017-07-27","2020-07-27",1,0,1,{"$nulls":10},0,null,null,1,null,0,1,null,1,{"$nulls":3},"2018: Not started\n2019: Not started","Not started","Not started","Forecasts reviewed and updated based on development progress.",null,"-","Delivery timescale >",1,null,null,1,{"$nulls":10},1,1,{"$nulls":31},0]
["Y","n/a",null,"KIN/0084","Kingsley","Kingsley","Rural",null,"Fir Tree Lodge, Norley Road, Kingsley, WA6 6LT","Conversion and alteration of existing outbuildings into dwelling",{"$nulls":5},"PDL","Change of use","C3","NO",null,null,"NO","No","Windfall",null,{"$error":"#DIV/0!"},null,"17/02103/FUL","Full",null,null,"2017-05-24","2017-08-15","2020-08-15",1,0,1,{"$nulls":10},1,1,{"$nulls":3},1,0,null,0,null,"5.6 October 2017 17/04311/DIS",null,"2018: Under construction\n2019: Complete","Complete",null,"Site complete. Forecasts achieved.",null,"=",null,0,{"$nulls":13},0,0,{"$nulls":7},1,{"$nulls":23},1]
["Y",null,null,"KIN/0086","Kingsley","Crowton","Rural",null,"Holly Bush Farm, Marsh Lane, Crowton, Northwich, CW8 2RL","Permanent farm workers dwelling",{"$nulls":3},"Wright Marshall - Olivia Starkey",null,"GF","New build","C3 workers","NO",null,null,"NO","No","Windfall",null,{"$error":"#DIV/0!"},"18/01276/S73","17/02602/OUT","Outline",null,null,"2017-06-13","2017-08-25","2020-08-25",1,0,1,{"$nulls":10},0,null,null,1,null,0,1,null,1,{"$nulls":3},"2018:Outline permission.No site visit\n2019: Outline permission. No site visit","Not started. \nOutline permission",null,"Forecasts reviewed and unchanged based on planning status and development progress.",null,"=",null,1,null,null,1,{"$nulls":10},1,1,{"$nulls":31},0]
["Y",null,null,"KIN/0087","Kingsley","Kingsley","Rural",null,"Castle Hill Farm, Waterloo Lane, Kingsley, WA6 6TW","Change of use of redundant barn to single residential use with integral garaging, ancillary to main farmhouse",{"$nulls":5},"GF","Change of use","C3","NO",null,null,"YES","No","Windfall",null,{"$error":"#DIV/0!"},null,"17/00306/FUL","Full",null,null,"2017-01-24","2017-10-17","2020-10-17",1,0,1,{"$nulls":10},0,null,1,null,null,0,1,null,1,{"$nulls":3},"2018: Not started\n2019: Under construction","Under construction",null,"Site under construction. Forecasts reviewed and unchanged based on development progress.",null,"=",null,1,null,1,{"$nulls":11},1,1,{"$nulls":31},0]
["Y",null,null,"KIN/0088","Kingsley","Kingsley","Rural","Kingsley","Westbrook, Hollow Lane, Kingsley, WA6 8EF","Conversion of traditional farm buildings into 4 dwellings. Alteration and subdivision of existing farmhouse to 2 dwellings. Conversion of traditional farm building to provide garages and stores. Construction of new garage.  ",{"$nulls":3},"Chartland Developments Ltd-Andrew Jones andrewj@chartland.co.uk",null,"GF","Change of use/Conversion","C3","NO",null,null,"YES","No","Windfall",null,{"$error":"#DIV/0!"},null,"17/04305/FUL","Full",null,null,"2017-10-05","2017-11-28","2020-11-28",6,1,5,{"$nulls":10},0,null,null,5,null,0,5,null,5,{"$nulls":3},"2018: Not started\n2019: Not started","Not started",null,"Forecasts reviewed and unchanged based on planning status and development progress.",null,"=",null,5,null,-1,2,2,2,{"$nulls":8},5,5,{"$nulls":31},0]
["Y",null,null,"KIN/0089","Kingsley","Crowton","Rural",null,"Land & building at Crewood, Common Road, Crowton, Northwich","Conversion of former calf rearing shed to one residential dwelling  ",{"$nulls":5},"GF","Change of use","C3","NO",null,null,"YES","No","Windfall",null,{"$error":"#DIV/0!"},null,"16/05050/PDQ","PDQ",null,"Allowed","09/011/2016","2017-11-09","2020-11-09",1,0,1,{"$nulls":10},0,null,null,1,null,0,1,null,1,{"$nulls":3},"2018: Not started\n2019: Not started","Not started","Not started","Forecasts reviewed and updated based on development progress.",null,"-","Delivery timescale >",1,null,null,1,{"$nulls":10},1,1,{"$nulls":31},0]
["Y",null,null,"KIN/0090","Kingsley","Crowton","Rural",null,"Hill Top Farm, Ainsworth Lane, Crowton, CW8 2RS","Removal of existing redundant agricultural buildings and stables and the conversion of two barns to create three self-contained residential dwellings, on site parking and landscaping with the retention of one stable block ",null,null,"Mrs H Williamson And Sons","David Watkin",null,"GBGF","Change of use","C3","NO",null,null,"YES","No","Windfall",null,{"$error":"#DIV/0!"},null,"16/04224/FUL","Full",null,null,"2016-09-14","2017-04-28","2020-04-28",3,0,3,{"$nulls":10},0,null,null,3,null,0,3,null,3,{"$nulls":3},"2018: Not started\n2019: Not started","Not started","2019: development opportunity for sale","Forecasts reviewed and unchanged based on planning status and development progress.",null,"=",null,3,{"$nulls":3},3,{"$nulls":9},3,3,{"$nulls":31},0]
["Y","Y",null,"KIN/0092","Kingsley","Kingsley","Rural",null,"Land off Higher Heyes Drive, Kingsley, Frodsham","Development of 15 affordable dwellings","Torus","Liverpool Mutual Homes","Liverpool Mutual Homes - Helen Wignall","Barton Willmore - Steven Grimster steven.grimster@bartonwillmore.co.uk\nPaddock Johnson Partnership - Mr Sean Davenport sean.davenport@paddockjohnson.com","Cathy Reay","GBGF","New build","C3","NO",null,null,"NO","No","Rural exception",0.91,16.483516483516482,null,"17/02356/FUL","Full",null,null,"2017-05-26","2018-03-13","2021-02-13",15,0,15,null,15,{"$nulls":8},0,null,null,15,null,0,15,null,15,null,"3-7.9.11-15.18.20. 18/03547/DIS pending",null,"2018: Not started\n2019: Not started","Not started",null,"Site acquired by registered provider. Forecasts reviewed and unchanged based on planning status.",null,"=",null,15,null,null,5,5,5,{"$nulls":8},15,15,{"$nulls":31},0]
["Y",null,null,"KIN/0094","Kingsley","Kingsely","Rural",null,"Pike House, Pike Lane, Kingsley, Frodsham, WA6 8EJ","Demolition of redundant barns and outbuilding and the construction of three (3) dwellings",{"$nulls":3},"Fob Architecture Ltd-Mr Staurt Begg office@fob-architecture.co.uk",null,"PDL","New build","C3","NO",null,null,"NO","No","Windfall",0.62,null,null,"17/03358/FUL","Full",null,null,"2017-08-03","2018-03-07","2021-03-07",3,0,3,{"$nulls":10},0,null,null,3,null,0,3,null,3,{"$nulls":3},"2018: Not started\n2019: Not started","Not started","Not started","Forecasts reviewed and updated based on development progress.",null,"-","Delivery timescale >",3,null,null,1,2,{"$nulls":9},3,3,{"$nulls":31},0]
["Y",null,null,"KIN/0095","Kingsley","Kinsgley","Rural",null,"52 Top Road, Kingsley, Frodsham, WA6 8DB","Demolition of existing dwelling and erection of two (2) dwellings. (2x4-bed houses)",{"$nulls":3},"Beeston Aspinall Architects-Mrs Sarah Aspinall sarah@ba-architects.co.uk",null,"PDL","New build","C3","NO",null,null,"NO","No","Windfall",0.25,null,null,"17/05469/FUL","Full",null,null,"2017-12-27","2018-03-09","2021-03-09",2,1,1,{"$nulls":10},0,null,null,1,null,0,1,null,1,{"$nulls":3},"2018: Not started\n2019: Not started","Not started","Not started","Forecasts reviewed and updated based on development progress.",null,"-","Delivery timescale >",1,null,-1,1,1,{"$nulls":9},1,1,{"$nulls":31},0]
["Y",null,null,"KIN/0096","Kingsley","Norley","Rural",null,"Land at Hondslough Lane, Northwich","Conversion and extension of barn to one residential dwelling with associated garage, landscaping and access",{"$nulls":5},"GF","Change of use","C3","NO",null,null,"YES","No","Windfall",{"$nulls":3},"17/04461/FUL","Full",null,null,"2017-10-16","2017-12-20","2020-12-20",1,0,1,{"$nulls":10},0,null,null,1,null,0,1,null,1,{"$nulls":3},"2018: Not started\n2019: Not started","Not started","Not started","Forecasts reviewed and updated based on development progress.",null,"-","Delivery timescale >",1,null,null,1,{"$nulls":10},1,1,{"$nulls":31},0]
["Y",null,"BLPU - IU","KIN/0097","Kingsley","Norley","Rural",null,"Land at Foresgate Farm, Hondslough Lane, Northwich","Conversion and extension of barn to one residential dwelling with associated garage, landscaping and access",{"$nulls":5},"GF","Change of use","C3","NO",null,null,"YES","No","Windfall",{"$nulls":3},"17/04478/FUL","Full",null,null,"2017-10-17","2018-03-01","2021-03-01",1,0,1,{"$nulls":10},0,null,null,1,null,0,1,null,1,"BLPU says in use, doesn't loook in use from google - site visit needed. ",null,null,"2018: Not started\n2019: Not started","Not started","Not started","Forecasts reviewed and updated based on development progress.",null,"-","Delivery timescale >",1,null,null,1,{"$nulls":10},1,1,{"$nulls":31},0]
["Y",null,null,"KIN/0099","Kingsley","Norley","Rural","Norley","Garravogue, School Bank, Norley, Northwich, WA6 8NP","Demolition of existing dwelling and erection of two dwellings ",{"$nulls":3},"   ",null,"PDL","New build","C3","NO",null,null,"NO","No","Windfall",{"$nulls":3},"17/03739/OUT","Outline",null,null,"2017-08-29","2018-03-19","2021-03-19",1,null,1,{"$nulls":10},0,null,null,1,null,0,1,null,1,"Side and single storey extensions approved for existing dwelling",null,null,"2018:Outline permission.No site visit\n2019: Outline permission. No site visit","Not started. \nOutline permission",null,"Forecasts reviewed and unchanged based on planning status.",null,"=",null,1,null,null,1,{"$nulls":10},1,1,{"$nulls":31},0]
["Y",null,null,"KIN/0100","Kingsley","Kingsley","Rural",null,"Kingsley Mill, Mill Lane, Kingsley, Frodsham, Cheshire, WA6 8JA","The extension of an existing warehouse, demolition of an existing mill and accompanying outbuildings, and the erection of 5 new dwellings",{"$nulls":5},"PDL","New build","C3","No",null,null,"No",null,"Windfall",{"$nulls":3},"18/00909/FUL","Full",null,null,"2018-03-21","2018-10-10","2021-10-10",5,0,5,{"$nulls":10},0,null,null,5,null,0,5,null,5,{"$nulls":3},"2019: Not started","Not started",null,"New permission. Forecasting assumptions applied.",null,"New",null,5,null,null,1,2,2,{"$nulls":8},5,5]
["Y","n/a",null,"KIN/0101","Kingsley","Kingsley","Rural",null,"Commonside Studio, Norley Road, Kingsley, Frodsham  ","Existing building used as a single residential dwelling ",{"$nulls":5},"PDL","Change of use","C3","NO",null,null,"NO","No","Windfall",{"$nulls":3},"18/00546/LDC","LDC",null,null,"2018-02-12","2018-04-09","2021-04-09",1,0,1,{"$nulls":10},1,1,{"$nulls":3},1,0,null,0,{"$nulls":3},"2019: Complete (LDC)","Complete",null,"Site complete. New 2018/2019 permission.",null,"New",null,0,{"$nulls":13},0,0,null,null,1,{"$nulls":28},{"$f":"SUM(CE407:DD407)","v":1}]
["Y",null,null,"KIN/0106","Kingsley","Norley","Rural",null,"Scout Hut, Crabmill Lane, Norley Northwich, WA6 8JN","Single dwelling",null,null,"Norley Parish Council","Scott Architecture scottsltd@gmail.com","Steve Holmes","PDL","New build","C3","NO",null,null,"No","No","Windfall",{"$nulls":3},"14/04571/OUT","Outline",null,null,"2014-10-27","2019-02-05","2022-02-05",1,0,1,{"$nulls":10},0,null,null,1,null,0,1,null,1,{"$nulls":3},"2019: Outline permission. No site visit.","Not started",null,"New permission. Forecasting assumptions applied.",null,"New",null,1,{"$nulls":3},1,{"$nulls":9},1,1]
["n/a","n/a",null,"LAC/0006","Lache",null,"Chester",null,"Great Western House, The Sidings, Chester Street, Saltney,","BLR site",{"$nulls":5},"PDL","New build","C3","NO",null,null,"NO","No","BLR",0.5,{"$f":"SUM(AI409/Y409)","v":32},{"$nulls":8},16,null,16,{"$nulls":10},0,{"$nulls":4},0,0,16,16,{"$nulls":6},"Included on Brownfield Land Register.\nNot included in deliverable supply. No change to forecasts.",{"$nulls":3},0,{"$nulls":9},4,6,6,null,16,16,{"$nulls":31},{"$f":"SUM(CE409:DD409)","v":0}]
["n/a","n/a",null,"LAC/0012","Lache",null,"Chester",null,"Red Hill House, Hope Street, Saltney","BLR site",{"$nulls":5},"PDL","new build","C3","NO",null,null,"NO","No","BLR",0.96,{"$f":"SUM(AI410/Y410)","v":31.25},{"$nulls":8},30,null,30,{"$nulls":10},{"$f":"SUM(AN410:AU410)+BA410","v":0},{"$nulls":4},{"$f":"SUM(AW410-AZ410)","v":0},0,30,30,{"$nulls":6},"Included on Brownfield Land Register.\nNot included in deliverable supply. No change to forecasts.",{"$nulls":3},0,{"$nulls":9},10,10,10,null,30,30,{"$nulls":31},0]
["n/a","n/a",null,"LAC/0013","Lache",null,"Chester",null,"Sycamore Field, Cliveden Road, Lache",{"$nulls":6},"GF",{"$nulls":7},"HELAA",1.536,{"$nulls":11},0,{"$nulls":10},0,{"$nulls":4},0,0,null,0,{"$nulls":10},0,{"$nulls":13},0,0,{"$nulls":31},0]
["Y","n/a",null,"LAC/0015","Lache",null,"Chester",null,"Rear of 32-34 Oldfield Crescent, Chester, CH4 7PE","Construction of one (1) dwelling",{"$nulls":5},"GF","New build","C3","YES",null,null,"NO","No","Garden land",null,{"$f":"SUM(AI412/Y412)","v":{"$error":"#DIV/0!"}},"14/00403/FUL\n17/02866/FUL","17/03082/FUL","Full",null,null,"2017-06-30","2017-08-17","2021-08-17",1,0,1,{"$nulls":10},1,1,{"$nulls":3},1,0,null,0,"BC - 16/02250/PAP plans approved 7/9/2016\n17/03819/NMA - adjustment to sitting of dwelling",null,null,"2016: Not started\n2017: Development commenced\n2018: Under construction\n2019: Complete","Complete",null,"Site complete. Forecasts achieved.",null,"=",null,0,{"$nulls":13},0,0,null,null,1,{"$nulls":28},1]
["Y",null,null,"LAC/0017","Lache",null,"Chester",null,"4 Coronation Street, Chester, CH4 8BX","Demolition of existing unit and erection of 8 residential units",{"$nulls":5},"PDL","New build","C3","NO",null,null,"NO","No","Windfall",{"$nulls":3},"17/02763/OUT","Outline",null,null,"2017-06-22","2017-08-30","2020-08-30",8,0,8,{"$nulls":10},0,null,null,8,null,0,8,null,8,{"$nulls":3},"2018: Outline permission. No site visit\n2019: Outline permission. No site visit","Not started",null,"Forecasts reviewed and updated based on planning status.",null,"-","Delivery timescale >",8,{"$nulls":3},8,{"$nulls":9},8,8,{"$nulls":31},0]
["Y","n/a","BLPU - IU","LAC/0018","Lache",null,"Chester",null,"134 St Marks Road, Chester, CH4 8DQ","Demolition of existing dwelling and erection of a pair of semi detached dwellings ",{"$nulls":3},"MTP Planning-Peter Miller",null,"PDL","New build","C3","NO",null,null,"NO","No","Windfall",{"$nulls":3},"17/05207/FUL","Full",null,null,"2017-12-07","2018-01-24","2021-01-24",2,1,1,{"$nulls":10},1,2,null,null,1,1,0,null,0,"2019: BLPU 1 unit complete and in use. ","3. January 2018. 18/00727/DIS",null,"2018: Not started\n2019: Complete","Complete",null,"Site complete. Forecasts exceeded.",null,"+","Delivery timescale <",0,{"$nulls":13},0,0,null,2,{"$nulls":29},2]
["Y","Y",null,"LEM/0001A","Ledsham and Manor",null,"Ellesmere Port",null,"LEDSHAM GARDEN VILLAGE (Phase 1) - Ledsham Road, Little Sutton, Ellesmere Port","Reserved matters following outline application 13/04015/OUT for 1500 dwellings. Matters related to scale, appearance, layout and landscaping realted to phase 1 of the development - 170 dwellings. 2012 application for 145 dwellings approved September 2014","Redrow Homes NW",null,"Redrow Homes NW","Terence O'Rourke: Miss L Thompson (lindsay.thompson@torltd.co.uk)",null,"GF","New build","C3","NO",null,null,"YES","No","Strategic site",5.83,{"$f":"SUM(AI415/Y415)","v":29.159519725557463},"12/03849/FUL 13/04015/OUT \n","15/03143/REM","Full",null,null,"03/09/2012 27/07/2015\n30/10/2014","2015-10-23","2018-10-23",170,0,170,null,43,{"$nulls":6},41,90,144,13,15,10,null,13,25,null,25,"2011 application: Planning Committee 20/06/2013. S106 signed September 2014. Email from Redrow: forecast 3 per month (36 per year) starting 2016/2017\nAmended layout approved 16/03412/NMA","1-29 Sept 2016 14/05160/DIS\n6.11.12.16-18.20.21.24.25.32.33.35.38.39.45.57. (partial.59.62.63) July 2017. 15/03640/DIS\n13,14,26,37,43,60 pending 17/04090/DIS",null,"2016: Development commenced (infrastructure)\n2017-2018: Under construction\n2019: Under construction","Under construction","2018:Phase 1 complete (plots 1-16 and 73-93 to be completed in later phase)\nDelivering ahead of 2016/2017 forecast","Local Plan strategic site.\nSite under construction. Forecasts exceeded - reviewed and updated based on site status, development progress, and forecastng information.",null,"+","Delivery timescale <",25,null,10,14,1,{"$nulls":9},25,25,null,null,2,7,{"$nulls":11},4,{"$nulls":15},13]
["Y","Y",null,"LEM/0001B","Ledsham and Manor",null,"Ellesmere Port",null,"LEDSHAM GARDEN VILLAGE (Phases 2.3.4) - Sutton New Hall Farm, Ledsham Road, Little Sutton, Ellesmere Port, CH66 4QG","Reserved matters following outline application 12/02091/OUT for 2000 dwellings. Matters related to scale, appearance, layout and landscaping related to PHASES 2,3 AND 4 of the development - 458 dwellings","Redrow Homes NW",null,"Redrow Homes NW","Terence O'Rourke: Miss L Thompson (lindsay.thompson@torltd.co.uk)",null,"GF","New build","C3","NO",null,null,"YES","No","Strategic site",105,{"$f":"SUM(AI416/Y416)","v":4.3619047619047615},"12/02091/OUT\n19/00670/REM pending","16/05464/REM","Full",null,null,"2016-12-09","2017-05-12","2020-05-12",458,0,458,{"$nulls":10},0,null,26,432,null,0,458,null,458,null,"6.7.17.20.21.24.26.27.29.30.32-37. 17/03503/DIS pending\n3.5.7-10. 17/03713/DIS pending\n40-59. 61-63. 17/05182/DIS pending\n12.13-15.31. 17/03762/DIS pending\n",null,"2017: Outline permission.No site visit\n2018: Not started\n2019: Under construction","Under construction","2018:Delivery forecasts provided by  Group Development Director of Redrow Homes - 140 per annum from year 3 (15 in year 1 and 90 in year 2) across whole development\nCase officer: Phase 1 to be completed including site frontage that was planned for later in development.\n2019: Redrow foreacst 10 per month - reduced to 8 per month to allow for and delay factors","Local Plan strategic site.\nSite under construction. Forecasts reviewed and updated based on planning status, development progress and forecasting information.",null,"-","Delivery timescale <",417,null,33,96,96,96,96,41,{"$nulls":6},458,458,{"$nulls":31},0]
["Y","Y",null,"LEM/0001C","Ledsham and Manor",null,"Ellesmere Port",null,"LEDSHAM GARDEN VILLAGE (Phase 5+) - Sutton New Hall Farm, Ledsham Road, Little Sutton, Ellesmere Port, CH66 4QG","Residential development in the region of 1500 dwellings, up to to 400 sq.m of retail floor space for a local shop, new primary school, community building, linear park, playing fields and other public open space. Reserved matters permitted for PHASE ONE 15/03143/REM = 170 units.\nResidential development of up to 2,000 homes, up to 400 sqm of retail floor space for a local shop, a new primary school, a community building, a new linear park, playing fields and other public open space, new allotments, together with new accesses, streets and other related infrastructure PHASES 2,3 AND 4 16/05464/REM = 458 ","Redrow Homes NW",null,"Redrow Homes NW","Terence O'Rourke: Miss L Thompson (lindsay.thompson@torltd.co.uk)",null,"GF","New build","C3","NO",null,null,"YES","No","Strategic site",105,{"$f":"SUM(AI417/Y417)","v":11.942857142857143},"12/02091/OUT\n16/03889/S73\n16/02638/NMA","13/04015/OUT","Outline",null,"Allowed","03/05/2012\n13/10/2013","2015-08-26","2018-08-26",1254,null,1254,{"$nulls":10},0,null,null,1254,null,0,1254,null,1254,"Refused and allowed on appeal - 2209026. NMA - Amendment to condition 7 of outline permission 13/04015/OUT to vary the range of density of development from between 27 and 50 dwellings per hectare net to a density of no less than 18 dwellings per hectare and no more than 40 dwellings per hectare.\nCondition for no more than 1570 dwellings to be built on site. \n500 additional units included in new permission. Total = 2000 dwellings","16/03889/S73 - Vary condition 40 and 41 highways \n13,14,26,37,43,60 pending 17/04090/DIS",null,"2017: Outline permission.No site visit\n2018: Outline permission.No site visit.Confirmation of delivery forecast received","Not started","2018:Delivery forecasts provided by Group Development Director of Redrow Homes - 140 per annum from year 3 (15 in year 1 and 90 in year 2) across whole development\nCase officer: Phase 1 to be completed including site frontage that was planned for later in development.","Local Plan strategic site.\nForecasts reviewed and updated based on planning status, development progress and forecasting information.","Local Plan (Part One) strategic site allocation.\nOutline planning permission for entirety of strategic site.\nDeveloper/house builder: Redrow Homes NW\nPhases 1, 2, 3, 4 and 5 with full permission.\nSite delivery forecasts provided through planning appeal and from house builder. Further updates through the annual monitoring process and liaison with house builder (Group Development Manager of Redrow), and information provided as part of the Letwin Review (Sites in Ellesmere Port including Ledsham Road were visited by Sir Oliver Letwin during his review of housing delivery. Redrow Homes stated that the site could deliver between 140 – 150 homes per year.\n2018 forecasts estimate delivery of up to 140 per annum across the phases at Ledsham - the development will have a number of outlets operating simultaneously.\nNO CHANGE TO FORECAST – units are deliverable within years 1 to 5","-","Delivery rate <",0,{"$nulls":6},55,96,96,96,96,96,719,535,1254,{"$nulls":31},0]
["n/a","n/a",null,"LEM/0004","Ledsham and Manor",null,"Ellesmere Port",null,"Land at 9-21 Armthorpe Drive, Little Sutton, Ellesmere Port",{"$nulls":6},"GF",{"$nulls":7},"HELAA",0.288,{"$nulls":11},0,{"$nulls":10},0,{"$nulls":4},0,0,null,0,{"$nulls":10},0,{"$nulls":13},0,0,{"$nulls":31},0]
["n/a","n/a",null,"LEM/0015","Ledsham and Manor",null,"Ellesmere Port",null,"726 Chester Road, Ellesmere Port","BLR site",{"$nulls":5},"PDL","New build","C3","NO",null,null,"NO","No","BLR",0.31,{"$nulls":9},10,null,10,{"$nulls":10},0,{"$nulls":4},0,0,10,10,{"$nulls":6},"Included on Brownfield Land Register.\nNot included in deliverable supply. No change to forecasts.",{"$nulls":3},0,{"$nulls":7},2,4,4,{"$nulls":3},10,10,{"$nulls":31},0]
["Y","n/a",null,"LEM/0022","Ledsham and Manor",null,"Ellesmere Port",null,"Land at 1 & 3 Holmfield Drive, Great Sutton, Ellesmere Port ","Erection of two storey dwelling (including the demolition of existing garages) (outline)",{"$nulls":5},"PDL","New build","C3","NO",null,null,"NO","No","Windfall",null,{"$f":"SUM(AI420/Y420)","v":{"$error":"#DIV/0!"}},"15/02989/OUT","15/04764/REM","Full",null,null,"2015-07-16","2015-02-23","2019-02-23",1,0,1,{"$nulls":10},1,1,{"$nulls":3},1,0,null,0,{"$nulls":3},"2016: Not started\n2017-2018: Under construction\n2019: Complete","Complete","2018:Completion anticiapted summer 2018","Site complete. Forecasts achieved.",null,"=",null,0,{"$nulls":13},0,0,null,null,1,{"$nulls":28},1]
["Y",null,null,"LEM/0025","Ledsham and Manor",null,"Ellesmere Port",null,"Adjacent 40 Dudleston Road, Little Sutton, Ellesmere Port","Erection of one dwelling",{"$nulls":5},"GF","New build","C3",{"$nulls":3},"No","No","Windfall",{"$nulls":3},"17/00849/OUT","Outline",null,null,"2017-03-01","2017-06-19","2020-06-19",1,0,1,{"$nulls":10},0,null,null,1,null,0,1,null,1,{"$nulls":3},"2018: Outline permission. No site visit\n2019: Outline permission. No site visit","Not started",null,"Forecasts reviewed and unchanged based on planning status.",null,"=",null,1,null,null,1,{"$nulls":10},1,1,{"$nulls":31},0]
["Y",null,null,"LEM/0026","Ledsham and Manor",null,"Ellesmere Port",null,"The Sutton, Gleneagles Road, Great Sutton, Ellesmere Port, CH66 4NF","Demolition of existing vacant public house and the erection of five 1-bed bungalows and twelve 1-bed apartments (within two storey building) for supported living",null,null,"Sutton Ellesmere Port Ltd - Mr Dan Anders","Studio KMA -  Craig Welsh craigw@studiokma.co.uk","Bethan Armstrong","PDL","New build","C3","NO",null,null,"NO","No","Windfall",{"$nulls":3},"17/05223/FUL","Full",null,null,"2017-12-08","2018-06-11","2021-06-11",17,0,17,{"$nulls":10},0,null,null,17,null,0,17,null,17,{"$nulls":3},"2019: Not started","Not started",null,"New permission. Forecasting assumptions applied.",null,"New",null,17,null,null,2,3,12,{"$nulls":8},17,17]
["Y",null,null,"LEM/0027","Ledsham and Manor",null,"Rural",null,"Leahurst, Capenhurst Lane, Great Sutton, CH66 2NT","Two detached residential properties on garden land to rear of Leahurst",{"$nulls":3},"Mr Alex Dawson ajajdawson@btinternet.com",null,"GBPDL","New build","C3","YES",null,null,"NO","No","Garden land",0.1827,{"$f":"SUM(AI423/Y423)","v":10.946907498631637},null,"17/01998/OUT","Outline",null,null,"2017-05-03","2017-07-25","2020-07-25",2,0,2,{"$nulls":10},0,null,null,2,null,0,2,null,2,{"$nulls":3},"2018: Outline permission. No site visit\n2019: Outline permission. No site visit","Not started","2018-No site visit","Forecasts reviewed and unchanged based on planning status.",null,"=",null,2,null,null,1,1,{"$nulls":9},2,2,{"$nulls":31},{"$f":"SUM(CE423:DD423)","v":0}]
["Y",null,null,"LEM/0029","Ledsham and Manor",null,"Ellesmere Port",null,"The Firs, Chester Road, Great Sutton, Ellesmere Port, CH66 2LS","Change of use from residential to business use (B1) and conversion of garage into store room",{"$nulls":5},"PDL","Change of use","C3 loss","NO",null,null,"No","No","Windfall",{"$nulls":3},"17/03995/FUL","Full",null,null,"2017-09-14","2017-10-24","2020-10-24",0,1,-1,{"$nulls":10},0,null,null,-1,null,0,-1,null,-1,{"$nulls":3},"2017-2018: Not started\n2019: Not started","Not started",null,"Forecasts reviewed and updated based on planning status and development progress.",null,"-","Delivery timescale >",-1,null,-1,{"$nulls":11},-1,-1,{"$nulls":31},0]
["Y",null,null,"LNB/0005","Little Neston and Burton","Puddington","Rural","Puddington","Racing stables, rear of Garden Cottage, Earles Way, Puddington, Neston","Conversion of stables into one (1) single 4 bed residential dwelling",{"$nulls":3},"Donald Insall Associates (01244 450063)",null,"GBPDL","Change of use","C3","NO",null,null,"NO","No","Windfall",0.172,{"$f":"SUM(AI425/Y425)","v":5.813953488372094},"10/10470/FUL\n12/00209/FUL (17/04/2012)\n14/02763/S73","13/03426/FUL","Full",null,null,"2012-01-23","2013-11-14","2016-11-14",1,0,1,{"$nulls":10},0,null,1,null,null,0,1,null,1,null,"15/00036/DIS",null,"2016:Under construction\n2017: Stalled.No planning status and development progress\n2018: Stalled\n2019: Stalled","Stalled","2018:No further work","Site stalled. Not included in deliverable supply. No change to forecasts.",null,"=",null,0,{"$nulls":13},0,0,{"$nulls":31},0]
["Y",null,null,"LNB/0008","Little Neston and Burton","Burton","Rural",null,"Dunstan Farm (barn and outbuilding), Dunstan Lane, Burton, Neston, CH64 8TJ","Conversion of barns and outbuildings to 4 dwellings",{"$nulls":3},"Applicant: Mr T McGlynn c/o M Survey Chartered Surveyors (James Mclachlan)",null,"GBGF","Change of use","C3","NO",null,null,"YES","No","Windfall",0.1,40,"10/11998/FUL (02/06/2011)","17/00570/FUL","Full",null,null,"2017-02-13","2017-08-02","2020-08-02",4,0,4,{"$nulls":10},0,null,null,4,null,0,4,null,4,"10/10470/FUL two self contained dwellings",null,null,"2017: Not started\n2018: Not started.New application approved\n2019: Not started","Not started","2018:New scheme approved","Forecasts reviewed and unchaged based on planing status.",null,"-",null,4,null,null,2,2,{"$nulls":9},4,4,{"$nulls":31},0]
["n/a","n/a",null,"LNB/0019","Little Neston and Burton","Neston","Neston & Parkgate",null,"Land at Brook Meadow, Church Lane, Neston",{"$nulls":6},"GF",null,"C3",{"$nulls":5},"HELAA",null,{"$error":"#DIV/0!"},{"$nulls":9},0,0,{"$nulls":10},0,{"$nulls":4},0,0,17,null,"Pre application discussion re residential development",{"$nulls":5},"Not included in deliverable supply. No change to forecasts.",{"$nulls":3},0,{"$nulls":13},0,0,{"$nulls":31},0]
["Y","n/a","BLPU - IU","LNB/0025","Little Neston and Burton","Neston","Neston & Parkgate",null,"Land at Stone Bank, 12 Lees Lane, Little Neston, CH64 4DB [Pugila, Sandy Lane, Neston, CH64 4DR]","Construction of new house and garage, replacement of existing garage and new vehicular access to serve existing house",{"$nulls":5},"GBPDL","New build","C3","NO",null,null,"NO","No","Windfall",null,{"$error":"#DIV/0!"},"14/00703/FUL","17/00682/FUL","Full",null,null,"2017-02-16","2017-04-28","2020-04-28",1,0,1,{"$nulls":10},1,1,{"$nulls":3},1,0,null,{"$f":"SUM(BC428+BB428)","v":0},{"$nulls":3},"2015-2017:Not started\n2018: Under construction\n2019: Complete","Complete","2018:Site delivering ahead of 2016/2017 forecasts","Site complete. Forecasts achieved.",null,"=",null,0,{"$nulls":13},0,0,null,null,1,{"$nulls":28},1]
["Y",null,null,"LNB/0028","Little Neston and Burton","Neston","Neston & Parkgate",null,"Romney Close (garages), Neston, CH63 9RJ","Demolition of existing lock-up garages and remove concrete hardstanibg and the erection of a two storey residential block containing 8x1bed apartments and 16 car parking spaces",null,"Sanctuary Housing Group",{"$nulls":3},"GBPDL","New build","C3","NO",null,null,"NO","No","HELAA",null,{"$error":"#DIV/0!"},null,"16/03082/FUL","Full",null,null,"2016-07-19","2016-11-21","2019-11-21",8,0,8,null,8,{"$nulls":8},0,null,8,null,null,0,8,null,8,null,"3.4.6.7.11-13.16.17. pending. 17/03863/DIS",null,"2017: Not started\n2018: Not started\n2019: Under construction","Under construction","HRA LA new build programme: to be delivered no later than March 2019","Site under construction. Forecasts exceeded - reviewed and updated based on planning status and development progress.",null,"+","Delivery timescale <",8,null,8,{"$nulls":11},8,8,{"$nulls":31},0]
["Y",null,null,"LNB/0038","Little Neston and Burton","Neston","Neston & Parkgate",null,"Land at Shones Croft, Ness, Neston","Six (6) new dwellings (two pairs of semi-detached and two detached dwellings)",{"$nulls":3},"Lightblue Solutions Ltd (Stephen Quicke) mail@lightbluesolutions.co.uk",null,"GBPDL","New build","C3","NO",null,null,"NO","No","HELAA",null,{"$error":"#DIV/0!"},null,"14/01328/FUL","Full",null,null,"2014-03-28","2015-04-23","2018-04-23",6,0,6,{"$nulls":10},0,null,6,null,null,0,6,null,6,null,"11.14. 18/00918/DIS April 2018\n3.4.10.14(phasing). 18/04903/DIS pending\n2.7-9(variation). 19/00315/S73 pending",null,"2017: Not started\n2018: Development started\n2019: Under construction","Under construction","2018:Groundworks started","Site under construction. Forecasts reviewed and unchanged based on planning status and development progress.",null,"=",null,6,null,4,2,{"$nulls":10},6,6,{"$nulls":31},0]
["Y",null,null,"LNB/0039","Little Neston and Burton","Neston","Neston & Parkgate",null,"Land at Quayside, Little Neston, Neston","Erection of a detached two storey dwelling, detached ancillary garage with associated drive and turning area with landscaping",null,null,"Mr John Sinclair","TEP : Mr Yousef Ibrahim",null,"GBGF","New build","C3","NO",null,null,"NO","No","Windfall",null,{"$error":"#DIV/0!"},null,"14/03666/FUL","Full",null,null,"2014-08-26","2015-09-10","2018-09-10",1,0,1,{"$nulls":10},0,null,null,1,null,0,1,null,1,null,"3.4.8-10.12.13.15-18.20.21.27. 17/05273/DIS March 2018\n10.12-14. 18/02187/DIS July 2018",null,"2016-2018: Not started\n2019: Development commenced","Development commenced","2018:Permission expired 2018. Multiple conditions discharged March 2018.","Development commenced. Forecasts reviewed and updated based on planning status and development progress.",null,"-","Delivery timescale >",1,null,null,1,{"$nulls":10},1,1,{"$nulls":31},0]
["Y","n/a",null,"LNB/0041","Little Neston and Burton","Puddington","Rural","Puddington","White House, Puddington Lane, Puddington, Neston, CH64 5SR ","Conversion of an existing barn and outbuildings to provide one dwelling - Revised scheme following previous approvals 15/00048/FUL",{"$nulls":5},"GBGF","Change of use","C3","NO",null,null,"YES","No","Windfall",{"$nulls":3},"16/05534/FUL","Full",null,null,"2016-12-14","2017-02-13","2020-02-13",1,0,1,{"$nulls":10},1,1,{"$nulls":3},1,0,null,0,null,"3.4.  April 2017. 17/00112/DIS",null,"2017: Not started\n2018: Under constrcution\n2019: Complete","Complete",null,"Site complete. Forecasts achieved.",null,"=",null,0,{"$nulls":13},0,0,null,null,1,{"$nulls":28},1]
["Y","Y",null,"LNB/0043","Little Neston and Burton","Neston","Neston & Parkgate",null,"Rear Of Marshside, Marshlands Road, Little Neston","Construction of two (2)detached houses",{"$nulls":3},"Lightblue Solutions Ltd (Stephen Quicke) mail@lightbluesolutions.co.uk",null,"GBGF","New build","C3","YES",null,null,"NO","No","Garden land",null,{"$f":"SUM(AI433/Y433)","v":{"$error":"#DIV/0!"}},null,"15/02384/FUL","Full",null,null,"2015-06-08","2016-01-13","2019-01-13",2,0,2,{"$nulls":10},0,null,null,2,null,0,2,null,2,{"$nulls":3},"2016-2017: Not started\n2018: Development commenced\n2019: Stalled","Stalled",null,"Site stalled. Forecasts reviewed and updated. Removed from deliverable supply.",null,"-","Stalled",0,{"$nulls":6},2,{"$nulls":6},2,2,{"$nulls":31},0]
["Y","n/a",null,"LNB/0048","Little Neston and Burton","Neston","Neston & Parkgate",null,"4 Waterford Drive, Little Neston, Neston, CH64 9QW","Demolition of existing bungalow and construction of 2 new dwellings",{"$nulls":3},"Azzurri Architects",null,"GBPDL","New build","C3","NO",null,null,"NO","No","Windfall",null,{"$f":"SUM(AI434/Y434)","v":{"$error":"#DIV/0!"}},null,"15/04429/FUL","Full",null,null,"2015-10-27","2016-01-15","2019-01-15",2,1,1,{"$nulls":9},-1,1,2,{"$nulls":3},2,0,null,0,{"$nulls":3},"2016-2017: Not started\n2018: Under construction\n2019: Complete","Complete","2018:Site delivering ahead of 2016/2017 forecasts","Site complete. Forecasts achieved.",null,"=",null,0,{"$nulls":13},0,0,null,null,2,{"$nulls":28},2]
["Y",null,null,"LNB/0049","Little Neston and Burton","Neston","Neston & Parkgate",null,"39 Riverside Walk, Neston, CH64 0TT","Erection of three (3) detached houses",{"$nulls":3},"Strutt and Parker - Miss Emma Cheetham (outline)\nGarry Usherwood Associates Limited - Mr Gary Usherwood","Rob Charnley","GBPDL","New build","C3","NO",null,null,"NO","No","Windfall",null,{"$f":"SUM(AI435/Y435)","v":{"$error":"#DIV/0!"}},"12/01767/OUT (15/08/2013)","16/01226/REM","Full",null,"Allowed","2016-03-23","2017-02-08","2019-02-08",3,1,2,{"$nulls":10},-1,null,3,null,1,-1,3,null,3,"Outline application refused and allowed on appeal","5-11. 17/05321/DIS Oct 2018",null,"2016:Outline permission.No site visit\n2017: Not started\n2018: Not started\n2019: Under construction","Under construction",null,"Site under construction. Forecasts exceeded - reviewed and updated based on planning status and development progress.",null,"+","Delivery timescale <",3,null,3,{"$nulls":11},3,3,{"$nulls":31},0]
["Y",null,null,"LNB/0051","Little Neston and Burton","Neston","Rural",null,"39 Ivy Farm Drive, Little Neston, CH64 4EQ ","Refurbishment of existing outbuilding to form new two storey cottage ",{"$nulls":5},"GBGF","Change of use","C3","NO",null,null,"YES","No","Windfall",null,{"$f":"SUM(AI436/Y436)","v":{"$error":"#DIV/0!"}},null,"16/04216/FUL","Full",null,null,"2016-09-15","2016-12-21","2019-12-21",1,0,1,{"$nulls":10},0,null,1,null,null,0,1,null,1,{"$nulls":3},"2017: Not started\n2018: Not started\n2019: Under construction","Under construction",null,"Site under construction. Forecasts reviewed and updated based on development progress.",null,"=",null,1,null,1,{"$nulls":11},1,1,{"$nulls":31},0]
["Y","n/a","BLPU - IU","LNB/0052","Little Neston and Burton","Burton","Rural",null,"Station House Nurseries, Station Road, Burton, Neston ","Erection of essential workers dwelling ",{"$nulls":5},"GBGF","New build","C3 workers","NO",null,null,"NO","No","Windfall",{"$nulls":3},"16/03341/FUL","Full",null,null,"2016-08-01","2017-02-20","2020-02-20",1,0,1,{"$nulls":10},1,1,{"$nulls":3},1,0,null,0,null,"4. pending 17/02700/DIS",null,"2017-2018: Not started\n2019: Complete","Complete",null,"Site complete. Forecasts exceeded.",null,"+","Delivery timescale <",0,{"$nulls":13},0,0,null,null,1,{"$nulls":28},1]
["Y","n/a",null,"LNB/0055","Little Neston and Burton","Neston","Neston & Parkgate",null,"Land at Birch Cottage, Haddon Lane, Ness, Neston","Change of use of agricultural building to dwelling",{"$nulls":5},"GBGF","Change of use","C3","NO",null,null,"YES","No","Windfall",null,{"$f":"SUM(AI438/Y438)","v":{"$error":"#DIV/0!"}},null,"17/04638/PDQ","PDQ",null,null,"2017-10-27","2017-12-21","2020-12-21",1,0,1,{"$nulls":10},1,1,{"$nulls":3},1,0,null,0,{"$nulls":3},"2018: Not started\n2019: Complete","Complete",null,"Site complete. Forecasts exceeded.",null,"+","Delivery timescale <",0,{"$nulls":13},0,0,{"$nulls":7},1,{"$nulls":23},1]
["Y",null,null,"LNB/0057","Little Neston and Burton","Neston","Rural",null,"Land at Denna Hall, Denhall Lane, Burton, Neston","Conversion of existing squash building into one (1) dwelling, creation of first floor and front porch (1x4bed house)",{"$nulls":3},"SHACK Architecture - Antony O'Toole antonyotoole@shackarchitecture.com",null,"GBPDL","Change of use","C3","NO",null,null,"NO","No","Windfall",0.0523,{"$f":"SUM(AI439/Y439)","v":19.120458891013385},null,"17/05349/FUL","Full",null,null,"2017-12-19","2018-02-22","2021-02-22",1,0,1,{"$nulls":10},0,null,null,1,null,0,1,null,1,{"$nulls":3},"2018: Not started\n2019: Not started","Not started",null,"Forecasts reviewed and updated based on development progress.",null,"-","Delivery timescale >",1,null,null,1,{"$nulls":10},1,1,{"$nulls":31},0]
["Y",null,null,"LNB/0058","Little Neston and Burton","Burton","Rural",null,"Rylands, Dunstan Lane, Burton, Neston, CH64 8TG","Conversion of existing breezeblock stable blocks into one dwelling",{"$nulls":5},"GBPDL","Change of use","C3","NO",null,null,"NO","No","Windfall",null,{"$f":"SUM(AI440/Y440)","v":{"$error":"#DIV/0!"}},"17/04680/FUL (20/02/2021)","18/02026/FUL","Full",null,null,"2018-05-24","2018-08-15","2021-08-15",1,0,1,{"$nulls":10},0,null,1,null,null,0,1,null,1,{"$nulls":3},"2018: Not started\n2019: Under construction","Under construction",null,"Site under construction. Forecasts reviewed and unchanged based on development progress.",null,"=",null,1,null,1,{"$nulls":11},1,1,{"$nulls":31},0]
["Y",null,null,"LNB/0060","Little Neston and Burton",null,"Rural",null,"Bryn Estyn Dunstan Lane Neston CH64 8TJ ","Agricultural buildings to be converted into two dwellings ",{"$nulls":5},"GBGF","Change of use","C3","NO",null,null,"YES","NO","Windfall",null,{"$f":"SUM(AI441/Y441)","v":{"$error":"#DIV/0!"}},null,"18/01596/PDQ","PDQ",null,null,"2018-04-24","2018-06-20","2021-06-20",2,0,2,{"$nulls":10},0,null,null,2,null,0,2,null,2,{"$nulls":3},"2019: Not started","Not started",null,"New permission. Forecasting assumptions applied.",null,"New",null,2,null,null,2,{"$nulls":10},2,2]
["Y","Y",null,"LNB/0061","Little Neston and Burton",null,"Rural",null,"Burton Manor, The Village, Burton, Neston, CH64 5SH","Refurbishment and change of use of Burton Manor to offices, construction of 16 dwellings, demolition of Behrend House & Newton House, community shop/cafe and associated landscaping works ",null,null,"Peter Brett Associates - Peter Brett","Insall Architects - Tony Barton tony.barton@insall-architects.co.uk andy.flanagan@insall-architects.co.uk","Paul Friston","GBPDL","Change of use","C3","NO",null,null,"NO","No","Windfall",{"$nulls":3},"18/01382/FUL","Full",null,null,"2018-04-10","2018-11-09","2021-11-09",16,0,16,{"$nulls":10},0,null,null,16,null,0,16,null,16,null,"15. 18/04761/DIS pending\n4-7. 19/00291/DIS pending\n4.13.14. 19/00495/DIS pending\n9.10.17.18. 19/00584/DIS pending",null,"2019: Development commenced","Development commenced",null,"New permission. Forecasts based on planning status and delivery progress.",null,"New",null,16,{"$nulls":3},5,5,6,{"$nulls":7},16,16]
["Y","Y",null,"MAL/0002","Malpas","Cuddington (Malpas)","Rural",null,"Land at Ashcroft, Chorlton Lane, Cuddington, Malpas","Demolition of existing buildings and erection of 1 No two storey dwelling, single storey detached double garage with access, car parking and landscaping arrangements",{"$nulls":5},"PDL","New build","C3","NO",null,null,"NO","No","Windfall",null,{"$f":"SUM(AI443/Y443)","v":{"$error":"#DIV/0!"}},"09/11446/FUL  11/01436/EXT  12/02001/FUL  14/00319/FUL ","15/01925/FUL","Full",null,null,"2015-05-11","2015-07-06","2018-07-06",1,0,1,{"$nulls":10},0,null,null,1,null,0,1,null,1,null,"3.5.10.11.13.16.18. July 2016. 16/01840/DIS\n3.5-7. August 2016. 16/02446/DIS",null,"2016-2017:Not started\n2018:Not started. Stalled\n2019: Stalled","Stalled","2018:Site marketed for sale with pp\nPermission expires in 2018","Site stalled. Not included in deliverable supply. No change to forecasts.",null,"=","Stalled",0,{"$nulls":6},1,{"$nulls":6},1,1,{"$nulls":31},{"$f":"SUM(CE443:DD443)","v":0}]
["Y",null,null,"MAL/0019","Malpas","Malpas","Malpas",null,"Corn Depot (Phase Two), Land off Greenfields Lane, Malpas","Residential development of seven (7) dwellings (including three affordable housing units)",{"$nulls":3},"Agent: S Murray and Associates. Arc Adington",null,"GF","New build","C3","NO",null,null,"NO","No","HELAA",null,{"$f":"SUM(AI444/Y444)","v":{"$error":"#DIV/0!"}},"12/03056/FUL\n16/00635/S73","15/04750/FUL","Full",null,"Allowed","2015-11-20","2016-07-13","2019-07-13",7,0,7,null,3,{"$nulls":8},0,null,null,7,null,0,7,null,7,"Allowed on appeal\n16/00635/S73 approved 07/04/2016 : site layout and other conditions","2-5.7.11.12(variation).10. April 2016. 16/00635/S73.",null,"2015-2018:Not started\n2019: Not started","Not started",null,"Permission expires in next monitoring period. Not included in deliverable supply. No change to forecasts.",null,"=","Not included in 2018 supply ",0,{"$nulls":10},3,4,null,7,7,{"$nulls":31},0]
["n/a","n/a",null,"MAL/0022","Malpas","Malpas","Rural","No Mans Heath","Rear of The Firs, Chester Road, No Man's Heath, Malpas",{"$nulls":6},"GF",{"$nulls":7},"HELAA",10.187,{"$nulls":11},0,{"$nulls":10},0,{"$nulls":4},0,0,null,0,{"$nulls":10},0,{"$nulls":13},0,0,{"$nulls":31},0]
["Y","n/a",null,"MAL/0025","Malpas","Malpas","Rural",null,"The Malt Kiln, Bradley Lane, Bradley, Malpas, SY13 4QX","Conversion of barn to form 2 dwellings with garages (demolition of out buildings)",{"$nulls":3},"ARH Architectural Design (Mr Andrew Hewitt) ",null,"GF","Change of use","C3","NO",null,null,"YES","No","Windfall",null,{"$f":"SUM(AI446/Y446)","v":{"$error":"#DIV/0!"}},null,"14/04875/FUL","Full",null,null,"2014-12-08","2015-02-04","2018-02-04",2,0,2,{"$nulls":9},1,2,1,{"$nulls":3},1,0,null,0,{"$nulls":3},"2016:Development started\n2017:Under construction\n2018:Under construction.Plot 1 complete\n2019: Complete","Complete","2018:Plot 1 complete","Site complete. Forecasts exceeded.",null,"+","Delivery timescale <",0,{"$nulls":13},0,0,null,null,1,{"$nulls":28},1]
["Y",null,null,"MAL/0031","Malpas","Agden","Rural",null,"Land at Agden Dairy Farm, Sandholes Lane, Agden, Malpas","One (1) agricultural workers dwelling for a full-time herdsman",{"$nulls":5},"GF","New build","C3 workers","NO",null,null,"NO","No","Windfall",null,{"$f":"SUM(AI447/Y447)","v":{"$error":"#DIV/0!"}},"12/03053/OUT  \n13/03432/FUL (01/10/2013)","16/04495/FUL","Full",{"$nulls":3},"2017-01-20","2020-01-20",1,0,1,{"$nulls":10},0,null,null,1,null,0,1,null,1,{"$nulls":3},"2015-2017: Not started\n2018: New application approved. Not started\n2019: Not started\n2018: Not started","Not started","2017:Amended scheme approved","Forecasts reviewed and updated based on planning status and development progress.",null,"-","Delivery timescale >",1,null,null,1,{"$nulls":10},1,1,{"$nulls":31},0]
["n/a","n/a",null,"MAL/0032","Malpas","Malpas","Rural",null,"Rear of Brock Bank Cottages, Tilston Road, Malpas",{"$nulls":6},"GF",{"$nulls":7},"HELAA",1.692,{"$nulls":11},0,{"$nulls":10},0,{"$nulls":4},0,0,null,0,{"$nulls":10},0,{"$nulls":13},0,0,{"$nulls":31},0]
["n/a","n/a",null,"MAL/0033","Malpas","Malpas","Rural","No Mans Heath","Land at Holly Bushes, Coach Road, No Mans Heath",{"$nulls":6},"GF",{"$nulls":7},"HELAA",1.268,{"$nulls":11},0,{"$nulls":10},0,{"$nulls":4},0,0,null,0,{"$nulls":10},0,{"$nulls":13},0,0,{"$nulls":31},0]
["Y","n/a",null,"MAL/0035","Malpas","Malpas","Malpas",null,"5 Church Street (Aladdin's Cave), Malpas, SY14 8NX","Renovation of existing retail area and ground floor store room. Change of use of first, second and third floors to a single residential unit",{"$nulls":5},"PDL","Change of use","C3","NO",null,null,"NO","No","Windfall",null,{"$f":"SUM(AI450/Y450)","v":{"$error":"#DIV/0!"}},"12/02246/FUL (11/10/2012)","15/04773/FUL","Full",null,null,"2015-11-24","2016-01-06","2019-01-06",1,0,{"$f":"AI450-AJ450","v":1},{"$nulls":10},1,1,{"$nulls":3},1,{"$f":"SUM(AX450+AY450)","v":0},null,0,{"$nulls":3},"2016-2017: Not started\n2018: Development started\n2019: Complete","Complete","2018:Residential unit complete","Site complete. Forecasts achieved.",null,"=",null,{"$f":"SUM(BQ450:BU450)","v":0},{"$nulls":13},{"$f":"SUM(BQ450:CA450)","v":0},{"$f":"SUM(BQ450:CB450)","v":0},null,null,1,{"$nulls":28},1]
["Y","Y",null,"MAL/0039","Malpas","Overton","Rural",null,"NEW FARM COURT, Boogles Barn, Tilston Road, Malpas, SY14 7DF","Demolition of existing buildings and the erection of 13 dwellings.\n2016 permission = 6 dwellings at Boogles Barn (New Fram Court)","New Farm Developments",null,"Mr Jolyon Grace","Benchmark Selfbuild - Mr Mark Twynam",null,"PDL","New build","C3","NO",null,null,"NO","No","HELAA",null,{"$f":"SUM(AI451/Y451)","v":{"$error":"#DIV/0!"}},"14/02639/OUT\n17/01102/NMA\n17/05052/NMA\n17/05347/NMA ","16/01179/FUL","Full",null,null,"2016-03-18","2016-10-20","2019-10-20",7,0,7,{"$nulls":10},4,4,3,null,null,4,3,null,3,"Resubmission of 13/02900/OUT - refused\n17/05052/NMA (drainage)\n17/05347/NMA (elevations)","4.6.10.11. January 2018. 17/04839/DIS\n9. July 2018 17/03475/DIS",null,"2016: Outline permission.No site visit.\n2017: Not started\n2018: Under construction. Demolition complete\n2019: Under construction","Under construction","2018:Demolition of barns complete.Plots 4 and 5 under construction","Site under construction. Forecasts exceeded - reviewed and updated based on planning status and development progress.",null,"+","Delivery rate >\nDelivery timescale <",3,null,3,{"$nulls":11},3,3,null,null,3,1,{"$nulls":27},4]
["n/a","n/a",null,"MAL/0047","Malpas","Malpas","Malpas",null,"Broselake Farm, Logans Lane, Malpas",{"$nulls":6},"GF",{"$nulls":7},"HELAA",1.638,{"$nulls":11},0,{"$nulls":10},0,{"$nulls":4},0,0,null,0,{"$nulls":10},0,{"$nulls":13},0,0,{"$nulls":31},0]
["Y","Y",null,"MAL/0050","Malpas","Malpas","Malpas",null,"Land at Chester Road, Malpas","Residential development for up to 41 dwellings, provision of doctors surgery and open space.\n17/04664/OUT Residential development for up to 57 dwellings, the provision of a Community Health Hub and open space",null,null,"Mr Fred Dimelow","SATPLAN Ltd - Shaun Taylor (shaun@sat-plan.co.uk) (outline only)","Steven Holmes","GF","New build","C3","NO",null,null,"NO","No","HELAA",null,{"$f":"SUM(AI453/Y453)","v":{"$error":"#DIV/0!"}},"13/03826/OUT","17/04664/OUT","Revised outline pending",null,null,"2013-09-04","2016-08-27","2019-08-27",41,0,41,null,13,{"$nulls":8},0,null,null,41,null,0,41,null,41,"Planning Committee 14th Jan 2014. 14/04609/OUT withdrawn April 2015. Land registry information - option until June 2016",null,null,"2017-2018: Outline permission. No site visit\n2019: Outline permission. No site visit. Revised application awaiting decision","Not started","2018:Revised application awaiting decision","Permission expires in next monitoring period. New application awaiting decision. Forecasts reviewed and updated based on planning status. Not included in deliverable supply.","Outline planning permission granted 27 Aug 2016.\nRevised outline application received 30 Oct 2017 pending decision.\nFORECAST REVISED– units removed from five year supply","-","Permission expires 2019",0,{"$nulls":6},12,12,17,{"$nulls":4},41,41,{"$nulls":31},0]
["Y","n/a",null,"MAL/0053","Malpas","Edge","Rural",null,"Edgemere Stables, Edge Green Lane, Malpas, SY14 8LG","Construction of one dwelling (partial demolition of horse training arena and removal of two residential caravans). ",{"$nulls":3},"L S Planning Limited (Leslie Smith)",null,"PDL","New build","C3","NO",null,null,"NO","No","Windfall",null,{"$error":"#DIV/0!"},null,"14/02276/FUL","Full",null,null,"2014-07-23","2014-07-25","2017-07-25",1,0,1,{"$nulls":10},1,1,{"$nulls":3},1,0,null,0,{"$nulls":3},"2016-2017: Not started\n2018: Under construction\n2019: Complete","Complete",null,"Site complete. Forecasts achieved.",null,"=",null,0,{"$nulls":13},0,0,{"$nulls":4},1,{"$nulls":26},1]
["Y",null,null,"MAL/0055","Malpas","No Mans Heath and District","Rural","No Mans Heath","The Clock House, Whitchurch Road, Edge, Malpas, SY14 8LA ","Conversion of Carriage House into dwelling, detach from main house, demolition of existing swimming pool extension and erection of single storey rear extension. Demolition of existing stable block and erection of detached dwelling.",{"$nulls":5},"PDL","New build / Change of use","C3","NO",null,null,"NO","No","Windfall",null,{"$error":"#DIV/0!"},"16/02259/LBC","16/02258/FUL","Full",null,null,"2016-06-01","2017-02-08","2020-02-08",2,0,2,{"$nulls":10},0,null,null,2,null,0,2,null,2,{"$nulls":3},"2017-2018: Not started\n2019: Not started","Not started",null,"Forecasts reviewed and unchanged based on planning status.",null,"=",null,2,null,1,1,{"$nulls":10},2,2,{"$nulls":31},0]
["Y",null,null,"MAL/0068","Malpas","Malpas","Malpas",null,"Land at Fairhurst, rear of the Old Police House, Chester Road, Malpas, SY14 8HT ","Full permission for 1 new dwelling",{"$nulls":3},"INSITE ARCHITECTURE (Nick Wheeler)",null,"MIX","New build","C3","NO",null,null,"NO","No","Windfall",null,{"$error":"#DIV/0!"},"14/02493/OUT (24/10/2014)","16/01766/FUL","Full",null,null,"2016-04-28","2017-01-27","2020-01-27",1,0,1,{"$nulls":10},0,null,null,1,null,0,1,null,1,"Outline permission expired 2017 (four dwellings)",null,null,"2016: Outline permission.No site visit\n2017: REM approved. Not started\n2018: Not started\n2019: Not started","Not started","2016:Awaiting submission of reserved matters / full application.\n2017:Reserved matters approved January 2017","Forecasts reviewed and updated based on planning status and development progress.",null,"-","Delivery timescale >",1,null,null,1,{"$nulls":10},1,1,{"$nulls":31},0]
["Y","Y",null,"MAL/0072","Malpas","Tushingham Cum Grindley","Rural",null,"Land At Bell Farm, Bell O The Hill Road, Tushingham Cum Grindley, Malpas ","Conversion of redundant agricultural timber frame barn to one (1) dwelling",{"$nulls":3},"ARH Architectural Design (Mr Andrew Hewitt) ",null,"GF","Change of use","C3","NO",null,null,"Yes","No","Windfall",0.0001446,6915.629322268327,null,"14/00651/FUL","Full",null,null,"2014-02-18","2014-09-02","2017-09-02",1,0,1,{"$nulls":10},0,null,1,null,null,0,1,null,1,{"$nulls":3},"2016: Development started\n2017: Under construction\n2018: Under construction\n2019: Stalled","Stalled","2019 - doorway and windows boarded up. New caravan sited next to building","Site stalled. Forecasts reviewed and updated. Removed from deliverable supply.",null,"-","Stalled",0,{"$nulls":6},1,{"$nulls":6},1,1,{"$nulls":31},0]
["Y","Y",null,"MAL/0077","Malpas","Malpas","Malpas",null,"HAMPTON LEA, Land at Chester Road, Well Street/Greenway Lane, Malpas","Residential development up to 140 dwellings, landscape, open space, access, highway improvement and associated works","Bovis Homes Ltd",null,"Bovis Homes Ltd (Stewart Ball)","Gladman Developments Ltd (outline only)",null,"GF","New build","C3","NO",null,null,"NO","No","HELAA",5.7,24.035087719298247,"12/04687/OUT  (23/01/2014) 13/01213/OUT (27/02/2014)\n18/02178/NMA (06/07/2018)","15/03721/REM","Full",null,"Allowed","2015-09-09","2016-03-07","2019-03-07",137,0,137,null,41,{"$nulls":6},22,19,79,38,41,17,null,38,58,null,58,"2012 allowed on appeal. PC date: 27/02/2014, S106 for 2013 app signed 28th April 2014. Initial Building Control applications received. Section 3.4 of planning statement: 3 to 4 yrs to complete, around 30 market dwellings per annum. Page 5: \"The site is unconstrained and can be brought forwrad quickly for development so can make a significant contribution to the 5 year supply\".\nPlanning Statement, Page 5 and Section 3.4. Reserved matters approved for 137 dwellings\n18/02178/NMA - plot 30 - change house type","10.13.15.32.33. April 2016. 15/04825/DIS\n14. May 2016. 15/04411/DIS\n11.12.17. July 2016. 16/00642/DIS",null,"2016: Not started\n2017: Under construction\n2018: Under construction\n2019: Under construction","Under construction","2019: final area to be released spring 2019","Site under construction. Forecasts exceeded - reviewed and updated based on planning status and development progress.",null,"+","Delivery rate >\nDelivery timescale <",58,null,41,17,{"$nulls":10},58,58,null,null,14,7,3,{"$nulls":9},4,10,{"$nulls":15},38]
["n/a","n/a",null,"MAL/0079","Malpas","Malpas","Malpas",null,"Land north of Wrexham Road, Malpas",{"$nulls":6},"GF",{"$nulls":7},"HELAA",1.771,{"$nulls":11},0,{"$nulls":10},0,{"$nulls":4},0,0,null,0,{"$nulls":10},0,{"$nulls":13},0,0,{"$nulls":31},0]
["Y","Y",null,"MAL/0085","Malpas","Malpas","Malpas",null,"MOUNT VIEW, Land at West End Cottage, Church Street, Malpas","Erection of 19 dwellings to include 6 affordable units and associated infrastructure works. ","Orchard House Properties",null,"Mrs Dimelow","Land Planning Ltd: Joanne Ellis-Jones",null,"GF","New build","C3","NO",null,null,"NO","No","HELAA",null,{"$f":"SUM(AI460/Y460)","v":{"$error":"#DIV/0!"}},"13/03806/OUT 16/05704/NMA 17/02406/NMA \n18/01826/NMA (06/06/2018)\n16/04643/S73 \n18/03058/NMA (Sept 2018)","15/02824/REM","Full",null,null,"2017-05-31","2017-06-14","2022-06-14",19,0,19,null,6,{"$nulls":8},8,8,2,9,null,8,11,null,11,"Second application pending for 17 dwellings (including 5 affordable units)\nS73 - move substation - slight changes to site layout\n18/01826/NMA - amendments to plot 1.6.7\n18/03058/NMA - amendments to plots 9-17","3-6.9.10.12.13.15. April 2016. 15/05131/DIS",null,"2016-2017: Not started\n2018: Under construction\n2019: Under construction","Under construction","2018:Site delivering ahead of 2016/2017 forecasts","Site under construction. Forecasts exceeded - reviewed and updated based on planning status and development progress.",null,"=",null,11,null,3,4,4,{"$nulls":9},11,11,{"$nulls":3},4,4,{"$nulls":26},8]
["Y","Y",null,"MAL/0090","Malpas","Malpas","Malpas",null,"St Josephs College, Tilston Road, Malpas, SY14 7DD","Amendments to the consented scheme 10/12705/FUL. Proposal reduces consented 45 dwellings to 41 dwellings and omits 5 storey new apartment building. Proposal includes 12 affordable houses (completed under 10/12705/FUL), 10 dwellings in former college building, 4 dwellings in Chapel and Barns (commenced under 10/12705/FUL), 6 dwellings in Beeches Close (completed under 10/12705/FUL), 4 dwellings Mews building and 5 detached dwellings. ",null,null,"Malpas Estates Ltd","K. & J. Woodward Ltd-Mr J Woodward jonathan@kjwoodward.co.uk",null,"PDL","Change of use / New build","C3","NO",null,null,"NO","No","HELAA",null,{"$error":"#DIV/0!"},"08/00125/FUL 10/12705/FUL\n18/01617/FUL (21/06/2018)\n18/02503/FUL (23/8/2018)\n18/02507/FUL (23/08/2018)","16/04716/FUL","Full",null,null,"2017-10-19","2017-11-30","2020-11-30",41,0,41,null,12,12,null,null,6,{"$nulls":4},27,9,12,2,null,9,14,null,14,"Refurbishment of main house (with demolition of modern extensions) and courtyard building to form 10 apartments and 4 mews cottages. Detached garages and pavilion in the gardens. Demolition of 3 storey wing to main house, replaced by 12 apartments in new detached block. 6 dwellings on northern site between the walled garden and Tilston Road. Single dwelling west of walled garden, accessed from Love Lane. 12 dwellings on land east of Tilston Road. Associated hard and soft landscaping and highway improvements.Eastern side of Tilston Road (AH) completed. Financial constraints have caused site to stall. VC has had discussions with developer - site will not complete until funding resourced. See email from Woodward Architects. Remainder of units due in next 12 - 24 months (April 2015)\n18/01617/FUL - design and siting of plot 9.\n18/02503/FUL - Design of Plot 10\n18/02507/FUL - Design for Plot 8",null,null,"2014: Under construction\n2015-2016: Stalled\n2017: Under construction\n2018: Under construction\n2019: Under construction","Under construction","2018:Amendments to consented scheme approved (23 dwellings)\nSite delivering ahead of 2016/2017 forecasts","Site under construction. Forecasts exceeded - reviewed and updated based on planning status and development progress.",null,"=","Delivery rate >",14,null,12,2,{"$nulls":10},14,14,null,1,3,1,4,{"$nulls":26},9]
["n/a","n/a",null,"MAL/0090B","Malpas","Malpas","Malpas",null,"Land opposite St Josephs College, Tilston Road, Malpas","Erection of 34 dwellings and proposed link road",null,null,"Malpas Estates Ltd","K. & J. Woodward Ltd-Mr J Woodward jonathan@kjwoodward.co.uk",null,"GF","New build","C3","NO",null,null,"NO","No","Windfall",1.68,0,"17/04562/FUL (refused)",{"$nulls":8},0,0,{"$nulls":10},0,{"$nulls":4},0,0,null,0,{"$nulls":7},"Full planning application received 23 Oct 2017 pending decision\nGreenfield countryside location\nNO CHANGE TO FORECAST- No units forecast in years 1 to 5\nCurrent position:\nApplication refused 21 Sep 2018",null,null,0,{"$nulls":13},0,0,{"$nulls":31},0]
["Y","n/a",null,"MAL/0104","Malpas","Hampton Heath","Rural","No Mans Heath","Garage House, Chester Road, No Mans Heath, Malpas","Residential development of eight (8) dwellings (allowed on appeal)",{"$nulls":5},"PDL","New build","C3","NO",null,null,"NO","No","HELAA",null,{"$error":"#DIV/0!"},"04/01114/OUT   ","07/00257/REM","Full",null,"Allowed",null,"2008-04-05","2010-04-05",8,0,8,null,null,6,{"$nulls":4},0,null,null,8,2,{"$nulls":3},2,0,null,0,"Only seven (7) dwellings actually on site. Remaining two units are not complete.",null,null,"2015: Under construction\n2016-2017: Stalled\n2018: Under construction\n2019: Complete","Complete","2018:Two detached properties nearing completion\nSite delivering ahead of 2016/2017 forecasts","Site complete. Forecasts achieved.",null,"=",null,0,{"$nulls":13},0,0,null,null,2,{"$nulls":28},2]
["Y",null,null,"MAL/0107","Malpas","Malpas","Malpas",null,"Rear of Holly House, Old Hall Street, Malpas","Erection of 1 dwelling (amendment to 10/13026/FUL)",null,null,"Ms S Platt","Abbey Associates Design Ltd - Mr Russ McGinn",null,"GF","New build","C3","Yes",null,null,"NO","No","Garden land",0.034,29.41176470588235,null,"16/00928/FUL","full",null,null,"2016-03-03","2016-05-24","2019-05-24",1,0,1,{"$nulls":10},0,null,1,null,null,0,1,null,1,{"$nulls":3},"2017: Not started\n2018: Not started\n2019: Under construction","Under construction",null,"Site under construction. Forecasts reviewed and unchanged based on development progress.",null,"=",null,1,null,1,{"$nulls":11},1,1,{"$nulls":31},0]
["Y","n/a","BLPU - IU","MAL/0111","Malpas","Malpas","Rural",null,"Land at 1 Stockton Cottage, Dog Lane, Malpas","Conversion of barn to one (1) dwelling",null,null,"Mrs A Witter","Sandra Murray and Associates",null,"GF","Change of use","C3","NO",null,null,"YES","No","Windfall",null,{"$error":"#DIV/0!"},null,"15/02088/FUL","Full",null,null,"2015-05-19","2015-09-08","2018-09-08",1,0,1,{"$nulls":10},1,1,{"$nulls":3},1,0,null,0,null,"3-5.11. Nov 2016. 16/04549/DIS",null,"2016: Not started\n2017: Under construction\n2018: Under construction\n2019: Complete","Complete",null,"Site complete. Forecasts achieved.",null,"=",null,0,{"$nulls":13},0,0,{"$nulls":6},1,{"$nulls":24},1]
["Y","n/a",null,"MAL/0112","Malpas","Edge","Rural",null,"Higher Hall (barn), Higher Hall Lane, Edge, Malpas ","Change of use of farm buildings into one dwelling and associated works. ",{"$nulls":3},"L.S. Planning Limited (Leslie Smith)",null,"GF","Change of use","C3","NO",null,null,"YES","No","Windfall",null,{"$error":"#DIV/0!"},null,"15/02758/FUL","Full",null,null,"2015-07-02","2015-09-03","2018-09-03",1,0,1,{"$nulls":10},1,1,{"$nulls":3},1,0,null,0,{"$nulls":3},"2016-2017: Not started\n2018: Not started.Plans approved\n2019: Complete","Complete","2018:Plans approved conditionally","Site complete. Forecasts exceeded.",null,"+","Delivery timescale <",0,{"$nulls":13},0,0,null,null,1,{"$nulls":28},1]
["Y",null,null,"MAL/0113","Malpas","Malpas","Malpas",null,"Prospect House Nursing Home, High Street, Malpas, SY14 8NR","Change of use of Woodville - Formation of 5 residents bedrooms with en-suites, 2 sitting areas and nurse room",{"$nulls":5},"PDL","Change of use","Elderly persons:C","NO",null,null,"NO","No","Windfall",null,{"$error":"#DIV/0!"},null,"17/03003/FUL","Full",null,null,"2017-07-10","2017-10-06","2020-10-06",5,null,5,5,{"$nulls":9},0,null,null,5,null,0,5,null,5,"15/03125/FUL - permission was almost built out, but the change of use was never implemented. This site is now changing from 2 self contained dwellings to care home rooms. ","18/03525/DIS awaiting decision",null,"2018: Not started\n2019: Not started","Not started",null,"Forecasts reviewed and updated based on planning status",null,"=",null,5,null,null,5,{"$nulls":10},5,5,{"$nulls":31},0]
["Y","Y",null,"MAL/0116","Malpas","Malpas","Rural",null,"Hamilton House, Chester Road, Malpas, SY14 8JF ","Conversion of existing building to create an additional dwelling and the erection of two garages. ",{"$nulls":5},"PDL","Change of use","C3","NO",null,null,"NO","No","Windfall",null,{"$error":"#DIV/0!"},null,"15/00616/FUL","Full",null,null,"2015-02-13","2016-02-02","2019-02-02",1,0,1,{"$nulls":10},0,{"$nulls":4},0,0,null,0,{"$nulls":3},"2016-2018: Not started\n2019: Not started","Not started. Permission expired",null,"Permission expired. Forecasts reviewed and removed from deliverable supply.",null,"-","Permission expired",0,{"$nulls":13},0,0,{"$nulls":31},0]
["n/a","n/a",null,"MAL/0118","Malpas","Malpas","Rural","No Mans Heath","Land south of Bickly Lane,, No Mans Heath",{"$nulls":6},"GF",{"$nulls":7},"HELAA",2.808,{"$nulls":11},0,{"$nulls":10},0,{"$nulls":4},0,0,null,0,{"$nulls":10},0,{"$nulls":13},0,0,{"$nulls":31},0]
["Y",null,null,"MAL/0120A","Malpas","Malpas","Rural",null,"Heath Farm (barn), Wrexham Road, Cuddington, Malpas, SY14 7EL  ","Change of use of agricultural building to one residential dwelling",{"$nulls":3},"ROGER PARRY & PARTNERS LLP",null,"GF","Change of use","C3","NO",null,null,"YES","No","Windfall",null,{"$f":"SUM(AI470/Y470)","v":{"$error":"#DIV/0!"}},null,"16/01729/PDQ","PDQ",{"$nulls":3},"2016-06-14","2019-06-14",1,0,1,{"$nulls":10},0,null,null,1,null,0,1,null,1,{"$nulls":3},"2017: Not started\n2018: Not started\n2019: Not started","Not started",null,"Forecasts reviewed and unchanged based on planning status and development progress.",null,"=",null,1,null,null,1,{"$nulls":10},1,1,{"$nulls":31},0]
["Y",null,null,"MAL/0120B","Malpas","Cuddington (Malpas)","Rural",null,"Heath Farm (barns), Wrexham Road, Cuddington, Malpas, SY14 7EL ","Change of use of agricultural buildings to 2 residential units, improvement to existing vehicular access and associated works  ",{"$nulls":5},"GF","Change of use","C3","NO",null,null,"YES","No","Windfall",null,{"$error":"#DIV/0!"},null,"16/05362/FUL","Full",null,null,"2016-12-02","2017-01-26","2020-01-26",2,0,2,{"$nulls":10},0,null,2,null,null,0,2,null,2,{"$nulls":3},"2017: Not started\n2018: Development started - Groundworks\n2019: Under construction","Under construction","2018:Goroundworks and scaffolding.Site marketed","Site under construction. Forecasts reviewed and unchanged based on development progress.",null,"=",null,2,null,2,{"$nulls":11},2,2,{"$nulls":31},0]
["Y",null,null,"MAL/0121","Malpas","Nomansheath and District","Rural",null,"Land at Pasadena, No Mans Heath, Malpas, SY14 8EA","One detached dwelling  ",null,null,"Mr J Blake","Bower Edleston Architects - Mr Colin Bowen",null,"GF","New build","C3","NO",null,null,"NO","No","Windfall",null,{"$error":"#DIV/0!"},"15/03371/FUL (allowed on appeal)","18/02183/FUL","Full",null,null,"2018-06-05","2018-11-29","2021-11-29",1,0,1,{"$nulls":10},0,null,null,1,null,0,1,null,1,{"$nulls":3},"2017: Not started\n2018: Not started\n2019. Not started. New application approved. Site cleared","Not started",null,"Forecasts reviewed and updated based on planning status.",null,"-","Delivery timescale >",1,null,null,1,{"$nulls":10},1,1,{"$nulls":31},0]
["Y","Y",null,"MAL/0122","Malpas","Malpas","Malpas",null,"The Cedars, Old Hall Street, Malpas, SY14 8NE","Demolition of existing building and associated outbuildings and erection of 21 retirement living apartments (category ll type accommodation), communal facilities, landscaping and car parking \nPrevious permission: Residential Development for up to 6 dwellings following demolition of existing bungalow",{"$nulls":3},"The Planning Bureau - Chris Butt chris.butt@theplanningbureau.ltd.uk","Brian Leonard","PDL","New build","Elderly persons:SC","NO",null,null,"NO","No","Windfall",null,{"$error":"#DIV/0!"},"15/00750/OUT (30/07/2018)\n18/01211/REM (31/08/2021)","17/03491/FUL","Full",null,"Allowed","2017-08-14","2019-02-26","2022-02-26",21,1,20,{"$nulls":10},0,null,null,21,null,0,21,null,21,{"$nulls":3},"2019: Not started","Not started",null,"New permission. Forecasts based on planning status and forecasting assumptions.",null,"New",null,21,{"$nulls":3},21,{"$nulls":9},21,21]
["Y",null,null,"MAL/0124","Malpas","No Mans Heath and District","Rural","No Mans Heath","Land at Top House Farm, Chester Road, Hampton, Malpas, SY14 8DY","One detached two storey dwelling complete with new access",{"$nulls":3},"Wright Marshall-Mrs Olivia Starkey oliviastarkey@wrightmarshall.co.uk",null,"PDL","New build","C3","YES",null,null,"NO","No","Garden land",0.09,11.11111111111111,"16/04741/OUT\n17/01320/OUT (05/05/2020)","18/01708/REM","Full",null,null,"2018-05-03","2018-07-03","2021-07-03",1,0,1,{"$nulls":10},{"$f":"SUM(AN474:AU474)+BA474","v":0},null,1,null,null,{"$f":"SUM(AW474-AZ474)","v":0},1,null,1,null,"3.6. 18/04564/DIS",null,"2017: Outline permission.No site visit\n2018: Outline permission.No site visit\n2019: Under construction","Under construction","2018:No site visit","Site under construction. Forecasts exceeded - reviewed and updated based on development progress.",null,"+","Delivery timescale <",1,null,1,{"$nulls":11},1,1,{"$nulls":31},{"$f":"SUM(CE474:DD474)","v":0}]
["Y","Y",null,"MAL/0125","Malpas","Nomansheath and District","Rural","No Mans Heath","Land at The Firs, Chester Road, Hampton, Malpas, SY14 7BP","Erection of two (2) dwellings",null,null,"Mr J Blake","Bower Edleston Architects - Mr Colin Bowen",null,"GF","New build","C3","NO",null,null,"NO","No","HELAA",null,{"$error":"#DIV/0!"},null,"16/00530/OUT","Outline",null,"Allowed","2016-02-08","2016-11-04","2019-11-04",2,0,2,{"$nulls":10},0,null,null,2,null,0,2,null,2,{"$nulls":3},"2017-2018: Outline permission. No site visit\n2019: Outline permission. No site visit","Not started","2018:No site visit","Permission expires in next monitoring period. Forecasts reviewed and updated. Removed from 2019 deliverable supply.",null,"-","Permission expires 2019",0,{"$nulls":13},0,0,{"$nulls":31},0]
["Y","n/a",null,"MAL/0127","Malpas","Cuddington (Malpas)","Rural",null,"Westlea, land south of Ashcroft,  Chorlton Lane, Cuddington, Malpas  ","Erection of one new dwelling and a single storey detached double garage with access, parking and landscape arrangements (re-submission of previously approved application 08/01907FUL and 11/01436/EXT) ",{"$nulls":5},"GF","New build","C3","NO",null,null,"NO","No","Windfall",null,{"$error":"#DIV/0!"},"17/00692/S73","14/00319/FUL","Full",null,null,"2017-02-16","2017-03-23","2020-03-23",1,0,1,{"$nulls":10},1,1,{"$nulls":3},1,0,null,0,{"$nulls":3},"2017: Not started\n2018: Under construction\n2019: Complete","Complete","2018:Site delivering ahead of 2016/2017 forecast","Site complete. Forecasts achieved.",null,"=",null,0,{"$nulls":13},0,0,{"$nulls":3},1,{"$nulls":27},1]
["Y",null,null,"MAL/0128","Malpas","Tushingham-cum-Grindley Macefen Bradley","Rural",null,"Pitts Farm, Bell O The Hill Road, Tushingham Cum Grindley, Malpas, SY13 4QS","Conversion and extension of barns ot 3 dwellings with detached garages, access and landscaping",{"$nulls":5},"GF","Change of use","C3","NO",null,null,"YES","No","Windfall",{"$nulls":3},"17/01142/FUL","Full",null,null,"2017-03-15","2017-08-29","2020-08-29",3,0,3,{"$nulls":10},0,null,null,3,null,0,3,null,3,{"$nulls":3},"2018: Not started\n2019: Not started","Not started",null,"Forecasts reviwed and unchanged based on planning status.",null,"=",null,3,null,null,1,2,{"$nulls":9},3,3,{"$nulls":31},0]
["Y",null,null,"MAL/0129","Malpas","Tushingham-cum-Grindley Macefen Bradley","Rural",null,"Chads Farm, Barhill Drive, Malpas, SY13 4QU","Conversion of agricultural buildings into 7 dwellings, demolition of modern buildings, construction of new garages, new drive, extension to domestic curtilage and new garage to farmhouse. ",{"$nulls":5},"GF","Change of use","C3","NO",null,null,"YES","No","Windfall",{"$nulls":3},"17/02915/FUL","Full",null,null,"2017-07-04","2017-10-31","2020-10-31",7,0,7,{"$nulls":10},0,null,null,7,null,0,7,null,7,{"$nulls":3},"2018: Not started\n2019: Not started","Not started",null,"Forecasts reviwed and unchanged based on planning status.",null,"=",null,7,null,null,3,4,{"$nulls":9},7,7,{"$nulls":31},0]
["Y",null,null,"MAL/0130","Malpas","Malpas","Rural",null,"Dog Lane Farm, Dog Lane, Oldcastle, Malpas, SY14 7BE","Conversion of three barns to create 3 residential dwellings",{"$nulls":5},"GF","Change of use","C3","NO",null,null,"YES","No","Windfall",{"$nulls":3},"17/04436/PDQ","PDQ",null,null,"2017-11-28","2017-04-24","2020-04-24",3,0,3,{"$nulls":10},0,null,null,3,null,0,3,null,3,{"$nulls":3},"2018: Not started\n2019: Not started","Not started",null,"Forecasts reviewed and unchanged based on planning status.",null,"=",null,3,null,null,3,{"$nulls":10},3,3,{"$nulls":31},0]
["Y",null,null,"MAL/0131","Malpas","No Mans Heath and District","Rural",null,"Smithy House, Bickley Lane, Bickley, Malpas, SY13 2LS","Conversion of former smithy into dwelling including alterations and extension. Formation of new access to serve existing dwelling.  ",null,null,"Mr Robert Miller","Andrew Jones",null,"PDL","Change of use","C3","NO",null,null,"NO","No","Windfall",{"$nulls":3},"17/00435/FUL","Full",null,null,"2017-02-06","2017-04-24","2020-04-24",1,0,1,{"$nulls":10},0,null,1,null,null,0,1,null,1,{"$nulls":3},"2018: Not started\n2019: Under construction","Under construction",null,"Site under construction. Forecasts reviewed and unchanged based on development progress.",null,"=",null,1,null,1,{"$nulls":11},1,1,{"$nulls":31},0]
["Y",null,null,"MAL/0133","Malpas","Tushingham-cum-Grindley Macefen Bradley","Rural",null,"Greenfields Farm, Bradley Common, Bradley Lane, Bradley, Malpas,  SY13 4QZ","Conversion of barn into single dwelling",null,null,"Mr And Mrs David Adams","Gary Chesters",null,"GF","Change of use","C3","NO",null,null,"YES","No","Windfall",null,{"$f":"SUM(AI481/Y481)","v":{"$error":"#DIV/0!"}},null,"17/02119/PDQ","PDQ",null,null,"2017-05-12","2017-06-07","2022-06-07",1,0,1,{"$nulls":10},0,null,null,1,null,0,1,null,1,{"$nulls":3},"2018: Not started\n2019: Not started","Not started",null,"Forecasts reviewed and updated based on planning status.",null,"-","Delivery timescale >",1,null,null,1,{"$nulls":10},1,1,{"$nulls":31},0]
["Y","n/a","Y","MAL/0134","Malpas","No Mans Heath and District","Rural",null,"Dairy House Farm, Brasseys Contract Road, Edge, Malpas, SY14 8LE","Conversion of one house into two separate semi detached houses",{"$nulls":5},"PDL","Conversion","C3","NO",null,null,"NO","No","Windfall",null,{"$f":"SUM(AI482/Y482)","v":{"$error":"#DIV/0!"}},null,"17/00262/FUL","Full",null,null,"2017-01-19","2017-06-15","2020-06-15",2,1,1,{"$nulls":10},1,2,null,null,1,1,0,null,0,{"$nulls":3},"2018: Not started\n2019: Complete","Complete","2019: Dairy House and Coach House","Site complete. Forecasts exceeded.",null,"+","Delivery rate >",0,{"$nulls":13},0,0,null,null,2,{"$nulls":28},2]
["Y",null,null,"MAL/0137","Malpas","No Mans Heath and District","Rural",null,"Robber Hill Farm, Old Coach Road, Nomans Heath, Malpas, SY14 8EA","Conversion of existing farm buildings into three dwellings and erection of 6 bay garage",{"$nulls":5},"GF","Change of use","C3","NO",null,null,"YES","No","Windfall",{"$nulls":3},"17/04573/FUL","Full",null,null,"2017-10-24","2018-02-01","2021-02-01",3,0,3,{"$nulls":10},0,null,null,3,null,0,3,null,3,{"$nulls":3},"2018: Not started\n2019: Not started","Not started",null,"Forecasts reviewed and unchanged based on planning status.",null,"=",null,3,null,null,3,{"$nulls":10},3,3,{"$nulls":31},0]
["Y",null,null,"MAL/0138","Malpas","Agden","Rural",null,"Stag Hall Farm, Old Hall Street, Agden, Malpas","Conversion of 2 agricultural redundant barns into 3 residential dwellings",null,null,"Mr and Mrs Thelwell","Kathryn Williams\nkathrynwilliams@dmpcuk.com","Lauren B.Taylor","GF","Change of use","C3","NO",null,null,"YES","No","Windfall",{"$nulls":3},"18/00802/PDQ","PDQ",null,null,"2018-02-28","2018-05-03","2021-05-03",3,0,3,{"$nulls":10},0,null,null,3,null,0,3,null,3,{"$nulls":3},"2019: Not started","Not started",null,"New permission. Forecasting assumptions applied.",null,"New",null,3,null,null,1,2,{"$nulls":9},3,3]
["Y",null,"BLPU - IU","MAR/0007","Marbury","Wincham","Northwich",null,"Canal Bridge House, 47 Chapel Street, Wincham, Northwich, CW9 6DA","Two (2) new dwellings and detcahed garages",{"$nulls":5},"PDL","New build","C3","NO",null,null,"NO","No","Windfall",0.15,{"$f":"SUM(AI485/Y485)","v":13.333333333333334},"09/02524/FUL  14/02588/FUL","17/03110/FUL","Full",null,null,"2017-07-17","2017-12-13","2020-12-13",2,0,2,{"$nulls":10},1,1,1,null,null,1,1,null,1,"Email 12.05.2015 Chris Palin: construction phase due to start summer 2015. Building regs have been submitted\n2019: BLPU 1 unit complete and in use","18/00835/DIS 3.5.6.8.11.13.14.16.17.20 (July 2018)",null,"2015-2017: Not started\n2018: Under construction\n2019: Under construction","Under construction","2018:Site delivering ahead of 2016/2017 forecast","Site under construction. Forecasts reviewed and unchanged based on planning status and development progress.",null,"=",null,1,null,1,{"$nulls":11},1,1,null,null,1,{"$nulls":28},{"$f":"SUM(CE485:DD485)","v":1}]
["n/a","n/a",null,"MAR/0019","Marbury","Wincham","Northwich",null,"North of Chapel Street, Wincham, Northwich","BLR site",{"$nulls":5},"PDL","New build","C3","NO",null,null,"NO","No","BLR",1.97,27.918781725888326,{"$nulls":8},55,0,55,{"$nulls":10},0,{"$nulls":4},0,0,55,55,{"$nulls":6},"Included on Brownfield Land Register.\nNot included in deliverable supply. No change to forecasts.",{"$nulls":3},0,{"$nulls":9},7,24,24,null,55,55,{"$nulls":31},0]
["Y",null,null,"MAR/0026","Marbury","Whitley","Rural",null,"Whitley Methodist Church, Pillmoss Lane, Whitley, Northwich, WA4 4DW","Demolition of chapel and erection of one (1) dwelling",{"$nulls":5},"PDL","New build","C3","NO",null,null,"NO","No","Windfall",null,{"$error":"#DIV/0!"},"13/03981/FUL (18/12/2013)","17/01249/FUL","Full",null,null,"2017-03-15","2017-06-09","2020-06-09",1,0,1,{"$nulls":10},0,null,null,1,null,0,1,null,1,"13/01585/FUL refused\n14/01542/DEM - demolish chapel",null,null,"2015: Not started\n2016: Demolition complete\n2017-2018: Not started\n2019: Not started\n2019: Not started","Not started","2018:No planning status and development progress","Forecasts reviewed and updated based on planning status and development progress.",null,"-","Delivery timescale >",1,null,null,1,{"$nulls":10},1,1,{"$nulls":31},0]
["Y","Y",null,"MAR/0034B","Marbury","Whitley","Rural",null,"Rouge Farm, Normans Lane, Whitley, Northwich, WA4 4PY","Demolition of existing commercial building and erection of one dwelling",null,null,"Mr M Crook","Goodwin Planning Services Ltd - Steve Goodwin",null,"PDL","New build","C3","NO",null,null,"NO","No","Windfall",null,{"$error":"#DIV/0!"},null,"15/05044/FUL","Full","APP/A0665/W/16/3155284","Allowed","2015-12-15","2016-11-09","2019-11-09",1,0,1,{"$nulls":10},0,null,null,1,null,0,1,null,1,"17/01447/AI Initial notice accpeted June 2017 for garage block",null,null,"2017-2018: Not started\n2019: Not started","Not started",null,"Permission expires in next monitoring period. Forecasts reviewed and updated. Removed from deliverable supply.",null,"-","Permission expires 2019",0,{"$nulls":13},0,0,{"$nulls":31},0]
["Y","Y",null,"MAR/0035","Marbury","Wincham","Northwich",null,"Wincham Urban Village, South of Chapel Street, off New Warrington Road, Wincham, Northwich","Residential development of up to 1050 dwellings (including 30% affordable housing) 2500m2 of associated commercial facilities. Amended to 950 in planning committee papers. 70% pdl AND 30% gf\nPermission granted subject to legal agreement and viability for 105 dwellings on part of site (Rear of the Cedars) - reduce capacity to 845 dwellings\nLocal Plan strategic site - capacity reassessed in HELAA 2017 = ca. 260 dwellings. Land Allocations paper = ca 200 dwellings",null,null,"Gladedale Estates Ltd/Russell Homes (UK) Ltd/Witton AlbionFC","Emery Planning Partnership (support@epp-planning.com)",null,"Mix","New build","C3","NO",null,null,"NO","No","Strategic site/LPP2 allocation",14.6,57.87671232876713,"11/01968/OUT (21/07/2018)",null,"Expired",{"$nulls":5},845,0,845,null,285,{"$nulls":8},0,{"$nulls":4},0,0,200,200,"Strategic Planning Committee - withdrawn from August 2013 meeting. ",null,null,"2017-2018: Outline permission. No site visit\n2019: Outline permission. No site visit","Not started",null,"Local Plan strategic site.\nPermission expired. Not included in deliverable supply. No change to forecasts.",null,"=","Permission expired",0,{"$nulls":8},36,48,48,48,20,180,200,{"$nulls":31},0]
["Y","Y",null,"MAR/0039","Marbury","Wincham","Northwich",null,"Land to rear of The Cedars, Chapel Lane, Wincham ","Redevelopment of scrapyard site for upto 105 dwellings",null,null,"Mr W R Roberts & Sons","Civitas Planning Limited: Miss Rachel Thornley rachel.thornley@civitasplanning.com","Paul Friston","PDL","New build","C3","NO",null,null,"NO","No","Strategic site/LPP2 allocation",null,{"$error":"#DIV/0!"},"14/04654/OUT (24/12/2018)",null,"Expired",{"$nulls":5},105,0,105,{"$nulls":10},0,{"$nulls":4},0,0,null,0,"15/02232/AI - initial notice accepted\nPlanning application recommended for approval at Strategic Planning Committee 28/05/2015. Legal agreement signed December 2015",null,null,"2016-2018: Outline permission.No site visit\n2019: Outline permission. No site visit","Not started","Awaiting submission of reserved matters / full application.\nRelocation of existing scrapyard required.\nCorrespondence - working to resolve agreements to deliver surface water drainage. Three parties agreeable. Awaiting response from fourth party.","Permission expired. Not included in deliverable supply - no change to forecasts required.",null,"=","Permission expired",0,{"$nulls":13},0,0,{"$nulls":31},0]
["Y","Y",null,"MAR/0049","Marbury","Anderton","Northwich",null,"North of Anderton Marina, Uplands Road, Anderton with Marbury, Northwich","Residential development of 14 dwellings in accordance with planning permissions 4/44810/O and 4/5483",null,null,"Canal and Rivers Trust?","ABC Leisure Group / Clark Brookes Turner cary (Neil Mocroft) neil.mocroft@cbtcsolicitors.co.uk",null,"GF","New build","C3","NO",null,null,"NO","No","Windfall",null,{"$error":"#DIV/0!"},null,"14/05307/LDC","LDC",null,null,"2014-12-19","2015-05-01",null,14,0,14,{"$nulls":10},0,null,null,14,null,0,14,null,14,"Historical permission for mixed use waterside redevelopment. Marina completed. Public house and residential elements outstanding. Email from ABC Leisure Group: in the process of reviewing approvals with Canal and Rivers Trust",null,null,"2016-2018: Not started\n2019: Not started","Not started",null,"Forecasts reviewed and unchanged. Not included in deliverable supply. No change to forecasts.",null,"=",null,0,{"$nulls":9},4,5,5,null,14,14,{"$nulls":31},0]
["Y","Y",null,"MAR/0054a","Marbury","Antrobus","Rural",null,"Land at Knutsford Road, Antrobus, Northwich","Erection of 15 dwellings","Afordable Homes\nHearle Homes",null,"Affordable Homes and Hearle Homes-A Ford","Barton Willmore-Lorraine Davison lorraine.davison@bartonwillmore.co.uk","Cathy Reay","GF","New build","C3","NO",null,null,"NO","No","Windfall",{"$nulls":3},"17/01666/FUL","Full pending",null,null,"2017-04-10",null,null,15,0,15,null,15,{"$nulls":8},0,{"$nulls":4},0,0,15,{"$f":"SUM(BC492+BB492)","v":15},"Awaiting legal agreement",null,null,"2019: Pending legal agreement","Pending legal agreement","2018:Developer anticipates summer 2018 start on site","Application awaiting decision. Forecasting reviewed and updated. Removed from deliverable supply.","Rural exception site.\nFull planning application received 10 April 2017\nResolution to approve application subject to legal agreement at Planning Committee 6 Feb 2018\nDeveloper/house builder: Afordable Homes & Hearle Homes\nFORECAST REVISED (Delivery of units adjusted to commence from year 2)- units are deliverable within years 1 to 5","-",null,0,{"$nulls":13},0,0,{"$nulls":31},0]
["n/a","n/a",null,"MAR/0059","Marbury","Barnton","Northwich",null,"Land & buildings at 7 Tunnel Road, Barnton, Northwich","Demolition of existing garages and workshop and erection of 13 residential units (8 apartments and 5 dwellings) ",{"$nulls":5},"PDL","New build","C3","NO",null,null,"NO","No","BLR",null,{"$f":"SUM(AI493/Y493)","v":{"$error":"#DIV/0!"}},"08/2090/FUM\n11/03583/EXT expired",{"$nulls":7},13,0,13,{"$nulls":10},0,{"$nulls":4},0,0,13,13,{"$nulls":6},"Included on Brownfield Land Register.\nNot included in deliverable supply. No change to forecasts.",null,"=",null,0,{"$nulls":8},6,7,{"$nulls":3},13,13,{"$nulls":31},0]
["n/a","n/a",null,"MAR/0061","Marbury","Barnton","Northwich",null,"Brown Owl PH car park, Church Road, Barnton, Northwich",{"$nulls":6},"PDL",null,"C3",{"$nulls":5},"BLR",null,{"$error":"#DIV/0!"},{"$nulls":8},15,0,15,{"$nulls":10},0,{"$nulls":4},0,0,15,15,{"$nulls":6},"Included on Brownfield Land Register.\nNot included in deliverable supply. No change to forecasts.",{"$nulls":3},0,{"$nulls":7},3,6,6,{"$nulls":3},15,15,{"$nulls":31},0]
["Y","Y",null,"MAR/0062","Marbury","Anderton","Northwich",null,"Land at Malvern House, Old Road, Anderton with Marbury, Northwich, CW9 6AG","Demolition of existing buildings and redevelopment of the site for residential use  (up to nine dwellings)",null,null,"Mr and Mrs Walker",null,"Brian Leonard","PDL","New build","C3","NO",null,null,"NO","No","HELAA",0.47,19.148936170212767,null,"15/01549/OUT","Outline",null,null,"2015-04-13","2016-06-06","2019-06-06",9,0,9,{"$nulls":10},0,null,null,9,null,0,9,null,9,"Historic refs 03/1628  04/1191    08-2391-OUM 09/00209/OUM. New planning application pending decision for 11 dwellings ",null,null,"2017-2018: Outline permission. No site visit\n2019: Outline permission. No site visit","Not started","2018:No site visit","Permission expires in next monitoring period. Not included in deliverable supply. No change to forecasts.",null,"-","Not included in 2018 supply ",0,{"$nulls":10},4,5,null,9,9,{"$nulls":31},0]
["Y",null,null,"MAR/0063","Marbury","Barnton","Northwich",null,"Garage site off Townfield Lane, Barnton, Northwich","Erection of 6 dwellings (4x2bed and 2x3bed social rented houses)",null,"Weaver Vale Housing Trust","Weaver Vale Housing Trust","B.Y.A Ltd Architects-Mr Greg Milton \ngreg@bya.ltd.uk",null,"PDL","New build","C3","NO",null,null,"NO","No","HELAA",0.214,28.037383177570096,"18/04518/S73 variation condition 2 (plans) (pending)","18/00342/FUL","Full",null,null,"2018-01-29","2018-05-15","2021-05-15",6,0,6,null,6,{"$nulls":8},0,null,null,6,null,0,6,null,6,{"$nulls":3},"2019: Not started","Not started",null,"New permission. Forecasting assumptions applied.",null,"New",null,6,null,null,2,4,{"$nulls":9},6,6,{"$nulls":31},0]
["Y","Y",null,"MAR/0065","Marbury","Marston","Northwich",null,"ASHWOOD PARK - Land to the rear of 22 Cross Street, Marston, Northwich","Reserved matters approved for 59 dwellings and additonal permission for 8 units (plots 60 to 67) = 67 plots\n3 additional park homes and reorientation for plot 61",{"$nulls":3},"Richard Lee Project Planning: Richard Lee (07967 607238).   GMW Estates Limited","Jill Stephens","GF","New build","C3","NO",null,null,"NO",null,"HELAA",3.35,21.492537313432834,"11/05098/OUT  \n13/02129/REM (13/11/2013)\n14/04959/FUL","18/01393/FUL","Full",null,null,"2014-11-21","2015-02-19","2018-02-19",72,0,72,{"$nulls":6},3,7,8,null,42,24,28,null,null,24,28,null,28,"Email from Richard Lee 21.04.2015 re delivery timescale\n2019: BLPU 2 complete and in use","Email 21.04.2015 Richard Lee\nS73 - changes to unit type pots 46-59",null,"2015-2018: Under construction\n2019: Under construction","Under construction","2018:Plots marketed for sale","Site under construction. Forecasts exceeded - reviewed and updated based on planning status and development progress.",null,"+","Delivery rate >",28,null,null,14,14,{"$nulls":9},28,28,null,null,24,{"$nulls":28},24]
["Y","Y",null,"MAR/0069","Marbury","Wincham","Rural",null,"The Homestead, Linnards Lane, Wincham, Northwich, CW9 6ED","Removal of existing bungalow and construction of four dwellings",{"$nulls":3},"Platt White Partnership: Mr David Lamb",null,"PDL","New build","C3","NO",null,null,"NO","No","Windfall",null,{"$error":"#DIV/0!"},"09/01521/OUT   ","12/03054/REM ","Full",null,null,"2012-07-06","2009-11-02","2015-12-10",4,1,3,{"$nulls":6},-1,{"$nulls":3},-1,null,1,3,null,0,4,null,4,null,"3-5.8-10.12. 13/03634/DIS",null,"2015: Not started\n2016: Under construction\n2017: Stalled\n2018: Stalled\n2019: Stalled","Stalled","2018:No planning status and development progress","Site stalled. Not included in deliverable supply. No change to forecasts.",null,"=",null,0,{"$nulls":6},2,2,{"$nulls":5},4,4,{"$nulls":31},0]
["Y",null,null,"MAR/0082","Marbury","Wincham","Northwich",null,"Land at 31 Chapel Street, Wincham, Northwich, CW9 6DA","Detached two-bedroom bungalow with driveway/on site parking plus associated landscaping and garden",{"$nulls":4},"Katie Richardson","PDL","New build","C3","NO",null,null,"NO","No","Windfall",{"$nulls":3},"18/00670/FUL","Full","APP/A0665/W/18/3205724","Allowed","2018-02-13","2018-10-18","2021-10-18",1,0,1,{"$nulls":10},0,null,null,1,null,0,1,null,1,{"$nulls":3},"2019: Not started","Not started",null,"New permission. Forecasting assumptions applied.",null,"New",null,1,null,null,1,{"$nulls":10},1,1]
["Y","Y",null,"MAR/0083","Marbury","Barnton","Northwich",null,"Land at The Mews, Runcorn Road, Barnton, Northwich ","Demolition of garages and construction of a two storey house. ",{"$nulls":5},"PDL","New build","C3","NO",null,null,"NO","No","Windfall",null,{"$f":"SUM(AI500/Y500)","v":{"$error":"#DIV/0!"}},null,"15/05001/FUL","Full",null,null,"2015-12-10","2016-02-24","2019-02-24",1,0,1,{"$nulls":10},0,{"$nulls":4},0,0,null,0,{"$nulls":3},"2016-2018: Not started\n2019: Not started","Not started. Permission expired",null,"Permission expired. Forecasts reviewed and removed from deliverable supply.",null,"-","Permission expired",0,{"$nulls":13},0,0,{"$nulls":31},{"$f":"SUM(CE500:DD500)","v":0}]
["Y","Y",null,"MAR/0085","Marbury","Wincham","Rural",null,"Arosa, Linnards Lane, Wincham, Northwich, CW9 6ED","2 new dwellings (revised scheme)",null,null,"Mr Burgess","Jay Ashall Partnership - Mr Jay Ashall\njay.ashall@jayashall.co.uk",null,"PDL","New build","C3","NO",null,null,"NO","No","Windfall",null,{"$f":"SUM(AI501/Y501)","v":{"$error":"#DIV/0!"}},null,"18/00422/FUL","Full",null,null,"2018-02-02","2018-05-22","2021-05-22",2,1,1,{"$nulls":10},-1,null,1,1,1,-1,2,null,2,null,"5. July 18. 18/02194/DIS",null,"2019: Under construction","Under construction",null,"New site under construction. Forecasts based on planning status and development progress.",null,"New",null,2,null,1,null,1,{"$nulls":9},2,2,{"$nulls":31},0]
["Y","n/a",null,"MAR/0087","Marbury","Wincham","Northwich",null,"Land at 23 Green Lane, Wincham, Northwich","Erection of one detached dwelling",{"$nulls":5},"GF","New build","C3","YES",null,null,"NO","No","Garden land",null,{"$f":"SUM(AI502/Y502)","v":{"$error":"#DIV/0!"}},null,"16/02687/FUL","Full",null,null,"2016-06-24","2016-10-31","2019-10-31",1,0,1,{"$nulls":10},1,1,{"$nulls":3},1,0,null,0,null,"4. Feb 18. 18/00665/DIS",null,"2017: Development started\n2018: Under construction\n2019: Complete","Complete",null,"Site complete. Forecasts achieved.",null,"=",null,0,{"$nulls":13},0,0,null,null,1,{"$nulls":28},1]
["Y",null,"Y","MAR/0089","Marbury","Anderton","Rural",null,"Manor Farm, New Road, Anderton with Marbury, Northwich, CW9 6AE ","Proposed change of use of existing barn to 3 dwellings and replacement of existing Hay Store to Provide Garaging and Creation of New Agricultural Access",{"$nulls":5},"GF","Change of use","C3","NO",null,null,"YES","No","Windfall",null,{"$f":"SUM(AI503/Y503)","v":{"$error":"#DIV/0!"}},null,"16/04521/FUL","Full",null,null,"2016-10-07","2017-01-12","2020-01-12",3,0,3,{"$nulls":10},0,null,null,3,null,0,3,null,3,{"$nulls":3},"2017: Not started\n2018: Not started\n2019: Not started","Not started",null,"Forecasts reviewed and unchanged based on planning status.",null,"=",null,3,{"$nulls":3},3,{"$nulls":9},3,3,{"$nulls":31},0]
["Y","Y",null,"MAR/0092","Marbury","Wincham","Northwich",null,"33 Church Street, Wincham, Northwich, CW9 6EP","Removal of existing garage and erection of one dwelling ",{"$nulls":3},"Civitas Planning - Ben Thornley ben.thornley@civitasplanning.com","Simon Greenland","PDL","New build","C3","No",null,null,"NO","No","Windfall",{"$nulls":3},"17/01963/OUT","Outline",null,null,"2017-04-28","2017-07-06","2020-07-06",1,0,1,{"$nulls":10},0,null,null,1,null,0,1,null,1,{"$nulls":3},"2018: Outline permission. No site visit\n2019: Outline permission. No site visit","Not started","2018:No site visit","Forecasts reviewed and unchanged based on planning status.",null,"=",null,1,null,null,1,{"$nulls":10},1,1,{"$nulls":31},0]
["Y","n/a","BLPU - IU","MAR/0093","Marbury","Comberbach","Rural","Comberbach","Land at 70 Senna Lane, Comberbach, Northwich","One detached two-storey dwelling",{"$nulls":3},"BA Architects - Sarah Aspinall sarah@ba-architects.co.uk","Ben Greenwood","PDL","New build","C3","YES",null,null,"NO","No","Garden land",null,null,"17/02360/OUT (02/08/2020)\n18/00350/REM","18/02466/REM","Full",null,null,"2018-06-26","2018-08-03","2021-08-03",1,0,1,{"$nulls":10},1,1,{"$nulls":3},1,0,null,0,{"$nulls":3},"2018:Not started\n2019: Complete","Complete",null,"Site complete. Forecasts exceeded.",null,"+","Delivery timescale <",0,{"$nulls":13},0,0,null,null,1,{"$nulls":28},1]
["Y","n/a",null,"MAR/0094","Marbury","Barnton","Northwich",null,"The Beech Tree Inn, Runcorn Road, Barnton, Northwich, CW8 4HS","Residential development of 34 (affordable) dwellings following demolition of public house",null,null,"Lane End Developments-Robert Stratton","Eden Building Design - Mr Adam Scott edenarchitecturalsolutions@gmail.com",null,"PDL","New build","C3","NO",null,null,"NO","No","Windfall",null,{"$f":"SUM(AI506/Y506)","v":{"$error":"#DIV/0!"}},null,"17/01101/FUL","Full",null,null,"2017-03-13","2017-08-15","2020-08-15",34,0,34,null,34,{"$nulls":8},34,34,{"$nulls":3},34,0,null,0,null,"3.4.5.9.12.14.16.17 November 2017 17/03938/DIS\n7.10.20 January 2018 17/04547/DIS",null,"2018: Under construction\n2019: Complete","Complete",null,"Site complete. Forecasts exceeded.",null,"+","Delivery rate >\nDelivery timescale <",0,{"$nulls":13},0,0,{"$nulls":14},8,26,{"$nulls":15},34]
["Y",null,null,"MAR/0095","Marbury","Whitley","Rural",null,"The Kiln Farm, Well Lane, Antrobus, WA4 4PR","Conversion of stables into one dwelling",{"$nulls":5},"PDL","Change of use","C3","NO",null,null,"NO","No","Windfall",null,{"$f":"SUM(AI507/Y507)","v":{"$error":"#DIV/0!"}},null,"17/01405/FUL","Full",null,null,"2017-05-18","2017-08-17","2020-08-17",1,0,1,{"$nulls":10},0,null,null,1,null,0,1,null,1,{"$nulls":3},"2018: Not started\n2019: Not started","Not started",null,"Forecasts reviewed and updated based on planning status.",null,"+","Delivery timescale >",1,null,null,1,{"$nulls":10},1,1,{"$nulls":31},0]
["Y",null,null,"MAR/0096","Marbury","Antrobus","Rural",null,"Park Moss Farm, Arley Road, Antrobus, Northwich, CW9 6NS","Conversion of existing barns in to two dwellings and part single storey, part three storey extension",{"$nulls":5},"GF","Change of use","C3","NO",null,null,"YES","No","Windfall",{"$nulls":3},"17/01380/FUL","Full",null,null,"2017-03-27","2017-08-18","2020-08-18",2,0,2,{"$nulls":10},0,null,null,2,null,0,2,null,2,{"$nulls":3},"2018: Not started\n2019: Not started","Not started",null,"Forecasts reviewed and updated based on planning status.",null,"-","Delivery timescale >",2,null,null,1,1,{"$nulls":9},2,2,{"$nulls":31},0]
["Y",null,null,"MAR/0097A","Marbury","Wincham","Rural","Higher Wincham ","Concept House, Pickmere Lane, Wincham, Northwich, CW9 6EB","Change of use of existing two storey office building to dwelling",{"$nulls":5},"PDL","Change of use","C3","NO",null,null,"NO","Yes","Windfall",null,{"$f":"SUM(AI509/Y509)","v":{"$error":"#DIV/0!"}},null,"17/03500/PDO","PDO",null,null,"2017-08-09","2017-09-26","2020-09-26",1,0,1," ",{"$nulls":9},0,null,null,1,null,0,1,null,1,{"$nulls":3},"2018: Not started\n2019: Not started","Not started",null,"Forecasts reviewed and unchaged based on planning status.",null,"-","Delivery timescale >",1,null,null,1,{"$nulls":10},1,1,{"$nulls":31},0]
["Y","n/a",null,"MAR/0097B","Marbury","Wincham","Rural","Higher Wincham ","Building to rear of Concept House, Pickmere Lane, Wincham, Northwich, CW9 6EB","Change of use from dog groomers to one dwelling",{"$nulls":3},"Tony Cocker tony@ajcockerassociates.co.uk","Tim Booth","PDL","Change of use","C3","NO",null,null,"NO","No","Windfall",null,{"$f":"SUM(AI510/Y510)","v":{"$error":"#DIV/0!"}},null,"18/03926/FUL","Full",null,null,"2018-10-09","2019-02-06","2022-02-06",1,0,1,{"$nulls":10},1,1,{"$nulls":3},1,0,null,0,{"$nulls":3},"2019: Complete","Complete",null,"Site complete. New permission.",null,"New",null,0,{"$nulls":13},0,0,1,{"$nulls":30},1]
["Y","n/a",null,"MAR/0098","Marbury","Barrnton","Northwich",null,"Oakwood House, Blackcroft Avenue, Barnton, Northwich","Erection of 11 dwellings (3x3bed market houses / 8x3bed social rented houses)",null,null,"Weaver Vale Housing Trust - Mrs Ann Lander","John McCall Architects - John McCall admin@johnmcca.co.uk",null,"PDL","New build","C3","NO",null,null,"No","No","Windfall",null,{"$f":"SUM(AI511/Y511)","v":{"$error":"#DIV/0!"}},null,"17/03151/FUL","Full",null,null,"2017-07-19","2017-11-09","2020-11-09",11,0,11,null,8,{"$nulls":8},11,11,{"$nulls":3},11,0,null,0,null,"4.11.13. Feb 2018. 18/00211/DIS\n3(AH).6.7. 19/00140/DIS Feb 2019",null,"2018: Development started.Site cleared\n2019: Complete","Complete","2018:Site being cleared","Site complete. Forecasts exceeded.",null,"+","Delivery rate >\nDelivery timescale <",0,{"$nulls":13},0,0,null,null,3,{"$nulls":12},8,{"$nulls":15},11]
["Y",null,null,"MAR/0099","Marbury","Whitley","Rural",null,"Five Oaks, Raddel Lane, Whitley, Northwich, WA4 4EE","Change of use of building to three dwellings",{"$nulls":5},"GF","Change of use","C3","NO",null,null,"YES","No","Windfall",null,{"$f":"SUM(AI512/Y512)","v":{"$error":"#DIV/0!"}},"16/02530/FUL","17/02299/FUL\n","Full",null,null,"2017-05-23","2017-08-14","2020-08-14",3,0,3,{"$nulls":10},0,null,null,3,null,0,3,null,3,null,"3. March 2018. 18/00346/DIS",null,"2018: Not started\n2019: Not started","Not started","2018:Alternative scheme awaiting decision","Forecasts reviewed and unchanged based on planning status.",null,"=",null,3,null,null,1,1,1,{"$nulls":8},3,3,{"$nulls":31},0]
["Y","n/a",null,"MAR/0101","Marbury","Barnton","Northwich",null,"Land at Smithy Fold, Runcorn Road, Barnton, Northwich","Erection of one dwelling (3-beds)",{"$nulls":3},"Goodwin Planning Services Ltd - Steve Goodwin s.goodwin@goodwinplanning.com","Jill Stephens","PDL","New build","C3","NO",null,null,"NO","No","Windfall",null,{"$f":"SUM(AI513/Y513)","v":{"$error":"#DIV/0!"}},"17/05268/FUL (05/02/2021)","18/00939/FUL","Full",null,null,"2018-03-09","2018-04-23","2021-04-23",1,0,1,{"$nulls":10},1,1,{"$nulls":3},1,0,null,0,{"$nulls":3},"2018: Not started\n2019: Complete","Complete",null,"Site complete. Forecasts exceeded.",null,"+","Delivery timescale <",0,{"$nulls":13},0,0,null,null,1,{"$nulls":28},1]
["Y",null,null,"MAR/0102","Marbury","Antrobus","Rural",null,"The Workshops (adj Lawn Crest), Brow Lane, Antrobus, Northwich","Demolition of existing workshop and erection of single dwelling",{"$nulls":3},"Goodwin Planning Services Ltd - Steve Goodwin s.goodwin@goodwinplanning.com",null,"PDL","New build","C3","NO",null,null,"NO","No","Windfall",0.1,null,"17/01573/FUL (08/01/2021)","18/01094/FUL","Full","APP/Ao665/W/17/3184576","Allowed",null,"2018-01-08","2021-01-08",1,0,{"$f":"AI514-AJ514","v":1},{"$nulls":10},0,null,1,null,null,0,{"$f":"SUM(AX514+AY514)","v":1},null,1,"1xbed house",null,null,"2018: Not started\n2019: Under construction","Under construction",null,"Site under construction. Forecasts reviewed and unchanged based on development progress.",null,"=",null,{"$f":"SUM(BQ514:BU514)","v":1},null,1,{"$nulls":11},{"$f":"SUM(BQ514:CA514)","v":1},{"$f":"SUM(BQ514:CB514)","v":1},{"$nulls":31},0]
["Y",null,null,"MAR/0104","Marbury","Wincham","Northwich",null,"Black Greyhound Hotel, Hall Lane, Wincham, Northwich, CW9 6DG","Outline application for demolition of the existing buildings and erection of 12 apartments and 4 terraced bungalows, with associated infrastructure works with all matters reserved",null,null,"Countrywide Investments Limited-Mr Rodgers","Land Planning Ltd: Joanne Ellis-Jones joanne@laplan.co.uk","Katie Richardson","PDL","New build","C3","NO",null,null,"NO","No","Windfall",0.78,{"$f":"SUM(AI515/Y515)","v":20.51282051282051},null,"17/03244/OUT","Outline",null,null,"2017-07-26","2018-07-19","2021-07-19",16,0,16,null,2,{"$nulls":8},0,null,null,16,null,0,16,null,16,{"$nulls":3},"2019: Outline permission. No site visit","Not started",null,"Not included in deliverable supply. No change to forecasts.","Outline planning application received 26 July 2017 pending decision\nDeveloper/house builder: Countrywide Investments\nVacant/redundant public house and hotel building\n10 units forecast to deliver from year 4\nFORECAST REVISED- units removed from five year supply\nCurrent position:\nOutline planning application granted permission. Decision issued 19 July 2018.",null,null,0,{"$nulls":7},4,12,{"$nulls":4},16,16,{"$nulls":31},0]
["Y",null,null,"MAR/0106","Marbury","Comberbach","Rural",null,"Land at 25 Senna Lane, Comberbach, Northwich","One dwelling and detached garage with drive",{"$nulls":3},"Harry Kennedy & Associates - Harry Kennedy harryken@live.co.uk","Steve Holmes","PDL","New build","C3","Yes",null,null,"NO","No","Garden land",{"$nulls":3},"17/04952/FUL","Full",null,null,"2017-11-17","2018-06-01","2021-06-01",1,0,1,{"$nulls":10},0,null,null,1,null,0,1,null,1,{"$nulls":3},"2019: Not started","Not started",null,"New permission. Forecasting assumptions applied.",null,"New",null,1,null,null,1,{"$nulls":10},1,1]
["Y",null,null,"MAR/0107","Marbury","Antrobus","Rural",null,"Rising Sap (agricultural barns), Sandy Lane, Antrobus, Northwich, CW9 6NU ","Convert the existing brick clad, adjoined, barns into a residential dwelling",{"$nulls":4},"Jill Stephens","GF","Change of use","C3","NO",null,null,"YES","No","Windfall",{"$nulls":3},"18/01750/PDQ","PDQ",null,null,"2018-05-04","2018-07-11","2021-07-11",1,0,1,{"$nulls":10},0,null,null,1,null,0,1,null,1,{"$nulls":3},"2019: Not started","Not started",null,"New permission. Forecasting assumptions applied.",null,"New",null,1,null,null,1,{"$nulls":10},1,1]
["Y",null,null,"MAR/0108","Marbury","Antrobus","Rural",null,"Brow Farm, Brow Lane, Antrobus, Northwich, CW9 6JP","Change of use of agricultural buildings to two dwellings, demolition of redundant buildings, closure of existing access and improvement of existing access",{"$nulls":3},"Goodwin Planning Services - Steve Goodwin s.goodwin@goodwinplanning.com","Liza Woodray","GF","Change of use","C3","NO",null,null,"YES","No","Windfall",{"$nulls":3},"18/01489/FUL","Full",null,null,"2018-04-18","2018-10-05","2021-10-05",2,0,2,{"$nulls":10},0,null,null,2,null,0,2,null,2,{"$nulls":3},"2019: Not started","Not started",null,"New permission. Forecasting assumptions applied.",null,"New",null,2,null,null,2,{"$nulls":10},2,2]
["Y",null,null,"MAR/0109","Marbury","Whitley","Rural",null,"Land at Willow Bank Farm, Bentleys Farm Lane, Whitley, Northwich","Conversion of existing building to form two dwellings, demolition of attached and adjoining outbuildings, erection of two detached garages",{"$nulls":3},"Goodwin Planning Services Ltd - Steve Goodwin s.goodwin@goodwinplanning.com","Cheryl Parker","GF","Change of use","C3","NO",null,null,"YES","No","Windfall",null,{"$f":"SUM(AI519/Y519)","v":{"$error":"#DIV/0!"}},null,"18/01377/FUL","Full",null,null,"2018-04-10","2018-10-03","2021-10-03",2,0,2,{"$nulls":10},0,null,null,2,null,0,2,null,2,{"$nulls":3},"2019: Not started","Not started",null,"New permission. Forecasting assumptions applied.",null,"New",null,2,null,null,2,{"$nulls":10},2,2]
["Y",null,null,"MAR/0110","Marbury","Anderton with Marbury","Northwich",null,"Adjacent The Dairy, Marbury Road, Anderton with Marbury, Northwich","Erection of bungalow  ",{"$nulls":4},"Bethany Brown","GBGF","New build","C3","NO",null,null,"NO","No","Windfall",{"$nulls":3},"17/03807/FUL","Full","APP/A0665/W/18/319837","Allowed","2018-09-01","2018-11-30","2021-11-30",1,0,1,{"$nulls":10},0,null,null,1,null,0,1,null,1,{"$nulls":3},"2019: Not started","Not started",null,"New permission. Forecasting assumptions applied.",null,"New",null,1,null,null,1,{"$nulls":10},1,1]
["Y","Y",null,"MAR/0113","Marbury","Antrobus","Rural",null,"Land at Model Cottage, Hollins Lane, Antrobus, Northwich","Conversion of garage into a new dwelling",{"$nulls":4},"Ed Shepherd","PDL","Change of use","C3","NO",null,null,"NO","No","Windfall",{"$nulls":3},"18/00540/FUL","Full",null,null,"2018-02-12","2018-04-05","2021-04-05",1,0,1,{"$nulls":10},0,null,1,null,null,0,1,null,1,{"$nulls":3},"2019: Under construction","Under construction",null,"New site under construction. Forecasts based on planning status and development progress.",null,"New",null,1,null,1,{"$nulls":11},1,1]
["Y",null,null,"NES/0003","Neston","Neston","Neston & Parkgate",null,"Uplands, Liverpool Road, Neston, CH64 3RF","Two dwellings and demolition and relocation of existing garage\n2017 permission - One (1) four-bed dwelling",{"$nulls":3},"FSP Northern Ltd - Mr Stephen Quicke",null,"GF","New build","C3","YES",null,null,"NO","No","Garden land",null,{"$f":"SUM(AI522/Y522)","v":{"$error":"#DIV/0!"}},"16/03338/FUL","17/03926/FUL","Full",null,null,"2017-09-11","2017-11-02","2020-11-02",1,0,1,{"$nulls":10},0,null,1,null,null,0,1,null,1,{"$nulls":3},"2017: Not started\n2018: Not started. New permission approved\n2019: Under construction","Under construction","Not started","Site under construction. Forecasts reviewed and unchanged based on development progress.",null,"=",null,1,null,1,{"$nulls":11},1,1,{"$nulls":31},{"$f":"SUM(CE522:DD522)","v":0}]
["Y","n/a","BLPU - IU","NES/0006","Neston","Neston","Neston & Parkgate",null,"Former Pumphouse, Bluebell Lane, Neston","Change of use of former pumphouse building to a single dwellinghouse",{"$nulls":5},"PDL","Change of use","C3","NO",null,null,"NO","No","Windfall",null,{"$error":"#DIV/0!"},"13/04710/FUL","16/03565/FUL","Full",null,null,"2016-08-15","2016-10-12","2017-02-25",1,0,1,{"$nulls":10},1,1,{"$nulls":3},1,0,null,0,{"$nulls":3},"2016: Not started\n2017: Under construction\n2018: Under construction\n2019: Complete","Complete",null,"Site complete. Forecasts achieved.",null,"=",null,0,{"$nulls":13},0,0,null,null,1,{"$nulls":28},1]
["Y","Y",null,"NES/0016","Neston","Neston","Neston & Parkgate",null,"Former Fiveways Dairy, Liverpool Road, Neston","Redevelopment of existing former dairy for ten (10) dwellings","Archway Homes",null,"Dairy Crest Limited","Matthews and Goodman : Mr Chris Betteridge\nTFA Architects - Mr Ken Bruce (ken.bruce@tfa-architects.com)",null,"PDL","New build","C3","NO",null,null,"NO","No","Windfall",null,{"$error":"#DIV/0!"},"13/01904/OUT\n17/00481/NMA\n18/00377/NMA","15/05041/REM","Full",null,null,"2015-12-15","2016-12-12","2019-12-12",10,0,10,{"$nulls":10},2,2,2,6,null,2,8,null,8,"14/04515/FUL was submitted for No. 26 affordable units but was refused. ","8,14 and 15 discharged (August 2016) 16/00775/DIS\n5,8,12,14,16,18 and 20 discharged ",null,"2016: Outline permission - no site visit.\n2017: Not started\n2018: Development commenced . Demolition and groundworks\n2019: Under construction","Under construction","2018:Demolition completed.Site cleared and groundworks started","Site under construction. Forecasts reviewed and updated based on planning status and development progress.",null,"=",null,8,null,2,2,2,2,{"$nulls":8},8,8,{"$nulls":3},2,{"$nulls":27},2]
["Y",null,null,"NES/0018","Neston","Neston","Neston & Parkgate",null,"Land at Conifer House, Hinderton Road, Neston","New dwelling and demolition of existing garage to Conifer House",{"$nulls":5},"PDL","New build","C3","NO",null,null,"NO","No","Windfall",null,{"$error":"#DIV/0!"},null,"14/04068/FUL","Full",null,null,"2014-10-09","2014-12-04","2017-12-04",1,0,1,{"$nulls":10},0,null,null,1,null,0,1,null,1,{"$nulls":3},"2016: Not started\n2017-2018: development commenced\n2019: Stalled","Stalled",null,"Site stalled. Forecasts reviewed and updated. Removed from deliverable supply.",null,"-","Stalled",0,{"$nulls":13},0,0,{"$nulls":31},0]
["Y","n/a",null,"NES/0028","Neston","Neston","Neston & Parkgate",null,"Adjacent 16 Parkgate Road, Neston, CH64 9XE","Residential development of ten apartments","JLF Developments Ltd",null,"JLF Developments Ltd-Mr John Ferguson","Mr Stephen Quicke",null,"PDL","New build","C3","NO",null,null,"NO","No","Windfall",null,{"$error":"#DIV/0!"},null,"17/01390/FUL","Full",null,null,"2017-04-21","2017-06-08","2020-06-08",10,0,10,{"$nulls":10},10,10,{"$nulls":3},10,0,null,0,null,"20 September 2017 17/03410/DIS\n3-6.8-10.13-15.18 pending 17/05080/DIS",null,"2018: Under construction\n2019: Complete","Complete",null,"Site complete. Forecasts achieved.",null,"=",null,0,{"$nulls":13},0,0,{"$nulls":10},8,2,{"$nulls":19},10]
["Y","Y",null,"NES/0029","Neston","Neston","Rural",null,"Adjacent The Cottage, Hinderton Road, Neston","Two detached dwellings with new access ",{"$nulls":5},"GF","New build","C3","NO",null,null,"NO","No","Windfall",null,{"$error":"#DIV/0!"},null,"14/04200/FUL","Full",null,"Allowed","2014-09-30","2016-02-05","2019-02-05",2,0,2,{"$nulls":10},0,{"$nulls":4},0,0,null,0,"Allowed on appeal - APP/A0665/W/15/3133934",null,null,"2016-2018: Not started\n2019: Not started","Not started. Permission expired","Not started","Permission expired. Forecasts reviewed and removed from deliverable supply.",null,"-","Permission expired",0,{"$nulls":13},0,0,{"$nulls":31},0]
["Y","n/a","BLPU - IU","NES/0030","Neston","Neston","Rural",null,"Offices at Hinderton Hall, Chester High Road, Neston, CH64 7TS","Conversion of offices to form 5 dwellings (3x3bed and 2x4+ bed houses)with associated extrenal alterations\n2017 permission for alterations",null,null,"Mr N Hopkins","Strutt and Parker - Mrs Jo Redmond",null,"PDL","Change of use","C3","NO",null,null,"NO","Yes","Windfall",1,5,"16/01511/FUL","17/03748/FUL","Full",null,null,"2017-08-29","2016-05-31","2019-05-31",5,0,5,{"$nulls":9},1,5,4,{"$nulls":3},4,0,null,0,null,"4-7. September 2017 17/03764/DIS",null,"2017: Not started\n2018: Under construction.Coach Hosue complete; Merchant House under construction; Chapter House not started\n2019: Complete","Complete","2018:Coach Hosue complete; Merchant House under construction; Chapter House not started","Site complete. Forecasts exceeded.",null,"+","Delivery timescale <",0,{"$nulls":13},0,0,null,null,2,2,{"$nulls":27},4]
["n/a","n/a",null,"NES/0034","Neston","Neston","Neston & Parkgate",null,"8 to 30 Brook Street, Neston","Neston NP site\nBLR site",{"$nulls":5},"PDL","New build","C3","NO",null,null,"NO","No","NP allocation",0.14,71.42857142857142,{"$nulls":8},10,0,10,{"$nulls":10},0,{"$nulls":4},0,0,10,10,{"$nulls":6},"Neighbourhood plan allocation.\nNot included in deliverable supply. No change to forecasts.",{"$nulls":3},0,{"$nulls":9},5,5,null,null,10,10,{"$nulls":31},0]
["Y",null,null,"NES/0035","Neston","Neston","Neston & Parkgate",null,"16 Parkgate Road, Neston, CH64 9XE","Change of use of ground floor office/shop to apartment ",{"$nulls":5},"PDL","Change of use","C3","NO",null,null,"NO","Yes","Windfall",null,{"$error":"#DIV/0!"},null,"17/03958/FUL","Full",null,null,"2017-10-12","2017-10-30","2020-10-30",1,0,1,{"$nulls":10},0,null,1,null,null,0,1,null,1,{"$nulls":3},"2018: Under construction\n2019: Under construction","Under construction","2018:Ground floor windows boarded up","Site under construction. Forecasts reviewed and updated based on development progress.",null,"-","Delivery timescale >",1,null,1,{"$nulls":11},1,1,{"$nulls":31},0]
["Y","n/a","BLPU - IU","NES/0036","Neston","Neston","Neston & Parkgate",null,"46 Liverpool Road, Neston, CH64 3RA","Demolition of existing engineering workshop and redevelopment of nine dwellings and associated works ",null,null,"Mr Karl Dunbar",null,"Cathy Reay","PDL","New build","C3","NO",null,null,"NO","No","Windfall",null,{"$error":"#DIV/0!"},null,"16/04915/FUL","Full",null,null,"2016-11-24","2017-04-13","2020-04-13",9,0,9,{"$nulls":10},9,9,{"$nulls":3},9,0,null,0,null,"1-19. 17/05107/DIS Dec 2018",null,"2018: Under construction\n2019: Complete","Complete","2018:6 units almost complete,3 units no roof","Site complete. Forecasts achieved.",null,"=",null,0,{"$nulls":13},0,0,null,null,9,{"$nulls":28},9]
["Y","Y",null,"NES/0043","Neston","Neston","Neston & Parkgate",null," 42 - 44 Liverpool Road, Neston, CH64 3RA ","Change of use from office to three units of student accommodation",{"$nulls":4},"Cathy Reay","PDL","Change of use","SA (sc)","NO",null,null,"NO","Yes","Windfall",null,{"$error":"#DIV/0!"},null,"18/02460/FUL","Full",null,null,"2018-06-26","2018-11-12","2021-11-12",3,0,3,{"$nulls":10},0,null,3,null,null,0,3,null,3,{"$nulls":3},"2019: Under construction","Under construction",null,"New site under construction. Forecasts based on planning status and development progress.",null,"New",null,3,null,3,{"$nulls":11},3,3]
["Y","n/a",null,"NET/0003A","Netherpool",null,"Ellesmere Port",null,"Land at Rivacre Academy, Forest Road, Ellesmere Port, CH66 1JY","Erection of new day nursery and up to 24 dwellings - reserved matters approved for 22 dwellings","Forth Homes",null,"The Cheshire Day Nursery","PMD Associates: Mr Philip Dover",null,"PDL","New build","C3","NO",null,null,"NO","No","HELAA",0.77,28.57142857142857,"14/01287/OUT\n17/00535/S73 - pending\n17/05071/NMA\n17/05462/NMA","16/02289/REM","Full",{"$nulls":3},"2016-11-02","2019-11-02",22,0,22,{"$nulls":9},11,22,11,{"$nulls":3},11,0,null,0,"Planning Committee 02/09/2014 - Legal agreement signed March 2015. 25% affordbale housing requirement\nErection of new day nursery and up to 24 dwellings (demolition of existing buildings) Approval of reserved matters (appearance, landscaping, scale and layout) following application 14/01287/OUT for 22 dwellings\n17/05071/NMA - Render, windows and boundary treatment \n17/05462/NMA","16.17(partial) March 2017 17/00412/DIS\n17(partial) March 2017 17/00250/DIS\n18 May 2017 17/02273/DIS\n7-10.20.21. July 2017 17/02314/DIS\n3.5.7-14 February 2018 17/05072/DIS",null,"2016: Outline permission - no site visit\n2017: Not started\n2018: Under construction\n2019: Complete","Complete","2018:Site under construction","Site complete. Forecasts achieved.",null,"=",null,0,{"$nulls":13},0,0,null,null,11,{"$nulls":28},{"$f":"SUM(CE533:DD533)","v":11}]
["Y","n/a",null,"NET/0003B","Netherpool",null,"Ellesmere Port",null,"Land at Rivacre Academy, Forest Road, Ellesmere Port, CH66 1JY","4no new dwellings (on site of proposed day nursery-NET/0003a)","Forth Homes",{"$nulls":4},"PDL","New build","C3","NO",null,null,"NO","No","HELAA",{"$nulls":3},"17/02060/FUL","Full",null,null,"2017-05-05","2017-10-04","2020-10-04",4,0,4,{"$nulls":10},4,4,{"$nulls":3},4,0,null,0,{"$nulls":3},"2019: Complete","Complete",null,"Site complete. New permission.",null,"New",null,0,{"$nulls":13},0,0,{"$nulls":3},4,{"$nulls":27},4]
["n/a","n/a",null,"NET/0005(a)","Netherpool",null,"Ellesmere Port",null,"Land at Netherpool Road, Ellesmere Port","BLR site",{"$nulls":5},"PDL","New build","C3","NO",null,null,"NO","No","BLR",5.788,{"$nulls":9},126,null,126,{"$nulls":10},0,{"$nulls":4},0,0,126,126,{"$nulls":6},"Included on Brownfield Land Register.\nNot included in deliverable supply. No change to forecasts.",{"$nulls":3},0,{"$nulls":6},6,24,24,24,24,24,null,126,126,{"$nulls":31},0]
["n/a","n/a",null,"NET/0013","Netherpool",null,"Ellesmere Port",null,"Former Foxfields Public House, Poole Hall Road, Ellesmere Port","BLR site",{"$nulls":5},"PDL","New build","G&T","NO",null,null,"NO","No","BLR",0.71,{"$nulls":9},19,null,19,{"$nulls":10},0,{"$nulls":4},0,0,19,19,{"$nulls":6},"Included on Brownfield Land Register.\nNot included in deliverable supply. No change to forecasts.",{"$nulls":3},0,{"$nulls":7},19,{"$nulls":5},19,19,{"$nulls":31},0]
["Y","n/a",null,"NET/0021","Netherpool",null,"Ellesmere Port",null,"Vauxhall Sports And Social Club, Rivacre Road, Ellesmere Port, CH66 1LJ ","Erection of new sports pavilion, part demolition of the existing sports club, and erection of 36 dwellings and 20 apartments; and creation of new external sports pitch (Artificial Grass Pitch -3G AGP) including perimeter fencing, areas of hardstanding and flood lighting; refurbishment of existing Artificial Grass Pitch; and relocation of existing grass pitches - Amendment to application 15/04513/FUL ","MBE Construction","Adactus Housing Association","Vauhall sports and social club-Tony Woodley","Barton Wilmore-Ian Gilbert",null,"GBMix","New build","C3","NO",null,null,"NO","No","Windfall",null,null,"17/01498/NMA","16/02082/FUL","Full",null,null,"2016-05-17","2016-12-21","2019-12-21",56,0,56,null,56,{"$nulls":7},27,56,29,{"$nulls":3},29,0,null,0,"17/01498/NMA - Relocation of clubhouse ","3-5.7.8.10.11.13-15.17-19.23.26.29. December 2017 17/00302/DIS",null,"2017: Not started\n2018: Under construction\n2019: Complete","Complete","2018:Further 14 due to complete in April 2018, and 15 to complete in June 2018","Site complete. Forecasts achieved.",null,"=",null,0,{"$nulls":13},0,0,{"$nulls":20},13,16,{"$nulls":9},29]
["Y","n/a",null,"NET/0024","Netherpool",null,"Ellesmere Port",null,"72 & 74 Hillside Drive (garages), Ellesmere Port ","Erection of single storey detached dwelling  ",{"$nulls":5},"PDL","New build","C3","NO",null,null,"NO","No","Windfall",{"$nulls":3},"16/04728/FUL","Full",null,null,"2016-10-20","2016-12-19","2019-12-19",1,0,1,{"$nulls":10},{"$f":"SUM(AN538:AU538)+BA538","v":1},1,{"$nulls":3},{"$f":"SUM(AW538-AZ538)","v":1},0,null,0,{"$nulls":3},"2017: Development started\n2018: Under construction\n2019: Complete","Complete",null,"Site complete. Forecasts achieved.",null,"=",null,0,{"$nulls":13},0,0,{"$nulls":6},1,{"$nulls":24},1]
["n/a","n/a",null,"NEW/0004","Newton",null,"Chester",null,"Land at Grange Road, Upton, Chester","BLR site",{"$nulls":5},"PDL","New build","C3","NO",null,null,"NO","No","BLR",0.31,{"$nulls":9},10,null,10,{"$nulls":10},0,{"$nulls":4},0,0,10,10,{"$nulls":6},"Included on Brownfield Land Register.\nNot included in deliverable supply. No change to forecasts.",{"$nulls":3},0,{"$nulls":12},10,0,10,{"$nulls":31},0]
["Y",null,null,"NEW/0005","Newton",null,"Chester",null,"Merton House School, West Bank, Chester, CH1 4BD","Extension and conversion of former school to 7x2bed flats, conversion of existing coach house to 2x2bed houses and erection of 3x4bed houses. ",null,null,"Mr Michael Murphy","Authorised Designs Ltd-Mr S Dodd",null,"PDL","Change of use","C3","NO",null,null,"NO","No","HELAA",null,{"$f":"SUM(AI540/Y540)","v":{"$error":"#DIV/0!"}},"15/03512/LBC","14/02994/FUL","Full",null,null,"2015-08-19","2015-12-07","2018-12-07",12,0,12,{"$nulls":8},8,1,9,null,null,3,null,0,3,null,3,{"$nulls":3},"2016: Development started.Conversion under construction\n2017: Under construction.\n2018: Under construction.Conversion of coach house complete\n2019: No further development taken place","Under construction","2018:Conversion of coach house completed","Site under construction. Forecasts reviewed and updated based on development progress.",null,"-","Delivery timescale >",3,null,null,1,1,1,{"$nulls":8},3,3,{"$nulls":31},0]
["Y","n/a","BLPU - IU","NEW/0006","Newton",null,"Chester",null,"Pine Lodge, 79 Liverpool Road, Chester, CH2 1AW","Residential development of 6 dwellings and partial demolition and refurbishment of Pine Lodge as a dwelling, new access road and associated works","Archway Homes",{"$nulls":4},"PDL","New build","C3","NO",null,null,"NO","No","HELAA",null,null,"17/04445/S73","17/02742/FUL","Full",null,null,"2017-06-22","2017-08-30","2020-08-30",7,0,7,{"$nulls":10},7,7,{"$nulls":3},7,0,null,0,"17/04445/S73 - vary condition 12\n2019: BLPU / Officer knowledge site complete. ","1-18. November 2017. 17/03823/DIS\n12. December 2017. 17/05010/DIS",null,"2018: Under construction.Pine Lodge refurbishment under construction.Demolition and site clearance complete\n2019: Complete","Complete","2018:Pine Lodge refurbishment under construction. Demolition complete","Site complete. Forecasts exceeded.",null,"+","Delivery timescale <",0,{"$nulls":13},0,0,{"$nulls":3},7,{"$nulls":27},7]
["Y","Y",null,"NEW/0008","Newton",null,"Chester",null,"Bus depot, Liverpool Road, Chester, CH2 1AE","Demolition of existing buildings and redevelopment of the site for 323 units of purpose built managed student accommodation, together with ancillary and communal facilities, landscaping and car parking.  Scheme comprises 45 self-contained studios and 44 cluster flats","Watkin Jones",{"$nulls":4},"PDL","New build","SA (sc)","NO",null,null,"NO","No","HELAA",null,{"$f":"SUM(AI542/Y542)","v":{"$error":"#DIV/0!"}},null,"17/03386/FUL","Full",null,null,"2017-08-07","2017-11-23","2020-11-23",89,null,89,{"$nulls":10},0,null,89,null,null,0,89,null,89,null,"9. Jan 2018. 18/00092/DIS\n16. March 2018. 18/00825/DIS\n3. pending 18/00861/DIS\n7.8.13. pending. 18/00886/DIS\n12.20. pending. 18/01102/DIS\n23 (Nov 18) 18/03290/DIS\n17 Feb 2019 19/00084/DIS",null,"2018:Not started.Depot vacated\n2019: Under construction","Under construction","2018:Depot vacated","Site under construction. Forecasts reviewed and unchanged based on planning status and development progress.",null,"=",null,89,null,89,{"$nulls":11},89,89,{"$nulls":31},0]
["n/a","n/a",null,"NEW/0011","Newton",null,"Chester",null,"Land off Plas Newton Lane, Newton, Chester",{"$nulls":6},"GF",{"$nulls":7},"HELAA",0.283,{"$nulls":11},0,{"$nulls":10},0,{"$nulls":4},0,0,null,0,{"$nulls":10},0,{"$nulls":13},0,0,{"$nulls":31},0]
["n/a","n/a",null,"NEW/0013","Newton","Upton by Chester","Chester",null,"White Gables, Plas Newton Lane, Chester, CH2 1PR","Demolition of existing buildings and erection of 13 dwellings","Vivio Developments Ltd",null,"Vivio Developments Ltd-Mr J Wright","Goodwin Planning Services Ltd-Steve Goodwin",null,"PDL","New build","C3","NO",null,null,"NO","No","Windfall",0.79,{"$f":"SUM(AI544/Y544)","v":16.455696202531644},"17/04015/FUL (refused)",null,null,"APP/A0665/W/18/3212590","In progress",{"$nulls":3},13,0,13,null,4,{"$nulls":8},0,{"$nulls":4},0,0,13,13,{"$nulls":5},"Appeal allowed 08 April 2019","Not included in deliverable supply. No change to forecasts.","Full planning application received 15 Sep 2017 pending decision\nDeveloper/house builder: Vivio Developments Ltd\nOfficer recommendation to approve application.\nConsultation raised highways issues.\nNO CHANGE TO FORECAST- No units forecast in years 1 to 5.\nCurrent position:\nApplication refused by Planning Committee July 2018","=",null,0,{"$nulls":6},4,4,5,{"$nulls":4},13,13,{"$nulls":31},0]
["Y",null,null,"NEW/0025","Newton",null,"Chester",null,"The Spinney, Plas Newton Lane, Chester, CH2 1PJ","One (1) new dwelling",{"$nulls":5},"GF","New build","C3","YES",null,null,"NO","No","Garden land",null,{"$f":"SUM(AI545/Y545)","v":{"$error":"#DIV/0!"}},"11/04101/FUL \n14/04292/FUL (03/12/2017)","17/03277/FUL","Full",null,null,"2017-07-28","2017-08-29","2020-08-29",1,0,1,{"$nulls":10},0,null,null,1,null,0,1,null,1,{"$nulls":3},"2017: Not started\n2018: Not started.New planning application approved\n2019: Not started","Not started","2018:New permission granted","Forecasts reviewed and updated based on planning status.",null,"-",null,1,null,null,1,{"$nulls":10},1,1,{"$nulls":31},0]
["Y","n/a","BLPU - IU","NEW/0033","Newton",null,"Chester",null,"68 Liverpool Road, Chester Cheshire CH2 1AS ","Change of use of existing garage to provide single dwelling, creation of a first floor, single storey rear extension, new store and associated external works.",{"$nulls":5},"PDL","Change of use","C3","NO",null,null,"NO","No","Windfall",null,{"$f":"SUM(AI546/Y546)","v":{"$error":"#DIV/0!"}},null,"15/03055/FUL","Full",null,null,"2015-07-20","2015-11-26","2018-11-26",1,0,1,{"$nulls":10},1,1,{"$nulls":3},1,0,null,0,{"$nulls":3},"2017: Not started\n2018: Under construction\n2019: Complete","Complete",null,"Site complete. Forecasts achieved.",null,"=",null,0,{"$nulls":13},0,0,null,1,{"$nulls":29},1]
["Y","n/a","BLPU - IU","NEW/0035","Newton",null,"Chester",null,"Land at 48 Somerset Road, Newton, Chester","Erection of two (2) residential dwellings",null,null,"Mr Habib Shah","DPA Ltd: Mr gavin Porritt",null,"GF","New build","C3","YES",null,null,"NO","No","Garden land",null,{"$f":"SUM(AI547/Y547)","v":{"$error":"#DIV/0!"}},null,"15/03500/FUL","Full",null,null,"2015-08-21","2015-12-16","2018-12-16",2,0,2,{"$nulls":10},2,2,{"$nulls":3},2,0,null,0,null,"3-6.10. May 2017. 17/01482/DIS",null,"2016: Not started\n2017: Not started\n2018: Under construction\n2019: Complete","Complete",null,"Site complete. Forecasts achieved.",null,"=",null,0,{"$nulls":13},0,0,null,null,2,{"$nulls":28},2]
["Y","n/a","BLPU - IU","NEW/0036","Newton",null,"Chester",null,"The Willows, 31-33 Sutton Drive, Chester, CH2 2HN","Conversion of multiple occupancy dwelling to pair of semi-detached houses and demolition of conservatory ",{"$nulls":5},"PDL","Conversion","C3","NO",null,null,"No","No","Windfall",{"$nulls":3},"17/05251/FUL","Full",null,null,"2017-12-08","2018-01-24","2021-01-24",2,1,1,{"$nulls":10},1,2,null,null,1,1,0,null,0,{"$nulls":3},"2018: Not started\n2019: Complete","Complete",null,"Site complete. Forecasts exceeded.",null,"+","Delivery rate >\nDelivery timescale <",0,{"$nulls":13},0,0,null,null,2,{"$nulls":28},2]
["Y",null,null,"NEW/0037","Newton",null,"Chester",null,"Rear of 88 Dicksons Drive, Newton, Chester","Demolition of outbuildings and erection of dormer bungalow",{"$nulls":5},"PDL","New build","C3","NO",null,null,"NO","No","Windfall",null,{"$f":"SUM(AI549/Y549)","v":{"$error":"#DIV/0!"}},null,"18/00180/FUL","Full",null,null,"2018-01-16","2018-03-19","2021-03-19",1,0,1,{"$nulls":10},0,null,null,1,null,0,1,null,1,{"$nulls":3},"2018: Not started (pp granted end of period)\n2019: Not started","Not started",null,"Forecasts reviewed and updated based on planning status.",null,"-",null,1,null,null,1,{"$nulls":10},1,1,{"$nulls":31},0]
["Y",null,null,"PAR/0007","Parkgate","Neston","Neston & Parkgate",null,"Adjacent 41 Beechways Drive, Neston","Erection of one 2 bedroom detached bungalow ",{"$nulls":3},"Lightblue Solutions Ltd (Stephen Quicke) mail@lightbluesolutions.co.uk",null,"GF","New build","C3","YES",null,null,"NO","No","Garden land",0.04,25,"14/04264/FUL","17/05156/FUL","Full",null,null,"2017-12-04","2018-01-12","2021-01-12",1,0,1,{"$nulls":10},0,null,null,1,null,0,1,null,1,"Garden land. Non material amendment being determined, site will the be sold for development by a builder. Email 19.05.2015 Lightblue Solutions",null,null,"2016-2017:Not started\n2018:Not started. New permission approved\n2019: Not started","Not started","Not started","Forecasts reviewed and updated based on planning status.",null,"-",null,1,null,null,1,{"$nulls":10},1,1,{"$nulls":31},0]
["Y",null,null,"PAR/0013","Parkgate","Neston","Neston & Parkgate",null,"Adjacent Townfield, 7 Mill Street, Neston, CH64 6QA","Erection of one (1) two storey detached dwelling",{"$nulls":3},"FSP Northern - Stephen Quicke mail@fspnorthern.co.uk","Cathy Reay","GF","New build","C3","YES",null,null,"NO","No","Garden land",null,{"$error":"#DIV/0!"},"13/04129/FUL\n15/04298/S73\n16/03483/FUL (03/20/2019)","18/03060/FUL","Full",null,null,"2018-08-06","2018-12-10","2021-12-10",1,0,1,{"$nulls":10},0,null,null,1,null,0,1,null,1,"Garden land. Site fenced off but not under construction\nS73 - design of dwelling",null,null,"2016: Site cleared\n2017: New application approved\n2018: Not started.Plot sold.Design amendments approved\n2019: Development commenced","Development commenced","Design amendments approved within monitoring period","Forecasts reviewed and unchanged based on development progress.",null,"=",null,1,null,1,{"$nulls":11},1,1,{"$nulls":31},0]
["Y","n/a",null,"PAR/0018","Parkgate","Neston","Neston & Parkgate",null,"Rear of 6 Holywell Close, Parkgate, Neston ","Demolition of existing garages and erection of a two storey four bedroom house ",{"$nulls":3},"FSP Northern Architects - Mr Stephen Quicke",null,"PDL","New build","C3","NO",null,null,"NO","No","Windfall",null,{"$error":"#DIV/0!"},null,"14/02095/FUL","Full",null,null,"2014-05-15","2014-07-09","2017-07-09",1,0,1,{"$nulls":10},1,1,{"$nulls":3},1,0,null,0,null,"3.4. June 2017. 17/02479/DIS",null,"2016: Not started\n2017: Not started\n2018: Development commenced. Demolition complete\n2019: Complete","Complete","2018:Demolition complete","Site complete. Forecasts exceeded.",null,"+","Delivery timescale <",0,{"$nulls":13},0,0,{"$nulls":3},1,{"$nulls":27},1]
["Y","n/a",null,"PAR/0023","Parkgate","Neston","Neston & Parkgate",null,"BOUNDARY PARK - Land off Boundary Park, Moorside Lane, Neston","33 dwellings with associated garages, car parking, landscaping and open space","Elan Homes",null,"Elan Homes Ltd: Mr Shaun McCarthy",null,null,"GF","New build","C3","NO",null,null,"NO","No","HELAA",1.4,23.571428571428573,"14/04145/FUL\n16/02832/NMA","15/00069/FUL","Full",null,"Allowed","2014-07-29","2015-07-07","2018-07-07",33,0,33,null,8,{"$nulls":7},18,33,15,{"$nulls":3},15,0,null,0,"14/04145/FUL Residential application for 33 dwellings refused (design and layout) Appeal allowed - 3001859 - Elan Homes (Shaun McCarthy). New access road approved 15/00069/FUL\n16/02832/NMA  - Change to Chesham House type rear elevation","3.4.6.8.10-12.14-17. May 2016 15/03287/DIS",null,"2016: Not started\n2017: Under construction\n2018: Under construction\n2019: Complete","Complete","Discharge of conditions (3 and 4 - access road) approved.\n2018:Over half of units complete and remainder under construction","Site complete. Forecasts achieved.",null,"=",null,0,{"$nulls":13},0,0,{"$nulls":3},5,10,{"$nulls":26},15]
["Y",null,null,"PAR/0032","Parkgate","Neston","Neston & Parkgate",null,"24-28 Bridge Street, Neston CH64 9UJ","Conversion of two buildings from retail to dwellinghouses, extrenal alterations to the three refurbished / converted houses and ercetion of 8 houses",null,null,"Goodings Cookshop Ltd - Mr David Clarke","FSP Northern Architects - Mr Stephen Quicke",null,"PDL","Change of use","C3","NO",null,null,"NO","No","Windfall",null,{"$error":"#DIV/0!"},null,"15/02292/FUL","Full",null,null,"2015-06-01","2015-09-29","2018-09-29",10,0,10,{"$nulls":10},0,null,3,7,null,0,10,null,10,{"$nulls":3},"2016-2017: Not started\n2018: Not started. Expires 09/2018\n2019: Under construction","Under construction",null,"Site under construction. Forecasts reviewed and unchanged based on development progress.",null,"=",null,10,null,3,7,{"$nulls":10},10,10,{"$nulls":31},0]
["Y","n/a",null,"PAR/0033","Parkgate","Neston","Neston & Parkgate",null,"Land at the White Cottage, The Parade, Parkgate, CH64 6RW","Two (2) detached dwellings and revised access",{"$nulls":3},"Lightblue Solutions Ltd (Stephen Quicke) mail@lightbluesolutions.co.uk",null,"GF","New build","C3","YES",null,null,"NO","No","Garden land",0.32,6.25,"15/03611/FUL\n18/02240/NMA (July 2018)\n19/00296/S73 C0ndition 3. March 2019","17/02003/FUL","Full",null,null,"2017-05-03","2017-07-26","2020-07-26",2,0,2,{"$nulls":10},2,2,{"$nulls":3},2,0,null,0,"18/02240/NMA (July 2018) - windows",null,null,"2016-2017: Not started\n2018: Under construction\n2019: Complete","Complete","Under construction-both units nearing completion","Site complete. Forecasts achieved.",null,"=",null,0,{"$nulls":13},0,0,{"$nulls":3},2,{"$nulls":27},2]
["Y","n/a",null,"PAR/0034","Parkgate","Neston","Neston & Parkgate",null,"South Cottage, The Parade, Parkgate CH64 6SA","Change of use from residential to café in conjunction with ground floor café.",null,null,"Mr C Mangani","MTP Town Planning: Peter Miller mtpuk1@yahoo.com",null,"PDL","Change of use","C3 loss","NO",null,null,"NO","No","Windfall",{"$nulls":3},"16/00594/COU","Full",null,null,"2016-02-11","2016-04-13","2019-04-13",0,1,-1,{"$nulls":10},-1,{"$nulls":3},1,-1,0,null,{"$f":"SUM(BC556+BB556)","v":0},{"$nulls":3},"2017-2018: Not started\n2019: Complete","Complete",null,"Site complete. Forecasts achieved.",null,"=",null,0,{"$nulls":13},0,0,{"$nulls":31},0]
["Y","n/a",null,"PAR/0036","Parkgate","Neston","Neston & Parkgate",null,"21 Moorings Close, Parkgate, Neston, CH64 6TL ","Extension to existing converted garage (single storey above ground and one storey below) to form single dwelling with associated rear/side garden and off street car parking spaces",{"$nulls":5},"PDL","Change of use / New build","C3","NO",null,null,"NO","No","Windfall",null,null,"16/02223/FUL","17/02338/FUL","Full",null,null,"2017-05-25","2016-07-06","2019-07-06",1,0,1,{"$nulls":10},1,1,{"$nulls":3},1,0,null,0,{"$nulls":3},"2017: Under construction\n2018: Under construction\n2019: Complete","Complete",null,"Site complete. Forecasts achieved.",null,"=",null,0,{"$nulls":13},0,0,null,1,{"$nulls":29},1]
["Y","n/a",null,"PAR/0038","Parkgate","Neston","Neston & Parkgate",null,"21 Parkgate Road, Neston, CH64 9XF","Alterations to front and rear elevations. Change of use from ground floor hairdresser's shop and first floor flat to community cafe (Class A3 use) with retail section (Class A1 use) and function space (Class D1 and D2 use) and additional mixed use service areas at first floor",{"$nulls":5},"PDL","Change of use","C3 loss","NO",null,null,"NO","No","Windfall",{"$nulls":3},"18/01029/FUL","Full",null,null,"2018-03-15","2018-07-03","2021-07-03",null,1,-1,{"$nulls":10},-1,{"$nulls":3},1,-1,0,null,0,"3. 18/02658/DIS ",null,null,"2019: Complete","Complete",null,"Site complete. New permission.",null,"New",null,0,{"$nulls":13},0,0]
["Y",null,null,"PAR/0039","Parkgate",null,"Neston & Parkgate",null,"Rear of Deva Bank, The Parade, Parkgate, Neston ","Build two storey house with first floor within the roof  ",{"$nulls":5},"GF","New Build","C3","Yes",null,null,"NO","NO","Garden land",{"$nulls":3},"18/01282/FUL","Full",null,null,"2018-04-04","2018-07-16","2022-07-16",1,0,1,{"$nulls":10},0,null,null,1,null,0,1,null,1,{"$nulls":3},"2019: Not started","Not started",null,"New permission. Forecasting assumptions applied.",null,"New",null,1,null,null,1,{"$nulls":10},1,1]
["Y","Y",null,"ROS/0002","Rossmore",null,"Ellesmere Port",null,"Rossfield Park Development (Sites 2C, 3 and 4), Rossfield Road, Ellesmere Port","Outline permission granted for residential development (approximately 500 units) Phases 1 and 2 = 310 units.",null,null,"Peel Investments (North) Ltd: Mr David Thompson","Indigo Planning - Nick Fillingham (nick.fillingham@indigoplanning.com)",null,"PDL","New build","C3","NO",null,null,"NO",null,"HELAA",null,{"$f":"SUM(AI560/Y560)","v":{"$error":"#DIV/0!"}},"P/02/929 \n16/03098/CWC (pending)","13/01365/EXT","EXT pending",null,null,"2013-03-27","2003-01-01","2008-01-01",233,0,233,{"$nulls":10},0,{"$nulls":4},0,0,233,233,"16/03098/CWC - (app closed) confirm conditions relating to S106\n15/04210/CWC - refused (Oct 2015)\nExtension of time awaiting decision. Peel correspondence 19.02.2015 housing delivery from this site from 2016/2017 would not be unrealistic.\nLetter 19.02.2015 Peel Land and Property",null,null,"2017:Outline permission - no site visit.\n2018:Extension of time pending decision","Not started","DM case officer - confirmed that extension of time application remains undecided. No decision issued. ","Not included in deliverable supply. No change to forecasts.","Extension of time application pending decision\nNO CHANGE TO FORECAST- No units forecast in years 1 to 5","=",null,0,{"$nulls":6},12,24,24,36,36,36,65,168,233,{"$nulls":31},{"$f":"SUM(CE560:DD560)","v":0}]
["n/a","n/a",null,"ROS/0010","Rossmore",null,"Ellesmere Port",null,"Land at Crescent Road, off Meadow Lane, Ellesmere Port","BLR site",{"$nulls":5},"PDL","New build","C3","NO",null,null,"NO","No","BLR",0.7,31.42857142857143,{"$nulls":8},22,0,22,{"$nulls":10},0,{"$nulls":4},0,0,22,22,{"$nulls":6},"Included on Brownfield Land Register.\nNot included in deliverable supply. No change to forecasts.",{"$nulls":3},0,{"$nulls":7},6,6,10,{"$nulls":3},22,22,{"$nulls":31},0]
["Y","Y",null,"ROS/0017A","Rossmore",null,"Ellesmere Port",null,"ROSSFIELD PARK NORTH - Former British Gas & part of Former Gulf Oil sites, Rossfield Road North, Poole Hall Road/Rossmore Road East, Ellesmere Port","(Peel) Employment and Residential Development comprising 11,000m2 of B1/B2/B8 employment floorspace with access off North Road and approximately 300 residential units, with access off Rossmore Road East. Amended to up to 280 residential units under 15/04631/S73\nNMA submitted to amend scheme / substitute house types for plots 1 to 120 = 263 dwellings","Persimmon Homes North West",null,null,"Peel Investments (North) Limited: Ms Louise Morrissey ",null,"PDL","New build","C3","NO",null,null,"NO","No","HELAA",null,{"$error":"#DIV/0!"},"10/02062/OUT\n14/05347/NMA\n15/04631/S73\n17/00129/NMA\n17/02330/NMA\n18/03710/NMA","16/02022/REM","Full",null,"Allowed","2016-05-13","2016-12-23","2019-03-31",144,0,144,{"$nulls":10},93,93,30,21,null,93,51,null,51,"17/00129/NMA - pending to reduce to 263 dwellings\nPaul Friston confirmed that ANWYL and Persimmon are looking to go on  site shortly. No site visit 2016/17 as Paul confirmed they are not on site. \nRefused (07/11/2012) and allowed on appeal. Trajectory indicates delievry from 2016/2017 - moved back to 2017/2018. NMA approved Feb 2015 to amend access. Building acceptance notice received April 2015\nLetter 19.02.2015 Peel Land and Property\n18/03710/NMA -  (Amendment providing substitution of house types on plots 69, 101, 110-114, 115 and 116; 'Hope' housetype updated to 'Pulford', 'Clwyd' house types amended to detached, and plots 110-114 amended) ","3-7.9.11 Oct 2017. 17/01300/DIS\n3. Oct 2017 17/03834/DIS",null,"2016: Outline permission.No site visit\n2017: Not started\n2018: Under construction\n2019: Under construction","Under construction",null,"Site under construction. Forecasts exceeded - reviewed and updated based on planning status and development progress.",null,"+","Delivery rate >\nDelivery timescale <",51,null,30,21,{"$nulls":10},51,51,null,9,65,13,{"$nulls":6},6,{"$nulls":20},93]
["Y","Y",null,"ROS/0017B","Rossmore",null,"Ellesmere Port",null,"ROSSFIELD PARK NORTH - Former British Gas & part Of Former Gulf Oil sites, Rossfield Road North, Poole Hall Road / Rossmore Road East, Ellesmere Port","(Peel) Employment and Residential Development comprising 11,000m2 of B1/B2/B8 employment floorspace with access off North Road and approximately 300 residential units, with access off Rossmore Road East. Amended to up to 280 residential units under 15/04631/S73\nNMA submitted to amend scheme / substitute house types for plots 1 to 120 = 263 dwellings","Anwyl Homes",null,null,"Peel Investments (North) Limited: Ms Louise Morrissey ",null,"PDL","New build","C3","NO",null,null,"NO","No","HELAA",null,{"$error":"#DIV/0!"},"10/02062/OUT\n14/05347/NMA\n15/04631/S73\n17/00129/NMA\n17/02330/NMA","16/02022/REM","Full",null,"Allowed","2016-05-13","2016-12-23","2019-03-31",120,0,120,{"$nulls":10},57,57,35,28,null,57,63,null,63,"17/00129/NMA - pending to reduce to 263 dwellings\nPaul Friston confirmed that ANWYL and Persimmon are looking to go on  site shortly. No site visit 2016/17 as Paul confirmed they are not on site. \nRefused (07/11/2012) and allowed on appeal. Trajectory indicates delievry from 2016/2017 - moved back to 2017/2018. NMA approved Feb 2015 to amend access. Building acceptance notice received April 2015\nLetter 19.02.2015 Peel Land and Property","3-7.9.11 Oct 2017. 17/01300/DIS\n3. Oct 2017 17/03834/DIS",null,"2016: Outline permission.No site visit\n2017: Not started\n2018: Under construction\n2019: Under construction","Under construction","Place North West (14 Sep 2017) Work commenced at The Oaks - 9 acre site in Rossmore for 120 homes-first plots available for sale and reservations.\nMarch 2018: Under construction","Site under construction. Forecasts exceeded - reviewed and updated based on planning status and development progress.",null,"+","Delivery rate >\nDelivery timescale <",63,null,35,28,{"$nulls":10},63,63,null,8,34,9,{"$nulls":6},6,{"$nulls":20},57]
["Y","Y",null,"ROS/0027","Rossmore",null,"Ellesmere Port",null,"ROSSFIELD PARK (Phase 5B) - Rossbank Road, Ellesmere Port","Residential development of up to 190 dwellings with access and associated works (outline) (amended resubmission of P/2--7/102/WE/904)",null,null,"Peel Investments (North) Ltd-Louise Morrissey","Indigo Planning - Nick Fillingham (nick.fillingham@indigoplanning.com)","Paul Friston","PDL","New build","C3","NO",null,null,"NO","No","HELAA",4.873,38.99035501744305,"P/02/929  ","10/00636/OUT","Outline",null,null,"2010-03-19","2017-03-31","2020-03-31",190,0,190,{"$nulls":10},0,null,null,190,null,0,190,null,190,"Planning Committee 29/04/2010. Strategic Planning Committee 18th Dec 2013 approved subject to legal agreement. Peel correspondence 19.02.2015 housing delivery from this site from 2017/2018 is a cautious trajectory.\nOutline permission approved subject to legal agreement - awaiting completion of S106 legal agreement.\nCorrespondence - Letter 19.02.2015 Peel Land and Property\nCase officer - acquisition of site due to complete mid 2018 (with developer on board)",null,null,"2018: Outline permission. No site visit\n2019: Outline permission. No site visit","Not started","2017: permission issued 31/03/17","Forecasts reviewed and unchanged based on planning status and development progress. Not included in deliverable supply.","Outline planning permission granted 31 March 2017.\nCase officer - confirmation of progress of sale of land (sites ROS/0027 and ROS/0029) by Peel Investments to developer due to complete Spring/Summer 2018.\nDeveloper/house builder(s): Mulberry Homes / Liverpool Mutual Homes\nFORECAST REVISED– units removed from five year supply (please see ROS/0029 for revisions to whole site)\nCurrent position:\nPurchase of land completed unconditionally May 2018 to Mulberry Homes and Liverpool Mutual Homes. REM intended to be submitted late 2018 for sites ROS/0027 and ROS/0029.","=",null,0,{"$nulls":6},36,36,36,36,46,null,null,190,190,{"$nulls":31},0]
["n/a","n/a",null,"ROS/0028","Rossmore",null,"Ellesmere Port",null,"Land at Rosswood Road, Rossfield Road, Ellesmere Port","BLR site",null,null,"Peel Investments (North) Ltd: Mr David Thompson",null,null,"PDL","New build","C3","NO",null,null,"NO","No","BLR",0.65,30.769230769230766,{"$nulls":8},20,0,20,{"$nulls":10},0,{"$nulls":4},0,0,20,20,"Former Alutek site",{"$nulls":4},"2016: Correspondence - Site is at pre-planning stage. Possible start date 2018/2019 or 2019/2020.","Included on Brownfield Land Register.\nNot included in deliverable supply. No change to forecasts.",{"$nulls":3},0,{"$nulls":7},6,6,8,{"$nulls":3},20,20,{"$nulls":31},0]
["Y","Y",null,"ROS/0029","Rossmore",null,"Ellesmere Port",null,"ROSSFIELD PARK (Phase 5A) - Former Abb Capacitors Ltd, Rossmore Road, Ellesmere Port","Up to 70 dwellings with details of access to be considered (all other matters reserved) ",null,null,"Peel Investments (North) Ltd-Louise Morrissey","Indigo Planning-Miss Hannah Baker hannah.baker@indigoplanning.com","Paul Friston","PDL","New build","C3","NO",null,null,"NO","No","HELAA",2.35,29.78723404255319,"17/02476/DEM (PA not req)","17/02854/OUT","Outline",null,null,"2017-06-29","2018-03-29","2021-03-29",70,0,70,{"$nulls":10},0,null,null,70,null,0,70,null,70,"2016: Correspondence - site area has been amended due to reloaction of a business. Site now approx 4.55 acres. Outline application for 70 units being prepared. 2017/2018 possible start date.",null,null,"2018: Outline permission. No site visit\n2019: Outline permission. No site visit. Demolition in progress","Not started.\nDemolition in progress",null,"Forecasts reviewed and updated based on planning status and development progress.","Outline planning permission granted 29 March 2018\nCase officer - confirmation of progress of sale of land (sites ROS/0027 and ROS/0029) by Peel Investments to developer due to complete Spring/Summer 2018.\nDeveloper/house builder(s): Mulberry Homes / Liverpool Mutual Homes\nMarch 2018 planning status - buildings have been demolished and site being cleared (Image A attached)\nNO CHANGE TO FORECAST – units are deliverable within years 1 to 5\n(please see ROS/0029 for revisions to whole site)\nCurrent position:\nPurchase of land completed unconditionally May 2018 to Mulberry Homes and Liverpool Mutual Homes. REM\nintended to be submitted late 2018 for sites ROS/0027 and ROS/0029","-","Delivery timescale > ",70,{"$nulls":3},22,24,24,{"$nulls":7},70,70,{"$nulls":31},0]
["n/a","n/a",null,"ROS/0031","Rossmore",null,"Ellesmere Port",null,"South of Meadow Lane, former Van Leer / Hansteen site, Ellesmere Port","179 dwellings and associated works",null,null,"Hansteen STC Limited","McGough Planning Consultants: Christopher McGough",null,"PDL","New build","C3","NO",null,null,"NO",null,"HELAA",null,{"$error":"#DIV/0!"},"P/2009/102/WE/156\n12/04513/EXT",{"$nulls":7},179,0,179,{"$nulls":10},0,{"$nulls":4},0,0,179,179,"10/04084/AI - received - just application form\nMatter 8 forecasts accepted by Peover Inspector. Email from agent: site about to be sold. Expect delivery of whole site within 5 years. Forecast of 36 per annum in line with other developments. Email 20.05.2015 McGough Planning",{"$nulls":4},"Correspondence - changes to S106 and affordable housing requirement being sought. \n2019 - site sold to Promenade Estates, now exploring new residential application","Permission expired. Site acquired by new owner, progressing negotiations with developer, monitoring information received. Not included in deliverable supply.",null,"=",null,0,{"$nulls":6},24,36,36,36,36,11,null,179,179,{"$nulls":31},0]
["n/a","n/a",null,"ROS/0032","Rossmore",null,"Ellesmere Port",null,"Poole Centre, New Grosvenor Road, Ellesmere Port","BLR site",{"$nulls":5},"PDL","New build","C3","NO",null,null,"NO","No","BLR",0.42,30.952380952380953,{"$nulls":8},13,0,13,{"$nulls":10},0,{"$nulls":4},0,0,13,13,{"$nulls":6},"Included on Brownfield Land Register.\nNot included in deliverable supply. No change to forecasts.",{"$nulls":3},0,{"$nulls":7},4,4,5,{"$nulls":3},13,13,{"$nulls":31},0]
["Y",null,null,"ROS/0047","Rossmore",null,"Ellesmere Port",null,"Unemployment and Resource Centre, King Street, Ellesmere Port, CH65 4AZ","Erection of two (2) dwellings",{"$nulls":5},"PDL","New build","C3","NO",null,null,"NO","No","Windfall",{"$nulls":3},"17/04487/FUL","Full",null,null,"2017-10-16","2018-01-25","2021-01-25",2,0,2,{"$nulls":10},0,null,null,2,null,0,2,null,2,{"$nulls":3},"2018: Not started\n2019: Not started","Not started",null,"Forecasts reviewed and unchanged based on planning status.",null,"=",null,2,null,null,2,{"$nulls":10},2,2,{"$nulls":31},0]
["Y","n/a","BLPU - IU","ROS/0048","Rossmore",null,"Ellesmere Port",null,"49 Quayside, Grosvenor Wharf Road, Ellesmere Port, CH 65 4AY","Change of use from office to apartment",{"$nulls":5},"PDL","Change of use","C3","NO",null,null,"NO","Yes","Windfall",null,{"$f":"SUM(AI570/Y570)","v":{"$error":"#DIV/0!"}},null,"17/04756/FUL","Full",null,null,"2017-11-06","2017-12-22","2020-12-22",1,0,1,{"$nulls":10},1,1,{"$nulls":3},1,0,null,0,{"$nulls":3},"2018: Not started\n2019: Complete","Complete",null,"Site complete. Forecasts exceeded.",null,"+","Delivery timescale < ",0,{"$nulls":13},0,0,{"$nulls":10},1,{"$nulls":20},1]
["Y",null,null,"ROS/0049","Rossmore",null,"Ellesmere Port",null,"115-117 Station Road, Ellesmere Port, CH65 4BW","Convert an existing vacant ground floor dental research office into two ground floor residential apartments",{"$nulls":5},"PDL","Change of use","C3","NO",null,null,"NO","Yes","Windfall",null,{"$f":"SUM(AI571/Y571)","v":{"$error":"#DIV/0!"}},null,"17/03233/FUL","Full",null,null,"2017-07-25","2017-10-02","2020-10-02",2,0,2,{"$nulls":10},0,null,null,2,null,0,2,null,2,{"$nulls":3},"2018: Not started\n2019: Alternative permission implemented","Not started",null,"Alternative permission implemented. Removed from deliverable supply.",null,"-","Not implemented",0,{"$nulls":13},0,0,{"$nulls":31},0]
["Y",null,null,"ROS/0057","Rossmore",null,"Ellesmere Port",null,"8A Westminster Road, Ellesmere Port, CH65 2EG","Change of use of former self-contained office unit to a flat ",null,null,"Mr R Rogers",null,"Ed Shepherd","PDL","Change of use","C3","NO",null,null,"NO","Yes","Windfall",null,{"$f":"SUM(AI572/Y572)","v":{"$error":"#DIV/0!"}},null,"18/03910/LDC","LDC",null,null,"2018-10-09","2019-02-20","2022-02-20",1,0,1,{"$nulls":10},0,null,null,1,null,0,1,null,1,{"$nulls":3},"2019: Not started","Not started",null,"New permission. Forecasting assumptions applied.",null,"New",null,1,null,null,1,{"$nulls":10},1,1]
["Y",null,null,"SAM/","Saughall and Mollington","Mollington","Rural",null,"Adjacent The Willows, Well Lane, Mollington, CH1 6LD","Construction of one dwelling with associated hard and soft landscaping",{"$nulls":5},"GBGF","New build","C3",{"$nulls":3},"No","No",{"$nulls":4},"18/04443/FUL","Full",null,null,"2018-12-15","2019-03-18","2022-03-18",1,0,1,{"$nulls":10},0,null,null,1,null,0,1,null,1,{"$nulls":3},"2019: Not started","Not started",null,"New permission. Forecasting assumptions applied.",null,"New",null,1,null,null,1,{"$nulls":10},1,1]
["Y",null,null,"SAM/0015","Saughall and Mollington","Ledsham","Rural",null,"Birchwood Farm, Welsh Road, Ledsham","Conversion and extension of redundant outbuilding to dwelling ",{"$nulls":5},"GBGF","Change of use","C3","NO",null,null,"YES","No","Windfall",0.2,{"$f":"SUM(AI574/Y574)","v":5},"00/01469/FUL","16/02563/FUL","Full",null,"Allowed",null,"2017-03-14","2020-03-14",1,0,1,{"$nulls":10},0,null,1,null,null,0,1,null,1,"14/02932/LDC material operations permitted by the grant of full planning pemrission took place to implement pp before it was due to expire in 2006. 15/00577/PMB - refused (April 2015)\n15/02988/PDQ - refused (Nov 2015)\n16/00022/PDP - refused (March 2016)",null,null,"2016: Stalled\n2017: Stalled.Revised application approved\n2018: Stalled\n2019: Under construction","Under construction","2017:Revised application approved","Site under construction. Forecasts reviewed and unchanged based on development progress.",null,"=",null,1,null,1,{"$nulls":11},1,1,{"$nulls":31},{"$f":"SUM(CE574:DD574)","v":0}]
["Y",null,null,"SAM/0016","Saughall and Mollington","Ledsham","Rural",null,"Daisy Bank Farm, Welsh Road, Ledsham","Change of use of former agricultural building to dwelling ",{"$nulls":5},"GBGF","Change of use","C3","NO",null,null,"YES","No","Windfall",0.1,{"$f":"SUM(AI575/Y575)","v":10},null,"01/01257/COU","Full",{"$nulls":3},"2002-04-25","2007-04-25",1,0,1,{"$nulls":10},0,null,1,null,null,0,1,null,1,{"$nulls":3},"2016: Under construction\n2017: Stalled\n2018: Stalled\n2019: Stalled","Stalled",null,"Site stalled. No change to forecasts. Not included in deliverable supply.",null,"=",null,0,{"$nulls":13},0,0,{"$nulls":31},0]
["Y","Y",null,"SAM/0035A","Saughall and Mollington","Saughall","Rural",null,"Little Creek Kennels (outbuilding), Kingswood Lane, Saughall, CH1 6DE","Change of use of american horse barn to one (1) dwelling ",{"$nulls":3},"Cunliffe Planning Consultancy (Sally Cunliffe)",null,"GBPDL","Change of use","C3","NO",null,null,"NO","No","Windfall",null,{"$f":"SUM(AI576/Y576)","v":{"$error":"#DIV/0!"}},null,"13/04265/FUL","Full",null,null,"2013-10-25","2014-01-27","2017-01-27",1,0,1,{"$nulls":10},0,null,1,null,null,0,1,null,1,"14/02243/FUL - Refused",null,null,"2015: Not started\n2016: Development started\n2017: Under construction\n2018: Stalled\n2019: Stalled","Stalled",null,"Site stalled. No change to forecasts. Not included in deliverable supply.",null,"=",null,0,{"$nulls":6},1,{"$nulls":6},1,1,{"$nulls":31},0]
["Y",null,null,"SAM/0035B","Saughall and Mollington","Saughall","Rural",null,"Little Creek Kennels, Kingswood Lane, Saughall, CH1 6DE","Conversion of existing buildings to form three dwellings",{"$nulls":3},"Cunliffe Planning Consultancy (Sally Cunliffe)",null,"GBPDL","Change of use","C3","NO",null,null,"NO","No","Windfall",null,{"$f":"SUM(AI577/Y577)","v":{"$error":"#DIV/0!"}},null,"17/02549/FUL","Full","APP/A0665/W/18/3196987","Allowed","2017-06-08","2018-08-20","2021-08-20",3,0,3,{"$nulls":10},0,null,null,3,null,0,3,null,3,{"$nulls":3},"2019: Not started","Not started",null,"New permission. Forecasting assumptions applied.",null,"New",null,3,null,null,3,{"$nulls":10},3,3,{"$nulls":31},0]
["Y","n/a",null,"SAM/0037","Saughall and Mollington","Backford","Rural","Backford","Backford Hall, Gordon Lane, Backford, CH2 4DG","Conversion of hall, coach house and stables, barn and lodge in to 18 dwellings, including demolition of curtilage buildings, together with 45 dwellings and replacement foul sewage treatment plant and associated works.","Jones Homes",null,null,"The Emerson Group: Mrs Kerren Philips",null,"GBPDL","Change of use / New build","C3","NO",null,null,"NO","No","HELAA",null,{"$f":"SUM(AI578/Y578)","v":{"$error":"#DIV/0!"}},"14/00595/FUL\n15/04346/FUL\n17/02113/NMA\n17/02838/NMA\n17/04824/NMA\n17/05302/NMA","16/05015/FUL","Full",null,null,"2014-02-19","2016-03-07","2019-03-07",63,3,{"$f":"AI578-AJ578","v":60},null,15,{"$nulls":5},5,15,32,63,11,{"$nulls":3},11,{"$f":"SUM(AX578+AY578)","v":0},null,0,"16/04714/NMA - addition of mezzanine\n17/01014/NMA - car park reorientation of buildings\n17/00210/NMA - removal of garage building for hall and include bin store \nGreen Belt exception site.  Committee date 19/06/2014, S016 signed 26th November 2014. Email from Joe Savage, Emerson: 9 completions up to April 2016, 22 in 2016/2017 and 24 in 2017/2018.\nNMA minor changes to design of houses\n15/04346/FUL - relocation of plots 3-9\n17/03192/NMA - First floor front elevations in plots 18, 19 an 20\n17/04824/NMA - parking layout\n17/05302/NMA - additional parking bay","LBC. June 2017. 17/01786/DIS\n8. June 2017. 17/02439/DIS \n3. June 2017. 17/02343/DIS",null,"2015: Not started\n2016: Under construction\n2017 :Under construction\n2018: Under construction.Confirmation received remaining units expected to complete Summer 2018.Site delivering ahead of 2016/2017 forecast\n2019: Complete","Complete","2018:Remaining units expected to complete Summer 2018\nSite delivering ahead of 2016/2017 forecast","Site complete. Forecasts achieved.",null,"=",null,{"$f":"SUM(BQ578:BU578)","v":0},{"$nulls":13},{"$f":"SUM(BQ578:CA578)","v":0},{"$f":"SUM(BQ578:CB578)","v":0},null,4,4,1,2,{"$nulls":26},11]
["Y",null,null,"SAM/0054","Saughall and Mollington","Saughall","Rural","Saughall","Land at Church Road, Saughall","Erection of 2 two-storey apartment blocks one with 4 one- bedroom apartments and one with 2  one-bedroom apartments (all affordable units)  ","Sanctuary Housing",null,"Mrs Louise Chambers","Ainsley Gommon",null,"GBPDL","New build","C3","NO",null,null,"NO","No","Windfall",null,null,"17/04767/S73","17/00394/FUL","Full",null,null,"2017-02-07","2017-04-10","2020-04-10",6,0,6,null,6,{"$nulls":8},0,null,6,null,null,0,6,null,6,null,"3-5.7.10.13.15. October. 2017 17/02638/DIS\n2 (variation).8 (removal). December 2017. 17/04767/DIS",null,"2018: Development started\n2019: Under construction","Under construction","2018:Groundworks started","Site under construction. Forecasts reviewed and unchanged based on development progress.",null,"=",null,6,null,6,{"$nulls":11},6,6,{"$nulls":31},0]
["Y","Y",null,"SAM/0061","Saughall and Mollington","Capenhurst and Ledsham","Rural",null,"Road Shed, Brook Farm, Capenhurst Lane, Capenhurst, CH1 6HE","Change of use from livestock breeding shed to one (1) 4-bedroom dwellinghouse",{"$nulls":3},"Mr Kevin Slack",null,"GBGF","Change of use","C3","NO",null,null,"YES","No","Windfall",null,{"$f":"SUM(AI580/Y580)","v":{"$error":"#DIV/0!"}},null,"15/02605/PDQ","PDQ",null,null,"2015-06-22","2015-09-07","2018-09-07",1,0,1,{"$nulls":10},0,{"$nulls":4},0,0,null,0,{"$nulls":3},"2016-2018: Not started\n2019: Not started","Not started. Permission expired",null,"Permission expired. Forecasts reviewed and removed from deliverable supply.",null,"-","Permission expired",0,{"$nulls":13},0,0,{"$nulls":31},0]
["Y",null,null,"SAM/0063","Saughall and Mollington","Saughall And Shotwick Park","Rural",null,"Land At Shotwick Lodge Farm, Lodge Lane, Saughall","Conversion of agricultural building to form 2 dwellings (Use Class C3)",{"$nulls":3},"Strutt and Parker",null,"GBGF","Change of use","C3","NO",null,null,"YES","No","Windfall",null,{"$f":"SUM(AI581/Y581)","v":{"$error":"#DIV/0!"}},"15/03710/FUL","15/03710/FUL","Full",null,null,"2015-09-09","2016-01-21","2019-06-21",2,0,2,{"$nulls":10},0,null,2,null,null,0,2,null,2,{"$nulls":3},"2017: Not started\n2018: Not started.Site marketed\n2019: Under construction","Under construction","2017:Marketed wit permission (Strutt & Parker)","Site under construction. Forecasts reviewed and unchanged based on development progress.",null,"+",null,2,null,2,{"$nulls":11},2,2,{"$nulls":31},0]
["Y",null,null,"SAM/0065","Saughall and Mollington",null,"Rural",null,"Land at Thornton Hey Farm, Ledsham Lane, Ledsham, CH66 0NB","Conversion and extension of agricultural building to form 1 dwelling",null,null,"Cheshire West and Chester","Strutt and Parker - Mrs Jo Redmond",null,"GBGF","Change of use","C3","NO",null,null,"YES","No","Windfall",null,{"$f":"SUM(AI582/Y582)","v":{"$error":"#DIV/0!"}},"15/04688/FUL","17/01276/FUL","Full",null,null,"2017-03-17","2017-08-29","2020-08-29",1,0,1,{"$nulls":10},0,null,1,null,null,0,1,null,1,{"$nulls":3},"2017: Not started\n2018: Not started\n2019: Under construction","Under construction",null,"Site under construction. Forecasts reviewed and unchanged based on development progress.",null,"=",null,1,null,1,{"$nulls":11},1,1,{"$nulls":31},0]
["Y",null,null,"SAM/0067","Saughall and Mollington","Mollington","Rural",null,"Land adjacent Mollington Banastre Hotel, Parkgate Road, Mollington","Conversion of one building to 1 dwelling, demolition of all other structures and erection of 4 new dwellings (Market: 2x3bed and 1x4bed, 2x2bed)",null,null,"Mr A Ummat","North West Design Associates Ltd - Mr Graham Lewis",null,"GBPDL","New build","C3","NO",null,null,"NO","No","Windfall",0.03,{"$f":"SUM(AI583/Y583)","v":166.66666666666669},"16/01181/FUL\n18/01155/S73 (07/06/2018)","16/01181/FUL","Full",null,null,"2016-03-21","2016-05-17","2019-05-17",5,0,5,{"$nulls":9},1,1,null,3,1,null,0,4,null,4,"18/01155/S73 - vary 2.3.6.8.9.10.11.12.13.15.18","3 (AH removal),2 (amendment) August 2017 17/02879/S73","Y","2017: Not started\n2018: Under construction\n2019: Under construction","Under construction","2019: Plots 1 to 3 u/c, plot 4 n/s","Site under construction. Forecasts exceeded - reviewed and updated based on planning status and development progress.",null,"+","Delivery timescale <",4,null,3,1,{"$nulls":10},4,4,{"$nulls":31},0]
["Y","n/a",null,"SAM/0072","Saughall and Mollington","Backford","Rural",null,"Office 1, Grove House, Liverpool Road, Backford, CH1 6PE  ","Single storey extension to front, change of use of first floor from residential to offices and internal and external alterations",{"$nulls":5},"GBPDL","Change of use","C3 loss","NO",null,null,"NO","No","Windfall",null,{"$f":"SUM(AI584/Y584)","v":{"$error":"#DIV/0!"}},"16/04458/FUL","16/04458/FUL","Full",null,null,"2016-10-03","2016-11-28","2019-11-28",0,1,-1,{"$nulls":10},-1,{"$nulls":3},1,-1,0,null,0,{"$nulls":3},"2017: Not started\n2018: Development started\n2019: Complete","Complete",null,"Site complete. Forecasts achieved.",null,"=",null,0,{"$nulls":13},0,0,{"$nulls":31},0]
["Y",null,null,"SAM/0073","Saughall and Mollington","Ledsham","Rural",null,"Court Farm, Ledsham Village, Ledsham, CH66 0NF ","Removal of condition 4 (Holiday let) of planning permission 12/03597/FUL",{"$nulls":5},"GBPDL","Change of use","C3","NO",null,null,"NO","No","Windfall",null,null,"16/05005/S73","16/05005/S73","Full",null,null,"2016-11-07","2017-01-26","2020-01-26",1,0,1,{"$nulls":10},0,null,null,1,null,0,1,null,1,"www.court-farm.co.uk (available to let at www.holidaylettings.co.uk - court lodge)\nRemoval of holiday let condition",null,null,"2017-2018: Not started\n2019: Not started","Not started","2018:Holiday letting available","Forecasts reviewed and unchanged based on planning status.",null,"=",null,1,null,1,{"$nulls":11},1,1,{"$nulls":31},0]
["Y","n/a",null,"SAM/0081","Saughall and Mollington","Mollington","Rural",null,"Grove Farm, Grove Road, Mollington, CH1 6LG","Change of use of existing outbuilding to one dwelling",{"$nulls":5},"GBGF","Change of use","C3","NO",null,null,"YES","No","Windfall",null,null,"17/02009/FUL","17/02009/FUL","Full",null,null,"2017-05-12","2017-07-07","2020-07-07",1,0,1,{"$nulls":10},1,1,{"$nulls":3},1,0,null,0,{"$nulls":3},"2018: Not started\n2019: Complete","Complete",null,"Site complete. Forecasts exceeded.",null,"+","Delivery timescale <",0,{"$nulls":13},0,0,null,1,{"$nulls":29},1]
["Y",null,null,"SAM/0083A","Saughall and Mollington","Mollington","Rural",null,"Mollington Grange Business Park, Parkgate Road, Mollington","Change of use from office units to 24 residential units",{"$nulls":5},"GBPDL","Change of use","C3","NO",null,null,"NO","Yes","Windfall",{"$nulls":3},"17/04033/PDO","PDO",null,null,"2017-09-14","2017-11-14","2020-11-14",24,0,24,{"$nulls":10},0,null,24,null,null,0,24,null,24,null,"2.3. 18/00079/DIS March 2018",null,"2018: Not started\n2019: Under construction","Under construction",null,"Site under construction. Forecasts exceeded - reviewed and updated based on planning status and development progress.",null,"+","Delivery timescale <",24,null,12,12,{"$nulls":10},24,24,{"$nulls":31},0]
["Y",null,null,"SAM/0083B","Saughall and Mollington","Mollington","Rural",null,"Mollington Grange Business Park, Parkgate Road, Mollington","Change of use from retail to 4 residential units",{"$nulls":5},"GBPDL","Change of use","C3","NO",null,null,"NO","No","Windfall",{"$nulls":3},"17/04947/PDM","PDM",{"$nulls":3},"2017-12-21","2020-12-21",4,0,4,{"$nulls":10},0,null,4,null,null,0,4,null,4,null,"2.3. 18/00078/DIS March 2018",null,"2018: Not started\n2019: Under construction","Under construction",null,"Site under construction. Forecasts exceeded - reviewed and updated based on planning status and development progress.",null,"+","Delivery timescale <",4,null,4,{"$nulls":11},4,4,{"$nulls":31},0]
["Y","Y",null,"SAM/0083C","Saughall and Mollington","Mollington","Rural",null,"Mollington Grange Business Park, Parkgate Road, Mollington","Conversion of commercial units to 5 dwelling houses",null,null,"Mr C Wade","Frances Thomas, Bell Developments\nfrances.thomas@belldevelopments.co.uk","Cathy Reay","GBPDL","Change of use","C3","NO",null,null,"NO","No","Windfall",{"$nulls":3},"18/00852/FUL","Full",null,null,"2018-03-05","2018-05-31","2021-05-31",5,0,5,{"$nulls":10},0,null,5,null,null,0,5,null,5,null,"3.8. 18/04143/DIS. Pending",null,"2019: Under construction","Under construction",null,"New site under construction. Forecasts based on planning status and development progress.",null,"New",null,5,null,5,{"$nulls":11},5,5]
["Y","Y",null,"SAM/0083D","Saughall and Mollington","Mollington","Rural",null,"Mollington Grange Business Park, Parkgate Road, Mollington","Change of use from retail to a residential unit",null,null,"Mr C Wade","Frances Thomas, Bell Developments\nfrances.thomas@belldevelopments.co.uk","Cathy Reay","GBPDL","Change of use","C3","NO",null,null,"NO","No","Windfall",{"$nulls":3},"18/00867/PDM","PDM",null,null,"2018-03-02","2018-04-25","2021-04-25",1,0,1,{"$nulls":10},0,null,1,null,null,0,1,null,1,null,"2.4. 18/04145/DIS Pending",null,"2019: Under construction","Under construction",null,"New site under construction. Forecasts based on planning status and development progress.",null,"New",null,1,null,1,{"$nulls":11},1,1]
["Y","Y",null,"SAM/0083E","Saughall and Mollington","Mollington","Rural",null,"Mollington Grange Business Park, Parkgate Road, Mollington","Change of use of one unit to a residential unit",null,null,"Mr C Wade","Frances Thomas, Bell Developments\nfrances.thomas@belldevelopments.co.uk","Cathy Reay","GBPDL","Change of use","C3","NO",null,null,"NO","No","Windfall",{"$nulls":3},"18/02136/PDP","PDP",null,null,"2018-06-01","2018-07-26","2021-07-26",1,0,1,{"$nulls":10},0,null,1,null,null,0,1,null,1,null,"2.4. 18/04145/DIS Pending",null,"2019: Under construction","Under construction",null,"New site under construction. Forecasts based on planning status and development progress.",null,"New",null,1,null,1,{"$nulls":11},1,1]
["Y",null,null,"SAM/0086","Saughall and Mollington","Saughall And Shotwick Park","Rural",null,"Oaktree Farm Nurseries, Fiddlers Lane, Saughall, CH1 6DH ","Completion of building of bungalow in accordance with planning permisson 6/19798",{"$nulls":5},"GBGF","New build","C3","NO",null,null,"NO","No","Windfall",null,null,"6/19798","17/05030/LDC","LDC",null,null,"1989-11-24","2018-01-26","2023-01-26",1,0,1,{"$nulls":10},0,null,null,1,null,0,1,null,1,"Planning application was approved 1993 and building work started in 1994 - foundations. The building work stopped as full planning permission to live in the static caravan whilst working on their business. ",null,null,"2018: Not started\n2019: Not started","Not started",null,"Forecasts reviewed and unchanged based on planning status.",null,"=",null,1,null,null,1,{"$nulls":10},1,1,{"$nulls":31},{"$f":"SUM(CE592:DD592)","v":0}]
["Y","n/a",null,"SAM/0092","Saughall and Mollington","Saughall And Shotwick Park","Rural","Saughall","Plainsfield, Church Road, Saughall, CH1 6EP","Change of use of dwelling to pharmacy and alterations to elevations",null,null,"Positive Solutions Ltd-Miss Clare Burton clare.burton@positive-solutions.co.uk",null,null,"GBPDL","Change of use","C3 loss","NO",null,null,"NO","No","Windfall",null,null,"APP/A0665/W/17/3188768","17/00498/FUL","Full",null,"Allowed","2017-02-08","2018-02-23","2021-02-23",0,1,-1,{"$nulls":10},-1,{"$nulls":3},1,-1,0,null,0,null,"18/01888/DIS (June 2018)",null,"2018: Not started\n2019: Complete","Complete",null,"Site complete. Forecasts exceeded.",null,"+","Delivery timescale <",0,{"$nulls":13},0,0,{"$nulls":31},{"$f":"SUM(CE593:DD593)","v":0}]
["Y",null,null,"SAM/0093","Saughall and Mollington","Capenhurst and Ledsham","Rural",null,"Old Rectory Nursing Home, Rectory Lane, Capenhurst, CH1 6HN","Single storey extension to create 9 bedrooms, associated lounge/dining area and conversion of existing staff building into 2 bedrooms, staff room and office",{"$nulls":4},"Steve Holmes","GBPDL","New build","Elderly persons:C","NO",null,null,"NO","No","Windfall",{"$nulls":3},"17/03852/FUL","Full",null,null,"2017-09-06","2018-06-15","2021-06-15",11,null,11,11,{"$nulls":9},0,null,null,11,null,0,11,null,11,{"$nulls":3},"2019: Not started","Not started",null,"New permission. Forecasting assumptions applied.",null,"New",null,11,{"$nulls":3},11,{"$nulls":9},11,11]
["Y",null,null,"SHA/","Shakereley","Nether Peover","Rural",null,"Land at Cheadle Lane, Nether Peover, Northwich","Agricultural workers dwelling",{"$nulls":5},"GF","New build","C3 workers","NO",null,null,"No","No","Windfall",{"$nulls":3},"18/00567/OUT","Outline",null,null,"2018-02-13","2019-03-05","2022-03-05",1,0,1,{"$nulls":10},0,null,null,1,null,0,1,null,1,{"$nulls":3},"2019: Outline permission. No site visit","Not started",null,"New permission. Forecasting assumptions applied.",null,"New",null,1,{"$nulls":3},1,{"$nulls":9},1,1]
["n/a","n/a",null,"SHA/0002","Shakerley","Lostock Gralam","Northwich",null,"413 Manchester Road, Lostock Gralam, Northwich","BLR site",{"$nulls":5},"PDL","New build","C3","NO",null,null,"NO","No","BLR",0.53,{"$f":"SUM(AI596/Y596)","v":26.41509433962264},{"$nulls":8},14,0,14,{"$nulls":10},0,{"$nulls":4},0,0,14,14,{"$nulls":6},"Included on Brownfield Land Register.\nForecasts reviewed and unchanged. Not included in deliverable supply.",{"$nulls":3},0,{"$nulls":10},6,8,null,14,14,{"$nulls":31},{"$f":"SUM(CE596:DD596)","v":0}]
["n/a","n/a",null,"SHA/0005(a)","Shakerley","Lostock Gralam","Northwich",null,"Rear of 226-250 Manchester Road, Lostock Gralam, Northwich","BLR site",{"$nulls":5},"PDL","New build","C3","NO",null,null,"NO","No","BLR",0.11,{"$nulls":11},0,{"$nulls":10},0,{"$nulls":4},0,0,null,0,{"$nulls":10},0,{"$nulls":13},0,0,{"$nulls":31},0]
["Y","Y",null,"SHA/0007A","Shakerley","Nether Peover","Rural",null,"Yew Tree Farm, Middlewich Road, Nether Peover, Northwich, WA16 9QD ","The erection of 4 new dwellings, together with a new highway access and an improved existing access. ","Strutt and Parker",{"$nulls":4},"GF","New build","C3","NO",null,null,"NO","No","Windfall",null,{"$f":"SUM(AI598/Y598)","v":{"$error":"#DIV/0!"}},null,"11/00940/FUL ","Full",{"$nulls":3},"2011-08-16","2014-08-16",4,0,4,{"$nulls":7},1,null,null,1,null,null,3,null,0,3,null,3,"Affordable housing requirment removed from permisison. Building work started on Unit 6 (dwelling plot 5) in line with new 2015 permission",null,null,"2016-2017: Under construction\n2018: Stalled\n2019: Stalled","Stalled",null,"Site stalled. Forecasts reviewed and updated based on planning status and development progress.",null,"-","Stalled",3,{"$nulls":4},1,2,{"$nulls":7},3,3,{"$nulls":31},0]
["Y",null,null,"SHA/0007B","Shakerley","Nether Peover","Rural",null,"Yew Tree Farm (office), Middlewich Road, Nether Peover, Northwich, WA16 9QD ","Unit 6 (plot 5) Conversion and extension of existing farm office into dwelling house",{"$nulls":5},"PDL","Change of use","C3","No",null,null,"NO","Yes","Windfall",{"$nulls":3},"15/00614/FUL","Full",{"$nulls":3},"2015-04-21","2018-04-21",1,0,1,{"$nulls":10},0,null,1,null,null,0,1,null,1,{"$nulls":3},"2018: Under construction\n2019: Under construction","Under construction",null,"Site under construction. Forecasts reviewed and unchanged based on development progress.",null,"=",null,1,null,1,{"$nulls":11},1,1,{"$nulls":31},0]
["Y","n/a","BLPU - IU","SHA/0013","Shakerley","Lach Dennis","Rural",null,"LONG LEA GARDENS, Common Lane, Lach Dennis, Northwich, CW9 7TB","Three new build dwellings and one one replacement dwelling",{"$nulls":3},"Platt White Partnership: Mr David Lamb",null,"PDL","New build","C3","NO",null,null,"NO","No","Windfall",null,{"$f":"SUM(AI600/Y600)","v":{"$error":"#DIV/0!"}},"13/05082/OUT (02/07/2014)\n15/03164/S73","15/02224/REM","Full",null,"Allowed","2015-05-27","2015-07-22","2018-07-22",3,0,3,{"$nulls":10},3,3,{"$nulls":3},3,0,null,0,"Allowed on appeal 14/05398/S73 -removal of affordable housing(withdrawn)\n15/03164/S73 - removal of affordable approved","3. April 2017. 17/00871/DIS\n4. May 2017. 17/00539/DIS\n2 (variation of plans) .March 2018. 18/00341/S73","Y","2016: Not started\n2017: Not started\n2018: Under construction\n2019: Complete","Complete","2018:Site delivering ahead of 2016/2017 forecast","Site complete. Forecasts exceeded.",null,"+","Delivery timescale <",0,{"$nulls":13},0,0,{"$nulls":3},3,{"$nulls":27},3]
["Y","Y",null,"SHA/0019","Shakerley","Lostock Gralam","Northwich",null,"Ridge Farm (outbuildings), Moss Lane, Lostock Gralam, Northwich, CW9 7TG","Conversion of existing farm buildings to five (5) dwellings",null,null,"INEOS Enterprises Ltd","GL Hearn - Paul Entwistle",null,"GF","Change of use","C3","NO",null,null,"YES","No","Windfall",null,{"$error":"#DIV/0!"},null,"13/01402/FUL","Full",null,null,"2013-04-18","2013-06-13","2016-06-13",5,0,5,{"$nulls":10},0,null,null,5,null,0,5,null,5,null,"3.5.8.9. August 2016. 16/01738/DIS",null,"2016: Not started\n2017: Development commenced\n2018: Stalled\n2019: Stalled","Stalled","Confirmation of commencement received from planning agent (2017)","Site stalled. No change to forecasts. Not included in deliverable supply.",null,"=",null,0,{"$nulls":6},5,{"$nulls":6},5,5,{"$nulls":31},0]
["Y",null,null,"SHA/0024","Shakerley","Allostock","Rural",null,"Adjacent 8 Princess Road, Allostock, Northwich","One (1) single dwelling",{"$nulls":3},"C2 Design Consultants (David Craggs)","Steve Holmes","PDL","New build","C3","YES",null,null,"NO","No","Garden land",null,{"$error":"#DIV/0!"},"13/03543/OUT (26/11/2013)","14/03004/REM","Full",null,null,"2014-07-10","2014-10-06","2017-10-06",1,0,1,{"$nulls":10},{"$f":"SUM(AN602:AU602)+BA602","v":0},null,null,1,null,{"$f":"SUM(AW602-AZ602)","v":0},1,null,1,{"$nulls":3},"2016: Not started\n2017: Development started\n2018: Stalled\n2019: Stalled","Stalled",null,"Site stalled. Forecasts reviewed and updated. Not included in deliverable supply.",null,"-","Stalled",0,{"$nulls":13},0,0,{"$nulls":31},0]
["Y",null,"BLPU - IU","SHA/0028","Shakerley","Allostock","Rural",null,"Chapel Farm (outbuildings), Middlewich Road, Allostock, Northwich, WA16 9JQ ","Conversion of redundant buildings to 2 dwellings ",{"$nulls":3},"G & S Design Ltd - Mr Stephen Bostock",null,"GF","Change of use","C3","NO",null,null,"YES","No","Windfall",null,{"$error":"#DIV/0!"},null,"14/00879/FUL","Full",null,null,"2014-04-04","2014-07-09","2017-07-09",2,0,2,{"$nulls":10},1,1,1,null,null,1,1,null,1,null,"3-6.10.11. June 2017. 17/01916/DIS",null,"2017: Not started\n2018: Under construction\n2019: Under construction","Under construction",null,"Site under construction. Forecasts reviewed and unchanged based on development progress.",null,"=",null,1,null,1,{"$nulls":11},1,1,{"$nulls":3},1,{"$nulls":27},1]
["Y",null,null,"SHA/0030","Shakerley","Allostock","Rural",null,"Booth Bed Farm, Booth Bed Lane, Allostock, Northwich Cheshire WA16 9ND","Conversion of two dwellings into one, removal of side extension and two storey rear extension and detached garage",{"$nulls":3},"Simon Mason Designs Ltd",null,"PDL","Conversion","C3","NO",null,null,"NO","No","Windfall",null,{"$error":"#DIV/0!"},"14/02653/FUL (15/08/2014)","16/00091/FUL","Full",null,null,"2016-01-12","2016-04-22","2019-04-22",1,2,-1,{"$nulls":9},-2,-2,null,1,null,null,0,1,null,1,null,"3. 4.6.7. April 2017. 16/03035/DIS",null,"2017: Not started\n2018: Under construction\n2019: Under construction","Under construction",null,"Site under construction.Forecasts reviewed and updated based on planning status and development progress.",null,"-","Delivery timescale >",1,null,1,{"$nulls":11},1,1,{"$nulls":31},0]
["Y",null,null,"SHA/0035","Shakerley","Sproston","Rural",null,"JJ Vehicles, Holmes Chapel Road, Sproston, Northwich, CW4 7LP","Conversion of shop, office and garage building to dwelling and office in connection with existing car sales business",{"$nulls":5},"PDL","Change of use","C3","NO",null,null,"NO","No","Windfall",null,{"$error":"#DIV/0!"},"14/01681/FUL (16/06/2017)","15/04567/FUL","Full",null,null,"2014-04-22","2016-06-09","2019-06-09",1,0,1,{"$nulls":10},0,null,1,null,null,0,1,null,1,null,"3. August 2017. 17/02579/DIS\n2(variation).3(variation) January 2018. 17/04844/DIS",null,"2017: Not started\n2018: Under construction\n2019: Under construction","Under construction",null,"Site under construction. Forecasts reviewed and updated based on planning status and development progress.",null,"-","Delivery timescale >",1,null,1,{"$nulls":11},1,1,{"$nulls":31},0]
["Y","Y",null,"SHA/0043A","Shakerley","Lostock Gralam","Northwich",null,"Land at Cheshire Avenue, Lostock Gralam, Northwich","64 bed retirement facility with communal facilities and associated landscaping. Change of use from B1 to C3",{"$nulls":3},"Paddock Johnson Partnership-Mr Simon Halliwell simon.halliwell@paddockjohnson.com","Jill Stephens","PDL","New build","Elderly persons:SC","NO",null,null,"NO","No","Windfall",{"$nulls":3},"18/00200/FUL","Full",null,null,"2018-01-16","2018-12-14","2021-12-14",64,null,64,64,{"$nulls":9},0,null,null,64,null,0,64,null,64,null,"12.14. 18/04908/DIS pending\n3.5.6.9.11.15.18(AH). 19/00246/DIS pending",null,"2019: Not started","Not started ","2019: Homes England ACGF site","New permission. Forecasts based on planning status and development progress.",null,"New",null,64,{"$nulls":3},64,{"$nulls":9},64,64]
["n/a","n/a",null,"SHA/0053","Shakerley",null,"Northwich",null,"Land at junction of A54 & B5309, Middlewich",{"$nulls":6},"GF",{"$nulls":7},"HELAA",28.289,{"$nulls":11},0,{"$nulls":10},0,{"$nulls":4},0,0,null,0,{"$nulls":10},0,{"$nulls":13},0,0,{"$nulls":31},{"$f":"SUM(CE607:DD607)","v":0}]
["n/a","n/a",null,"SHA/0054","Shakerley","Lostock Green","Northwich",null,"Land at Station Road, Lostock Green",{"$nulls":6},"GF",{"$nulls":7},"HELAA",3.671,{"$nulls":11},0,{"$nulls":10},0,{"$nulls":4},0,0,null,0,{"$nulls":10},0,{"$nulls":13},0,0,{"$nulls":31},0]
["Y","n/a","BLPU - IU","SHA/0057","Shakerley","Byley","Rural",null,"Drakelow Gorse Farm (outbuildings/offices), Yatehouse Lane, Byley, Northwich, CW10 9NS","Change of use of outbuildings from offices / residential / barn to six residential units and ancilliary / recreational parking facilities (including one replacement dwelling)",{"$nulls":5},"GF","Change of use","C3","NO",null,null,"YES","Yes","Windfall",null,{"$f":"SUM(AI609/Y609)","v":{"$error":"#DIV/0!"}},"16/05237/S73\n14/01017/FUL","17/01659/S73","Full",null,null,"2014-03-28","2014-10-21","2017-10-21",6,1,5,{"$nulls":6},-1,null,null,1,5,5,{"$nulls":3},5,0,null,0,"16/05237/S73 Condition 3 (affordable housing removed)","2.4.6-8 variation, 3 removed. March 2017. 16/05237/S73",null,"2016: Under construction\n2017: Under construction\n2018: Under construction\n2019: Complete","Complete","2018:New application pending for two additional dwellings","Site complete. Forecasts achieved.",null,"=",null,0,{"$nulls":13},0,0,null,null,5,{"$nulls":28},5]
["Y",null,"BLPU - IU","SHA/0058","Shakerley","Nether Peover","Rural",null,"Fields Farm (barns), Back Lane, Nether Peover, Northwich","Change of use of existing barn to create two (2) dwellings, demolition of existing storage building and erection of garage block.",{"$nulls":3},"Goodwin Planning Services Ltd",null,"GF","Change of use","C3","NO",null,null,"YES","No","Windfall",null,{"$error":"#DIV/0!"},"17/00758/FUL withdrawn","14/03812/FUL","Full",null,null,"2014-09-08","2014-11-28","2017-11-28",2,0,2,{"$nulls":10},1,1,1,null,null,1,1,null,1,null,"3.4.8. May 2017. 17/00757/DIS",null,"2017: Not started\n2018: Under construction\n2019: Under construction","Under construction",null,"Site under construction. Forecasts reviewed and unchanged based on development progress.",null,"=",null,1,null,1,{"$nulls":11},1,1,null,null,1,{"$nulls":28},1]
["Y",null,null,"SHA/0060","Shakerley","Nether Peover","Rural",null,"Rear of 13 Holly Tree Drive, Nether Peover, Northwich","Proposed residential development of up to 30 dwellings","Harvey Homes",null,"NHR (Lower Peover) Ltd-Mr Nick Ratcliffe","Lambert Smith Hampton-Mr Richard Moffat \nmoffat@lsh.co/uk","Jill Stephens","GF","New build","C3","NO",null,null,"NO","No","HELAA",1.6,18.75,"14/00419/OUT\n17/03048/REM (Jan 2018)","18/01085/REM","Full",null,"Allowed","2018-03-20","2019-01-25","2021-01-25",30,0,30,null,9,{"$nulls":8},0,null,4,26,null,0,30,null,30,"Allowed upon appeal - APP/A0665/W/14/2224763. Affordable units agreed through S106\n18/01085/REM - APP/A0665/W/18/3210279. ","4.5.7.10.12.15.17.18. 17/03075/DIS May 2018\n14. 18/03944/DIS Oct 2018",null,"2017: Outline permission. No site visit\n2018: Not started\n2019: Under construction","Under construction",null,"Site under construction. Forecasts reviewed and unchanged based on planning status and development progress.",null,"=",null,30,null,6,12,12,{"$nulls":9},30,30,{"$nulls":31},0]
["Y","n/a",null,"SHA/0067","Shakerley","Lach Dennis","Rural",null,"Land at Fairgreen/Wynnsway, Common Lane, Lach Dennis, Northwich","Residential development of up to 12 dwellings (with all matters reserved)","Elan Homes",null,"INEOS Enterprises Ltd","GL Hearn",null,"GF","New build","C3","NO",null,null,"NO","No","HELAA",null,{"$error":"#DIV/0!"},"12/05076/OUT (06/12/2013)","16/05225/REM","Full",null,"Allowed",null,"2017-07-10","2019-07-10",12,0,12,null,4,{"$nulls":7},9,12,3,{"$nulls":3},3,0,null,0,"Allowed on appeal. INEOS Enterprises","3.5-8. June 2017. 17/01341/DIS\n1.2.4-6.8-11 .June 2017. 17/10283/DIS",null,"2016: Outline permission.No site visit\n2017: Not started\n2018: Under construction\n2019: Complete","Complete","2018:Site delivering ahead of 2016/2017 forecast","Site complete. Forecasts achieved.",null,"=",null,0,{"$nulls":13},0,0,{"$nulls":3},3,{"$nulls":27},3]
["Y",null,null,"SHA/0075","Shakerley","Allostock","Rural","Allostock","Westwood, New Platt Lane, Allostock, Northwich, CW4 8NJ","Construction of 5 new dwellings (plot 1 in outline with all matters except access reserved)","Stuart Rushton",null,null,"Hayes & Partners",null,"GF","New build","C3","NO",null,null,"NO","No","Windfall",0.4,12.5,"15/00692/FUL (16/06/2015)","18/00234/REM","Full",null,null,"2018-01-19","2018-04-16","2021-04-16",5,0,5,{"$nulls":10},4,4,1,null,null,4,1,null,1,"Hybrid application Plot 1 has reserved matters (access) Plot 2-5 full application. Affordable condition (not stated how many units on the application). ","18 removed. May 2017. 17/01506/S73\n5.9.13-15. October 2017. 17/03365/DIS","Y","2017: Not started\n2018: Under construction\n2019: Under construction","Under construction",null,"Site under construction. Forecasts exceeded - reviewed and updated based on planning status and development progress.",null,"+","Delivery rate >\nDelivery timescale <",1,null,1,{"$nulls":11},1,1,{"$nulls":3},4,{"$nulls":27},4]
["Y","n/a",null,"SHA/0076","Shakerley","Allostock","Rural","Allostock","The Sheep Shed - Spinney View Boots agricultural building, Green Lane, Allostock, Knutsford, WA16 9NQ","Change of use of agricultural building to single dwelling",{"$nulls":3},"Goodwin Planning Services Ltd",null,"GF","Change of use","C3","NO",null,null,"YES","No","Windfall",null,{"$error":"#DIV/0!"},null,"15/01218/PMB","PMB",null,null,"2015-03-23","2015-05-26","2018-05-26",1,0,1,{"$nulls":10},1,1,{"$nulls":3},1,0,null,0,{"$nulls":3},"2017: Not started\n2018: Under construction\n2019: Complete","Complete",null,"Site complete. Forecasts achieved.",null,"=",null,0,{"$nulls":13},0,0,{"$nulls":8},1,{"$nulls":22},1]
["Y",null,null,"SHA/0080","Shakerley","Holmes Chapel","Rural",null,"Boundary Park B&B and Boundary Store, London Road, Allostock, CW4 8HT","Change of use from bed and breakfast accommodation to a dwelling house, extensions, new access and detached garage (amendment to planning application 15/03196/FUL) ",{"$nulls":3},"Hayes & Partners",null,"PDL","Change of use","C3","NO",null,null,"NO","No","Windfall",null,{"$error":"#DIV/0!"},"15/03196/FUL\n17/01428/FUL","18/01811/FUL","Full",null,null,"2018-05-10","2018-06-28","2021-06-28",1,0,1,{"$nulls":10},0,null,null,1,null,0,1,null,1,{"$nulls":3},"2016: Not started\n2017: Not started\n2018: Not started. Permission expires 2018\n2019: Not started. New permission","Not started","2018:Permission expires 2018\n2019: New permission approved","New permission. Forecasting assumptions applied.",null,"New",null,1,null,null,1,{"$nulls":10},1,1,{"$nulls":31},0]
["Y",null,null,"SHA/0081","Shakerley","Nether Peover","Rural",null,"Opposite Foxcovert Lane, Middlewich Road, Nether Peover, Northwich","One (1) new dwelling (replacement of WI building)",null,null,"Mrs M Hilditch","Emery Planning  Partnership Ltd - Mr Gareth Salthouse",null,"PDL","New build","C3","NO",null,null,"NO","No","HELAA",null,{"$error":"#DIV/0!"},"15/03526/FUL (17/12/2015)","16/01651/FUL","Full",null,"Allowed","2015-08-24","2016-10-18","2019-10-18",1,0,1,{"$nulls":10},0,null,null,1,null,0,1,null,1,{"$nulls":3},"2017-2018: Not started. New permission\n2019: Development commenced. Building demolished","Development commenced",null,"Demolition complete. Forecasts reviewed and updated based on development progress.",null,"-","Delivery timescale >",1,null,null,1,{"$nulls":10},1,1,{"$nulls":31},0]
["Y",null,null,"SHA/0085","Shakerley","Allostock","Rural",null,"Royal Vale Caravan Park, London Road, Allostock, WA16 9JD","Erection of a dwelling (bungalow) for warden/manager ",null,null,"Mr T Burnside","Mark Southerton",null,"GF","New build","C3","NO",null,null,"NO","No","Windfall",null,{"$error":"#DIV/0!"},"15/03525/OUT (27/05/2019)\n16/05107/REM (13/04/2020)","17/04363/FUL","Full",null,"Allowed","2017-10-10","2018-06-05","2021-06-05",1,0,1,{"$nulls":10},0,null,1,null,null,0,1,null,1,null,"6.8.11.13-16. 18/03017/DIS",null,"2017: Outline permission.No site visit\n2018: Not started\n2019: Under construction","Under construction","2018:AI application received","Site under construction. Forecasting reviewed and unchanged based on development progress.",null,"=",null,1,null,1,{"$nulls":11},1,1,{"$nulls":31},0]
["Y",null,null,"SHA/0086","Shakerley","Sproston","Rural",null,"The Little Orchard - Primrose Farm barn, Broad Lane, Sproston, Northwich, CW4 7LU ","Conversion and extension of existing barn to dwelling  ",null,null,"Mr D Hurstfield","Jay Ashall Partnership - Mr Jay Ashall",null,"GF","Change of use","C3","NO",null,null,"YES","No","Windfall",null,{"$error":"#DIV/0!"},null,"16/01277/FUL","Full",null,null,"2016-03-29","2016-09-16","2019-09-16",1,0,1,{"$nulls":10},0,null,1,null,null,0,1,null,1,{"$nulls":3},"2017: Not started\n2018: Development started.Demolition works\n2019:Under construction","Under construction","2018:Demolition works in progress","Forecasting reviewed and unchanged based on development progress.",null,"=",null,1,null,1,{"$nulls":11},1,1,{"$nulls":31},0]
["Y",null,null,"SHA/0087","Shakerley","Allostock","Rural",null,"Land at London Road, Allostock, Northwich","Change of use of agricultural building to single dwelling house",null,null,"J L Carter","Goodwing Planning Services Ltd - Steve Goodwin",null,"GF","Change of use","C3","NO",null,null,"YES","No","Windfall",null,{"$error":"#DIV/0!"},"16/03299/PDQ (23/09/2016)\n17/00138/FUL (01/03/2020)","18/00583/FUL","Full",{"$nulls":3},"2018-03-22","2021-03-22",1,0,1,{"$nulls":10},0,null,null,1,null,0,1,null,1,{"$nulls":3},"2017: Not started\n2018: Not started. New permission\n2019: Not started","Not started",null,"Forecasts reviewed and updated based on planning status.",null,"-","Delivery timescale >",1,null,null,1,{"$nulls":10},1,1,{"$nulls":31},0]
["Y",null,null,"SHA/0089","Shakerley","Allostock","Rural","Allostock","Goostrey Business Park, New Platt Lane, Allostock, Northwich, CW4 8NN","Conversion of existing buildings to 5 dwellings",{"$nulls":5},"PDL","Change of use","C3","NO",null,null,"NO","No","Windfall",null,null,"15/04269/OUT (15/11/2016)","16/03425/FUL","Full",null,"Allowed\nAPP/A0665/W/16/3155442","2016-02-04","2017-02-06","2020-02-06",5,0,5,{"$nulls":10},0,null,null,5,null,0,5,null,{"$f":"SUM(BC620+BB620)","v":5},"Outline allowed on appeal for 6 dwellings",null,null,"2017: Not started\n2018: Not started\n2019: Development commenced","Development commenced",null,"Forecasts reviewed and updated based on development progress.",null,"+","Delivery timescale <",5,null,null,5,{"$nulls":10},5,5,{"$nulls":31},0]
["Y","n/a","BLPU - IU","SHA/0094","Shakerley","Nether Peover","Rural",null,"Crown Inn Farm, Hulme Lane, Nether Peover, Northwich, WA16 9QE  ","Demolition of dilapidated agricultural buildings and infill with 1no single storey dwelling  ",null,null,"Mrs Dorothy Dutton","Mr James Bell",null,"GF","New build","C3","NO",null,null,"YES","No","Windfall",null,null,"16/02770/OUT (16/03/2020)","17/01741/REM","Full",null,null,"2017-04-13","2017-05-30","2019-05-30",1,0,1,{"$nulls":10},1,1,{"$nulls":3},1,0,null,0,null,"5. October 2017. 17/03063/DIS",null,"2017: Outline permission.No site visit\n2018: Under construction\n2019: Complete","Complete",null,"Site complete. Forecasts achieved.",null,"=",null,0,{"$nulls":13},0,0,{"$nulls":6},1,{"$nulls":24},1]
["Y",null,null,"SHA/0095","Shakerley","Allostock","Rural",null,"Cherry Tree Farm (barn), Booth Bed Lane, Allostock, Northwich ","Change of use of barn (brick and slate) to a dwelling  ",{"$nulls":5},"GF","Change of use","C3","NO",null,null,"YES","No","Windfall",null,{"$f":"SUM(AI622/Y622)","v":{"$error":"#DIV/0!"}},"17/00409/PDQ","17/00409/PDQ","PDQ",null,null,"2017-01-31","2017-03-21","2020-03-21",1,0,1,{"$nulls":10},0,null,1,null,null,0,1,null,1,{"$nulls":3},"2017: Not started\n2018: Not started\n2019: Under construction","Under construction",null,"Site under construction. Forecasts reviewed and unchanged based on development progress.",null,"=",null,1,null,1,{"$nulls":11},1,1,{"$nulls":31},0]
["Y",null,null,"SHA/0095A","Shakerley","Allostock","Rural",null,"Cherry Tree Farm (steel barn), Booth Bed Lane, Allostock, Northwich ","Change of use of barn (steel framed) to a dwelling  ",{"$nulls":5},"GF","Change of use","C3","NO",null,null,"YES","No","Windfall",null,{"$error":"#DIV/0!"},"17/00411/PDQ","17/00411/PDQ","PDQ",null,null,"2017-01-31","2017-03-21","2020-03-21",1,0,1,{"$nulls":10},0,null,null,1,null,0,1,null,1,{"$nulls":3},"2017: Not started\n2018: Not started\n2019: Not started","Not started","Not started","Forecasts reviewed and updated based on planning status.",null,"-","Delivery timescale >",1,null,null,1,{"$nulls":10},1,1,{"$nulls":31},0]
["Y","n/a",null,"SHA/0096","Shakerley","Utkinton and Cotebrook","Rural",null,"Adjacent Snig Hall, Holmes Chapel Road, Lach Dennis, Northwich, CW9 7SZ  ","Conversion of offices and outbuildings to 2 detached two storey dwellings  ",{"$nulls":3},"White Box Architecure - Phillip Armstrong phill@whiteboxarchitecture.com","Liza Woodray","PDL","Change of use","C3","NO",null,null,"NO","Yes","Windfall",null,{"$error":"#DIV/0!"},null,"16/02228/FUL","Full",null,null,"2016-05-26","2017-06-22","2020-06-22",2,0,2,{"$nulls":10},2,2,{"$nulls":3},2,0,null,0,null,"4.7. 18/02992/DIS Dec 2018",null,"2018: Not started\n2019: Complete","Complete","2019: Kelly's Barn and Mary's Barn postal boxes","Site complete. Forecasts exceeded.",null,"+","Delivery rate >\nDelivery timescale <",0,{"$nulls":13},0,0,null,null,2,{"$nulls":28},2]
["Y","n/a","BLPU - IU","SHA/0100","Shakerley","Sproston","Rural",null,"Kinderton Mobile Home Park, Cledford Lane, Middlewich, CW10 0JS ","Relocation of 5 approved mobile park homes together with environmental improvements [5 units were in Cheshire East]",{"$nulls":5},"GF","New build","C3 park home","NO",null,null,"NO","NO","Windfall",null,{"$error":"#DIV/0!"},null,"17/00018/FUL","Full",null,null,"2017-01-05","2017-08-30","2020-08-30",5,0,5,{"$nulls":10},5,5,{"$nulls":3},5,0,null,0,{"$nulls":3},"2018: Not started\n2019: Complete","Complete",null,"Site complete. Forecasts exceeded.",null,"+","Delivery timescale <",0,{"$nulls":13},0,0,{"$nulls":6},5,{"$nulls":24},5]
["Y","n/a",null,"SHA/0101","Shakerley","Sproston","Rural",null,"The Granary, The Green, Sproston, Northwich, CW4 7LN","Use of residential ancillary building as a separate dwelling",{"$nulls":4},"Jill Stephens","PDL","Change of use","C3","NO",null,null,"NO","No","Windfall",null,{"$error":"#DIV/0!"},null,"17/03369/FUL","Full",null,null,"2017-08-04","2017-09-07","2020-09-07",1,0,1,{"$nulls":10},1,1,{"$nulls":3},1,0,null,0,{"$nulls":3},"2018: Not started\n2019: Complete","Complete",null,"Site complete. Forecasts exceeded.",null,"+","Delivery timescale <",0,{"$nulls":13},0,0,null,1,{"$nulls":29},1]
["Y",null,null,"SHA/0102","Shakerley","Byley","Rural",null,"Cross Lanes House (outbuildings), Byley Lane, Byley, Northwich","Conversion of existing brick buildings to form 3 dwellings including demolition of steel framed buildings, improvement of access and erection of 3 bay garage  ",{"$nulls":5},"PDL","Change of use","C3","NO",null,null,"NO","No","Windfall",null,{"$error":"#DIV/0!"},null,"17/03148/FUL","Full",null,null,"2017-07-19","2017-12-01","2020-12-01",3,0,3,{"$nulls":10},0,null,null,3,null,0,3,null,3,{"$nulls":3},"2018: Not started\n2019: Not started","Not started",null,"Forecasts reviewed and unchanged based on planning status.",null,"-","Delivery timescale >",3,{"$nulls":3},3,{"$nulls":9},3,3,{"$nulls":31},0]
["Y",null,null,"SHA/0105","Shakerley","Lostock Gralam","Northwich",null,"Adjacent 47 Birches Lane, Lostock Gralam, Northwich","Construction of detached dwelling and single storey garage",{"$nulls":5},"GF","New build","C3","YES",null,null,"NO","No","Garden land",{"$nulls":3},"18/00132/FUL","Full",null,null,"2018-01-15","2018-02-28","2021-02-28",1,0,1,{"$nulls":10},0,null,1,null,null,0,1,null,1,{"$nulls":3},"2018: Not started\n2019: Under construction","Under construction",null,"Forecasts reviewed and unchanged based on development progress.",null,"=",null,1,null,1,{"$nulls":11},1,1,{"$nulls":31},0]
["Y",null,null,"SHA/0106","Shakerley","Lostock Gralam","Northwich",null,"411 Manchester Road, Lostock Gralam, Northwich, CW9 7PJ","Residential development of 15 dwellings ",null,null,"Punch Pub Co Ltd - Mrs Neil Findlay","MCD Construction Consultancy - Mr Matthew Cust matthew@mcdcc.co.uk",null,"PDL","New build","C3","NO",null,null,"NO","No","HELAA",{"$nulls":3},"17/01434/FUL","Full",null,null,"2017-03-28","2018-01-29","2021-01-29",15,0,15,{"$nulls":10},0,null,null,15,null,0,15,null,15,{"$nulls":3},"2018: Not started\n2019: Not started","Not started",null,"Forecasts reviewed and unchanged based on planning status and development progress.",null,"=",null,15,null,null,5,5,5,{"$nulls":8},15,15,{"$nulls":31},0]
["n/a","n/a",null,"STP/0002","St Pauls",null,"Ellesmere Port",null,"Eccleston Avenue (garage court), Ellesmere Port","BLR site",{"$nulls":5},"PDL","New build","C3","NO",null,null,"NO","No","BLR",0.24,{"$nulls":9},9,null,9,{"$nulls":10},0,{"$nulls":4},0,0,9,9,{"$nulls":6},"Included on Brownfield Land Register.\nForecasts reviewed and remain unchanged. Not included in deliverable supply.",{"$nulls":3},0,{"$nulls":7},3,3,3,{"$nulls":3},9,9,{"$nulls":31},0]
["n/a","n/a",null,"STP/0003","St Pauls",null,"Ellesmere Port",null,"Overpool Road (garage court), Ellesmere Port","BLR site",{"$nulls":5},"PDL","New build","C3","NO",null,null,"NO","No","BLR",0.23,{"$nulls":9},8,null,8,{"$nulls":10},0,{"$nulls":4},0,0,8,8,{"$nulls":6},"Included on Brownfield Land Register.\nForecasts reviewed and remain unchanged. Not included in deliverable supply.",{"$nulls":3},0,{"$nulls":7},2,3,3,{"$nulls":3},8,8,{"$nulls":31},0]
["n/a","n/a",null,"STP/0005","St Pauls",null,"Ellesmere Port",null,"The Sutton Way, Sutton Way, Ellesmere Port","BLR site",{"$nulls":5},"PDL","New build","C3","NO",null,null,"NO","No","BLR",0.28,{"$f":"SUM(AI632/Y632)","v":49.99999999999999},{"$nulls":8},14,0,14,{"$nulls":10},0,{"$nulls":4},0,0,14,14,{"$nulls":6},"Included on Brownfield Land Register.\nForecasts reviewed and remain unchanged. Not included in deliverable supply.",{"$nulls":3},0,{"$nulls":7},4,4,6,{"$nulls":3},14,14,{"$nulls":31},0]
["n/a","n/a",null,"STP/0006","St Pauls",null,"Ellesmere Port",null,"Land at Sutton High School, Woodchurch Lane /Mill Lane, Ellesmere Port","BLR site",{"$nulls":5},"PDL","New build","C3","NO",null,null,"NO","No","BLR",1.39,{"$f":"SUM(AI633/Y633)","v":13.66906474820144},{"$nulls":8},19,0,19,{"$nulls":10},0,{"$nulls":4},0,0,19,19,{"$nulls":6},"Included on Brownfield Land Register.\nForecasts reviewed and remain unchanged. Not included in deliverable supply.",{"$nulls":3},0,{"$nulls":10},9,10,null,19,19,{"$nulls":31},0]
["n/a","n/a",null,"STP/0007","St Pauls",null,"Ellesmere Port",null,"Land at Station Road (garage / shop), Little Sutton","BLR site",{"$nulls":5},"PDL","New build","C3","NO",null,null,"NO","No","BLR",0.26,{"$f":"SUM(AI634/Y634)","v":30.769230769230766},{"$nulls":8},8,0,8,{"$nulls":10},0,{"$nulls":4},0,0,8,8,{"$nulls":6},"Included on Brownfield Land Register.\nForecasts reviewed and remain unchanged. Not included in deliverable supply.",{"$nulls":3},0,{"$nulls":10},4,4,null,8,8,{"$nulls":31},0]
["n/a","n/a",null,"STP/0017(a)","St Pauls",null,"Ellesmere Port",null,"Rear of 6-12 Heathlands Road, Little Sutton, Ellesmere Port","BLR site",{"$nulls":5},"PDL","New build","C3","NO",null,null,"NO","No","BLR",0.11,{"$nulls":9},19,null,19,{"$nulls":10},0,{"$nulls":4},0,0,19,19,{"$nulls":6},"Included on Brownfield Land Register.\nForecasts reviewed and remain unchanged. Not included in deliverable supply.",{"$nulls":3},0,{"$nulls":10},9,10,null,19,19,{"$nulls":31},0]
["n/a","n/a",null,"STP/0034","St Pauls",null,"Ellesmere Port",null,"Land at Chester Road, Ellesmere Port, CH66 3RJ","BLR site",{"$nulls":5},"PDL","New build","C3","NO",null,null,"NO","No","BLR",0.26,{"$nulls":9},8,null,8,{"$nulls":10},0,{"$nulls":4},0,0,8,8,{"$nulls":6},"Included on Brownfield Land Register.\nForecasts reviewed and remain unchanged. Not included in deliverable supply.",{"$nulls":3},0,{"$nulls":7},2,3,3,{"$nulls":3},8,8,{"$nulls":31},0]
["Y","Y",null,"STP/0038","St Pauls",null,"Ellesmere Port",null,"The Caretakers Cottage, Mill Lane, Great Sutton, Ellesmere Port, CH66 3NE","Two (2) new dwellings",{"$nulls":3},"Mr Gordon Vernon",null,"GF","New build","C3","NO",null,null,"NO","No","Windfall",null,{"$f":"SUM(AI637/Y637)","v":{"$error":"#DIV/0!"}},null,"15/00830/FUL","Full",null,null,"2015-02-26","2015-10-05","2018-10-05",2,0,2,{"$nulls":10},0,{"$nulls":4},0,0,null,0,"No BC records",null,null,"2016-2018: Not started\n2019: Not started","Not started. Permission expired","2018:Permission expires 2018","Permission expired. Not included in deliverable supply - no change to forecasts required.",null,"=","Permission expired",0,{"$nulls":13},0,0,{"$nulls":31},0]
["n/a","Y",null,"STP/0040","St Pauls",null,"Ellesmere Port",null,"Rivacre Business Centre, Mill Lane, Great Sutton, Ellesmere Port, CH66 3TL","BLR site\nHomes England ACGF site\nOffices vacant and proposed for demolition (prior approval not required).","Galliford Try",{"$nulls":4},"PDL","New build","C3","NO",null,null,"NO","No","BLR",1.37,{"$f":"SUM(AI638/Y638)","v":27.73722627737226},{"$nulls":8},38,0,38,{"$nulls":10},0,{"$nulls":4},0,0,38,38,{"$nulls":3},"Local Authority owned vacant brownfield site.Disposal and residential development being persued. Draft proposals for ca.55 dwellings",null,"Local Authority owned vacant brownfield site.\nDisposal and residential development being persued. Draft proposals for ca.55 dwellings","Included on Brownfield Land Register.\nForecasts reviewed and updated based on planning status (informal pre-app discussions), funding secured through Homes England ACGF, and developer identified.",null,"+","Delivery timescale <",38,{"$nulls":3},6,18,14,{"$nulls":7},38,38,{"$nulls":31},0]
["n/a","n/a",null,"STR/0004","Strawberry",null,"Ellesmere Port",null,"Land at Ely Close / Norwich Drive, Ellesmere Port",{"$nulls":6},"GF",{"$nulls":7},"HELAA",0.535,{"$nulls":11},0,{"$nulls":10},0,{"$nulls":4},0,0,null,0,{"$nulls":10},0,{"$nulls":13},0,0,{"$nulls":31},{"$f":"SUM(CE639:DD639)","v":0}]
["n/a","n/a",null,"STR/0005","Strawberry",null,"Rural",null,"Land at former Queensway Motor Company, Dunkirk Way, Ellesmere Port","Residential development comprising four (4) two-storey houses",null,null,"Gatecare Park Motors","Martin Fletcher Architects: Martin Fletcher",null,"PDL","New build","C3","NO",null,null,"NO","No","BLR",null,{"$f":"SUM(AI640/Y640)","v":{"$error":"#DIV/0!"}},"13/01049/OUT expired",{"$nulls":7},5,0,5,{"$nulls":10},0,{"$nulls":4},0,0,5,5,"Permission expired 2016",null,null,"Outstanding HSE issues to be resolved.",null,null,"Included on Brownfield Land Register.\nForecasts reviewed and remain unchanged. Not included in deliverable supply.",null,"=",null,0,{"$nulls":9},2,3,null,null,5,5,{"$nulls":31},0]
["Y","Y",null,"STR/0006A","Strawberry",null,"Ellesmere Port",null,"Land off Dunkirk Way (Phase 1)- west of Backford Cross, Backford","Residential development of 191 dwellings with access and associated public amenities. (Phase1: 100 dwellings, Phase 2: 91 dwellings)","Redrow Homes NW",null,"Redrow Homes NW: Mr Chris Dobson",null,null,"GF","New build","C3","NO",null,null,"NO","No","HELAA",null,{"$f":"SUM(AI641/Y641)","v":{"$error":"#DIV/0!"}},null,"14/04966/FUL","Full",null,null,"2014-11-24","2017-12-21","2020-12-21",191,0,191,{"$nulls":10},0,null,null,191,null,0,191,null,191,"Former retained EPNBC allocation",null,null,"2018: Not started\n2019: Development commenced","Development commenced","2019: Access, groundworks and drainage commenced","Site works commenced. Forecasting reviewed and updated based on planning status, development progress, address data, and forecasting information.",null,"=",null,100,null,null,48,52,null,null,39,36,19,{"$nulls":4},194,194,{"$nulls":31},0]
["n/a","Y",null,"STR/0006B","Strawberry",null,"Ellesmere Port",null,"Backford Cross #2, Land off Dunkirk Way, west of Backford Cross, Backford","Residential development of 132 dwellings with access and associated public amenities. ","Redrow Homes NW",null,"Redrow Homes NW-Mr Chris Dobson",null,null,"GF","New build","C3","NO",null,null,"NO","No","HELAA",9.15,{"$f":"SUM(AI642/Y642)","v":14.426229508196721},null,"14/04968/OUT","Outline pending",null,null,"2014-11-24",null,null,132,0,{"$f":"AI642-AJ642","v":132},{"$nulls":10},0,{"$nulls":4},0,{"$f":"SUM(AX642+AY642)","v":0},132,132,"Former retained EPNBC allocation",{"$nulls":4},"Outstanding HSE issues to be resolved.","Forecasts reviewed and remain unchanged. Not included in deliverable supply.","Outline planning application received 24 Nov 2014 pending decision\nDeveloper/house builder: Redrow Homes NW\nOutstanding HSE issues to be resolved\nNO CHANGE TO FORECAST- No units forecast in years 1 to 5","=",null,{"$f":"SUM(BQ642:BU642)","v":0},{"$nulls":8},17,36,36,36,7,{"$f":"SUM(BQ642:CA642)","v":125},{"$f":"SUM(BQ642:CB642)","v":132},{"$nulls":31},0]
["Y","Y",null,"STR/0007","Strawberry",null,"Ellesmere Port",null,"Sycamore Park Garden Centre, Chester Road, Great Sutton, Ellesmere Port, CH66 2LX","BLR site\nErection of 48no. affordable dwellings and associated infrastructure.","Lane End Developments",null,"Land End Developments-Mr Richard Harrison","Paddock Johnson Partnership-Mr Simon Halliwell simon.halliwell@paddockjohnson.com",null,"PDL","New build","C3","NO",null,null,"NO","No","BLR",1.172,{"$f":"SUM(AI643/Y643)","v":40.95563139931741},null,"17/04770/FUL","Full",null,null,"2017-11-06","2019-03-26","2022-03-26",48,0,48,null,48,{"$nulls":8},0,null,null,48,null,0,48,null,48,"Place North West (21 Nov 2017) - Garden centre due to close \"in the coming months\". All affordable units","6.19/01502/DIS pending (April 2019)\n9. 19/01503/DIS Pending (April 2019)",null,"2019: Not started","Not started",null,"Included on Brownfield Land Register.\nNew permission. DIS (contaminated land and construction management) awaiting decision. Forecasting assumptions applied based on planning status.","Brownfield Land Register site\nFull planning application received 6 November 2017 pending decision\nDeveloper/house builder: Lane End Developments\nGarden centre in use (Place North West (21 Nov 2017) - Garden centre due to close \"in the coming months\")\nNO CHANGE TO FORECAST- No units forecast in years 1 to 5","New",null,48,null,null,12,12,12,12,{"$nulls":7},48,48,{"$nulls":31},0]
["n/a","n/a",null,"SUT/0004","Sutton",null,"Ellesmere Port",null,"Carlyle Crescent (garage court), Ellesmere Port","BLR site",{"$nulls":5},"PDL","New build","C3","NO",null,null,"NO","No","BLR",0.28,{"$nulls":9},10,null,10,{"$nulls":10},0,{"$nulls":4},0,0,10,10,{"$nulls":6},"Included on Brownfield Land Register.\nForecasts reviewed and remain unchanged. Not included in deliverable supply.",{"$nulls":3},0,{"$nulls":6},2,4,4,{"$nulls":4},10,10,{"$nulls":31},0]
["n/a","n/a",null,"SUT/0006","Sutton",null,"Ellesmere Port",null,"Rear of Halton Road, Ellesmere Port",{"$nulls":6},"GF",{"$nulls":7},"HELAA",2.456,{"$nulls":11},0,{"$nulls":10},0,{"$nulls":4},0,0,null,0,{"$nulls":10},0,{"$nulls":13},0,0,{"$nulls":31},0]
["Y",null,null,"SUT/0012","Sutton",null,"Ellesmere Port",null,"Yeoman House, 19B Bridge Meadow, Great Sutton, Ellesmere Port, CH66 2LE","Two storey extension to front, alterations and change of use of existing respite home to 3 self contained apartments for general needs children, young people and adults with a learning disability and/or autism  ",null,null,"Mr Keiron O'Mahoney","Lovelock Mitchell Architects - Mr Lovelock Mitchell (01244 404321)    ",null,"PDL","Change of use","C3","NO",null,null,"NO","No","Windfall",null,{"$f":"SUM(AI646/Y646)","v":{"$error":"#DIV/0!"}},"16/02740/FUL","16/02740/FUL","Full",null,null,"2016-06-29","2016-08-19","2019-08-19",3,0,3,{"$nulls":10},0,null,3,null,null,0,3,null,3,{"$nulls":3},"2017: Not started\n2018: Not started\n2019: Under construction","Under construction",null,"Site under construction. Forecasts reviewed and unchanged based on development progress.",null,"=",null,3,null,3,{"$nulls":11},3,3,{"$nulls":31},0]
["Y",null,null,"SUT/0013","Sutton",null,"Ellesmere Port",null,"879 Chester Road, Great Sutton, Ellesmere Port, CH66 0AP","New dwelling to rear of existing property",{"$nulls":5},"GF","New build","C3","YES",null,null,"NO","No","Garden Land",{"$nulls":3},"17/00361/FUL","Full",null,null,"2017-01-26","2017-05-18","2020-05-18",1,0,1,{"$nulls":10},0,null,null,1,null,0,1,null,1,{"$nulls":3},"2018: Not started\n2019: Not started","Not started",null,"Forecasts reviewed and updated based on planning status.",null,"-","Delivery timescale >",1,null,null,1,{"$nulls":10},1,1,{"$nulls":31},0]
["n/a","n/a",null,"TAK/0002","Tarvin and Kelsall","Kelsall","Kelsall",null,"Rookery Farm, Flat Lane, Kelsall",{"$nulls":6},"GF",{"$nulls":7},"HELAA",0.804,{"$nulls":11},0,{"$nulls":10},0,{"$nulls":4},0,0,null,0,{"$nulls":10},0,{"$nulls":13},0,0,{"$nulls":31},0]
["n/a","n/a",null,"TAK/0007","Tarvin and Kelsall","Kelsall","Kelsall",null,"Land off Flat Lane, south of Rookery Farm, Kelsall (1)",{"$nulls":6},"GF",{"$nulls":7},"HELAA",4.011,{"$nulls":11},0,{"$nulls":10},0,{"$nulls":4},0,0,null,0,{"$nulls":10},0,{"$nulls":13},0,0,{"$nulls":31},0]
["n/a","n/a",null,"TAK/0010","Tarvin and Kelsall","Kelsall","Kelsall",null,"Land at Quarry Lane & Waste Lane, Kelsall",{"$nulls":6},"GF",{"$nulls":7},"HELAA",3.298,{"$nulls":11},0,{"$nulls":10},0,{"$nulls":4},0,0,null,0,{"$nulls":10},0,{"$nulls":13},0,0,{"$nulls":31},0]
["n/a","n/a",null,"TAK/0011","Tarvin and Kelsall","Tarvin","Tarvin",null,"Land at Tarporley Road, Broomheath Lane junction, Tarvin",{"$nulls":6},"GF",{"$nulls":7},"HELAA",5.186,{"$nulls":11},0,{"$nulls":10},0,{"$nulls":4},0,0,null,0,{"$nulls":10},0,{"$nulls":13},0,0,{"$nulls":31},0]
["Y",null,null,"TAK/0014A","Tarvin and Kelsall","Tarvin","Tarvin",null,"Land at 41 By-Pass Road, Tarvin","Erection of 4 No semi detached dwellings and garage block. Extension to garage to create one dwelling",{"$nulls":5},"PDL","New build","C3","NO",null,null,"NO","No","HELAA",null,{"$f":"SUM(AI652/Y652)","v":{"$error":"#DIV/0!"}},null,"15/04393/FUL","Full",null,null,"2015-10-26","2017-02-10","2020-02-10",5,0,5,{"$nulls":10},0,null,null,5,null,0,5,null,5,{"$nulls":3},"2017-2018: Not started\n2019: Not started","Not started","2018:Site fenced off","Forecasts reviewed and unchanged based on planning status.",null,"=",null,5,null,null,2,3,{"$nulls":9},5,5,{"$nulls":31},0]
["Y",null,null,"TAK/0014B","Tarvin and Kelsall","Tarvin","Tarvin",null,"Adjacent 41 By-Pass Road, Tarvin","Extension to existing approved garage building (15/04393/FUL) to create one dwelling",null,null,"Vivio Developments","radm - Ellie Park ellie@radm.co.uk","Helen Simpson","PDL","New build","C3","NO",null,null,"NO","No","HELAA",null,{"$f":"SUM(AI653/Y653)","v":{"$error":"#DIV/0!"}},null,"18/00253/FUL","Full",null,null,"2018-01-23","2018-04-19","2021-04-19",1,0,1,{"$nulls":10},0,null,null,1,null,0,1,null,1,{"$nulls":3},"2019: Not started","Not started",null,"New permission. Forecasting assumptions applied.",null,"New",null,1,null,null,1,{"$nulls":10},1,1,{"$nulls":31},0]
["n/a","n/a",null,"TAK/0017","Tarvin and Kelsall","Kelsall","Kelsall",null,"Land to west of Hollies Croft, Chester Road, Kelsall",{"$nulls":6},"GF",{"$nulls":7},"HELAA",0.66,{"$nulls":11},0,{"$nulls":10},0,{"$nulls":4},0,0,null,0,{"$nulls":10},0,{"$nulls":13},0,0,{"$nulls":31},0]
["n/a","n/a",null,"TAK/0019","Tarvin and Kelsall","Kelsall","Kelsall",null,"Land at Fir Tree Farm, bound by Quarry Lane, Kelsall",{"$nulls":6},"GF",{"$nulls":7},"HELAA",0.9,{"$nulls":11},0,{"$nulls":10},0,{"$nulls":4},0,0,null,0,{"$nulls":10},0,{"$nulls":13},0,0,{"$nulls":31},0]
["Y",null,null,"TAK/0020B","Tarvin and Kelsall","Oakmere","Rural",null,"Land at former Haulage Yard, Shakerley Close, Oakmere, Northwich","Construction of five (5) dwellings",{"$nulls":3},"Wright Marshall-Mrs Olivia Starkey oliviastarkey@wrightmarshall.co.uk",null,"PDL","New build","C3","NO",null,null,"NO","No","HELAA",0.2,{"$f":"SUM(AI656/Y656)","v":25},null,"15/03652/OUT","Outline",null,null,"2015-09-05","2016-06-14","2019-06-14",5,0,5,{"$nulls":10},0,null,null,5,null,0,5,null,5,"20/3/2017 - emailed Liza Woodray regarding the interaction of the two permissions. Wainhomes has pulled out of the wider site and this permission is the land owner securing his position. Liza has confirmed that there is nothing on site and suggesting counting 27 dwellings + 5 although the larger site isn't coming forward due to cost.\n2017 application for storage",null,null,"2016-2018: Outline permission. No site visit\n2019: Outline permission. No site visit","Not started","2018:Permission expires 2018","Permission expires in next monitoring period. No change to forecasts. Not included in deliverable supply.",null,"=","Not included in 2018 supply ",0,{"$nulls":6},2,3,{"$nulls":5},5,5,{"$nulls":31},0]
["Y","Y",null,"TAK/0021","Tarvin and Kelsall","Oakmere","Rural",null,"EARLSBROOK, former Marley Tile Works, Station Road, Oakemere, Northwich","Construction of up to 180 residential dwellings, vehicular access, public open space.\nReserved matters-166 dwellings","Laurus Homes","Trafford Housing Trust","Land End Developments Construction Ltd (Mr Westhead)","Amec E & I UK Ltd: Mr Michael Oconnell\nPRP Manchester",null,"GBPDL","New build","C3","NO",null,null,"NO","No","HELAA",null,{"$f":"SUM(AI657/Y657)","v":{"$error":"#DIV/0!"}},"14/01086/OUT","17/01539/REM","Full",null,null,"2017-04-03","2017-07-17","2020-07-17",166,0,166,null,54,{"$nulls":8},0,null,79,87,null,0,166,null,166,"Awaiting legal agreement as at 31 March 2015. Resolution subject to S106 granted at planning committee 23.10.2015. Outline permission. Permission issued 14 May 2015. Email correspondence: Amec\n16/00456/PREAPP - regarding REM (July 2016)\nCommittee date 23/10/2014. The Crown Estate / Amec E & I UK Ltd: Mr Michael Oconnell michael.oconnell@amec.com","5.10.13.15.17.19.27.36 July 2017 17/01539/REM\n22.23. 17/04755/DIS June 2018\n29 August 2017 17/02935/DIS\n34 (removed) October 2017 17/02697/NMA\n11.20.33 January 2018 17/04234/DIS\n5.7-9.12.16.18. 17/02609/DIS April 2018\n37. 18/01480/DIS May 2018",null,"2017: Outline permission.No site visit\n2018: Development commenced (demolition and remediation)\n2019: Under construction","Under construction","Place North West (25 Sep 2017-Trafford Housing Trust purchase of 30 acre site from the Crown Estate - Station Road scheme - Work commenced in August - houses to be built out under THT Laurus Homes brand. First sales expected in 2018.\nMarch 2018:Demolition and remediation expected to complete Summer 2018. Construction start expected Autumn 2018\nPhasing plan provided\n2019: Completion schedule provided on site visit","Site under construction. Forecasts exceeded - reviewed and updated based on planning status and development progress.",null,"+","Delivery rate >\nDelivery timescale <",166,null,72,48,46,{"$nulls":9},166,166,{"$nulls":31},0]
["Y",null,null,"TAK/0039","Tarvin and Kelsall","Kelsall","Kelsall",null,"Rear of Ardern Place, Chester Road, Kelsall","Erection of two (2) detached dwellings, one with detached garage","Pegasus Residential Developments Ltd",null,null,"The Planning Consultancy - Matt Gilbert matt@mattplan.com","Lizzie Townsend","GF","New build","C3","NO",null,null,"NO","No","Windfall",0.2,{"$f":"SUM(AI658/Y658)","v":10},"14/04497/FUL","17/02760/FUL","Full",null,null,"2017-06-23","2017-08-17","2020-08-17",2,0,2,{"$nulls":10},0,null,null,2,null,0,2,null,2,null,"3.4.6-14. 16/04049/DIS Nov 2019\n4.5.7. 19/00355/DIS March 2019",null,"2016: Not started\n2017: Not started\n2018: Not started. New permission\n2019: Not started","Not started",null,"Forecasts reviewed and updated based on planning status.",null,"-","Delivery timescale >",2,null,null,1,1,{"$nulls":9},2,2,{"$nulls":31},0]
["Y","Y",null,"TAK/0041","Tarvin and Kelsall","Tarvin","Tarvin",null,"Land at Brown Heath House, Broomheath Lane, Tarvin","Change of use to separate ancillary accomodation to stand alone dwelling",null,null,"Dr G Armstrong.","TR Design Services",null,"PDL","Change of use","C3","NO",null,null,"NO","No","Windfall",1.115,{"$f":"SUM(AI659/Y659)","v":0.8968609865470852},"11/03826/FUL","15/01647/FUL","Full",null,null,"2015-04-20","2015-06-17","2018-06-17",1,0,1,{"$nulls":10},0,{"$nulls":4},0,0,null,0,"Previous application was for Erection of one (1) new dwelling in the land adjacent to Brown Heath House",null,null,"2016-2018: Not started\n2019: Not started","Not started. Permission expired",null,"Permission expired. Not included in deliverable supply - no change to forecasts required.",null,"=","Permission expired",0,{"$nulls":13},0,0,{"$nulls":31},0]
["n/a","n/a",null,"TAK/0043","Tarvin and Kelsall","Kelsall","Kelsall",null,"Land to rear of Kelsborrow House, Quarry Lane, Kelsall",{"$nulls":6},"GF",{"$nulls":7},"HELAA",0.911,{"$nulls":11},0,{"$nulls":10},0,{"$nulls":4},0,0,null,0,{"$nulls":10},0,{"$nulls":13},0,0,{"$nulls":31},0]
["Y","Y",null,"TAK/0050","Tarvin and Kelsall","Oakmere","Rural",null,"Former Court and Police Station, Chester Road, Oakmere, Northwich, CW8 2HB","Redevelopment and partial change of use of the existing courthouse building to provide nine (9) dwellings and ten (10) new build dwellings within the grounds with associated landscaping and access. 6x3bed and 7x4bed houses, 2x1bed and 4x2bed apartments\nAmended scheme pending for Court House (3 houses and 4 flats) and 11 dwellings","Countrywide",null,null,"NJG Architectural Design: Mrs Nicola Gibson (01606 301171) nicola@njgdesign.co.uk",null,"PDL","Change of use / New build","C3","NO",null,null,"NO","No","HELAA",0.386,{"$f":"SUM(AI661/Y661)","v":46.63212435233161},"16/04979/S73\n16/04843/DEM ","12/00182/FUL","Full",null,null,"2012-01-16","2013-10-29","2016-10-19",18,0,18,{"$nulls":10},2,2,16,null,null,2,16,null,16,"16/04843/DEM - demolish two storey annexe building to rear (Nov 2016) \n16/01882/S73 - bird boxes conditions \n16/04979/S73-variation condition 2 (plans)\n","11.15.16.21.25. pending\n3.5.8.10.17.18.20. 17/01361/DIS Aug 2017\n4.9.12.19. 17/02212/DIS Aug 2017\n11.15.16.21.25. 16/04545/DIS Aug 2017",null,"2016: Not started\n2017: Not started\n2018:Under construction\n2019: Under construction","Under construction","2018:Site delivering ahead of 2016/2017 forecast","Site under construction. Forecasts reviewed and updated based on planning status and development progress.",null,"-","Delivery rate <",16,null,9,7,{"$nulls":10},16,16,{"$nulls":3},2,{"$nulls":27},2]
["n/a","n/a",null,"TAK/0058","Tarvin and Kelsall","Duddon","Rural","Duddon","Land off Back Lane, Duddon",{"$nulls":6},"GF",{"$nulls":7},"HELAA",2.748,{"$nulls":11},0,{"$nulls":10},0,{"$nulls":4},0,0,null,0,{"$nulls":10},0,{"$nulls":13},0,0,{"$nulls":31},0]
["Y",null,null,"TAK/0070","Tarvin and Kelsall","Kelsall","Kelsall",null,"Chester Road garden nursery, Chester Road, Kelsall, CW6 0RN","Residential development of ten (10) dwellings","Osbourne & Co.",null,null,"Glyn Bridge glynbridge66@hotmail.co.uk",null,"GBPDL","New build","C3","NO",null,null,"NO","NO","HELAA",null,{"$f":"SUM(AI663/Y663)","v":{"$error":"#DIV/0!"}},"13/03294/OUT (07/05/2014)","17/00814/REM","Full",null,null,"2017-02-28","2017-06-12","2020-06-12",10,0,10,null,2,{"$nulls":8},0,null,null,10,null,0,10,null,10,"8 x market houses and 2 x intermediate houses","3.12. 19/00373/DIS pending",null,"2017: Outline permission.No site visit\n2018: Not started\n2019: Not started. Site cleared","Not started",null,"Site clearance complete. Forecasts reviewed and unchaged based on planning status and development progress.",null,"=",null,10,null,null,5,5,{"$nulls":9},10,10,{"$nulls":31},0]
["Y","n/a",null,"TAK/0073","Tarvin and Kelsall","Tarporley","Rural","Duddon","Adjacent The Old Bakery, Tarporley Road, Duddon","Two detached dwellings with detached garage and associated parking",null,null,"K&J Builders","Paterson Macaulay & Owens-Mr Geoff Stott geoff@pmoarchitects",null,"PDL","New build","C3","NO",null,null,"NO","No","Windfall",0.01,{"$f":"SUM(AI664/Y664)","v":200},"13/03709/OUT","14/04425/FUL","Full",{"$nulls":3},"2015-02-11","2018-02-11",2,0,2,{"$nulls":10},2,2,{"$nulls":3},2,0,null,0,{"$nulls":3},"2018: Under construction\n2019: Complete","Complete",null,"Site complete. Forecasts achieved.",null,"=",null,0,{"$nulls":13},0,0,{"$nulls":3},2,{"$nulls":27},2]
["Y",null,null,"TAK/0077","Tarvin and Kelsall","Clotton","Rural",null,"Land at Park Hall Farm, High Street, Clotton","Agricultural workers dwelling and detached garage",{"$nulls":5},"GF","New build","C3 workers","NO",null,null,"NO","No","Windfall",null,{"$f":"SUM(AI665/Y665)","v":{"$error":"#DIV/0!"}},null,"13/01960/FUL","Full",null,null,"2013-05-21","2013-07-16","2016-07-16",1,0,1,{"$nulls":10},0,null,1,null,null,0,1,null,1,"June 2016 16/01648/FP - conditionally approved. ","3.4. June 2016. 16/02133/DIS",null,"2016: Not started\n2017: Development commenced\n2018: Stalled\n2019: Under construction","Under construction",null,"Site under construction. Forecasts reviewed and unchanged based on development progress.",null,"=",null,1,null,1,{"$nulls":11},1,1,{"$nulls":31},0]
["Y",null,null,"TAK/0078","Tarvin and Kelsall","Kelsall","Rural",null,"Fir Tree Farm, Willington Road, Kelsall, CW6 0ND","Conversion of redundant barn to one (1) dwelling",{"$nulls":3},"Wright Marshall: Olivia Starkey",null,"GF","Change of use","C3","NO",null,null,"YES","No","Windfall",null,{"$f":"SUM(AI666/Y666)","v":{"$error":"#DIV/0!"}},"13/03665/FUL (15/10/2013)\n19/00336/FUL (pending)","16/00070/FUL","Full",null,null,"2016-01-08","2016-04-14","2019-04-14",1,0,1,{"$nulls":10},{"$f":"SUM(AN666:AU666)+BA666","v":0},null,null,1,null,{"$f":"SUM(AW666-AZ666)","v":0},1,null,1,{"$nulls":3},"2016-2017: Not started\n2018: Not started\n2019: Not started. App awaiting decision","Not started.\nNew application awaiting decision",null,"Forecasts reviewed and updated based on planning status.",null,"-","Delivery timescale >",1,{"$nulls":3},1,{"$nulls":9},1,1,{"$nulls":31},0]
["Y","n/a",null,"TAK/0079","Tarvin and Kelsall","Delamere","Rural",null,"Land at Chapel House, Chapel Lane, Delamere, Northwich, CW6 0PH","Construction of one (1) two-storey detached dwelling with associated parking, landscaping, access and detached garages to serve new and existing properties.",null,null,"Mr & Mrs Penk","Wright Manley - Olivia Starkey",null,"PDL","New build","C3","YES",null,null,"NO","No","Garden Land",null,{"$f":"SUM(AI667/Y667)","v":{"$error":"#DIV/0!"}},"13/04176/OUT (09/11/2013)","14/03854/REM","Full",null,null,"2013-09-24","2015-01-28","2018-01-28",1,0,1,{"$nulls":10},1,1,{"$nulls":3},1,0,null,0,{"$nulls":3},"2016: Not started\n2017: Under construction\n2018: Under construction\n2019: Complete","Complete",null,"Site complete. Forecasts achieved.",null,"=",null,0,{"$nulls":13},0,0,{"$nulls":3},1,{"$nulls":27},1]
["Y","n/a",null,"TAK/0080","Tarvin and Kelsall","Duddon","Rural","Duddon","Adjacent The Old Bakery, Back Lane, Tarporley Road, Duddon","Proposed new detached dwelling and garage",{"$nulls":5},"GF","New build","C3","YES",null,null,"NO","No","Windfall",{"$nulls":3},"17/01416/FUL","Full",null,null,"2017-03-27","2017-07-07","2020-07-07",1,0,1,{"$nulls":10},1,1,{"$nulls":3},1,0,null,0,{"$nulls":3},"2018: Development commenced\n2019: Complete","Complete",null,"Site complete. Forecasts exceeded.",null,"+","Delivery timescale <",0,{"$nulls":13},0,0,{"$nulls":3},1,{"$nulls":27},1]
["Y","Y",null,"TAK/0083","Tarvin and Kelsall","Tarvin","Tarvin",null,"C P H Transport, Church Street, Tarvin, CH3 8NA","One (1) detached house with garage - demolition of existing storage unit",{"$nulls":3},"Scott Architecture (Scott Desert)",null,"PDL","New build","C3","NO",null,null,"NO","No","Windfall",null,{"$f":"SUM(AI669/Y669)","v":{"$error":"#DIV/0!"}},"13/05424/OUT (11/02/2014)","16/03509/REM","Full",null,null,"2016-08-11","2016-10-20","2019-10-20",1,0,1,{"$nulls":10},0,null,null,1,null,0,1,null,1,{"$nulls":3},"2017-2018: Not started\n2019: Not started","Not started",null,"Permission expires in next monitoring period. Forecasts reviewed and updated. Removed from deliverable supply.",null,"-","Permission expires 2019",0,{"$nulls":13},0,0,{"$nulls":31},0]
["Y","n/a","BLPU - IU","TAK/0089","Tarvin and Kelsall","Kelsall","Kelsall",null,"Land at Corn Riggs and Pippins, Hollands Lane, Kelsall, CW6 0QT","Construction of 2 detached dwellings with associated parking, landscaping and access. Revised to 3 dwellings",null,null,"Mr A Maidment","Wright Manley",null,"GF","New build","C3","NO",null,null,"NO","No","HELAA",null,{"$f":"SUM(AI670/Y670)","v":{"$error":"#DIV/0!"}},"13/02171/OUT (01/07/2014)\n15/01200/FUL\n16/05095/NMA\n17/02033/S73","16/00176/FUL","Full",null,"Allowed","2015-03-23","2016-03-24","2019-03-24",3,0,3,{"$nulls":8},1,1,3,1,{"$nulls":3},1,0,null,0,"Application allowed on appeal. Further appeal lodged against condition 15 - obscured glazing - APP/A0665/W/15/3128942 - DISMISSED","5.7.8.11. April 2016. 16/01676/DIS\n3.4.8.9.13.14. 15/04239/DIS",null,"2016-2018: Under construction\n2019: Complete","Complete",null,"Site complete. Forecasts achieved.",null,"=",null,0,{"$nulls":13},0,0,{"$nulls":4},1,{"$nulls":26},1]
["Y","n/a",null,"TAK/0102","Tarvin and Kelsall","Kelsall","Kelsall",null,"Land at Nether Watling, Hollands Lane, Kelsall, CW6 0QT","Construction of two (2) dwellings and attached garages. \n2018: permission for one 5-bed dwelling",{"$nulls":5},"GF","New build","C3","YES",null,null,"NO","No","Garden land",null,{"$f":"SUM(AI671/Y671)","v":{"$error":"#DIV/0!"}},"14/03995/OUT (09/12/2014)\n16/03131/REM (16/11/2016)","18/00235/FUL","Full",null,null,"2018-01-22","2018-03-27","2021-03-27",1,0,1,{"$nulls":10},1,1,{"$nulls":3},1,0,null,0,{"$nulls":3},"2016: Outline permission.No site visit\n2017: Not started\n2018: Not started.Revised scheme\n2019: Complete","Complete","2018:Revised application approved","Site complete. Forecasts exceeded.",null,"+","Delivery timescale <",0,{"$nulls":13},0,0,{"$nulls":4},1,{"$nulls":26},{"$f":"SUM(CE671:DD671)","v":1}]
["Y","Y",null,"TAK/0108","Tarvin and Kelsall","Kelsall","Kelsall",null,"Land at Watling Heys, Chester Road/Flat Lane, Kelsall","Kelsall NP site G3\nResidential development (100% over 55's) comprising 21 bungalows (4 affordable) and 8 apartments (all affordable), associated access, public open space and Doctor's Surgery",{"$nulls":3},"Cassidy Ashton - Guy Evans guyevans@cassidyashton.co.uk","Bethan Armstrong","GF","New build","Elderly persons:SC","NO",null,null,"NO","No","NP allocation",2.05,{"$f":"SUM(AI672/Y672)","v":14.146341463414636},null,"18/01996/FUL","Full",null,null,"2018-05-23","2018-12-19","2021-12-19",29,0,29,null,12,{"$nulls":8},0,null,null,29,null,0,29,null,29,{"$nulls":3},"2019: Not started","Not started",null,"Neighbourhood plan allocation.\nNew permission. Forecasting reviewed and updated based on planning status and development progress.",null,"+","Delivery timescale <",29,null,null,6,11,12,{"$nulls":8},29,29,{"$nulls":31},0]
["n/a","n/a",null,"TAK/0109","Tarvin and Kelsall","Tarvin","Tarvin",null,"Land at junction of Tarporley Road/A51, Tarvin",{"$nulls":6},"GF",{"$nulls":7},"HELAA",0.548,{"$nulls":11},0,{"$nulls":10},0,{"$nulls":4},0,0,null,0,{"$nulls":10},0,{"$nulls":13},0,0,{"$nulls":31},0]
["n/a","n/a",null,"TAK/0111","Tarvin and Kelsall","Tarvin","Tarvin",null,"Land east of Church Street, Tarvin",{"$nulls":6},"GF",{"$nulls":7},"HELAA",4.496,{"$nulls":11},0,{"$nulls":10},0,{"$nulls":4},0,0,null,0,{"$nulls":10},0,{"$nulls":13},0,0,{"$nulls":31},0]
["n/a","n/a",null,"TAK/0112","Tarvin and Kelsall","Duddon","Rural","Duddon","Land at Meadow Bank Farm, Tarporley Road, Duddon",{"$nulls":6},"GF",{"$nulls":7},"HELAA",4.526,{"$nulls":11},0,{"$nulls":10},0,{"$nulls":4},0,0,null,0,{"$nulls":10},0,{"$nulls":13},0,0,{"$nulls":31},0]
["Y",null,null,"TAK/0113a","Tarvin and Kelsall","Delamere ","Rural","Delamere","Cherry Orchard, Abbey Lane, Oakmere, Northwich, CW8 2HN  ","Erection of one dwelling ",null,null,"Mr R Wilding","Civitas Planning - Rachel Thornley rachel.thornley@civitasplanning.com","Rod Brookfield","GF","New build","C3","NO",null,null,"NO","No","Windfall",{"$nulls":3},"16/00659/OUT","Outline",null,null,"2016-02-15","2017-03-22","2020-03-23",1,0,1,{"$nulls":10},0,null,null,1,null,0,1,null,1,{"$nulls":3},"2017-2018: Outline permission. No site visit\n2019: Outline permission. No site visit","Not started","2018:No site visit","Forecasts reviewed and unchanged based on planning status.",null,"=",null,1,null,null,1,{"$nulls":10},1,1,{"$nulls":31},0]
["n/a","Y",null,"TAK/0115","Tarvin and Kelsall","Delamere ","Rural","Deleamere","Ottersbank Farm, Fishpool Road, Delamere, Northwich, CW8 2HP","Conversion of existing office building to form seven residential dwellings (resubmission of 13/03068/FUL)","Bryant Services Incorporated",null,null,"Wright Marshall-Oliva Starkey",null,"PDL","Change of use","C3","NO",null,null,"NO","Yes","Windfall",0.133,{"$f":"SUM(AI677/Y677)","v":52.63157894736842},"13/03068/FUL (withdrawn)\n13/04028/FUL Expired (27/02/2018)",{"$nulls":7},7,null,7,{"$nulls":10},0,{"$nulls":4},0,0,7,7,"15/02023/FUL - Withdrawn","1-8. 16/05360/DIS Feb 2017","Y","2016:Not started\n2017:Not started. Expired\n2018:Not started","Not started.\nPermission expired","2018:Not started.Expired","Permission expired. No change to forecasts. Not included in deliverable supply.",null,null,"Permission expired",0,{"$nulls":13},0,0,{"$nulls":31},0]
["n/a","n/a",null,"TAK/0116","Tarvin and Kelsall","Duddon","Rural","Duddon","Land at Back Lane, Duddon",{"$nulls":6},"GF",{"$nulls":7},"HELAA",0.787,{"$nulls":11},0,{"$nulls":10},0,{"$nulls":4},0,0,null,0,{"$nulls":10},0,{"$nulls":13},0,0,{"$nulls":31},0]
["n/a","n/a",null,"TAK/0121","Tarvin and Kelsall","Kelsall","Kelsall",null,"Land at Flat Lane, Hallowsgate, Kelsall",{"$nulls":6},"GF",{"$nulls":7},"HELAA",3.011,{"$nulls":11},0,{"$nulls":10},0,{"$nulls":4},0,0,null,0,{"$nulls":10},0,{"$nulls":13},0,0,{"$nulls":31},0]
["n/a","n/a",null,"TAK/0122","Tarvin and Kelsall","Tarvin","Tarvin",null,"Land off Church Street / Arden Close, Tarvin",{"$nulls":6},"GF",{"$nulls":7},"HELAA",0.285,{"$nulls":11},0,{"$nulls":10},0,{"$nulls":4},0,0,null,0,{"$nulls":10},0,{"$nulls":13},0,0,{"$nulls":31},0]
["n/a","n/a",null,"TAK/0123","Tarvin and Kelsall","Tarvin","Tarvin",null,"Land at Church Street, south of The Old Vicarage, Tarvin",{"$nulls":6},"GF",null,"C3",{"$nulls":5},"HELAA",null,{"$f":"SUM(AI681/Y681)","v":{"$error":"#DIV/0!"}},{"$nulls":9},0,0,{"$nulls":10},0,{"$nulls":4},0,0,null,0,{"$nulls":10},0,{"$nulls":13},0,0,{"$nulls":31},0]
["Y",null,null,"TAK/0126","Tarvin and Kelsall","Kelsall","Kelsall",null,"Four Winds, Waste Lane, Kelsall, CW6 0PE","Demolish and rebuild existing house and erection of two (2) further houses","Carl Stafford Builders",null,null,"Mr R Withinshaw",null,"PDL","New build","C3","NO",null,null,"NO","No","Windfall",null,{"$error":"#DIV/0!"},"15/00049/OUT (05/10/2018)\n17/04395/S73\n18/02932/NMA","17/02493/REM","Full",null,null,"2017-06-05","2017-12-04","2020-12-04",3,1,2,{"$nulls":9},-1,0,1,2,null,null,1,2,null,2,"17/00845/PREAPP -\n18/02932/NMA - windows","7.8.9. March 2018. 18/00080/DIS",null,"2017: Outline permission.No site visit\n2018: Under construction\n2019: Under construction","Under construction","2019: 1 dwelling complete and 2 under construction","Site under construction. Forecasts reviewed and unchanged based on development progress.",null,"=",null,2,null,2,{"$nulls":11},2,2,null,null,1,{"$nulls":28},1]
["Y","n/a",null,"TAK/0129","Tarvin and Kelsall","Kelsall","Kelsall",null,"14 Brooms Lane, Kelsall, CW6 0QN","Replacement dwelling and 2 new dwellings","Cobnut Homes",null,"Mr & Mrs Nash","Jldarchitecture",null,"PDL","New build","C3","NO",null,null,"NO","No","Windfall",null,{"$error":"#DIV/0!"},"15/00939/FUL\n17/03696/S73\n18/02905/S73 (Sept 18)","17/04881/FUL","Full",null,null,"2017-11-15","2018-01-17","2021-01-17",2,0,2,{"$nulls":10},2,2,{"$nulls":3},2,0,null,0,"14/03314/FUL - Withdrawn Oct 14 for 3 dwellings (demolish existing)\n18/02905/S73 - plans","June 2016. 16/01954/DIS",null,"2016-2017: Not started\n2018: Under construction.Revised scheme\n2019: Complete","Complete","2018:Revised scheme approved for replacement and 2 dwellings","Site complete. Forecasts achieved.",null,"=",null,0,{"$nulls":13},0,0,{"$nulls":3},2,{"$nulls":27},2]
["Y","n/a","BLPU - IU","TAK/0132","Tarvin and Kelsall","Kelsall","Kelsall",null,"Beech House, Chester Road, Kelsall, CW6 0RT","Erection of one (1) 3-bed dwelling.",null,null,"Mr & Mrs Bond","Daccus ACM Ltd",null,"GF","New build","C3","YES",null,null,"NO","No","Garden land",null,{"$error":"#DIV/0!"},null,"15/01929/FUL","Full",null,null,"2015-05-11","2015-07-22","2018-07-22",1,0,1,{"$nulls":10},1,1,{"$nulls":3},1,0,null,{"$f":"SUM(BC684+BB684)","v":0},null,"3.4.7. July 2016. 16/02099/DIS",null,"2016-2018: Not started\n2019: Complete","Complete","2018:Permission expires 2018","Site complete. Forecasts exceeded.",null,"+","Delivery timescale <",0,{"$nulls":13},0,0,null,null,1,{"$nulls":28},1]
["Y","Y",null,"TAK/0134","Tarvin and Kelsall","Kelsall","Kelsall",null,"The Old Dairy adj Kelsall Hall, Hall Lane, Kelsall, CW6 0QY ","Conversion of outbuilding to form 1 residential unit",{"$nulls":3},"Wright Marshall",null,"GF","Change of use","C3","NO",null,null,"YES","No","Windfall",null,{"$error":"#DIV/0!"},null,"15/03078/FUL","Full",null,null,"2015-07-22","2016-01-06","2019-01-06",1,0,1,{"$nulls":10},0,{"$nulls":4},0,0,null,0,{"$nulls":3},"2016-2018: Not started\n2019: Not started","Not started. Permission expired",null,"Permission expired. Forecasts reviewed and removed from deliverable supply.",null,"-","Permission expired",0,{"$nulls":13},0,0,{"$nulls":31},0]
["Y",null,null,"TAK/0136","Tarvin and Kelsall","Delamare","Rural",null,"Land to rear of Castle View, Willington Road, Delamere, Northwich","Erection of one (1) dwelling and detached garage",null,null,"Mr N Cooper","Martin Holland martin@apexad.co.uk","Angela Wrigley","PDL","New build","C3","NO",null,null,"NO","No","Garden land",0.11,9.090909090909092,"15/03370/OUT (08/12/2018)","18/02418/REM","Full",null,null,"2018-06-21","2018-09-11","2021-09-11",1,0,1,{"$nulls":10},0,null,null,1,null,0,1,null,1,{"$nulls":3},"2017: Outline permission.No site visit\n2018: Outline permission.No site visit\n2019: Not started","Not started","2018:No site visit","Forecasts reviewed and unchanged based on planning status.",null,"=",null,1,null,null,1,{"$nulls":10},1,1,{"$nulls":31},0]
["Y",null,null,"TAK/0137","Tarvin and Kelsall","Oakmere","Rural","Oakmere","The Gables, Chester Road, Oakmere, Northwich, CW8 2HB","Erection of three detached dwellings",null,null,"Mr E Rowlands","Mark Bebbington m_bebbington@hotmail.com","Jill Stephens","PDL","New build","C3","NO",null,null,"NO","No","Windfall",0.3,10,"15/04214/OUT (07/12/2018)","18/02193/REM","Full",null,null,"2018-06-06","2018-09-14","2021-09-14",3,0,3,{"$nulls":10},0,null,null,3,null,0,3,null,3,{"$nulls":3},"2017: Outline permission.No site visit\n2018: Outline permission.No site visit\n2019: Not started","Not started","2018:No site visit","Forecasts reviewed and unchanged based on planning status.",null,"=",null,3,null,null,1,1,1,{"$nulls":8},3,3,{"$nulls":31},0]
["Y",null,null,"TAK/0139","Tarvin and Kelsall","Tarvin","Tarvin",null,"21 Andrews Close, Tarvin, CH3 8LN","Construction of one dwelling.",{"$nulls":5},"GF","New build","C3","YES",null,null,"NO","No","Garden land",null,{"$error":"#DIV/0!"},null,"15/04327/FUL","Full",null,null,"2015-10-22","2016-01-29","2019-01-29",1,0,1,{"$nulls":10},0,null,1,null,null,0,1,null,1,{"$nulls":3},"2016: Not started\n2017: Under construction\n2018: Stalled\n2019: Stalled","Stalled",null,"Site stalled. Forecasts reviewed and updated. Removed from deliverable supply.",null,"-","Stalled",0,{"$nulls":13},0,0,{"$nulls":31},0]
["Y",null,null,"TAK/0141","Tarvin and Kelsall","Tarvin","Tarvin",null,"Abbeyfield, Holme Street, Tarvin, CH3 8EQ","Change of use from single dwelling unit with self-contained annex and residential outbuildings to five (5) dwelling units\nRevised permission: Renovation of exsiting dwelling to create 3 dwellings and conversion of outbuildings to create 3 dwellings and erection of garages",{"$nulls":3},"McCormick Architecture Ltd: Mr Daniel Ilott",null,"PDL","Conversion / Change of use","C3","NO",null,null,"NO","No","Windfall",0.61,9.836065573770492,"15/04446/FUL\n18/00494/S73 (08/06/2018)","16/04928/FUL","Full",null,null,"2016-11-03","2015-12-16","2018-12-16",6,1,5,{"$nulls":8},-1,null,-1,null,6,null,null,0,6,null,6,"18/00494/S73 (08/09/2018) plans ",null,null,"2016:Not started\n2017-2018: Under construction\n2019:Under construction","Under construction",null,"Site under construction. Forecasts exceeded - reviewed and updated based on planning status and development progress.",null,"+","Delivery timescale <",6,null,6,{"$nulls":11},6,6,{"$nulls":31},0]
["Y","n/a","BLPU - IU","TAK/0143","Tarvin and Kelsall","Delamere and Oakmere","Rural",null,"Land at Sorbie, Waste Lane, Oakmere, CW8 2HG ","Demolition of existing dwelling and erection of two dwellings ","Sorbie Hunter Developments",null,"\nTEMZ Ltd ","Goodwin Planning Services Ltd",null,"PDL","New build","C3","NO",null,null,"NO","No","Windfall",null,{"$error":"#DIV/0!"},"15/04886/FU","17/03648/FUL","Full",null,null,"2017-08-02","2017-10-06","2029-10-06",2,1,1,{"$nulls":7},-1,null,null,1,2,{"$nulls":3},2,0,null,0,"16/00444/DIS - finished site and floor levels.","12.(16/00444/DIS",null,"2016: Demolition complete\n2017: Not started\n2018: Under construction\n2019: Complete","Complete",null,"Site complete. Forecasts achieved.",null,"=",null,0,{"$nulls":13},0,0,{"$nulls":7},2,{"$nulls":23},2]
["Y","Y",null,"TAK/0146","Tarvin and Kelsall","Delamere and Oakmere","Rural",null,"Farm Road Barns, Farm Road, Oakmere, Northwich, CW8 2DF","Change of use from existing disused garage (Class B1) to residential use (Class C3) with associated elevation changes. ",{"$nulls":3},"\nStudio 34 ",null,"PDL","Change of use","C3","NO",null,null,"NO","No","Windfall",null,{"$error":"#DIV/0!"},"18/00051/FUL (refused) (appeal dismissed)\n15/05095/FUL (11/03/2019) Expired","19/00672/FUL","Full pending",null,null,"2019-02-18",null,null,1,0,1,{"$nulls":10},0,{"$nulls":4},0,0,null,0,{"$nulls":3},"2016-2018: Not started\n2019: Not started","Not started. Permission expired","2018:Revised scheme awaiting decision","Permission expired. Forecasts reviewed and removed from deliverable supply.",null,"-","Permission expired",0,{"$nulls":13},0,0,{"$nulls":31},0]
["Y","n/a",null,"TAK/0147A","Tarvin and Kelsall","Kelsall","Kelsall",null,"The Beeches, Waste Lane, Kelsall, CW6 0PE ","Proposed erection of two domestic dwellings together with double garages",{"$nulls":3},"Project Architecture - Mr Peter Catherall",null,"GF","New build","C3","YES",null,null,"NO","No","Garden land",null,null,"15/04844/FUL (03/03/2016)","16/02477/FUL","Full",null,null,"2016-06-13","2016-08-01","2019-08-01",2,0,2,{"$nulls":9},1,2,1,{"$nulls":3},1,0,null,0,"Development not started","12-15. March 2016.",null,"2016: Not started\n2017: Under construction\n2018: Under construction\n2019: Complete","Complete",null,"Site complete. Forecasts achieved.",null,"=",null,0,{"$nulls":13},0,0,{"$nulls":3},1,{"$nulls":27},1]
["n/a","n/a",null,"TAK/0151","Tarvin and Kelsall","Kelsall","Kelsall",null,"Green Lane Farm, Green Lane, Kelsall",{"$nulls":6},"GF",{"$nulls":7},"HELAA",3.818,{"$nulls":11},0,{"$nulls":10},0,{"$nulls":4},0,0,null,0,{"$nulls":10},0,{"$nulls":13},0,0,{"$nulls":31},0]
["Y",null,null,"TAK/0152","Tarvin and Kelsall","Tarvin","Rural",null,"The Moss, Ryecroft Lane, Bruen Stapleford, CW6 0ET","Barn conversion to 7no residential dwellings (2x2bed and 5x4+bed houses)with associated gardens and landscaping",null,null,"Strutt and Parker","Strutt and Parker - Mrs Jo Redmond",null,"GF","Change of use","C3","NO",null,null,"YES","No","Windfall",0.26,{"$f":"SUM(AI694/Y694)","v":26.923076923076923},"16/04988/NMA","16/01088/FUL","Full",null,null,"2016-03-14","2016-06-10","2019-06-10",7,0,7,{"$nulls":10},0,null,null,7,null,0,7,null,7,{"$nulls":3},"2017-2018: Not started\n2019: Not started","Not started",null,"Forecasts reviewed and unchanged based on planning status.",null,"=",null,7,null,null,2,2,3,{"$nulls":8},7,7,{"$nulls":31},0]
["Y","n/a","Y BLPU - IU","TAK/0153","Tarvin and Kelsall","Kelsall","Kelsall",null,"West View, 6 Old Coach Road, Kelsall, CW6 0QJ","Erection of 1no three-bed detached property to the land to the rear of 6 Old Coach Road with 2no garages (2015 permission)\nErection of two 4 x bedroom houses with off street parking and two garages",null,null,"Mr Tom Dale","Avis Appleton & Associates - Mr Jon Grainger",null,"GF","New build","C3","NO",null,null,"NO","No","Windfall",0.02,100,"15/04805/FUL","16/02078/FUL","Full",null,"Allowed","2016-05-17","2016-09-29","2019-09-29",2,0,2,{"$nulls":10},2,2,{"$nulls":3},2,0,null,0,{"$nulls":3},"2017: Not started\n2018: Under construction\n2019: Complete","Complete",null,"Site complete. Forecasts exceeded.",null,"+","Delivery rate <",0,{"$nulls":13},0,0,{"$nulls":3},2,{"$nulls":27},2]
["Y","n/a",null,"TAK/0154A","Tarvin and Kelsall","Delamere","Rural",null,"Land At Yeld Lane Farm, Yeld Lane, Delamere, CW6 0TB","Detached dwelling with access  ",{"$nulls":5},"GF","New build","C3","NO",null,null,"NO","No","Windfall",null,{"$error":"#DIV/0!"},"16/02124/OUT\n17/03724/REM (06/11/2017)","18/00496/REM","Full",null,null,"2018-02-08","2018-03-27","2021-03-27",1,0,1,{"$nulls":10},1,1,{"$nulls":3},1,0,null,0,null,"3. March 2018. 17/05190/DIS",null,"2017: Outline permission.No site visit\n2018: Under construction\n2019: Complete","Complete","2018:Site delivering ahead of 2016/2017 forecast","Site complete. Forecasts achieved.",null,"=",null,0,{"$nulls":13},0,0,null,null,1,{"$nulls":28},1]
["Y","n/a","BLPU - IU","TAK/0154B","Tarvin and Kelsall","Delamere","Rural",null,"Yeld Lane Farm (garage), Yeld Lane, Delamere, CW6 0TB","Conversion of existing double garage to form one (1) detached dwelling",{"$nulls":5},"PDL","Change of use","C3","NO",null,null,"NO","NO","Windfall",null,{"$error":"#DIV/0!"},null,"16/03535/FUL","Full",null,null,"2016-08-12","2016-09-26","2019-09-26",1,0,1,{"$nulls":10},1,1,{"$nulls":3},1,0,null,0,{"$nulls":3},"2017: Not started\n2018: Not started\n2019: Complete\n2019: Complete","Complete",null,"Site complete. Forecasts exceeded.",null,"+","Delivery timescale <",0,{"$nulls":13},0,0,{"$nulls":6},1,{"$nulls":24},1]
["Y",null,null,"TAK/0155","Tarvin and Kelsall","Kelsall","Kelsall",null,"Adjacent The Woodlands, Quarry Lane, Kelsall","Erection of one detached dwelling with garage",null,null,"Mr J Waring","NJG Design - Nicola Gibson nicola@njgdesign.co.uk","Katie Richardson","GF","New build","C3","YES",null,null,"NO","No","Garden land",0.0853,11.723329425556859,"17/05331/FUL (withdrawn)\n16/02995/OUT (14/09/2019)","18/02714/REM","Full",null,null,"2018-07-13","2018-10-22","2021-10-22",1,0,1,{"$nulls":10},0,null,1,null,null,0,1,null,1,{"$nulls":3},"2017: Outline permission.No site visit\n2018: Outline permission.No site visit\n2019: Under construction","Under construction",null,"Site under construction. Forecasts exceeded - reviewed and updated based on development progress.",null,"+","Delivery timescale <",1,null,1,{"$nulls":11},1,1,{"$nulls":31},0]
["Y",null,null,"TAK/0157","Tarvin and Kelsall","Duddon","Rural",null,"Duddon Mill, Mill Lane, Duddon, CW6 0HA","Conversion of existing building to form 3 dwellings and erection of garage structure - resubmission of 15/04500/FUL  ",{"$nulls":5},"PDL","Change of use","C3","NO",null,null,"NO","NO","Windfall",null,{"$error":"#DIV/0!"},null,"16/03203/FUL","Full",null,null,"2016-07-26","2016-09-29","2019-09-29",3,0,3,{"$nulls":10},0,null,null,3,null,0,3,null,3,{"$nulls":3},"2017-2018: Not started\n2019: Not started","Not started","2018:Site marketed with permission (Wright Marshall)","Forecasts reviewed and unchanged based on planning status.",null,"=",null,3,null,null,1,2,{"$nulls":9},3,3,{"$nulls":31},0]
["Y","Y","BLPU - IU","TAK/0159","Tarvin and Kelsall","Tarporley","Rural",null,"Rear of The Nook, Back Lane/Tarporley Road, Duddon, CW6 0EW","Construction of single dwelling",null,null,"Mr R Cuthbertson",null,null,"PDL","New build","C3","YES",null,null,"NO","No","Garden land",null,{"$error":"#DIV/0!"},"15/04415/FUL (27/07/2016)","16/04895/FUL","Full",null,"Allowed","2016-11-01","2016-11-30","2019-11-27",1,0,1,{"$nulls":10},0,null,1,null,null,0,1,null,1,null,"3.4.7.8.10. March 2017. 17/00339/DIS",null,"2017-2018: Not started\n2019: Under construction","Under construction",null,"Site under construction. Forecasts reviewed and unchanged based on planning status and development progress.",null,"=",null,1,null,1,{"$nulls":11},1,1,{"$nulls":31},0]
["Y",null,null,"TAK/0160","Tarvin and Kelsall","Tarvin","Tarvin",null,"Willow Run, Barrow Lane, Tarvin, CH3 8JF","Change of use of part of building to create one apartment  ",{"$nulls":5},"PDL","Change of use","C3","NO",null,null,"NO","No","Windfall",null,{"$error":"#DIV/0!"},null,"16/02323/FUL","Full",null,null,"2016-06-02","2016-08-17","2019-08-17",1,0,1,{"$nulls":10},0,null,1,null,null,0,1,null,1,{"$nulls":3},"2017-2018: Not started\n2019: Under construction","Under construction",null,"Site under construction. Forecasts reviewed and unchanged based on development progress.",null,"=",null,1,null,1,{"$nulls":11},1,1,{"$nulls":31},0]
["Y","n/a",null,"TAK/0161","Tarvin and Kelsall","Clotton Hoolfield","Rural",null,"Hoofield Hall, Hoofield Lane, Huxley, CH3 9BL ","Conversion of cubicle building for dairy cattle to dwellinghouse  ",{"$nulls":5},"GF","Change of use","C3","NO",null,null,"YES","No","Windfall",null,{"$error":"#DIV/0!"},"16/03130/PDQ","17/01865/FUL","Full",null,null,"2017-04-24","2017-07-05","2020-07-05",1,0,1,{"$nulls":10},1,1,{"$nulls":3},1,0,null,0,{"$nulls":3},"2017: Not started\n2018: Under construction\n2019: Complete","Complete",null,"Site complete. Forecasts achieved.",null,"=",null,0,{"$nulls":13},0,0,null,null,1,{"$nulls":28},1]
["Y",null,null,"TAK/0164","Tarvin and Kelsall","Tarvin","Rural",null,"Oscroft Farm, Shay Lane, Oscroft, Nr. Tarvin, CH3 8NW","Part demolition of existing cow shed and conversion to create 1 dwelling, conversion of existing barn to create 3 dwellings and erection of single and triple detached garages, new vehicle access and change of use of land to provide domestic curtilage ","Cheshire Barn Homes ",{"$nulls":4},"GF","Change of use","C3","NO",null,null,"YES","No","Windfall",null,{"$error":"#DIV/0!"},"15/05022/FUL\n17/01523/S73\n18/01113/S73\n18/02416/S73 (24/7/2018)","17/02938/FUL","Full",null,null,"2017-07-25","2017-08-21","2020-08-21",4,0,4,{"$nulls":10},0,null,4,null,null,0,4,null,4,"18/02416/S73 - plans and site layout","3.9-11. 17/01527/DIS June 2017",null,"2017: Not started\n2018: Under construction\n2019: Under construction","Under construction",null,"Site under construction. Forecasts reviewed and unchanged based on planning status and development progress.",null,"=",null,4,null,3,1,{"$nulls":10},4,4,{"$nulls":31},{"$f":"SUM(CE703:DD703)","v":0}]
["Y",null,null,"TAK/0166","Tarvin and Kelsall","Tarvin","Rural",null,"Weetwood Grange (brewery building), Weetwood, Tarporley, CW6 0NQ ","Conversion of existing barn to living accommodation  ",{"$nulls":5},"GF","Change of use","C3","NO",null,null,"YES","No","Windfall",null,{"$error":"#DIV/0!"},null,"16/05162/FUL","Full",null,null,"2016-11-18","2017-02-21","2020-02-21",1,0,1,{"$nulls":10},0,null,null,1,null,0,1,null,1,{"$nulls":3},"2017: Not started\n2018: Not started\n2019: Not started","Not started",null,"Forecasts reviewed and updated based on planning status.",null,"-","Delivery timescale >",1,null,null,1,{"$nulls":10},1,1,{"$nulls":31},0]
["Y","n/a",null,"TAK/0167","Tarvin and Kelsall","Duddon and Burton","Rural",null,"DAMSON VIEW - Land at Holly Bank, Duddon Common Lane, Duddon, CW6 0HG","Change of use of existing building to one (1) dwelling",{"$nulls":5},"PDL","Change of use","C3","NO",null,null,"NO","No","Windfall",null,null,"16/05315/FUL\n18/01452/NMA","17/03128/NMA","Full",null,null,"2017-07-17","2017-07-25","2022-07-25",1,0,1,{"$nulls":10},1,1,{"$nulls":3},1,0,null,0,{"$nulls":3},"2018: Not started\n2019: Complete","Complete",null,"Site complete. Forecasts exceeded.",null,"+","Delivery timescale <",0,{"$nulls":13},0,0,null,null,1,{"$nulls":28},1]
["Y",null,null,"TAK/0168","Tarvin and Kelsall","Delamere and Oakmere","Rural",null,"Sandiford Lodge, Sadlers Lane, Cotebrook, Tarporley, CW6 0LG","Conversion of existing stables to one dwelling",{"$nulls":5},"PDL","Change of use","C3","NO",null,null,"NO","No","Windfall",null,{"$f":"SUM(AI706/Y706)","v":{"$error":"#DIV/0!"}},null,"17/02233/FUL","Full",null,null,"2017-05-31","2017-08-03","2020-08-03",1,0,{"$f":"AI706-AJ706","v":1},{"$nulls":10},0,null,null,1,null,0,{"$f":"SUM(AX706+AY706)","v":1},null,1,{"$nulls":3},"2018: Not started\n2019: Not started","Not started",null,"Forecasts reviewed and updated based on planning status.",null,"-","Delivery timescale >",{"$f":"SUM(BQ706:BU706)","v":1},null,null,1,{"$nulls":10},{"$f":"SUM(BQ706:CA706)","v":1},{"$f":"SUM(BQ706:CB706)","v":1},{"$nulls":31},0]
["Y",null,null,"TAK/0169","Tarvin and Kelsall","Clotton Hoolfield","Rural",null,"Iddenshall Grange (outbuildings), High Street, Clotton, Chester","Conversion of coach barn into one (1) dwelling, conversion of cow shed into one (1) dwelling and conversion of mill barn into one (1) dwelling",{"$nulls":5},"GF","Change of use","C3","NO",null,null,"YES","No","Windfall",null,{"$f":"SUM(AI707/Y707)","v":{"$error":"#DIV/0!"}},"17/04500/PDQ","17/04500/PDQ","PDQ",null,null,"2017-10-12","2018-01-04","2021-12-01",3,0,3,{"$nulls":10},0,null,1,2,null,0,3,null,3,{"$nulls":3},"2018: Not started\n2019: Under construction","Under construction",null,"Site under construction. Forecasts reviewed and unchanged based in development progress.",null,"=",null,3,null,1,1,1,{"$nulls":9},3,3,{"$nulls":31},0]
["Y","Y",null,"TAK/0170","Tarvin and Kelsall","Kelsall","Kelsall",null,"Land at Netherset, Quarry Lane, Kelsall, CW6 0PD","One new dwelling including new access point",{"$nulls":3},"BA Architects - Sarah Aspinall sarah@ba-architects.co.uk",null,"GF","New build","C3","NO",null,null,"No","No","Windfall",0.05,null,"16/05197/OUT (24/05/2020)","18/04075/REM","Outline. REM pending",null,null,"2018-10-18","2017-05-24","2020-05-24",1,0,1,{"$nulls":10},0,null,null,1,null,0,1,null,1,{"$nulls":3},"2018: Outline permission. No site visit\n2019: Outline permission. No site visit","Not started","2018:No site visit","Forecasts reviewed and unchanged based on planning status.",null,"=",null,1,null,null,1,{"$nulls":10},1,1,{"$nulls":31},0]
["Y","n/a","BLPU - IU","TAK/0173","Tarvin and Kelsall","Kelsall","Kelsall",null,"1 Earles Lane, Kelsall, Chester, CW6 0QR","Demolition of existing bungalow and replacement with two new domestic dwellings and one new garage (one existing garage to be retained)  (2x4beds)",{"$nulls":3},"njg Architectural Design - Mrs Nicola Gibson nicola@njgdesign.co.uk",null,"PDL","New build","C3","NO",null,null,"NO","No","Windfall",{"$nulls":3},"17/05101/FUL","Full",null,null,"2017-11-29","2018-02-09","2021-02-09",2,1,1,{"$nulls":9},-1,1,2,{"$nulls":3},2,0,null,0,{"$nulls":3},"2018: Under construction\n2019: Complete","Complete",null,"Site complete. Forecasts exceeded.",null,"+","Delivery rate <",0,{"$nulls":13},0,0,{"$nulls":3},2,{"$nulls":27},2]
["Y",null,null,"TAK/0174","Tarvin and Kelsall","Willington","Rural",null,"Manor Farm, Willington Road, Tarvin, CW6 0NG","Conversion of existing redundant farm buildings into two (2) residntial units",{"$nulls":5},"GF","Change of use","C3","NO",null,null,"YES","No","Windfall",null,{"$f":"SUM(AI710/Y710)","v":{"$error":"#DIV/0!"}},"16/03468/FUL","16/03468/FUL","Full",null,null,"2016-08-09","2018-01-08","2021-01-08",2,0,2,{"$nulls":10},0,null,null,2,null,0,2,null,2,{"$nulls":3},"2018: Not started\n2019: Not started","Not started",null,"Forecasts reviewed and unchanged based on planning status.",null,"=",null,2,null,null,2,{"$nulls":10},2,2,{"$nulls":31},0]
["Y",null,null,"TAK/0175","Tarvin and Kelsall","Huxley","Rural",null,"Hoofield Smithy, Hoofield Lane, Huxley, CH3 9BL","Extension and modification of existing property to include change of use of exsiting smithy into residential use","Cheshire Barn Homes ",null,null,"McCormick Architecture Ltd (Phillip McCormick)",null,"PDL","Change of use","C3","NO",null,null,"NO","No","Windfall",null,{"$f":"SUM(AI711/Y711)","v":{"$error":"#DIV/0!"}},"17/01326/FUL","17/01326/FUL","Full",null,null,"2017-03-21","2017-08-31","2020-08-31",1,0,1,{"$nulls":10},0,null,1,null,null,0,1,null,1,{"$nulls":3},"2018: Not started\n2019: Under construction","Under construction",null,"Site under construction. Forecasts reviewed and unchanged based on development progress.",null,"=",null,1,null,1,{"$nulls":11},1,1,{"$nulls":31},0]
["Y",null,null,"TAK/0178","Tarvin and Kelsall",null,"Rural",null,"Land at Long Acre, Broomheath Lane, Bruen Stapleford, Chester","Conversion of outbuilding to form single dwelling",{"$nulls":5},"GF","Change of use","C3","NO",null,null,"YES","No","Windfall",{"$nulls":3},"18/00313/FUL","Full",null,null,"2018-01-24","2018-03-26","2021-03-26",1,0,1,{"$nulls":10},0,null,null,1,null,0,1,null,1,{"$nulls":3},"2018: Not started\n2019: Not started","Not started",null,"Forecasts reviewed and updated based on planning status.",null,"-","Delivery timescale >",1,null,null,1,{"$nulls":10},1,1,{"$nulls":31},0]
["Y",null,null,"TAK/0179","Tarvin and Kelsall","Delamere and Oakmere","Rural",null,"Adjacent 11 Station Road,  Delamere, Northwich","One new dwelling",null,null,"Mr A Davies",null,"Jennie Poynton","GBGF","New build","C3",{"$nulls":3},"NO","No","Windfall",{"$nulls":3},"18/00774/OUT","Outline",null,null,"2018-02-26","2018-05-11","2021-05-11",1,0,1,{"$nulls":10},0,null,null,1,null,0,1,null,1,{"$nulls":3},"2019: Outline permission. No site visit","Not started",null,"New permission. Forecasting assumptions applied.",null,"New",null,1,{"$nulls":3},1,{"$nulls":9},1,1]
["Y",null,null,"TAK/0180","Tarvin and Kelsall","Delamere and Oakmere","Winsford",null,"Sandy Brow Stables, Tarporley Road, Delamere, CW6 9EG ","Extensions and conversion of equestrian buildings into 8 dwellings and associated garages and stores. Construction of new garage",{"$nulls":3},"Andrew Jones andrew@chartland.co.uk","Liza Woodray","PDL","Change of use","C3","NO",null,null,"NO","No","Windfall",{"$nulls":3},"18/00077/FUL","Full",null,null,"2018-01-10","2018-07-11","2021-07-11",8,0,8,{"$nulls":10},0,null,null,8,null,0,8,null,8,{"$nulls":3},"2019: Not started","Not started",null,"New permission. Forecasting assumptions applied.",null,"New",null,8,null,null,1,3,4,{"$nulls":8},8,8]
["Y",null,null,"TAK/0181","Tarvin and Kelsall",null,"Rural",null,"Tirley Farm, Tirley Lane, Willington, Chester, CW6 0JT"," Change of use of agricultural building to 2 dwellings",{"$nulls":3},"GDA Designs - David Allen david@gdadesigns.co.uk","Ed Shepherd","GF","Change of use","C3","NO",null,null,"YES","No","Windfall",null,{"$f":"SUM(AI715/Y715)","v":{"$error":"#DIV/0!"}},null,"18/02390/PDQ","PDQ",null,null,"2018-06-18","2018-08-22","2021-08-22",2,0,2,{"$nulls":10},0,null,null,2,null,0,2,null,2,{"$nulls":3},"2019: Not started","Not started",null,"New permission. Forecasting assumptions applied.",null,"New",null,2,null,null,1,1,{"$nulls":9},2,2]
["Y",null,null,"TAK/0184","Tarvin and Kelsall","Kelsall","Kelsall",null,"Land at Green Lane Farm, Green Lane, Kelsall","Agricultural building (milking parlour) into one dwelling",{"$nulls":3},"LS Planning - Les Smith leslie@lsplanning.co.uk","Jill Stephens","GF","Change of use","C3","NO",null,null,"Yes","No","HELAA",0.367,null,null,"18/01066/PDQ","PDQ",null,null,"2018-03-15","2018-04-18","2021-04-18",1,0,1,{"$nulls":10},0,null,null,1,null,0,1,null,1,{"$nulls":3},"2019: Not started","Not started",null,"New permission. Forecasting assumptions applied.",null,"New",null,1,null,null,1,{"$nulls":10},1,1,{"$nulls":31},{"$f":"SUM(CE716:DD716)","v":0}]
["Y",null,null,"TAK/0185","Tarvin and Kelsall","Tarvin","Rural",null,"Craythorne, Tarporley Road, Tarvin, CH3 8NF ","Conversion of existing outbuildings into 2 dwellings ",{"$nulls":4},"Ben Greenwood","GF","Conversion","C3","NO",null,null,"YES","NO","Windfall",{"$nulls":3},"18/04535/FUL","Full",null,null,"2018-11-22","2019-02-15","2022-02-15",2,0,2,{"$nulls":10},0,null,null,2,null,0,2,null,2,{"$nulls":3},"2019: Not started","Not started",null,"New permission. Forecasting assumptions applied.",null,"New",null,2,null,null,2,{"$nulls":10},2,2]
["Y",null,null,"TAR/0002","Tarporley","Little Budworth","Rural",null,"Adjacent The Egerton Arms, Pinfold Lane, Little Budworth, Tarporley","Erection of four (4) detached dwellings and associated access.\nS73 - variation of condition 2 (approved plans) to alter site layou, housetypes","MCI Developments",null,null,"Goodwin Planning Services Ltd (Steve Goodwin)\nSavills",null,"GF","New build","C3","NO",null,null,"NO","No","HELAA",null,{"$f":"SUM(AI718/Y718)","v":{"$error":"#DIV/0!"}},"13/02460/FUL (26/02/2017)","16/02068/S73","Full",null,null,"2016-05-17","2016-08-24","2019-08-24",4,0,4,{"$nulls":10},0,null,4,null,null,0,4,null,4,"17/00238/AI - receieved Feb 2017","16/05171/S73 - removal of affordable housing and plans\n2(variation). 16/02068/S73\n3-7.9-11.13-18. January 2017. 16/05137/DIS","Y","2016: Development started\n2017: Site cleared\n2018: Development started (groundworks)\n2019: Under construction","Under construction","2018:Egerton Meadow developmemnt marketed (Savills)","Site under construction. Forecasts exceeded - reviewed and updated based on planning status and development progress.",null,"+","Delivery timescale <",4,null,4,{"$nulls":11},4,4,{"$nulls":31},{"$f":"SUM(CE718:DD718)","v":0}]
["n/a","n/a",null,"TAR/0004","Tarporley","Little Budworth","Rural",null,"Land at Brickfield Farm, Tarporley",{"$nulls":6},"GF",{"$nulls":7},"HELAA",2.158,{"$nulls":11},0,{"$nulls":10},0,{"$nulls":4},0,0,null,0,{"$nulls":10},0,{"$nulls":13},0,0,{"$nulls":31},0]
["Y",null,null,"TAR/0005","Tarporley","Tarporley","Tarporley",null,"Land at Parklands, Park Road, Tarporley","Erection of one (1) agricultural workers dwelling",{"$nulls":5},"GF","New build","C3 workers","NO",null,null,"NO","No","Windfall",null,{"$f":"SUM(AI720/Y720)","v":{"$error":"#DIV/0!"}},null,"10/01357/FUL","Full",{"$nulls":3},"2010-10-14","2013-10-14",1,0,1,{"$nulls":10},0,null,1,null,null,0,1,null,1,"Stalled",null,null,"2016-2018: Site stalled\n2019: Stalled. No planning status and development progress","Stalled",null,"Site stalled. No change to forecasts. Not included in deliverable supply.",null,"=",null,0,{"$nulls":13},0,0,{"$nulls":31},0]
["n/a","n/a",null,"TAR/0008","Tarporley","Little Budworth","Rural","Little Budworth","Land north of Well Lane, off Mill Lane, Little Budworth",{"$nulls":6},"GF",{"$nulls":7},"HELAA",2.291,{"$nulls":11},0,{"$nulls":10},0,{"$nulls":4},0,0,null,0,{"$nulls":10},0,{"$nulls":13},0,0,{"$nulls":31},0]
["n/a","n/a",null,"TAR/0009","Tarporley","Utkinton","Rural","Utkinton","Land at John Street, north of Village Hall, Utkinton",{"$nulls":6},"GF",{"$nulls":7},"HELAA",0.299,{"$nulls":11},0,{"$nulls":10},0,{"$nulls":4},0,0,null,0,{"$nulls":10},0,{"$nulls":13},0,0,{"$nulls":31},0]
["n/a","n/a",null,"TAR/0010","Tarporley","Utkinton","Rural","Utkinton","Land at John Street, opposite Quarry Bank, Utkinton",{"$nulls":6},"GF",{"$nulls":7},"HELAA",0.768,{"$nulls":11},0,{"$nulls":10},0,{"$nulls":4},0,0,null,0,{"$nulls":10},0,{"$nulls":13},0,0,{"$nulls":31},0]
["n/a","n/a",null,"TAR/0011","Tarporley","Tarporley","Tarporley",null,"Rear of The Bakery, High Street, Tarporley",{"$nulls":6},"GF",{"$nulls":7},"HELAA",null,{"$f":"SUM(AI724/Y724)","v":{"$error":"#DIV/0!"}},{"$nulls":8},0,0,0,null,0,{"$nulls":8},0,{"$nulls":4},0,0,null,0,{"$nulls":10},0,{"$nulls":13},0,0,{"$nulls":31},0]
["Y","Y",null,"TAR/0020","Tarporley","Tarporley","Tarporley",null,"HADDINGTON PARK, Land to rear of 3 to 9 Spring Hill, Tarporley","Residential development of up to 100 new dwellings, Allowed on appeal.\n2017 application: erection of 21 dwellings (net increase of 5 dwellings on planning application 15/00815/REM form 95 to 100 dwellings, in accordance with 100 house limit set out in outline permission)","David Wilson Homes",null,null,"Fox Strategic Land and Porperty",null,"GF","New build","C3","NO",null,null,"NO","No","HELAA",null,{"$f":"SUM(AI725/Y725)","v":{"$error":"#DIV/0!"}},"11/04261/OUT \n14/00234/S73\n15/00815/REM\n\n","17/02956/FUL","Full",null,"Allowed","2017-07-06","2017-08-30","2020-08-30",100,0,100,null,30,{"$nulls":6},23,28,82,31,18,1,null,31,19,null,19,"14/00830/AI - initial notice cancelled (Jan 2017)\nApplication refused by the LA, decision upheld by an Inspector at appeal. Decision overturned by SoS and application granted permission 29th August 2013. 12/00477/OUT (refused). Reserved matters approved fro up to 100 dwellings.\nNMA to planning layout approved 15/05172/NMA","1 -29. October 2016. 15/01479/DIS\n7.19.22.24.28-30. October 2016. 15/03355/DIS",null,"2016-2017: Under construction\n2018: Under construction. Amended layout approved (100 units)\n2019: Under construction","Under construction","2018:Amended layout approved. Total=100 units.Delivery forecasts provided","Site under construction. Forecasts reviewed and unchanged based on planning status, development progress and forecasting information.",null,"=",null,19,null,19,{"$nulls":11},19,19,null,null,2,12,2,{"$nulls":10},15,{"$nulls":15},31]
["n/a","n/a",null,"TAR/0023","Tarporley","Eaton","Rural","Eaton","Land to rear of 1 - 19 Edgewell Lane and 18 - 24 Winterford Lane, Eaton, Tarporley",{"$nulls":6},"GF",{"$nulls":7},"HELAA",0.996,{"$nulls":11},0,{"$nulls":10},0,{"$nulls":4},0,0,null,0,{"$nulls":10},0,{"$nulls":13},0,0,{"$nulls":31},0]
["Y",null,"BLPU - IU","TAR/0040","Tarporley","Rushton","Rural",null,"Former Red Lion Inn, Eaton Lane, Eaton, Tarporley, CW6 9AG","Four (4) dwellings and associated access works (demolition of public house)\n2017 application approved for erection of 5 dwellings","Apex Construction and Developments",null,null,"Camstead Ltd",null,"PDL","New build","C3","NO",null,null,"NO","No","Windfall",null,{"$f":"SUM(AI727/Y727)","v":{"$error":"#DIV/0!"}},"13/01679/FUL\n18/01331/NMA","17/02626/FUL","Full",null,null,"2017-06-23","2017-08-30","2020-08-30",5,0,5,null,1,{"$nulls":8},1,1,4,null,null,1,4,null,4,"Street name and numbering have said the site is complete - only one unit is complete, site is still a building site with mud. No-one living on site. \nWhitestones retail and leisure\n18/00239/AI - initial notice accepted - expected start date 12/2/18\n18/01331/NMA - amendments to plot 3","4.8.9.12.13.15-17. December 2016. 16/03224/DIS\n3-9.14.16-18. January 2018. 17/0515/DIS",null,"2015: Development commenced\n2017: Demolition complete\n2018: Under construction\n2019: Under construction\n2019: Under construction","Under construction","2018:Site expected to complete within 12 months","Site under construction. Forecasts reviewed and unchanged based on planning status and development progress.",null,"=",null,4,null,4,{"$nulls":11},4,4,{"$nulls":3},1,{"$nulls":27},1]
["Y","Y",null,"TAR/0042","Tarporley","Tarporley","Tarporley",null,"MULBERRY PLACE #2 - Former Brook Farm Residential Special School, Brook Road, Tarporley, CW6 9HH","Hybrid planning application seeking full planning permission for 90 residential dwellings and outline planning permission for up to 10 affordable dwellings and outdoor sports and recreation facilities with all matters reserved\n10 AFFORDABLE DWELLINGSG (OUTLINE)",{"$nulls":3},"HOW Planning (Tom Simons)","Liza Woodray","GF","New build","C3","NO",null,null,"NO","No","HELAA",null,{"$error":"#DIV/0!"},"13/02118/FUL (04/10/2016)",{"$nulls":7},10,0,10,null,10,{"$nulls":8},0,{"$nulls":4},0,0,10,10,"Hybrid application-Full permission = 60 market, 17 social rented, 13 intermediate. Additional 10 affordable units in outline only",{"$nulls":5},"Foreacasts reviewed and unchanged. Not included in deliverable supply.",{"$nulls":3},0,{"$nulls":7},5,5,{"$nulls":4},10,10,{"$nulls":31},0]
["Y",null,null,"TAR/0043","Tarporley","Little Budworth","Rural",null,"The Nook, Vicarage Lane, Little Budworth, Tarporley, CW6 9BY","Demolition of The Nook and constructionof two 4-bed detached dwellings",{"$nulls":5},"PDL","New build","C3","NO",null,null,"NO","No","Windfall",null,{"$error":"#DIV/0!"},"13/04301/FUL (expired)","17/03540/FUL","Full",null,null,"2017-08-15","2017-11-09","2020-11-09",2,1,1,{"$nulls":10},-1,null,1,1,1,-1,2,null,2,null,"3.6 (July 2018) 18/01910/DIS",null,"2015-2016:Not started\n2017: Not started.New app approved\n2018: Not started\n2019: Under construction","Under construction","2018:New permission granted","Site under construction. Forecasts exceeded - reviewed and updated based on planning status and development progress.",null,"+","Delivery timescale <",1,null,null,1,{"$nulls":10},1,1,{"$nulls":3},1,{"$nulls":27},1]
["Y","Y",null,"TAR/0066a","Tarporley","Tarporley","Tarporley",null,"POPPY LANE - Legion Hall, High Street, Tarporley, CW6 0AR","Demolition of RBL club hall and erection of 10 dwellings on former car park and allotments, access road and ancillary works","Enlighten Developments",{"$nulls":4},"PDL","New build","C3","NO",null,null,"NO","No","NP allocation",null,{"$error":"#DIV/0!"},null,"17/00760/FUL","Full",null,null,"2017-02-23","2017-08-31","2020-08-31",10,0,10,{"$nulls":10},{"$f":"SUM(AN730:AU730)+BA730","v":0},null,10,null,null,{"$f":"SUM(AW730-AZ730)","v":0},10,null,10,null,"3.4.10.12. Aug 2018. 18/00311/DIS",null,"2018: Development commenced. Demolition complete\n2019: Under construction","Under construction","2018:Demolition complete.Groundworks started","Neighbourhood plan allocation.\nSite under construction. Forecasts exceeded - reviewed and updated based on planning status and development progress.",null,"+","Delivery timescale <",10,null,10,{"$nulls":11},10,10,{"$nulls":31},0]
["Y","Y",null,"TAR/0074","Tarporley","Tarporley","Tarporley",null,"CHESTNUT GRANGE - rear 32 and 32A High Street (Daffodil Field), Tarporley","Residential development of 28 dwellings including access, parking, landscaping and associated works (demolition of outbuilding and partial demolition of wall) - Amendment to application 14/00732/FUL ","Jones Homes",null,"P E Jones (Contractors) Ltd","The Emerson Group - Planning Department",null,"GF","New build","C3","NO",null,null,"NO","No","Windfall",null,{"$error":"#DIV/0!"},"18/01558/FUL","14/00732/FUL","Full",null,"Allowed","2015-02-19","2016-02-25","2019-02-25",28,0,28,null,9,{"$nulls":8},0,null,20,8,null,0,28,null,28,"17/03331/S73 - withdrawn (amendment of plans)\n14/00703/PAI - conditionally approved\nAllowed on appeal - APP/A0665/A/14/2227851 \n14/03549/FUL also refused\n18/01558/FUL - amendments to plots 1-28","3-6.10.16.19.20.21. 18/01093/DIS Oct 2018\n8.11.15 (Aug 18) 18/02075/DIS",null,"2016-2017: Not started\n2018: Not started\n2019: Under construction","Under construction","2019: All market units under construction. Completions April to October. Affordable units not started","Site under construction. Forecasts exceeded - reviewed and updated based on planning status and development progress.",null,"+","Delivery rate >\nDelivery timescale <",28,null,20,8,{"$nulls":10},28,28,{"$nulls":31},0]
["Y","n/a",null,"TAR/0080","Tarporley","Little Budworth","Rural","Little Budworth","Land at Park Road, (Grid Ref 359280 364829), Little Budworth, Tarporley","Conversion to three Dwellings (0.24ha)",null,null,"Oulton Estate","The Planning Consultancy (Matthew Gilbert)",null,"GF","Change of use","C3","NO",null,null,"YES","No","Windfall",0.24,12.5,null,"15/01027/PMB","PMB",null,null,"2015-03-10","2015-05-12","2020-05-12",3,0,3,{"$nulls":8},2,null,3,1,{"$nulls":3},1,0,null,0,{"$nulls":3},"2016: Under construction\n2017: Under construction\n2018: Under construction\n2019: Complete","Complete",null,"Site complete. Forecasts achieved.",null,"=",null,0,{"$nulls":13},0,0,null,null,1,{"$nulls":28},1]
["Y",null,null,"TAR/0081","Tarporley","Little Budworth","Rural",null,"Bawk House, Hickhurst Lane, Little Budworth, Tarporley, CW6 9AY ","Conversion of existing barn into two dwellings and erection of detached double garage",null,null,"Mrs A Flannigan",null,"Angela Wrigley","GF","Change of use","C3","NO",null,null,"YES","No","Windfall",null,null,"15/01369/FUL (complete)","18/02592/FUL","Full",null,null,"2018-07-05","2018-11-23","2021-11-23",2,0,2,{"$nulls":10},0,null,null,2,null,0,2,null,2,{"$nulls":3},"2019: Not started","Not started",null,"New permission. Forecasting assumptions applied.",null,"New",null,2,null,null,2,{"$nulls":10},2,2]
["Y",null,null,"TAR/0088B","Tarporley","Little Budworth","Rural",null,"Oulton Lowe Farm, Hickhurst Lane, Little Budworth, CW6 9AY","Conversion of farm building to three (3) dwelling houses",{"$nulls":3},"Wharfe Consultancy - Ben Wharfe",null,"GF","Change of use","C3","NO",null,null,"YES","No","Windfall",null,{"$f":"SUM(AI734/Y734)","v":{"$error":"#DIV/0!"}},"16/02195/FUL","16/05404/FUL","Full",null,null,"2016-12-06","2017-02-15","2020-02-15",3,0,3,{"$nulls":10},0,null,null,3,null,0,3,null,3,{"$nulls":3},"2017: Not started\n2018: Not started\n2019: Not started","Not started",null,"Forecasts reviewed and unchanged based on planning status.",null,"=",null,3,null,null,1,2,{"$nulls":9},3,3,{"$nulls":31},{"$f":"SUM(CE734:DD734)","v":0}]
["Y","n/a",null,"TAR/0093","Tarporley","Eaton","Rural",null,"Deer Park Farm, Lightfoot Lane, Eaton, Tarporley, CW6 9AF","Change of use of part of agricultural building to form a dwelling  ",null,null,"Mr Richard Reeves","Ms Pamela Bates",null,"GF","Change of use","C3","NO",null,null,"YES","No","Windfall",null,{"$f":"SUM(AI735/Y735)","v":{"$error":"#DIV/0!"}},"16/02862/FUL","17/00727/FUL","Full",null,null,"2017-03-30","2017-05-02","2020-05-02",1,0,1,{"$nulls":10},1,1,{"$nulls":3},1,0,null,0,{"$nulls":3},"2017: Not started\n2018: Not started\n2019: Complete","Complete",null,"Site complete. Forecasts exceeded.",null,"+","Delivery timescale <",0,{"$nulls":13},0,0,null,null,1,{"$nulls":28},1]
["Y",null,null,"TAR/0094","Tarporley","Tarporley","Tarporley",null,"Land at Deansfield, 10 Forest Road, Tarporley, CW6 0HX","One (1) new dwelling",{"$nulls":5},"GF","New build","C3","YES",null,null,"NO","No","Garden land",null,{"$f":"SUM(AI736/Y736)","v":{"$error":"#DIV/0!"}},"17/01872/S73","16/02449/FUL","Full",null,null,"2016-06-10","2016-09-19","2019-09-19",1,0,1,{"$nulls":10},0,null,1,null,null,0,1,null,1,null,"3.4.7. December 2017. 17/05028/DIS",null,"2017: Not started\n2018: Not started\n2019: Under construction","Under construction",null,"Site under construction. Forecasts reviewed and unchanged based on development progress.",null,"=",null,1,null,1,{"$nulls":11},1,1,{"$nulls":31},0]
["Y",null,null,"TAR/0098","Tarporley","Tarporley","Rural",null,"Ash Hill Farm, Rode Street, Tarporley, CW6 0EF","Conversion of agricultural building to dwelling and provision of garage / store / workshop",{"$nulls":5},"GF","Change of use","C3","NO",null,null,"YES","No","Windfall",null,{"$f":"SUM(AI737/Y737)","v":{"$error":"#DIV/0!"}},null,"16/03340/FUL","Full",null,null,"2016-08-01","2016-10-17","2019-10-17",1,0,1,{"$nulls":10},0,null,null,1,null,0,1,null,1,"14/03552/PMB - 3 dwellings refused","3. February 2018. 18/00502/DIS",null,"2017: Not started\n2018: Not started\n2019: Not started","Not started","Not started","Forecasts reviewed and updated based on planning status.",null,"-",null,1,null,null,1,{"$nulls":10},1,1,{"$nulls":31},0]
["Y","n/a","BLPU - IU","TAR/0100","Tarporley","Rushton","Rural",null,"Mill Pool Restaurant, Outlon Mill Lane, Rushton, Tarporley, CW6 9BE","Demolition of restaurant and erection of two dwellings with detached garages and associated access amendments",{"$nulls":5},"PDL","New build","C3","NO",null,null,"NO","No","Windfall",null,null,"17/05450/NMA","16/04122/FUL","Full",null,null,"2016-09-12","2016-11-18","2019-11-18",2,0,2,{"$nulls":9},1,2,1,{"$nulls":3},1,0,null,0,"16/00141/DEMOL - pending\n17/00666/FP - received (March 2017)\n17/05450/NMA - amendments to gate",null,null,"2017: Development commenced. Demolition complete\n2018: Under construction\n2019: Complete","Complete","2017:Public house demolished\n2018:Plot 1 complete\n2019: Complete","Site complete. Forecasts achieved.",null,"=",null,0,{"$nulls":13},0,0,{"$nulls":4},1,{"$nulls":26},1]
["Y",null,null,"TAR/0101","Tarporley","Tarporley","Rural",null,"Heesch, 8 Eaton Road, Tarporley, CW6 0BJ","Conversion and extension of double garage into a dwelling, creation of a parking area for Heesch and alterations to the vehicular access. ",{"$nulls":5},"PDL","Change of use","C3","No",null,null,"NO","No","Windfall",null,{"$f":"SUM(AI739/Y739)","v":{"$error":"#DIV/0!"}},"18/00467/S73","15/04255/FUL","Full",null,"Allowed \nAPP/A0665/W/16/3155577 ","2015-10-02","2017-01-11","2020-01-11",1,0,1,{"$nulls":10},0,null,null,1,null,0,1,null,1,"18/00467/S73 - vary plans","3.5 (August 2018) 18/00467/S73",null,"2017: Not started\n2018: Not started\n2019:Not started","Not started",null,"Forecasts reviewed and updated based on planning status.",null,"-",null,1,null,null,1,{"$nulls":10},1,1,{"$nulls":31},0]
["Y",null,null,"TAR/0102","Tarporley","Tarporley","Rural",null,"Birch Heath Farm, Crib Lane, Tiverton, CW6 9UR","Conversion of existing barn into 2 dwellings with associated gardens, parking and garages including demolition of agricultural buildings. ",{"$nulls":5},"GF","Change of use","C3","NO",null,null,"YES","No","Windfall",null,{"$f":"SUM(AI740/Y740)","v":{"$error":"#DIV/0!"}},null,"16/04021/FUL","Full",null,null,"2016-09-05","2016-12-19","2019-12-19",2,0,2,{"$nulls":10},0,null,null,2,null,0,2,null,2,{"$nulls":3},"2017: Not started\n2018: Not started\n2019: Not started","Not started",null,"Forecasts reviewed and unchanged based on planning status.",null,"-",null,2,null,null,2,{"$nulls":10},2,2,{"$nulls":31},0]
["Y",null,null,"TAR/0103","Tarporley","Utkinton and Catebrook","Rural",null,"Adjacent Rowley Farm, Quarry Bank, Utkinton, Tarporley, CW6 0LA","Agricultural workers dwelling  ",null,null,"Mr and Mrs Johnson","Wright Marshall-Olivia Starkey\noliviastarkey@wrightmarshall.co.uk",null,"GF","New build","C3 workers","NO",null,null,"NO","No","Windfall",null,{"$f":"SUM(AI741/Y741)","v":{"$error":"#DIV/0!"}},"16/05501/OUT (20/03/2017)","18/00944/REM","Full",null,null,"2018-03-09","2018-05-24","2021-05-24",1,0,1,{"$nulls":10},0,null,null,1,null,0,1,null,1,{"$nulls":3},"2017-2018: Outline permission. No site visit\n2019: Not started","Not started",null,"Forecasts reviewed and unchanged based on planning status.",null,"=",null,1,null,null,1,{"$nulls":10},1,1,{"$nulls":31},0]
["Y","n/a",null,"TAR/0105","Tarporley","Tarporley","Tarporley",null,"10 Birch Heath Road, Tarporley, CW6 9UR","Conversion of existing garage on a one-bedroom dwelling",{"$nulls":5},"PDL","Change of use","C3","NO",null,null,"NO","No","Windfall",null,{"$f":"SUM(AI742/Y742)","v":{"$error":"#DIV/0!"}},null,"17/02477/FUL","Full",null,null,"2017-06-05","2017-08-10","2020-08-10",1,0,1,{"$nulls":10},1,1,{"$nulls":3},1,0,null,0,{"$nulls":3},"2018: Not started\n2019: Complete","Complete",null,"Site complete. Forecasts exceeded.",null,"+","Delivery timescale <",0,{"$nulls":13},0,0,1,{"$nulls":30},1]
["Y",null,null,"TAR/0106","Tarporley","Tarporley","Tarporley",null,"12 Eaton Road, Tarporley, CW6 0BP","Erection of a pair of semi detached houses and detached garages and vehicular access",{"$nulls":5},"GF","New build","C3","YES",null,null,"NO","No","Garden land",{"$nulls":3},"17/02692/FUL","Full",null,null,"2017-06-19","2017-08-22","2020-08-22",2,0,2,{"$nulls":10},0,null,null,2,null,0,2,null,2,"18/01926/FUL - replacement dwelling permitted",null,null,"2018: Not started\n2019: Not started","Not started",null,"Forecasts reviewed and updated based on planning status.",null,"-",null,2,null,null,2,{"$nulls":10},2,2,{"$nulls":31},0]
["Y",null,null,"TAR/0111","Tarporley","Tarporley","Rural",null,"Land at Ivy Cottage, Eaton Lane, Eaton, Tarporley","Change of use of an existing agricultural barn to one dwelling ",{"$nulls":3},"Roger Parry & Partners - Mr Gerallt Davies ",null,"GF","Change of use","C3","NO",null,null,"Yes","No","HELAA",{"$nulls":3},"17/05380/PDQ","PDQ",null,null,"2017-12-18","2018-02-14","2023-02-14",1,0,1,{"$nulls":10},0,null,1,null,null,0,1,null,1,{"$nulls":3},"2018: Not started\n2019: Under construction","Under construction",null,"Site under construction. Forecasts reviewed and unchanged based on development progress.",null,"=",null,1,null,1,{"$nulls":11},1,1,{"$nulls":31},0]
["Y",null,null,"TAR/0115","Tarporley","Tarporley","Rural",null,"Linacre Bank, Common Lane, Tarporley, CW6 9UX","Erection of one dwelling, garage to serve existing property and new access on to Brook Road",{"$nulls":5},"PDL","New build","C3","YES",null,null,"NO","No","Garden land",{"$nulls":3},"18/00004/FUL","Full",null,null,"2018-01-03","2018-03-21","2021-03-21",1,0,1,{"$nulls":10},0,null,null,1,null,0,1,null,1,{"$nulls":3},"2018: Not started\n2019: Not started","Not started",null,"Forecasts reviewed and updated based on planning status.",null,"-",null,1,null,null,1,{"$nulls":10},1,1,{"$nulls":31},0]
["Y",null,null,"TAR/0119","Tarporley","Utkinton and Catebrook","Rural",null,"Forest Farm, Heaths Lane, Cotebrook, Tarporley, CW6 0JW","Construction of a farm workers dwelling (including removal of existing caravan)",{"$nulls":3},"Wright Marshall - Olivia Starkey oliviastarkey@wrightmarshall.co.uk","Bethan Armstrong","GF","New build","C3 workers","NO",null,null,"NO","No","Windfall",null,null,"18/01504/OUT","18/02469/REM","Full",null,null,"2018-06-26","2018-08-30","2021-08-30",1,0,1,{"$nulls":10},0,null,null,1,null,0,1,null,1,{"$nulls":3},"2019: Not started","Not started",null,"New permission. Forecasting assumptions applied.",null,"New",null,1,null,null,1,{"$nulls":10},1,1]
["Y","n/a",null,"TAR/0120","Tarporley","Little Budworth","Rural",null,"Land At Coneygreave Farm, Mill Lane, Little Budworth, Tarporley","Conversion of agricultural buildings to form 2 dwellings",{"$nulls":4},"Ed Shepherd","GF","Change of use","C3","NO",null,null,"Yes","No","Windfall",{"$nulls":3},"18/01330/FUL","Full",null,null,"2018-04-06","2018-06-07","2021-06-07",2,0,2,{"$nulls":10},2,2,{"$nulls":3},2,0,null,0,{"$nulls":3},"2019: Complete","Complete",null,"Site complete. New permission.",null,"New",null,0,{"$nulls":13},0,0,null,null,2,{"$nulls":28},{"$f":"SUM(CE747:DD747)","v":2}]
["Y",null,null,"TAR/0121","Tarporley","Rushton","Rural",null,"Oak Tree Farm(barns), Edgewell Lane, Rushton, Tarporley ","Conversion of redundant barn into single dwelling, with replacement of single-storey lean-to by two-storey side extension",{"$nulls":3},"Portman Surveyors - Rob Lee rob.lee@portmansurveyors.com","Lizzie Townsend","GF","Change of use","C3","NO",null,null,"YES","No","Windfall",{"$nulls":3},"18/01364/FUL","Full",null,null,"2018-04-10","2018-12-10","2021-12-10",1,0,1,{"$nulls":10},0,null,null,1,null,0,1,null,{"$f":"SUM(BC748+BB748)","v":1},{"$nulls":3},"2019: Not started","Not started",null,"New permission. Forecasting assumptions applied.",null,"New",null,1,null,null,1,{"$nulls":10},1,1]
["Y","n/a",null,"TAR/0124A","Tarporley","Little Budworth","Rural",null,"Commonside Farm (barn), Shop Lane, Little Budworth","Change of use from agricultural barn to dwellinghouse",{"$nulls":3},"LS Planning - Les Smith leslie@lsplanning.co.uk","Steve Holmes","GF","Change of use","C3","NO",null,null,"YES","No","Windfall",{"$nulls":3},"18/04238/PDQ","PDQ",null,null,"2018-10-29","2018-12-21","2021-12-21",1,0,1,{"$nulls":10},1,1,{"$nulls":3},1,0,null,0,{"$nulls":3},"2019: Complete","Complete",null,"Site complete. New permission.",null,"New",null,0,{"$nulls":13},0,0,null,null,1,{"$nulls":28},{"$f":"SUM(CE749:DD749)","v":1}]
["Y","Y",null,"TAR/0124B","Tarporley","Little Budworth","Rural",null,"Land at Commonside Farm, Shop Lane, Little Budworth","Change of use from agricultural building to a dwelling",{"$nulls":3},"LS Planning - Les Smith leslie@lsplanning.co.uk","Steve Holmes","GF","Change of use","C3","NO",null,null,"YES","No","Windfall",{"$nulls":3},"18/04239/PDQ","PDQ",null,null,"2018-10-29","2018-12-21","2021-12-21",1,0,1,{"$nulls":10},0,null,1,null,null,0,1,null,1,{"$nulls":3},"2019: Under construction","Under construction",null,"New site under construction. Forecasts based on planning status and development progress.",null,"New",null,1,null,1,{"$nulls":11},1,1]
["Y",null,null,"TAT/0007","Tattenhall","Broxton","Rural",null,"Land at Withy Lane, opposite Vilna House, Broxton","One (1) agricultural worker's dwelling",{"$nulls":5},"GF","New build","C3 workers","NO",null,null,"NO","No","Windfall",null,{"$f":"SUM(AI751/Y751)","v":{"$error":"#DIV/0!"}},"11/00363/OUT\n12/01532/OUT (11/06/2012)\n15/03813/S73","13/03030/REM","Full",null,"Allowed",null,"2013-12-02","2016-12-02",1,0,1,{"$nulls":10},0,null,1,null,null,0,1,null,1,"Allowed on appeal",null,null,"2015-2016: Not started\n2017-2018: Under construction\n2019: Under construction","Under construction","2019: Retaining wall and base slab complete","Site under construction. Forecast reviewed and updated based on development progress.",null,"-","Delivery timescale >",1,null,null,1,{"$nulls":10},1,1,{"$nulls":31},{"$f":"SUM(CE751:DD751)","v":0}]
["Y","Y",null,"TAT/0010","Tattenhall","Milton Green","Rural",null,"Adjacent The Cottage, Whitchurch Road, Milton Green","Outline application for residential development with access (all other matters reserved)\nResidential Development to include 3 terraced properties and 7 detached dwellings with associated works ",null,null,"Mr Michael Traynor",null,null,"GF","New build","C3","NO",null,null,"NO","No","HELAA",null,{"$f":"SUM(AI752/Y752)","v":{"$error":"#DIV/0!"}},"13/00826/OUT  14/00792/106 (pending)","16/02191/FUL","Full",null,null,"2016-05-25","2016-11-08","2019-11-08",10,0,10,{"$nulls":10},0,null,null,10,null,0,10,null,10,"Planning Committee 30/04/2013.","Discharge of planning obligation under S106 (secondary education provision)",null,"2016: Outline permission.No site visit\n2017: Not started\n2018: Not started\n2019: Not started","Not started.\nPermission expires 2019","Not started","Forecasts reviewed and updated. Removed from deliverable supply.",null,"-","Delivery timescale >",0,{"$nulls":6},3,3,4,{"$nulls":4},10,10,{"$nulls":31},0]
[" Y",null,null,"TAT/0012","Tattenhall","Handley","Rural",null,"Milton Green Farm, Whitchurch Road, Milton Green, CH3 9DS","Conversion of two agricultural buildings to form one office unit and three dwellings and the demolition of four agricultural buildings ",null,null,"Stourford Developments Ltd-Alex Wood",null,null,"GF","Change of use","C3","NO",null,null,"YES","No","Windfall",null,null,"11/03079/FUL\n18/01046/S73","18/01144/FUL","Full",null,null,"2018-03-23","2018-10-25","2021-10-25",3,0,3,{"$nulls":10},0,null,null,3,null,0,3,null,3,"18/01046/S73: Variation of condition 2 (plans)",null,null,"2017: Not started\n2018: Not started\n2019: Not started","Not started","Not started","Forecasts reviewed and unchanged based on planning status.",null,"=",null,3,null,null,1,2,{"$nulls":9},3,3,{"$nulls":31},0]
["Y",null,null,"TAT/0020","Tattenhall","Burwardsley","Rural",null,"Flute Buildings, Waste Hill Road / land at School Lane / land at Harthill Road, Burwardsley, Cheshire","3. no dwellings (Location 1A and 2), conversion of an existing brick barn (Flute Buildings) to provide 2 no. new dwellings and construction of a two storey brick barn to provide up to 378 sqm of retail floor space (demolition of 120 sqm of existing buildings) with associated landscaping. \nLocation 1A (Harthill Road):One dwelling\nLocation 1B (HarthillRoad):Two dwellings\nFlute Buildings: Two dwellings / retail unit\nLocation 2:Two dwellings","Bolesworth Estate",null,null,"Bolesworth Estate Co. Ltd",null,"PDL","Change of use / New build","C3","No",null,null,"NO","No","Windfall",0.91,{"$f":"SUM(AI754/Y754)","v":7.692307692307692},null,"14/00738/FUL","Full",null,null,"2014-02-25","2014-10-20","2017-10-20",7,0,7,null,1,{"$nulls":8},0,null,2,5,null,0,7,null,7,"Email from Matthew Morris 24/4/2017 - confirming they are planning to start later in 2017 and expect the development to take 24 months. ","3.5.7.9-11. October 2017. 17/02755/DIS",null,"2016-2017: Not started\n2018: Under construction (location 2)\n2019: Under construction (location 2)","Under construction","2018: Location 2 under construction","Site under construction. Forecasts reviewed and updated based on planning status and development progress.",null,"-","Delivery rate >",7,null,2,1,2,2,{"$nulls":8},7,7,{"$nulls":31},0]
["Y","Y",null,"TAT/0026","Tattenhall","Beeston","Rural",null,"Beeston Cattle Auction site, Whitchurch Road, Beeston","Reserved matters application for 84 dwellings with associated open space",null,null,"Wright Marshall-Mr Nigel Eckersley","Wright Marshall-Mrs Olivia Starkey oliviastarkey@wrightmarshall.co.uk","Bethan Armstrong","PDL","New build","C3","NO",null,null,"NO","No","Windfall",4.65,18.064516129032256,"13/04149/OUT (20/03/2018)","18/00637/REM","Full",null,null,"2018-02-16","2018-09-27","2021-09-27",84,1,83,{"$nulls":10},0,null,null,84,null,0,84,null,84,"REM approved on part of site for 20 dwellings - this must be subtracted from net dwellings for this app to avoid double counting.\nResolution to approve at Strategic Planning Committee 27.02.2013\n2018 application - sale of site anticiapted summer 2018 (Information from Wright Marshall / Case Officer)",null,null,"2017: Outline permission.No site visit\n2018: Outline permission. No site visit. REM awaiting decision\n2019: Not started","Not started","2018:No site visit.Reserved matters application awaiting decision.Sale of site anticiapated summer 2018","Forecasts reviewed and unchanged based on planning status and development progress. Not included in deliverable supply.","Outline planning application received 23 Sep 2013 and approved 20 March 2015\nReserved matters application received 16 Feb 2018\nSite owner anticipates sale of site in 2018\nDelivery of units forecast from year 3.\nNo further information on sale of site / relocation of cattle auction\nFORECAST REVISED- units removed from five year supply\nCurrent position:\nReserved matters approved 27 Sep 2018","=",null,0,{"$nulls":6},12,24,24,24,{"$nulls":3},84,84,{"$nulls":31},0]
["Y","Y",null,"TAT/0031","Tattenhall","Handley","Rural",null,"THE PADDOCK - Adjacent The Firs, Frog Lane, Handley, Milton Green","8 dwellings with associated access. Reserved matters  approved for 9 dwellings",null,null,"Osbourne & Co (Warrington) Ltd","Emery Planning Partnership Ltd-Jill Naylor support@emeryplanning.com",null,"GF","New build","C3","NO",null,null,"NO","No","HELAA",null,{"$error":"#DIV/0!"},null,"17/01257/FUL","Full",null,null,"2017-07-11","2017-08-31","2020-08-31",10,0,10,null,3,{"$nulls":8},2,2,8,null,null,2,8,null,8,"Planning Committee 30/04/2013\n13/05174/OUT and 16/04365/REM approved for 9 dwellings\n","17/04786/DIS (Feb 18) 3, 4, 5 and 18",null,"2015-2016: Outline permission.No site visit\n2017: Not started\n2018: Development commenced. Access completed\n2019: Under construction","Under construction","2019: 2 complete. 7 units nearing completion. 1 unit at first floor brick work","Site under construction. Forecasts reviewed and unchanged based on planning status and development progress.",null,"=",null,8,null,8,{"$nulls":11},8,8,{"$nulls":4},2,{"$nulls":26},2]
["Y","Y",null,"TAT/0033","Tattenhall","Tilstone Fearnall","Rural",null,"The Shippon, Mill Lane, Tilstone Fearnall, Chester","Conversion of barn to one (1) dwelling",{"$nulls":5},"GF","Change of use","C3","NO",null,null,"YES","No","Windfall",null,{"$error":"#DIV/0!"},"13/02068/FUL (31/07/2013)","16/02843/FUL","Full",null,null,"2016-07-04","2016-08-23","2019-08-23",1,0,1,{"$nulls":10},0,null,null,1,null,0,1,null,1,{"$nulls":3},"2017-2018: Not started\n2019: Not started","Not started",null,"Permission expires in next monitoring period. Forecasts reviewed. Removed from deliverable supply.",null,"-","Permission expires 2019",0,{"$nulls":13},0,0,{"$nulls":31},0]
["Y","n/a",null,"TAT/0034","Tattenhall","Tattenhall","Tattenhall",null,"Land at Smithfields, Tattenhall (Bolesworth Estate)","Residential development of 30 new dwellings and associated public open space.\nOutline application for the development of up to 28 dwellings on land off Smithfields, with all matters reserved with the excpetion of access","Redrow Homes NW",null,"Redrow Homes NW","The Bolesworth Estate Company Ltd / Turley Associates (Diane Richardson). Reserved Matters: Turley Associates: Mrs Sam Ryan",null,"GF","New build","C3","NO",null,null,"NO","No","HELAA",null,{"$error":"#DIV/0!"},"13/04268/OUT\n17/03036/NMA","16/02925/FUL","Full",null,null,"2016-07-11","2016-08-25","2019-08-25",30,0,30,null,9,{"$nulls":7},2,30,28,{"$nulls":3},28,0,null,0,"14/00653/OUT - refused\n15/04560/REM - refused\n2018:Delivering on advance of 2016/2017 forecasts","3-19 application submitted Feb 2017 17/00531/DIS",null,"2016: Outline permission.No site visit\n2017: Not started\n2018: Under construction\n2019: Complete","Complete","Whole site under construction","Site complete. Forecasts achieved.",null,"=",null,0,{"$nulls":13},0,0,null,null,2,15,{"$nulls":3},2,{"$nulls":6},6,3,{"$nulls":15},28]
["Y","Y",null,"TAT/0047","Tattenhall","Newton-by-Tattenhall","Rural",null,"Blackham Reclamation Yard, Tattenhall Road, Newton by Tattenhall, CH3 9QQ","Demolition of existing buildings and erection of  up to 25 dwellings, up to 700 sq.metres of office floor space (B1), access works and car parking and open space.","Crossfield Construction",null,"The Blackham LLP","Steve Goodwin - Goodwin Planning Services Ltd (s.goodwin@goodwinplanning.com)","Bethan Armstrong","Mix","New build","C3","NO",null,null,"NO","No","HELAA",null,{"$error":"#DIV/0!"},"13/02120/OUT","16/03089/REM","Full",null,null,"2013-05-23","2016-12-15","2019-12-15",25,0,25,{"$nulls":10},0,null,15,10,null,0,25,null,25,"Planning Committee  03/09/2013. Legal agreement signed March 2014","6.9-13.16.18.19.21.22-27. 18/02565/DIS Nov 2018",null,"2016: Outline permission.No site visit\n2017: Not started \n2018: Not started\n2019: Under construction","Under construction","2016 Correspondence - Reserved matters to be submitted in June\nS106 agreed for affordable housing contributions (December 2016)\nVariation of legal agreement approved (April 2016) 16/00617/106\n2017: Footpath required as part of permission. No house builder identified. Some demolition had taken place\n2019: Developed alongside adjacent site. Completion 2020","Site under construction. Forecasts exceeded - reviewed and updated based on planning status and development progress.",null,"+","Delivery rate >\nDelivery timescale <",25,null,15,10,{"$nulls":10},25,25,{"$nulls":31},0]
["Y","n/a",null,"TAT/0050","Tattenhall","Tattenhall","Tattenhall",null,"CHESTNUT GRANGE - Rear of 2 to 36 Harding Avenue, Tattenhall","Erection of up to 70 dwellings, areas of public open space and access (resubmission of 12/02976/OUT) 45 market and 25 social rented dwellings. Reserved matters for 60 units","Redrow Homes NW","Muir Housing Group",null,"Redrow",null,"GF","New build","C3","NO",null,null,"NO","No","HELAA",null,{"$error":"#DIV/0!"},"12/04702/OUT","14/01495/REM","Full",null,null,"2013-05-29","2014-10-13","2017-10-13",60,0,60,null,21,{"$nulls":5},16,43,null,60,1,{"$nulls":3},1,0,null,0,"Resolution to approve referred to National Planning casework unit. 12/02976/OUT at appeal. 13/02367/REM details not approved. 14/01495/rem DETAILS APPROVED 02/06/2014. Email from Redrow: Start date Jan 2015, end date Dec 2017",null,null,"2016: Development commenced\n2017: Under construction\n2018: Under construction\n2019: Complete","Complete",null,"Site complete. Forecasts achieved.",null,"=",null,0,{"$nulls":13},0,0,null,null,1,{"$nulls":28},1]
["Y","Y",null,"TAT/0057A","Tattenhall","Tattenhall","Tattenhall",null,"TATTENHALL VILLAGE - Gifford Lea (Phase One), Frog Lane, Tattenhall, CH3 9DN","Redevelopment of farm buildings to provide a Continued Care & Retirement Community Comprising 36 Care Bedrooms, 21 Close Care Units, 14 Linked Assisted Living Units and 95 Assisted Living Units and associated works (all self contained)\nPhase One - Plots 1 to 48, self contained assisted living units in two-storey blocks (48 units)","Seddon Homes  ",null,"Seddon and The Bolesworth Estate","Knight Frank LLP",null,"GF","New build","Elderly persons:SC","NO",null,null,"YES","No","HELAA",null,{"$error":"#DIV/0!"},"10/12466/FUL\n16/04187/NMA\n17/02888/S73\n18/04279/NMA","10/12466/FUL","Full",null,null,"2015-12-23","2016-05-24","2019-05-24",48,0,48,{"$nulls":8},48,null,48,{"$nulls":4},0,0,null,0,"14/04568/DIS approval of details reserved by conditions 7,11 and 27. 14/04533/DIS approval of conditions 12,17,25,28,29 and 31\n2018:Site visit confirmed all units are self contained (level fo care is offered on individual basis and not based on unit/dwelling)\n18/04279/NMA - materials","15.27. 16/05611/DIS Jan 2017\n2.6.10.20. 17/03066/S73 Aug 2017\n21.22. 17/04065/DIS Dec 2017",null,"2016:Development started. Phase one under construction (48 units) due to complete mid 2016\n2017:Phase one complete","Complete","2016:Development started. Phase one under construction (48 units) due to complete mid 2016\n2017:Under construction.Phase one complete\n2018:Under construction.Phase 2 under construction (ca. 12 month completion)","Site complete. Forecasts achieved.",null,{"$f":"BM762","v":"="},null,0,{"$nulls":13},0,0,{"$nulls":31},0]
["Y","Y",null,"TAT/0057B","Tattenhall","Tattenhall","Tattenhall",null,"TATTENHALL VILLAGE - Gifford Lea (Phase Two), Frog Lane, Tattenhall, CH3 9DN","Redevelopment of farm buildings to provide a Continued Care & Retirement Community Comprising 36 Care Bedrooms, 21 Close Care Units, 14 Linked Assisted Living Units and 95 Assisted Living Units and associated works (all self contained). Central building floorplans superceded (17/03066/S73 variation of conditions)\nPhase Two - three-storey central building containing 56 self contained units","Seddon Homes  ",null,"Seddon and The Bolesworth Estate","Knight Frank LLP",null,"GF","New build","Elderly persons:SC","NO",null,null,"YES","No","HELAA",null,{"$error":"#DIV/0!"},"10/12466/FUL\n17/03066/S73","15/05174/FUL ","Full",null,null,"2015-12-23","2016-05-24","2019-05-24",56,0,56,{"$nulls":10},0,null,56,null,null,0,56,null,56,"14/04568/DIS approval of details reserved by conditions 7,11 and 27. 14/04533/DIS approval of conditions 12,17,25,28,29 and 31\n2018:Site visit confirmed all units are self contained (level fo care is offered on individual basis and not based on unit/dwelling)\n18/04279/NMA - materials","2.6.10.20 (variation) 17/03066/S73\n21.22. 17/04065/DIS\n18. 19/01881/DIS\n",null,"2016: Development commenced. Phase one U/C\n2017: Under construction.Phase one complete\n2018: Under construction","Under construction","2016:Development started. Phase one under construction (48 units) due to complete mid 2016\n2017:Under construction.Phase one complete\n2018:Under construction.Phase 2 under construction (ca. 12 month completion)","Forecasts reviewed and updated based on planning status and development progress.",null,"=",null,56,null,56,{"$nulls":11},56,56,{"$nulls":31},0]
["Y","Y",null,"TAT/0057C","Tattenhall","Tattenhall","Tattenhall",null,"TATTENHALL VILLAGE - Gifford Lea (Phase Three), Frog Lane, Tattenhall, CH3 9DN","Redevelopment of farm buildings to provide a Continued Care & Retirement Community Comprising 36 Care Bedrooms, 21 Close Care Units, 14 Linked Assisted Living Units and 95 Assisted Living Units and associated works (all self contained)\nPhase Three - Plots 49 to 95, self contained assisted living units in two-storey blocks (47 units)","Seddon Homes  ",null,"Seddon and The Bolesworth Estate","Knight Frank LLP",null,"GF","New build","Elderly persons:SC","NO",null,null,"YES","No","HELAA",null,{"$error":"#DIV/0!"},"10/12466/FUL\n18/01889/S73 pending","15/05174/FUL ","Full",null,null,"2015-12-23","2016-05-24","2019-05-24",47,0,47,{"$nulls":10},0,null,null,47,null,0,47,null,47,"14/04568/DIS approval of details reserved by conditions 7,11 and 27. 14/04533/DIS approval of conditions 12,17,25,28,29 and 31\n2018:Site visit confirmed all units are self contained (level fo care is offered on individual basis and not based on unit/dwelling)",null,null,"2016: Development commenced\n2017-2018: Not started\n2019: Not started","Not started","2016:Development started. Phase one under construction (48 units) due to complete mid 2016\n2017:Under construction.Phase one complete\n2018:Under construction.Phase 2 completions ca. 12 month anticipated\n2019: Revised plans submitted and awaiting decision","Forecasts reviewed and updated based on planning status and development progress. Substitution af approved plans awaiting decision.",null,"-",null,47,{"$nulls":3},20,15,12,{"$nulls":7},47,47,{"$nulls":31},0]
["Y",null,null,"TAT/0066","Tattenhall","Tattenhall","Tattenhall",null,"Low Ridge, Burwardsley Road, Tattenhall, CH3 9QF","Demolition of existing bungalow and development of four new houses, associated landscaping and creation of new site access.",{"$nulls":5},"PDL","New build","C3","NO",null,null,"NO","No","Windfall",null,{"$error":"#DIV/0!"},null,"17/03827/FUL","Full",null,null,"2017-09-04","2018-01-24","2021-01-24",4,1,3,{"$nulls":10},-1,null,null,4,1,-1,4,null,4,null,"7.8.11. 19/0013/DIS (pending)",null,"2018: Not started\n2019: Development commenced. Demolition complete","Development commenced",null,"Forecasts reviewed and updated based on development progress.",null,"+","Delivery timescale <",4,null,2,2,{"$nulls":10},4,4,{"$nulls":31},0]
["n/a","n/a",null,"TAT/0077","Tattenhall","Milton Green","Rural",null,"Highways Depot, Chapel Lane, Milton Green",{"$nulls":6},"PDL",null,"C3",{"$nulls":5},"HELAA",{"$nulls":11},0,0,{"$nulls":10},0,{"$nulls":4},0,0,null,0,"Local Authority owned surplu land / buildings - Starter Homes initiative",{"$nulls":9},0,{"$nulls":13},0,0,{"$nulls":31},0]
["Y",null,null,"TAT/0089\nTAT/0042","Tattenhall","Tattenhall","Tattenhall",null,"Land at Chester Road, Tattenhall","Up to 30 dwellings with all matters reserved except access","Barratt Homes",null,"Barratt Homes","SATPLAN Ltd-Shaun Taylor shaun@sat-plan.co.uk\nHayley Knight hayleyknight@sat-plan.co.uk","Cathy Reay","GF","New build","C3","NO",null,null,"NO","No","LPP2 allocation",2.47,{"$f":"SUM(AI766/Y766)","v":12.14574898785425},"17/04645/OUT (29/08/2018)","18/04009/REM","Outline. REM pending",null,null,"2018-10-15","2018-08-29","2021-08-29",30,0,30,null,9,{"$nulls":8},0,null,null,30,null,0,30,null,30,"Awaiting legal agreement",null,null,"2019: Outline permission. No site visit.","Not started.\nOutline permission. REM awaiting decision","2019: REM awaiting decision","Local Plan (Part Two) allocation.\nForecasts reviewed and unchanged based on planning status.","Local Plan (Part Two) proposed housing allocation\nOutline planning application received 27 Oct 2017.\nCase Officer- resolution to approve subject to legal agreement.\nDeveloper/house builder: Barratt Homes\nForecast delivery of units from year 3\nNO CHANGE TO FORECAST- units are deliverable within years 1 to 5\nCurrent position:\nOutline permission issued 29 Aug 2018\nReserved matters application received 15 Oct 2018 from Barratt Homes awaiting decision","=",null,30,null,null,6,12,12,{"$nulls":8},30,30,{"$nulls":31},0]
["Y",null,null,"TAT/0090A","Tattenhall","Newton-by-Tattenhall","Rural",null,"Land at the former Oak Rooms, Tattenhall Road, Newton by Tattenhall, CH3 9BD","Demolition of buildings on site. Erection of 31 new dwellings. Demolition of modern additions to public house, refurbishment and extensions to side and rear with shop facility and bed and breakfast accommodation.","Crossfield Construction",null,"Blackham Developments","Northwest Design Associates-Steve Goodwin",null,"PDL","New build","C3","NO",null,null,"NO","No","HELAA",null,{"$error":"#DIV/0!"},null,"12/02283/FUL","Full",null,null,"2012-05-18","2012-09-20","2015-09-20",31,0,31,null,6,{"$nulls":8},0,null,null,31,null,0,31,null,31,"Discharge of condition 14 13/01423/DIS\nPub to be demolished and erect 5 affordable dwelling - 15/03391/FUL (TAK/0097)",null,null,"2016: Site clearance\n2017: Not started\n2018: Not started\n2019: Not started. Site comound","Not started","NMA to Plot 29 approved November 2015.\n2015: Correspondence - Development started - demolition works being carried out\n2019: Site compound / car parking for adjacent site","Forecasts reviewed and unchanged based on planning status and development progress.",null,"=",null,31,{"$nulls":3},15,16,{"$nulls":8},31,31,{"$nulls":31},0]
["Y",null,null,"TAT/0090B","Tattenhall","Newton-by-Tattenhall","Rural",null,"Former Oak Room Public House, Tattenhall Road, Newton By Tattenhall, CH3 9BD","Demolition of existing public house and erection of 5 affordable houses",null,null,"Blackham Developments","Goodwin Planning Services Ltd","Bethan Armstrong","PDL","New build","C3","NO",null,null,"NO","No","HELAA",null,{"$error":"#DIV/0!"},null,"15/03391/FUL","Full",null,null,"2015-08-14","2016-01-22","2019-01-22",5,0,5,null,5,{"$nulls":8},0,null,null,5,null,0,5,null,5,"Pub to be demolished in line with 12/02283/FUL. ","5-10. 18/02218/DIS Jan 2019",null,"2016: Not started\n2017: Demolition complete\n2018: Not started. Site marketed\n2019: Not started. Site compound","Not started","2017:Demolition of public house complete\n2018: Derelict site for sale\n2019: Compound for adjacent site","Forecasts reviewed and unchanged based on development progress.",null,"=",null,5,{"$nulls":3},2,3,{"$nulls":8},5,5,{"$nulls":31},0]
["Y","Y",null,"TAT/0095","Tattenhall","Foulk Stapleford","Rural",null,"Rose Bank, Guy Lane, Foulk Stapleford, Nr Tattenhall, CH3 7RZ ","Conversion of existing accommodation to a single dwelling, rear single storey extension and demolition of existing swimming pool building. ",{"$nulls":5},"PDL","Change of use","C3","NO",null,null,"NO","No","Windfall",null,{"$error":"#DIV/0!"},"15/01174/FUL (19/06/2018)",null,"Expired",{"$nulls":5},1,0,1,{"$nulls":10},0,{"$nulls":4},0,0,null,0,{"$nulls":3},"2016-2018: Not started\n2019: Not started","Not started","2018: Permission expires 2018","Permission expired. Not included in deliverable supply - no change to forecasts required.",null,"=","Permission expired",0,{"$nulls":13},0,0,{"$nulls":31},0]
["Y",null,null,"TAT/0098","Tattenhall","Beeston","Rural",null,"Castles View Farm, Whitchurch Road, Beeston, CW6 9NN","Key Workers dwelling (permanent)",{"$nulls":3},"Wright Marshall",null,"GF","New build","C3 workers","NO",null,null,"YES","No","Windfall",null,{"$error":"#DIV/0!"},"15/03452/OUT (02/11/2015)","16/02947/REM","Full",null,null,"2016-07-21","2016-09-23","2019-09-23",1,0,{"$f":"AI770-AJ770","v":1},{"$nulls":10},0,null,null,1,null,0,{"$f":"SUM(AX770+AY770)","v":1},null,1,{"$nulls":3},"2016: Outline permission.No site visit\n2017: Not started\n2018: Not started\n2019: Not started","Not started",null,"Forecasts reviewed and updated based on planning status.",null,"-","Delivery timescale >",{"$f":"SUM(BQ770:BU770)","v":1},null,null,1,{"$nulls":10},{"$f":"SUM(BQ770:CA770)","v":1},{"$f":"SUM(BQ770:CB770)","v":1},{"$nulls":31},0]
["Y","Y",null,"TAT/0099A","Tattenhall","Duckington","Rural",null,"Duckington Grange (former stables), Whitchurch Road, Edge, Malpas, SY14 8LQ","Change of use of former stables to 1 no. residential dwelling",{"$nulls":3},"L S Planning",null,"PDL","Change of use","C3","NO",null,null,"NO","No","Windfall",null,{"$error":"#DIV/0!"},null,"15/03576/PDQ","PDQ",null,null,"2015-08-26","2015-10-08","2018-10-08",1,0,1,{"$nulls":10},0,{"$nulls":4},0,0,null,0,{"$nulls":3},"2016-2018: Not started\n2019: Not started","Not started. Permission expired",null,"Permission expired. Not included in deliverable supply - no change to forecasts required.",null,"=","Permission expired",0,{"$nulls":13},0,0,{"$nulls":31},0]
["Y",null,null,"TAT/0099B","Tattenhall","Duckington","Rural",null,"Duckington Grange (former barn), Whitchurch Road, Edge, Malpas, SY14 8LQ","Change of use of former Barn to 1 no. residential dwelling",{"$nulls":3},"L S Planning",null,"GF","Change of use","C3","NO",null,null,"YES","No","Windfall",null,{"$error":"#DIV/0!"},null,"15/03577/PDQ","PDQ",null,null,"2015-08-26","2015-10-08","2018-10-08",1,0,1,{"$nulls":10},0,null,1,null,null,0,1,null,1,{"$nulls":3},"2016-2017: Not started\n2018: Not started. Expires 10/2018\n2019: Under construction","Under construction","2018:Permission expires 2018","Site under construction. Forecasts exceeded - reviewed and updated based on developmnet progress.",null,"+","Delivery timescale <",1,null,null,1,{"$nulls":10},1,1,{"$nulls":31},0]
["Y",null,null,"TAT/0101","Tattenhall","Tattenhall","Tattenhall",null,"Elizabeths Hair Fashions, Sunnyview, High Street, Tattenhall, H3 9PX ","Change of use from shop to single residential unit and external alterations",{"$nulls":3},"Architecture Works",null,"PDL","Change of use","C3","NO",null,null,"NO","No","Windfall",null,{"$error":"#DIV/0!"},null,"15/04535/FUL","Full",null,null,"2015-11-06","2016-01-29","2019-01-29",1,0,1,{"$nulls":10},0,null,1,null,null,0,1,null,1,{"$nulls":3},"2016-2017: Not started\n2018: Use ceased\n2019: Under construction","Under construction","Not started. Retail use ceased","Forecasts reviewed and unchanged based on development progress.",null,"=",null,1,null,1,{"$nulls":11},1,1,{"$nulls":31},0]
["Y",null,null,"TAT/0103A","Tattenhall","Tattenhall","Rural",null,"Wood Farm (barns A and B), Wood Lane, Tattenhall, CH3 9AD","Conversion of traditional outbuilding to provide two detached residential units.\nBarn B: conversion to 1 x 2bed dwelling",{"$nulls":3},"Wright Marshall - Olivia Starkey oliviastarkey@wrightmarshall.co.uk","Bethan Armstrong","GF","Change of use","C3","NO",null,null,"YES","No","Windfall",null,{"$error":"#DIV/0!"},"15/04787/PDQ (15/01/2019)\n18/01465/PDQ (15/05/2021)","18/02458/FUL","Full",null,null,"2018-06-26","2018-10-31","2021-10-31",2,0,2,{"$nulls":7},1,null,null,1,null,null,2,null,0,2,null,2,{"$nulls":3},"2016-2017: Development commenced\n2018: Building plot (2) marketed for sale\n2019: Not started","Not started","2018: Building plot (2) marketed for sale","Forecasts reviewed and updated based on planning status and development progress.",null,"-","Delivery timescale >",2,null,null,1,1,{"$nulls":9},2,2,{"$nulls":31},0]
["Y","Y",null,"TAT/0106","Tattenhall","Hargrave and Huxley","Rural",null,"Hawthorn Cottage Farm (barn), Whitchurch Road, Saighton, Chester ","Conversion of existing barn to residential use.",{"$nulls":3},"OMarchitecture & design",null,"GF","Change of use","C3","NO",null,null,"YES",null,"Windfall",null,{"$error":"#DIV/0!"},null,"16/00298/PDQ","PDQ",null,null,"2016-01-25","2016-03-22","2019-03-22",1,0,1,{"$nulls":10},0,{"$nulls":4},0,0,null,0,{"$nulls":3},"2017-2018: Not started\n2019: Not started","Not started. Permission expired",null,"Permission expired. Forecasts reviewed and removed from deliverable supply.",null,"-","Permission expired",0,{"$nulls":13},0,0,{"$nulls":31},0]
["Y",null,null,"TAT/0110","Tattenhall","Duckington","Rural",null,"Lower Farm Court, Dark Lane, Duckington, Malpas","Conversion of redundant farm building to a single 3-bed dwelling",null,null,"Mr & Mrs Ord","SAKDesign - Mr Simon Kettle",null,"GF","Change of use","C3","NO",null,null,"YES","No","Windfall",0.02,50,null,"16/01364/FUL","Full",null,null,"2016-04-01","2016-05-25","2019-05-25",1,0,1,{"$nulls":10},0,null,1,null,null,0,1,null,1,{"$nulls":3},"2017: Not started\n2018: Not started\n2019: Under construction","Under construction","2019: access/steps under construction","Site under construction. Forecasts reviewed and unchanged based on development progress.",null,"=",null,1,null,1,{"$nulls":11},1,1,{"$nulls":31},0]
["Y","n/a",null,"TAT/0112","Tattenhall","Tattenhall","Rural",null,"Grange Farm, Chester Road, Hatton, CH3 9AH","Conversion of redundant agricultural buildings to dwelling and outbuilding, stopping up of existing access and creation of new access",null,null,"Mr M James","L.S. Planning Limited (Leslie Smith)",null,"GF","Change of use","C3","NO",null,null,"YES","No","Windfall",null,{"$error":"#DIV/0!"},null,"16/01747/FUL","Full",null,null,"2016-04-28","2016-06-23","2019-06-23",1,0,1,{"$nulls":10},1,1,{"$nulls":3},1,0,null,0,null,"1-11. Sept 2016. 16/03291/DIS",null,"2017:Development started\n2018:Under construction\n2019: Complete","Complete","2017:Building work started","Site complete. Forecasts achieved.",null,"=",null,0,{"$nulls":13},0,0,{"$nulls":6},1,{"$nulls":24},1]
["Y",null,null,"TAT/0113","Tattenhall","Tiverton","Rural",null,"Lake Cottage (stable), Nantwich Road, Tiverton, CW6 9HP","Conversion of existing brick stables into one detached dwelling  ","MCS Construction",{"$nulls":4},"PDL","Change of use","C3","NO",null,null,"NO","No","Windfall",null,{"$error":"#DIV/0!"},null,"16/02241/FUL","Full",null,null,"2016-05-27","2016-08-04","2019-08-04",1,0,1,{"$nulls":10},0,null,null,1,null,0,1,null,1,{"$nulls":3},"2017: Not started\n2018: Not started\n2019: Development commenced","Development commenced","2019: Development started. Site area cleared","Forecasts reviewed and unchanged based on development progress.",null,"=",null,1,null,1,{"$nulls":11},1,1,{"$nulls":31},0]
["Y","n/a","Y","TAT/0114","Tattenhall","Hargrave and Huxley","Rural",null,"Former St Andrews Church, Huxley Lane, Huxley, CH3 9BH","Change of use to residential including refurbishment, extension to rear, provision of new access, construction of new garage and associated landscape works",null,null,"Mr & Mrs Bull","BB Heritage Studio Ltd - Ms Bernadette Bone",null,"PDL","Change of use","C3","NO",null,null,"NO","No","Windfall",null,{"$error":"#DIV/0!"},null,"16/03032/FUL","Full",null,null,"2016-07-14","2016-09-05","2019-09-05",1,0,1,{"$nulls":10},1,1,{"$nulls":3},1,0,null,0,null,"3.5.6.7 (March 2018) 18/00920/DIS",null,"2017: Not started\n2018: Under construction\n2019: Complete","Complete",null,"Site complete. Forecasts achieved.",null,"=",null,0,{"$nulls":13},0,0,null,null,1,{"$nulls":28},1]
["Y",null,null,"TAT/0120","Tattenhall","Hargrave and Huxley","Rural",null,"Gorse Farm (agricultural building), Huxley Lane, Huxley, Chester  ","Conversion of agricultural building to form one dwelling ",{"$nulls":5},"GF","Change of use","C3","NO",null,null,"YES","No","Windfall",null,{"$error":"#DIV/0!"},null,"16/03937/FUL","Full",null,null,"2016-08-30","2016-12-19","2019-12-19",1,0,1,{"$nulls":10},0,null,null,1,null,0,1,null,1,{"$nulls":3},"2017: Not started\n2018: Not started\n2019: Development commenced","Development commenced","2019: Infrastructure (including new access) under construction","Forecasts reviewed and unchanged based on development progress.",null,"=",null,1,null,1,{"$nulls":11},1,1,{"$nulls":31},0]
["Y",null,null,"TAT/0121","Tattenhall","Tattenhall","Tattenhall",null,"The Coach House, Burwardsley Road, Tattenhall, CH3 9QF ","Demolition of existing garage, erection of one dwelling with two no. semi-detached double garages",{"$nulls":5},"PDL","New build","C3","YES",null,null,"NO","No","Windfall",null,{"$error":"#DIV/0!"},null,"16/05052/FUL","Full",null,null,"2016-11-11","2017-02-23","2020-02-23",1,0,1,{"$nulls":10},0,null,null,1,null,0,1,null,1,{"$nulls":3},"2017: Not started\n2018: Not started\n2019: Not started","Not started",null,"Forecasts reviewed and updated based on planning status and development progress.",null,"-","Delivery timescale >",1,null,null,1,{"$nulls":10},1,1,{"$nulls":31},0]
["Y",null,null,"TAT/0122","Tattenhall","Burwardsley","Rural",null,"Mickerloo Farm, Harthill Road, Burwardsley, CH3 9NU","Conversion of agricultural building to dwelling  ",{"$nulls":5},"GF","Change of use","C3","NO",null,null,"YES","No","Windfall",{"$nulls":3},"17/02496/PDQ","PDQ",null,null,"2017-06-16","2017-07-27","2022-07-27",1,0,1,{"$nulls":10},0,null,null,1,null,0,1,null,1,{"$nulls":3},"2018: Not started\n2019: Not started","Not started",null,"Forecasts reviewed and updated based on planning status and development progress.",null,"-","Delivery timescale >",1,null,null,1,{"$nulls":10},1,1,{"$nulls":31},0]
["Y","n/a","BLPU - IU","TAT/0123","Tattenhall","Tattenhall and District","Rural",null,"Newton Hall, Newton Hall Lane, Newton by Tattenhall, CH3 9NE","Division of Newton Hall from one dwelling into two dwellings",null,null,"Mr Robert Arden",null,null,"PDL","Conversion","C3","NO",null,null,"NO","No","Windfall",{"$nulls":3},"17/00167/FUL","Full",null,null,"2017-01-23","2017-04-03","2020-04-03",2,1,1,{"$nulls":10},1,2,null,null,1,1,0,null,0,{"$nulls":3},"2018: Not started\n2019: Complete","Complete",null,"Site complete. Forecasts exceeded.",null,"+","Delivery timescale <",0,{"$nulls":13},0,0,null,null,2,{"$nulls":28},2]
["Y",null,null,"TAT/0125","Tattenhall","Hargrave and Huxley","Rural",null,"Green Farm, Huxley Lane, Huxley, CH3 9BG","Conversion of existing farm buildings to create 6 dwellings with access, associated parking, turning and landscaping",{"$nulls":5},"GF","Change of use","C3","NO",null,null,"YES","No","Windfall",null,{"$f":"SUM(AI784/Y784)","v":{"$error":"#DIV/0!"}},null,"17/04378/FUL","Full",null,null,"2017-10-10","2018-03-08","2021-03-08",6,0,6,{"$nulls":10},0,null,null,6,null,0,6,null,6,{"$nulls":3},"2018: Not started\n2019: Not started","Not started",null,"Forecasts reviewed and updated based on planning status.",null,"+",null,6,{"$nulls":3},3,3,{"$nulls":8},6,6,{"$nulls":31},0]
["Y",null,null,"TAT/0126","Tattenhall","Tattenhall","Rural",null,"Rear Barns Lanes Farm, Wood Lane, Tattenhall, CH3 9AD","Conversion of existing brick built barn to one dwelling",{"$nulls":5},"GF","Change of use","C3","No",null,null,"YES","NO","Windfall",{"$nulls":3},"18/02496/PDQ","PDQ",null,null,"2018-06-28","2018-08-13","2021-08-13",1,0,1,{"$nulls":10},0,null,null,1,null,0,1,null,1,{"$nulls":3},"2019: Not started","Not started",null,"New permission. Forecasting assumptions applied.",null,"New",null,1,null,null,1,{"$nulls":10},1,1]
["Y","Y",null,"TAT/0127","Tattenhall","Tattenhall","Tattenhall",null,"Land adjacent The Avenue, Tattenhall Road, Tattenhall","Erection of two storey detached dwelling with associated landscaping",{"$nulls":3},"Kenyon Planing - Gordon Kenyon gordon@kenyonplanning.com","Jennie Poynton","GF","New build","C3","NO",null,null,"NO","No","Windfall",{"$nulls":3},"18/00238/FUL","Full",null,null,"2018-01-22","2018-10-12","2021-10-12",1,0,1,{"$nulls":10},0,null,1,null,null,0,1,null,1,{"$nulls":3},"2019: Under construction","Under construction",null,"New site under construction. Forecasts based on planning status and development progress.",null,"New",null,1,null,1,{"$nulls":11},1,1]
["Y",null,null,"TAT/0129","Tattenhall","Tattenhall","Tattenhall",null,"Portico House, High Street, Tattenhall, CH3 9PX ","Demolition of existing property and erection of seven new dwellings, plus associated landscaping works",null,null,"Bolesworth Estate","Rural Solutions - Shelley Coffey shelley.coffey@ruralsolutions.co.uk","Gail Nickson","PDL","New build","C3","NO",null,null,"NO","No","Windfall",{"$nulls":3},"18/02929/FUL","Full",null,null,"2018-07-27","2018-12-17","2021-12-17",7,1,6,{"$nulls":10},0,null,null,6,null,0,6,null,6,{"$nulls":3},"2019: Not started","Not started",null,"New permission. Forecasting assumptions applied.",null,"New",null,6,null,-1,null,1,3,3,{"$nulls":7},6,6]
["Y",null,null,"TAT/0132","Tattenhall","Tattenhall","Rural",null,"Land at Hall Farm, Hatton Hall Lane, Hatton","Conversion of agricultural building to two (2) dwellings",{"$nulls":3},"Huw Evans Planning-Huw Evans",null,"GF","Change of use","C3","NO",null,null,"YES","No","Windfall",{"$nulls":3},"18/00070/PDQ","PDQ",null,null,"2018-01-04","2018-02-22","2021-02-22",2,0,2,{"$nulls":10},0,null,null,2,null,0,2,null,2,{"$nulls":3},"2018: Not started\n2019: Not started","Not started",null,"Forecasts reviewed and updatd based on planning status and development progress.",null,"-","Delivery timescale >",2,null,null,1,1,{"$nulls":9},2,2,{"$nulls":31},{"$f":"SUM(CE788:DD788)","v":0}]
["n/a","Y",null,"UPT/0005","Upton","Upton-by-Chester","Chester",null,"The Gamekeeper PH, Newhall Road, Upton, Chester, CH2 1TB","Outline permission for 12 apartments (expired)\nDemolition of existing building and erection of 15x 2bed apartments with associated parking, bin storage, cycle provision and landscaping (pending)","Dragon Eco-Homes",null,"Dragon Eco Homes-Mr Nigel Ward","NMW Design-Mr Nigel Ward","Steve Holmes","PDL","Change of use","C3","NO",null,null,"NO","No","BLR",0.1418,{"$f":"SUM(AI789/Y789)","v":105.78279266572636},"13/03014/OUT (14/07/2017)","17/03315/FUL","Full pending",null,null,"2017-08-01",null,null,15,0,15,{"$nulls":10},0,{"$nulls":4},0,0,15,15,"13/01261/OUT 18 apartments refused\nCase officer: Latest REM withdrawn and revised application anticiapted this year","6-14. June 2017. 16/05309/DIS",null,"2016-2018: Outline permission. No site visit\n2019: Not started. Permission expired. Full application pending decision","Not started","2018:No site visit.Full application awaiting decision","Included on Brownfield Land Register.\nPermission expired. New full application awaiting decision. Forecasts reviewed and adjusted based on planning status.","Full planning application received 1 Aug 2017 pending decision\nOfficer recommendation for approval subject to legal agreement.\nDeveloper/house builder: Dragon Eco Homes.\nSite is derelict and building is not in use\nForecast delivery of units from year 3\nNO CHANGE TO FORECAST-units are deliverable within years 1 to 5","-","Delivery timescale >",15,{"$nulls":4},15,{"$nulls":8},15,15,{"$nulls":31},0]
["Y","Y",null,"UPT/0009","Upton","Upton-by-Chester","Chester",null,"Dukesway (land adjacent to 18 Lakeside Close), Upton, Chester","Residential development of 16no dwellings on land at rear \n18/03040/FUL - one dwelling adjacent to 28 Lakeside Close",{"$nulls":4},"Jennie Poynton","GF","New build","C3","NO",null,null,"NO","No","HELAA",null,{"$error":"#DIV/0!"},"95/01108/REM\n09/11343/FUL\n18/04839/NMA (13.2.19)","18/03040/FUL","Full",null," ","2018-08-06","2018-10-26","2021-08-26",16,0,16,null,null,11,null,null,2,null,1,null,null,15,1,null,1,null,1,1,null,1,"18/04839/NMA - design of bungalow",null,null,"2015-2017:Under construction\n2018: Under construction\n2019: Under construction","Under construction",null,"Site under construction. Forecasts reviewed and unchanged based on planning status and development progress.",null,"+",null,1,null,null,1,{"$nulls":10},1,1,null,null,1,{"$nulls":28},1]
["n/a","n/a",null,"UPT/0010","Upton","Upton-by-Chester","Chester",null,"Land to rear of Marl Heys, Chester",{"$nulls":6},"GF",{"$nulls":7},"HELAA",null,{"$error":"#DIV/0!"},{"$nulls":9},0,0,{"$nulls":10},0,{"$nulls":4},0,0,null,0,{"$nulls":10},0,{"$nulls":13},0,0,{"$nulls":31},0]
["Y",null,null,"UPT/0047","Upton","Upton-by-Chester","Chester",null,"UPTON DENE (Phase 3) - Land at Upton Grange, Liverpool Road, Chester","2016 application: 90 new dwellings\n2017 application: Erection of 74 dwellinsg (30% affordable) with associated access, landscaping and works, including retention of on-site water tower and demolition of redundant buildings","Morris Homes",null,"NHS Property Services Ltd and Morris Homes Ltd","WYG: Mr Mike O'Brien / Mr Jake Crompton",null,"PDL","New build","C3","NO",null,null,"NO","No","HELAA",null,{"$error":"#DIV/0!"},"14/05171/OUT","17/01543/FUL","Full",null,null,"2017-04-06","2017-08-30","2020-08-30",74,0,74,null,21,{"$nulls":8},0,null,null,74,null,0,74,null,74,"2018: Discharge of conditions awaiting decision\n2019: Not started","3.4.6.7.9.10.12.13.18.26.27-29. May 2018. 17/04686/DIS",null,"2018: Not started\n2019: Not started","Not started","2018:Discharge of conditions pending decision","Forecasts reviewed and unchanged based on planning status and development progress.",null,"-","Delivery timescale >",72,{"$nulls":3},24,24,24,{"$nulls":7},72,72,{"$nulls":31},0]
["Y","n/a","BLPU - IU","UPT/0053","Upton","Upton By Chester","Chester",null,"Rear of The Planes, 69 Heath Road, Upton, Chester, CH2 1HT","Erection of bungalow (with access off Flag Lane South)  ",null,null,"Mr & Mrs Fryer","Insite Architecture (Mr Nick Wheeler)",null,"PDL","New build","C3","YES",null,null,"NO","No","Windfall",null,{"$error":"#DIV/0!"},null,"16/02645/FUL","Full",null,null,"2016-06-22","2016-09-19","2019-09-19",1,0,1,{"$nulls":10},1,1,{"$nulls":3},1,0,null,0,{"$nulls":3},"2017: Under construction\n2018: Under construction\n2019: Complete","Complete",null,"Site complete. Forecasts achieved.",null,"=",null,0,{"$nulls":13},0,0,{"$nulls":6},1,{"$nulls":24},1]
["Y","n/a","BLPU - IU","UPT/0055","Upton","Upton-by-Chester","Chester",null,"Brimar, 22 Heath Road, Upton, Chester, CH2 1HX","1no two storey dwelling",{"$nulls":5},"GF","New build","C3","YES",null,null,"NO","No","Garden land",null,{"$error":"#DIV/0!"},null,"17/02767/FUL","Full",null,null,"2017-06-23","2017-07-27","2020-07-27",1,0,1,{"$nulls":10},{"$f":"SUM(AN794:AU794)+BA794","v":1},1,{"$nulls":3},{"$f":"SUM(AW794-AZ794)","v":1},0,null,0,null,"3.4. December 2017. 17/04808/DIS",null,"2018: Under construction\n2019: Complete","Complete",null,"Site complete. Forecasts achieved.",null,"=",null,0,{"$nulls":13},0,0,{"$nulls":3},1,{"$nulls":27},1]
["Y","Y",null,"UPT/0058","Upton","Upton-by-Chester","Chester",null,"54 Weston Grove, Upton, Chester, CH2 1QJ ","One new 4-bed dwelling",{"$nulls":3},"Insite Architecture-Mr Nick Wheeler nick@insitearchitecture.co.uk","Steve Holmes","GF","New build","C3","Yes",null,null,"NO","No","Garden land",0.065,15.384615384615383,null,"16/04041/OUT","Outline",null,null,"2016-09-06","2016-12-14","2019-12-14",1,0,1,{"$nulls":10},0,null,null,1,null,0,1,null,1,{"$nulls":3},"2017-2018: Outline permission. No site visit\n2019: Outline permission. No site visit","Not started","2018:No site visit","Permission expires in next monitoring period. Forecasts reviewed. Removed from deliverable supply.",null,"-","Permission expires 2019",0,{"$nulls":13},0,0,{"$nulls":31},0]
["Y",null,null,"WEC/0","Weaver and Cuddington","Cuddington","Rural",null,"Willow Tree Cottage, Chester Road, Cuddington, Northwich, CW8 2EB ","Erection of double garage with flat above ",{"$nulls":3},"Mr William Major","Mel Louw","PDL","New build","C3","NO",null,null,"NO","No","Windfall",{"$nulls":3},"18/03815/FUL","Full",null,null,"2018-10-01","2019-02-14","2022-02-14",1,0,1,{"$nulls":10},0,null,null,1,null,0,1,null,1,{"$nulls":3},"2019: Not started","Not started",null,"New permission. Forecasting assumptions applied.",null,"New",null,1,null,null,1,{"$nulls":10},1,1]
["n/a","n/a",null,"WEC/0006","Weaver and Cuddington","Weaverham","Northwich",null,"Briar Lane garage court, Weaverham, Northwich","LPP2 allocation\nBLR site",{"$nulls":5},"PDL","New build","C3","NO",null,null,"NO","No","LPP2 allocation",0.26,{"$nulls":9},10,null,10,{"$nulls":10},0,{"$nulls":4},0,0,10,10,{"$nulls":6},"Local Plan (Part Two) allocation.\nForecasts reviewed and unchanged. Not included in deliverable supply.",{"$nulls":3},0,{"$nulls":6},5,5,{"$nulls":5},10,10,{"$nulls":31},{"$f":"SUM(CE797:DD797)","v":0}]
["n/a","n/a",null,"WEC/0009","Weaver and Cuddington","Cuddington","Cuddington & Sandiway",null,"Adjacent Golden Nook Bungalow, Forest Road, Cuddington",{"$nulls":6},"GF",{"$nulls":7},"HELAA",null,{"$f":"SUM(AI798/Y798)","v":{"$error":"#DIV/0!"}},{"$nulls":10},0,{"$nulls":10},0,{"$nulls":4},0,0,null,0,{"$nulls":10},0,{"$nulls":13},0,0,{"$nulls":31},0]
["Y","n/a",null,"WEC/0010","Weaver and Cuddington","Cuddington","Cuddington & Sandiway",null,"FOREST EDGE - Chester Road/Forest Road, Cuddington, Northwich","Erection of 150 residential units including access, public open space and associated works (demolition of 97 Ash Road) Allowed on appeal. Reserved matters application for 138 dwellings (net total of 137 dwellings) - plot amendments, total = 142","Bovis Homes Ltd",{"$nulls":4},"GF","New build","C3","NO",null,null,"NO","No","HELAA",null,{"$error":"#DIV/0!"},"11/01061/OUT\n12/04297/REM\n14/04944/NMA","14/04943/REM","Full",null,"Allowed","2014-12-03","2012-11-26","2015-02-20",142,1,141,null,45,null,null,-1,44,11,14,37,21,143,17,{"$nulls":3},17,0,null,0,"Large units therefore 2 dwellings per month forecast\nNMA - Change plot 94 from house M to house P ",null,null,"2013-2017: Under construction\n2018: Under construction.Final phase released\n2019: Complete","Complete","2018:Site compound (final phase) under construction","Site complete. Forecasts achieved.",null,"=",null,0,{"$nulls":13},0,0,null,null,12,3,2,{"$nulls":26},17]
["Y","n/a","BLPU - IU","WEC/0012A","Weaver and Cuddington","Weaverham","Northwich",null,"Weaverham Bank Farm, High Street, Weaverham, Northwich, CW8 3HA","Change of use of barns to 4 No dwellings ","WBF Developments",null,"WBF Developments Ltd","NextPhase Development Ltd-Mr Christopher Whitehouse c.whitehouse@nextphasedevelopment.co.uk",null,"GF","Change of use","C3","NO",null,null,"YES","No","Windfall",null,{"$error":"#DIV/0!"},"08-2279-COU\n16/05405/S73","12/02754/EXT","Full",null,null,"2012-06-18","2009-06-19","2012-06-19",4,0,4,{"$nulls":10},4,4,{"$nulls":3},4,0,null,0,"16/02139/AI - initial notice accepted \n16/04664/FUL - pending for 12 dwellings\nVariation of condition 2 and removal of 7 and 16 of 12/02754/EXT approved","15/05200/DIS",null,"2016: Not started\n2017: Under construction\n2018: Under construction\n2019: Complete","Complete",null,"Site complete. Forecasts achieved.",null,"=",null,0,{"$nulls":13},0,0,null,null,2,2,{"$nulls":27},4]
["n/a","n/a",null,"WEC/0012B","Weaver and Cuddington","Weaverham","Northwich",null,"Weaverham Bank Farm, High Street, Weaverham, Northwich, CW8 3HA","Amendments to existing dwelling and erection of 8 dwellings with associated formation of access and landscaped areas","WBF Developments",null,"WBF Developments Ltd","NextPhase Development Ltd-Mr Christopher Whitehouse c.whitehouse@nextphasedevelopment.co.uk",null,"GF","New build","C3","NO",null,null,"NO","No","HELAA",0.5035,15.88877855014896,null,"17/04170/FUL","Full pending",null,null,"2017-09-27",null,null,8,0,8,{"$nulls":10},0,{"$nulls":4},0,0,8,8,{"$nulls":6},"Forecasts reviewed and unchanged. Not included in deliverable supply.","Full planning application received 27 Sep 2017 pending decision\nBarn conversion development on part of site under construction.\nNO CHANGE TO FORECAST- No units forecast in years 1 to 5",null,null,0,{"$nulls":6},2,3,3,{"$nulls":4},8,8,{"$nulls":31},0]
["Y",null,null,"WEC/0036","Weaver and Cuddington","Cuddington","Cuddington & Sandiway",null,"Land at 8 White Lodge Mews, Norley Road, Cuddington, Northwich","Erection of one (1) dwelling with detached garage annexe",{"$nulls":3},"Agent: Ellis Williams Architects\nG&SD Design Ltd",null,"GF","New build","C3","NO",null,null,"NO","No","Windfall",null,{"$error":"#DIV/0!"},"16/00792/NMA","12/04180/FUL","Full",null,null,"2012-09-17","2013-04-29","2016-04-29",1,0,1,{"$nulls":10},0,null,null,1,null,0,1,null,1,"No BC records\nSubject to a S106 agreement\n16/00792/DIS - pending","3.6. 16/00777/DIS April 2016",null,"2017: Development commenced (garage)\n2018: Stalled\n2019: Stalled","Stalled","2018:Garage/annex complete","Site stalled. Forecasts reviewed and removed from deliverable supply.",null,"-","Stalled",0,{"$nulls":6},1,{"$nulls":6},1,1,{"$nulls":31},0]
["Y","Y",null,"WEC/0037","Weaver and Cuddington","Cuddington","Cuddington & Sandiway",null,"Adjacent to White Lodge Orchard, Norley Road, Cuddington, Northwich","Construction of one (1) detached dwelling with detached garage",{"$nulls":3},"Wright Marshall-Mrs Olivia Starkey oliviastarkey@wrightmarshall.co.uk","Steve Holmes","GF","New build","C3","YES",null,null,"NO","No","Garden land",null,{"$error":"#DIV/0!"},"13/00220/OUT","16/00568/OUT","Outline",null,null,"2013-01-18","2016-02-23","2019-03-23",1,0,1,{"$nulls":10},0,null,null,1,null,0,1,null,1,{"$nulls":3},"2017-2018: Outline permission. No site visit\n2019: Outline permission. No site visit","Not started","2018:No site visit","Permission expired. Forecasts reviewed and unchanged. Not included in deliverable supply.",null,"-","Permission expired",0,{"$nulls":13},0,0,{"$nulls":31},0]
["Y","n/a","BLPU - IU","WEC/0041","Weaver and Cuddington","Weaverham","Rural",null,"Hefferston Grange Farm, Grange Lane, Weaverham, Northwich, CW8 2SR","Change of use of redundant agricultural outbuildings to three (3) dwellings and offices. \n2016 amendment to approval - conversion of existing barn into a dwelling house - no change in number of dwellings",{"$nulls":3},"NJSR Architects",null,"GF","Change of use","C3","NO",null,null,"YES",null,"Windfall",null,{"$error":"#DIV/0!"},"13/02812/FUL\n16/03053/FUL","17/03429/FUL","Full",null,null,"2017-08-09","2017-12-20","2020-12-20",3,0,3,{"$nulls":10},3,3,{"$nulls":3},3,0,null,0,"13/02812/FUL was implimented June 2016 (16/03053/FUL Officers Report)\n16/04129/S73 - plans - windows and roof height\n16/05658/FUL - same number of dwellings as 16/03053/FUL","3,4,7,8,9,10,11,15,20,21 and 25 discharged (January 2016) 15/04739/DIS",null,"2016: Not started\n2017: Development started\n2018: Under construction\n2019: Complete","Complete",null,"Site complete. Forecasts exceeded.",null,"+","Delivery rate >\nDelivery timescale <",0,{"$nulls":13},0,0,null,null,2,1,{"$nulls":27},3]
["Y","n/a","BLPU - IU","WEC/0046","Weaver and Cuddington","Weaverham","Northwich",null,"Weaverham Wood Farm (barns), Farm Road, Weaverham, Northwich","Conversion of redundant agricultural building into four (4) residential properties with the construction of associated car ports",{"$nulls":3},"Hodkinson Mallinson Ltd - Mt T Mallinson",null,"GF","Change of use","C3","NO",null,null,"YES","No","Windfall",null,{"$error":"#DIV/0!"},"18/01599/S73","14/02071/FUL","Full",null,null,"2014-05-14","2014-08-27","2017-08-27",4,0,4,{"$nulls":10},4,4,{"$nulls":3},4,0,null,0,"18/01599/S73 - plans",null,null,"2016-2017: Not started\n2018: Under construction\n2019: Complete","Complete",null,"Site complete. Forecasts exceeded.",null,"+",null,0,{"$nulls":13},0,0,null,1,null,3,{"$nulls":27},4]
["Y",null,null,"WEC/0054","Weaver and Cuddington","Weaverham","Northwich",null,"Mere Brow, Sandy Lane, Weaverham, Northwich, CW8 3PX","Conversion of existing dwelling, barn and stables to form six (6) dwellings and formation of new access. Alternative non residential application approved",null,null,"Mrs S White","Beeston Aspinall Architects (Sarah Aspinall)",null,"PDL","Change of use","C3","NO",null,null,"NO","No","Windfall",null,{"$error":"#DIV/0!"},"14/02510/OUT","16/03028/FUL","Full",null,null,"2014-11-18","2017-03-02","2020-03-02",6,0,6,{"$nulls":10},0,null,null,6,null,0,6,null,6,{"$nulls":3},"2017-2018: Not started\n2019: Not started. Alternative non residential permission","Not started","2018:Alternative non residential application approved","Forecasts reviewed and unchanged. Not included in deliverable supply.",null,"=",null,0,{"$nulls":13},0,0,{"$nulls":31},0]
["Y",null,null,"WEC/0058","Weaver and Cuddington","Acton Bridge","Rural",null,"115 Hill Top Road, Acton Bridge, Northwich, CW8 3RA","The erection of a single dwelling.",{"$nulls":3},"Goodwin Planning Services - Steve Goodwin",null,"PDL","New build","C3","YES",null,null,"NO","No","Garden Land",null,{"$error":"#DIV/0!"},"14/03768/OUT","16/01724/REM","Full",null,"Allowed","2016-04-26","2016-06-13","2019-06-13",1,0,1,{"$nulls":10},0,null,1,null,null,0,1,null,1,"16/02240/AI - initial notice accepted\nAllowed on appeal - APP/A0665/W/14/3000557",null,null,"2016: Outline permission.No site visit\n2017: Not started\n2018: Under construction\n2019: Under construction","Under construction",null,"Site under construction. Forecasts reviewed and updated based on development progress.",null,"-","Delivery timescale >",1,null,1,{"$nulls":11},1,1,{"$nulls":31},0]
["Y",null,"Y","WEC/0061","Weaver and Cuddington","Weaverham","Northwich",null,"Oaklands Hotel, Millington Lane, Weaverham, Northwich CW8 2SU","Change of use of existing C1 hotel to class C3 dwelling (1)",{"$nulls":3},"Mr Glyn Bridge",null,"PDL","Change of use","C3","NO",null,null,"NO","No","Windfall",null,{"$error":"#DIV/0!"},"14/03605/COU","17/02945/FUL","Full",null,null,"2017-07-05","2017-08-23","2020-08-23",1,0,1,{"$nulls":10},0,null,null,1,null,0,1,null,1,"APP/A0665/W/15/3138186 - dismissed to part demolish and convert existing hotel and form two dwellings 15/01156/OUT",null,null,"2016-2017: Not started\n2018: Not started. New application approved\n2019: Not started","Not started","2018:New application approved","Forecasts reviewed and unchanged based on planing status and development progress.",null,"=",null,1,null,1,{"$nulls":11},1,1,{"$nulls":31},0]
["Y","n/a",null,"WEC/0064","Weaver and Cuddington","Cuddington","Rural",null,"EDEN GRANGE - Former Nestle UK Limited, Warrington Road, Cuddington, Northwich, CW8 2SN","Outline planning with all matters (other than access) reserved for a residential led development with public open space, allotments and ancilliary development (including Community Building use class D1). \nReserved Matters: 158 houses, allotments, open space, childrens play area and wildflower meadow","Taylor Wimpey / Plus Dane",null,"Mr Ian Harrison",null,null,"PDL","New build","C3","NO",null,null,"NO","No","HELAA",null,{"$error":"#DIV/0!"},"10/02283/OUT\n13/03283/S73\n17/01531/NMA","11/05545/REM","Full",{"$nulls":3},"2012-04-12","2015-04-12",158,0,158,null,47,null,null,2,27,36,38,26,19,158,10,{"$nulls":3},10,0,null,0,"2013/2014 = 27; 2014/2015 = 36; 2916/2017 = 26",null,null,"2013-2018:Under construction\n2019: Complete","Complete",null,"Site complete. Forecasts achieved.",null,"=",null,0,{"$nulls":13},0,0,null,null,1,3,4,{"$nulls":10},2,{"$nulls":15},10]
["Y",null,null,"WEC/0065","Weaver and Cuddington","Weaverham","Northwich",null,"Adjacent 2 Russet Road, Weaverham, Northwich","One (1) new 3-bed dwelling",{"$nulls":3},"Initiatives Design Ltd - Mr Russell Afzal mail@initiativesonline.co.uk","Brian Leonard","GF","New build","C3","YES",null,null,"NO","No","Garden land",0.0788,12.69035532994924,"14/05138/OUT (17/04/2018)","18/01193/OUT","Outline",null,null,"2018-03-27","2018-04-30","2021-04-30",1,0,1,{"$nulls":10},0,null,null,1,null,0,1,null,1,{"$nulls":3},"2018: Outline permission. No site visit\n2019: Outline permission. No site visit","Not started","2018:Re-submission awaiting decision to extend time limit for implementation","Forecasts reviewed and unchanged based on planning status and development progress.",null,"=",null,1,null,null,1,{"$nulls":10},1,1,{"$nulls":31},0]
["Y",null,null,"WEC/0066","Weaver and Cuddington","Acton Bridge","Rural",null,"Land north-west of Hill Top Farm, Hill Top Road, Acton Bridge, Northwich","Erection of one (1) dwelling on land to north west of Hill Top Farm",{"$nulls":3},"A.E Planning Consultants",null,"GF","New build","C3","NO",null,null,"NO","No","Windfall",null,{"$error":"#DIV/0!"},"15/01669/OUT (17/10/2018)","17/00686/FUL","Full",null,null,"2017-04-03","2017-06-07","2020-06-07",1,0,1,{"$nulls":10},0,null,null,1,null,0,1,null,1,null,"5.6. October 2017. 17/00687/DIS\n3.8-10. September 2017. 17/03649/DIS",null,"2017: Outline permission.No site visit\n2018: Not started\n2019: Not started","Not started",null,"Forecasts reviewed and updated based on planning status and development progress.",null,"-","Delivery timescale >",1,null,null,1,{"$nulls":10},1,1,{"$nulls":31},0]
["Y","Y",null,"WEC/0067","Weaver and Cuddington","Cuddington","Northwich",null,"Land to rear of 10-18 Warrington Road, Cuddington, Northwich","Erection of up to three (3) single storey 2-bed dwellings",null,null,"Cuddington Parish Council-Mrs Julie Chrimes (Parish Clerk)",null,null,"GF","New build","C3","NO",null,null,"NO","No","Windfall",0.16,18.75,"15/01763/OUT (01/10/2018)",null,"Expired",{"$nulls":5},3,0,3,{"$nulls":10},0,{"$nulls":4},0,0,null,{"$f":"SUM(BC812+BB812)","v":0},{"$nulls":3},"2017-2018: Outline permission. No site visit\n2019: Outline permission. No site visit","Not started","2018:No site visit","Permission expired. Forecasts reviewed and removed from deliverable supply.",null,"-","Permission expired",0,{"$nulls":13},0,0,{"$nulls":31},0]
["Y","Y",null,"WEC/0068","Weaver and Cuddington","Cuddington","Cuddington & Sandiway",null,"Ivy Cottage, School Lane, Cuddington, Northwich, CW8 2NQ ","New dwelling and car parking provision (resubmission of 15/00306/OUT)",{"$nulls":3},"Paul Kent ppkent@btinternet.com","Lauren BT","GF","New build","C3","YES",null,null,"NO",null,"Garden land",0.1,10,null,"15/02428/OUT","Outline",null,null,"2015-06-09","2015-08-04","2018-08-04",1,0,1,{"$nulls":10},0,{"$nulls":4},0,0,null,0,"No building control records\n15/00306/OUT - withdrawn",null,null,"2017-2018: Outline permission. No site visit\n2019: Outline permission. No site visit","Not started. Permission expired","2018:No site visit","Permission expired. Forecasts reviewed and removed from deliverable supply.",null,"-","Permission expired",0,{"$nulls":13},0,0,{"$nulls":31},0]
["Y",null,null,"WEC/0069","Weaver and Cuddington","Cuddington","Rural",null,"Poplar Farm, Cuddington Lane, Cuddington, Northwich, CW8 2SZ","Conversion of two traditional brick agricultural buildings to create four (4) residential dwellings and removal redundant modern agricultural buildings.\n2017 application/amendment:conversion of agricultural building to 3 dwelling and erection of 3 garages",null,null,"Delamere Estates","Strutt and Parker: Mrs Joanne Redmond",null,"GF","Change of use","C3","NO",null,null,"YES","No","Windfall",null,{"$error":"#DIV/0!"},"15/02524/FUL","17/00954/FUL","Full",null,null,"2017-03-07","2017-08-21","2020-08-21",3,0,3,{"$nulls":10},0,null,null,3,null,0,3,null,3,{"$nulls":3},"2016-2018: Not started\n2019: Not started","Not started","2018:Site marketed with planning permission (Strutt & Parker).Amended scheme approved 2017","Forecasts reviewed and unchanged based on planning staus and development progress.",null,"=",null,3,null,null,1,2,{"$nulls":9},3,3,{"$nulls":31},0]
["Y","n/a","BLPU - IU","WEC/0077","Weaver and Cuddington","Acton Bridge","Rural",null,"Milton Farm, Milton Rough, Acton Bridge, Northwich, CW8 2RF","Change of use of agricultural barn to single dwelling (1x3bed), Variation of conditions 2 and 3",null,null,"Mr P Butler","Adams Planning + Development Ltd - Mr Russell Adams",null,"GF","Change of use","C3","NO",null,null,"YES","No","Windfall",0.25,4,null,"16/00985/FUL","Full",null,null,"2016-03-08","2016-05-24","2019-05-24",1,0,1,{"$nulls":10},1,1,{"$nulls":3},1,0,null,0,"17/00242/AI - Initial notice accepted","2(variation).3. October 2017. 17/03962/S73\n3.5. January 2018. 18/00065/DIS",null,"2017: Not started\n2018: Under construction\n2019: Complete","Complete",null,"Site complete. Forecasts achieved.",null,"=",null,0,{"$nulls":13},0,0,null,null,1,{"$nulls":28},1]
["Y","Y",null,"WEC/0078","Weaver and Cuddington","Cuddington","Rural",null,"The Cottage, Ravensclough Manor House, Waste Lane, Cuddington, CW8 2TD","Change of use of detached building (that contains 4 flats) to form a dwelling with extension to roof ridge height, formation of rear dormer windows and front porch extension.  ",null,null,"Mrs Ruth Elliott-Smith",null,null,"PDL","Conversion","C3","NO",null,null,"NO","No","Windfall",null,{"$error":"#DIV/0!"},null,"16/00230/FUL","Full",null,null,"2016-01-20","2016-07-15","2019-07-15",1,4,-3,{"$nulls":10},0,null,null,-3,null,0,-3,null,-3,null,"5. September 2016. 16/03685/DIS",null,"2017-2018: Not started\n2019: Not started","Not started","2018:Site marketed (Wright Marshall)","Permission expires in next monitoring period. Forecasts reviewed. Removed from deliverable supply.",null,"-","Permission expires 2019",0,{"$nulls":13},0,0,{"$nulls":31},0]
["Y","Y",null,"WEC/0079","Weaver and Cuddington","Weaverham","Rural",null,"Noah's Ark, Gorstage Lane, Weaverham, Northwich, CW8 2ST","Change of use / conversion on existing building to one residential unit and erection of garage",null,null,"Mr N Frommert","Initiatives Design Ltd - Mr Russell Afzal",null,"PDL","Change of use","C3","NO",null,null,"NO","No","Windfall",{"$nulls":3},"16/02533/FUL","Full",null,null,"2016-06-16","2016-08-01","2019-08-01",1,0,1,{"$nulls":10},0,null,null,1,null,0,1,null,1,{"$nulls":3},"2017-2018: Not started\n2019: Not started","Not started",null,"Permission expires in next monitoring period. Forecasts reviewed. Removed from deliverable supply.",null,"-","Permission expires 2019",0,{"$nulls":13},0,0,{"$nulls":31},0]
["Y","Y",null,"WEC/0081","Weaver and Cuddington","Dutton","Rural",null,"Meadow Farm, Marsh Lane, Dutton, Northwich, WA4 4EU ","Conversion of traditional brick and modern barns to 2 no. dwellings with associated gardens, parking and landscaping. ",{"$nulls":5},"GF","Change of use","C3","NO",null,null,"Yes","No","Windfall",null,{"$f":"SUM(AI818/Y818)","v":{"$error":"#DIV/0!"}},null,"16/04171/FUL","Full",null,null,"2016-12-08","2016-12-08","2019-12-08",2,0,2,{"$nulls":10},0,null,null,2,null,0,2,null,2,{"$nulls":3},"2017-2018: Not started\n2019: Not started","Not started","2019: Skips and building material on site","Permission expires in next monitoring period. Forecasts reviewed. Removed from deliverable supply.",null,"-","Permission expires 2019",0,{"$nulls":13},0,0,{"$nulls":31},0]
["Y",null,null,"WEC/0082","Weaver and Cuddington","Weaverham","Rural",null,"Gorstage Farm, Gorstage Lane, Weaverham, Northwich, CW8 2ST ","Conversion of barn to form two residential units. ",null,null,"Mr & Mrs Heywood","Wright Marshall - Olivia Starkey",null,"GF","Change of use","C3","NO",null,null,"YES","No","Windfall",{"$nulls":3},"16/04674/FUL","Full",null,null,"2016-10-18","2017-02-09","2020-02-09",2,0,2,{"$nulls":10},0,null,2,null,null,0,2,null,2,{"$nulls":3},"2017: Not started\n2018: Not started\n2019: Under construction","Under construction","2019: Almost complete","Site under construction. Forecasts exceeded - reviewed and updated based on development progress.",null,"+","Delivery timescale <",2,null,2,{"$nulls":11},2,2,{"$nulls":31},0]
["Y",null,null,"WEC/0083","Weaver and Cuddington","Weaverham","Rural",null,"Gorstage Green Farm, Hodge Lane, Weaverham, Northwich, CW8 2SF ","Residential development to form four dwellings. Inclusive of the proposed diversion of footpath Weaverham FP 28",null,null,"Mr & Mrs Davis","Wright Marshall - Olivia Starkey\nRandle White - Roger White roger@randlewhite.co.uk","Paul Friston","GF","Change of use","C3","NO",null,null,"YES","No","Windfall",{"$nulls":3},"16/03805/FUL","Full",null,null,"2016-08-24","2017-02-06","2020-02-06",4,0,4,{"$nulls":10},0,null,null,4,null,0,4,null,4,null,"3.11. 18/04891/DIS Feb 2019",null,"2017: Not started\n2018: Not started\n2019: Development commenced","Development commenced",null,"Forecasts reviewed and unchanged based on planning status and development progress.",null,"=",null,4,null,null,4,{"$nulls":10},4,4,{"$nulls":31},0]
["Y",null,null,"WEC/0084","Weaver and Cuddington","Cuddington","Rural",null,"Ashbank Farm, Weaverham Road, Cuddington, Northwich, CW8 2SQ ","Conversion of existing agricultural barn to two (2) dwellings and conversion of one brick built outbuilding to form an annexe, demolition of an existing Dutch barn and associated infrastructure works. ",null,null,"Mr & Mrs Green","Cheshire Planning Solutions - Jo Ellis-Jones",null,"GF","Change of use","C3","NO",null,null,"YES","No","Windfall",{"$nulls":3},"16/04540/FUL","Full",null,null,"2016-10-10","2016-12-19","2019-12-19",2,0,2,{"$nulls":10},0,null,null,2,null,0,2,null,2,{"$nulls":3},"2017: Not started\n2018: Development commenced (annex building)\n2019: Development commenced","Development commenced","2018:Annex started","Forecasts reviewed and updated based on planning status and development progress.",null,"-","Delivery timescale >",2,null,null,2,{"$nulls":10},2,2,{"$nulls":31},0]
["Y",null,null,"WEC/0085","Weaver and Cuddington","Dutton","Rural",null,"Woodside Farm, Northwich Road, Dutton, Northwich, WA4 4LJ ","Conversion of barns to 3 no. residential dwellings with associated gardens, parking and landscaping. ",null,null,"CWaC","Strutt and Parker: Mrs Joanne Redmond",null,"GF","Change of use","C3","NO",null,null,"YES","No","Windfall",null,{"$f":"SUM(AI822/Y822)","v":{"$error":"#DIV/0!"}},null,"16/04170/FUL","Full",null,null,"2016-09-13","2016-12-20","2019-01-20",3,0,3,{"$nulls":10},0,null,2,1,null,0,3,null,3,{"$nulls":3},"2017: Not started\n2018: Not started\n2019: Under construction","Under construction",null,"Site under construction. Forecasts reviewed and unchanged based on development progress.",null,"=",null,3,null,2,1,{"$nulls":10},3,3,{"$nulls":31},0]
["Y","n/a",null,"WEC/0086","Weaver and Cuddington","Cuddington","Cuddington & Sandiway",null,"Rear of Roselands, 9 Cartledge Close, Cuddington, Northwich","Erection of one (1) dwelling",null,null,"Mr Tristan Aspinall","Mrs Sarah Aspinall",null,"GF","New build","C3","YES",null,null,"NO","No","Garden land",{"$nulls":3},"17/00511/FUL","Full",null,null,"2017-02-20","2017-05-09","2020-05-09",1,0,1,{"$nulls":10},1,1,{"$nulls":3},1,0,null,0,{"$nulls":3},"2018: Under construction\n2019: Complete","Complete",null,"Site complete. Forecasts achieved.",null,"=",null,0,{"$nulls":13},0,0,{"$nulls":4},1,{"$nulls":26},1]
["Y",null,null,"WEC/0087","Weaver and Cuddington","Acton Bridge","Rural",null,"Land at 71 Cliff Road, Acton Bridge, Northwich","Erection of one 3-bed dwelling and detached garage",{"$nulls":3},"L.S. Planning Limited-Leslie Smith leslie@lsplanning.co.uk\nAndrew Gamble andrew@agdarchitectural.co.uk",null,"PDL","New build","C3","YES",null,null,"NO","No","Garden land",0.097,{"$f":"SUM(AI824/Y824)","v":10.309278350515463},"17/03017/OUT (11/09/2020)","18/04420/REM","Outline. REM pending",null,null,"2018-11-13","2017-09-11","2020-09-11",1,0,1,{"$nulls":10},0,null,null,1,null,0,1,null,1,{"$nulls":3},"2018: Outline permission. No site visit\n2019: Outline permission. No site visit","Not started","2018:No site visit","Forecasts reviewed and unchanged based on planning status and development progress.",null,"=",null,1,null,null,1,{"$nulls":10},1,1,{"$nulls":31},0]
["Y",null,null,"WEC/0088","Weaver and Cuddington","Cuddington","Cuddington & Sandiway",null,"Land at 4 Brookside, Cuddington, Northwich","Construction of new dwelling  ",{"$nulls":4},"Helen Simpson","GF","New build","C3","YES",null,null,"NO","No","Garden land",null,null,"17/03306/FUL (17/10/2020)","18/01080/FUL","Full",null,null,"2018-03-20","2018-05-15","2021-05-15",1,0,1,{"$nulls":10},0,null,1,null,null,0,1,null,1,{"$nulls":3},"2018: Not started\n2019: Under construction","Under construction",null,"Site under construction. Forecasts reviewed and unchanged based on development progress.",null,"=",null,1,null,1,{"$nulls":11},1,1,{"$nulls":31},0]
["Y",null,"BLPU - IU","WEC/0089","Weaver and Cuddington","Cuddington","Cuddington & Sandiway",null,"Land at Badgers Bank, Rosslyn Lane, Cuddington, Northwich","Erection of one (1) dwelling",{"$nulls":5},"GF","New build","C3","YES",null,null,"NO","No","Garden land",null,{"$f":"SUM(AI826/Y826)","v":{"$error":"#DIV/0!"}},null,"17/03982/FUL","Full",null,null,"2017-08-13","2017-12-12","2020-12-12",1,0,1,{"$nulls":10},0,null,null,1,null,0,1,null,1,null,"2.4-6. 18/01393/S73 June 2018",null,"2018: Not started\n2019: Not started","Not started",null,"Forecasts reviewed and updated based on planning status and development progress.",null,"-","Delivery timescale >",1,null,null,1,{"$nulls":10},1,1,{"$nulls":31},0]
["Y",null,null,"WEC/0090","Weaver and Cuddington","Cuddington","Rural",null,"Delamere Manor, Cuddington Lane, Cuddington, Northwich, CW8 2TE","Change of use of residential property to function facility",{"$nulls":5},"PDL","Change of use","C3 loss","NO",null,null,"No","No","Windfall",null,{"$f":"SUM(AI827/Y827)","v":{"$error":"#DIV/0!"}},null,"15/05194/FUL","Full",null,null,"2015-12-24","2017-06-07","2020-06-07",0,1,-1,{"$nulls":10},0,null,null,-1,null,0,-1,null,-1,{"$nulls":3},"2018: Not started\n2019: Not started","Not started",null,"Forecasts reviewed and unchanged based on planning status and development progress.",null,"=",null,-1,null,-1,{"$nulls":11},-1,-1,{"$nulls":31},0]
["Y",null,null,"WEC/0093","Weaver and Cuddington","Cuddington","Cuddington & Sandiway",null,"4 School Lane, Cuddington, Northwich, CW8 2NH","Erection of 3 detached houses and ancillary works. Full application pending - 5 dwellings with associated access",null,null,"Mr Minchin","Richard Lee Project Planning-Mr Richard Lee rlpp@sky.com\nPegasus Group - Jonathan Storey jonathan.storey@pegasusgroup.co.uk","Gail Nickson","GF","New build","C3","YES",null,null,"NO","No","Garden land",0.18,{"$f":"SUM(AI828/Y828)","v":16.666666666666668},"17/03505/OUT (31/01/2021)","18/03653/FUL","Outline. Full pending",null,null,"2018-08-19","2018-01-31","2021-01-31",3,0,3,{"$nulls":10},0,null,null,3,null,0,3,null,3,{"$nulls":3},"2018: Outline permission. No site visit\n2019: Outline permission. No site visit","Not started","2018:No site visit","Forecasts reviewed and unchanged based on planning status and development progress.",null,"=",null,3,null,null,1,2,{"$nulls":9},3,3,{"$nulls":31},0]
["Y","Y",null,"WEC/0095","Weaver and Cuddington","Weaverham","Northwich",null,"Adjacent the Hanging Gate Inn, Sandy Lane, Weaverham, Northwich","Erection of 7 affordable dwellings (intermediate housing) with associated access and parking areas. Amendment to application 17/01540/FUL",null,null,"Goldfinch Pension Scheme","Hayes&Partners-Mrs E Hall hp@hayesandpartners.co.uk","William Richards","GF","New build","C3","NO",null,null,"NO","No","Rural exception",0.1805,null,null,"18/00473/FUL","Full",null,null,"2018-02-07","2018-04-18","2021-04-18",7,0,7,null,7,{"$nulls":8},0,null,7,null,null,0,7,null,7,null,"3.5.7(AH). 18/03230/DIS pending",null,"2019: Under construction","Under construction",null,"New site under construction. Forecasts based on planning status and development progress.",null,"New",null,7,null,7,{"$nulls":11},7,7,{"$nulls":31},0]
["Y",null,null,"WEC/0096","Weaver and Cuddington","Weaverham","Cuddington & Sandiway",null,"Land at Gorstage Bank, Weaverham Road, Weaverham, Northwich, CW8 2SQ","Conversion of storage building into single dwelling",{"$nulls":3},"Ronson Building Design - Craig Ronson craig@ronsonbuildingdesign.co.uk","Ed Shepherd","GF","Change of use","C3","NO",null,null,"YES","No","Windfall",{"$nulls":3},"18/01175/FUL","Full",null,null,"2018-03-26","2018-05-09","2021-05-09",1,0,1,{"$nulls":10},0,null,null,1,null,0,1,null,1,{"$nulls":3},"2019: Not started","Not started",null,"New permission. Forecasting assumptions applied.",null,"New",null,1,null,null,1,{"$nulls":10},1,1]
["Y",null,null,"WEC/0097","Weaver and Cuddington","Cuddington","Cuddington & Sandiway",null,"Land adjacent 592 Chester Road, Cuddington, Northwich","Erection of 1 new dwelling","CB Homes Ltd",null,"CB Homes Ltd - Nathan Booth","Darren Curry Architects - Darren Curry d.curry@darrencurryarchitects.co.uk","Brian Leonard","GF","New build","C3","YES",null,null,"NO","No","Garden land",null,null,"18/04251/REM (withdrawn)","18/01455/OUT","Outline",null,null,"2018-04-16","2018-06-06","2021-06-06",1,0,1,{"$nulls":10},0,null,null,1,null,0,1,null,1,{"$nulls":3},"2019: Outline permission. No site visit","Not started",null,"New permission. Forecasting assumptions applied.",null,"New",null,1,{"$nulls":3},1,{"$nulls":9},1,1]
["Y",null,null,"WEC/0098","Weaver and Cuddington","Cuddington","Cuddington & Sandiway",null,"17 Hadrian Way, Cuddington, Northwich, CW8 2JR","Erection of one dwelling",{"$nulls":3},"BA Architects - Sarah Aspinall sarah@ba-architects.co.uk","Lizzie Townsend","GF","New build","C3","YES",null,null,"NO","No","Garden land",{"$nulls":3},"18/02406/FUL","Full",null,null,"2018-06-21","2018-10-17","2021-10-17",1,0,1,{"$nulls":10},0,null,null,1,null,0,1,null,1,{"$nulls":3},"2019: Not started","Not started",null,"New permission. Forecasting assumptions applied.",null,"New",null,1,null,null,1,{"$nulls":10},1,1]
["Y",null,null,"WEC/0099","Weaver and Cuddington","Weaverham","Northwich",null,"West Road Garage, 2 West Road, Weaverham, Northwich","Development of 9 self-contained apartments with roof garden and associated parking, alterations to vehicular accesses, and demolition of existing commercial premises and three dwellings",{"$nulls":3},"Hayes&Partners-Mrs E Hall hp@hayesandpartners.co.uk","Bethan Armstrong","PDL","New build","C3","NO",null,null,"NO","No","Windfall",{"$nulls":3},"17/03481/FUL","Full",null,null,"2018-08-11","2018-08-07","2021-08-07",9,3,6,{"$nulls":10},0,null,null,6,null,0,6,null,6,{"$nulls":3},"2019: Not started","Not started",null,"New permission. Forecasting assumptions applied.",null,"New",null,6,null,-3,null,9,{"$nulls":9},6,6]
["Y",null,null,"WEC/0100","Weaver and Cuddington","Weaverham","Northwich",null,"26 High Street, Weaverham, Northwich, CW8 3HB ","Change of use from office to dwelling  ",null,null,"Mrs J Webster",null,"Ed Shepherd","PDL","Change of use","C3","NO",null,null,"NO","Yes","Windfall",{"$nulls":3},"18/03299/FUL","Full",null,null,"2018-08-21","2018-11-14","2021-11-14",1,0,{"$f":"AI834-AJ834","v":1},{"$nulls":10},0,null,null,1,null,0,{"$f":"SUM(AX834+AY834)","v":1},null,1,{"$nulls":3},"2019: Not started","Not started",null,"New permission. Forecasting assumptions applied.",null,"New",null,{"$f":"SUM(BQ834:BU834)","v":1},null,null,1,{"$nulls":10},{"$f":"SUM(BQ834:CA834)","v":1},{"$f":"SUM(BQ834:CB834)","v":1}]
["Y",null,null,"WEC/0101","Weaver and Cuddington","Dutton","Rural",null,"Union Farm, Northwich Road, Dutton, Northwich, WA4 4LB ","Conversion of existing barns to 4 dwellings, erection of detached garages and creation of a new access driveway and demolition of agricultural structures",null,null,"CWaC","Strutt and Parker - Aaron Marrs aaron.marrs@struttandparker.com","Jill Stephens","GF","Change of use","C3","NO",null,null,"YES","No","Windfall",{"$nulls":3},"18/03444/FUL","Full",null,null,"2018-08-31","2018-11-01","2021-11-01",4,0,4,{"$nulls":10},0,null,null,4,null,0,4,null,4,{"$nulls":3},"2019: Not started","Not started",null,"New permission. Forecasting assumptions applied.",null,"New",null,4,null,null,2,2,{"$nulls":9},4,4]
["n/a","n/a",null,"WHI/0010","Whitby",null,"Ellesmere Port",null,"Rear of 250 Chester Road, Ellesmere Port","BLR site",{"$nulls":5},"PDL","New build","C3","NO",null,null,"NO","No","BLR",0.26,{"$nulls":9},8,null,8,{"$nulls":10},0,{"$nulls":4},0,0,8,8,{"$nulls":6},"Included on Brownfield Land Register.\nForecasts reviewed and unchanged. Not included in deliverable supply.",{"$nulls":3},0,{"$nulls":7},2,3,3,{"$nulls":3},8,8,{"$nulls":31},{"$f":"SUM(CE836:DD836)","v":0}]
["Y",null,null,"WHI/0011","Whitby",null,"Ellesmere Port",null,"Land at 36 Woodland Road, Whitby, Ellesmere Port","One (1) detached bungalow and detached garage",{"$nulls":5},"GF","New build","C3","YES",null,null,"NO","No","Garden Land",null,{"$f":"SUM(AI837/Y837)","v":{"$error":"#DIV/0!"}},"13/01315/FUL","13/01315/FUL","Full",null,null,"2013-03-25","2013-05-16","2016-05-16",1,0,1,{"$nulls":10},0,null,1,null,null,0,1,null,1,"13/00826/FP - building work started \n14/01867/DIS",null,null,"2015-2018: Under construction\n2019: Under construction","Under construction",null,"Site under construction. Forecasts reviewed and unchanged based on planning status and development progress.",null,"=",null,1,null,null,1,{"$nulls":10},1,1,{"$nulls":31},0]
["n/a","n/a",null,"WHI/0016","Whitby",null,"Ellesmere Port",null,"Royal British Legion site, Stanney Lane, Whitby, Ellesmere Port","BLR site",{"$nulls":5},"PDL","New build","C3","NO",null,null,"NO","No","BLR",1.27,{"$f":"SUM(AI838/Y838)","v":23.62204724409449},{"$nulls":8},30,0,30,{"$nulls":10},0,{"$nulls":4},0,0,30,30,{"$nulls":6},"Included on Brownfield Land Register.\nForecasts reviewed and unchanged. Not included in deliverable supply.",{"$nulls":3},0,{"$nulls":7},10,10,10,{"$nulls":3},30,30,{"$nulls":31},0]
["Y",null,null,"WHI/0017","Whitby",null,"Ellesmere Port",null,"Mealors Yard, rear of 94 Chester Road, Whitby, Ellesmere Port, CH65 6RY","Residential development",null,null,"Mr C Richardson",null,"Brian Leonard","PDL","New build","C3","NO",null,null,"NO","No","HELAA",0.2815,{"$f":"SUM(AI839/Y839)","v":17.761989342806395},null,"16/03781/OUT","Outline",null,null,"2016-08-22","2017-09-07","2020-09-07",5,2,3,{"$nulls":10},0,null,null,3,null,0,3,null,3,{"$nulls":3},"2018: Outline permission. No site visit\n2019: Outline permission. No site visit","Not started","2018:No site visit","Forecasts reviewed and unchanged based on planning status.",null,"=",null,3,null,null,-2,2,3,{"$nulls":8},3,3,{"$nulls":31},0]
["Y","Y",null,"WHI/0019","Whitby",null,"Ellesmere Port",null,"22 Chester Road, Whitby, Ellesmere Port, CH65 6RU ","Change of use of the upper floor from B1 Office to C3 residential accommodation ",{"$nulls":5},"PDL","Change of use","C3","NO",null,null,"NO","Yes","Windfall",null,{"$f":"SUM(AI840/Y840)","v":{"$error":"#DIV/0!"}},"15/01450/PDJ","15/01450/PDJ","PDJ",null,null,"2015-04-08","2015-06-03","2018-06-03",1,0,1,{"$nulls":10},0,{"$nulls":4},0,0,null,0,"Prior approval not required",null,null,"2016-2018: Not started\n2019: Not started","Not started. Permission expired",null,"Permission expired. Forecasts reviewed and removed from deliverable supply.",null,"-","Permission expired",0,{"$nulls":13},0,0,{"$nulls":31},0]
["Y",null,null,"WHI/0021","Whitby",null,"Ellesmere Port",null,"Adjacent Lime Tree Farm, Stanney Lane, Ellesmere Port","Erection of up to 9no. residential units and associated access",null,null,"Church Commissioners for England","Barton Willmore-Mr Chris Martin chris.martin@bartonwillmore.co.uk","Cathy Reay","GF","New build","C3","NO",null,null,"NO","No","HELAA",0.29,null,null,"17/05212/OUT","Outline",null,null,"2017-12-07","2018-02-27","2021-02-27",9,0,9,{"$nulls":10},0,null,null,9,null,0,9,null,9,{"$nulls":3},"2018: Outline permission. No site visit\n2019: Outline permission. No site visit","Not started","2018:No site visit","Forecasts reviewed and unchanged based on planning status.",null,"=",null,9,{"$nulls":3},4,5,{"$nulls":8},9,9,{"$nulls":31},0]
["Y","n/a",null,"WHI/0022","Whitby",null,"Ellesmere Port",null,"Rear of 115 Chester Road, Whitby, Ellesmere Port","Detached dormer bungalow and garage on rear garden of 115 Chester Road",{"$nulls":5},"GF","New build","C3","YES",null,null,"NO","No","Garden land",null,{"$f":"SUM(AI842/Y842)","v":{"$error":"#DIV/0!"}},"16/02883/FUL","16/02883/FUL","Full",null,null,"2016-07-06","2016-10-27","2019-10-27",1,0,1,{"$nulls":10},1,1,{"$nulls":3},1,0,null,0,null,"3. 18/01655/DIS May 2018",null,"2017: Not started\n2018: Under construction\n2019: Complete","Complete",null,"Site complete. Forecasts achieved.",null,"=",null,0,{"$nulls":13},0,0,null,null,1,{"$nulls":28},1]
["Y","n/a","BLPU - IU","WHI/0023","Whitby",null,"Ellesmere Port",null,"St Thomas House, Whitby Road, Ellesmere Port, CH65 6TU ","Conversion of vacant office block into 13 flats, service flat and communal rooms.","Hilldale Housing",null,null,"Hilldale Housing Association",null,"PDL","Change of use","C3","NO",null,null,"NO","Yes","Windfall",{"$nulls":3},"16/04329/FUL","Full",null,null,"2016-09-22","2017-02-14","2020-02-14",13,0,13,null,13,{"$nulls":8},13,13,{"$nulls":3},13,0,null,0,"Social rented ","3.6-8. 18/01033/DIS May 2018.",null,"2017: Not started\n2018: Under construction\n2019: Complete","Complete","2018:Completion expected within 2/3 months\nSite delivery ahead of 2016/2017 forecast","Site complete. Forecasts achieved.",null,"=",null,0,{"$nulls":13},0,0,{"$nulls":20},13,{"$nulls":10},13]
["Y","Y",null,"WHI/0024","Whitby",null,"Ellesmere Port",null,"Adjacent 7A Chester Road, Whitby, Ellesmere Port","Erection of detached two storey dwelling",{"$nulls":5},"GF","New build","C3","YES",null,null,"NO","No","Garden Land",null,null,"16/04893/FUL","16/04893/FUL","Full",null,null,"2016-11-01","2016-12-19","2019-12-19",1,0,1,{"$nulls":10},0,null,null,1,null,0,1,null,1,{"$nulls":3},"2017-2018: Not started\n2019: Not started","Not started",null,"Permission expires in next monitoring period. Forecasts reviewed. Removed from deliverable supply.",null,"-","Permission expires 2019",0,{"$nulls":13},0,0,{"$nulls":31},0]
["Y","n/a","BLPU - IU","WHI/0025","Whitby",null,"Ellesmere Port",null,"239 Whitby Road, Ellesmere Port, CH65 6RT","Change of use of first and second floor into residential (1x2bed maisonette)",{"$nulls":5},"PDL","Change of use","C3","NO",null,null,"NO","No","Windfall",{"$nulls":3},"17/02229/FUL","Full",null,null,"2017-05-17","2017-07-28","2020-07-28",1,0,1,{"$nulls":10},1,1,{"$nulls":3},1,0,null,0,{"$nulls":3},"2018: Not started\n2019: Complete","Complete",null,"Site complete. Forecasts exceeded.",null,"+","Delivery timescale <",0,{"$nulls":13},0,0,{"$nulls":10},1,{"$nulls":20},1]
["Y",null,null,"WHI/0026","Whitby",null,"Ellesmere Port",null,"31 Vale Road, Whitby, Ellesmere Port, CH65 9AZ","Proposed development of 2 new dwellings and improvement works to existing access",null,null,"Mr P Edwards","Architecture orks Ltd-Mr Toby Southgate toby@architecture.works","Brian Leonard","GF","New build","C3","YES",null,null,"NO","No","Garden land",0.21,null,"16/04993/OUT (refused)\n18/00547/OUT (appeal dismissed)","17/04179/OUT","Outline",null,null,"2017-09-28","2017-12-11","2020-12-11",2,0,2,{"$nulls":10},0,null,null,2,null,0,2,null,2,{"$nulls":3},"2018: Outline permission. No site visit\n2019: Outline permission. No site visit","Not started","2018:No site visit","Forecasts reviewed and unchanged based on planning status.",null,"=",null,2,null,null,1,1,{"$nulls":9},2,2,{"$nulls":31},0]
["Y","Y",null,"WHI/0028","Whitby",null,"Ellesmere Port",null,"Adjacent 257 Chester Road, Whitby, Ellesmere Port, CH66 2NZ","2 detached dwellings with detached garages",{"$nulls":3},"David Lamb davelamb@btinternet.com","Lyndsay Shinner","PDL","New build","C3","NO",null,null,"NO","No","Windfall",{"$nulls":3},"18/00061/FUL","Full",null,null,"2018-01-09","2018-04-05","2021-04-05",2,0,2,{"$nulls":10},0,null,2,null,null,0,2,null,2,{"$nulls":3},"2019: Under construction","Under construction",null,"New site under construction. Forecasts based on planning status and development progress.",null,"New",null,2,null,null,2,{"$nulls":10},2,2]
["n/a","n/a",null,"WIC/0007","Winnington and Castle","Northwich","Northwich",null,"East of Winnington Avenue, Winnington, Northwich",{"$nulls":6},"PDL",null,"C3",{"$nulls":5},"BLR",null,{"$f":"SUM(AI848/Y848)","v":{"$error":"#DIV/0!"}},{"$nulls":8},180,0,180,{"$nulls":10},0,{"$nulls":4},0,0,180,180,{"$nulls":6},"Included on Brownfield Land Register.\nForecasts reviewed and unchanged. Not included in deliverable supply.",{"$nulls":3},0,{"$nulls":6},12,24,24,24,36,36,24,156,180,{"$nulls":31},{"$f":"SUM(CE848:DD848)","v":0}]
["n/a","n/a",null,"WIC/0008","Winnington and Castle","Northwich","Northwich",null,"South of Northway / Winnington Cistern, Winnington, Northwich","BLR site",{"$nulls":5},"PDL","New build","C3","NO",null,null,"NO","No","BLR",2.23,{"$f":"SUM(AI849/Y849)","v":17.937219730941703},{"$nulls":8},40,0,40,{"$nulls":10},0,{"$nulls":4},0,0,40,40,{"$nulls":6},"Included on Brownfield Land Register.\nForecasts reviewed and unchanged. Not included in deliverable supply.",{"$nulls":3},0,{"$nulls":12},40,0,40,{"$nulls":31},0]
["n/a","n/a",null,"WIC/0009(a)","Winnington and Castle","Northwich","Northwich",null,"Land at Lock Street, Northwich","BLR site",{"$nulls":5},"PDL","New build","C3","NO",null,null,"NO","No","BLR",0.21,{"$nulls":9},8,null,8,{"$nulls":10},0,{"$nulls":4},0,0,8,8,{"$nulls":6},"Included on Brownfield Land Register.\nForecasts reviewed and unchanged. Not included in deliverable supply.",{"$nulls":3},0,{"$nulls":10},4,4,null,8,8,{"$nulls":31},0]
["n/a","n/a",null,"WIC/0009(a)","Winnington and Castle","Northwich","Northwich",null,"Land at Winnington Street, junction of Castle Street, Northwich",{"$nulls":6},"PDL",null,"C3",{"$nulls":5},"BLR",null,{"$f":"SUM(AI851/Y851)","v":{"$error":"#DIV/0!"}},{"$nulls":8},20,0,20,{"$nulls":10},0,{"$nulls":4},0,0,20,20,{"$nulls":6},"Included on Brownfield Land Register.\nForecasts reviewed and unchanged. Not included in deliverable supply.",{"$nulls":3},0,{"$nulls":10},10,10,null,20,20,{"$nulls":31},0]
["n/a","n/a","Y","WIC/0010","Winnington and Castle","Northwich","Northwich",null,"British Waterways site, Navigation Road, Northwich","BLR site",{"$nulls":5},"PDL","New build","C3","NO",null,null,"NO","No","BLR",1.26,{"$f":"SUM(AI852/Y852)","v":31.746031746031747},{"$nulls":8},40,0,40,{"$nulls":10},0,{"$nulls":4},0,0,40,40,{"$nulls":6},"Included on Brownfield Land Register.\nForecasts reviewed and unchanged. Not included in deliverable supply.",{"$nulls":3},0,{"$nulls":9},12,12,16,null,40,40,{"$nulls":31},0]
["Y",null,null,"WIC/0015","Winnington and Castle","Northwich","Northwich",null,"WINNINGTON VILLAGE (DW1.DW2.DW3) Land at Winnington Avenue / Winnington Lane, Northwich","Mixed use urban village comprising up to 1,200 residential units, commercial (B1, B2 and B8) uses, retail (A1, A2, A3 and A4), leisure and community facilities (D1 and D2), primary school, open space, landscaping and associated infrastructure (outline) (resubmission APP/2001/1297) 2015 NMA to amend layout  and housetypes for 29 dwellings resulting in reduction of 7 dwellings. NMA approved to amend dwelling types to suit local housing needs\n2018 permission - substition of house types and increase phase from 55 to 58 units","David Wilson Homes",{"$nulls":3},"Paul Friston","PDL","New build","C3","NO",null,null,"NO","No","Strategic site",null,{"$f":"SUM(AI853/Y853)","v":{"$error":"#DIV/0!"}},"06-0740-OUM 12/01837/REM \n14/03279/FUL\n15/04171/FUL","17/03621/FUL","Full",{"$nulls":3},"2018-04-13","2021-04-13",311,0,311,{"$nulls":5},4,32,29,52,53,202,32,7,97,null,32,104,null,104,"2006 application - decision date 18/08/2008\n14/03279/FUL - 31 dwellings - new design\n15/01934/NMA - 2 additional houses\n15/04171/FUL - replan of 84-88 and re-position of 84 & 85\n16/00071/NMA - change sitting of 107 to 109, 114-115 and house substation\n16/04044/NMA - house type substitution on 9 Plots ( Plots 126-134)\n17/04308/S73 - re-plan parcel M3 (plots 280-314 & 324-333 & 335-338) LOSS OF 2 UNITS",null,null,"2014-2017:Under construction\n2018:Under construction","Under construction",null,"Local Plan strategic site.\nSite under construction. Forecasts exceeded - reviewed and updated based on planning status and development progress.",null,"+","Delivery timescale <",104,null,12,36,36,20,{"$nulls":8},104,104,null,null,20,12,{"$nulls":27},32]
["Y","Y",null,"WIC/0015","Winnington and Castle","Northwich","Northwich",null,"WINNINGTON VILLAGE (TW1.TW2.TW3.TW4) Land at Winnington Avenue / Winnington Lane, Northwich","Mixed use urban village comprising up to 1,200 residential units, commercial (B1, B2 and B8) uses, retail (A1, A2, A3 and A4), leisure and community facilities (D1 and D2), primary school, open space, landscaping and associated infrastructure (outline) (resubmission APP/2001/1297) 2015 NMA to amend layout  and housetypes for 29 dwellings resulting in reduction of 7 dwellings. NMA approved to amend dwelling types to suit local housing needs","Taylor Wimpey",{"$nulls":3},"Paul Friston","PDL","New build","C3","NO",null,null,"NO",null,"Strategic site",null,{"$f":"SUM(AI854/Y854)","v":{"$error":"#DIV/0!"}},"06-0740-OUM \n12/01837/REM \n17/03387/NMA\n17/04231/NMA 18/00497/FUL (pending)\n17/04308/S73","14/03279/FUL","Full",null,null,"2015-05-11","2015-07-02","2018-07-02",331,0,331,{"$nulls":5},21,36,37,23,41,207,49,6,118,null,49,124,null,124,"2006 application - decision date 18/08/2008\n14/03279/FUL - 31 dwellings - new design\n15/01934/NMA - 2 additional houses\n16/00071/NMA - change sitting of 107 to 109, 114-115 and house substation\n17/03387/NMA - Substitution and repositioning dwelling on plots 1-12\n17/04231/NMA - changes to water edge character area to suburban link ",null,null,"2015-2017:Under construction\n2018:Under construction.Phase 2 under construction.Site delivering ahead of 2016/2017 forecast","Under construction","2018:Phase 2 under construction\nSite delivering ahead of 2016/2017 forecast","Local Plan strategic site.\nSite under construction. Forecasts reviewed and updated based on planning status, development progress and forecasting information.",null,"=",null,124,null,20,32,45,27,{"$nulls":8},124,124,null,null,24,10,{"$nulls":6},15,{"$nulls":20},49]
["Y",null,null,"WIC/0015","Winnington and Castle","Northwich","Northwich",null,"WINNINGTON VILLAGE (M1.M2.M3.M4) Land at Winnington Avenue / Winnington Lane, Northwich","Mixed use urban village comprising up to 1,200 residential units, commercial (B1, B2 and B8) uses, retail (A1, A2, A3 and A4), leisure and community facilities (D1 and D2), primary school, open space, landscaping and associated infrastructure (outline) (resubmission APP/2001/1297) 2015 NMA to amned layot  and housetypes for 29 dwellings resulting in reduction of 7 dwellings. NMA approved to amend dwelling types to suit local housing needs","Morris Homes",{"$nulls":3},"Paul Friston","PDL","New build","C3","NO",null,null,"NO","No","Strategic site",null,{"$f":"SUM(AI855/Y855)","v":{"$error":"#DIV/0!"}},"06-0740-OUM 12/01837/REM","14/03279/FUL","Full",null,null,"2015-05-11","2015-07-02","2018-07-02",421,0,421,{"$nulls":5},53,45,41,63,47,310,61,66,124,null,61,190,null,190,"2006 application - decision date 18/08/2008\n14/03279/FUL - 31 dwellings - new design\n15/01934/NMA - 2 additional houses\n16/00071/NMA - change siting of 107 to 109, 114-115 and house substation",null,null,"2014: Development commeneced\n2015-2018: Under construction\n2019: Under construction","Under construction",null,"Local Plan strategic site.\nSite under construction. Forecasts reviewed and updated based on planning status, development progress, and past delivery rates.",null,"+","Delivery rate >",190,null,66,28,48,48,{"$nulls":8},190,190,null,null,34,7,{"$nulls":17},20,{"$nulls":9},61]
["Y",null,null,"WIC/0019","Winnington and Castle","Northwich TC","Northwich",null,"3 Park Street, Northwich, CW8 1HQ","Two storey rear extension and subdivision into two dwellings",{"$nulls":5},"PDL","Conversion","C3","NO",null,null,"NO","No","Windfall",{"$nulls":3},"17/01674/FUL","Full",null,null,"2017-04-10","2017-06-07","2020-06-07",2,1,1,{"$nulls":10},0,null,null,1,null,0,1,null,1,{"$nulls":3},"2018: Not started\n2019: Not started","Not started",null,"Forecasts reviewed and unchanged based on planning status.",null,"=",null,1,null,-1,2,{"$nulls":10},1,1,{"$nulls":31},0]
["Y",null,null,"WIC/0032","Winnington and Castle","Northwich","Northwich",null,"Land at Weaver Shipyard, Saxons Lane, Northwich","Mixed use redevelopment of existing shipyard to provide leisure marina (encompassing up to 80 moorings) and up to 83 residential dwellings",null,null,"H20 Urban LLP and Weaver Marina (Property) Ltd","WYG-Mr Daniel Brown daniel.brown@wyg.com",null,"PDL","New build","C3","NO",null,null,"NO","No","BLR",3.3,null,null,"18/01170/OUT","Outline pending",null,null,"2018-03-26",null,null,83,null,83,{"$nulls":10},0,{"$nulls":4},0,0,83,83,{"$nulls":6},"Included on Brownfield Land Register.\nForecasts reviewed and unchanged. Not included in deliverable supply.","Outline planning application received 26 March 2018 pending decision\nNO CHANGE TO FORECAST- No units forecast in years 1 to 5",null,null,0,{"$nulls":7},12,24,24,23,null,null,83,83,{"$nulls":31},0]
["Y","Y",null,"WIC/0043","Winnington and Castle","Northwich","Northwich",null,"Land off Rosemary Drive, Winnington, Northwich","Erection of 89 dwellings (2,3,4 bedroom dwellings) and associated open space","Barratt Homes",null,"Barratt Homes","SATPLAN Ltd - Mrs Hayley Knight hayleyknight@sat-plan.co.uk","Paul Friston","GF","New build","C3","NO",null,null,"NO","No","Windfall",2.29,{"$f":"SUM(AI858/Y858)","v":38.8646288209607},null,"17/05054/FUL","Full",null,null,"2017-11-27","2018-10-19","2021-10-19",89,0,89,null,13,{"$nulls":8},{"$f":"SUM(AN858:AU858)+BA858","v":0},null,null,89,null,{"$f":"SUM(AW858-AZ858)","v":0},89,null,89,null,"3.4.7.8.10.11.19(phasing).20(AH).21.25. 18/04226/DIS pending\n5.6. 18/04400/DIS pending\n23. 19/00378/DIS pending\n23. 19/00378/DIS pending",null,"2019: Development commenced","Development commenced",null,"Forecasts reviewed and updated based on planning status, development progress, and forecasting information.","Full planning application received 27 Nov 2017 pending decision\nDeveloper/house builder: Barratt Homes\nNO CHANGE TO FORECAST- No units forecast in years 1 to 5\nCurrent position:\nPlace North West (28 Aug 2018) proposals by housebuilder Barratt recommended for approval\nApplication approved subject to legal agreement at Planning Committee 4 Sep 2018. Decision issued 19 Oct 2018","+","Delivery rate >\nDelivery timescale <",83,null,null,35,32,16,{"$nulls":8},83,83,{"$nulls":31},0]
["n/a","n/a",null,"WIC/0045","Winnington and Castle","Northwich","Northwich",null,"Yoxall Joinery, Winnington Avenue, Northwich, CW8 4EE","Demolition of the existing industrial buildings, remediation of the site and the erection of 33 dwellings together with off street car parking, private amenity space and associated works",null,null,"Curbishley Holdings Self-Administered Pension Fund","Lichfields-Miss Lauren Thompson lauren.thompson@lichfields.co.uk",null,"PDL","New build","C3","NO",null,null,"NO","No","HELAA",0.7,{"$f":"SUM(AI859/Y859)","v":47.142857142857146},"17/02087/OUT (25/05/2018) Refused",{"$nulls":7},33,0,33,{"$nulls":10},0,{"$nulls":4},0,0,33,33,{"$nulls":6},"Forecasts reviewed and unchanged. Not included in deliverable supply.","Outline planning application received 9 May 2017\nNO CHANGE TO FORECAST- No units forecast in years 1 to 5\nCurrent position:\nApplication refused 25 May 2018",null,null,0,{"$nulls":6},12,21,{"$nulls":5},33,33,{"$nulls":31},0]
["n/a","n/a",null,"WIC/0049","Winnington and Castle","Northwich","Northwich",null,"Land at Winnington Works, Northwich","BLR site",{"$nulls":5},"PDL","New build","C3","NO",null,null,"NO","No","BLR",58.55,{"$nulls":9},602,null,602,{"$nulls":10},0,{"$nulls":4},0,0,602,602,{"$nulls":6},"Included on Brownfield Land Register.\nForecasts reviewed and unchanged. Not included in deliverable supply.",{"$nulls":3},0,{"$nulls":10},24,24,554,48,602,{"$nulls":31},0]
["n/a","n/a",null,"WIC/0049","Winnington and Castle","Northwich","Northwich",null,"Land north and east of Brunner Business Centre, Solvay Road, Northwich",{"$nulls":6},"PDL",null,"C3",{"$nulls":5},"BLR",null,{"$f":"SUM(AI861/Y861)","v":{"$error":"#DIV/0!"}},{"$nulls":8},50,0,50,{"$nulls":10},0,{"$nulls":4},0,0,50,50,{"$nulls":6},"Included on Brownfield Land Register.\nForecasts reviewed and unchanged. Not included in deliverable supply.",{"$nulls":3},0,{"$nulls":10},24,26,null,50,50,{"$nulls":31},0]
["Y","Y",null,"WIC/0050","Winnington and Castle","Northwich","Northwich",null,"Land at Winnington Business Park, Winnington Avenue, Northwich","Outline planning application for employment uses (B1, B2, B8 uses), residential dwellings (up to 160 dwelling), retail units, family pub/restaurant, with associated access and ancillary works",null,null,"Pro Investments Limited-Mr Mark Adams","DPP-Mr Ryan Grant ryan.grant@dppukltd.com","Steve Holmes","PDL","New build","C3","NO",null,null,"NO","No","LPP2 allocation",7.28,{"$f":"SUM(AI862/Y862)","v":21.978021978021978},"18/01099/DEM","17/01965/OUT","Outline",null,null,"2017-04-28","2018-07-20","2021-07-20",160,0,160,{"$nulls":10},0,null,null,160,null,0,160,null,160,"2017:Outline application pending consideration",null,null,"2018: Approval subject to legal agreement. No site visit\n2019: Outline permission. No site visit","Not started","Place North West (2 March 2018)","Local Plan (Part Two) allocation.\nForecasts reviewed and updated based on planning status, development progress and delivery rates in area. Demolition application approved.","Local Plan (Part Two) proposed housing allocation\nOutline planning application received 28 April 2017\nDeveloper/house builder: Pro Investments\nResolution to approve subject to legal agreement at Planning Committee 6 March 2018.\nDemolition application 18/01099/DEM received 20 March 2018\nForecast delivery of units from year 3.\nNO CHANGE TO FORECAST- units are deliverable within years 1 to 5\nCurrent position:\nDecision issued 20 July 2018\nDemolition application 18/01099/DEM issued 12 April 2018 (prior approval not required)\nOutline application 18/03930/OUT received for remaining part of site on 10 Oct 2018","=",null,96,{"$nulls":3},24,36,36,36,28,{"$nulls":5},160,160,{"$nulls":31},0]
["n/a","n/a",null,"WIC/0058","Winnington and Castle","Northwich","Northwich",null,"Castleleigh Centre, David Street, Northwich","BLR site",{"$nulls":5},"PDL","New build","C3","NO",null,null,"NO","No","LPP2 allocation",0.62,{"$f":"SUM(AI863/Y863)","v":32.25806451612903},{"$nulls":8},20,0,20,{"$nulls":10},0,{"$nulls":4},0,0,20,20,"HRA funding programme \nLocal Authority owned surplus land / buildings - Starter Homes initiative",{"$nulls":5},"Local Plan (Part Two) allocation.\nForecasts reviewed and unchanged. Not included in deliverable supply.",{"$nulls":3},0,{"$nulls":6},6,6,8,{"$nulls":4},20,20,{"$nulls":31},0]
["n/a","n/a",null,"WIC/0062","Winnington and Castle","Northwich","Northwich",null,"North of Watling Street, Northwich","BLR site",{"$nulls":5},"PDL","New build","C3","NO",null,null,"NO","No","BLR",2.28,{"$nulls":9},73,null,73,{"$nulls":10},0,{"$nulls":4},0,0,73,73,{"$nulls":6},"Included on Brownfield Land Register.\nForecasts reviewed and unchanged. Not included in deliverable supply.",{"$nulls":3},0,{"$nulls":7},12,24,24,13,null,null,73,73,{"$nulls":31},0]
["Y","Y",null,"WIC/0063","Winnington and Castle","Northwich","Northwich",null,"WINNINGTON DALE - Former Weir Engineering Services, Winnington Avenue, Northwich","Demolition of existing buildings and erection of 153 dwellings including site access and associated works","Barratt Homes",null,"BDW Ltd & Staunch Ltd: Mr Simon Artiss",null,null,"PDL","New build","C3","NO",null,null,"NO","No","HELAA","10.74 acres (gross) / 8.66 acres (net)",{"$f":"SUM(AI865/Y865)","v":{"$error":"#VALUE!"}},null,"14/04098/FUL","Full",null,null,"2014-09-24","2015-04-28","2018-04-28",153,0,153,null,6,{"$nulls":6},37,49,137,51,14,2,null,51,16,null,16,"Planning application received September 2014. Planning permission granted April 2015. BDW Trading Limited: Simon Artiss / Barratt Homes Email 20.05.2015. 32 per year starting 2016/2017. \n15/03769/DIS conditions 4,9,12,16 and 17 \nAffordable housing is on S106 - which has not been published. Decision notice says 6 dwellings\n14/00760/AI - 27 dwellings complete (Feb 2017)","4.5.8-12.16-20.",null,"2016: Development started\n2017: Under construction\n2018: Under construction\n2019: Under construction","Under construction","2018:Site delivery in advance of 2016/2017 forecast","Site under construction. Forecasts exceeded - reviewed and updated based on planning status, development progress and forecasting information.",null,"+","Delivery rate >\nDelivery timescale <",16,null,16,{"$nulls":11},16,16,null,5,20,25,{"$nulls":5},1,{"$nulls":21},51]
["Y","Y",null,"WIC/0064","Winnington and Castle","Northwich","Northwich",null,"211 - 215 Manchester Road, Northwich, CW9 7NB ","Demolition of existing car showroom and erection of 10 dwellings (amended plans) ",{"$nulls":5},"PDL","New build","C3","NO",null,null,"NO","No","HELAA",{"$nulls":3},"18/02989/FUL","Full",null,null,"2018-08-01","2018-10-26","2021-10-26",10,0,10,{"$nulls":10},0,null,null,10,null,0,10,null,10,{"$nulls":3},"2019: Not started","Not started","2019: Car showroom vacant","New permission. Existing use ceased. Forecasting based on assumptions, planing status and development progress.",null,"New",null,10,null,null,2,4,4,{"$nulls":8},10,10]
["Y",null,null,"WIC/0069","Winnington and Castle","Northwich Town Council","Northwich",null,"The Roebuck Inn, 157 Witton Street, Northwich, CW9 5EA","Change of use of former public house into three (3) proposed cottages",{"$nulls":5},"PDL","Change of use","C3","NO",null,null,"NO","No","Windfall",null,{"$f":"SUM(AI867/Y867)","v":{"$error":"#DIV/0!"}},null,"17/03296/FUL","Full",null,null,"2017-07-31","2017-11-09","2020-11-09",3,0,3,{"$nulls":10},0,null,null,3,null,0,3,null,3,{"$nulls":3},"2018: Not started\n2019: Not started","Not started",null,"Forecasts reviewed and unchanged based on planning status.",null,"=",null,3,null,null,3,{"$nulls":10},3,3,{"$nulls":31},{"$f":"SUM(CE867:DD867)","v":0}]
["n/a","n/a",null,"WIC/0071","Winnington and Castle","Northwich","Northwich",null,"North of Manchester Road, east of Cranage Lane, Northwich",{"$nulls":6},"Mix",null,"C3",{"$nulls":5},"BLR",null,{"$f":"SUM(AI868/Y868)","v":{"$error":"#DIV/0!"}},{"$nulls":8},55,0,55,{"$nulls":10},0,{"$nulls":4},0,0,55,55,{"$nulls":6},"Included on Brownfield Land Register.\nForecasts reviewed and unchanged. Not included in deliverable supply.",{"$nulls":3},0,{"$nulls":10},24,24,7,48,55,{"$nulls":31},0]
["n/a","n/a",null,"WIC/0072","Winnington and Castle","Northwich","Northwich",null,"Land at Station Road, Northwich","BLR site",{"$nulls":5},"PDL","New build","C3","NO",null,null,"NO","No","BLR",1.78,{"$f":"SUM(AI869/Y869)","v":33.70786516853933},{"$nulls":8},60,0,60,{"$nulls":10},0,{"$nulls":4},0,0,60,60,{"$nulls":6},"Included on Brownfield Land Register.\nForecasts reviewed and unchanged. Not included in deliverable supply.",{"$nulls":3},0,{"$nulls":7},12,24,24,{"$nulls":3},60,60,{"$nulls":31},0]
["n/a","n/a",null,"WIC/0073","Winnington and Castle","Northwich","Northwich",null,"Land off Peter Street, Chester Road, Northwich","BLR site",null,null,"Mr Phil Taylor","Brewster Bye Architects",null,"PDL","New build","C3","NO",null,null,"NO","No","BLR",0.73,{"$f":"SUM(AI870/Y870)","v":60.273972602739725},"14/04872/FUL refused",{"$nulls":3},"Dismissed",{"$nulls":3},44,null,44,{"$nulls":10},0,{"$nulls":4},0,0,44,44,"Appeal dismissed (April 2016)",{"$nulls":5},"Included on Brownfield Land Register.\nForecasts reviewed and unchanged. Not included in deliverable supply.",{"$nulls":3},0,{"$nulls":12},44,0,44,{"$nulls":31},0]
["Y","Y",null,"WIC/0075","Winnington and Castle","Northwich","Northwich",null,"Watling Street (Council offices), Northwich, CW9 5ET","Demolition of all existing buildings and structures, and redevelopment of the site for residential development comprising of 70 units (Use Class C3), along with ancillary commercial space (Use Class A3), hard and soft landscaping, car parking and other associated works ","Galliford Try\nYour Housing","Your Housing","Galliford Try Partnerships","Euan Kellie euan@euankellie.co.uk","Paul Friston","PDL","New build","C3","NO",null,null,"NO","No","BLR",0.7,{"$f":"SUM(AI871/Y871)","v":100},"17/02751/FUL refused","18/03361/FUL","Full",null,null,"2018-08-23","2018-11-28","2021-11-28",70,0,70,{"$nulls":10},0,null,null,70,null,0,70,null,70,"Former VRBC allocation",null,null,"2019: Not started","Not started","Place North West (30 Nov 2017) scheme recommended for approval by case officer\nPlace North West (24 Aug 2018) revised application submitted Nov 2018 - Galliford Try suggest changes reflect design issues identified with previous application.\nPlace North West 14 June 2019 - 3 month ground works, construction to commence late summer","Included on Brownfield Land Register.\nNew permission. Forecasts based on planning status and development progress.","Full planning application received 23 June 2017. \nCase Officer recommendation for approval.\nPlace North West (30 Nov 2017) scheme recommended for approval by case officer\nApplication refused at Planning Commitee 8 Dec 2017\nNO CHANGE TO FORECAST: No units forecast in years 1 to 5\nCurrent position:\nAmended application 18/03361/FUL received 23 Aug 2017\nPlace North West (24 Aug 2018) revised application submitted Nov 2018 - Galliford Try suggest changes reflect design issues identified with previous application.","New",null,70,{"$nulls":3},70,{"$nulls":9},70,70,{"$nulls":31},0]
["n/a","n/a",null,"WIC/0076","Winnington and Castle","Northwich","Northwich",null,"Weaver Shopping extension, Chester Way, Northwich","BLR site",{"$nulls":5},"PDL","New build","C3","NO",null,null,"NO","No","BLR",0.72,{"$nulls":9},26,null,26,{"$nulls":10},0,{"$nulls":4},0,0,26,26,{"$nulls":6},"Included on Brownfield Land Register.\nForecasts reviewed and unchanged. Not included in deliverable supply.",{"$nulls":3},0,{"$nulls":11},26,null,26,26,{"$nulls":31},0]
["n/a","n/a",null,"WIC/0077","Winnington and Castle","Northwich","Northwich",null,"West of Warrington Street, Northwich","BLR site",{"$nulls":5},"PDL","New build","C3","NO",null,null,"NO","No","BLR",3.17,{"$f":"SUM(AI873/Y873)","v":28.07570977917981},{"$nulls":8},89,0,89,{"$nulls":10},0,{"$nulls":4},0,0,89,89,"Former retained VRBC allocation",{"$nulls":5},"Included on Brownfield Land Register.\nForecasts reviewed and unchanged. Not included in deliverable supply.",{"$nulls":3},0,{"$nulls":12},89,0,89,{"$nulls":31},0]
["n/a","n/a",null,"WIC/0078","Winnington and Castle","Northwich","Northwich",null,"Land at Leicester Street, Northwich","BLR site",{"$nulls":5},"PDL","New build","C3","NO",null,null,"NO","No","BLR",1.81,28.176795580110497,{"$nulls":8},51,0,51,{"$nulls":10},0,{"$nulls":4},0,0,51,51,{"$nulls":6},"Included on Brownfield Land Register.\nForecasts reviewed and unchanged. Not included in deliverable supply.",{"$nulls":3},0,{"$nulls":10},24,27,null,51,51,{"$nulls":31},0]
["n/a","n/a",null,"WIC/0079(a)","Winnington and Castle","Northwich","Northwich",null,"Adjacent Dane County, Manchester Road, Northwich","BLR site",{"$nulls":5},"PDL","New build","C3","NO",null,null,"No","No","BLR",1.56,19.23076923076923,{"$nulls":8},30,0,30,{"$nulls":10},0,{"$nulls":4},0,0,30,30,{"$nulls":6},"Included on Brownfield Land Register.\nForecasts reviewed and unchanged. Not included in deliverable supply.",{"$nulls":3},0,{"$nulls":9},6,12,12,null,30,30,{"$nulls":31},0]
["n/a","n/a",null,"WIC/0082(a)","Winnington and Castle","Northwich","Northwich",null,"West of Queen Street, Northwich","BLR site",{"$nulls":5},"PDL","New build","C3","NO",null,null,"NO","No","BLR",1.12,17.857142857142854,{"$nulls":8},20,0,20,{"$nulls":10},0,{"$nulls":4},0,0,20,{"$f":"SUM(BC876+BB876)","v":20},{"$nulls":6},"Included on Brownfield Land Register.\nForecasts reviewed and unchanged. Not included in deliverable supply.",{"$nulls":3},0,{"$nulls":10},8,12,null,20,20,{"$nulls":31},0]
["Y",null,null,"WIC/0083","Winnington and Castle","Northwich","Northwich",null,"109 Manchester Road, Northwich, CW9 7LS","Conversion of one dwelling into 4 dwellings, including extension and alterations",{"$nulls":5},"PDL","Conversion","C3","NO",null,null,"NO","No","Windfall",null,{"$error":"#DIV/0!"},null,"16/03722/FUL","Full",null,null,"2016-08-18","2016-10-31","2019-10-31",4,1,3,{"$nulls":10},0,null,null,3,null,0,3,null,3,{"$nulls":3},"2017-2018: Not started\n2019: Not started","Not started",null,"Permission expires in next monitoring period. Forecasts reviewed and unchanged. Not included in deliverable supply.",null,"-","Not included in 2018 supply ",0,{"$nulls":13},0,0,{"$nulls":31},0]
["n/a","n/a",null,"WIC/0086","Winnington and Castle","Northwich","Northwich",null,"Land at Chester Way, Victoria Bridge, Northwich","Erection of class C2 residential accommodation with care, comprising 52 No 1, 2 and 3 bedroom apartments for persons aged 60 years and over, with associated works",{"$nulls":3},"Gladman",null,"PDL","New build","Elderly persons:SC","NO",null,null,"NO","No","BLR",null,{"$error":"#DIV/0!"},"08-1854-FUM\n10/00991/FUL",{"$nulls":7},52,0,52,{"$nulls":10},0,{"$nulls":4},0,0,52,52," Initial notice accepted October 2010",{"$nulls":5},"Included on Brownfield Land Register.\nForecasts reviewed and unchanged. Not included in deliverable supply.",null,"=",null,0,{"$nulls":10},52,null,null,52,52,{"$nulls":31},0]
["Y","n/a","BLPU - IU","WIC/0088","Winnington and Castle","Northwich","Northwich",null,"Dane House, Chester Way, Northwich, CW9 5JG  ","Change of use and conversion of existing building from offices to residential, creating 15 apartments for assisted living with associated communal areas and parking ","Hilldale Construction","Hilldale Housing Assocication",null,"Hilldale Housing Association (Jaclyn Murphy)",null,"PDL","Change of use","Elderly persons:SC","No",null,null,"NO","No","Windfall",null,{"$error":"#DIV/0!"},null,"16/05245/PDO","PDO",null,null,"2016-11-23","2017-01-18","2022-01-18",15,0,15,{"$nulls":10},15,15,{"$nulls":3},15,0,null,0,"17/00230/AI - initial notice accepted\n14 self contained units and warden flat","2.5. January 2018. 17/03784/DIS",null,"2017: Not started\n2018: Not started\n2019: Complete","Complete",null,"Site complete. Forecasts exceeded.",null,"+","Delivery timescale <",0,{"$nulls":13},0,0,{"$nulls":9},15,{"$nulls":21},15]
["Y","n/a","BLPU - IU","WIC/0091","Winnington and Castle","Northwich","Northwich",null,"204 Manchester Road, Northwich, CW9 7N","Change of use from retail (Florist) to residential (Flat) ",{"$nulls":5},"PDL","Change of use","C3","NO",null,null,"NO","No","Windfall",null,{"$error":"#DIV/0!"},null,"15/01253/PIA","PIA",null,null,"2015-03-25","2015-06-01","2018-06-01",1,0,1,{"$nulls":10},1,1,{"$nulls":3},1,0,null,0,"Prior approval not required",null,null,"2017: Not started\n2018: Not started. Expires 2018\n2019: Complete","Complete","2018:Permission expires 2018","Site complete. Forecasts exceeded.",null,"+","Not included in 2018 supply ",0,{"$nulls":13},0,0,{"$nulls":10},1,{"$nulls":20},1]
["Y","Y",null,"WIC/0100","Winnington and Castle","Northwich Town Council","Northwich",null,"281-283 Manchester Road, Northwich, CW9 7NE ","Proposed conversion of 2 no redundant dwellings into 4 single bedroom apartments",{"$nulls":3},"AB Architecture Ltd",null,"PDL","Conversion","C3","NO",null,null,"NO","No","Windfall",null,{"$error":"#DIV/0!"},null,"15/04465/FUL","Full",null,null,"2015-10-29","2015-12-17","2018-12-17",4,2,2,{"$nulls":10},0,{"$nulls":4},0,0,null,0,{"$nulls":3},"2017-2018: Not started\n2019: Not started","Not started. Permission expired","2018:Permission expires 2018","Permission expired. Forecasts reviewed and unchanged. Not included in deliverable supply.",null,"=","Permission expired",0,{"$nulls":13},0,0,{"$nulls":31},0]
["Y","Y",null,"WIC/0109","Winnington and Castle","Northwich","Northwich",null,"Rear of 90 Witton Street, Northwich","Change of use from office to flat",null,null,"Mr Shaun Edmoundson","Cube Design Solutions - Mr Phil Ryan",null,"PDL","Change of use","C3","NO",null,null,"NO","Yes","Windfall",null,{"$error":"#DIV/0!"},null,"16/02158/FUL","Full",null,null,"2016-05-24","2016-07-21","2019-07-21",1,0,1,{"$nulls":10},0,null,null,1,null,0,1,null,1,{"$nulls":3},"2017-2018: Not started\n2019: Not started","Not started",null,"Permission expires in next monitoring period. Forecasts reviewed. Removed from deliverable supply.",null,"-","Permission expires 2019",0,{"$nulls":13},0,0,{"$nulls":31},0]
["Y","n/a",null,"WIC/0114","Winnington and Castle","Northwich","Northwich",null,"1 Victoria Road, Northwich, CW9 5RE","Two storey extension to side and single storey extension to rear to provide four (4) one-bed apartments",null,null,"Mr H Shrigley-Feigi","E R Davies - Mr Roy Davies",null,"PDL","Conversion","C3","NO",null,null,"NO","No","Windfall",0.03,133.33333333333334,"17/01682/BN (17/07/2017)","16/00585/FUL","Full",null,null,"2016-02-11","2016-05-20","2019-05-20",4,2,2,{"$nulls":9},-2,2,4,{"$nulls":3},4,0,null,0,{"$nulls":3},"2017: Not started\n2018: Under construction\n2019: Complete","Complete",null,"Site complete. Forecasts exceeded.",null,"+","Delivery timescale <",0,{"$nulls":13},0,0,{"$nulls":9},4,{"$nulls":21},4]
["Y","n/a",null,"WIC/0128","Winnington and Castle","Northwich","Northwich",null,"129 Manchester Road, Northwich, CW9 7LS ","Change of mixed use building to a dwelling ",{"$nulls":5},"PDL","Change of use","C3","NO",null,null,"NO","No","Windfall",null,{"$error":"#DIV/0!"},null,"17/00168/COU","Full",null,null,"2017-01-17","2017-03-08","2020-03-08",1,0,1,{"$nulls":10},1,1,{"$nulls":3},1,0,null,0,{"$nulls":3},"2017: Not started\n2018: Not strarted\n2019: Complete","Complete","2019: Alternative uses ceased (signage removed)","Site complete. Forecasts exceeded.",null,"+","Delivery timescale <",0,{"$nulls":13},0,0,null,null,1,{"$nulls":28},1]
["Y",null,null,"WIC/0129","Winnington and Castle","Northwich Town Council","Northwich",null,"Land at 46 Winnington Street, Northwich, CW8 1AL","Conversion of former coach house to form new separate dwelling with side extensions and new vehicle access",{"$nulls":5},"PDL","Change of use","C3","NO",null,null,"NO","No","Windfall",null,{"$error":"#DIV/0!"},null,"17/00202/FUL","Full",null,null,"2017-02-17","2017-08-01","2020-08-01",1,0,1,{"$nulls":10},0,null,1,null,null,0,1,null,1,{"$nulls":3},"2018: Development started\n2019: Under construction","Under construction",null,"Site under construction. Forecasts reviewed and unchanged based on development progress.",null,"=",null,1,null,1,{"$nulls":11},1,1,{"$nulls":31},0]
["Y",null,null,"WIC/0130","Winnington and Castle","Northwich Town Council","Northwich",null,"4 Beswicks Road, Northwich, CW8 1AP","Two storey side extension and conversion of existing house into 4 apartments",{"$nulls":5},"PDL","Conversion","C3","NO",null,null,"NO","No","Windfall",{"$nulls":3},"17/01886/FUL","Full",null,null,"2017-06-02","2017-09-25","2020-09-25",4,1,3,{"$nulls":9},-1,-1,null,4,null,null,0,4,null,4,{"$nulls":3},"2018: Under construction\n2019: Under construction","Under construction",null,"Site under construction. Forecasts reviewed and unchanged based on development progress.",null,"=",null,4,null,4,{"$nulls":11},4,4,{"$nulls":31},0]
["Y",null,null,"WIC/0142","Winnington and Castle","Northwich","Northwich",null,"Rear of 56 and 58 Church Road, Northwich, CW9 5NY","Residential development of 6 no. 1 Bedroom apartments  ",{"$nulls":3},"Mr A Knox","Jill Stephens","GF","New build","C3","YES",null,null,"NO","No","Garden land",0.02,{"$f":"SUM(AI887/Y887)","v":300},null,"17/02641/OUT","Outline",null,null,"2017-06-13","2018-01-04","2021-01-04",6,0,6,{"$nulls":10},0,null,null,6,null,0,6,null,6,null,"3(commencement).4-9. 19/00279/DIS pending",null,"2018: Outline permission. No site visit\n2019: Outline permission. No site visit","Not started","2018:No site visit","Forecasts reviewed and unchanged based planning status.",null,"=",null,6,{"$nulls":3},6,{"$nulls":9},6,6,{"$nulls":31},0]
["Y",null,null,"WIC/0147","Winnington and Castle","Northwich","Northwich",null,"2B Station Road, Northwich, CW9 5QY","Two storey extension at first floor level, creating two floors above existing ground floor retail shops to create 5 apartments, provision of flue, parking and associated works",{"$nulls":3},"Tammy Durban tammy@debtal.co.uk","Clare Appleyard","PDL","Change of use","C3","NO",null,null,"NO","No","Windfall",{"$nulls":3},"17/03993/FUL","Full",null,null,"2017-09-13","2018-04-12","2021-04-12",5,0,5,{"$nulls":10},0,null,null,5,null,0,5,null,5,{"$nulls":3},"2019: Not started","Not started",null,"New permission. Forecasting assumptions applied.",null,"New",null,5,{"$nulls":3},5,{"$nulls":9},5,5]
["Y","Y",null,"WIC/0148","Winnington and Castle","Northwich","Northwich",null,"Adjacent 162 Manchester Road (former football ground site), Northwich","Residential development of 46 dwellings and associated access road, parking and landscaping",{"$nulls":3},"Umayr Azam design@northedgearchitecture.co.uk","Liza Woodray","Mix","New build","C3","NO",null,null,"NO","No","Windfall",null,{"$f":"SUM(AI889/Y889)","v":{"$error":"#DIV/0!"}},null,"16/05349/FUL","Full",null,null,"2016-12-01","2018-10-05","2021-10-05",46,0,46,{"$nulls":10},0,null,null,46,null,0,46,null,46,{"$nulls":3},"2019: Not started","Not started",null,"New permission. Forecasts based on planning status and development progress.",null,"New",null,46,{"$nulls":3},12,12,22,{"$nulls":7},46,46]
["Y","Y",null,"WIC/0151","Winnington and Castle","Northwich","Northwich",null,"Network House, Winnington Avenue, Northwich, CW8 4EE ","Change of use from office to residential and part two storey, part single storey extension to rear/side ",null,null,"Mr D Lees",null,"Gail Nickson","PDL","Change of use","C3","NO",null,null,"NO","Yes","Windfall",{"$nulls":3},"18/03396/FUL","Full",null,null,"2018-08-29","2018-11-12","2021-11-12",1,0,1,{"$nulls":10},0,null,1,null,null,0,1,null,1,{"$nulls":3},"2019: Under construction","Under construction",null,"New site under construction. Forecasts based on planning status and development progress.",null,"New",null,1,null,1,{"$nulls":11},1,1]
["Y",null,null,"WIC/0152","Winnington and Castle","Northwich","Northwich",null,"Former Methodist Church, Winnington Lane, Northwich, CW8 4DB","Two pairs of semi detached dwellings (demolition existing Church) (4x3bed houses)",{"$nulls":3},"Beeston Aspinall Architects-Sarah Aspinall sarah@ba-architects.co.uk",null,"PDL","New build","C3","NO",null,null,"NO","No","Windfall",0.063,null,null,"18/00006/FUL","Full",null,null,"2018-01-03","2018-03-02","2021-03-02",4,0,4,{"$nulls":10},0,null,null,4,null,0,4,null,4,{"$nulls":3},"2018: Not started\n2019: Not started","Not started",null,"Forecasts reviewed and updated based on planning status and development progress.",null,"-","Delivery timescale >",4,null,null,2,2,{"$nulls":9},4,4,{"$nulls":31},{"$f":"SUM(CE891:DD891)","v":0}]
["n/a","n/a",null,"WIR/0008","Witton and Rudheath","Northwich","Northwich",null,"Adjacent 2 Cottage Close, Rudheath, Northwich",{"$nulls":6},"GF",null,"C3",{"$nulls":5},"HELAA",null,{"$f":"SUM(AI892/Y892)","v":{"$error":"#DIV/0!"}},"12/03652/OUT expired",{"$nulls":7},13,0,13,{"$nulls":10},0,{"$nulls":4},0,0,13,13,{"$nulls":6},"Forecasts reviewed and unchanged. Not included in deliverable supply.",{"$nulls":3},0,{"$nulls":13},0,0,{"$nulls":31},0]
["n/a","n/a",null,"WIR/0027","Witton and Rudheath","Northwich","Northwich",null,"Lostock Works House, Works Lane, Northwich","BLR site",{"$nulls":5},"PDL","New build","C3","NO",null,null,"NO","No","BLR",1.7,24.11764705882353,{"$nulls":8},41,0,41,{"$nulls":10},0,{"$nulls":4},0,0,41,41,{"$nulls":6},"Included on Brownfield Land Register.\nForecasts reviewed and unchanged. Not included in deliverable supply.",{"$nulls":3},0,{"$nulls":12},41,0,41,{"$nulls":31},0]
["n/a","n/a",null,"WIR/0030","Witton and Rudheath","Northwich","Northwich",null,"Land at Farm Road, Rudheath, Northwich",{"$nulls":6},"GF",null,"C3",{"$nulls":5},"HELAA",null,{"$error":"#DIV/0!"},"12/03653/OUT expired",{"$nulls":7},48,0,48,{"$nulls":10},0,{"$nulls":4},0,0,48,48,{"$nulls":6},"Forecasts reviewed and unchanged. Not included in deliverable supply.",{"$nulls":3},0,{"$nulls":13},0,0,{"$nulls":31},0]
["n/a","n/a",null,"WIR/0031(a)","Witton and Rudheath","Northwich","Northwich",null,"School Road North, former coal yard, Rudheath, Northwich","BLR site",{"$nulls":5},"PDL","New build","C3","NO",null,null,"No","No","BLR",0.19,94.73684210526315,{"$nulls":8},18,0,18,{"$nulls":10},0,{"$nulls":4},0,0,18,18,{"$nulls":6},"Included on Brownfield Land Register.\nForecasts reviewed and unchanged. Not included in deliverable supply.",{"$nulls":3},0,{"$nulls":10},6,12,null,18,18,{"$nulls":31},0]
["n/a","n/a",null,"WIR/0032","Witton and Rudheath","Northwich","Northwich",null,"Land off Griffiths Road, Rudheath",{"$nulls":6},"GF",null,"C3",{"$nulls":5},"HELAA",null,{"$error":"#DIV/0!"},{"$nulls":8},0,0,0,{"$nulls":10},0,{"$nulls":4},0,0,null,0,{"$nulls":10},0,{"$nulls":13},0,0,{"$nulls":31},0]
["n/a","n/a",null,"WIR/0033","Witton and Rudheath","Northwich","Northwich",null,"Rear of Farmers Arms PH, Middlewich Road, Northwich","BLR site",{"$nulls":5},"Mix","New build","C3","NO",null,null,"NO","No","BLR",2.47,8.097165991902834,{"$nulls":8},20,0,20,{"$nulls":10},0,{"$nulls":4},0,0,20,20,{"$nulls":6},"Included on Brownfield Land Register.\nForecasts reviewed and unchanged. Not included in deliverable supply.",{"$nulls":3},0,{"$nulls":10},10,10,null,20,20,{"$nulls":31},0]
["Y",null,null,"WIR/0033A","Witton and Rudheath","Northwich","Northwich",null,"Land at 49 Edward Street, Northwich","5no. Dwellings","McCrombie Construction",null,null,"Dove Architecture (Mrs Derry Edwards)",null,"PDL","New build","C3","No",null,null,"No","No","HELAA",null,{"$error":"#DIV/0!"},null,"16/04334/FUL","Full",null,null,"2016-09-22","2016-12-23","2019-12-23",5,0,{"$f":"AI898-AJ898","v":5},{"$nulls":10},0,null,null,5,null,0,{"$f":"SUM(AX898+AY898)","v":5},null,5,null,"4.9.10.12.14. June 2017. 17/00795/DIS",null,"2017: Not started\n2018: Not started\n2019: Not started","Not started",null,"Forecasts reviewed and updated based on planning status and development progress.",null,"-",null,{"$f":"SUM(BQ898:BU898)","v":5},null,null,1,2,2,{"$nulls":8},{"$f":"SUM(BQ898:CA898)","v":5},{"$f":"SUM(BQ898:CB898)","v":5},{"$nulls":31},0]
["n/a","n/a",null,"WIR/0034A","Witton and Rudheath","Northwich","Northwich",null,"Land at Hargreaves Road / Middlewich Road, Northwich","Continuing care retirement community - 96 bed care home, 170 apartments (C2), 7 apartments (C3/C2) and up to 4 retail units and or health facility\nLP Part 2 allocation (N 3.C) at least 235 dwellings)",null,null,"NPL Estates Ltd","Richard Woodford - HOW Planning","Paul Friston","GF","New build","Elderly persons:SC","NO",null,null,"NO","No","LPP2 allocation",null,{"$error":"#DIV/0!"},null,"08-0021-OUM","Outline pending",null,null,"2008-01-03",null,null,177,0,177,{"$nulls":10},0,{"$nulls":4},0,0,177,177,"Awaiting legal agreement",null,null,"2018:Approval subject to legal agreement.No site visit","Pending legal agreement",null,"Local Plan (Part Two) allocation.\nForecasts reviewed and updated based on planning status. Not included in deliverable supply.","Local Plan (Part Two) proposed housing allocation\nOutline application pending decision – viability of original scheme being reassessed\nNO CHANGE TO FORECAST- No units forecast in years 1 to 5",null,null,0,{"$nulls":6},21,24,24,36,36,36,null,177,177,{"$nulls":31},0]
["n/a","n/a",null,"WIR/0034B","Witton and Rudheath","Northwich","Northwich",null,"Land at Hargreaves Road / Middlewich Road, Northwich","Continuing care retirement community - 96 bed care home, 170 apartments (C2), 7 apartments (C3/C2) and up to 4 retail units and or health facility",null,null,"NPL Estates Ltd","Richard Woodford - HOW Planning","Paul Friston","GF","New build","Elderly persons:C","NO",null,null,"NO","No","LPP2 allocation",null,{"$error":"#DIV/0!"},null,"08-0021-OUM","Outline pending",null,null,"2008-01-03",null,null,90,0,90,90,{"$nulls":9},0,{"$nulls":4},0,0,90,90,"Awaiting legal agreement",null,null,"2018:Approval subject to legal agreement.No site visit","Pending legal agreement",null,"Local Plan (Part Two) allocation.\nForecasts reviewed and updated based on planning status. Not included in deliverable supply.",{"$nulls":3},0,{"$nulls":10},24,24,42,48,90,{"$nulls":31},0]
["Y",null,null,"WIR/0038","Witton and Rudheath","Northwich","Northwich",null,"                                                                                                                                                                                         ","Erection of one (1) detached bungalow",{"$nulls":3},"AB Architecture Ltd (Andrew Barber)",null,"GF","New build","C3","NO",null,null,"NO","No","Windfall",null,{"$error":"#DIV/0!"},null,"15/03425/FUL","Full",null,null,"2015-08-17","2015-12-16","2018-12-16",1,0,1,{"$nulls":10},0,null,null,1,null,0,1,null,1,"Plot sold with planning permission by Your Move",null,null,"2016: Not started\n2017: Not started\n2018: Not started\n2019: Development commenced","Development commenced","2018:Permission expires 2018","Forecasts reviewed and updated based on planning status and development progress.",null,"+",null,1,null,null,1,{"$nulls":10},1,1,{"$nulls":31},0]
["Y",null,null,"WIR/0039","Witton and Rudheath","Northwich","Northwich",null,"Land off Griffiths Road, Rudheath","Erection of 2 detached dwellings, two single garages and one detached garage",null,null,"Mr Vince Parkes","AB Architecture Ltd - Andrew Barber",null,"GF","New build","C3","NO",null,null,"NO","No","Windfall",null,{"$error":"#DIV/0!"},"17/05396/FUL (withdrawn)\n18/04858/FUL (pending)","15/04681/FUL","Full",null,null,"2015-11-17","2016-04-11","2019-04-11",2,0,2,{"$nulls":10},0,null,null,2,null,0,2,null,2,"March 2017 - no BC records",null,null,"2017:Not started\n2018: Not started.\n2019: Not started. New app awaiting decision","Not started","2018:Amended scheme awaiting decision","Forecasts reviewed and unchanged based on planning status.",null,"=",null,2,null,null,1,1,{"$nulls":9},2,2,{"$nulls":31},0]
["Y","Y",null,"WIR/0040","Witton and Rudheath","Rudheath","Northwich",null,"DANE VIEW - Land at Park Farm, Shurlach Road and Shipbrook Road, Rudheath, Northwich","Up to 180 dwellings, public open space, associated landscaping, and infrastructure","Barratt Homes",null,"Andrew Ainscough","WYG-Mr Mike O'Brien mike.obrien@wyg.com","Jill Stephens","GF","New build","C3","NO",null,null,"NO","No","HELAA",10.04,17.928286852589643,"15/01318/OUT","17/03727/REM","Full","APP/A0665/W/15/3140241","Allowed","2017-08-25","2018-04-25","2021-04-25",180,0,180,{"$nulls":10},0,null,30,150,null,0,180,null,180,"2017:Positive pre application discussions for reserved matters","7.10-13.15-19.24.27.28.17/03972/DIS June 2018\n6(phasing).8.9. 17/04508/DIS July 2018\n7.8. 18/02351/DIS Dec 2018\n14.25. 18/04399/DIS Jan 2019",null,"2017: Outline permission.No site visit\n2018: Outline permission.No site visit\n2019: Under construction.Show homes complete","Under construction",null,"Site under construction. Forecasts reviewed and updated based on planning status, development progress and forecasting information.","Outline planning application granted permission on appeal.\nReserved matters application received 25 Aug 2017 pending decision\nDeveloper/house builder: Barratt Homes\nApplications pending decision to discharge conditions 6-13, 15-19, 24, 27 and 28\nDelivery of units forecast from year 2\nNO CHANGE TO FORECAST – units are deliverable within years 1 to 5\nCurrent position:\nReserved matters approved 20 April 2018.\n17/04508/DIS approved 11 July 2018 (including phasing plan)\nStreet name and numbering details received","=",null,180,null,49,40,35,28,28,{"$nulls":7},180,180,{"$nulls":31},0]
["Y",null,null,"WIR/0042","Witton and Rudheath","Rudheath","Northwich",null,"86A West Avenue, Rudheath, Northwich, CW9 7ET","Change of use from hairdressers to dwelling",{"$nulls":5},"PDL","Change of use","C3","NO",null,null,"NO","No","Windfall",null,{"$error":"#DIV/0!"},null,"17/02403/PDM","PDM",null,null,"2017-07-10","2017-07-10","2020-07-10",1,0,1,{"$nulls":10},0,null,null,1,null,0,1,null,1,{"$nulls":3},"2018: Not started\n2019: Not started","Not started",null,"Forecasts reviewed and updated based on planning status and development progress.",null,"-",null,1,null,null,1,{"$nulls":10},1,1,{"$nulls":31},0]
["Y",null,null,"WIR/0043","Witton and Rudheath","Rudheath","Northwich",null,"18 Central Road, Rudheath, Northwich, CW9 7EN","Conversion of domestic garages to new house",{"$nulls":5},"PDL","Change of use","C3","NO",null,null,"NO","No","Windfall",null,{"$error":"#DIV/0!"},null,"17/01422/FUL","Full",null,null,"2017-05-16","2017-07-25","2020-07-25",1,0,1,{"$nulls":10},0,null,null,1,null,0,1,null,1,{"$nulls":3},"2018: Not started\n2019: Not started","Not started",null,"Forecasts reviewed and updated based on planning status and development progress.",null,"-",null,1,null,null,1,{"$nulls":10},1,1,{"$nulls":31},0]
["Y",null,null,"WIR/0044","Witton and Rudheath","Northwich Town Council","Northwich",null,"Rear of 167 Middlewich Road, Northwich, CW9 7DB","Change of use of rear outbuilding to one flat with parking and amenity space",{"$nulls":5},"PDL","Change of use","C3","NO",null,null,"NO","No","Windfall",{"$nulls":3},"17/01566/FUL","Full",null,null,"2017-06-23","2017-09-06","2020-09-06",1,0,1,{"$nulls":10},0,null,null,1,null,0,1,null,1,{"$nulls":3},"2018: Not started\n2019: Not started","Not started",null,"Forecasts reviewed and updated based on planning status and development progress.",null,"-",null,1,null,null,1,{"$nulls":10},1,1,{"$nulls":31},0]
["Y",null,null,"WIR/0045","Witton and Rudheath","Rudheath","Northwich",null,"Land at Griffiths Road, Lostock Gralam, Northwich","Proposed dwelling and parking provision",{"$nulls":3},"BA Architects - Sarah Aspinall sarah@ba-architects.co.uk","Jill Stephens","GF","New build","C3","NO",null,null,"NO","No","Windfall",null,{"$f":"SUM(AI907/Y907)","v":{"$error":"#DIV/0!"}},"17/02442/FUL","18/02125/FUL","Full",null,null,"2018-06-01","2018-08-30","2021-08-30",1,0,1,{"$nulls":10},0,null,null,1,null,0,1,null,1,{"$nulls":3},"2018: Not started\n2019: Not started","Not started",null,"Forecasts reviewed and updated based on planning status and development progress.",null,"-",null,1,null,null,1,{"$nulls":10},1,1,{"$nulls":31},0]
["Y","Y",null,"WIR/0047","Witton and Rudheath","Rudheath","Northwich",null,"Bridge View, King Street, Rudheath, Northwich, CW9 7RW","Demolition of redundant farm building and develop site to build 19 dwellings with garages,parking and landscaping (resubmision  APP/2001/0596) ",null,null,"4 Homes Ltd-Mr Nick Edwards","J10 Planning Ltd-Mr Justin Paul justin@j10planning.com",null,"PDL","New build","C3","NO",null,null,"NO","No","Windfall",null,null,"APP/2001/1073\n18/03269/S73 (Nov 2018)","17/00472/S73","Full",null,null,"2017-02-17","2017-04-03","2020-04-03",19,0,19,{"$nulls":10},0,null,17,2,null,0,19,null,19,"18/03269/S73 - Design and layout","2-7.10-12.18.19. January 2017. 16/05222/DIS\n2.4.7.8.9.11.12.13.14.15.17.18.19.21 (Nov 18) 18/03000/DIS",null,"2018: Not started\n2019: Under construction","Under construction",null,"Site under construction. Forecasts exceeded - reviewed and updated based on planning stauts and development progress.",null,"+","Delivery rate >\nDelivery timescale <",19,null,17,2,{"$nulls":10},19,19,{"$nulls":31},0]
["Y",null,null,"WIR/0048","Witton and Rudheath","Northwich Town Council","Northwich",null,"167 Middlewich Road, Northwich, CW9 7DB","Change of use from A2 commercial to C3 residential",{"$nulls":5},"PDL","Change of use","C3","NO",null,null,"NO","No","Windfall",{"$nulls":3},"17/01569/FUL","Full",null,null,"2017-04-05","2017-07-03","2020-07-03",1,0,1,{"$nulls":10},0,null,null,1,null,0,1,null,1,{"$nulls":3},"2018: Not started\n2019: Not started","Not started",null,"Forecasts reviewed and unchanged based on planning status and development progress.",null,"=",null,1,null,1,{"$nulls":11},1,1,{"$nulls":31},0]
["Y",null,null,"WIR/0052","Witton and Rudheath","Northwich","Northwich",null,"Land at 32 Shipbrook Road, Rudheath, Northwich","Erection of one dwelling",{"$nulls":3},"DVA Architects - Lauren Greensill lauren@dvaarchitects.co.uk","Emma Hodgkiss","GF","New build","C3",{"$nulls":3},"NO","No",{"$nulls":4},"18/03294/FUL","Full",null,null,"2018-08-20","2018-12-20","2021-12-20",1,0,1,{"$nulls":10},0,null,null,1,null,0,1,null,1,{"$nulls":3},"2019: Not started","Not started",null,"New permission. Forecasting assumptions applied.",null,"New",null,1,null,null,1,{"$nulls":10},1,1]
["Y",null,null,"WIR/0053","Witton and Rudheath",null,"Northwich",null,"50 West Avenue/Central Road, Rudheath, Northwich, CW9 7ES","Construction of one dwelling on former garden land and removal of garage",{"$nulls":5},"GF","New build","C3","YES",null,null,"NO","No","Garden land",null,{"$f":"SUM(AI911/Y911)","v":{"$error":"#DIV/0!"}},null,"18/03595/FUL","Full",null,null,"2018-09-12","2019-03-06","2021-03-06",1,0,1,{"$nulls":10},0,null,null,1,null,0,1,null,1,{"$nulls":3},"2019: Not started","Not started",null,"New permission. Forecasting assumptions applied.",null,"New",null,1,null,null,1,{"$nulls":10},1,1]
["Y","n/a","BLPU - IU","WIT/0010","Willaston and Thornton",null,"Rural",null,"Springfield Farm, Margarets Lane, Childer Thornton, Ellesmere Port, CH66 5PF","Demolition of existing buildings and erection of one dwelling and detached garage ",{"$nulls":3},"Goodwin Planning Services Ltd (Steve Goodwin)",null,"GF","New build","C3","NO",null,null,"YES","No","Windfall",null,{"$f":"SUM(AI912/Y912)","v":{"$error":"#DIV/0!"}},null,"14/04596/FUL","Full",null,null,"2014-10-29","2015-02-09","2018-02-09",1,0,1,{"$nulls":10},1,1,{"$nulls":3},1,0,null,0,{"$nulls":3},"2016:Not started\n2017-2018: Under construction\n2019: Complete\n2019: Complete","Complete",null,"Site complete. Forecasts achieved.",null,"=",null,0,{"$nulls":13},0,0,{"$nulls":3},1,{"$nulls":27},{"$f":"SUM(CE912:DD912)","v":1}]
["Y",null,null,"WIT/0016","Willaston and Thornton",null,"Rural",null,"Adjacent 23 Ashtree Croft, Willaston, Neston ","Development of three (3) residential dormer bungalows",{"$nulls":3},"CADStation Ltd - Mr Darren Cullen",null,"PDL","New build","C3","YES",null,null,"NO","No","Garden Land",null,{"$f":"SUM(AI913/Y913)","v":{"$error":"#DIV/0!"}},null,"14/02373/FUL","Full",null,null,"2014-06-16","2014-08-14","2017-08-14",3,0,3,{"$nulls":7},2,null,null,2,null,null,1,null,0,1,null,1,{"$nulls":3},"2015-2016: Under construction\n2017-2018: Stalled\n2019: Site stalled","Stalled","2018:1 unit not started","Site stalled. Forecasts reviewed and unchanged. Not included in  deliverable supply.",null,"=",null,0,{"$nulls":6},1,{"$nulls":6},1,1,{"$nulls":31},0]
["Y","n/a",null,"WIT/0017","Willaston and Thornton","Willaston","Rural",null,"Goss Moor, Mill Lane, Willaston, CH64 1RG","Erection of three (3) detached dwellings",{"$nulls":3},"Platt White Partnership (David Lamb)",null,"PDL","New build","C3","YES",null,null,"NO","No","Garden land",null,{"$f":"SUM(AI914/Y914)","v":{"$error":"#DIV/0!"}},"12/05065/OUT","14/00047/REM","Full",null,"Allowed","2014-01-13","2014-04-08","2017-04-08",3,0,3,{"$nulls":10},3,3,{"$nulls":3},3,0,null,0,{"$nulls":3},"2015: Not started\n2016-2018: Under construction\n2019: Complete","Complete","2018:All units almost complete","Site complete. Forecasts achieved.",null,"=",null,0,{"$nulls":13},0,0,{"$nulls":4},3,{"$nulls":26},3]
["n/a","n/a",null,"WIT/0023","Willaston and Thornton",null,"Rural",null,"Land at Hooton Road, Willaston, Neston, CH64 1SJ","BLR site",{"$nulls":5},"PDL","New build","C3","NO",null,null,"NO","No","BLR",0.25,{"$nulls":9},7,null,7,{"$nulls":10},0,{"$nulls":4},0,0,7,7,{"$nulls":6},"Included on Brownfield Land Register.\nForecasts reviewwd and unchanged. Not included in deliverable supply.",{"$nulls":3},0,{"$nulls":7},2,2,3,{"$nulls":3},7,7,{"$nulls":31},0]
["Y",null,null,"WIT/0032","Willaston and Thornton","Hooton","Rural",null,"Rofton Works site, Hooton Road, Hooton, Ellesmere Port","Residential development comprising 265 residential units and a care home together with access from Hooton Road.\n27x2bed flats / 66x bed, 34x3bed, 138x4bed houses)","Stewart Milne Homes",null,"Stewart Milne Homes-Mr Sutton",null,"Clare Appleyard","PDL","New build","Elderly persons:C","NO",null,null,"NO","No","HELAA",17.6,{"$f":"SUM(AI916/Y916)","v":3.1818181818181817},"11/03802/OUT\n16/03214/REM (31/01/2019)","17/02741/FUL","Full",null,null,"2017-06-22","2018-11-07","2021-11-07",56,0,56,56,{"$nulls":9},0,null,null,56,null,0,56,null,56,"Strategic Planning Committee 21/06/2012. Demolition conditions discharged November 2013 13/04312/DIS. Site cleared and remediation works completed. Peover Inspector accepted delivery rates ","27.29.39.42.44. 17/02231/DIS Sep 2017\n17. 18/00096/DIS pending\n1-11.13-37. 18/04702/DIS pending",null,"2016: Outline permission.No site visit\n2017-2018: Not started\n2019: Not started","Not started","2018:Supported by Home Building Fund-development to start within two months","Forecasts reviewed and unchanged. Not included in deliverable supply.",null,"=",null,0,{"$nulls":8},56,{"$nulls":4},56,56,{"$nulls":31},0]
["Y",null,null,"WIT/0032","Willaston and Thornton","Hooton","Rural",null,"Rofton Works site, Hooton Road, Hooton, Ellesmere Port","Residential development comprising 265 residential units and a care home together with access from Hooton Road.\n27x2bed flats / 66x bed, 34x3bed, 138x4bed houses)","Stewart Milne Homes",null,"Stewart Milne Homes-Mr Sutton",null,"Clare Appleyard","PDL","New build","C3","NO",null,null,"NO","No","HELAA",17.6,15.05681818181818,"11/03802/OUT\n16/03214/REM (31/01/2019)\n19/00379/NMA (pending)","17/02741/FUL","Full",null,null,"2017-06-22","2018-11-07","2021-11-07",265,0,265,{"$nulls":10},0,null,16,249,null,0,265,null,265,"Strategic Planning Committee 21/06/2012. Demolition conditions discharged November 2013 13/04312/DIS. Site cleared and remediation works completed. Peover Inspector accepted delivery rates ","27.29.39.42.44. 17/02231/DIS Sep 2017\n17. 18/00096/DIS pending\n1-11.13-37. 18/04702/DIS pending",null,"2016: Outline permission.No site visit\n2017-2018: Not started\n2019: Under construction","Under construction","2018:Supported by Home Building Fund-development to start within two months\n2019: Officer site visit - First plots sold. 43 units to be completed by end of 2019","Site under construction. Forecasts exceeded - reviewed and updated based on planning status and development progress.",null,"+","Delivery rate >",168,null,24,36,36,36,36,36,36,25,{"$nulls":4},265,265,{"$nulls":31},0]
["Y",null,null,"WIT/0036","Willaston and Thornton",null,"Rural",null,"Rear of Nessun Dorma, Lydiate Lane, Willaston, CH64 1RT","Erection of 4 dwellings",null,null,"Mr J Woltman","Evolve Design - James O'Rourke james@evolve-designs.co.uk","Steve Holmes","PDL","New build","C3","NO",null,null,"NO","No","Windfall",null,{"$error":"#DIV/0!"},"14/05389/FUL (08/09/2018)","18/02994/FUL","Full",null,null,"2018-08-01","2019-01-11","2022-01-11",4,0,4,{"$nulls":10},0,null,null,4,null,0,4,null,4,null,"4. 19/01284/DIS pending",null,"2016-2018: Not started\n2019: Not started. New permission","Not started","2018:Permission expires 2018\n2019: New application approved","Forecasts reviewed and updated based on planning status.",null,"+","New permission",4,{"$nulls":3},4,{"$nulls":9},4,4,{"$nulls":31},0]
["Y",null,null,"WIT/0038","Willaston and Thornton",null,"Rural",null,"Badger Butts, Mill Lane, Willaston, CH64 1RG ","Erection of One 4-bed Dwelling (outline) ",{"$nulls":3},"Mr D Scanlon","Cathy Reay","PDL","New build","C3","YES",null,null,"NO","No","Garden land",0.12,8.333333333333334,"15/02495/OUT (23/07/2018)","18/02715/FUL","Outline. Full pending",null,null,"2018-07-12","2015-07-23","2018-07-23",1,0,1,{"$nulls":10},0,{"$nulls":4},0,0,1,1,{"$nulls":3},"2017-2018: Outline permission. No site visit\n2019: Outline permission. No site visit. Permission expired",null,"2019: Full application awaiting decision","Forecasts reviewed and unchanged. Not included in deliverable supply.",null,"=",null,0,{"$nulls":13},0,0,{"$nulls":31},0]
["Y","n/a",null,"WIT/0039","Willaston and Thornton",null,"Rural",null,"Fieldway (outbuilding), Welsh Road, Childer Thornton","Extension and conversion of outbuilding in to one (1) dwelling and construction of garage",null,null,"Mr Andrew Needham","Neil Braithwaite Architect",null,"GF","Change of use","C3","NO",null,null,"YES","No","Windfall",null,{"$error":"#DIV/0!"},null,"15/03646/FUL","Full",null,null,"2015-09-04","2015-12-15","2018-12-15",1,0,1,{"$nulls":10},1,1,{"$nulls":3},1,0,null,0,{"$nulls":3},"2016-2017: Not started\n2018: Under construction\n2019: Complete","Complete",null,"Site complete. Forecasts exceeded.",null,"+","Delivery timescale <",0,{"$nulls":13},0,0,{"$nulls":6},1,{"$nulls":24},1]
["Y","n/a",null,"WIT/0040A","Willaston and Thornton",null,"Rural",null,"Street Hey, Street Hey Lane, Willaston, CH64 1SU ","Construction of independent dwelling, and use of existing dwelling as an associated residential outbuilding. ",{"$nulls":5},"GBGF","New build","C3","YES",null,null,"NO","No","Windfall",null,{"$error":"#DIV/0!"},null,"17/02058/FUL","Full",null,null,"2017-05-05","2017-07-19","2020-07-19",1,0,1,{"$nulls":10},1,1,{"$nulls":3},1,0,null,0,"Jennie (case officer) confirms new house on site is complete. Several applications on site - gym is now this dwelling. ",null,null,"2018: Under construction\n2019: Complete","Complete",null,"Site complete. Forecasts achieved.",null,"=",null,0,{"$nulls":13},0,0,{"$nulls":6},1,{"$nulls":24},1]
["Y",null,null,"WIT/0040B","Willaston and Thornton",null,"Rural",null,"Outbuilding Street Hey, Street Hey Lane, Willaston, CH64 1SU ","Change of use of existing outbuilding to residential use (C3 use)",{"$nulls":3},"Matthews and Goodman LLP",null,"PDL","Change of use","C3","NO",null,null,"NO","No","Windfall",null,{"$error":"#DIV/0!"},null,"15/04635/FUL","Full",null,null,"2015-11-16","2016-01-11","2019-01-11",1,0,1,{"$nulls":10},{"$f":"SUM(AN922:AU922)+BA922","v":0},null,1,null,null,{"$f":"SUM(AW922-AZ922)","v":0},1,null,1,"Contacted agent from 2017 permission for update on site - Case Officer thinks there is no access to site. ",null,null,"2016-2018: Not started\n2019: Under construction","Under construction",null,"Site under construction. Forecasts reviewed and unchanged based on development progress.",null,"=",null,1,null,1,{"$nulls":11},1,1,{"$nulls":31},0]
["Y","Y",null,"WIT/0041","Willaston and Thornton",null,"Rural",null,"23 The Stables, Brooklea Meadows, Little Sutton, Ellesmere Port, CH66 4AB  ","Two storey side extension and sub-division of existing dwelling to form two dwellings ","Ashbury Homes Ltd",null,null,"\nK. & J. Woodward Ltd ",null,"PDL","Conversion","C3","NO",null,null,"NO","No","Windfall",null,{"$error":"#DIV/0!"},null,"15/05121/FUL","Full",null,null,"2015-12-21","2016-02-08","2019-02-08",2,1,1,{"$nulls":10},0,{"$nulls":4},0,0,null,0,{"$nulls":3},"2016-2018: Not started\n2019: Not started","Not started. Permission expired","Not started","Permission expired. Forecasts reviewed and removed from deliverable supply.",null,"-","Permission expired",0,{"$nulls":13},0,0,{"$nulls":31},0]
["Y","n/a",null,"WIT/0042","Willaston and Thornton",null,"Rural",null,"U Tow Caravans Ltd, Welsh Road, Little Sutton, CH66 9PA","One (1) bungalow and garage",null,null,"Mr Charles Miller","Major Design Partnership  ",null,"PDL","New build","C3","NO",null,null,"NO","No","Windfall",null,{"$error":"#DIV/0!"},null,"15/00599/FUL","Full",null,null,"2015-01-22","2015-12-10","2018-12-10",1,0,1,{"$nulls":10},1,1,{"$nulls":3},1,0,null,0,{"$nulls":3},"2016-2017: Not started\n2018: Development commenced\n2019: Complete","Complete","2018:Groundworks started","Site complete. Forecasts exceeded.",null,"+","Delivery timescale <",0,{"$nulls":13},0,0,{"$nulls":8},1,{"$nulls":22},1]
["Y",null,null,"WIT/0045","Willaston and Thornton",null,"Rural",null,"Adjacent Millmead, Mill Lane, Willaston, Neston, CH64 1RW","Erection of one detached dwelling with double garage within the existing large garden of an existing property (Millmead), using existing vehicular access gate and driveway. ",null,null,"Mrs Angela Brodbelt","McCormick Architecture Ltd - Mr Daniel Lott",null,"PDL","New build","C3","YES",null,null,"NO","No","Garden Land",null,{"$error":"#DIV/0!"},null,"16/02238/FUL","Full",null,null,"2016-05-27","2016-07-27","2019-07-27",1,0,1,{"$nulls":10},0,null,null,1,null,0,1,null,1,{"$nulls":3},"2017-2018: Not started\n2019: Not started","Not started","2019: Not started. Amended scheme awaiting decision","Forecasts reviewed and updated based on planning status and development progress.",null,"-",null,1,null,null,1,{"$nulls":10},1,1,{"$nulls":31},0]
["Y","n/a",null,"WIT/0046","Willaston and Thornton",null,"Rural",null,"Laburnum House, Village Square, Willaston, Neston, CH64 2TU","Change of use from residential apartments to a Barristers Chambers (Use Class B1) \nConversion of one 4bed maisonette to two 1bed flats",null,null,"Mrs Deborah Green",null,null,"PDL","Conversion","C3","NO",null,null,"NO","No","Windfall",null,{"$error":"#DIV/0!"},"16/02496/FUL","17/01619/FUL","Full",null,null,"2017-04-06","2017-05-31","2021-05-31",2,1,1,{"$nulls":10},1,2,null,null,1,1,0,null,0,{"$nulls":3},"2017-2018: Not started\n2019: Complete","Complete","2018:New permission implemented (WIT/0046b)","Site complete. New permission.",null,"New",null,0,{"$nulls":13},0,0,{"$nulls":10},2,{"$nulls":20},2]
["Y",null,null,"WIT/0047","Willaston and Thornton",null,"Rural",null,"Glenmoriston, Eastham Rake, Wirral, CH62 9ES ","Change of use of two agricultural buildings to two dwelling houses",{"$nulls":5},"GF","Change of use","C3","NO",null,null,"YES","No","Windfall",null,{"$error":"#DIV/0!"},null,"16/02696/PDQ","PDQ",{"$nulls":3},"2016-08-11","2019-08-11",2,0,2,{"$nulls":10},0,null,1,1,null,0,2,null,2,"2018:Enforcement records",null,null,"2017: Not started\n2018: Development commenced\n2019: Under construction","Under construction",null,"Site under construction. Forecasts reviewed and unchanged based on development progress.",null,"=",null,2,null,2,{"$nulls":11},2,2,{"$nulls":31},0]
["Y","Y",null,"WIT/0052","Willaston and Thornton","Rural","Rural",null,"Smithy, Hanns Hall Road, Neston","Barn conversion to form one (1) dwelling",{"$nulls":5},"GF","Change of use","C3","NO",null,null,"YES","No","Windfall",{"$nulls":3},"16/03528/FUL","Full",null,null,"2016-08-12","2016-11-03","2019-11-03",1,0,1,{"$nulls":10},0,null,null,1,null,0,1,null,1,{"$nulls":3},"2017-2018: Not started\n2019: Not started","Not started","Not started","Permission expires in next monitoring period. Forecasts reviewed. Removed from deliverable supply.",null,"-","Permission expires 2019",0,{"$nulls":13},0,0,{"$nulls":31},0]
["Y",null,null,"WIT/0054","Willaston and Thornton",null,"Rural","Willaston","Hooton Road Service Station, Hooton Road, Willaston, CH64 1SG","Demolition of existing service station and associated outbuildings and construction of three 4-bed dwellings",{"$nulls":3},"Precision Plans-Mr Richard Pattison richard@precisionplans.co.uk","Bethan Armstrong","GBPDL","New build","C3","NO",null,null,"NO","No","Windfall",0.11,{"$f":"SUM(AI929/Y929)","v":27.272727272727273},null,"17/00743/OUT","Outline",null,null,"2017-02-21","2017-08-14","2020-08-14",3,0,3,{"$nulls":10},0,null,null,3,null,0,3,null,3,{"$nulls":3},"2018: Outline permission. No site visit\n2019: Outline permission. No site visit","Not started",null,"Forecasts reviewed and unchanged based on planning status.",null,"=",null,3,null,null,1,1,1,{"$nulls":8},3,3,{"$nulls":31},0]
["Y",null,null,"WIT/0058","Willaston and Thornton",null,"Rural",null,"Adjacent Rosenheath, Heath Lane, Willaston, Neston","Erection of new dwelling and detached garage",{"$nulls":5},"PDL","New build","C3","YES",null,null,"NO","No","Garden land",null,null,"18/0474/S73","18/01492/FUL","Full",null,null,"2018-04-18","2018-06-21","2021-06-21",1,0,1,{"$nulls":10},0,null,null,1,null,0,1,null,1,null,"(variation) 2.9.10. 18/04740/S73 ",null,"2019: Not started","Not started",null,"New permission. Forecasting assumptions applied.",null,"New",null,1,null,null,1,{"$nulls":10},1,1]
["Y",null,null,"WIW/0003","Winsford Wharton","Winsford TC","Winsford",null,"Adjacent 123 Wharton Road, Winsford","One (1) new detached bungalow",{"$nulls":3},"Mr A.R. Knox","Jill Stephens","GF","New build","C3","YES",null,null,"NO","No","Garden land",null,{"$f":"SUM(AI931/Y931)","v":{"$error":"#DIV/0!"}},"10/00459/OUT (expired)","17/02946/OUT","Outline",null,null,"2017-07-04","2017-08-23","2020-08-23",1,0,1,{"$nulls":10},0,null,null,1,null,0,1,null,1,"10/00459/OUT and 13/01601/EXT expired",null,null,"2018: Outline permission. No site visit\n2019: Outline permission. No site visit","Not started","2018:No site visit","Forecasts reviewed and unchanged based on planning status.",null,"=",null,1,null,null,1,{"$nulls":10},1,1,{"$nulls":31},{"$f":"SUM(CE931:DD931)","v":0}]
["Y","Y",null,"WIW/0004","Winsford Wharton","Winsford TC","Winsford",null,"Securicor Ltd, Wharton Road, Winsford, CW7 3AP","Erection of up to 14no. Dwellings (demolition of existing structures) including access from Wharton Road with all other matters reserved",null,null,"DHL Corporate Real Estate","Barton Willmore-Mrs gemma Johnson gemma.johnson@bartonwillmore.co.uk","Lyndsay Shinner","PDL","New build","C3","NO",null,null,"NO","No","HELAA",0.34,41.17647058823529,"09/02249/OUT","15/05130/OUT","Outline",null,null,"2015-12-21","2016-09-13","2019-09-13",14,0,14,{"$nulls":10},0,null,null,14,null,0,14,null,14,{"$nulls":3},"2017-2018: Outline permission. No site visit\n2019: Outline permission. No site visit","Not started","2018:No site visit","Permission expires in next monitoring period. No change to forecasts. Not included in deliverable supply.","Winsford Neighbourhood Plan housing allocation.\nOutline planning application received 21 Dec 2015 and approved 13 Sep 2016\nPrevious permission unimplemented\nVacant/derelict building\nDeveloper/house builder: DHL Corporate Real Estate\nNO CHANGE TO FORECAST- No units forecast in years 1 to 5","=","Not included in 2018 supply ",0,{"$nulls":8},6,12,{"$nulls":3},18,18,{"$nulls":31},0]
["Y","Y",null,"WIW/0012","Winsford Wharton","Winsford TC","Winsford",null,"Rear of 73 - 81 Wharton Road, Winsford","Development of 2 semi-detached two storey dwellings",null,null,"Mr Marek Piatkowski",null,null,"PDL","New build","C3","NO",null,null,"NO","No","Windfall",null,{"$error":"#DIV/0!"},"15/02505/OUT","17/02423/FUL","Full",null,null,"2017-05-30","2017-08-21","2020-08-21",2,0,2,{"$nulls":10},0,null,null,2,null,0,2,null,2,"16/05442/PREAPP - regarding 2 three bedroom houses. Advised that it is acceptable in principle (25/1/2017) ","3-5.9.10. 19/00262/DIS pending",null,"2017: Outline permission.No site visit\n2018: Not started\n2019: Not started","Not started",null,"Forecasts reviewed and updated based on planning status and development progress.",null,"-","Delivery timescale >",2,null,null,2,{"$nulls":10},2,2,{"$nulls":31},0]
["Y",null,null,"WIW/0018","Winsford Wharton","Winsford TC","Winsford",null,"STATION QUARTER - Land at Rilshaw Lane, Winsford","Winsford NP site S2A\nOutline permission:residential development, for up to 215 dwellings, provision of open space with recreational facilities, site access, associated highway and infrastructure works\nReserved matters: following 14/01266/OUT for 215 dwellings","Lane End Development Construction (Laurus Homes)","Trafford Housing Trust","Lane End Development Construction Ltd -Laurus Homes and Trafford Housing Trust-Mr Robert Stratton","Howard & Seddon ARIBA-Mr DK Seddon admin@howardandseddon.co.uk",null,"GF","New build","C3","NO",null,null,"NO","No","Strategic site / NP allocation",null,{"$error":"#DIV/0!"},"15/01032/OUT\n14/01266/OUT\n18/02255/NMA","17/04426/REM","Full",null,"Allowed","2017-10-13","2018-01-03","2021-01-03",215,0,215,null,65,{"$nulls":8},0,null,30,185,null,0,215,null,215,"Winsford NP site\nSTRAT 7 allocation\nResidential development of 215 dwellings \n18/02255/NMA - access and windows","19.23.24 (pending) 18/00589/DIS\n9. 18/01433/DIS July 2018\n13.14. 18/01546/DIS June 2018\n31 renewable energy (removed) March 2018. 18/00460/NMA\n5. 18/02414/DIS July 2018\n3 Samples 18/02483/DIS\n17. July 2018. 18/01897/DIS",null,"2017: Outline permission.No site visit\n2018: Not started. REM approved Jan 2018\n2019: Under construction","Under construction","2018:Reserved matters approved January 2018.Site forecasts provided\n2019: Officer site visit - development expected to complete in 2021","Strategis site / Neighbourhood Plan allocation.\nSite under construction. Forecasts reviewed and updated based on planning status, development progress and forecasting information.",{"$nulls":3},215,null,55,68,58,34,{"$nulls":8},215,215,{"$nulls":31},0]
["n/a","n/a",null,"WIW/0019","Winsford Wharton","Winsford TC","Winsford",null,"Rilshaw Lane Phase 1, Caravan Park, Winsford","BLR site",{"$nulls":5},"PDL","New build","C3","NO",null,null,"NO","No","BLR",0.35,42.85714285714286,{"$nulls":8},15,0,15,{"$nulls":10},0,{"$nulls":4},0,0,15,15,{"$nulls":6},"Included on Brownfield Land Register.\nForecasts reviewed and unchanged. Not included in deliverable supply.",{"$nulls":3},0,{"$nulls":7},5,5,5,{"$nulls":3},15,15,{"$nulls":31},0]
["n/a","n/a",null,"WIW/0020","Winsford Wharton","Winsford TC","Winsford",null,"476 Rookery Rise, Station Road, Winsford","BLR site",{"$nulls":5},"PDL","New build","C3","NO",null,null,"NO","No","BLR",0.49,26.53061224489796,{"$nulls":8},13,0,13,{"$nulls":10},0,{"$nulls":4},0,0,13,13,{"$nulls":6},"Included on Brownfield Land Register.\nForecasts reviewed and unchanged. Not included in deliverable supply.",{"$nulls":3},0,{"$nulls":10},6,7,null,13,13,{"$nulls":31},0]
["n/a","n/a",null,"WIW/0026","Winsford Wharton","Winsford TC","Winsford",null,"Rear of Brighton Belle PH, Station Road, Winsford","BLR site",{"$nulls":5},"PDL","New build","C3","NO",null,null,"NO","No","BLR",1.05,4.761904761904762,{"$nulls":8},5,0,5,{"$nulls":10},0,{"$nulls":4},0,0,5,5,{"$nulls":6},"Included on Brownfield Land Register.\nForecasts reviewed and unchanged. Not included in deliverable supply.",{"$nulls":3},0,{"$nulls":6},2,3,{"$nulls":5},5,5,{"$nulls":31},0]
["Y","Y",null,"WIW/0030","Winsford Wharton","Winsford TC","Winsford",null,"S Cooper and Sons Ltd, Warehouse One, Nat Lane, Winsford, CW7 3BS","Winsford NP site W4\nDemolition of all buildings except Wharton Park House and erection of up to 161 dwellings",null,null,"S Cooper and Sons-Richard Howarth richard@scooper.co.uk / Matt Johnson.Administration Manager","HOW Planning-Richard Barton richard.barton@howplanning.com / Amy James amy.james@howplanning.com","Brian Leonard","PDL","New build","C3","NO",null,null,"NO","No","NP allocation",4.9,32.857142857142854,null,"12/04804/OUT","Outline",null,null,"2012-10-25","2014-10-02","2021-10-02",161,0,161,{"$nulls":10},0,null,null,161,null,0,161,null,161,"7 year permission granted in 2014. Planning statement para 4.20-4.29 \"on granting permission, the site is suitable, available and achievable in respect of five year supply\"",null,null,"2017-2018: Outline permission. No site visit\n2019: Outline permission. No site visit","Not started","2018:No site visit","Neighbourhood Plan allocation.\nForecasts reviewed and unchanged. Not included in deliverable supply.","Winsford Neighbourhood Plan housing allocation.\nOutline planning application received 25 Oct 2012 and approved 2 Oct 2014\n7 year permission granted (expiry 2 Oct 2021)\nNO CHANGE TO FORECAST- No units forecast in years 1 to 5\nCurrent position:\nApplication for new workshop building on part of site received 1 Oct 2018 pending decision","=",null,0,{"$nulls":6},12,24,36,36,36,17,null,161,161,{"$nulls":31},0]
["Y","n/a",null,"WIW/0034","Winsford Wharton","Winsford TC","Winsford",null,"Reposessions UK Ltd, Wharton Road, Winsford, CW7 3BQ","Winsford NP site W3\nResidential development (up to 150 dwellings) with 12000sq.ft of B1 / B2 / B8 employment space. S106 signed October 2014",null,null,"Carlton Holdings-Mr John Schofield ","Richard Lee Project Planning-Mr Richard Lee rlpp@sky.com",null,"PDL","New build","C3","NO",null,null,"NO","No","NP allocation",4.7,31.914893617021274,"11/00558/OUT (24/10/2017)","17/04449/OUT","Renewal pending",null,null,"2017-10-16",null,null,150,0,150,{"$nulls":10},0,{"$nulls":4},0,0,150,150,"Planning Committee 19/07/2011 granted pp subject to S106. Legal agreement signed 24th October 2014",null,null,"2017-2018: Outline permission. No site visit\n2019: Permission expired. New application awaiting decision","Not started.\nPermission expired","2018:New application awaiting decision","Neighbourhood Plan allocations.\nPermission expired. Not included in deliverable supply.","Winsford Neighbourhood Plan housing allocation.\nOutline planning permission expires 24 Oct 2017.\nApplication for renewal of outline permission received 16 Oct 2017 pending decision\nNO CHANGE TO FORECAST- No units forecast in years 1 to 5","=","Not included in 2018 supply ",0,{"$nulls":7},24,24,24,36,42,null,150,150,{"$nulls":31},0]
["n/a","n/a",null,"WIW/0044","Winsford Wharton","Winsford TC","Winsford",null,"Land south-east of A54, Winsford by-pass, adjacent Winsford Railway Station, Winsford","Winsford NP site S 4",{"$nulls":5},"GF","New build","C3","NO",null,null,"NO",null,"Strategic site / NP allocation",{"$nulls":10},34,0,34,{"$nulls":10},0,{"$nulls":4},0,0,34,{"$f":"SUM(BC940+BB940)","v":34},{"$nulls":6},"Strategis site / Neighbourhood Plan allocation.\nForecasts reviewed and unchanged. Not included in deliverable supply.",{"$nulls":3},0,{"$nulls":7},12,22,{"$nulls":4},34,34,{"$nulls":31},0]
["n/a","n/a",null,"WIW/0045","Winsford Wharton","Winsford TC","Winsford",null,"South of Middlewich Road, adjacent Winsford Railway Station, Winsford","Winsford NP site S 5",{"$nulls":5},"GF","New build","C3","NO",null,null,"NO",null,"Strategic site / NP allocation",{"$nulls":10},27,0,27,{"$nulls":10},0,{"$nulls":4},0,0,27,27,{"$nulls":6},"Strategic site / Neighbourhood Plan allocation.\nForecasts reviewed and unchanged. Not included in deliverable supply.",{"$nulls":3},0,{"$nulls":8},3,12,12,null,null,27,27,{"$nulls":31},0]
["n/a","n/a",null,"WIW/0047","Winsford Wharton","Winsford TC","Winsford",null,"Winsford Station Quarter, land north and south of Rilshaw Lane, Winsford","Winsford NP site S 1A",{"$nulls":5},"GF","New build","C3","NO",null,null,"NO",null,"Strategic site / NP allocation",null,{"$f":"SUM(AI942/Y942)","v":{"$error":"#DIV/0!"}},{"$nulls":8},665,0,665,{"$nulls":10},0,{"$nulls":4},0,0,665,665,"See WIW/0047/S",{"$nulls":5},"Strategic site / Neighbourhood plan allocation.\nForecasts reviewed and unchanged. Not included in deliverable supply.",{"$nulls":3},0,{"$nulls":6},36,48,48,48,48,48,389,276,665,{"$nulls":31},0]
["n/a","Y",null,"WIW/0048(a)","Winsford Wharton","Winsford TC","Winsford",null,"Land at Wharton Green, Bostock Road, Winsford","Winsford NP site W 5\nHomes England ACGF site","Engie",{"$nulls":4},"PDL","New build","C3","NO",null,null,"NO","No","NP allocation",null,{"$f":"SUM(AI943/Y943)","v":{"$error":"#DIV/0!"}},{"$nulls":8},115,0,115,{"$nulls":10},0,{"$nulls":4},0,0,115,115,{"$nulls":6},"Neighbourhood Plan allocation.\nForecasts reviewed and updated based on planning status (informal pre-app, formal application being prepared), funding secured through Homes England ACGF, and developer identified.",null,"+","Delivery timescale <",82,{"$nulls":3},10,36,36,36,36,17,{"$nulls":4},171,171,{"$nulls":31},0]
["n/a","n/a",null,"WIW/0050(a)","Winsford Wharton","Winsford TC","Winsford",null,"Former coal yard site, Station Road, Winsford","BLR site",{"$nulls":5},"PDL","New build","C3","NO",null,null,"NO","No","BLR",0.23,{"$nulls":9},6,null,6,{"$nulls":10},0,{"$nulls":4},0,0,6,6,{"$nulls":6},"Included on Brownfield Land Register.\nForecasts reviewed and unchanged. Not included in deliverable supply.",{"$nulls":3},0,{"$nulls":7},2,2,2,{"$nulls":3},6,6,{"$nulls":31},0]
["n/a","n/a",null,"WIW/0052","Winsford Wharton","Winsford TC","Winsford",null,"Land to rear of Red Lion PH, High Street, Winsford",{"$nulls":6},"PDL",null,"C3",{"$nulls":5},"BLR",null,{"$f":"SUM(AI945/Y945)","v":{"$error":"#DIV/0!"}},{"$nulls":8},18,0,18,{"$nulls":10},0,{"$nulls":4},0,0,18,18,{"$nulls":6},"Included on Brownfield Land Register.\nForecasts reviewed and unchanged. Not included in deliverable supply.",{"$nulls":3},0,{"$nulls":7},6,6,6,{"$nulls":3},18,18,{"$nulls":31},0]
["n/a","n/a",null,"WIW/0059","Winsford Wharton","Winsford TC","Winsford",null,"Meadow Island, Bradford Road, Winsford","BLR site",{"$nulls":5},"PDL","New build","C3","NO",null,null,"No","No","BLR",2.44,{"$f":"SUM(AI946/Y946)","v":12.295081967213115},{"$nulls":8},30,0,30,{"$nulls":10},0,{"$nulls":4},0,0,30,30,{"$nulls":6},"Included on Brownfield Land Register.\nForecasts reviewed and unchanged. Not included in deliverable supply.",{"$nulls":3},0,{"$nulls":8},6,12,12,null,null,30,30,{"$nulls":31},0]
["Y","Y",null,"WIW/0061","Winsford Wharton","Winsford TC","Winsford",null,"Land north of Middlewich Road, Winsford","Outline planning application for the construction of up to 21 dwellings, provision of a vehicular access off Middlewich Road, car parking, ancillary green space, landscaping and other associated works. 19x3-bed and 2x4-bed houses",{"$nulls":3},"Paul Butler Associates-Mr Julian Austin julian@paulbutlerassociates.co.uk",null,"Mix","New build","C3","NO",null,null,"NO","No","HELAA",0.7,{"$f":"SUM(AI947/Y947)","v":30.000000000000004},null,"17/03135/OUT","Outline pending",null,null,"2017-07-18",null,null,21,0,21,{"$nulls":10},0,{"$nulls":4},0,0,21,21,{"$nulls":6},"Forecasts reviewed based on planning status and development progress. Completion of legal agreement anticipated within monitoring period. Not included in deliverable supply.","Winsford Neighbourhood Plan allocation\nOutline planning application received 18 July 2017 pending decision\nNO CHANGE TO FORECAST- No units forecast in years 1 to 5","+","Delivery timescale <",0,{"$nulls":7},10,11,{"$nulls":4},21,21,{"$nulls":31},0]
["n/a","n/a",null,"WIW/0063","Winsford Wharton","Winsford TC","Winsford",null,"Land west of Clive Lane, south of 'Lyndene', Winsford",{"$nulls":6},"GF",null,"C3",{"$nulls":5},"HELAA",null,{"$f":"SUM(AI948/Y948)","v":{"$error":"#DIV/0!"}},{"$nulls":8},19,0,19,{"$nulls":10},0,{"$nulls":4},0,0,19,19,{"$nulls":6},"Forecasts reviewed and unchanged. Not included in deliverable supply.",{"$nulls":3},0,{"$nulls":13},0,0,{"$nulls":31},0]
["n/a","n/a",null,"WIW/0071","Winsford Wharton","Winsford TC","Winsford",null,"Winsford Station Quarter urban extension, land north and south of Rilshaw Lane, Winsford","Winsford NP site S 3A",{"$nulls":5},"GF","New build","C3","NO",null,null,"NO",null,"Strategic site / NP allocation",null,{"$f":"SUM(AI949/Y949)","v":{"$error":"#DIV/0!"}},{"$nulls":8},101,0,101,{"$nulls":10},0,{"$nulls":4},0,0,101,101,{"$nulls":6},"Strategic site / Neighbourhood Plan allocation.\nForecasts reviewed and unchanged. Not included in deliverable supply.",{"$nulls":3},0,{"$nulls":7},24,24,24,29,null,null,101,101,{"$nulls":31},0]
["Y","Y",null,"WIW/0085","Winsford Wharton","Winsford TC","Winsford",null,"Land at 8 Dierden Street, Winsford","Erection of a pair of semi detached houses",{"$nulls":5},"GF","New build","C3","NO",null,null,"NO","No","Windfall",{"$nulls":3},"16/01857/FUL","Full",null,null,"2016-05-04","2016-10-27","2019-10-27",2,0,2,{"$nulls":10},0,null,null,2,null,0,2,null,2,{"$nulls":3},"2017-2018: Not started\n2019: Not started","Not started",null,"Permission expires in next monitoring period. Forecasts reviewed. Removed from deliverable supply.",null,"-","Permission expires 2019",0,{"$nulls":13},0,0,{"$nulls":31},0]
["Y","Y",null,"WIW/0086","Winsford Wharton","Northwich","Northwich",null,"Rear of 90-92 Middlewich Road, Northwich","2 semi-detached dwellings",{"$nulls":5},"GF","New build","C3","NO",null,null,"NO","No","Windfall",null,{"$f":"SUM(AI951/Y951)","v":{"$error":"#DIV/0!"}},null,"16/03952/FUL","Full",null,null,"2016-09-01","2016-11-14","2019-11-14",2,0,2,{"$nulls":10},0,null,null,2,null,0,2,null,2,null,"3.5-7. March 2017. 16/05352/DIS",null,"2017-2018: Not started\n2019: Not started","Not started",null,"Permission expires in next monitoring period. Forecasts reviewed. Removed from deliverable supply.",null,"-","Permission expires 2019",0,{"$nulls":13},0,0,{"$nulls":31},0]
["Y",null,null,"WIW/0093","Winsford Wharton","Winsford TC","Winsford",null,"Land at 7 Wellfield, off West Drive, Winsford","One detached dormer bungalow with off street parking",{"$nulls":5},"GF","New build","C3","YES",null,null,"NO","No","Garden land",{"$nulls":3},"18/00679/FUL","Full",null,null,"2018-02-20","2018-03-28","2021-03-28",1,0,1,{"$nulls":10},0,null,null,1,null,0,1,null,1,{"$nulls":3},"2018: Not started\n2019: Not started","Not started",null,"Forecasts reviewed and unchanged based on planning status.",null,"=",null,1,null,null,1,{"$nulls":10},1,1,{"$nulls":31},0]
["Y","n/a",null,"WIW/0095","Winsford Wharton","Winsford","Winsford",null,"Willow Court, Bradbury Road, Winsford","Conversion of former manager's flat into two flats with small extension",{"$nulls":4},"Ed Shepherd","PDL","Conversion","C3","NO",null,null,"NO","No","Windfall",{"$nulls":3},"18/00964/FUL","Full",null,null,"2018-03-12","2018-04-20","2021-04-20",2,1,1,{"$nulls":10},1,2,null,null,1,1,0,null,0,{"$nulls":3},"2019: Complete","Complete",null,"Site complete. New permission.",null,"New",null,0,{"$nulls":13},0,0,{"$nulls":10},2,{"$nulls":20},2]
["Y","Y",null,"WOV/0014","Winsford Over and Verdin","Winsford TC","Winsford",null,"Land at 16 Siddorn Street, Winsford","1 single storey dwelling"," ",null,"Mr D Lowe","Platt White Partnership (David Lamb)",null,"PDL","New build","C3","NO",null,null,"NO","No","Windfall",null,{"$f":"SUM(AI954/Y954)","v":{"$error":"#DIV/0!"}},"09/00722/OUT (24/07/2012)","16/00522/FUL","Full",null,null,"2016-02-05","2016-05-10","2019-05-10",1,0,1,{"$nulls":10},0,null,null,1,null,0,1,null,1,{"$nulls":3},"2016: Outline permission.No site visit\n2017-2018: Not started\n2019: Not started","Not started",null,"Permission expires in next monitoring period. Forecasts reviewed. Removed from deliverable supply.",null,"-","Permission expires 2019",0,{"$nulls":13},0,0,{"$nulls":31},0]
["Y","Y",null,"WOV/0016","Winsford Over and Verdin","Winsford TC","Winsford",null,"Littler Lane, Chester Road, Winsford","Winsford NP site O1\nOutline application:295 homes with access, open space and associated infrastructure (Scheme A and Scheme B submitted simultaneously)\nREM: 280 homes persuant to outline","Taylor Wimpey",null,"Hallam Land Management Ltd","Sigma Planning Services",null,"GF","New build","C3","NO",null,null,"NO","No","NP allocation",null,{"$error":"#DIV/0!"},"12/01756/OUT","16/05419/REM","Full",null,null,"2016-12-06","2017-06-23","2020-06-23",280,0,280,null,84,{"$nulls":8},0,null,4,276,null,0,280,null,280,"REM is for 283 dwellings\nPlanning Committee 25/10/2012. Decision notice issued December 2013. Paragraph 24 of Decision Notice \"The affordable housing shall be 30% 0f the total number of dwellings\"\nREM for this phase within 3 years, rest of the scheme within 5 years.\n12/01756/OUT withdrawn November 2014\nReserved matters anticipated to be granted by the summer (Case Officer: Ben Kettle)",null,null,"2017: Outline permission.No site visit\n2018: Not started\n2019: Under construction (Phase one)","Under construction","2019: Phase one (36 units) under construction. Ca 3 to 4 year build out (site visit information). \n3 year build programme and increased delivery rate (Forecasting intelligence received)","Neighbourhood Plan allocation.\nForecasts reviewed and updated based on planning status, development progress/delivery rates, and forecasting information.",null,"=",null,153,null,27,48,48,30,null,36,43,48,{"$nulls":4},280,280,{"$nulls":31},0]
["n/a","n/a",null,"WOV/0029","Winsford Over and Verdin","Winsford TC","Winsford",null,"Land at 5 Grange Lane, Winsford, CW7 2BP","Change of use from office block to residential - Two (2) flats",{"$nulls":5},"PDL","Change of use","C3","NO",null,null,"NO",null,"BLR",null,{"$error":"#DIV/0!"},"13/02405/COU expired",{"$nulls":7},5,0,5,{"$nulls":10},0,{"$nulls":4},0,0,5,5,{"$nulls":6},"Included on Brownfield Land Register.\nForecasts reviewed and unchanged. Not included in deliverable supply.",null,"=",null,0,{"$nulls":8},1,2,2,null,null,5,5,{"$nulls":31},0]
["Y",null,null,"WOV/0037","Winsford Over and Verdin","Winsford TC","Winsford",null,"Covert Farm, Foxwist Green, Whitegate, Winsford, CW8 2BJ","Conversion of three agricultural buildings to three (3) dwellings",{"$nulls":5},"GF","Change of use","C3","NO",null,null,"YES","No","Windfall",null,{"$error":"#DIV/0!"},"14/02636/PMB","14/00452/FUL","PMB",null,null,"2014-06-18","2014-09-08","2017-09-08",3,0,3,{"$nulls":10},0,null,3,null,null,0,3,null,3,"15/00420/BN - building work started\n15/03875/OUT - refused Nov 15",null,null,"2016: Not started\n2017: Development commenced\n2018: Under construction\n2019: Under construction","Under construction",null,"Site under construction. Forecasts reviewed and updated based development progress.",null,"-","Delivery timescale >",3,null,null,3,{"$nulls":10},3,3,{"$nulls":31},0]
["n/a","Y",null,"WOV/0045","Winsford Over and Verdin","Winsford TC","Winsford",null,"Former Handley Hill School, Beeston Drive, Winsford","Winsford NP site O4\nHomes England ACGF site (capacity: 82)\nBLR site\nPromoted by Local Authority for residential redeveopment. \nDemolition application approved 23 Feb 2017. 17/00025/DEM","Galliford Try",{"$nulls":4},"PDL","New build","C3","NO",null,null,"NO","No","NP allocation",1.09,65.13761467889908,{"$nulls":8},71,0,71,{"$nulls":10},0,{"$nulls":4},0,0,71,71,"Winsford NDP site allocation.\n2017: Pre-application discussions taking place in respect of residential redevlopment of site (ca 90 units)",{"$nulls":5},"Neighbourhood Plan allocations.\nForecasts reviewed and updated based on planning status (informal pre-app, formal application being prepared), funding secured through Homes England ACGF, and developer identified.",null,"+","Delivery timescale >",71,{"$nulls":3},10,24,37,{"$nulls":7},71,71,{"$nulls":31},0]
["Y","Y",null,"WOV/0056","Winsford Over and Verdin","Winsford TC","Winsford",null,"Land at Oakmere Road / Chester Road, opposite Marton View Farm, Winsford","Winsford NP site O1\nDevelopment of up to 24 dwellings (18 market units, 5 social rented units and 3 intermediate units)","Archway Homes",null,"Archway Homes - Miss Melanie Horbury melanie.horbury@archwayhomes.co.uk",null,"Mike Allard","GF","New build","C3","NO",null,null,"NO","No","NP allocation",0.69,26.086956521739133,null,"15/04777/OUT","Outline",null,null,"2015-11-24","2017-08-30","2020-08-30",18,0,18,{"$nulls":10},0,null,null,18,null,0,18,null,18,"SHLAA and NP site. Application pending decision",null,null,"2018: Outline permission. No site visit\n2019: Outline permission. No site visit. House builder identified","Not started","2018:No site visit","Neighbourhood Plan allocation.\nForecasts reviewed and updated based on planning status, development progress, and forecasting information. ","Winsford Neighbourhood Plan housing allocation\nOutline planning application received 24 Nov 2015 and approved 30 Aug 2017\nDeveloper/house builder: Redrow Homes NW\nForecast delivery of units from year 4\nNO CHANGE TO FORECAST-units are deliverable within years 1 to 5","=","Delivery timescale >\nDelivery rate >",18,{"$nulls":3},6,12,{"$nulls":8},18,18,{"$nulls":31},0]
["Y","Y",null,"WOV/0064","Winsford Over and Verdin","Winsford TC","Winsford",null,"WOODFORD GRANGE - Land at Woodford Lodge, Woodford Lane West, Winsford","Winsford NP site O3\nProposed development of 401 dwellings including 22 apartments with associated garages, parking and boundaries with landscaping\n17/02645/FUL replan for 39 dwellings","Keepmoat Homes","Cheshire West / Simple Life","Keepmoat: Mr Adrian Evans","Queensberry Design Ltd: Mr Lewis Ray",null,"Mix","New build","C3","NO",null,null,"NO","No","NP allocation","11.8ha (gross)",{"$error":"#VALUE!"},"16/03081/NMA\n17/01526/NMA\n17/02645/FUL\n18/03546/NMA","15/05139/FUL","Full",null,null,"2015-12-21","2016-05-04","2019-05-04",406,0,406,null,185,{"$nulls":6},13,95,219,111,22,165,null,111,187,null,187,"HRA LA New Build programme: 120 AHUs to be delivered no later than March 2018 (circa 380 market units also enabled on the site through the delivery of the AHUs). Stage 1 procurement completed, now in stage 2 negotiations with 2 bidders. Anticipate appointment of preferred bidder May 2015.\n16/03081/NMA - amendments to rood and balconies\n17/01526/NMA - car park and layout for plots 13,14 and 15\n18/03546/NMA - plans (plots 48-54)","4-6.8-10.17.18.26 October 2016 16/03168/DIS\n12.14-16.22 January 2018 16/04285/DIS\n7.8.9. January 2018. 17/04746/DIS",null,"2016: Outline permission.No site visit\n2017: Under construction\n2018: Under construction\n2019: Under construction","Under construction","Contractual clauses require delivery of market dwellings within specified timescale. Simultaneous delivery of market and affordable housing expected.","Neighbourhood Plan allocation.\nSite under construction. Forecasts exceeded - reviewed and updated based on planning status, development progress, and past delivery rates.",null,"+","Delivery rate >\nDelivery timescale <",187,null,55,60,72,{"$nulls":9},187,187,null,6,39,4,null,null,4,{"$nulls":7},28,27,3,{"$nulls":14},111]
["n/a","n/a",null,"WOV/0066","Winsford Over and Verdin","Winsford Tc","Winsford",null,"Land at Sadler Road, Winsford","Winsford NP site TC 6\nBLR site",{"$nulls":5},"PDL","New build","C3","NO",null,null,"NO","No","NP allocation",0.57,{"$nulls":9},26,0,26,{"$nulls":10},0,{"$nulls":4},0,0,26,26,{"$nulls":6},"Neighbourhood Plan allocation.\nForecasts reviewed and unchanged. Not included in deliverable supply.",{"$nulls":3},0,{"$nulls":10},12,14,null,26,26,{"$nulls":31},0]
["n/a","n/a",null,"WOV/0067","Winsford Over and Verdin","Winsford Tc","Winsford",null,"North of Winsford Police Station, Sadler Close, Winsford","Winsford NP site NTC 4\nBLR site",{"$nulls":5},"PDL","New build","C3","NO",null,null,"NO","No","NP allocation",0.41,{"$nulls":9},14,0,{"$f":"AI962-AJ962","v":14},{"$nulls":10},0,{"$nulls":4},0,{"$f":"SUM(AX962+AY962)","v":0},14,14,{"$nulls":6},"Neighbourhood Plan allocation.\nForecasts reviewed and updated. Not included in deliverable supply.",{"$nulls":3},{"$f":"SUM(BQ962:BU962)","v":0},{"$nulls":10},6,8,null,{"$f":"SUM(BQ962:CA962)","v":14},{"$f":"SUM(BQ962:CB962)","v":14},{"$nulls":31},0]
["n/a","n/a",null,"WOV/0068","Winsford Over and Verdin","Winsford TC","Winsford",null,"Winsford Gateway, Roehurst Lane / Hawkshead Way, Winsford","Winsford NP site NTC 1",{"$nulls":5},"GF","New build","C3","NO",null,null,"NO",null,"NP allocation",null,{"$f":"SUM(AI963/Y963)","v":{"$error":"#DIV/0!"}},{"$nulls":8},94,0,94,{"$nulls":10},0,{"$nulls":4},0,0,94,94,{"$nulls":6},"Neighbourhood Plan allocation.\nForecasts reviewed and unchanged. Not included in deliverable supply.",{"$nulls":3},0,{"$nulls":6},22,24,24,24,{"$nulls":3},94,94,{"$nulls":31},{"$f":"SUM(CE963:DD963)","v":0}]
["n/a","Y",null,"WOV/0069","Winsford Over and Verdin","Winsford TC","Winsford",null,"Winsford Gateway off Roehurst Lane, Winsford","Winsford NP site NTC 2\nHomes England ACGF site","Engie",{"$nulls":4},"GF","New build","C3","NO",null,null,"NO",null,"NP allocation",null,{"$error":"#DIV/0!"},{"$nulls":8},174,0,174,{"$nulls":10},0,{"$nulls":4},0,0,174,174,{"$nulls":6},"Neighbourhood Plan allocation.\nForecasts reviewed and updated based on planning status (informal pre-app, formal application being prepared), funding secured through Homes England ACGF, and developer identified.",null,"+","Delivery timescale <",72,{"$nulls":4},24,48,48,54,{"$nulls":5},174,174,{"$nulls":31},0]
["n/a","n/a",null,"WOV/0070","Winsford Over and Verdin","Winsford TC","Winsford",null,"Land north of former Richmond Packaging, New Road, Winsford","Winsford NP site NTC 5\nBLR site",{"$nulls":5},"PDL","New build","C3","NO",null,null,"NO","No","NP allocation",0.81,32.098765432098766,{"$nulls":8},26,0,26,{"$nulls":10},0,{"$nulls":4},0,0,26,26,{"$nulls":6},"Neighbourhood Plan allocation.\nForecasts reviewed and unchanged. Not included in deliverable supply.",{"$nulls":3},0,{"$nulls":7},12,14,{"$nulls":4},26,26,{"$nulls":31},0]
["n/a","n/a",null,"WOV/0071","Winsford Over and Verdin","Winsford TC","Winsford",null,"Church Street car park, Winsford","Winsford NP site TC 9\nBLR site",{"$nulls":5},"PDL","New build","C3","NO",null,null,"NO","No","NP allocation",0.42,61.904761904761905,{"$nulls":8},26,0,26,{"$nulls":10},0,{"$nulls":4},0,0,26,26,"Car park on short lease. Intention to redevelop",{"$nulls":5},"Neighbourhood Plan allocation.\nForecasts reviewed and unchanged. Not included in deliverable supply.",{"$nulls":3},0,{"$nulls":7},12,14,{"$nulls":4},26,26,{"$nulls":31},0]
["n/a","n/a",null,"WOV/0072","Winsford Over and Verdin","Winsford TC","Winsford",null,"Land at Manchester House Carpets, 56 High Street, Winsford","Winsford NP site TC 7\nBLR site",{"$nulls":5},"PDL","New build","C3","NO",null,null,"NO","No","NP allocation",0.13,38.46153846153846,{"$nulls":8},5,0,5,{"$nulls":10},0,{"$nulls":4},0,0,5,5,{"$nulls":6},"Neighbourhood Plan allocation.\nForecasts reviewed and unchanged. Not included in deliverable supply.",{"$nulls":3},0,{"$nulls":6},5,{"$nulls":6},5,5,{"$nulls":31},0]
["n/a","n/a",null,"WOV/0074","Winsford Over and Verdin","Winsford TC","Winsford",null,"Greedy Pig site, New Road, Winsford","Winsford NP site TC 10",{"$nulls":5},"PDL","New build","C3","NO",null,null,"NO",null,"NP allocation",null,{"$error":"#DIV/0!"},{"$nulls":8},0,0,0,{"$nulls":10},0,{"$nulls":4},0,0,null,0,{"$nulls":10},0,{"$nulls":13},0,0,{"$nulls":31},0]
["n/a","n/a",null,"WOV/0078","Winsford Over and Verdin","Winsford TC","Winsford",null,"Pimletts and adjacent car park, Church Street / High Street, Winsford","Winsford NP site TC 8\nBLR site",{"$nulls":5},"PDL","New build","C3","NO",null,null,"NO","No","NP allocation",0.18,33.333333333333336,{"$nulls":8},6,0,6,{"$nulls":10},0,{"$nulls":4},0,0,6,6,{"$nulls":6},"Neighbourhood Plan allocation.\nForecasts reviewed and unchanged. Not included in deliverable supply.",{"$nulls":3},0,{"$nulls":6},2,2,2,{"$nulls":4},6,6,{"$nulls":31},0]
["Y","Y",null,"WOV/0084","Winsford Over and Verdin","Winsford TC","Winsford",null,"Land at Sadler Road (former Winsford Clio Centre), Winsford","Winsford NP site NTC 3\nBLR site\nDemolition of former garage and erection of 2 three-storey apartment blocks consisting of a total of 12x 1-bed apartments (social rented)",null,null,"Ainsworth Projects Ltd-Mr Aisnworth","Jonathon Pritchard jp@lagp.co.uk","Liza Woodray","PDL","New build","C3","NO",null,null,"NO","No","NP allocation",0.12,100,"09/00635/OUM  \n12/03149/EXT","17/04875/FUL","Full",null,null,"2017-11-14","2018-10-26","2021-10-26",12,0,12,null,12,{"$nulls":8},0,null,null,12,null,0,12,null,12,null,"6.7.10.11. 18/04699/DIS pending",null,"2019: Development commenced","Development commenced","2019: Site clearance in progress","Neighbourhood Plan allocation.\nForecasts reviewed and updated based on planning status and development progress.","Winsford Neighbourhood Plan housing allocation.\nFull planning application received 14 Nov 2017 pending decision\nPrevious permission unimplemented\nSocial housing scheme proposed and Registered Provider identified (Nov 2017)\nVacant/derelict building\nDeveloper/house builder: Ainsworth Projects\nNO CHANGE TO FORECAST- No units forecast in years 1 to 5\nCurrent position:\nPlanning application granted permission 26 Oct 2018","+","Delivery timescale <",12,null,null,12,{"$nulls":10},12,12,{"$nulls":31},0]
["Y","Y",null,"WOV/0086","Winsford Over and Verdin","Winsford TC","Winsford",null,"SPRING CROFT - Rear of 51 - 103 Chester Road, Winsford","Winsford NP site O1\nPhase A - Residential development up to  180 dwellings with ancilliary works including new vehicular access on to A54 (Oakmere Road) and a new pedestrian and bus/emergency vehicle access to Chester Road involving demolition of no 51 Chester Road. Also see adjacent approval ref 12/01756/OUT","Taylor Wimpey","One Vision",null,"Jon Suckley HOW Planning",null,"GF","New build","C3","NO",null,null,"NO","No","NP allocation",null,{"$error":"#DIV/0!"},"12/00800/OUT (28/01/2014)\n15/03504/NMA 17/03869/FUL","14/03269/REM","Full",null,null,"2014-07-30","2014-10-20"," 20/10/2017",181,1,180,null,54,{"$nulls":5},19,72,37,168,40,6,7,null,40,13,null,13,"55 units complete 2017 (BC records - 16/00706/AI) \nPlanning Committee 25/10/2012. Email correspondence from Jon Suckley (HOW) stating the development will not be phased. Infrastructure and site access (roundabout off Chester Rd) under construction April 2015\n17/03869/FUL - replan, with one additional dwelling ",null,null,"2016-2018: Under construction\n2019: Under construction","Under construction","2019: Expected to complete site within next 12 months","Neighbourhood Plam allocation.\nSite under construction. Forecasts exceeded - reviewed and updated based on planning status, development progress and forecasting information.",null,"+","Delivery rate >\nDelivery timescale <",13,null,13,{"$nulls":11},13,13,null,null,14,8,{"$nulls":11},18,{"$nulls":15},40]
["n/a","n/a",null,"WOV/0092","Winsford Over and Verdin","Winsford TC","Winsford",null,"Land at St John's Drive, Winsford",{"$nulls":6},"GF",null,"C3",{"$nulls":5},"HELAA",null,{"$error":"#DIV/0!"},{"$nulls":8},37,0,37,{"$nulls":10},0,{"$nulls":4},0,0,37,37,{"$nulls":6},"Frecasts reviewed and unchanged. Not included in deliverable supply.",{"$nulls":3},0,{"$nulls":13},0,0,{"$nulls":31},0]
["Y","n/a","BLPU - IU","WOV/0093","Winsford Over and Verdin","Winsford TC","Winsford",null,"148 Chester Road, Winsford, CW7 2NQ","Conversion of existing bungalow into two (2) dwellings / Demolition of existing incomplete dwelling and construction of two (2) detached dwellings",{"$nulls":5},"PDL","New build","C3","NO",null,null,"NO","No","Windfall",null,{"$error":"#DIV/0!"},"06-2351-COU\n18/03343/S73 (Oct 2018)","18/00122/FUL","Full",null,null,"2018-01-12","2018-02-28","2021-02-28",2,1,1,{"$nulls":6},-1,{"$nulls":3},1,2,{"$nulls":3},2,0,null,0,"Current complaint due to state of site - 16/00698/EULAND\nStalled\n18/03343/S73 - plans\nCouncil Tax confirm date effective 17/12/2018.","3.6. 18/01295/DIS April 2018",null,"2015-2017: Stalled\n2018: Under construction\n2019: Complete","Complete",null,"Site complete. Forecasts exceeded.",null,"+","Delivery timescale <",0,{"$nulls":13},0,0,null,null,2,{"$nulls":28},2]
["Y",null,null,"WOV/0097","Winsford Over and Verdin","Winsford TC","Winsford",null,"Birtwistle Buildings, Over Square, Winsford, CW7 2JP ","Two storey side extension and change of use of first floor from retail to residential ",{"$nulls":5},"PDL","Change of use","C3","NO",null,null,"NO","No","Windfall",null,{"$error":"#DIV/0!"},null,"15/04627/FUL","Full",null,null,"2015-11-13","2016-02-11","2019-02-11",1,0,1,{"$nulls":10},0,null,1,null,null,0,1,null,1,"15/02631/PAP - building work started",null,null,"2016: Not started\n2017-2018: Under construction\n2019: Under construction","Under construction",null,"Site under construction. Forecasts reviewed and updated based on development progress.",null,"-","Delivery timescale >",1,null,1,{"$nulls":11},1,1,{"$nulls":31},0]
["Y","n/a",null,"WOV/0098","Winsford Over and Verdin","Whitegate and Marton","Rural",null,"Whitegate Methodist Church, Beauty Bank, Whitegate, Winsford, CW8 2BP  ","Conversion of Whitegate Chapel to detached dwelling, demolition of side lean to, construction of three pitch roof dormers to rear and erection of car port to side ",{"$nulls":5},"PDL","Change of use","C3","NO",null,null,"NO","No","Windfall",{"$nulls":3},"15/00791/FUL","Full",null,null,"2015-02-24","2016-03-24","2019-03-24",1,0,1,{"$nulls":10},1,1,{"$nulls":3},1,0,null,0,"16/02840/AI - initial notice accepted",null,null,"2017: Not started\n2018: Under construction\n2019: Complete","Complete",null,"Site complete. Forecasts achieved.",null,"=",null,0,{"$nulls":13},0,0,null,null,1,{"$nulls":28},1]
["Y",null,null,"WOV/0099","Winsford Over and Verdin","Whitegate and Marton","Rural",null,"The Old Stables, Foxwist Green, Winsford, CW8 2BJ ","Change of use to 2 dwellings  ",{"$nulls":5},"PDL","Change of use","C3","NO",null,null,"NO","No","Windfall",{"$nulls":3},"16/00137/PDQ","PDQ",null,null,"2016-01-11","2016-03-11","2019-03-11",2,0,2,{"$nulls":10},0,null,2,null,null,0,2,null,2,{"$nulls":3},"2016-2017: Not started\n2018: Development commenced\n2019: Under construction","Under construction","2018:Groundworks started","Site under construction. Forecasts reviewed and unchanged based on development progress.",null,"=",null,2,null,2,{"$nulls":11},2,2,{"$nulls":31},0]
["Y",null,"BLPU - IU","WOV/0100","Winsford Over and Verdin","Whitegate and Marton","Rural",null,"Meadow Home Park, Mill Lane, Whitegate, Winsford","7 park homes and associated works ",null,null,"Meadow Home Park Ltd",null,null,"Mix","New build","C3 park home","NO",null,null,"NO","No","Windfall",null,null,"17/00705/FUL (28/02/2018)","15/04548/FUL","Full",{"$nulls":3},"2016-03-16","2019-03-16",8,0,8,{"$nulls":10},7,7,null,1,null,7,1,null,1,"17/00705/FUL allowed on appeal for additional park home (total=8)","3.4. May 2017. 17/00703/DIS\n5. May 2018. 18/00921/DIS\n",null,"2017-2018: Not started\n2019: Under construction","Under construction",null,"Site under construction. Forecasts exceeded - reviewed and updated based on development progress.",null,"+","Delivery rate >\nDelivery timescale <",1,null,null,1,{"$nulls":10},1,1,{"$nulls":6},7,{"$nulls":24},7]
["Y","n/a",null,"WOV/0102","Winsford Over and Verdin","Winsford TC","Winsford",null,"19 Kingsley Walk, Winsford, CW7 2HE","Erection of 1 new dwelling",null,null,"Mr I Nehaber","Mimar Design Architects - Mr Mohammed Afaq Afaq",null,"PDL","New build","C3","YES",null,null,"NO","No","Windfall",null,{"$f":"SUM(AI978/Y978)","v":{"$error":"#DIV/0!"}},null,"15/05140/FUL","Full",null,null,"2015-12-21","2016-04-25","2019-04-25",1,0,1,{"$nulls":10},1,1,{"$nulls":3},1,0,null,0,null,"3.4. Sept 2016. 16/03885/DIS",null,"2017: Not started\n2018: Under construction\n2019: Complete","Complete",null,"Site complete. Forecasts achieved.",null,"=",null,0,{"$nulls":13},0,0,null,null,1,{"$nulls":28},1]
["Y","Y",null,"WOV/0104A","Winsford Over and Verdin","Winsford TC","Winsford",null,"390 High Street (ground floor), Winsford, CW7 2DP","Conversion of ground floor beauty salon to 1x1bedroom self-contained flat",{"$nulls":3},"C and C Design Associates - Mr Richard Cropley",null,"PDL","Change of use","C3","NO",null,null,"NO","No","Windfall",null,{"$f":"SUM(AI979/Y979)","v":{"$error":"#DIV/0!"}},null,"16/00196/PDM","PDM",null,null,"2016-01-15","2016-05-19","2019-05-19",1,0,1,{"$nulls":10},0,null,null,1,null,0,1,null,1,"Prior approval not required",null,null,"2017-2018: Not started\n2019: Not started","Not started",null,"Permission expires in next monitoring period. Forecasts reviewed. Removed from deliverable supply.",null,"-","Permission expires 2019",0,{"$nulls":13},0,0,{"$nulls":31},0]
["Y","Y",null,"WOV/0104B","Winsford Over and Verdin","Winsford TC","Winsford",null,"390 High Street (first floor), Winsford, CW7 2DP","Conversion of first floor office accommodation to self-contained flat",{"$nulls":3},"C and C Design Associates - Mr Richard Cropley",null,"PDL","Change of use","C3","NO",null,null,"NO","Yes","Windfall",null,{"$f":"SUM(AI980/Y980)","v":{"$error":"#DIV/0!"}},null,"16/00195/PDO","PDO",null,null,"2016-01-14","2016-05-19","2019-05-19",1,0,1,{"$nulls":10},0,null,null,1,null,0,1,null,1,"Prior approval not required",null,null,"2017-2018: Not started\n2019: Not started","Not started","Not started","Permission expires in next monitoring period. Forecasts reviewed. Removed from deliverable supply.",null,"-","Permission expires 2019",0,{"$nulls":13},0,0,{"$nulls":31},0]
["Y",null,null,"WOV/0109","Winsford Over and Verdin","Whitegate and Marton","Rural",null,"Totties Hall Farm, Clay Lane, Marton, Winsford, CW7 2QQ","Conversion of redundant agricultural barns into two dwellings",{"$nulls":5},"GF","Change of use","C3","NO",null,null,"YES","No","Windfall",null,{"$f":"SUM(AI981/Y981)","v":{"$error":"#DIV/0!"}},null,"17/00156/FUL","Full",null,null,"2017-02-14","2017-08-29","2020-08-29",2,0,2,{"$nulls":10},0,null,null,2,null,0,2,null,2,{"$nulls":3},"2018: Not started\n2019: Not started","Not started",null,"Forecasts reviewed and updated based on planning status.",null,"-","Delivery timescale >",2,null,null,2,{"$nulls":10},2,2,{"$nulls":31},0]
["Y","Y",null,"WOV/0112","Winsford Over and Verdin","Winsford TC","Winsford",null,"Land at Grange Yard, Grange Lane, Winsford, CW7 2BP","Erection of up to 40 dwellings",null,null,"Oak Estates Ltd-Mr Roland Finney",null,"Jill Stephens","PDL","New build","C3","NO",null,null,"NO","No","Windfall",1.21,null,null,"17/00619/OUT","Outline",null,null,"2017-02-14","2019-02-21","2022-02-21",40,0,40,{"$nulls":10},0,null,null,40,null,0,40,null,40,{"$nulls":3},"2018: Recommendation for approval.Committee May 2018\n2019: Outline permission. No site visit","Not started",null,"New site. Not included in deliverable supply.","Outline planning application received 14 Feb 2017\nOfficer recommendation for approval – to be presented to Planning committee on 8 May 2018\nDeveloper/house builder: Over Estates (Winsford)\nFORECAST REVISED- units removed from five year supply\nCurrent position:\nResolution to grant planning permission subject to legal\nagreement approved at Planning Committee 8 May 2018","New",null,0,{"$nulls":6},10,15,15,{"$nulls":4},40,40,{"$nulls":31},0]
["Y",null,null,"WOV/0114","Winsford Over and Verdin","Whitegate and Marton","Rural",null,"Land at Vale Royal Drive, Whitegate, Winsford  ","Change of use of barn to dwelling ",{"$nulls":4},"Cathy Reay","GF","Conversion","C3","NO",null,null,"YES","No","Windfall",{"$nulls":3},"17/02684/FUL","Full",null,null,"2018-06-20","2018-03-13","2021-03-13",1,0,1,{"$nulls":10},0,null,null,1,null,0,1,null,1,{"$nulls":3},"2019: Not started","Not started",null,"New permission. Forecasting assumptions applied.",null,"New",null,1,null,null,1,{"$nulls":10},1,1]
["Y",null,null,"WOV/0115","Winsford Over and Verdin","Winsford TC","Rural",null,"Marton Bank Farm, Whitegate Road, Winsford, CW7 2PU","Conversion of barns into 2 dwellings with garage block and modification to access",null,null,"Mr and Mrs Pegler","David Watkin\ndavidwatkin47:gmail.com",null,"GF","Change of use","C3","NO",null,null,"YES","No","Windfall",{"$nulls":3},"17/03249/FUL","Full",null,null,"2017-07-24","2018-05-30","2021-05-30",2,0,2,{"$nulls":10},0,null,null,2,null,0,2,null,2,{"$nulls":3},"2019: Not started","Not started",null,"New permission. Forecasting assumptions applied.",null,"New",null,2,null,null,2,{"$nulls":10},2,2]
["Y",null,null,"WOV/0116","Winsford Over and Verdin","Winsford","Winsford",null,"Marshall Memorial Hall, Woodford Lane, Winsford, CW7 2JS ","Conversion of offices to 7 flats",{"$nulls":5},"PDL","Change of use","C3","NO",null,null,"NO","Yes","Windfall",{"$nulls":3},"18/00685/FUL","Full",null,null,"2018-02-20","2018-07-11","2021-11-20",7,0,7,{"$nulls":10},0,null,null,7,null,0,7,null,7,{"$nulls":3},"2019: Development commenced","Development commenced",null,"New permission. Forecasting based on planning status and development progress.",null,"New",null,7,null,null,7,{"$nulls":10},7,7]
["Y",null,null,"WOV/0117 A","Winsford Over and Verdin","Whitegate and Marton","Rural",null,"Marton Hall Farm , Dalefords Lane, Whitegate, Northwich, CW7 2PX ","Farmhouse to be split into two dwellings, conversion of barn into four dwellings and erection of detached garage building",null,null,"CWaC","Strutt and Parker - Aaron Marrs aaron.marrs@struttandparker.com","Katie Richardson","PDL","Conversion","C3","NO",null,null,"NO","No","Windfall",{"$nulls":3},"18/01894/FUL","Full",null,null,"2018-05-17","2018-10-04","2021-10-04",2,1,1,{"$nulls":10},{"$f":"SUM(AN986:AU986)+BA986","v":0},null,null,1,null,{"$f":"SUM(AW986-AZ986)","v":0},1,null,1,{"$nulls":3},"2019: Not started","Not started",null,"New permission. Forecasting assumptions applied.",null,"New",null,1,null,-1,2,{"$nulls":10},1,1]
["Y",null,null,"WOV/0117B","Winsford Over and Verdin","Whitegate and Marton","Rural",null,"Marton Hall Farm , Dalefords Lane, Whitegate, Northwich, CW7 2PX ","Farmhouse to be split into two dwellings, conversion of barn into four dwellings and erection of detached garage building",null,null,"CWaC","Strutt and Parker - Aaron Marrs aaron.marrs@struttandparker.com","Katie Richardson","GF","Change of use","C3","NO",null,null,"YES","No","Windfall",{"$nulls":3},"18/01894/FUL","Full",null,null,"2018-05-17","2018-10-04","2021-10-04",4,0,4,{"$nulls":10},0,null,null,4,null,0,4,null,4,{"$nulls":3},"2019: Not started","Not started",null,"New permission. Forecasting assumptions applied.",null,"New",null,4,null,null,2,2,{"$nulls":9},4,4]
["Y","Y",null,"WOV/0118","Winsford Over and Verdin","Winsford TC","Winsford",null,"Winsford Liberal Club, Siddorn Street, Winsford, CW7 2BA ","Demolition of the existing building and erection of 16 apartments and associated infrastructure works\n18/04412/S73 approval to reduce number of units to 12",{"$nulls":3},"Urban Roots Planning - Murray Graham murray@urbanrootsplanning.co.uk","Steve Holmes","PDL","New build","C3","NO",null,null,"NO","No","Windfall",{"$nulls":3},"18/00979/FUL","Full",null,null,"2018-03-12","2018-07-26","2021-07-26",12,0,12,{"$nulls":10},0,null,12,null,null,0,12,null,12,{"$nulls":3},"2019: Under construction","Under construction",null,"New site under construction. Forecasts based on planning status and development progress.",null,"New",null,12,null,null,12,{"$nulls":10},12,12]
["Y",null,null,"WOV/0119","Winsford Over and Verdin","Winsford TC","Winsford",null,"148 High Street, Winsford, CW7 2AY","Conversion and extension of former workshop to four dwellings and two semi-detached dwellings",{"$nulls":4},"Karl Spilsbury","PDL","Change of use","C3","NO",null,null,"NO","No","Windfall",{"$nulls":3},"18/01601/FUL","Full",null,null,"2018-04-25","2018-10-08","2021-10-08",6,0,6,{"$nulls":10},0,null,null,6,null,0,6,null,6,{"$nulls":3},"2019: Not started","Not started",null,"New permission. Forecasting assumptions applied.",null,"New",null,6,null,null,2,4,{"$nulls":9},6,6]
["Y","Y",null,"WOV/0120","Winsford Over and Verdin","Winsford TC","Winsford",null,"81-85 Delamere Street, Winsford, CW7 2LX","Change of use of ground floor retail shops to pre-school nursery. Conversion of first/second floor dwelling to three self contained 1 bed flats",{"$nulls":3},"Simon Hairsnape simon@sociobsc.co.uk","Liza Woodray","PDL","Change of use","C3","NO",null,null,"NO","No","Windfall",null,{"$f":"SUM(AI990/Y990)","v":{"$error":"#DIV/0!"}},null,"18/02317/FUL","Full",null,null,"2018-06-14","2018-08-14","2021-08-14",3,1,2,{"$nulls":10},-1,null,3,null,1,-1,3,null,3,{"$nulls":3},"2019: Under construction","Under construction",null,"New site under construction. Forecasts based on planning status and development progress.",null,"New",null,3,null,3,{"$nulls":11},3,3]
["Y",null,null,"WOV/0121","Winsford Over and Verdin","Whitegate and Marton","Rural",null,"Hilbre, Dalefords Lane, Whitegate, Northwich, CW8 2BW ","Single storey extensions and conversion of existing workshop to create one dwelling ",{"$nulls":4},"Lynsey Logue","PDL","Change of use","C3","NO",null,null,"NO","No","Windfall",{"$nulls":3},"18/03321/FUL","Full",null,null,"2018-08-21","2018-10-16","2021-10-16",1,0,1,{"$nulls":10},0,null,null,1,null,0,1,null,1,{"$nulls":3},"2019: Not started","Not started",null,"New permission. Forecasting assumptions applied.",null,"New",null,1,null,null,1,{"$nulls":10},1,1]
["Y",null,null,"WOV/0122","Winsford Over and Verdin","Winsford","Winsford",null,"Blakeden Farm, Blakeden Lane, Winsford, CW7 2QR","Conversion of existing agricultural building into one dwelling",{"$nulls":3},"Goodwin Planning - Steve Goodwin","Ed Shepherd","GF","Change of use","C3","NO",null,null,"YES","No","Windfall",{"$nulls":3},"18/02706/FUL","Full",null,null,"2018-07-12","2018-09-07","2021-09-07",1,0,1,{"$nulls":10},0,null,null,1,null,0,1,null,1,{"$nulls":3},"2019: Not started","Not started",null,"New permission. Forecasting assumptions applied.",null,"New",null,1,null,null,1,{"$nulls":10},1,1]
["Y",null,null,"WOV/0123","Winsford Over and Verdin","Winsford TC","Winsford",null,"Gale Green Farm, Whitegate Road, Winsford, CW7 2PX","Conversion of existing stable into one dwelling",null,null,"Mr J Kettle","Wharfe Rural Planning - Ben Kettle ben.kettle@wharferuralplanning.co.uk","Karl Spilsbury","PDL","Change of use","C3","NO",null,null,"NO","No","Windfall",{"$nulls":3},"18/03318/FUL","Full",null,null,"2018-08-21","2018-12-05","2021-12-05",1,0,1,{"$nulls":10},0,null,null,1,null,0,1,null,1,{"$nulls":3},"2019: Not started","Not started",null,"New permission. Forecasting assumptions applied.",null,"New",null,1,null,null,1,{"$nulls":10},1,1]
["Y","n/a",null,"WOV/0125","Winsford Over and Verdin","Winsford","Winsford",null,"1 Meadow Grove, Winsford, CW7 2PQ"," Change of use from retail to residential (Retrospective)",{"$nulls":4},"Ed Shepherd","PDL","Change of use","C3","NO",null,null,"NO","No","Windfall",{"$nulls":3},"18/02447/FUL","Full",null,null,"2018-06-25","2018-08-22","2021-08-22",1,0,1,{"$nulls":10},1,1,{"$nulls":3},1,0,null,0,{"$nulls":3},"2019: Complete (retrospective)","Complete",null,"Site complete. New permission.",null,"Retrospective",null,0,{"$nulls":13},0,0,null,null,1,{"$nulls":28},{"$f":"SUM(CE994:DD994)","v":1}]
["n/a","n/a",null,"WSD/0008","Winsford Swanlow and Dene","Winsford TC","Winsford",null,"Land at Cow Lane / Stocks Lane, Ways Green, Winsford","Winsford NP site STC 3 (open space and leisure)",{"$nulls":5},"GF","New build","C3","NO",null,null,"NO",null,"NP allocation",{"$nulls":12},0,{"$nulls":10},0,{"$nulls":4},0,0,null,0,{"$nulls":10},0,{"$nulls":13},0,0,{"$nulls":31},0]
["n/a","n/a",null,"WSD/0014","Winsford Swanlow and Dene","Winsford TC","Winsford",null,"Winsford Shopping Centre, Dene's Drive, Winsford","Winsford NP site TC 0\nBLR site",{"$nulls":5},"PDL","New build","C3","NO",null,null,"NO","No","NP allocation",3.15,{"$f":"SUM(AI996/Y996)","v":35.87301587301587},{"$nulls":8},113,0,113,{"$nulls":10},0,{"$nulls":4},0,0,113,113,{"$nulls":6},"Neighbourhood Plan allocation.\nForecasts reviewed and unchanged. Not included in deliverable supply.",{"$nulls":3},0,{"$nulls":10},50,63,null,113,113,{"$nulls":31},0]
["Y","Y",null,"WSD/0017","Winsford Swanlow and Dene","Winsford TC","Winsford",null,"Land at Springbank Crescent, Winsford","Construction of five (5) detached and two (2) semi-detached dwellings with associated parking and landscaping\nRevised application approved - 3no two storey residential buildings containing 16 one-bedroom self-contained specialised supported living apartments","HB Village Developments Limited",null,"HB Village Developments Limited",null,null,"GF","New build","Elderly persons:SC","NO",null,null,"NO","No","Windfall",null,{"$f":"SUM(AI997/Y997)","v":{"$error":"#DIV/0!"}},"13/04081/OUT\n15/01524/REM","16/03563/FUL","Full",null,null,"2017-08-15","2016-12-15","2019-12-15",16,0,16,{"$nulls":10},0,null,null,16,null,0,16,null,16,"16/03563/FUL - 3 two storey care home - 16 self contained units\nReserved matters approved August 2015","7.8.14. March 2017. 17/00446/DIS\n6. December 2017. 17/03925/DIS",null,"2016: Not started\n2017: Site clearance\n2018: Not started\n2019: Stalled","Not started","2017:Site cleared","Forecasts reviewed and updated based on planning status and development progress. Removed from deliverable supply.",null,"-","Stalled",0,{"$nulls":6},16,{"$nulls":6},16,16,{"$nulls":31},0]
["Y","Y",null,"WSD/0021","Winsford Swanlow and Dene","Winsford TC","Winsford",null,"Land at 35 Swanlow Lane, Winsford","Up to three (3) detached dwellings with associated parking and landscaping.\nReserved matters permitted for two (2) dwellings (2x4+ bed)","ID Plus Properties UK Ltd",null,"ID Plus Properties UK Ltd","Berrys - Miss Victoria Wood",null,"GF","New build","C3","YES",null,null,"NO","No","Garden land",0.27,{"$f":"SUM(AI998/Y998)","v":7.4074074074074066},"13/03553/OUT","16/00912/FUL","Full",null,null,"2014-08-28","2016-06-01","2019-06-01",2,0,2,{"$nulls":10},0,null,null,2,null,0,2,null,2,"Enforcement due to works starting without discharge of conditions (condition C) - closed - no evidence - renovating house and not implimented pp",null,null,"2016: Outline only.No site visit\n2017-2018: Not started\n2019: Not started","Not started",null,"Permission expires in next monitoring period. Forecasts reviewed. Removed from deliverable supply.",null,"-","Permission expires 2019",0,{"$nulls":13},0,0,{"$nulls":31},0]
["Y","Y",null,"WSD/0023","Winsford Swanlow and Dene","Winsford TC","Winsford",null,"Land at 615 Swanlow Lane, Winsford, CW7 4BP","2 detached dwellings with off-street car parking, garages, access and\nassociated landscaping and external works",{"$nulls":5},"GF","New build","C3","NO",null,null,"NO","No","Windfall",null,{"$f":"SUM(AI999/Y999)","v":{"$error":"#DIV/0!"}},null,"15/04391/FUL","Full",null,"Allowed",null,"2016-07-28","2019-07-28",2,0,2,{"$nulls":10},0,null,null,2,null,0,2,null,2,{"$nulls":3},"2017-2018: Not started\n2019: Not started","Not started","2017:Site marketed with permission","Permission expires in next monitoring period. Forecasts reviewed. Removed from deliverable supply.",null,"-","Permission expires 2019",0,{"$nulls":13},0,0,{"$nulls":31},0]
["Y","Y",null,"WSD/0026","Winsford Swanlow and Dene","Winsford TC","Winsford",null,"PLATTS MEADOW - Land at Ways Green, Winsford.","Winsford NP site STC2.\n119 dwellings (to include 18 affordable dwellings)","Bellway Homes Ltd",null,"Bellway Homes Ltd - Simon Pemberton","Nathaniel Lichfield and Partners",null,"GF","New build","C3","NO",null,null,"NO","No","NP allocation",4.62,{"$f":"SUM(AI1000/Y1000)","v":25.757575757575758},null,"15/00083/FUL","Full",null,null,"2015-01-12","2016-07-08","2019-07-08",119,0,119,null,18,{"$nulls":8},0,null,6,113,null,0,119,null,119,"14/03669/FUL - refused (240 dwellings)\nWinsford NDP site STC 2\nLegal agreement signed - decision issued July 2016","4.9.12.16.18.21. 19/00078/DIS pending",null,"2017-2018: Not started\n2019: Under construction","Under construction","2019: Conditions discharged. Forecatas received from Planning Manager - exceed Council's forecasts that used general assumptions. Winsford Bellway site has delivered similar completions.","Neighbourhood Plan allocation.\nSite under construction. Forecasts exceeded - reviewed and updated based on development progress and forecasting information.",null,"+","Delivery rate >\nDelivery timescale <",119,null,17,50,52,{"$nulls":9},119,119,{"$nulls":31},0]
["n/a","n/a",null,"WSD/0027","Winsford Swanlow and Dene","Winsford TC","Winsford",null,"Dene Street car park, Winsford","Winsford NP site TC 1\nBLR site",{"$nulls":5},"PDL","New build","C3","NO",null,null,"NO","No","NP allocation",0.79,{"$nulls":9},32,0,32,{"$nulls":10},0,{"$nulls":4},0,0,32,32,{"$nulls":6},"Neighbourhood Plan allocation.\nForecasts reviewed and unchanged. Not included in deliverable supply.",{"$nulls":3},0,{"$nulls":10},12,20,null,32,32,{"$nulls":31},0]
["n/a","n/a",null,"WSD/0028","Winsford Swanlow and Dene","Winsford TC","Winsford",null,"Site of former Civic Hall, High Street, Winsford","Winsford NP site TC 2\nBLR site",{"$nulls":5},"PDL","New build","C3","NO",null,null,"NO","No","NP allocation",0.25,{"$nulls":9},10,0,10,{"$nulls":10},0,{"$nulls":4},0,0,10,10,{"$nulls":6},"Neighbourhood Plan allocation.\nForecasts reviewed and unchanged. Not included in deliverable supply.",{"$nulls":3},0,{"$nulls":10},5,5,null,10,10,{"$nulls":31},0]
["n/a","n/a",null,"WSD/0030","Winsford Swanlow and Dene","Winsford TC","Winsford",null,"Winsford Library and Dingle Recreation Centre, High Street, Winsford","Winsford NP site TC 3\nBLR site",{"$nulls":5},"PDL","New build","C3","NO",null,null,"NO","No","NP allocation",0.26,{"$nulls":9},11,0,11,{"$nulls":10},0,{"$nulls":4},0,0,11,11,{"$nulls":6},"Neighbourhood Plan allocation.\nForecasts reviewed and unchanged. Not included in deliverable supply.",{"$nulls":3},0,{"$nulls":10},5,6,null,11,11,{"$nulls":31},0]
["n/a","n/a",null,"WSD/0031","Winsford Swanlow and Dene","Winsford TC","Winsford",null,"Land at High Street / Dingle Lane, Winsford","Winsford NP site TC 5\nBLR site",{"$nulls":5},"PDL","New build","C3","NO",null,null,"NO","No","NP allocation",0.27,{"$nulls":9},10,0,10,{"$nulls":10},0,{"$nulls":4},0,0,10,{"$f":"SUM(BC1004+BB1004)","v":10},{"$nulls":6},"Neighbourhood Plan allocation.\nForecasts reviewed and unchanged. Not included in deliverable supply.",{"$nulls":3},0,{"$nulls":10},5,5,null,10,10,{"$nulls":31},0]
["n/a","n/a",null,"WSD/0034","Winsford Swanlow and Dene","Winsford TC","Winsford",null,"Rear of Weaver Street, Winnington Street, Winsford","BLR site",{"$nulls":5},"PDL","New build","C3","NO",null,null,"NO","No","BLR",0.36,{"$f":"SUM(AI1005/Y1005)","v":36.111111111111114},{"$nulls":8},13,0,13,{"$nulls":10},0,{"$nulls":4},0,0,13,13,{"$nulls":6},"Included on Brownfield Land Register.\nForecasts reviewed and unchanged. Not included in deliverable supply.",{"$nulls":3},0,{"$nulls":9},3,5,5,null,13,13,{"$nulls":31},0]
["Y","Y",null,"WSD/0036","Winsford Swanlow and Dene","Winsford TC","Winsford",null,"Land at Dene Drive, Winsford","Demolition of existing garages, construction of five new dwellings",{"$nulls":3},"Mark Harrison mark.harrison@tadw.co.uk","Ben Greenwood","PDL","New build","C3","NO",null,null,"NO","No","Windfall",{"$nulls":3},"18/02829/FUL","Full",null,null,"2018-07-23","2018-11-27","2021-11-27",5,0,5,{"$nulls":10},0,null,5,null,null,0,5,null,5,{"$nulls":3},"2019: Under construction","Under construction",null,"New site under construction. Forecasts based on planning status and development progress.",null,"New",null,5,null,null,5,{"$nulls":10},5,5]
["Y","Y",null,"WSD/0038","Winsford Swanlow and Dene","Winsford TC","Winsford",null,"SWANLOW FIELDS - Welsh Lane / Swanlow Lane, Winsford","Outline residential development of 116 dwellings. \nReserved matters permission: 113 dwellings","Bellway Homes Ltd",null,null,"Goldfinch",null,"GF","New build","C3","NO",null,null,"NO","No","HELAA",null,{"$f":"SUM(AI1007/Y1007)","v":{"$error":"#DIV/0!"}},"13/03459/OUT ","16/00425/REM","Full",null,null,"2013-08-09","2016-06-22","2019-06-22",113,0,113,null,36,{"$nulls":6},2,61,106,43,7,null,null,43,7,null,7,"Planning Committee 20/06/2013.S106 signed 2nd June 2014 12/04901/OUT withdrawn","27 (removed) 16/039549/NMA\n3.8.7.17. July 2017. 16/03830/DIS\n6. Jan 2018. 17/05199/DIS\n5.9-11.14.16.18-22.24.26.28-30. July 2017. 16/03830/DIS\n6. Dec 2017. 17/05199/DIS\n3.7.8.17. July 2017. 16/03829/DIS",null,"2016: Outline permission.No site visit\n2017-2018: Under construction\n2019: Under construction","Under construction","2017:18 to 24 month build programme anticiapted\n2018:Delivering ahead of 2016/2017 forecast","Site under construction. Forecasts exceeded - reviewed and updated based on planning status, development progress, and forecasting information.",null,"+","Delivery rate >",7,null,7,{"$nulls":11},7,7,null,null,13,20,4,{"$nulls":10},6,{"$nulls":15},{"$f":"SUM(CE1007:DD1007)","v":43}]
["Y","Y",null,"WSD/0042","Winsford Swanlow and Dene","Winsford TC","Winsford",null,"Land at 125 Swanlow Lane, Winsford, CW7 1JB","Residential development of four (4) dwellings ",{"$nulls":5},"PDL","New build","C3","NO",null,null,"NO","No","Windfall",null,{"$error":"#DIV/0!"},null,"16/03432/FUL","Full",null,null,"2016-08-08","2017-02-07","2020-02-07",4,0,4,{"$nulls":10},0,null,null,4,null,0,4,null,4,"09/01260/OUT  12/04271/EXT\n17/000095/FP - conditionally approved March 2017\n12/04271/EXT validated 21/09/2012","3.4. 18/02871/DIS Nov 2018",null,"2017-2018: Not started\n2019: Not started","Not started","2017:Site fenced off","Forecasts reviewed and updated based on planning status and development progress.",null,"-","Delivery timescale >",4,null,null,2,2,{"$nulls":9},4,4,{"$nulls":31},0]
["Y","n/a",null,"WSD/0043","Winsford Swanlow and Dene","Winsford TC","Winsford",null,"Windyridge, Swanlow Lane, Winsford, CW7 4BL","3 no. detached dwellings with integral garages,alterations to access from Swanlow Lane, off-street car parking and associated landscaping and external works",null,null,"\nMr David Cotterill ","\nMr Colin Williams ",null,"GF","New build","C3","YES",null,null,"NO","No","Garden Land",null,{"$error":"#DIV/0!"},"15/00139/FUL","17/01411/S73","Full",null,null,"2017-03-27","2017-06-02","2020-06-02",3,0,3,{"$nulls":9},1,3,2,{"$nulls":3},2,0,null,0,"2015 planning permission not monitored","3.4.7.10.11. 19 June 2017. 17/01412/DIS",null,"2018: Under construction\n2019: Complete","Complete",null,"Site complete. Forecasts achieved.",null,"=",null,0,{"$nulls":13},0,0,{"$nulls":3},2,{"$nulls":27},2]
["Y","y",null,"WSD/0044","Winsford Swanlow and Dene","Winsford TC","Winsford",null,"The Hollies, Darnhall School Lane, Winsford, CW7 1LH","Demolition of existing building and erection of 14 apartments. Buildings demolished in 2009 - no further progress on site to date",{"$nulls":5},"PDL","New build","C3","NO",null,null,"NO","No","HELAA",null,{"$error":"#DIV/0!"},null,"08-0824-FUM","Full",{"$nulls":3},"2009-07-01","2011-07-01",14,0,14,{"$nulls":10},0,null,null,14,null,0,14,null,14,{"$nulls":3},"2015-2018: Stalled\n2019: Stalled","Stalled","2017:Site has been tidied","Site stalled. Forecasts reviewed and updated. Not included in deliverable supply.",null,"=","Stalled",0,{"$nulls":10},6,8,null,14,14,{"$nulls":31},0]
["Y","Y",null,"WSD/0045","Winsford Swanlow and Dene","Winsford TC","Winsford",null,"CHARLOTTE PLACE, Land rear of 165 to 219 Gladstone Street, Townfields Road, Winsford","Winsford NP site STC 4\nUp to 164 residential dwellings, open space and access - revised scheme=198 dwellings\nRe-planning plots 60-69 and 115-122","David Wilson Homes\nBarratt Homes",null,"David Wilson Homes North West - Mr Chris Williamson","Richborough Estates / Harris Lamb - Mr Mark Alcoock (mark.alcock@harrislamb.com) / David Wilson Homes : Chris Williamson","Jill Stephens","GF","New build","C3","NO",null,null,"NO","No","NP allocation",8.17,24.23500611995104,"13/02760/OUT   \n15/00864/REM\n16/02710/FUL","18/00576/FUL","Full",null,null,"2018-02-13","2018-06-01","2021-06-01",198,0,198,null,60,{"$nulls":6},50,70,185,65,8,15,null,65,23,null,23,"Commitee meeting 21/11/2013. S106 signed 21st January 2015. Pre app for reserved matters October 2014. Reserved matters approved June 2015\n1-13. 15/02678/DIS\n1-32. 15/01501/DIS\nRe-planning of plots 60-69 and 115-112, adding plots 200-208 (increasing total by 9) 18/00576/FUL pending Feb 2018","1-32.  15/01501/DIS Nov 2016\n1-13. 15/02678/DIS Nov 2016\n9.12.  16/05223/DIS March 2017\n4.6.9. 18/02249/DIS Nov 2018",null,"2016-2018: Under construction\n2019: Under construction","Under construction","Ca. 3 year build programme for whole site\n2017: Phase one (71 dwellings) / Phase two (129 dwellings) - both phases under construction\n2018:Final phase under construction. Site delivery in advance of 2016/2017 forecast","Neighbourhood Plan allocation.\nSite under construction. Forecasts exceeded - reviewed and updated based on planning status and development progress.",null,"+","Delivery rate >",23,null,23,{"$nulls":11},23,23,null,null,30,10,{"$nulls":10},4,21,{"$nulls":15},65]
["Y","Y",null,"WSD/0046","Winsford Swanlow and Dene","Winsford TC","Winsford",null,"Land at Church Hill Farm, Swanlow Lane, Winsford","Change of use of agricultural buildings to five (5) dwelling houses and associated building operations",null,null,"Mr Geoffrey Thompson","C&C Design Associates: Richard Cropley",null,"GF","Change of use","C3","NO",null,null,"YES","No","Windfall",null,{"$error":"#DIV/0!"},"15/03869/FUL (18.12.2018)","18/04600/FUL","Resubmission pending decision",null,null,"2018-11-28",null,null,5,0,5,{"$nulls":10},0,{"$nulls":4},0,0,5,5,"March 2017 - no BC records",null,null,"2016-2018: Not started\n2019: Not started. Expired. Resubmission awaiting decision","Not started","2018:Permission expires 2018","Permission expired. Resubmission awaiting decision. Not included in deliverable supply.",null,"=","Not included in 2018 supply ",0,{"$nulls":6},2,3,{"$nulls":5},5,5,{"$nulls":31},0]
["Y","Y",null,"WSD/0051","Winsford Swanlow and Dene","Darnhall","Rural",null,"Stocker Lane Farm (adjacent barns), Hall Lane, Darnhall, Winsford","Conversion of existing barn into two self contained residential dwellings  ",{"$nulls":5},"GF","Change of use","C3","NO",null,null,"YES","No","Windfall",{"$nulls":3},"17/03563/FUL","Full",null,null,"2017-08-15","2017-12-13","2020-12-13",2,0,2,{"$nulls":10},0,null,null,2,null,0,2,null,2,{"$nulls":3},"2018: Not started\n2019: Not started","Not started",null,"Foreacasts reviewed and unchanged based on planning status and development progress.",null,"=",null,2,null,null,2,{"$nulls":10},2,2,{"$nulls":31},0]
["Y","Y",null,"WSD/0052","Winsford Swanlow and Dene","Winsford TC","Winsford",null,"Former Drill Hall, Dingle Lane, Winsford, CW7 1AB","Demolition of existing building and erection of 31 residential units and associated bin stores, bicycle stores, car parking and communal amenity space",null,null,"AP Chopra Trust","Paul Henry Architects LTD",null,"PDL","New build","C3","NO",null,null,"NO","No","Windfall",null,{"$f":"SUM(AI1014/Y1014)","v":{"$error":"#DIV/0!"}},null,"15/03878/FUL","Full",null,null,"2015-09-21","2017-03-27","2020-03-27",31,0,31,{"$nulls":10},0,null,null,31,null,0,31,null,31,"Legal agreement signed March 2017",null,null,"2018: Not started\n2019: Not started","Not started",null,"Forecasts reviewed and unchanged based on planning status and development progress.",null,"=",null,31,{"$nulls":3},31,{"$nulls":9},31,31,{"$nulls":31},0]
["Y","Y",null,"WSD/0053","Winsford Swanlow and Dene","Darnhall","Winsford",null,"School Green Farm (outbuilding), Darnhall School Lane, Winsford","Change of use of outbuilding to a single dwelling with associated access, car parking and amenity space ",null,null,"Mr & Mrs Robin Wood","Mr Simon Hurrell",null,"GF","Change of use","C3","NO",null,null,"YES","No","Windfall",{"$nulls":3},"17/00775/FUL","Full",null,null,"2017-05-31","2017-05-16","2020-05-16",1,0,1,{"$nulls":10},0,null,null,1,null,0,1,null,1,{"$nulls":3},"2018: Not started\n2019: Not started","Not started",null,"Forecasts reviewed and updated based on development progress.",null,"-","Delivery timescale >",1,null,null,1,{"$nulls":10},1,1,{"$nulls":31},0]
["Y","n/a",null,"WSD/0054","Winsford Swanlow and Dene",null,"Winsford",null,"Wyvern Lodge, The Drumber, Winsford, CW7 1AD","Change of use from office use to a dwellinghouse",{"$nulls":4},"Katie Richardson","PDL","Change of use","C3","NO",null,null,"NO","Yes","Windfall",{"$nulls":3},"18/02156/PDO","PDO",null,null,"2018-05-29","2018-07-09","2021-07-09",1,0,1,{"$nulls":10},1,1,{"$nulls":3},1,0,null,0,{"$nulls":3},"2019: Complete","Complete",null,"Site complete. New permission.",null,"New",null,0,{"$nulls":13},0,0,null,null,1,{"$nulls":28},1]
[{"$nulls":27},"TOTAL",{"$nulls":6},{"$f":"SUM(AI1016:AI1016)","v":1},{"$f":"SUM(AJ1016:AJ1016)","v":0},1,{"$f":"SUM(AL1016:AL1016)","v":0},0,0,0,0,0,0,0,0,0,{"$f":"SUM(AN1017:AU1017)","v":0},{"$f":"SUM(AW1:AW1016)","v":2175},{"$f":"SUM(AX1:AX1016)","v":1619},{"$f":"SUM(AY1:AY1016)","v":7759},{"$f":"SUM(AZ1:AZ1016)","v":21},2154,9378,{"$f":"SUM(BC1016:BC1016)","v":0},{"$f":"SUM(BD1016:BD1016)","v":0},{"$nulls":10},6690,{"$f":"SUM(BP1016:BP1016)","v":0},{"$f":"SUM(BQ2:BQ1016)","v":1750},{"$f":"SUM(BR2:BR1016)","v":1532},1645,1032,731,876,1403,1380,1240,1336,1379,2314,14304,{"$f":"SUM(CD1:CD1016)","v":16618},{"$f":"SUM(CE2:CE1016)","v":5},{"$f":"SUM(CF2:CF1016)","v":73},784,427,74,1,27,7,2,55,97,11,0,0,125,198,3,4,2,0,65,54,5,0,151,5,0,0,1,0,0,{"$f":"SUM(DJ1:DJ1016)","v":2175},{"$f":"SUM(DK1016:DK1016)","v":0}]
[{"$nulls":28},"Total",{"$nulls":19},2175,null,null,21,2154]
[]
[{"$nulls":25},"18/03930/OUT"]
[null,null,"Need forecasting information",{"$nulls":22},"17/05054/FUL","18/04226/DIS, 18/04400/DIS, 19/00378/DIS, "]